{"text_format":"1","workbook":"xlsx","n_sheets":11,"sheets":["AÇIKLAMA","BİLGİ GİRİŞİ","1","2","3","4","5","6","7","8","KAPAK"],"not_rendered":{"charts":0,"images":5,"macros":1,"external_links":0,"defined_names":9,"comments":0,"pivot_tables":0},"unopened":[],"bounds":{"document_bytes":16777216,"sheet_cells":100000,"rows_first":2000,"rows_last":500,"rows_between":2000,"halvings":0,"cell_chars":16384,"cell_head_chars":4096},"cells_cut":0,"cells_raw":0,"read":"whole","date_system":"1900"}

{"sheet":"AÇIKLAMA","index":0,"n_rows":0,"n_cols":0,"rows_kept":0,"cut":false,"hidden":false,"merged":[]}

{"sheet":"BİLGİ GİRİŞİ","index":1,"n_rows":282,"n_cols":67,"rows_kept":282,"cut":false,"hidden":false,"merged":[[233,4,233,18],[233,19,233,21],[233,22,233,24],[233,25,233,26],[233,27,233,30],[233,31,233,34],[233,35,233,38],[233,39,233,42],[233,43,233,46],[233,47,233,50],[234,4,234,18],[234,19,234,21],[234,22,234,24],[234,25,234,26],[234,27,234,30],[234,31,234,34],[234,35,234,38],[234,39,234,42],[234,43,234,46],[234,47,234,50],[231,4,231,18],[231,19,231,21],[231,22,231,24],[231,25,231,26],[231,27,231,30],[231,31,231,34],[231,35,231,38],[231,39,231,42],[231,43,231,46],[231,47,231,50],[232,4,232,18],[232,19,232,21],[232,22,232,24],[232,25,232,26],[232,27,232,30],[232,31,232,34],[232,35,232,38],[232,39,232,42],[232,43,232,46],[232,47,232,50],[229,4,229,18],[229,19,229,21],[229,22,229,24],[229,25,229,26],[229,27,229,30],[229,31,229,34],[229,35,229,38],[229,39,229,42],[229,43,229,46],[229,47,229,50],[230,4,230,18],[230,19,230,21],[230,22,230,24],[230,25,230,26],[230,27,230,30],[230,31,230,34],[230,35,230,38],[230,39,230,42],[230,43,230,46],[230,47,230,50],[227,4,227,18],[227,19,227,21],[227,22,227,24],[227,25,227,26],[227,27,227,30],[227,31,227,34],[227,35,227,38],[227,39,227,42],[227,43,227,46],[227,47,227,50],[228,4,228,18],[228,19,228,21],[228,22,228,24],[228,25,228,26],[228,27,228,30],[228,31,228,34],[228,35,228,38],[228,39,228,42],[228,43,228,46],[228,47,228,50],[225,4,225,18],[225,19,225,21],[225,22,225,24],[225,25,225,26],[225,27,225,30],[225,31,225,34],[225,35,225,38],[225,39,225,42],[225,43,225,46],[225,47,225,50],[226,4,226,18],[226,19,226,21],[226,22,226,24],[226,25,226,26],[226,27,226,30],[226,31,226,34],[226,35,226,38],[226,39,226,42],[226,43,226,46],[226,47,226,50],[223,4,223,18],[223,19,223,21],[223,22,223,24],[223,25,223,26],[223,27,223,30],[223,31,223,34],[223,35,223,38],[223,39,223,42],[223,43,223,46],[223,47,223,50],[224,4,224,18],[224,19,224,21],[224,22,224,24],[224,25,224,26],[224,27,224,30],[224,31,224,34],[224,35,224,38],[224,39,224,42],[224,43,224,46],[224,47,224,50],[221,4,221,18],[221,19,221,21],[221,22,221,24],[221,25,221,26],[221,27,221,30],[221,31,221,34],[221,35,221,38],[221,39,221,42],[221,43,221,46],[221,47,221,50],[222,4,222,18],[222,19,222,21],[222,22,222,24],[222,25,222,26],[222,27,222,30],[222,31,222,34],[222,35,222,38],[222,39,222,42],[222,43,222,46],[222,47,222,50],[219,4,219,18],[219,19,219,21],[219,22,219,24],[219,25,219,26],[219,27,219,30],[219,31,219,34],[219,35,219,38],[219,39,219,42],[219,43,219,46],[219,47,219,50],[220,4,220,18],[220,19,220,21],[220,22,220,24],[220,25,220,26],[220,27,220,30],[220,31,220,34],[220,35,220,38],[220,39,220,42],[220,43,220,46],[220,47,220,50],[217,4,217,18],[217,19,217,21],[217,22,217,24],[217,25,217,26],[217,27,217,30],[217,31,217,34],[217,35,217,38],[217,39,217,42],[217,43,217,46],[217,47,217,50],[218,4,218,18],[218,19,218,21],[218,22,218,24],[218,25,218,26],[218,27,218,30],[218,31,218,34],[218,35,218,38],[218,39,218,42],[218,43,218,46],[218,47,218,50],[215,4,215,18],[215,19,215,21],[215,22,215,24],[215,25,215,26],[215,27,215,30],[215,31,215,34],[215,35,215,38],[215,39,215,42],[215,43,215,46],[215,47,215,50],[216,4,216,18],[216,19,216,21],[216,22,216,24],[216,25,216,26],[216,27,216,30],[216,31,216,34],[216,35,216,38],[216,39,216,42],[216,43,216,46],[216,47,216,50],[124,31,124,34],[124,35,124,38],[124,39,124,42],[124,43,124,46],[124,47,124,50],[125,31,125,34],[125,35,125,38],[125,39,125,42],[125,43,125,46],[125,47,125,50],[126,31,126,34],[126,35,126,38],[126,39,126,42],[126,43,126,46],[126,47,126,50],[127,31,127,34],[127,35,127,38],[127,39,127,42],[127,43,127,46],[127,47,127,50],[120,31,120,34],[120,35,120,38],[120,39,120,42],[120,43,120,46],[120,47,120,50],[121,31,121,34],[121,35,121,38],[121,39,121,42],[121,43,121,46],[121,47,121,50],[122,31,122,34],[122,35,122,38],[122,39,122,42],[122,43,122,46],[122,47,122,50],[123,31,123,34],[123,35,123,38],[123,39,123,42],[123,43,123,46],[123,47,123,50],[116,31,116,34],[116,35,116,38],[116,39,116,42],[116,43,116,46],[116,47,116,50],[117,31,117,34],[117,35,117,38],[117,39,117,42],[117,43,117,46],[117,47,117,50],[118,31,118,34],[118,35,118,38],[118,39,118,42],[118,43,118,46],[118,47,118,50],[119,31,119,34],[119,35,119,38],[119,39,119,42],[119,43,119,46],[119,47,119,50],[112,31,112,34],[112,35,112,38],[112,39,112,42],[112,43,112,46],[112,47,112,50],[113,31,113,34],[113,35,113,38],[113,39,113,42],[113,43,113,46],[113,47,113,50],[114,31,114,34],[114,35,114,38],[114,39,114,42],[114,43,114,46],[114,47,114,50],[115,31,115,34],[115,35,115,38],[115,39,115,42],[115,43,115,46],[115,47,115,50],[108,31,108,34],[108,35,108,38],[108,39,108,42],[108,43,108,46],[108,47,108,50],[109,31,109,34],[109,35,109,38],[109,39,109,42],[109,43,109,46],[109,47,109,50],[110,31,110,34],[110,35,110,38],[110,39,110,42],[110,43,110,46],[110,47,110,50],[111,31,111,34],[111,35,111,38],[111,39,111,42],[111,43,111,46],[111,47,111,50],[124,4,124,18],[124,19,124,21],[124,22,124,24],[124,25,124,26],[124,27,124,30],[125,4,125,18],[125,19,125,21],[125,22,125,24],[125,25,125,26],[125,27,125,30],[126,4,126,18],[126,19,126,21],[126,22,126,24],[126,25,126,26],[126,27,126,30],[127,4,127,18],[127,19,127,21],[127,22,127,24],[127,25,127,26],[127,27,127,30],[120,4,120,18],[120,19,120,21],[120,22,120,24],[120,25,120,26],[120,27,120,30],[121,4,121,18],[121,19,121,21],[121,22,121,24],[121,25,121,26],[121,27,121,30],[122,4,122,18],[122,19,122,21],[122,22,122,24],[122,25,122,26],[122,27,122,30],[123,4,123,18],[123,19,123,21],[123,22,123,24],[123,25,123,26],[123,27,123,30],[116,4,116,18],[116,19,116,21],[116,22,116,24],[116,25,116,26],[116,27,116,30],[117,4,117,18],[117,19,117,21],[117,22,117,24],[117,25,117,26],[117,27,117,30],[118,4,118,18],[118,19,118,21],[118,22,118,24],[118,25,118,26],[118,27,118,30],[119,4,119,18],[119,19,119,21],[119,22,119,24],[119,25,119,26],[119,27,119,30],[112,4,112,18],[112,19,112,21],[112,22,112,24],[112,25,112,26],[112,27,112,30],[113,4,113,18],[113,19,113,21],[113,22,113,24],[113,25,113,26],[113,27,113,30],[114,4,114,18],[114,19,114,21],[114,22,114,24],[114,25,114,26],[114,27,114,30],[115,4,115,18],[115,19,115,21],[115,22,115,24],[115,25,115,26],[115,27,115,30],[108,4,108,18],[108,19,108,21],[108,22,108,24],[108,25,108,26],[108,27,108,30],[109,4,109,18],[109,19,109,21],[109,22,109,24],[109,25,109,26],[109,27,109,30],[110,4,110,18],[110,19,110,21],[110,22,110,24],[110,25,110,26],[110,27,110,30],[111,4,111,18],[111,19,111,21],[111,22,111,24],[111,25,111,26],[111,27,111,30],[134,3,135,3],[213,4,213,18],[213,19,213,21],[213,22,213,24],[213,25,213,26],[213,27,213,30],[213,31,213,34],[213,35,213,38],[213,39,213,42],[213,43,213,46],[213,47,213,50],[214,4,214,18],[214,19,214,21],[214,22,214,24],[214,25,214,26],[214,27,214,30],[214,31,214,34],[214,35,214,38],[214,39,214,42],[214,43,214,46],[214,47,214,50],[211,4,211,18],[211,19,211,21],[211,22,211,24],[211,25,211,26],[211,27,211,30],[211,31,211,34],[211,35,211,38],[211,39,211,42],[211,43,211,46],[211,47,211,50],[212,4,212,18],[212,19,212,21],[212,22,212,24],[212,25,212,26],[212,27,212,30],[212,31,212,34],[212,35,212,38],[212,39,212,42],[212,43,212,46],[212,47,212,50],[209,4,209,18],[209,19,209,21],[209,22,209,24],[209,25,209,26],[209,27,209,30],[209,31,209,34],[209,35,209,38],[209,39,209,42],[209,43,209,46],[209,47,209,50],[210,4,210,18],[210,19,210,21],[210,22,210,24],[210,25,210,26],[210,27,210,30],[210,31,210,34],[210,35,210,38],[210,39,210,42],[210,43,210,46],[210,47,210,50],[207,4,207,18],[207,19,207,21],[207,22,207,24],[207,25,207,26],[207,27,207,30],[207,31,207,34],[207,35,207,38],[207,39,207,42],[207,43,207,46],[207,47,207,50],[208,4,208,18],[208,19,208,21],[208,22,208,24],[208,25,208,26],[208,27,208,30],[208,31,208,34],[208,35,208,38],[208,39,208,42],[208,43,208,46],[208,47,208,50],[205,4,205,18],[205,19,205,21],[205,22,205,24],[205,25,205,26],[205,27,205,30],[205,31,205,34],[205,35,205,38],[205,39,205,42],[205,43,205,46],[205,47,205,50],[206,4,206,18],[206,19,206,21],[206,22,206,24],[206,25,206,26],[206,27,206,30],[206,31,206,34],[206,35,206,38],[206,39,206,42],[206,43,206,46],[206,47,206,50],[203,4,203,18],[203,19,203,21],[203,22,203,24],[203,25,203,26],[203,27,203,30],[203,31,203,34],[203,35,203,38],[203,39,203,42],[203,43,203,46],[203,47,203,50],[204,4,204,18],[204,19,204,21],[204,22,204,24],[204,25,204,26],[204,27,204,30],[204,31,204,34],[204,35,204,38],[204,39,204,42],[204,43,204,46],[204,47,204,50],[201,4,201,18],[201,19,201,21],[201,22,201,24],[201,25,201,26],[201,27,201,30],[201,31,201,34],[201,35,201,38],[201,39,201,42],[201,43,201,46],[201,47,201,50],[202,4,202,18],[202,19,202,21],[202,22,202,24],[202,25,202,26],[202,27,202,30],[202,31,202,34],[202,35,202,38],[202,39,202,42],[202,43,202,46],[202,47,202,50],[199,4,199,18],[199,19,199,21],[199,22,199,24],[199,25,199,26],[199,27,199,30],[199,31,199,34],[199,35,199,38],[199,39,199,42],[199,43,199,46],[199,47,199,50],[200,4,200,18],[200,19,200,21],[200,22,200,24],[200,25,200,26],[200,27,200,30],[200,31,200,34],[200,35,200,38],[200,39,200,42],[200,43,200,46],[200,47,200,50],[197,4,197,18],[197,19,197,21],[197,22,197,24],[197,25,197,26],[197,27,197,30],[197,31,197,34],[197,35,197,38],[197,39,197,42],[197,43,197,46],[197,47,197,50],[198,4,198,18],[198,19,198,21],[198,22,198,24],[198,25,198,26],[198,27,198,30],[198,31,198,34],[198,35,198,38],[198,39,198,42],[198,43,198,46],[198,47,198,50],[195,4,195,18],[195,19,195,21],[195,22,195,24],[195,25,195,26],[195,27,195,30],[195,31,195,34],[195,35,195,38],[195,39,195,42],[195,43,195,46],[195,47,195,50],[196,4,196,18],[196,19,196,21],[196,22,196,24],[196,25,196,26],[196,27,196,30],[196,31,196,34],[196,35,196,38],[196,39,196,42],[196,43,196,46],[196,47,196,50],[106,4,106,18],[106,19,106,21],[106,22,106,24],[106,25,106,26],[106,27,106,30],[106,31,106,34],[106,35,106,38],[106,39,106,42],[106,43,106,46],[106,47,106,50],[107,4,107,18],[107,19,107,21],[107,22,107,24],[107,25,107,26],[107,27,107,30],[107,31,107,34],[107,35,107,38],[107,39,107,42],[107,43,107,46],[107,47,107,50],[104,4,104,18],[104,19,104,21],[104,22,104,24],[104,25,104,26],[104,27,104,30],[104,31,104,34],[104,35,104,38],[104,39,104,42],[104,43,104,46],[104,47,104,50],[105,4,105,18],[105,19,105,21],[105,22,105,24],[105,25,105,26],[105,27,105,30],[105,31,105,34],[105,35,105,38],[105,39,105,42],[105,43,105,46],[105,47,105,50],[102,4,102,18],[102,19,102,21],[102,22,102,24],[102,25,102,26],[102,27,102,30],[102,31,102,34],[102,35,102,38],[102,39,102,42],[102,43,102,46],[102,47,102,50],[103,4,103,18],[103,19,103,21],[103,22,103,24],[103,25,103,26],[103,27,103,30],[103,31,103,34],[103,35,103,38],[103,39,103,42],[103,43,103,46],[103,47,103,50],[100,4,100,18],[100,19,100,21],[100,22,100,24],[100,25,100,26],[100,27,100,30],[100,31,100,34],[100,35,100,38],[100,39,100,42],[100,43,100,46],[100,47,100,50],[101,4,101,18],[101,19,101,21],[101,22,101,24],[101,25,101,26],[101,27,101,30],[101,31,101,34],[101,35,101,38],[101,39,101,42],[101,43,101,46],[101,47,101,50],[98,4,98,18],[98,19,98,21],[98,22,98,24],[98,25,98,26],[98,27,98,30],[98,31,98,34],[98,35,98,38],[98,39,98,42],[98,43,98,46],[98,47,98,50],[99,4,99,18],[99,19,99,21],[99,22,99,24],[99,25,99,26],[99,27,99,30],[99,31,99,34],[99,35,99,38],[99,39,99,42],[99,43,99,46],[99,47,99,50],[96,4,96,18],[96,19,96,21],[96,22,96,24],[96,25,96,26],[96,27,96,30],[96,31,96,34],[96,35,96,38],[96,39,96,42],[96,43,96,46],[96,47,96,50],[97,4,97,18],[97,19,97,21],[97,22,97,24],[97,25,97,26],[97,27,97,30],[97,31,97,34],[97,35,97,38],[97,39,97,42],[97,43,97,46],[97,47,97,50],[94,4,94,18],[94,19,94,21],[94,22,94,24],[94,25,94,26],[94,27,94,30],[94,31,94,34],[94,35,94,38],[94,39,94,42],[94,43,94,46],[94,47,94,50],[95,4,95,18],[95,19,95,21],[95,22,95,24],[95,25,95,26],[95,27,95,30],[95,31,95,34],[95,35,95,38],[95,39,95,42],[95,43,95,46],[95,47,95,50],[92,4,92,18],[92,19,92,21],[92,22,92,24],[92,25,92,26],[92,27,92,30],[92,31,92,34],[92,35,92,38],[92,39,92,42],[92,43,92,46],[92,47,92,50],[93,4,93,18],[93,19,93,21],[93,22,93,24],[93,25,93,26],[93,27,93,30],[93,31,93,34],[93,35,93,38],[93,39,93,42],[93,43,93,46],[93,47,93,50],[90,4,90,18],[90,19,90,21],[90,22,90,24],[90,25,90,26],[90,27,90,30],[90,31,90,34],[90,35,90,38],[90,39,90,42],[90,43,90,46],[90,47,90,50],[91,4,91,18],[91,19,91,21],[91,22,91,24],[91,25,91,26],[91,27,91,30],[91,31,91,34],[91,35,91,38],[91,39,91,42],[91,43,91,46],[91,47,91,50],[88,4,88,18],[88,19,88,21],[88,22,88,24],[88,25,88,26],[88,27,88,30],[88,31,88,34],[88,35,88,38],[88,39,88,42],[88,43,88,46],[88,47,88,50],[89,4,89,18],[89,19,89,21],[89,22,89,24],[89,25,89,26],[89,27,89,30],[89,31,89,34],[89,35,89,38],[89,39,89,42],[89,43,89,46],[89,47,89,50],[193,47,193,50],[194,4,194,18],[194,19,194,21],[194,22,194,24],[194,25,194,26],[194,27,194,30],[194,31,194,34],[194,35,194,38],[194,39,194,42],[194,43,194,46],[194,47,194,50],[193,4,193,18],[193,19,193,21],[193,22,193,24],[193,25,193,26],[193,27,193,30],[193,31,193,34],[193,35,193,38],[193,39,193,42],[193,43,193,46],[191,47,191,50],[192,4,192,18],[192,19,192,21],[192,22,192,24],[192,25,192,26],[192,27,192,30],[192,31,192,34],[192,35,192,38],[192,39,192,42],[192,43,192,46],[192,47,192,50],[191,4,191,18],[191,19,191,21],[191,22,191,24],[191,25,191,26],[191,27,191,30],[191,31,191,34],[191,35,191,38],[191,39,191,42],[191,43,191,46],[189,47,189,50],[190,4,190,18],[190,19,190,21],[190,22,190,24],[190,25,190,26],[190,27,190,30],[190,31,190,34],[190,35,190,38],[190,39,190,42],[190,43,190,46],[190,47,190,50],[189,4,189,18],[189,19,189,21],[189,22,189,24],[189,25,189,26],[189,27,189,30],[189,31,189,34],[189,35,189,38],[189,39,189,42],[189,43,189,46],[187,47,187,50],[188,4,188,18],[188,19,188,21],[188,22,188,24],[188,25,188,26],[188,27,188,30],[188,31,188,34],[188,35,188,38],[188,39,188,42],[188,43,188,46],[188,47,188,50],[187,4,187,18],[187,19,187,21],[187,22,187,24],[187,25,187,26],[187,27,187,30],[187,31,187,34],[187,35,187,38],[187,39,187,42],[187,43,187,46],[185,47,185,50],[186,4,186,18],[186,19,186,21],[186,22,186,24],[186,25,186,26],[186,27,186,30],[186,31,186,34],[186,35,186,38],[186,39,186,42],[186,43,186,46],[186,47,186,50],[185,4,185,18],[185,19,185,21],[185,22,185,24],[185,25,185,26],[185,27,185,30],[185,31,185,34],[185,35,185,38],[185,39,185,42],[185,43,185,46],[184,4,184,18],[184,19,184,21],[184,22,184,24],[184,25,184,26],[184,27,184,30],[184,31,184,34],[184,35,184,38],[184,39,184,42],[184,43,184,46],[184,47,184,50],[183,4,183,18],[183,19,183,21],[183,22,183,24],[183,25,183,26],[183,27,183,30],[183,31,183,34],[183,35,183,38],[183,39,183,42],[183,43,183,46],[182,4,182,18],[182,19,182,21],[182,22,182,24],[182,25,182,26],[182,27,182,30],[182,31,182,34],[182,35,182,38],[182,39,182,42],[182,43,182,46],[182,47,182,50],[181,4,181,18],[181,19,181,21],[181,22,181,24],[181,25,181,26],[181,27,181,30],[181,31,181,34],[181,35,181,38],[181,39,181,42],[181,43,181,46],[180,4,180,18],[180,19,180,21],[180,22,180,24],[180,25,180,26],[180,27,180,30],[180,31,180,34],[180,35,180,38],[180,39,180,42],[180,43,180,46],[180,47,180,50],[179,4,179,18],[179,19,179,21],[179,22,179,24],[179,25,179,26],[179,27,179,30],[179,31,179,34],[179,35,179,38],[179,39,179,42],[179,43,179,46],[176,27,176,30],[176,31,176,34],[176,35,176,38],[176,39,176,42],[176,43,176,46],[176,47,176,50],[175,4,175,18],[175,19,175,21],[175,22,175,24],[175,25,175,26],[175,27,175,30],[175,31,175,34],[175,35,175,38],[175,39,175,42],[175,43,175,46],[177,47,177,50],[178,4,178,18],[178,19,178,21],[178,22,178,24],[178,25,178,26],[178,27,178,30],[178,31,178,34],[178,35,178,38],[178,39,178,42],[178,43,178,46],[178,47,178,50],[177,4,177,18],[177,19,177,21],[177,22,177,24],[177,25,177,26],[177,27,177,30],[177,31,177,34],[86,47,86,50],[87,4,87,18],[87,19,87,21],[87,22,87,24],[87,25,87,26],[87,27,87,30],[87,31,87,34],[87,35,87,38],[87,39,87,42],[87,43,87,46]],"merged_total":2191,"flags":["merged_cut"]}
[]
[]
[]
[]
[null,null,null,"DOĞRUDAN TEMİN PROGRAMI"]
[]
[null,null,null,"Üst İdare Adı",null,null,null,null,null,null,null,null,null,null,"BULANIK KAYMAKAMLIĞI"]
[null,null,null,"İdare Adı",null,null,null,null,null,null,null,null,null,null,"Atatürk İlkokulu Müdürlüğü",null,null,null,null,null,null,null,null,null,null,null,null,null,null,null,null,null,null,null,null,null,null,null,null,"ne"]
[null,null,null,"Mal/Hizmet/Yapım Adı, Niteliği ",null,null,null,null,null,null,null,null,null,null,"Bilişim Malzemeleri Alımı"]
[null,null,null,"Alım/Temin Usulü",null,null,null,null,null,null,null,null,null,null,"22/d"]
[null,null,null,"DTN (Doğrudan Temin Numarası)",null,null,null,null,null,null,null,null,null,null,"22DT1211930"]
[null,null,null,null,null,null,null,null,null,null,null,null,null,null,null,null,null,null,null,null,null,null,null,null,null,null,null,"Bütçe Tertibi",null,null,null,null,null,null,null,"6.98.255.9436.13.67.01.03.05.30.02"]
[null,null,null,"NO","BELGE ADI/ BELGE AÇ",null,null,null,null,null,null,null,null,null,"TARİHİ",null,null,null,"ÖNİZLEME",null,null,null,"YAZDIRMA",null,null,null,null,"Kullanılabilir Ödenek Tutarı",null,null,null,null,null,null,null,45000]
[null,null,null,1,"Alım/Görevlendirme Oluru"]
[null,null,null,null,"Alım/Görevlendirme Oluru Tarihi-Sayısı  >>",null,null,null,null,null,null,null,null,null,"2023-03-06",null,null,null,456789123,null,null,null,null,null,null,null,null,"PİYASA ARAŞTIRMA GÖREVLİLERİ"]
[null,null,null,2,"Yaklaşık Maliyet Araştırma Yazısı",null,null,null,null,null,null,null,null,null,"2023-03-06",null,null,null,null,null,null,null,null,null,null,null,null,"Piyasa Araştırma Görevlisi",null,null,null,null,null,"Piyasa Araştırma Görevlisi",null,null,null,null,null,"Piyasa Araştırma Görevlisi",null,null,null,null,null,"OLUR/UYGUNDUR"]
[null,null,null,3,"Yaklaşık Maliyet Hesap Cetveli",null,null,null,null,null,null,null,null,null,"2023-03-07",null,null,null,null,null,null,null,null,null,null,null,null,"Ahmet DEMİR",null,null,null,null,null,"Ayşe YILDIZ",null,null,null,null,null,null,null,null,null,null,null,"Mustafa AYDIN"]
[null,null,null,4,"Doğrudan Temin Onay Belgesi",null,null,null,null,null,null,null,null,null,"2023-03-06",null,null,null,null,null,null,null,null,null,null,null,null,"Müdür Yardımcısı 1",null,null,null,null,null,"Öğretmen 1",null,null,null,null,null,null,null,null,null,null,null,"Okul Müdürü"]
[null,null,null,5,"Teklif Vermeye Davet Yazısı",null,null,null,null,null,null,null,null,null,"2023-03-06"]
[null,null,null,null,"  Teklif Geçerlilik Tarihi                   >>",null,null,null,null,null,null,null,null,null,"2023-03-08",null,null,null,null,null,null,null,null,null,null,null,null,"MUAYENE VE KABUL GÖREVLİLERİ"]
[null,null,null,6,"İdari veTeknik Şartlar",null,null,null,null,null,null,null,null,null,null,null,null,null,null,null,null,null,null,null,null,null,null,"Muayene ve Kabul Görevlisi",null,null,null,null,null,"Muayene ve Kabul Görevlisi",null,null,null,null,null,"Muayene ve Kabul Görevlisi",null,null,null,null,null,"OLUR/UYGUNDUR"]
[null,null,null,7,"Piyasa Araştırma Tutanağı",null,null,null,null,null,null,null,null,null,"2023-03-08",null,null,null,null,null,null,null,null,null,null,null,null,"Mehmet  ÇELİK",null,null,null,null,null,"Fatma GÜNEŞ",null,null,null,null,null,null,null,null,null,null,null,"Mustafa AYDIN"]
[null,null,null,8,"Muayene ve Kabul Tutanağı",null,null,null,null,null,null,null,null,null,"2023-03-08",null,null,null,null,null,null,null,null,null,null,null,null,"Müdür Yardımcısı 2",null,null,null,null,null,"Öğretmen 2",null,null,null,null,null,null,null,null,null,null,null,"Okul Müdürü"]
[]
[null,null,null,null,null,null,null,null,null,null,null,null,null,null,null,null,null,null,null,null,null,null,null,null,null,null,null,"YAKLAŞIK MALİYET ARAŞTIRMASI"]
[]
[null,null,null,"MAL'IN/HİZMET'İN/YAPIM İŞİ'NİN",null,null,null,null,null,null,null,null,null,null,null,null,null,null,null,null,null,null,null,null,null,null,null,"ARAŞTIRMA YAPILAN KİŞİLER/FİRMALAR VE VERDİKLERİ FİYATLAR (KDV HARİÇ)"]
[null,null,null,"S",{"$f":"IF((COUNTIF(BA30:BA129,\"*x*\"))>=1,\"Bu alanda (x ile işaretlenen satırda) hücrelerin birinde veya birkaçında fazla veri var! Siliniz!\",\"ADI\")","v":"ADI"},null,null,null,null,null,null,null,null,null,null,null,null,null,null,"MİKTARI",null,null,"BİRİMİ",null,null,"KDV\n(%)",null,"A GERÇEK/TÜZEL KİŞİSİ",null,null,null,null,null,null,null,"B GERÇEK/TÜZEL KİŞİSİ",null,null,null,null,null,null,null,"C GERÇEK/TÜZEL KİŞİSİ",null,null,null,null,null,null,null,null,null,null,null,null,null,null,null,null,null,null,null,null,null,1,1]
[null,null,null,null,null,null,null,null,null,null,null,null,null,null,null,null,null,null,null,null,null,null,null,null,null,null,null,"Birim Fiyatı",null,null,null,"Toplam Fiyatı",null,null,null,"Birim Fiyatı",null,null,null,"Toplam Fiyatı",null,null,null,"Birim Fiyatı",null,null,null,"Toplam Fiyatı "]
[null,null,null,{"$f":"IF(E30=\"\",\"\",1)","v":1},"AIO (All In One) Masaüstü Bilgisayar ",null,null,null,null,null,null,null,null,null,null,null,null,null,null,2,null,null,"Adet",null,null,20,null,2000,null,null,null,{"$f":"IF(AB30=\"\",\"\",T30*AB30)","v":4000},null,null,null,3000,null,null,null,{"$f":"IF(AJ30=\"\",\"\",T30*AJ30)","v":6000},null,null,null,4000,null,null,null,{"$f":"IF(AR30=\"\",\"\",T30*AR30)","v":8000},null,null,null,null,{"$f":"IF(E30=\"\",IF(OR(T30<>\"\",W30<>\"\",Z30<>\"\",AB30<>\"\",AJ30<>\"\",AR30<>\"\"),\"x\",\"\"),\"✓\")","v":"✓"}]
[null,null,null,{"$f":"IF(E31=\"\",\"\",2)","v":2},"Fotokopi Makinesi",null,null,null,null,null,null,null,null,null,null,null,null,null,null,2,null,null,"Adet",null,null,10,null,3000,null,null,null,{"$f":"IF(AB31=\"\",\"\",T31*AB31)","v":6000},null,null,null,4000,null,null,null,{"$f":"IF(AJ31=\"\",\"\",T31*AJ31)","v":8000},null,null,null,5000,null,null,null,{"$f":"IF(AR31=\"\",\"\",T31*AR31)","v":10000},null,null,null,null,{"$f":"IF(E31=\"\",IF(OR(T31<>\"\",W31<>\"\",Z31<>\"\",AB31<>\"\",AJ31<>\"\",AR31<>\"\"),\"x\",\"\"),\"✓\")","v":"✓"}]
[null,null,null,{"$f":"IF(E32=\"\",\"\",3)","v":3},"Projektör",null,null,null,null,null,null,null,null,null,null,null,null,null,null,2,null,null,"Adet",null,null,1,null,4000,null,null,null,8000,null,null,null,5000,null,null,null,10000,null,null,null,6000,null,null,null,12000,null,null,null,null,"✓"]
[null,null,null,{"$f":"IF(E33=\"\",\"\",4)","v":""},null,null,null,null,null,null,null,null,null,null,null,null,null,null,null,null,null,null,null,null,null,null,null,null,null,null,null,"",null,null,null,null,null,null,null,"",null,null,null,null,null,null,null,"",null,null,null,null,""]
[null,null,null,{"$f":"IF(E34=\"\",\"\",5)","v":""},null,null,null,null,null,null,null,null,null,null,null,null,null,null,null,null,null,null,null,null,null,null,null,null,null,null,null,"",null,null,null,null,null,null,null,"",null,null,null,null,null,null,null,"",null,null,null,null,""]
[null,null,null,{"$f":"IF(E35=\"\",\"\",6)","v":""},null,null,null,null,null,null,null,null,null,null,null,null,null,null,null,null,null,null,null,null,null,null,null,null,null,null,null,"",null,null,null,null,null,null,null,"",null,null,null,null,null,null,null,"",null,null,null,null,""]
[null,null,null,{"$f":"IF(E36=\"\",\"\",7)","v":""},null,null,null,null,null,null,null,null,null,null,null,null,null,null,null,null,null,null,null,null,null,null,null,null,null,null,null,"",null,null,null,null,null,null,null,"",null,null,null,null,null,null,null,"",null,null,null,null,""]
[null,null,null,{"$f":"IF(E37=\"\",\"\",8)","v":""},null,null,null,null,null,null,null,null,null,null,null,null,null,null,null,null,null,null,null,null,null,null,null,null,null,null,null,"",null,null,null,null,null,null,null,"",null,null,null,null,null,null,null,"",null,null,null,null,""]
[null,null,null,{"$f":"IF(E38=\"\",\"\",9)","v":""},null,null,null,null,null,null,null,null,null,null,null,null,null,null,null,null,null,null,null,null,null,null,null,null,null,null,null,"",null,null,null,null,null,null,null,"",null,null,null,null,null,null,null,"",null,null,null,null,""]
[null,null,null,{"$f":"IF(E39=\"\",\"\",10)","v":""},null,null,null,null,null,null,null,null,null,null,null,null,null,null,null,null,null,null,null,null,null,null,null,null,null,null,null,"",null,null,null,null,null,null,null,"",null,null,null,null,null,null,null,"",null,null,null,null,""]
[null,null,null,{"$f":"IF(E40=\"\",\"\",11)","v":""},null,null,null,null,null,null,null,null,null,null,null,null,null,null,null,null,null,null,null,null,null,null,null,null,null,null,null,"",null,null,null,null,null,null,null,"",null,null,null,null,null,null,null,"",null,null,null,null,""]
[null,null,null,{"$f":"IF(E41=\"\",\"\",12)","v":""},null,null,null,null,null,null,null,null,null,null,null,null,null,null,null,null,null,null,null,null,null,null,null,null,null,null,null,"",null,null,null,null,null,null,null,"",null,null,null,null,null,null,null,"",null,null,null,null,""]
[null,null,null,{"$f":"IF(E42=\"\",\"\",13)","v":""},null,null,null,null,null,null,null,null,null,null,null,null,null,null,null,null,null,null,null,null,null,null,null,null,null,null,null,"",null,null,null,null,null,null,null,"",null,null,null,null,null,null,null,"",null,null,null,null,""]
[null,null,null,{"$f":"IF(E43=\"\",\"\",14)","v":""},null,null,null,null,null,null,null,null,null,null,null,null,null,null,null,null,null,null,null,null,null,null,null,null,null,null,null,"",null,null,null,null,null,null,null,"",null,null,null,null,null,null,null,"",null,null,null,null,""]
[null,null,null,{"$f":"IF(E44=\"\",\"\",15)","v":""},null,null,null,null,null,null,null,null,null,null,null,null,null,null,null,null,null,null,null,null,null,null,null,null,null,null,null,"",null,null,null,null,null,null,null,"",null,null,null,null,null,null,null,"",null,null,null,null,""]
[null,null,null,{"$f":"IF(E45=\"\",\"\",16)","v":""},null,null,null,null,null,null,null,null,null,null,null,null,null,null,null,null,null,null,null,null,null,null,null,null,null,null,null,"",null,null,null,null,null,null,null,"",null,null,null,null,null,null,null,"",null,null,null,null,""]
[null,null,null,{"$f":"IF(E46=\"\",\"\",17)","v":""},null,null,null,null,null,null,null,null,null,null,null,null,null,null,null,null,null,null,null,null,null,null,null,null,null,null,null,"",null,null,null,null,null,null,null,"",null,null,null,null,null,null,null,"",null,null,null,null,""]
[null,null,null,{"$f":"IF(E47=\"\",\"\",18)","v":""},null,null,null,null,null,null,null,null,null,null,null,null,null,null,null,null,null,null,null,null,null,null,null,null,null,null,null,"",null,null,null,null,null,null,null,"",null,null,null,null,null,null,null,"",null,null,null,null,""]
[null,null,null,{"$f":"IF(E48=\"\",\"\",19)","v":""},null,null,null,null,null,null,null,null,null,null,null,null,null,null,null,null,null,null,null,null,null,null,null,null,null,null,null,"",null,null,null,null,null,null,null,"",null,null,null,null,null,null,null,"",null,null,null,null,""]
[null,null,null,{"$f":"IF(E49=\"\",\"\",20)","v":""},null,null,null,null,null,null,null,null,null,null,null,null,null,null,null,null,null,null,null,null,null,null,null,null,null,null,null,"",null,null,null,null,null,null,null,"",null,null,null,null,null,null,null,"",null,null,null,null,""]
[null,null,null,{"$f":"IF(E50=\"\",\"\",21)","v":""},null,null,null,null,null,null,null,null,null,null,null,null,null,null,null,null,null,null,null,null,null,null,null,null,null,null,null,"",null,null,null,null,null,null,null,"",null,null,null,null,null,null,null,"",null,null,null,null,""]
[null,null,null,{"$f":"IF(E51=\"\",\"\",22)","v":""},null,null,null,null,null,null,null,null,null,null,null,null,null,null,null,null,null,null,null,null,null,null,null,null,null,null,null,"",null,null,null,null,null,null,null,"",null,null,null,null,null,null,null,"",null,null,null,null,""]
[null,null,null,{"$f":"IF(E52=\"\",\"\",23)","v":""},null,null,null,null,null,null,null,null,null,null,null,null,null,null,null,null,null,null,null,null,null,null,null,null,null,null,null,"",null,null,null,null,null,null,null,"",null,null,null,null,null,null,null,"",null,null,null,null,""]
[null,null,null,{"$f":"IF(E53=\"\",\"\",24)","v":""},null,null,null,null,null,null,null,null,null,null,null,null,null,null,null,null,null,null,null,null,null,null,null,null,null,null,null,"",null,null,null,null,null,null,null,"",null,null,null,null,null,null,null,"",null,null,null,null,""]
[null,null,null,{"$f":"IF(E54=\"\",\"\",25)","v":""},null,null,null,null,null,null,null,null,null,null,null,null,null,null,null,null,null,null,null,null,null,null,null,null,null,null,null,"",null,null,null,null,null,null,null,"",null,null,null,null,null,null,null,"",null,null,null,null,""]
[null,null,null,{"$f":"IF(E55=\"\",\"\",26)","v":""},null,null,null,null,null,null,null,null,null,null,null,null,null,null,null,null,null,null,null,null,null,null,null,null,null,null,null,"",null,null,null,null,null,null,null,"",null,null,null,null,null,null,null,"",null,null,null,null,""]
[null,null,null,{"$f":"IF(E56=\"\",\"\",27)","v":""},null,null,null,null,null,null,null,null,null,null,null,null,null,null,null,null,null,null,null,null,null,null,null,null,null,null,null,"",null,null,null,null,null,null,null,"",null,null,null,null,null,null,null,"",null,null,null,null,""]
[null,null,null,{"$f":"IF(E57=\"\",\"\",28)","v":""},null,null,null,null,null,null,null,null,null,null,null,null,null,null,null,null,null,null,null,null,null,null,null,null,null,null,null,"",null,null,null,null,null,null,null,"",null,null,null,null,null,null,null,"",null,null,null,null,""]
[null,null,null,{"$f":"IF(E58=\"\",\"\",29)","v":""},null,null,null,null,null,null,null,null,null,null,null,null,null,null,null,null,null,null,null,null,null,null,null,null,null,null,null,"",null,null,null,null,null,null,null,"",null,null,null,null,null,null,null,"",null,null,null,null,""]
[null,null,null,{"$f":"IF(E59=\"\",\"\",30)","v":""},null,null,null,null,null,null,null,null,null,null,null,null,null,null,null,null,null,null,null,null,null,null,null,null,null,null,null,"",null,null,null,null,null,null,null,"",null,null,null,null,null,null,null,"",null,null,null,null,""]
[null,null,null,{"$f":"IF(E60=\"\",\"\",31)","v":""},null,null,null,null,null,null,null,null,null,null,null,null,null,null,null,null,null,null,null,null,null,null,null,null,null,null,null,"",null,null,null,null,null,null,null,"",null,null,null,null,null,null,null,"",null,null,null,null,""]
[null,null,null,{"$f":"IF(E61=\"\",\"\",32)","v":""},null,null,null,null,null,null,null,null,null,null,null,null,null,null,null,null,null,null,null,null,null,null,null,null,null,null,null,"",null,null,null,null,null,null,null,"",null,null,null,null,null,null,null,"",null,null,null,null,""]
[null,null,null,{"$f":"IF(E62=\"\",\"\",33)","v":""},null,null,null,null,null,null,null,null,null,null,null,null,null,null,null,null,null,null,null,null,null,null,null,null,null,null,null,"",null,null,null,null,null,null,null,"",null,null,null,null,null,null,null,"",null,null,null,null,""]
[null,null,null,{"$f":"IF(E63=\"\",\"\",34)","v":""},null,null,null,null,null,null,null,null,null,null,null,null,null,null,null,null,null,null,null,null,null,null,null,null,null,null,null,"",null,null,null,null,null,null,null,"",null,null,null,null,null,null,null,"",null,null,null,null,""]
[null,null,null,{"$f":"IF(E64=\"\",\"\",35)","v":""},null,null,null,null,null,null,null,null,null,null,null,null,null,null,null,null,null,null,null,null,null,null,null,null,null,null,null,"",null,null,null,null,null,null,null,"",null,null,null,null,null,null,null,"",null,null,null,null,""]
[null,null,null,{"$f":"IF(E65=\"\",\"\",36)","v":""},null,null,null,null,null,null,null,null,null,null,null,null,null,null,null,null,null,null,null,null,null,null,null,null,null,null,null,"",null,null,null,null,null,null,null,"",null,null,null,null,null,null,null,"",null,null,null,null,""]
[null,null,null,{"$f":"IF(E66=\"\",\"\",37)","v":""},null,null,null,null,null,null,null,null,null,null,null,null,null,null,null,null,null,null,null,null,null,null,null,null,null,null,null,"",null,null,null,null,null,null,null,"",null,null,null,null,null,null,null,"",null,null,null,null,""]
[null,null,null,{"$f":"IF(E67=\"\",\"\",38)","v":""},null,null,null,null,null,null,null,null,null,null,null,null,null,null,null,null,null,null,null,null,null,null,null,null,null,null,null,"",null,null,null,null,null,null,null,"",null,null,null,null,null,null,null,"",null,null,null,null,""]
[null,null,null,{"$f":"IF(E68=\"\",\"\",39)","v":""},null,null,null,null,null,null,null,null,null,null,null,null,null,null,null,null,null,null,null,null,null,null,null,null,null,null,null,"",null,null,null,null,null,null,null,"",null,null,null,null,null,null,null,"",null,null,null,null,""]
[null,null,null,{"$f":"IF(E69=\"\",\"\",40)","v":""},null,null,null,null,null,null,null,null,null,null,null,null,null,null,null,null,null,null,null,null,null,null,null,null,null,null,null,"",null,null,null,null,null,null,null,"",null,null,null,null,null,null,null,"",null,null,null,null,""]
[null,null,null,{"$f":"IF(E70=\"\",\"\",41)","v":""},null,null,null,null,null,null,null,null,null,null,null,null,null,null,null,null,null,null,null,null,null,null,null,null,null,null,null,"",null,null,null,null,null,null,null,"",null,null,null,null,null,null,null,"",null,null,null,null,""]
[null,null,null,{"$f":"IF(E71=\"\",\"\",42)","v":""},null,null,null,null,null,null,null,null,null,null,null,null,null,null,null,null,null,null,null,null,null,null,null,null,null,null,null,"",null,null,null,null,null,null,null,"",null,null,null,null,null,null,null,"",null,null,null,null,""]
[null,null,null,{"$f":"IF(E72=\"\",\"\",43)","v":""},null,null,null,null,null,null,null,null,null,null,null,null,null,null,null,null,null,null,null,null,null,null,null,null,null,null,null,"",null,null,null,null,null,null,null,"",null,null,null,null,null,null,null,"",null,null,null,null,""]
[null,null,null,{"$f":"IF(E73=\"\",\"\",44)","v":""},null,null,null,null,null,null,null,null,null,null,null,null,null,null,null,null,null,null,null,null,null,null,null,null,null,null,null,"",null,null,null,null,null,null,null,"",null,null,null,null,null,null,null,"",null,null,null,null,""]
[null,null,null,{"$f":"IF(E74=\"\",\"\",45)","v":""},null,null,null,null,null,null,null,null,null,null,null,null,null,null,null,null,null,null,null,null,null,null,null,null,null,null,null,"",null,null,null,null,null,null,null,"",null,null,null,null,null,null,null,"",null,null,null,null,""]
[null,null,null,{"$f":"IF(E75=\"\",\"\",46)","v":""},null,null,null,null,null,null,null,null,null,null,null,null,null,null,null,null,null,null,null,null,null,null,null,null,null,null,null,"",null,null,null,null,null,null,null,"",null,null,null,null,null,null,null,"",null,null,null,null,""]
[null,null,null,{"$f":"IF(E76=\"\",\"\",47)","v":""},null,null,null,null,null,null,null,null,null,null,null,null,null,null,null,null,null,null,null,null,null,null,null,null,null,null,null,"",null,null,null,null,null,null,null,"",null,null,null,null,null,null,null,"",null,null,null,null,""]
[null,null,null,{"$f":"IF(E77=\"\",\"\",48)","v":""},null,null,null,null,null,null,null,null,null,null,null,null,null,null,null,null,null,null,null,null,null,null,null,null,null,null,null,"",null,null,null,null,null,null,null,"",null,null,null,null,null,null,null,"",null,null,null,null,""]
[null,null,null,{"$f":"IF(E78=\"\",\"\",49)","v":""},null,null,null,null,null,null,null,null,null,null,null,null,null,null,null,null,null,null,null,null,null,null,null,null,null,null,null,"",null,null,null,null,null,null,null,"",null,null,null,null,null,null,null,"",null,null,null,null,""]
[null,null,null,{"$f":"IF(E79=\"\",\"\",50)","v":""},null,null,null,null,null,null,null,null,null,null,null,null,null,null,null,null,null,null,null,null,null,null,null,null,null,null,null,"",null,null,null,null,null,null,null,"",null,null,null,null,null,null,null,"",null,null,null,null,""]
[null,null,null,{"$f":"IF(E80=\"\",\"\",51)","v":""},null,null,null,null,null,null,null,null,null,null,null,null,null,null,null,null,null,null,null,null,null,null,null,null,null,null,null,"",null,null,null,null,null,null,null,"",null,null,null,null,null,null,null,"",null,null,null,null,""]
[null,null,null,{"$f":"IF(E81=\"\",\"\",52)","v":""},null,null,null,null,null,null,null,null,null,null,null,null,null,null,null,null,null,null,null,null,null,null,null,null,null,null,null,"",null,null,null,null,null,null,null,"",null,null,null,null,null,null,null,"",null,null,null,null,""]
[null,null,null,{"$f":"IF(E82=\"\",\"\",53)","v":""},null,null,null,null,null,null,null,null,null,null,null,null,null,null,null,null,null,null,null,null,null,null,null,null,null,null,null,"",null,null,null,null,null,null,null,"",null,null,null,null,null,null,null,"",null,null,null,null,""]
[null,null,null,{"$f":"IF(E83=\"\",\"\",54)","v":""},null,null,null,null,null,null,null,null,null,null,null,null,null,null,null,null,null,null,null,null,null,null,null,null,null,null,null,"",null,null,null,null,null,null,null,"",null,null,null,null,null,null,null,"",null,null,null,null,""]
[null,null,null,{"$f":"IF(E84=\"\",\"\",55)","v":""},null,null,null,null,null,null,null,null,null,null,null,null,null,null,null,null,null,null,null,null,null,null,null,null,null,null,null,"",null,null,null,null,null,null,null,"",null,null,null,null,null,null,null,"",null,null,null,null,""]
[null,null,null,{"$f":"IF(E85=\"\",\"\",56)","v":""},null,null,null,null,null,null,null,null,null,null,null,null,null,null,null,null,null,null,null,null,null,null,null,null,null,null,null,"",null,null,null,null,null,null,null,"",null,null,null,null,null,null,null,"",null,null,null,null,""]
[null,null,null,{"$f":"IF(E86=\"\",\"\",57)","v":""},null,null,null,null,null,null,null,null,null,null,null,null,null,null,null,null,null,null,null,null,null,null,null,null,null,null,null,"",null,null,null,null,null,null,null,"",null,null,null,null,null,null,null,"",null,null,null,null,""]
[null,null,null,{"$f":"IF(E87=\"\",\"\",58)","v":""},null,null,null,null,null,null,null,null,null,null,null,null,null,null,null,null,null,null,null,null,null,null,null,null,null,null,null,"",null,null,null,null,null,null,null,"",null,null,null,null,null,null,null,"",null,null,null,null,""]
[null,null,null,{"$f":"IF(E88=\"\",\"\",59)","v":""},null,null,null,null,null,null,null,null,null,null,null,null,null,null,null,null,null,null,null,null,null,null,null,null,null,null,null,"",null,null,null,null,null,null,null,"",null,null,null,null,null,null,null,"",null,null,null,null,""]
[null,null,null,{"$f":"IF(E89=\"\",\"\",60)","v":""},null,null,null,null,null,null,null,null,null,null,null,null,null,null,null,null,null,null,null,null,null,null,null,null,null,null,null,"",null,null,null,null,null,null,null,"",null,null,null,null,null,null,null,"",null,null,null,null,""]
[null,null,null,{"$f":"IF(E90=\"\",\"\",61)","v":""},null,null,null,null,null,null,null,null,null,null,null,null,null,null,null,null,null,null,null,null,null,null,null,null,null,null,null,"",null,null,null,null,null,null,null,"",null,null,null,null,null,null,null,"",null,null,null,null,""]
[null,null,null,{"$f":"IF(E91=\"\",\"\",62)","v":""},null,null,null,null,null,null,null,null,null,null,null,null,null,null,null,null,null,null,null,null,null,null,null,null,null,null,null,"",null,null,null,null,null,null,null,"",null,null,null,null,null,null,null,"",null,null,null,null,""]
[null,null,null,{"$f":"IF(E92=\"\",\"\",63)","v":""},null,null,null,null,null,null,null,null,null,null,null,null,null,null,null,null,null,null,null,null,null,null,null,null,null,null,null,"",null,null,null,null,null,null,null,"",null,null,null,null,null,null,null,"",null,null,null,null,""]
[null,null,null,{"$f":"IF(E93=\"\",\"\",64)","v":""},null,null,null,null,null,null,null,null,null,null,null,null,null,null,null,null,null,null,null,null,null,null,null,null,null,null,null,"",null,null,null,null,null,null,null,"",null,null,null,null,null,null,null,"",null,null,null,null,""]
[null,null,null,{"$f":"IF(E94=\"\",\"\",65)","v":""},null,null,null,null,null,null,null,null,null,null,null,null,null,null,null,null,null,null,null,null,null,null,null,null,null,null,null,"",null,null,null,null,null,null,null,"",null,null,null,null,null,null,null,"",null,null,null,null,""]
[null,null,null,{"$f":"IF(E95=\"\",\"\",66)","v":""},null,null,null,null,null,null,null,null,null,null,null,null,null,null,null,null,null,null,null,null,null,null,null,null,null,null,null,{"$f":"IF(AB95=\"\",\"\",T95*AB95)","v":""},null,null,null,null,null,null,null,{"$f":"IF(AJ95=\"\",\"\",T95*AJ95)","v":""},null,null,null,null,null,null,null,{"$f":"IF(AR95=\"\",\"\",T95*AR95)","v":""},null,null,null,null,{"$f":"IF(E95=\"\",IF(OR(T95<>\"\",W95<>\"\",Z95<>\"\",AB95<>\"\",AJ95<>\"\",AR95<>\"\"),\"x\",\"\"),\"✓\")","v":""}]
[null,null,null,{"$f":"IF(E96=\"\",\"\",67)","v":""},null,null,null,null,null,null,null,null,null,null,null,null,null,null,null,null,null,null,null,null,null,null,null,null,null,null,null,"",null,null,null,null,null,null,null,"",null,null,null,null,null,null,null,"",null,null,null,null,""]
[null,null,null,{"$f":"IF(E97=\"\",\"\",68)","v":""},null,null,null,null,null,null,null,null,null,null,null,null,null,null,null,null,null,null,null,null,null,null,null,null,null,null,null,"",null,null,null,null,null,null,null,"",null,null,null,null,null,null,null,"",null,null,null,null,""]
[null,null,null,{"$f":"IF(E98=\"\",\"\",69)","v":""},null,null,null,null,null,null,null,null,null,null,null,null,null,null,null,null,null,null,null,null,null,null,null,null,null,null,null,"",null,null,null,null,null,null,null,"",null,null,null,null,null,null,null,"",null,null,null,null,""]
[null,null,null,{"$f":"IF(E99=\"\",\"\",70)","v":""},null,null,null,null,null,null,null,null,null,null,null,null,null,null,null,null,null,null,null,null,null,null,null,null,null,null,null,"",null,null,null,null,null,null,null,"",null,null,null,null,null,null,null,"",null,null,null,null,""]
[null,null,null,{"$f":"IF(E100=\"\",\"\",71)","v":""},null,null,null,null,null,null,null,null,null,null,null,null,null,null,null,null,null,null,null,null,null,null,null,null,null,null,null,"",null,null,null,null,null,null,null,"",null,null,null,null,null,null,null,"",null,null,null,null,""]
[null,null,null,{"$f":"IF(E101=\"\",\"\",72)","v":""},null,null,null,null,null,null,null,null,null,null,null,null,null,null,null,null,null,null,null,null,null,null,null,null,null,null,null,"",null,null,null,null,null,null,null,"",null,null,null,null,null,null,null,"",null,null,null,null,""]
[null,null,null,{"$f":"IF(E102=\"\",\"\",73)","v":""},null,null,null,null,null,null,null,null,null,null,null,null,null,null,null,null,null,null,null,null,null,null,null,null,null,null,null,"",null,null,null,null,null,null,null,"",null,null,null,null,null,null,null,"",null,null,null,null,""]
[null,null,null,{"$f":"IF(E103=\"\",\"\",74)","v":""},null,null,null,null,null,null,null,null,null,null,null,null,null,null,null,null,null,null,null,null,null,null,null,null,null,null,null,"",null,null,null,null,null,null,null,"",null,null,null,null,null,null,null,"",null,null,null,null,""]
[null,null,null,{"$f":"IF(E104=\"\",\"\",75)","v":""},null,null,null,null,null,null,null,null,null,null,null,null,null,null,null,null,null,null,null,null,null,null,null,null,null,null,null,"",null,null,null,null,null,null,null,"",null,null,null,null,null,null,null,"",null,null,null,null,""]
[null,null,null,{"$f":"IF(E105=\"\",\"\",76)","v":""},null,null,null,null,null,null,null,null,null,null,null,null,null,null,null,null,null,null,null,null,null,null,null,null,null,null,null,"",null,null,null,null,null,null,null,"",null,null,null,null,null,null,null,"",null,null,null,null,""]
[null,null,null,{"$f":"IF(E106=\"\",\"\",77)","v":""},null,null,null,null,null,null,null,null,null,null,null,null,null,null,null,null,null,null,null,null,null,null,null,null,null,null,null,"",null,null,null,null,null,null,null,"",null,null,null,null,null,null,null,"",null,null,null,null,""]
[null,null,null,{"$f":"IF(E107=\"\",\"\",78)","v":""},null,null,null,null,null,null,null,null,null,null,null,null,null,null,null,null,null,null,null,null,null,null,null,null,null,null,null,"",null,null,null,null,null,null,null,"",null,null,null,null,null,null,null,"",null,null,null,null,""]
[null,null,null,{"$f":"IF(E108=\"\",\"\",79)","v":""},null,null,null,null,null,null,null,null,null,null,null,null,null,null,null,null,null,null,null,null,null,null,null,null,null,null,null,"",null,null,null,null,null,null,null,"",null,null,null,null,null,null,null,"",null,null,null,null,""]
[null,null,null,{"$f":"IF(E109=\"\",\"\",80)","v":""},null,null,null,null,null,null,null,null,null,null,null,null,null,null,null,null,null,null,null,null,null,null,null,null,null,null,null,{"$f":"IF(AB109=\"\",\"\",T109*AB109)","v":""},null,null,null,null,null,null,null,{"$f":"IF(AJ109=\"\",\"\",T109*AJ109)","v":""},null,null,null,null,null,null,null,{"$f":"IF(AR109=\"\",\"\",T109*AR109)","v":""}]
[null,null,null,{"$f":"IF(E110=\"\",\"\",81)","v":""},null,null,null,null,null,null,null,null,null,null,null,null,null,null,null,null,null,null,null,null,null,null,null,null,null,null,null,"",null,null,null,null,null,null,null,"",null,null,null,null,null,null,null,""]
[null,null,null,{"$f":"IF(E111=\"\",\"\",82)","v":""},null,null,null,null,null,null,null,null,null,null,null,null,null,null,null,null,null,null,null,null,null,null,null,null,null,null,null,"",null,null,null,null,null,null,null,"",null,null,null,null,null,null,null,""]
[null,null,null,{"$f":"IF(E112=\"\",\"\",83)","v":""},null,null,null,null,null,null,null,null,null,null,null,null,null,null,null,null,null,null,null,null,null,null,null,null,null,null,null,"",null,null,null,null,null,null,null,"",null,null,null,null,null,null,null,""]
[null,null,null,{"$f":"IF(E113=\"\",\"\",84)","v":""},null,null,null,null,null,null,null,null,null,null,null,null,null,null,null,null,null,null,null,null,null,null,null,null,null,null,null,"",null,null,null,null,null,null,null,"",null,null,null,null,null,null,null,""]
[null,null,null,{"$f":"IF(E114=\"\",\"\",85)","v":""},null,null,null,null,null,null,null,null,null,null,null,null,null,null,null,null,null,null,null,null,null,null,null,null,null,null,null,"",null,null,null,null,null,null,null,"",null,null,null,null,null,null,null,""]
[null,null,null,{"$f":"IF(E115=\"\",\"\",86)","v":""},null,null,null,null,null,null,null,null,null,null,null,null,null,null,null,null,null,null,null,null,null,null,null,null,null,null,null,"",null,null,null,null,null,null,null,"",null,null,null,null,null,null,null,""]
[null,null,null,{"$f":"IF(E116=\"\",\"\",87)","v":""},null,null,null,null,null,null,null,null,null,null,null,null,null,null,null,null,null,null,null,null,null,null,null,null,null,null,null,"",null,null,null,null,null,null,null,"",null,null,null,null,null,null,null,""]
[null,null,null,{"$f":"IF(E117=\"\",\"\",88)","v":""},null,null,null,null,null,null,null,null,null,null,null,null,null,null,null,null,null,null,null,null,null,null,null,null,null,null,null,"",null,null,null,null,null,null,null,"",null,null,null,null,null,null,null,""]
[null,null,null,{"$f":"IF(E118=\"\",\"\",89)","v":""},null,null,null,null,null,null,null,null,null,null,null,null,null,null,null,null,null,null,null,null,null,null,null,null,null,null,null,"",null,null,null,null,null,null,null,"",null,null,null,null,null,null,null,""]
[null,null,null,{"$f":"IF(E119=\"\",\"\",90)","v":""},null,null,null,null,null,null,null,null,null,null,null,null,null,null,null,null,null,null,null,null,null,null,null,null,null,null,null,"",null,null,null,null,null,null,null,"",null,null,null,null,null,null,null,""]
[null,null,null,{"$f":"IF(E120=\"\",\"\",91)","v":""},null,null,null,null,null,null,null,null,null,null,null,null,null,null,null,null,null,null,null,null,null,null,null,null,null,null,null,"",null,null,null,null,null,null,null,"",null,null,null,null,null,null,null,""]
[null,null,null,{"$f":"IF(E121=\"\",\"\",92)","v":""},null,null,null,null,null,null,null,null,null,null,null,null,null,null,null,null,null,null,null,null,null,null,null,null,null,null,null,"",null,null,null,null,null,null,null,"",null,null,null,null,null,null,null,""]
[null,null,null,{"$f":"IF(E122=\"\",\"\",93)","v":""},null,null,null,null,null,null,null,null,null,null,null,null,null,null,null,null,null,null,null,null,null,null,null,null,null,null,null,"",null,null,null,null,null,null,null,"",null,null,null,null,null,null,null,""]
[null,null,null,{"$f":"IF(E123=\"\",\"\",94)","v":""},null,null,null,null,null,null,null,null,null,null,null,null,null,null,null,null,null,null,null,null,null,null,null,null,null,null,null,"",null,null,null,null,null,null,null,"",null,null,null,null,null,null,null,""]
[null,null,null,{"$f":"IF(E124=\"\",\"\",95)","v":""},null,null,null,null,null,null,null,null,null,null,null,null,null,null,null,null,null,null,null,null,null,null,null,null,null,null,null,"",null,null,null,null,null,null,null,"",null,null,null,null,null,null,null,""]
[null,null,null,{"$f":"IF(E125=\"\",\"\",96)","v":""},null,null,null,null,null,null,null,null,null,null,null,null,null,null,null,null,null,null,null,null,null,null,null,null,null,null,null,"",null,null,null,null,null,null,null,"",null,null,null,null,null,null,null,""]
[null,null,null,{"$f":"IF(E126=\"\",\"\",97)","v":""},null,null,null,null,null,null,null,null,null,null,null,null,null,null,null,null,null,null,null,null,null,null,null,null,null,null,null,"",null,null,null,null,null,null,null,"",null,null,null,null,null,null,null,""]
[null,null,null,{"$f":"IF(E127=\"\",\"\",98)","v":""},null,null,null,null,null,null,null,null,null,null,null,null,null,null,null,null,null,null,null,null,null,null,null,null,null,null,null,"",null,null,null,null,null,null,null,"",null,null,null,null,null,null,null,""]
[null,null,null,{"$f":"IF(E128=\"\",\"\",99)","v":""},null,null,null,null,null,null,null,null,null,null,null,null,null,null,null,null,null,null,null,null,null,null,null,null,null,null,null,{"$f":"IF(AB128=\"\",\"\",T128*AB128)","v":""},null,null,null,null,null,null,null,"",null,null,null,null,null,null,null,""]
[null,null,null,{"$f":"IF(E129=\"\",\"\",100)","v":""},null,null,null,null,null,null,null,null,null,null,null,null,null,null,null,null,null,null,null,null,null,null,null,null,null,null,null,"",null,null,null,null,null,null,null,"",null,null,null,null,null,null,null,"",null,null,null,null,""]
[null,null,null,"TOPLAM (KDV Hariç)",null,null,null,null,null,null,null,null,null,null,null,null,null,null,null,null,null,null,null,null,null,null,null,{"$f":"SUM(AB30:AB129)","v":9000},null,null,null,{"$f":"SUM(AF30:AF129)","v":18000},null,null,null,{"$f":"SUM(AJ30:AJ129)","v":12000},null,null,null,{"$f":"SUM(AN30:AN129)","v":24000},null,null,null,{"$f":"SUM(AR30:AR129)","v":15000},null,null,null,{"$f":"SUM(AV30:AV129)","v":30000}]
[]
[null,null,null,null,null,null,null,null,null,null,null,null,null,null,null,null,null,null,null,null,null,null,null,null,null,null,null,"PİYASA FİYAT ARAŞTIRMASI"]
[]
[null,null,null,"MAL'IN/HİZMET'İN/YAPIM İŞİ'NİN",null,null,null,null,null,null,null,null,null,null,null,null,null,null,null,null,null,null,null,null,null,null,null,"TEKLİF VEREN KİŞİLER/FİRMALAR VE TEKLİF FİYATLARI (KDV HARİÇ)"]
[null,null,null,"S",{"$f":"IF((COUNTIF(BA137:BA236,\"*x*\"))>=1,\"Bu alanda (x ile işaretlenen satırda) hücrelerin birinde veya birkaçında fazla veri var! Siliniz!\",\"ADI\")","v":"ADI"},null,null,null,null,null,null,null,null,null,null,null,null,null,null,"BİRİMİ",null,null,"MİKTARI",null,null,"KDV\n(%)",null,"A GERÇEK/TÜZEL KİŞİSİ",null,null,null,null,null,null,null,"B GERÇEK/TÜZEL KİŞİSİ",null,null,null,null,null,null,null,"D GERÇEK/TÜZEL KİŞİSİ",null,null,null,null,null,null,null,null,null,null,{"$f":"AB135","v":"A GERÇEK/TÜZEL KİŞİSİ"},null,null,{"$f":"AJ135","v":"B GERÇEK/TÜZEL KİŞİSİ"},null,null,{"$f":"AR135","v":"D GERÇEK/TÜZEL KİŞİSİ"}]
[null,null,null,null,null,null,null,null,null,null,null,null,null,null,null,null,null,null,null,null,null,null,null,null,null,null,null,"Birim Fiyatı",null,null,null,"Toplam Fiyatı",null,null,null,"Birim Fiyatı",null,null,null,"Toplam Fiyatı",null,null,null,"Birim Fiyatı",null,null,null,"Toplam Fiyatı",null,null,null,null,null,null,20,10,1,20,10,1,20,10,1]
[null,null,null,{"$f":"IF(D30=\"\",\"\",D30)","v":1},{"$f":"IF(E30=\"\",\"\",E30)","v":"AIO (All In One) Masaüstü Bilgisayar "},null,null,null,null,null,null,null,null,null,null,null,null,null,null,{"$f":"IF(T30=\"\",\"\",T30)","v":2},null,null,{"$f":"IF(W30=\"\",\"\",W30)","v":"Adet"},null,null,{"$f":"IF(Z30=\"\",\"\",Z30)","v":20},null,3000,null,null,null,{"$f":"IF(AB137=\"\",\"\",T137*AB137)","v":6000},null,null,null,4000,null,null,null,{"$f":"IF(AJ137=\"\",\"\",T137*AJ137)","v":8000},null,null,null,5000,null,null,null,{"$f":"IF(AR137=\"\",\"\",T137*AR137)","v":10000},null,null,null,null,{"$f":"IF(E137=\"\",IF(OR(AB137<>\"\",AJ137<>\"\",AR137<>\"\"),\"x\",\"\"),\"✓\")","v":"✓"},null,{"$f":"IF(Z137=20,(AF137*20/100),\"\")","v":1200},{"$f":"IF(Z137=10,(AF137*10/100),\"\")","v":""},{"$f":"IF(Z137=1,(AF137*1/100),\"\")","v":""},{"$f":"IF(Z137=20,(AN137*20/100),\"\")","v":1600},{"$f":"IF(Z137=10,(AN137*10/100),\"\")","v":""},{"$f":"IF(Z137=1,(AN137*1/100),\"\")","v":""},{"$f":"IF(Z137=20,(AV137*20/100),\"\")","v":2000},{"$f":"IF(Z137=10,(AV137*10/100),\"\")","v":""},{"$f":"IF(Z137=1,(AV137*1/100),\"\")","v":""}]
[null,null,null,{"$f":"IF(D31=\"\",\"\",D31)","v":2},{"$f":"IF(E31=\"\",\"\",E31)","v":"Fotokopi Makinesi"},null,null,null,null,null,null,null,null,null,null,null,null,null,null,{"$f":"IF(T31=\"\",\"\",T31)","v":2},null,null,{"$f":"IF(W31=\"\",\"\",W31)","v":"Adet"},null,null,{"$f":"IF(Z31=\"\",\"\",Z31)","v":10},null,4000,null,null,null,{"$f":"IF(AB138=\"\",\"\",T138*AB138)","v":8000},null,null,null,5000,null,null,null,{"$f":"IF(AJ138=\"\",\"\",T138*AJ138)","v":10000},null,null,null,6000,null,null,null,{"$f":"IF(AR138=\"\",\"\",T138*AR138)","v":12000},null,null,null,null,{"$f":"IF(E138=\"\",IF(OR(AB138<>\"\",AJ138<>\"\",AR138<>\"\"),\"x\",\"\"),\"✓\")","v":"✓"},null,{"$f":"IF(Z138=20,(AF138*20/100),\"\")","v":""},{"$f":"IF(Z138=10,(AF138*10/100),\"\")","v":800},{"$f":"IF(Z138=1,(AF138*1/100),\"\")","v":""},{"$f":"IF(Z138=20,(AN138*20/100),\"\")","v":""},{"$f":"IF(Z138=10,(AN138*10/100),\"\")","v":1000},{"$f":"IF(Z138=1,(AN138*1/100),\"\")","v":""},{"$f":"IF(Z138=20,(AV138*20/100),\"\")","v":""},{"$f":"IF(Z138=10,(AV138*10/100),\"\")","v":1200},{"$f":"IF(Z138=1,(AV138*1/100),\"\")","v":""}]
[null,null,null,{"$f":"IF(D32=\"\",\"\",D32)","v":3},{"$f":"IF(E32=\"\",\"\",E32)","v":"Projektör"},null,null,null,null,null,null,null,null,null,null,null,null,null,null,{"$f":"IF(T32=\"\",\"\",T32)","v":2},null,null,{"$f":"IF(W32=\"\",\"\",W32)","v":"Adet"},null,null,{"$f":"IF(Z32=\"\",\"\",Z32)","v":1},null,5000,null,null,null,10000,null,null,null,6000,null,null,null,12000,null,null,null,7000,null,null,null,14000,null,null,null,null,"✓",null,"","",100,"","",120,"","",140]
[null,null,null,{"$f":"IF(D33=\"\",\"\",D33)","v":""},{"$f":"IF(E33=\"\",\"\",E33)","v":""},null,null,null,null,null,null,null,null,null,null,null,null,null,null,{"$f":"IF(T33=\"\",\"\",T33)","v":""},null,null,{"$f":"IF(W33=\"\",\"\",W33)","v":""},null,null,{"$f":"IF(Z33=\"\",\"\",Z33)","v":""},null,null,null,null,null,"",null,null,null,null,null,null,null,"",null,null,null,null,null,null,null,"",null,null,null,null,"",null,"","","","","","","","",""]
[null,null,null,{"$f":"IF(D34=\"\",\"\",D34)","v":""},{"$f":"IF(E34=\"\",\"\",E34)","v":""},null,null,null,null,null,null,null,null,null,null,null,null,null,null,{"$f":"IF(T34=\"\",\"\",T34)","v":""},null,null,{"$f":"IF(W34=\"\",\"\",W34)","v":""},null,null,{"$f":"IF(Z34=\"\",\"\",Z34)","v":""},null,null,null,null,null,"",null,null,null,null,null,null,null,"",null,null,null,null,null,null,null,"",null,null,null,null,"",null,"","","","","","","","",""]
[null,null,null,{"$f":"IF(D35=\"\",\"\",D35)","v":""},{"$f":"IF(E35=\"\",\"\",E35)","v":""},null,null,null,null,null,null,null,null,null,null,null,null,null,null,{"$f":"IF(T35=\"\",\"\",T35)","v":""},null,null,{"$f":"IF(W35=\"\",\"\",W35)","v":""},null,null,{"$f":"IF(Z35=\"\",\"\",Z35)","v":""},null,null,null,null,null,"",null,null,null,null,null,null,null,"",null,null,null,null,null,null,null,"",null,null,null,null,"",null,"","","","","","","","",""]
[null,null,null,{"$f":"IF(D36=\"\",\"\",D36)","v":""},{"$f":"IF(E36=\"\",\"\",E36)","v":""},null,null,null,null,null,null,null,null,null,null,null,null,null,null,{"$f":"IF(T36=\"\",\"\",T36)","v":""},null,null,{"$f":"IF(W36=\"\",\"\",W36)","v":""},null,null,{"$f":"IF(Z36=\"\",\"\",Z36)","v":""},null,null,null,null,null,"",null,null,null,null,null,null,null,"",null,null,null,null,null,null,null,"",null,null,null,null,"",null,"","","","","","","","",""]
[null,null,null,{"$f":"IF(D37=\"\",\"\",D37)","v":""},{"$f":"IF(E37=\"\",\"\",E37)","v":""},null,null,null,null,null,null,null,null,null,null,null,null,null,null,{"$f":"IF(T37=\"\",\"\",T37)","v":""},null,null,{"$f":"IF(W37=\"\",\"\",W37)","v":""},null,null,{"$f":"IF(Z37=\"\",\"\",Z37)","v":""},null,null,null,null,null,"",null,null,null,null,null,null,null,"",null,null,null,null,null,null,null,"",null,null,null,null,"",null,"","","","","","","","",""]
[null,null,null,{"$f":"IF(D38=\"\",\"\",D38)","v":""},{"$f":"IF(E38=\"\",\"\",E38)","v":""},null,null,null,null,null,null,null,null,null,null,null,null,null,null,{"$f":"IF(T38=\"\",\"\",T38)","v":""},null,null,{"$f":"IF(W38=\"\",\"\",W38)","v":""},null,null,{"$f":"IF(Z38=\"\",\"\",Z38)","v":""},null,null,null,null,null,"",null,null,null,null,null,null,null,"",null,null,null,null,null,null,null,"",null,null,null,null,"",null,"","","","","","","","",""]
[null,null,null,{"$f":"IF(D39=\"\",\"\",D39)","v":""},{"$f":"IF(E39=\"\",\"\",E39)","v":""},null,null,null,null,null,null,null,null,null,null,null,null,null,null,{"$f":"IF(T39=\"\",\"\",T39)","v":""},null,null,{"$f":"IF(W39=\"\",\"\",W39)","v":""},null,null,{"$f":"IF(Z39=\"\",\"\",Z39)","v":""},null,null,null,null,null,"",null,null,null,null,null,null,null,"",null,null,null,null,null,null,null,"",null,null,null,null,"",null,"","","","","","","","",""]
[null,null,null,{"$f":"IF(D40=\"\",\"\",D40)","v":""},{"$f":"IF(E40=\"\",\"\",E40)","v":""},null,null,null,null,null,null,null,null,null,null,null,null,null,null,{"$f":"IF(T40=\"\",\"\",T40)","v":""},null,null,{"$f":"IF(W40=\"\",\"\",W40)","v":""},null,null,{"$f":"IF(Z40=\"\",\"\",Z40)","v":""},null,null,null,null,null,"",null,null,null,null,null,null,null,"",null,null,null,null,null,null,null,"",null,null,null,null,"",null,"","","","","","","","",""]
[null,null,null,{"$f":"IF(D41=\"\",\"\",D41)","v":""},{"$f":"IF(E41=\"\",\"\",E41)","v":""},null,null,null,null,null,null,null,null,null,null,null,null,null,null,{"$f":"IF(T41=\"\",\"\",T41)","v":""},null,null,{"$f":"IF(W41=\"\",\"\",W41)","v":""},null,null,{"$f":"IF(Z41=\"\",\"\",Z41)","v":""},null,null,null,null,null,"",null,null,null,null,null,null,null,"",null,null,null,null,null,null,null,"",null,null,null,null,"",null,"","","","","","","","",""]
[null,null,null,{"$f":"IF(D42=\"\",\"\",D42)","v":""},{"$f":"IF(E42=\"\",\"\",E42)","v":""},null,null,null,null,null,null,null,null,null,null,null,null,null,null,{"$f":"IF(T42=\"\",\"\",T42)","v":""},null,null,{"$f":"IF(W42=\"\",\"\",W42)","v":""},null,null,{"$f":"IF(Z42=\"\",\"\",Z42)","v":""},null,null,null,null,null,"",null,null,null,null,null,null,null,"",null,null,null,null,null,null,null,"",null,null,null,null,"",null,"","","","","","","","",""]
[null,null,null,{"$f":"IF(D43=\"\",\"\",D43)","v":""},{"$f":"IF(E43=\"\",\"\",E43)","v":""},null,null,null,null,null,null,null,null,null,null,null,null,null,null,{"$f":"IF(T43=\"\",\"\",T43)","v":""},null,null,{"$f":"IF(W43=\"\",\"\",W43)","v":""},null,null,{"$f":"IF(Z43=\"\",\"\",Z43)","v":""},null,null,null,null,null,"",null,null,null,null,null,null,null,"",null,null,null,null,null,null,null,"",null,null,null,null,"",null,"","","","","","","","",""]
[null,null,null,{"$f":"IF(D44=\"\",\"\",D44)","v":""},{"$f":"IF(E44=\"\",\"\",E44)","v":""},null,null,null,null,null,null,null,null,null,null,null,null,null,null,{"$f":"IF(T44=\"\",\"\",T44)","v":""},null,null,{"$f":"IF(W44=\"\",\"\",W44)","v":""},null,null,{"$f":"IF(Z44=\"\",\"\",Z44)","v":""},null,null,null,null,null,"",null,null,null,null,null,null,null,"",null,null,null,null,null,null,null,"",null,null,null,null,"",null,"","","","","","","","",""]
[null,null,null,{"$f":"IF(D45=\"\",\"\",D45)","v":""},{"$f":"IF(E45=\"\",\"\",E45)","v":""},null,null,null,null,null,null,null,null,null,null,null,null,null,null,{"$f":"IF(T45=\"\",\"\",T45)","v":""},null,null,{"$f":"IF(W45=\"\",\"\",W45)","v":""},null,null,{"$f":"IF(Z45=\"\",\"\",Z45)","v":""},null,null,null,null,null,"",null,null,null,null,null,null,null,"",null,null,null,null,null,null,null,"",null,null,null,null,"",null,"","","","","","","","",""]
[null,null,null,{"$f":"IF(D46=\"\",\"\",D46)","v":""},{"$f":"IF(E46=\"\",\"\",E46)","v":""},null,null,null,null,null,null,null,null,null,null,null,null,null,null,{"$f":"IF(T46=\"\",\"\",T46)","v":""},null,null,{"$f":"IF(W46=\"\",\"\",W46)","v":""},null,null,{"$f":"IF(Z46=\"\",\"\",Z46)","v":""},null,null,null,null,null,"",null,null,null,null,null,null,null,"",null,null,null,null,null,null,null,"",null,null,null,null,"",null,"","","","","","","","",""]
[null,null,null,{"$f":"IF(D47=\"\",\"\",D47)","v":""},{"$f":"IF(E47=\"\",\"\",E47)","v":""},null,null,null,null,null,null,null,null,null,null,null,null,null,null,{"$f":"IF(T47=\"\",\"\",T47)","v":""},null,null,{"$f":"IF(W47=\"\",\"\",W47)","v":""},null,null,{"$f":"IF(Z47=\"\",\"\",Z47)","v":""},null,null,null,null,null,"",null,null,null,null,null,null,null,"",null,null,null,null,null,null,null,"",null,null,null,null,"",null,"","","","","","","","",""]
[null,null,null,{"$f":"IF(D48=\"\",\"\",D48)","v":""},{"$f":"IF(E48=\"\",\"\",E48)","v":""},null,null,null,null,null,null,null,null,null,null,null,null,null,null,{"$f":"IF(T48=\"\",\"\",T48)","v":""},null,null,{"$f":"IF(W48=\"\",\"\",W48)","v":""},null,null,{"$f":"IF(Z48=\"\",\"\",Z48)","v":""},null,null,null,null,null,"",null,null,null,null,null,null,null,"",null,null,null,null,null,null,null,"",null,null,null,null,"",null,"","","","","","","","",""]
[null,null,null,{"$f":"IF(D49=\"\",\"\",D49)","v":""},{"$f":"IF(E49=\"\",\"\",E49)","v":""},null,null,null,null,null,null,null,null,null,null,null,null,null,null,{"$f":"IF(T49=\"\",\"\",T49)","v":""},null,null,{"$f":"IF(W49=\"\",\"\",W49)","v":""},null,null,{"$f":"IF(Z49=\"\",\"\",Z49)","v":""},null,null,null,null,null,"",null,null,null,null,null,null,null,"",null,null,null,null,null,null,null,"",null,null,null,null,"",null,"","","","","","","","",""]
[null,null,null,{"$f":"IF(D50=\"\",\"\",D50)","v":""},{"$f":"IF(E50=\"\",\"\",E50)","v":""},null,null,null,null,null,null,null,null,null,null,null,null,null,null,{"$f":"IF(T50=\"\",\"\",T50)","v":""},null,null,{"$f":"IF(W50=\"\",\"\",W50)","v":""},null,null,{"$f":"IF(Z50=\"\",\"\",Z50)","v":""},null,null,null,null,null,"",null,null,null,null,null,null,null,"",null,null,null,null,null,null,null,"",null,null,null,null,"",null,"","","","","","","","",""]
[null,null,null,{"$f":"IF(D51=\"\",\"\",D51)","v":""},{"$f":"IF(E51=\"\",\"\",E51)","v":""},null,null,null,null,null,null,null,null,null,null,null,null,null,null,{"$f":"IF(T51=\"\",\"\",T51)","v":""},null,null,{"$f":"IF(W51=\"\",\"\",W51)","v":""},null,null,{"$f":"IF(Z51=\"\",\"\",Z51)","v":""},null,null,null,null,null,"",null,null,null,null,null,null,null,"",null,null,null,null,null,null,null,"",null,null,null,null,"",null,"","","","","","","","",""]
[null,null,null,{"$f":"IF(D52=\"\",\"\",D52)","v":""},{"$f":"IF(E52=\"\",\"\",E52)","v":""},null,null,null,null,null,null,null,null,null,null,null,null,null,null,{"$f":"IF(T52=\"\",\"\",T52)","v":""},null,null,{"$f":"IF(W52=\"\",\"\",W52)","v":""},null,null,{"$f":"IF(Z52=\"\",\"\",Z52)","v":""},null,null,null,null,null,"",null,null,null,null,null,null,null,"",null,null,null,null,null,null,null,"",null,null,null,null,"",null,"","","","","","","","",""]
[null,null,null,{"$f":"IF(D53=\"\",\"\",D53)","v":""},{"$f":"IF(E53=\"\",\"\",E53)","v":""},null,null,null,null,null,null,null,null,null,null,null,null,null,null,{"$f":"IF(T53=\"\",\"\",T53)","v":""},null,null,{"$f":"IF(W53=\"\",\"\",W53)","v":""},null,null,{"$f":"IF(Z53=\"\",\"\",Z53)","v":""},null,null,null,null,null,"",null,null,null,null,null,null,null,"",null,null,null,null,null,null,null,"",null,null,null,null,"",null,"","","","","","","","",""]
[null,null,null,{"$f":"IF(D54=\"\",\"\",D54)","v":""},{"$f":"IF(E54=\"\",\"\",E54)","v":""},null,null,null,null,null,null,null,null,null,null,null,null,null,null,{"$f":"IF(T54=\"\",\"\",T54)","v":""},null,null,{"$f":"IF(W54=\"\",\"\",W54)","v":""},null,null,{"$f":"IF(Z54=\"\",\"\",Z54)","v":""},null,null,null,null,null,"",null,null,null,null,null,null,null,"",null,null,null,null,null,null,null,"",null,null,null,null,"",null,"","","","","","","","",""]
[null,null,null,{"$f":"IF(D55=\"\",\"\",D55)","v":""},{"$f":"IF(E55=\"\",\"\",E55)","v":""},null,null,null,null,null,null,null,null,null,null,null,null,null,null,{"$f":"IF(T55=\"\",\"\",T55)","v":""},null,null,{"$f":"IF(W55=\"\",\"\",W55)","v":""},null,null,{"$f":"IF(Z55=\"\",\"\",Z55)","v":""},null,null,null,null,null,"",null,null,null,null,null,null,null,"",null,null,null,null,null,null,null,"",null,null,null,null,"",null,"","","","","","","","",""]
[null,null,null,{"$f":"IF(D56=\"\",\"\",D56)","v":""},{"$f":"IF(E56=\"\",\"\",E56)","v":""},null,null,null,null,null,null,null,null,null,null,null,null,null,null,{"$f":"IF(T56=\"\",\"\",T56)","v":""},null,null,{"$f":"IF(W56=\"\",\"\",W56)","v":""},null,null,{"$f":"IF(Z56=\"\",\"\",Z56)","v":""},null,null,null,null,null,"",null,null,null,null,null,null,null,"",null,null,null,null,null,null,null,"",null,null,null,null,"",null,"","","","","","","","",""]
[null,null,null,{"$f":"IF(D57=\"\",\"\",D57)","v":""},{"$f":"IF(E57=\"\",\"\",E57)","v":""},null,null,null,null,null,null,null,null,null,null,null,null,null,null,{"$f":"IF(T57=\"\",\"\",T57)","v":""},null,null,{"$f":"IF(W57=\"\",\"\",W57)","v":""},null,null,{"$f":"IF(Z57=\"\",\"\",Z57)","v":""},null,null,null,null,null,"",null,null,null,null,null,null,null,"",null,null,null,null,null,null,null,"",null,null,null,null,"",null,"","","","","","","","",""]
[null,null,null,{"$f":"IF(D58=\"\",\"\",D58)","v":""},{"$f":"IF(E58=\"\",\"\",E58)","v":""},null,null,null,null,null,null,null,null,null,null,null,null,null,null,{"$f":"IF(T58=\"\",\"\",T58)","v":""},null,null,{"$f":"IF(W58=\"\",\"\",W58)","v":""},null,null,{"$f":"IF(Z58=\"\",\"\",Z58)","v":""},null,null,null,null,null,"",null,null,null,null,null,null,null,"",null,null,null,null,null,null,null,"",null,null,null,null,"",null,"","","","","","","","",""]
[null,null,null,{"$f":"IF(D59=\"\",\"\",D59)","v":""},{"$f":"IF(E59=\"\",\"\",E59)","v":""},null,null,null,null,null,null,null,null,null,null,null,null,null,null,{"$f":"IF(T59=\"\",\"\",T59)","v":""},null,null,{"$f":"IF(W59=\"\",\"\",W59)","v":""},null,null,{"$f":"IF(Z59=\"\",\"\",Z59)","v":""},null,null,null,null,null,"",null,null,null,null,null,null,null,"",null,null,null,null,null,null,null,"",null,null,null,null,"",null,"","","","","","","","",""]
[null,null,null,{"$f":"IF(D60=\"\",\"\",D60)","v":""},{"$f":"IF(E60=\"\",\"\",E60)","v":""},null,null,null,null,null,null,null,null,null,null,null,null,null,null,{"$f":"IF(T60=\"\",\"\",T60)","v":""},null,null,{"$f":"IF(W60=\"\",\"\",W60)","v":""},null,null,{"$f":"IF(Z60=\"\",\"\",Z60)","v":""},null,null,null,null,null,"",null,null,null,null,null,null,null,"",null,null,null,null,null,null,null,"",null,null,null,null,"",null,"","","","","","","","",""]
[null,null,null,{"$f":"IF(D61=\"\",\"\",D61)","v":""},{"$f":"IF(E61=\"\",\"\",E61)","v":""},null,null,null,null,null,null,null,null,null,null,null,null,null,null,{"$f":"IF(T61=\"\",\"\",T61)","v":""},null,null,{"$f":"IF(W61=\"\",\"\",W61)","v":""},null,null,{"$f":"IF(Z61=\"\",\"\",Z61)","v":""},null,null,null,null,null,"",null,null,null,null,null,null,null,"",null,null,null,null,null,null,null,"",null,null,null,null,"",null,"","","","","","","","",""]
[null,null,null,{"$f":"IF(D62=\"\",\"\",D62)","v":""},{"$f":"IF(E62=\"\",\"\",E62)","v":""},null,null,null,null,null,null,null,null,null,null,null,null,null,null,{"$f":"IF(T62=\"\",\"\",T62)","v":""},null,null,{"$f":"IF(W62=\"\",\"\",W62)","v":""},null,null,{"$f":"IF(Z62=\"\",\"\",Z62)","v":""},null,null,null,null,null,"",null,null,null,null,null,null,null,"",null,null,null,null,null,null,null,"",null,null,null,null,"",null,"","","","","","","","",""]
[null,null,null,{"$f":"IF(D63=\"\",\"\",D63)","v":""},{"$f":"IF(E63=\"\",\"\",E63)","v":""},null,null,null,null,null,null,null,null,null,null,null,null,null,null,{"$f":"IF(T63=\"\",\"\",T63)","v":""},null,null,{"$f":"IF(W63=\"\",\"\",W63)","v":""},null,null,{"$f":"IF(Z63=\"\",\"\",Z63)","v":""},null,null,null,null,null,"",null,null,null,null,null,null,null,"",null,null,null,null,null,null,null,"",null,null,null,null,"",null,"","","","","","","","",""]
[null,null,null,{"$f":"IF(D64=\"\",\"\",D64)","v":""},{"$f":"IF(E64=\"\",\"\",E64)","v":""},null,null,null,null,null,null,null,null,null,null,null,null,null,null,{"$f":"IF(T64=\"\",\"\",T64)","v":""},null,null,{"$f":"IF(W64=\"\",\"\",W64)","v":""},null,null,{"$f":"IF(Z64=\"\",\"\",Z64)","v":""},null,null,null,null,null,"",null,null,null,null,null,null,null,"",null,null,null,null,null,null,null,"",null,null,null,null,"",null,"","","","","","","","",""]
[null,null,null,{"$f":"IF(D65=\"\",\"\",D65)","v":""},{"$f":"IF(E65=\"\",\"\",E65)","v":""},null,null,null,null,null,null,null,null,null,null,null,null,null,null,{"$f":"IF(T65=\"\",\"\",T65)","v":""},null,null,{"$f":"IF(W65=\"\",\"\",W65)","v":""},null,null,{"$f":"IF(Z65=\"\",\"\",Z65)","v":""},null,null,null,null,null,"",null,null,null,null,null,null,null,"",null,null,null,null,null,null,null,"",null,null,null,null,"",null,"","","","","","","","",""]
[null,null,null,{"$f":"IF(D66=\"\",\"\",D66)","v":""},{"$f":"IF(E66=\"\",\"\",E66)","v":""},null,null,null,null,null,null,null,null,null,null,null,null,null,null,{"$f":"IF(T66=\"\",\"\",T66)","v":""},null,null,{"$f":"IF(W66=\"\",\"\",W66)","v":""},null,null,{"$f":"IF(Z66=\"\",\"\",Z66)","v":""},null,null,null,null,null,"",null,null,null,null,null,null,null,"",null,null,null,null,null,null,null,"",null,null,null,null,"",null,"","","","","","","","",""]
[null,null,null,{"$f":"IF(D67=\"\",\"\",D67)","v":""},{"$f":"IF(E67=\"\",\"\",E67)","v":""},null,null,null,null,null,null,null,null,null,null,null,null,null,null,{"$f":"IF(T67=\"\",\"\",T67)","v":""},null,null,{"$f":"IF(W67=\"\",\"\",W67)","v":""},null,null,{"$f":"IF(Z67=\"\",\"\",Z67)","v":""},null,null,null,null,null,"",null,null,null,null,null,null,null,"",null,null,null,null,null,null,null,"",null,null,null,null,"",null,"","","","","","","","",""]
[null,null,null,{"$f":"IF(D68=\"\",\"\",D68)","v":""},{"$f":"IF(E68=\"\",\"\",E68)","v":""},null,null,null,null,null,null,null,null,null,null,null,null,null,null,{"$f":"IF(T68=\"\",\"\",T68)","v":""},null,null,{"$f":"IF(W68=\"\",\"\",W68)","v":""},null,null,{"$f":"IF(Z68=\"\",\"\",Z68)","v":""},null,null,null,null,null,"",null,null,null,null,null,null,null,"",null,null,null,null,null,null,null,"",null,null,null,null,"",null,"","","","","","","","",""]
[null,null,null,{"$f":"IF(D69=\"\",\"\",D69)","v":""},"",null,null,null,null,null,null,null,null,null,null,null,null,null,null,{"$f":"IF(T69=\"\",\"\",T69)","v":""},null,null,{"$f":"IF(W69=\"\",\"\",W69)","v":""},null,null,{"$f":"IF(Z69=\"\",\"\",Z69)","v":""},null,null,null,null,null,"",null,null,null,null,null,null,null,"",null,null,null,null,null,null,null,"",null,null,null,null,"",null,"","","","","","","","",""]
[null,null,null,{"$f":"IF(D70=\"\",\"\",D70)","v":""},"",null,null,null,null,null,null,null,null,null,null,null,null,null,null,{"$f":"IF(T70=\"\",\"\",T70)","v":""},null,null,{"$f":"IF(W70=\"\",\"\",W70)","v":""},null,null,{"$f":"IF(Z70=\"\",\"\",Z70)","v":""},null,null,null,null,null,"",null,null,null,null,null,null,null,"",null,null,null,null,null,null,null,"",null,null,null,null,"",null,"","","","","","","","",""]
[null,null,null,{"$f":"IF(D71=\"\",\"\",D71)","v":""},"",null,null,null,null,null,null,null,null,null,null,null,null,null,null,{"$f":"IF(T71=\"\",\"\",T71)","v":""},null,null,{"$f":"IF(W71=\"\",\"\",W71)","v":""},null,null,{"$f":"IF(Z71=\"\",\"\",Z71)","v":""},null,null,null,null,null,"",null,null,null,null,null,null,null,"",null,null,null,null,null,null,null,"",null,null,null,null,"",null,"","","","","","","","",""]
[null,null,null,{"$f":"IF(D72=\"\",\"\",D72)","v":""},"",null,null,null,null,null,null,null,null,null,null,null,null,null,null,{"$f":"IF(T72=\"\",\"\",T72)","v":""},null,null,{"$f":"IF(W72=\"\",\"\",W72)","v":""},null,null,{"$f":"IF(Z72=\"\",\"\",Z72)","v":""},null,null,null,null,null,"",null,null,null,null,null,null,null,"",null,null,null,null,null,null,null,"",null,null,null,null,"",null,"","","","","","","","",""]
[null,null,null,{"$f":"IF(D73=\"\",\"\",D73)","v":""},"",null,null,null,null,null,null,null,null,null,null,null,null,null,null,{"$f":"IF(T73=\"\",\"\",T73)","v":""},null,null,{"$f":"IF(W73=\"\",\"\",W73)","v":""},null,null,{"$f":"IF(Z73=\"\",\"\",Z73)","v":""},null,null,null,null,null,"",null,null,null,null,null,null,null,"",null,null,null,null,null,null,null,"",null,null,null,null,"",null,"","","","","","","","",""]
[null,null,null,{"$f":"IF(D74=\"\",\"\",D74)","v":""},"",null,null,null,null,null,null,null,null,null,null,null,null,null,null,{"$f":"IF(T74=\"\",\"\",T74)","v":""},null,null,{"$f":"IF(W74=\"\",\"\",W74)","v":""},null,null,{"$f":"IF(Z74=\"\",\"\",Z74)","v":""},null,null,null,null,null,"",null,null,null,null,null,null,null,"",null,null,null,null,null,null,null,"",null,null,null,null,"",null,"","","","","","","","",""]
[null,null,null,{"$f":"IF(D75=\"\",\"\",D75)","v":""},"",null,null,null,null,null,null,null,null,null,null,null,null,null,null,{"$f":"IF(T75=\"\",\"\",T75)","v":""},null,null,{"$f":"IF(W75=\"\",\"\",W75)","v":""},null,null,{"$f":"IF(Z75=\"\",\"\",Z75)","v":""},null,null,null,null,null,"",null,null,null,null,null,null,null,"",null,null,null,null,null,null,null,"",null,null,null,null,"",null,"","","","","","","","",""]
[null,null,null,{"$f":"IF(D76=\"\",\"\",D76)","v":""},"",null,null,null,null,null,null,null,null,null,null,null,null,null,null,{"$f":"IF(T76=\"\",\"\",T76)","v":""},null,null,{"$f":"IF(W76=\"\",\"\",W76)","v":""},null,null,{"$f":"IF(Z76=\"\",\"\",Z76)","v":""},null,null,null,null,null,"",null,null,null,null,null,null,null,"",null,null,null,null,null,null,null,"",null,null,null,null,"",null,"","","","","","","","",""]
[null,null,null,{"$f":"IF(D77=\"\",\"\",D77)","v":""},"",null,null,null,null,null,null,null,null,null,null,null,null,null,null,{"$f":"IF(T77=\"\",\"\",T77)","v":""},null,null,{"$f":"IF(W77=\"\",\"\",W77)","v":""},null,null,{"$f":"IF(Z77=\"\",\"\",Z77)","v":""},null,null,null,null,null,"",null,null,null,null,null,null,null,"",null,null,null,null,null,null,null,"",null,null,null,null,"",null,"","","","","","","","",""]
[null,null,null,{"$f":"IF(D78=\"\",\"\",D78)","v":""},"",null,null,null,null,null,null,null,null,null,null,null,null,null,null,{"$f":"IF(T78=\"\",\"\",T78)","v":""},null,null,{"$f":"IF(W78=\"\",\"\",W78)","v":""},null,null,{"$f":"IF(Z78=\"\",\"\",Z78)","v":""},null,null,null,null,null,"",null,null,null,null,null,null,null,"",null,null,null,null,null,null,null,"",null,null,null,null,"",null,"","","","","","","","",""]
[null,null,null,{"$f":"IF(D79=\"\",\"\",D79)","v":""},"",null,null,null,null,null,null,null,null,null,null,null,null,null,null,{"$f":"IF(T79=\"\",\"\",T79)","v":""},null,null,{"$f":"IF(W79=\"\",\"\",W79)","v":""},null,null,{"$f":"IF(Z79=\"\",\"\",Z79)","v":""},null,null,null,null,null,"",null,null,null,null,null,null,null,"",null,null,null,null,null,null,null,"",null,null,null,null,"",null,"","","","","","","","",""]
[null,null,null,{"$f":"IF(D80=\"\",\"\",D80)","v":""},"",null,null,null,null,null,null,null,null,null,null,null,null,null,null,{"$f":"IF(T80=\"\",\"\",T80)","v":""},null,null,{"$f":"IF(W80=\"\",\"\",W80)","v":""},null,null,{"$f":"IF(Z80=\"\",\"\",Z80)","v":""},null,null,null,null,null,"",null,null,null,null,null,null,null,"",null,null,null,null,null,null,null,"",null,null,null,null,"",null,"","","","","","","","",""]
[null,null,null,{"$f":"IF(D81=\"\",\"\",D81)","v":""},"",null,null,null,null,null,null,null,null,null,null,null,null,null,null,{"$f":"IF(T81=\"\",\"\",T81)","v":""},null,null,{"$f":"IF(W81=\"\",\"\",W81)","v":""},null,null,{"$f":"IF(Z81=\"\",\"\",Z81)","v":""},null,null,null,null,null,"",null,null,null,null,null,null,null,"",null,null,null,null,null,null,null,"",null,null,null,null,"",null,"","","","","","","","",""]
[null,null,null,{"$f":"IF(D82=\"\",\"\",D82)","v":""},"",null,null,null,null,null,null,null,null,null,null,null,null,null,null,{"$f":"IF(T82=\"\",\"\",T82)","v":""},null,null,{"$f":"IF(W82=\"\",\"\",W82)","v":""},null,null,{"$f":"IF(Z82=\"\",\"\",Z82)","v":""},null,null,null,null,null,"",null,null,null,null,null,null,null,"",null,null,null,null,null,null,null,"",null,null,null,null,"",null,"","","","","","","","",""]
[null,null,null,{"$f":"IF(D83=\"\",\"\",D83)","v":""},"",null,null,null,null,null,null,null,null,null,null,null,null,null,null,{"$f":"IF(T83=\"\",\"\",T83)","v":""},null,null,{"$f":"IF(W83=\"\",\"\",W83)","v":""},null,null,{"$f":"IF(Z83=\"\",\"\",Z83)","v":""},null,null,null,null,null,"",null,null,null,null,null,null,null,"",null,null,null,null,null,null,null,"",null,null,null,null,"",null,"","","","","","","","",""]
[null,null,null,{"$f":"IF(D84=\"\",\"\",D84)","v":""},"",null,null,null,null,null,null,null,null,null,null,null,null,null,null,{"$f":"IF(T84=\"\",\"\",T84)","v":""},null,null,{"$f":"IF(W84=\"\",\"\",W84)","v":""},null,null,{"$f":"IF(Z84=\"\",\"\",Z84)","v":""},null,null,null,null,null,"",null,null,null,null,null,null,null,"",null,null,null,null,null,null,null,"",null,null,null,null,"",null,"","","","","","","","",""]
[null,null,null,{"$f":"IF(D85=\"\",\"\",D85)","v":""},"",null,null,null,null,null,null,null,null,null,null,null,null,null,null,{"$f":"IF(T85=\"\",\"\",T85)","v":""},null,null,{"$f":"IF(W85=\"\",\"\",W85)","v":""},null,null,{"$f":"IF(Z85=\"\",\"\",Z85)","v":""},null,null,null,null,null,"",null,null,null,null,null,null,null,"",null,null,null,null,null,null,null,"",null,null,null,null,"",null,"","","","","","","","",""]
[null,null,null,{"$f":"IF(D86=\"\",\"\",D86)","v":""},"",null,null,null,null,null,null,null,null,null,null,null,null,null,null,{"$f":"IF(T86=\"\",\"\",T86)","v":""},null,null,{"$f":"IF(W86=\"\",\"\",W86)","v":""},null,null,{"$f":"IF(Z86=\"\",\"\",Z86)","v":""},null,null,null,null,null,"",null,null,null,null,null,null,null,"",null,null,null,null,null,null,null,"",null,null,null,null,"",null,"","","","","","","","",""]
[null,null,null,{"$f":"IF(D87=\"\",\"\",D87)","v":""},"",null,null,null,null,null,null,null,null,null,null,null,null,null,null,{"$f":"IF(T87=\"\",\"\",T87)","v":""},null,null,{"$f":"IF(W87=\"\",\"\",W87)","v":""},null,null,{"$f":"IF(Z87=\"\",\"\",Z87)","v":""},null,null,null,null,null,"",null,null,null,null,null,null,null,"",null,null,null,null,null,null,null,"",null,null,null,null,"",null,"","","","","","","","",""]
[null,null,null,{"$f":"IF(D88=\"\",\"\",D88)","v":""},{"$f":"IF(E88=\"\",\"\",E88)","v":""},null,null,null,null,null,null,null,null,null,null,null,null,null,null,{"$f":"IF(T88=\"\",\"\",T88)","v":""},null,null,{"$f":"IF(W88=\"\",\"\",W88)","v":""},null,null,{"$f":"IF(Z88=\"\",\"\",Z88)","v":""},null,null,null,null,null,"",null,null,null,null,null,null,null,"",null,null,null,null,null,null,null,"",null,null,null,null,"",null,"","","","","","","","",""]
[null,null,null,{"$f":"IF(D89=\"\",\"\",D89)","v":""},"",null,null,null,null,null,null,null,null,null,null,null,null,null,null,{"$f":"IF(T89=\"\",\"\",T89)","v":""},null,null,{"$f":"IF(W89=\"\",\"\",W89)","v":""},null,null,{"$f":"IF(Z89=\"\",\"\",Z89)","v":""},null,null,null,null,null,"",null,null,null,null,null,null,null,"",null,null,null,null,null,null,null,"",null,null,null,null,"",null,"","","","","","","","",""]
[null,null,null,{"$f":"IF(D90=\"\",\"\",D90)","v":""},"",null,null,null,null,null,null,null,null,null,null,null,null,null,null,{"$f":"IF(T90=\"\",\"\",T90)","v":""},null,null,{"$f":"IF(W90=\"\",\"\",W90)","v":""},null,null,{"$f":"IF(Z90=\"\",\"\",Z90)","v":""},null,null,null,null,null,"",null,null,null,null,null,null,null,"",null,null,null,null,null,null,null,"",null,null,null,null,"",null,"","","","","","","","",""]
[null,null,null,{"$f":"IF(D91=\"\",\"\",D91)","v":""},"",null,null,null,null,null,null,null,null,null,null,null,null,null,null,{"$f":"IF(T91=\"\",\"\",T91)","v":""},null,null,{"$f":"IF(W91=\"\",\"\",W91)","v":""},null,null,{"$f":"IF(Z91=\"\",\"\",Z91)","v":""},null,null,null,null,null,"",null,null,null,null,null,null,null,"",null,null,null,null,null,null,null,"",null,null,null,null,"",null,"","","","","","","","",""]
[null,null,null,{"$f":"IF(D92=\"\",\"\",D92)","v":""},"",null,null,null,null,null,null,null,null,null,null,null,null,null,null,{"$f":"IF(T92=\"\",\"\",T92)","v":""},null,null,{"$f":"IF(W92=\"\",\"\",W92)","v":""},null,null,{"$f":"IF(Z92=\"\",\"\",Z92)","v":""},null,null,null,null,null,"",null,null,null,null,null,null,null,"",null,null,null,null,null,null,null,"",null,null,null,null,"",null,"","","","","","","","",""]
[null,null,null,{"$f":"IF(D93=\"\",\"\",D93)","v":""},"",null,null,null,null,null,null,null,null,null,null,null,null,null,null,{"$f":"IF(T93=\"\",\"\",T93)","v":""},null,null,{"$f":"IF(W93=\"\",\"\",W93)","v":""},null,null,{"$f":"IF(Z93=\"\",\"\",Z93)","v":""},null,null,null,null,null,"",null,null,null,null,null,null,null,"",null,null,null,null,null,null,null,"",null,null,null,null,"",null,"","","","","","","","",""]
[null,null,null,{"$f":"IF(D94=\"\",\"\",D94)","v":""},"",null,null,null,null,null,null,null,null,null,null,null,null,null,null,{"$f":"IF(T94=\"\",\"\",T94)","v":""},null,null,{"$f":"IF(W94=\"\",\"\",W94)","v":""},null,null,{"$f":"IF(Z94=\"\",\"\",Z94)","v":""},null,null,null,null,null,"",null,null,null,null,null,null,null,"",null,null,null,null,null,null,null,"",null,null,null,null,"",null,"","","","","","","","",""]
[null,null,null,{"$f":"IF(D95=\"\",\"\",D95)","v":""},"",null,null,null,null,null,null,null,null,null,null,null,null,null,null,{"$f":"IF(T95=\"\",\"\",T95)","v":""},null,null,{"$f":"IF(W95=\"\",\"\",W95)","v":""},null,null,{"$f":"IF(Z95=\"\",\"\",Z95)","v":""},null,null,null,null,null,{"$f":"IF(AB202=\"\",\"\",T202*AB202)","v":""},null,null,null,null,null,null,null,{"$f":"IF(AJ202=\"\",\"\",T202*AJ202)","v":""},null,null,null,null,null,null,null,{"$f":"IF(AR202=\"\",\"\",T202*AR202)","v":""},null,null,null,null,{"$f":"IF(E202=\"\",IF(OR(AB202<>\"\",AJ202<>\"\",AR202<>\"\"),\"x\",\"\"),\"✓\")","v":""},null,{"$f":"IF(Z202=20,(AF202*20/100),\"\")","v":""},{"$f":"IF(Z202=10,(AF202*10/100),\"\")","v":""},{"$f":"IF(Z202=1,(AF202*1/100),\"\")","v":""},{"$f":"IF(Z202=20,(AN202*20/100),\"\")","v":""},{"$f":"IF(Z202=10,(AN202*10/100),\"\")","v":""},{"$f":"IF(Z202=1,(AN202*1/100),\"\")","v":""},{"$f":"IF(Z202=20,(AV202*20/100),\"\")","v":""},{"$f":"IF(Z202=10,(AV202*10/100),\"\")","v":""},{"$f":"IF(Z202=1,(AV202*1/100),\"\")","v":""}]
[null,null,null,{"$f":"IF(D96=\"\",\"\",D96)","v":""},"",null,null,null,null,null,null,null,null,null,null,null,null,null,null,{"$f":"IF(T96=\"\",\"\",T96)","v":""},null,null,{"$f":"IF(W96=\"\",\"\",W96)","v":""},null,null,{"$f":"IF(Z96=\"\",\"\",Z96)","v":""},null,null,null,null,null,"",null,null,null,null,null,null,null,"",null,null,null,null,null,null,null,"",null,null,null,null,"",null,"","","","","","","","",""]
[null,null,null,{"$f":"IF(D97=\"\",\"\",D97)","v":""},"",null,null,null,null,null,null,null,null,null,null,null,null,null,null,{"$f":"IF(T97=\"\",\"\",T97)","v":""},null,null,{"$f":"IF(W97=\"\",\"\",W97)","v":""},null,null,{"$f":"IF(Z97=\"\",\"\",Z97)","v":""},null,null,null,null,null,"",null,null,null,null,null,null,null,"",null,null,null,null,null,null,null,"",null,null,null,null,"",null,"","","","","","","","",""]
[null,null,null,{"$f":"IF(D98=\"\",\"\",D98)","v":""},"",null,null,null,null,null,null,null,null,null,null,null,null,null,null,{"$f":"IF(T98=\"\",\"\",T98)","v":""},null,null,{"$f":"IF(W98=\"\",\"\",W98)","v":""},null,null,{"$f":"IF(Z98=\"\",\"\",Z98)","v":""},null,null,null,null,null,"",null,null,null,null,null,null,null,"",null,null,null,null,null,null,null,"",null,null,null,null,"",null,"","","","","","","","",""]
[null,null,null,{"$f":"IF(D99=\"\",\"\",D99)","v":""},"",null,null,null,null,null,null,null,null,null,null,null,null,null,null,{"$f":"IF(T99=\"\",\"\",T99)","v":""},null,null,{"$f":"IF(W99=\"\",\"\",W99)","v":""},null,null,{"$f":"IF(Z99=\"\",\"\",Z99)","v":""},null,null,null,null,null,"",null,null,null,null,null,null,null,"",null,null,null,null,null,null,null,"",null,null,null,null,"",null,"","","","","","","","",""]
[null,null,null,{"$f":"IF(D100=\"\",\"\",D100)","v":""},"",null,null,null,null,null,null,null,null,null,null,null,null,null,null,{"$f":"IF(T100=\"\",\"\",T100)","v":""},null,null,{"$f":"IF(W100=\"\",\"\",W100)","v":""},null,null,{"$f":"IF(Z100=\"\",\"\",Z100)","v":""},null,null,null,null,null,"",null,null,null,null,null,null,null,"",null,null,null,null,null,null,null,"",null,null,null,null,"",null,"","","","","","","","",""]
[null,null,null,{"$f":"IF(D101=\"\",\"\",D101)","v":""},"",null,null,null,null,null,null,null,null,null,null,null,null,null,null,{"$f":"IF(T101=\"\",\"\",T101)","v":""},null,null,{"$f":"IF(W101=\"\",\"\",W101)","v":""},null,null,{"$f":"IF(Z101=\"\",\"\",Z101)","v":""},null,null,null,null,null,"",null,null,null,null,null,null,null,"",null,null,null,null,null,null,null,"",null,null,null,null,"",null,"","","","","","","","",""]
[null,null,null,{"$f":"IF(D102=\"\",\"\",D102)","v":""},"",null,null,null,null,null,null,null,null,null,null,null,null,null,null,{"$f":"IF(T102=\"\",\"\",T102)","v":""},null,null,{"$f":"IF(W102=\"\",\"\",W102)","v":""},null,null,{"$f":"IF(Z102=\"\",\"\",Z102)","v":""},null,null,null,null,null,"",null,null,null,null,null,null,null,"",null,null,null,null,null,null,null,"",null,null,null,null,"",null,"","","","","","","","",""]
[null,null,null,{"$f":"IF(D103=\"\",\"\",D103)","v":""},"",null,null,null,null,null,null,null,null,null,null,null,null,null,null,{"$f":"IF(T103=\"\",\"\",T103)","v":""},null,null,{"$f":"IF(W103=\"\",\"\",W103)","v":""},null,null,{"$f":"IF(Z103=\"\",\"\",Z103)","v":""},null,null,null,null,null,"",null,null,null,null,null,null,null,"",null,null,null,null,null,null,null,"",null,null,null,null,"",null,"","","","","","","","",""]
[null,null,null,{"$f":"IF(D104=\"\",\"\",D104)","v":""},"",null,null,null,null,null,null,null,null,null,null,null,null,null,null,{"$f":"IF(T104=\"\",\"\",T104)","v":""},null,null,{"$f":"IF(W104=\"\",\"\",W104)","v":""},null,null,{"$f":"IF(Z104=\"\",\"\",Z104)","v":""},null,null,null,null,null,"",null,null,null,null,null,null,null,"",null,null,null,null,null,null,null,"",null,null,null,null,"",null,"","","","","","","","",""]
[null,null,null,{"$f":"IF(D105=\"\",\"\",D105)","v":""},"",null,null,null,null,null,null,null,null,null,null,null,null,null,null,{"$f":"IF(T105=\"\",\"\",T105)","v":""},null,null,{"$f":"IF(W105=\"\",\"\",W105)","v":""},null,null,{"$f":"IF(Z105=\"\",\"\",Z105)","v":""},null,null,null,null,null,"",null,null,null,null,null,null,null,"",null,null,null,null,null,null,null,"",null,null,null,null,"",null,"","","","","","","","",""]
[null,null,null,{"$f":"IF(D106=\"\",\"\",D106)","v":""},"",null,null,null,null,null,null,null,null,null,null,null,null,null,null,{"$f":"IF(T106=\"\",\"\",T106)","v":""},null,null,{"$f":"IF(W106=\"\",\"\",W106)","v":""},null,null,{"$f":"IF(Z106=\"\",\"\",Z106)","v":""},null,null,null,null,null,"",null,null,null,null,null,null,null,"",null,null,null,null,null,null,null,"",null,null,null,null,"",null,"","","","","","","","",""]
[null,null,null,{"$f":"IF(D107=\"\",\"\",D107)","v":""},"",null,null,null,null,null,null,null,null,null,null,null,null,null,null,{"$f":"IF(T107=\"\",\"\",T107)","v":""},null,null,{"$f":"IF(W107=\"\",\"\",W107)","v":""},null,null,{"$f":"IF(Z107=\"\",\"\",Z107)","v":""},null,null,null,null,null,"",null,null,null,null,null,null,null,"",null,null,null,null,null,null,null,"",null,null,null,null,"",null,"","","","","","","","",""]
[null,null,null,{"$f":"IF(D108=\"\",\"\",D108)","v":""},{"$f":"IF(E108=\"\",\"\",E108)","v":""},null,null,null,null,null,null,null,null,null,null,null,null,null,null,{"$f":"IF(T108=\"\",\"\",T108)","v":""},null,null,{"$f":"IF(W108=\"\",\"\",W108)","v":""},null,null,{"$f":"IF(Z108=\"\",\"\",Z108)","v":""},null,null,null,null,null,"",null,null,null,null,null,null,null,"",null,null,null,null,null,null,null,"",null,null,null,null,"",null,{"$f":"IF(Z215=20,(AF215*20/100),\"\")","v":""},"","","","","","","",""]
[null,null,null,{"$f":"IF(D109=\"\",\"\",D109)","v":""},"",null,null,null,null,null,null,null,null,null,null,null,null,null,null,{"$f":"IF(T109=\"\",\"\",T109)","v":""},null,null,{"$f":"IF(W109=\"\",\"\",W109)","v":""},null,null,{"$f":"IF(Z109=\"\",\"\",Z109)","v":""},null,null,null,null,null,{"$f":"IF(AB216=\"\",\"\",T216*AB216)","v":""},null,null,null,null,null,null,null,{"$f":"IF(AJ216=\"\",\"\",T216*AJ216)","v":""},null,null,null,null,null,null,null,{"$f":"IF(AR216=\"\",\"\",T216*AR216)","v":""},null,null,null,null,null,null,{"$f":"IF(Z216=20,(AF216*20/100),\"\")","v":""},{"$f":"IF(Z216=10,(AF216*10/100),\"\")","v":""},{"$f":"IF(Z216=1,(AF216*1/100),\"\")","v":""},{"$f":"IF(Z216=20,(AN216*20/100),\"\")","v":""},{"$f":"IF(Z216=10,(AN216*10/100),\"\")","v":""},{"$f":"IF(Z216=1,(AN216*1/100),\"\")","v":""},{"$f":"IF(Z216=20,(AV216*20/100),\"\")","v":""},{"$f":"IF(Z216=10,(AV216*10/100),\"\")","v":""},{"$f":"IF(Z216=1,(AV216*1/100),\"\")","v":""}]
[null,null,null,{"$f":"IF(D110=\"\",\"\",D110)","v":""},"",null,null,null,null,null,null,null,null,null,null,null,null,null,null,"",null,null,"",null,null,"",null,null,null,null,null,"",null,null,null,null,null,null,null,"",null,null,null,null,null,null,null,"",null,null,null,null,null,null,"","","","","","","","",""]
[null,null,null,{"$f":"IF(D111=\"\",\"\",D111)","v":""},"",null,null,null,null,null,null,null,null,null,null,null,null,null,null,"",null,null,"",null,null,"",null,null,null,null,null,"",null,null,null,null,null,null,null,"",null,null,null,null,null,null,null,"",null,null,null,null,null,null,"","","","","","","","",""]
[null,null,null,{"$f":"IF(D112=\"\",\"\",D112)","v":""},"",null,null,null,null,null,null,null,null,null,null,null,null,null,null,"",null,null,"",null,null,"",null,null,null,null,null,"",null,null,null,null,null,null,null,"",null,null,null,null,null,null,null,"",null,null,null,null,null,null,"","","","","","","","",""]
[null,null,null,{"$f":"IF(D113=\"\",\"\",D113)","v":""},"",null,null,null,null,null,null,null,null,null,null,null,null,null,null,"",null,null,"",null,null,"",null,null,null,null,null,"",null,null,null,null,null,null,null,"",null,null,null,null,null,null,null,"",null,null,null,null,null,null,"","","","","","","","",""]
[null,null,null,{"$f":"IF(D114=\"\",\"\",D114)","v":""},"",null,null,null,null,null,null,null,null,null,null,null,null,null,null,"",null,null,"",null,null,"",null,null,null,null,null,"",null,null,null,null,null,null,null,"",null,null,null,null,null,null,null,"",null,null,null,null,null,null,"","","","","","","","",""]
[null,null,null,{"$f":"IF(D115=\"\",\"\",D115)","v":""},"",null,null,null,null,null,null,null,null,null,null,null,null,null,null,"",null,null,"",null,null,"",null,null,null,null,null,"",null,null,null,null,null,null,null,"",null,null,null,null,null,null,null,"",null,null,null,null,null,null,"","","","","","","","",""]
[null,null,null,{"$f":"IF(D116=\"\",\"\",D116)","v":""},"",null,null,null,null,null,null,null,null,null,null,null,null,null,null,"",null,null,"",null,null,"",null,null,null,null,null,"",null,null,null,null,null,null,null,"",null,null,null,null,null,null,null,"",null,null,null,null,null,null,"","","","","","","","",""]
[null,null,null,{"$f":"IF(D117=\"\",\"\",D117)","v":""},"",null,null,null,null,null,null,null,null,null,null,null,null,null,null,"",null,null,"",null,null,"",null,null,null,null,null,"",null,null,null,null,null,null,null,"",null,null,null,null,null,null,null,"",null,null,null,null,null,null,"","","","","","","","",""]
[null,null,null,{"$f":"IF(D118=\"\",\"\",D118)","v":""},"",null,null,null,null,null,null,null,null,null,null,null,null,null,null,"",null,null,"",null,null,"",null,null,null,null,null,"",null,null,null,null,null,null,null,"",null,null,null,null,null,null,null,"",null,null,null,null,null,null,"","","","","","","","",""]
[null,null,null,{"$f":"IF(D119=\"\",\"\",D119)","v":""},"",null,null,null,null,null,null,null,null,null,null,null,null,null,null,"",null,null,"",null,null,"",null,null,null,null,null,"",null,null,null,null,null,null,null,"",null,null,null,null,null,null,null,"",null,null,null,null,null,null,"","","","","","","","",""]
[null,null,null,{"$f":"IF(D120=\"\",\"\",D120)","v":""},"",null,null,null,null,null,null,null,null,null,null,null,null,null,null,"",null,null,"",null,null,"",null,null,null,null,null,"",null,null,null,null,null,null,null,"",null,null,null,null,null,null,null,"",null,null,null,null,null,null,"","","","","","","","",""]
[null,null,null,{"$f":"IF(D121=\"\",\"\",D121)","v":""},"",null,null,null,null,null,null,null,null,null,null,null,null,null,null,"",null,null,"",null,null,"",null,null,null,null,null,"",null,null,null,null,null,null,null,"",null,null,null,null,null,null,null,"",null,null,null,null,null,null,"","","","","","","","",""]
[null,null,null,{"$f":"IF(D122=\"\",\"\",D122)","v":""},"",null,null,null,null,null,null,null,null,null,null,null,null,null,null,"",null,null,"",null,null,"",null,null,null,null,null,"",null,null,null,null,null,null,null,"",null,null,null,null,null,null,null,"",null,null,null,null,null,null,"","","","","","","","",""]
[null,null,null,{"$f":"IF(D123=\"\",\"\",D123)","v":""},"",null,null,null,null,null,null,null,null,null,null,null,null,null,null,"",null,null,"",null,null,"",null,null,null,null,null,"",null,null,null,null,null,null,null,"",null,null,null,null,null,null,null,"",null,null,null,null,null,null,"","","","","","","","",""]
[null,null,null,{"$f":"IF(D124=\"\",\"\",D124)","v":""},"",null,null,null,null,null,null,null,null,null,null,null,null,null,null,"",null,null,"",null,null,"",null,null,null,null,null,"",null,null,null,null,null,null,null,"",null,null,null,null,null,null,null,"",null,null,null,null,null,null,"","","","","","","","",""]
[null,null,null,{"$f":"IF(D125=\"\",\"\",D125)","v":""},"",null,null,null,null,null,null,null,null,null,null,null,null,null,null,"",null,null,"",null,null,"",null,null,null,null,null,"",null,null,null,null,null,null,null,"",null,null,null,null,null,null,null,"",null,null,null,null,null,null,"","","","","","","","",""]
[null,null,null,{"$f":"IF(D126=\"\",\"\",D126)","v":""},"",null,null,null,null,null,null,null,null,null,null,null,null,null,null,"",null,null,"",null,null,"",null,null,null,null,null,"",null,null,null,null,null,null,null,"",null,null,null,null,null,null,null,"",null,null,null,null,null,null,"","","","","","","","",""]
[null,null,null,{"$f":"IF(D127=\"\",\"\",D127)","v":""},"",null,null,null,null,null,null,null,null,null,null,null,null,null,null,"",null,null,"",null,null,"",null,null,null,null,null,"",null,null,null,null,null,null,null,"",null,null,null,null,null,null,null,"",null,null,null,null,null,null,"","","","","","","","",""]
[null,null,null,{"$f":"IF(D128=\"\",\"\",D128)","v":""},"",null,null,null,null,null,null,null,null,null,null,null,null,null,null,"",null,null,"",null,null,"",null,null,null,null,null,"",null,null,null,null,null,null,null,"",null,null,null,null,null,null,null,"",null,null,null,null,null,null,"","","","","","","","",""]
[null,null,null,{"$f":"IF(D129=\"\",\"\",D129)","v":""},{"$f":"IF(E129=\"\",\"\",E129)","v":""},null,null,null,null,null,null,null,null,null,null,null,null,null,null,{"$f":"IF(T129=\"\",\"\",T129)","v":""},null,null,{"$f":"IF(W129=\"\",\"\",W129)","v":""},null,null,{"$f":"IF(Z129=\"\",\"\",Z129)","v":""},null,null,null,null,null,"",null,null,null,null,null,null,null,"",null,null,null,null,null,null,null,"",null,null,null,null,"",null,"","","","","","","","",""]
[null,null,null,"TOPLAM",null,null,null,null,null,null,null,null,null,null,null,null,null,null,null,null,null,null,null,null,null,null,null,{"$f":"SUM(AB137:AB236)","v":12000},null,null,null,{"$f":"SUM(AF137:AF236)","v":24000},null,null,null,{"$f":"SUM(AJ137:AJ236)","v":15000},null,null,null,{"$f":"SUM(AN137:AN236)","v":30000},null,null,null,{"$f":"SUM(AR137:AR236)","v":18000},null,null,null,{"$f":"SUM(AV137:AV236)","v":36000},null,null,null,null,null,null,{"$f":"SUM(BC137:BC236)","v":1200},{"$f":"SUM(BD137:BD236)","v":800},100,1600,1000,120,2000,1200,140]
[]
[null,null,null,"EN UYGUN (DÜŞÜK) TEKLİFİ VEREN KİŞİ/FİRMA"]
[null,null,null,"ADI",null,null,null,null,null,null,null,null,null,null,null,null,null,null,null,"ADRESİ",null,null,null,null,null,null,null,null,null,null,null,"TEKLİFİ",null,null,null,"KDV (%20)",null,null,null,"KDV (%10)",null,null,null,"KDV (%1)",null,null,null,"TOPLAM"]
[null,null,null,{"$f":"IF(AND(AF237<AN237,AF237<AV237),AB135,(IF(AND(AN237<AF237,AN237<AV237),AJ135,(IF(AND(AV237<AF237,AV237<AN237),AR135,\"\")))))","v":"A GERÇEK/TÜZEL KİŞİSİ"},null,null,null,null,null,null,null,null,null,null,null,null,null,null,null,"Bulanık/MUŞ",null,null,null,null,null,null,null,null,null,null,null,{"$f":"IF(D241=AB135,AF237,IF(D241=AJ135,AN237,IF(D241=AR135,AV237,\"\")))","v":24000},null,null,null,{"$f":"IF(D241=AB135,BC237,IF(D241=AJ135,BF237,IF(D241=AR135,BI237,\"\")))","v":1200},null,null,null,{"$f":"IF(D241=AB135,BD237,IF(D241=AJ135,BG237,IF(D241=AR135,BJ237,\"\")))","v":800},null,null,null,{"$f":"IF(D241=AB135,BE237,IF(D241=AJ135,BH237,IF(D241=AR135,BK237,\"\")))","v":100},null,null,null,{"$f":"IF(D241=\"\",\"\",(AF241+AJ241+AN241+AR241))","v":26100}]
[]
[null,null,null,null,null,null,null,null,null,null,null,null,null,null,null,null,null,null,null,null,null,"Birim Fiyat Teklif Mektuplarına Şartlar Eklenecekse Aşağıdaki Alanlara Şartlar Girilecektir.  Aksi durumda silinmelidir."]
[]
[null,null,null,"     İDARİ ŞARTLAR"]
[null,null,null,{"$f":"IF(E246=\"\",\"\",1)","v":1},"Bu bent boş bırakılmıştır."]
[null,null,null,{"$f":"IF(E247=\"\",\"\",2)","v":""}]
[null,null,null,{"$f":"IF(E248=\"\",\"\",3)","v":""}]
[null,null,null,{"$f":"IF(E249=\"\",\"\",4)","v":""}]
[null,null,null,{"$f":"IF(E250=\"\",\"\",5)","v":""}]
[null,null,null,{"$f":"IF(E251=\"\",\"\",6)","v":""}]
[null,null,null,{"$f":"IF(E252=\"\",\"\",7)","v":""}]
[null,null,null,{"$f":"IF(E253=\"\",\"\",8)","v":""}]
[null,null,null,{"$f":"IF(E254=\"\",\"\",9)","v":""}]
[null,null,null,{"$f":"IF(E255=\"\",\"\",10)","v":""}]
[null,null,null,{"$f":"IF(E256=\"\",\"\",11)","v":""}]
[null,null,null,{"$f":"IF(E257=\"\",\"\",12)","v":""}]
[null,null,null,{"$f":"IF(E258=\"\",\"\",13)","v":""}]
[null,null,null,{"$f":"IF(E259=\"\",\"\",14)","v":""}]
[null,null,null,{"$f":"IF(E260=\"\",\"\",15)","v":""}]
[]
[null,null,null,"    TEKNİK ŞARTLAR"]
[null,null,null,{"$f":"IF(E263=\"\",\"\",1)","v":1},"Bu bent boş bırakılmıştır."]
[null,null,null,{"$f":"IF(E264=\"\",\"\",D263+1)","v":""}]
[null,null,null,{"$f":"IF(E265=\"\",\"\",3)","v":""}]
[null,null,null,{"$f":"IF(E266=\"\",\"\",4)","v":""}]
[null,null,null,{"$f":"IF(E267=\"\",\"\",5)","v":""}]
[null,null,null,{"$f":"IF(E268=\"\",\"\",6)","v":""}]
[null,null,null,{"$f":"IF(E269=\"\",\"\",7)","v":""}]
[null,null,null,{"$f":"IF(E270=\"\",\"\",8)","v":""}]
[null,null,null,{"$f":"IF(E271=\"\",\"\",9)","v":""}]
[null,null,null,{"$f":"IF(E272=\"\",\"\",10)","v":""}]
[null,null,null,{"$f":"IF(E273=\"\",\"\",11)","v":""}]
[null,null,null,{"$f":"IF(E274=\"\",\"\",12)","v":""}]
[null,null,null,{"$f":"IF(E275=\"\",\"\",13)","v":""}]
[null,null,null,{"$f":"IF(E276=\"\",\"\",14)","v":""}]
[null,null,null,{"$f":"IF(E277=\"\",\"\",15)","v":""}]
[null,null,null,{"$f":"IF(E278=\"\",\"\",16)","v":""}]
[null,null,null,{"$f":"IF(E279=\"\",\"\",17)","v":""}]
[null,null,null,{"$f":"IF(E280=\"\",\"\",18)","v":""}]
[null,null,null,{"$f":"IF(E281=\"\",\"\",19)","v":""}]
[null,null,null,{"$f":"IF(E282=\"\",\"\",20)","v":""}]

{"sheet":"1","index":2,"n_rows":139,"n_cols":28,"rows_kept":139,"cut":false,"hidden":false,"merged":[[128,1,128,22],[128,23,128,26],[128,27,128,30],[129,1,129,22],[129,23,129,26],[129,27,129,30],[125,1,125,22],[125,23,125,26],[125,27,125,30],[126,1,126,22],[126,23,126,26],[126,27,126,30],[127,1,127,22],[127,23,127,26],[127,27,127,30],[122,1,122,22],[122,23,122,26],[122,27,122,30],[123,1,123,22],[123,23,123,26],[123,27,123,30],[124,1,124,22],[124,23,124,26],[124,27,124,30],[119,1,119,22],[119,23,119,26],[119,27,119,30],[120,1,120,22],[120,23,120,26],[120,27,120,30],[121,1,121,22],[121,23,121,26],[121,27,121,30],[116,1,116,22],[116,23,116,26],[116,27,116,30],[117,1,117,22],[117,23,117,26],[117,27,117,30],[118,1,118,22],[118,23,118,26],[118,27,118,30],[113,1,113,22],[113,23,113,26],[113,27,113,30],[114,1,114,22],[114,23,114,26],[114,27,114,30],[115,1,115,22],[115,23,115,26],[115,27,115,30],[110,1,110,22],[110,23,110,26],[110,27,110,30],[111,1,111,22],[111,23,111,26],[111,27,111,30],[112,1,112,22],[112,23,112,26],[112,27,112,30],[108,1,108,22],[108,23,108,26],[108,27,108,30],[109,1,109,22],[109,23,109,26],[109,27,109,30],[105,1,105,22],[105,23,105,26],[105,27,105,30],[106,1,106,22],[106,23,106,26],[106,27,106,30],[107,1,107,22],[107,23,107,26],[107,27,107,30],[102,1,102,22],[102,23,102,26],[102,27,102,30],[103,1,103,22],[103,23,103,26],[103,27,103,30],[104,1,104,22],[104,23,104,26],[104,27,104,30],[99,1,99,22],[99,23,99,26],[99,27,99,30],[100,1,100,22],[100,23,100,26],[100,27,100,30],[101,1,101,22],[101,23,101,26],[101,27,101,30],[96,1,96,22],[96,23,96,26],[96,27,96,30],[97,1,97,22],[97,23,97,26],[97,27,97,30],[98,1,98,22],[98,23,98,26],[98,27,98,30],[93,1,93,22],[93,23,93,26],[93,27,93,30],[94,1,94,22],[94,23,94,26],[94,27,94,30],[95,1,95,22],[95,23,95,26],[95,27,95,30],[90,1,90,22],[90,23,90,26],[90,27,90,30],[91,1,91,22],[91,23,91,26],[91,27,91,30],[92,1,92,22],[92,23,92,26],[92,27,92,30],[88,1,88,22],[88,23,88,26],[88,27,88,30],[89,1,89,22],[89,23,89,26],[89,27,89,30],[85,1,85,22],[85,23,85,26],[85,27,85,30],[86,1,86,22],[86,23,86,26],[86,27,86,30],[87,1,87,22],[87,23,87,26],[87,27,87,30],[82,1,82,22],[82,23,82,26],[82,27,82,30],[83,1,83,22],[83,23,83,26],[83,27,83,30],[84,1,84,22],[84,23,84,26],[84,27,84,30],[79,1,79,22],[79,23,79,26],[79,27,79,30],[80,1,80,22],[80,23,80,26],[80,27,80,30],[81,1,81,22],[81,23,81,26],[81,27,81,30],[75,27,75,30],[76,1,76,22],[76,23,76,26],[76,27,76,30],[77,1,77,22],[77,23,77,26],[77,27,77,30],[78,1,78,22],[78,23,78,26],[78,27,78,30],[133,21,133,30],[133,10,133,20],[133,0,133,9],[132,0,132,30],[130,27,130,30],[130,23,130,26],[130,1,130,22],[70,1,70,22],[70,23,70,26],[70,27,70,30],[71,1,71,22],[71,23,71,26],[71,27,71,30],[72,1,72,22],[72,23,72,26],[72,27,72,30],[73,1,73,22],[73,23,73,26],[73,27,73,30],[74,1,74,22],[74,23,74,26],[74,27,74,30],[75,1,75,22],[75,23,75,26],[137,21,137,30],[137,10,137,20],[137,0,137,9],[138,21,138,30],[138,10,138,20],[138,0,138,9],[136,0,136,30],[134,21,134,30],[134,10,134,20],[134,0,134,9],[63,1,63,22],[64,1,64,22],[52,23,52,26],[48,1,48,22],[48,23,48,26],[48,27,48,30],[49,1,49,22],[49,23,49,26],[49,27,49,30],[50,1,50,22],[51,1,51,22],[52,1,52,22],[53,1,53,22],[54,1,54,22],[55,1,55,22],[56,1,56,22],[57,1,57,22],[58,1,58,22],[59,1,59,22],[53,23,53,26],[53,27,53,30],[54,23,54,26],[54,27,54,30],[55,23,55,26],[68,1,68,22],[69,1,69,22],[60,1,60,22],[61,1,61,22],[62,1,62,22],[45,1,45,22],[45,23,45,26],[45,27,45,30],[46,1,46,22],[46,23,46,26],[46,27,46,30],[47,1,47,22],[47,23,47,26],[47,27,47,30],[52,27,52,30],[65,1,65,22],[66,1,66,22],[67,1,67,22],[56,23,56,26],[56,27,56,30],[57,23,57,26],[57,27,57,30],[58,23,58,26],[58,27,58,30],[42,1,42,22],[42,23,42,26],[42,27,42,30],[43,1,43,22],[43,23,43,26],[43,27,43,30],[44,1,44,22],[44,23,44,26],[44,27,44,30],[39,1,39,22],[39,23,39,26],[39,27,39,30],[40,1,40,22],[40,23,40,26],[40,27,40,30],[41,1,41,22],[41,23,41,26],[41,27,41,30],[35,23,35,26],[35,27,35,30],[36,1,36,22],[36,23,36,26],[36,27,36,30],[37,1,37,22],[37,23,37,26],[37,27,37,30],[38,1,38,22],[38,23,38,26],[38,27,38,30],[18,19,18,30],[1,0,1,30],[2,0,2,30],[3,0,3,30],[5,0,5,2],[5,4,5,19],[5,24,5,30],[6,0,6,2],[6,4,6,26],[9,0,9,30],[11,0,15,30],[17,19,17,30],[21,9,21,21],[23,9,23,21],[29,0,29,30],[30,1,30,22],[30,23,30,26],[50,23,50,26],[50,27,50,30],[51,23,51,26],[51,27,51,30],[30,27,30,30],[22,9,22,21],[31,1,31,22],[31,27,31,30],[31,23,31,26],[32,1,32,22],[32,27,32,30],[32,23,32,26],[33,1,33,22],[33,27,33,30],[33,23,33,26],[34,1,34,22],[34,23,34,26],[34,27,34,30],[35,1,35,22],[55,27,55,30],[62,23,62,26],[62,27,62,30],[63,23,63,26],[63,27,63,30],[64,23,64,26],[64,27,64,30],[59,23,59,26],[59,27,59,30],[60,23,60,26],[60,27,60,30],[61,23,61,26],[61,27,61,30],[68,23,68,26],[68,27,68,30],[69,23,69,26],[69,27,69,30],[65,23,65,26],[65,27,65,30],[66,23,66,26],[66,27,66,30],[67,23,67,26],[67,27,67,30]]}
[]
["T.C."]
[{"$f":"IF('BİLGİ GİRİŞİ'!O7=\"\",\"\",'BİLGİ GİRİŞİ'!O7)","v":"BULANIK KAYMAKAMLIĞI"}]
[{"$f":"IF('BİLGİ GİRİŞİ'!O8=\"\",\"\",'BİLGİ GİRİŞİ'!O8)","v":"Atatürk İlkokulu Müdürlüğü"}]
[]
["Sayı",null,null,":",{"$f":"IF('BİLGİ GİRİŞİ'!S15=\"\",\"\",'BİLGİ GİRİŞİ'!S15)","v":456789123},null,null,null,null,null,null,null,null,null,null,null,null,null,null,null,null,null,null,null,{"$f":"IF('BİLGİ GİRİŞİ'!O15=\"\",\"…../…../……..\",'BİLGİ GİRİŞİ'!O15)","v":"2023-03-06"}]
["Konu",null,null,":","Mal Alımı/Hizmet Alımı/Yapım İşi"]
[]
[]
[{"$f":"IF('BİLGİ GİRİŞİ'!O8=\"\",\"\",CONCATENATE(UPPER('BİLGİ GİRİŞİ'!O8),\" \nHARCAMA YETKİLİSİ MAKAMINA\",))","v":"ATATÜRK İLKOKULU MÜDÜRLÜĞÜ \nHARCAMA YETKİLİSİ MAKAMINA"}]
[]
[{"$f":"CONCATENATE(\"       \",\"Kurumumuz ihtiyaçlarında kullanılmak üzere aşağıda bilgileri verilen  Mal'ın/Hizmet'in/Yapım İşi'nin Kamu İhale Kanunu'nun \",IF('BİLGİ GİRİŞİ'!O10=\"\",\".............................................................................\",'BİLGİ GİRİŞİ'!O10),\" Maddesine göre Doğrudan Temin yoluyla satın alınması ve aşağıda bilgileri verilen personellerin piyasa araştırma , muayene ve kabul görevlisi olarak görevlendirilmesi hususunu;\n       Olurlarınıza arz ederim/ederiz.\")","v":"       Kurumumuz ihtiyaçlarında kullanılmak üzere aşağıda bilgileri verilen  Mal'ın/Hizmet'in/Yapım İşi'nin Kamu İhale Kanunu'nun 22/d Maddesine göre Doğrudan Temin yoluyla satın alınması ve aşağıda bilgileri verilen personellerin piyasa araştırma , muayene ve kabul görevlisi olarak görevlendirilmesi hususunu;\n       Olurlarınıza arz ederim/ederiz."}]
[]
[]
[]
[]
[]
[null,null,null,null,null,null,null,null,null,null,null,null,null,null,null,null,null,null,null,{"$f":"IF('BİLGİ GİRİŞİ'!AB17=\"\",\"\",'BİLGİ GİRİŞİ'!AB17)","v":"Ahmet DEMİR"}]
[null,null,null,null,null,null,null,null,null,null,null,null,null,null,null,null,null,null,null,{"$f":"IF(T18=\"\",\"\",IF('BİLGİ GİRİŞİ'!AB18=\"\",\"\",'BİLGİ GİRİŞİ'!AB18))","v":"Müdür Yardımcısı 1"}]
[]
[]
[null,null,null,null,null,null,null,null,null,{"$f":"IF(J23=\"\",\"\",IF('BİLGİ GİRİŞİ'!AT16=\"\",\"\",'BİLGİ GİRİŞİ'!AT16))","v":"OLUR/UYGUNDUR"}]
[null,null,null,null,null,null,null,null,null,{"$f":"IF('BİLGİ GİRİŞİ'!AT17=\"\",\"\",'BİLGİ GİRİŞİ'!AT17)","v":"Mustafa AYDIN"}]
[null,null,null,null,null,null,null,null,null,{"$f":"IF(J23=\"\",\"\",IF('BİLGİ GİRİŞİ'!AT18=\"\",\"\",'BİLGİ GİRİŞİ'!AT18))","v":"Okul Müdürü"}]
[]
[]
[]
[]
[]
["MAL'IN/HİZMET'İN/YAPIM İŞİ'NİN"]
["S","Kalem/KısımBilgileri",null,null,null,null,null,null,null,null,null,null,null,null,null,null,null,null,null,null,null,null,null,"Birimi",null,null,null,"Miktarı"]
[{"$f":"IF('BİLGİ GİRİŞİ'!D30=\"\",\"\",'BİLGİ GİRİŞİ'!D30)","v":1},{"$f":"IF('BİLGİ GİRİŞİ'!E30=\"\",\"\",'BİLGİ GİRİŞİ'!E30)","v":"AIO (All In One) Masaüstü Bilgisayar "},null,null,null,null,null,null,null,null,null,null,null,null,null,null,null,null,null,null,null,null,null,{"$f":"IF('BİLGİ GİRİŞİ'!W30=\"\",\"\",'BİLGİ GİRİŞİ'!W30)","v":"Adet"},null,null,null,{"$f":"IF('BİLGİ GİRİŞİ'!T30=\"\",\"\",'BİLGİ GİRİŞİ'!T30)","v":2}]
[{"$f":"IF('BİLGİ GİRİŞİ'!D31=\"\",\"\",'BİLGİ GİRİŞİ'!D31)","v":2},{"$f":"IF('BİLGİ GİRİŞİ'!E31=\"\",\"\",'BİLGİ GİRİŞİ'!E31)","v":"Fotokopi Makinesi"},null,null,null,null,null,null,null,null,null,null,null,null,null,null,null,null,null,null,null,null,null,{"$f":"IF('BİLGİ GİRİŞİ'!W31=\"\",\"\",'BİLGİ GİRİŞİ'!W31)","v":"Adet"},null,null,null,{"$f":"IF('BİLGİ GİRİŞİ'!T31=\"\",\"\",'BİLGİ GİRİŞİ'!T31)","v":2}]
[{"$f":"IF('BİLGİ GİRİŞİ'!D32=\"\",\"\",'BİLGİ GİRİŞİ'!D32)","v":3},{"$f":"IF('BİLGİ GİRİŞİ'!E32=\"\",\"\",'BİLGİ GİRİŞİ'!E32)","v":"Projektör"},null,null,null,null,null,null,null,null,null,null,null,null,null,null,null,null,null,null,null,null,null,{"$f":"IF('BİLGİ GİRİŞİ'!W32=\"\",\"\",'BİLGİ GİRİŞİ'!W32)","v":"Adet"},null,null,null,{"$f":"IF('BİLGİ GİRİŞİ'!T32=\"\",\"\",'BİLGİ GİRİŞİ'!T32)","v":2}]
[{"$f":"IF('BİLGİ GİRİŞİ'!D33=\"\",\"\",'BİLGİ GİRİŞİ'!D33)","v":""},{"$f":"IF('BİLGİ GİRİŞİ'!E33=\"\",\"\",'BİLGİ GİRİŞİ'!E33)","v":""},null,null,null,null,null,null,null,null,null,null,null,null,null,null,null,null,null,null,null,null,null,{"$f":"IF('BİLGİ GİRİŞİ'!W33=\"\",\"\",'BİLGİ GİRİŞİ'!W33)","v":""},null,null,null,{"$f":"IF('BİLGİ GİRİŞİ'!T33=\"\",\"\",'BİLGİ GİRİŞİ'!T33)","v":""}]
[{"$f":"IF('BİLGİ GİRİŞİ'!D34=\"\",\"\",'BİLGİ GİRİŞİ'!D34)","v":""},{"$f":"IF('BİLGİ GİRİŞİ'!E34=\"\",\"\",'BİLGİ GİRİŞİ'!E34)","v":""},null,null,null,null,null,null,null,null,null,null,null,null,null,null,null,null,null,null,null,null,null,{"$f":"IF('BİLGİ GİRİŞİ'!W34=\"\",\"\",'BİLGİ GİRİŞİ'!W34)","v":""},null,null,null,{"$f":"IF('BİLGİ GİRİŞİ'!T34=\"\",\"\",'BİLGİ GİRİŞİ'!T34)","v":""}]
[{"$f":"IF('BİLGİ GİRİŞİ'!D35=\"\",\"\",'BİLGİ GİRİŞİ'!D35)","v":""},{"$f":"IF('BİLGİ GİRİŞİ'!E35=\"\",\"\",'BİLGİ GİRİŞİ'!E35)","v":""},null,null,null,null,null,null,null,null,null,null,null,null,null,null,null,null,null,null,null,null,null,{"$f":"IF('BİLGİ GİRİŞİ'!W35=\"\",\"\",'BİLGİ GİRİŞİ'!W35)","v":""},null,null,null,{"$f":"IF('BİLGİ GİRİŞİ'!T35=\"\",\"\",'BİLGİ GİRİŞİ'!T35)","v":""}]
[{"$f":"IF('BİLGİ GİRİŞİ'!D36=\"\",\"\",'BİLGİ GİRİŞİ'!D36)","v":""},{"$f":"IF('BİLGİ GİRİŞİ'!E36=\"\",\"\",'BİLGİ GİRİŞİ'!E36)","v":""},null,null,null,null,null,null,null,null,null,null,null,null,null,null,null,null,null,null,null,null,null,{"$f":"IF('BİLGİ GİRİŞİ'!W36=\"\",\"\",'BİLGİ GİRİŞİ'!W36)","v":""},null,null,null,{"$f":"IF('BİLGİ GİRİŞİ'!T36=\"\",\"\",'BİLGİ GİRİŞİ'!T36)","v":""}]
[{"$f":"IF('BİLGİ GİRİŞİ'!D37=\"\",\"\",'BİLGİ GİRİŞİ'!D37)","v":""},{"$f":"IF('BİLGİ GİRİŞİ'!E37=\"\",\"\",'BİLGİ GİRİŞİ'!E37)","v":""},null,null,null,null,null,null,null,null,null,null,null,null,null,null,null,null,null,null,null,null,null,{"$f":"IF('BİLGİ GİRİŞİ'!W37=\"\",\"\",'BİLGİ GİRİŞİ'!W37)","v":""},null,null,null,{"$f":"IF('BİLGİ GİRİŞİ'!T37=\"\",\"\",'BİLGİ GİRİŞİ'!T37)","v":""}]
[{"$f":"IF('BİLGİ GİRİŞİ'!D38=\"\",\"\",'BİLGİ GİRİŞİ'!D38)","v":""},{"$f":"IF('BİLGİ GİRİŞİ'!E38=\"\",\"\",'BİLGİ GİRİŞİ'!E38)","v":""},null,null,null,null,null,null,null,null,null,null,null,null,null,null,null,null,null,null,null,null,null,{"$f":"IF('BİLGİ GİRİŞİ'!W38=\"\",\"\",'BİLGİ GİRİŞİ'!W38)","v":""},null,null,null,{"$f":"IF('BİLGİ GİRİŞİ'!T38=\"\",\"\",'BİLGİ GİRİŞİ'!T38)","v":""}]
[{"$f":"IF('BİLGİ GİRİŞİ'!D39=\"\",\"\",'BİLGİ GİRİŞİ'!D39)","v":""},{"$f":"IF('BİLGİ GİRİŞİ'!E39=\"\",\"\",'BİLGİ GİRİŞİ'!E39)","v":""},null,null,null,null,null,null,null,null,null,null,null,null,null,null,null,null,null,null,null,null,null,{"$f":"IF('BİLGİ GİRİŞİ'!W39=\"\",\"\",'BİLGİ GİRİŞİ'!W39)","v":""},null,null,null,{"$f":"IF('BİLGİ GİRİŞİ'!T39=\"\",\"\",'BİLGİ GİRİŞİ'!T39)","v":""}]
[{"$f":"IF('BİLGİ GİRİŞİ'!D40=\"\",\"\",'BİLGİ GİRİŞİ'!D40)","v":""},{"$f":"IF('BİLGİ GİRİŞİ'!E40=\"\",\"\",'BİLGİ GİRİŞİ'!E40)","v":""},null,null,null,null,null,null,null,null,null,null,null,null,null,null,null,null,null,null,null,null,null,{"$f":"IF('BİLGİ GİRİŞİ'!W40=\"\",\"\",'BİLGİ GİRİŞİ'!W40)","v":""},null,null,null,{"$f":"IF('BİLGİ GİRİŞİ'!T40=\"\",\"\",'BİLGİ GİRİŞİ'!T40)","v":""}]
[{"$f":"IF('BİLGİ GİRİŞİ'!D41=\"\",\"\",'BİLGİ GİRİŞİ'!D41)","v":""},{"$f":"IF('BİLGİ GİRİŞİ'!E41=\"\",\"\",'BİLGİ GİRİŞİ'!E41)","v":""},null,null,null,null,null,null,null,null,null,null,null,null,null,null,null,null,null,null,null,null,null,{"$f":"IF('BİLGİ GİRİŞİ'!W41=\"\",\"\",'BİLGİ GİRİŞİ'!W41)","v":""},null,null,null,{"$f":"IF('BİLGİ GİRİŞİ'!T41=\"\",\"\",'BİLGİ GİRİŞİ'!T41)","v":""}]
[{"$f":"IF('BİLGİ GİRİŞİ'!D42=\"\",\"\",'BİLGİ GİRİŞİ'!D42)","v":""},{"$f":"IF('BİLGİ GİRİŞİ'!E42=\"\",\"\",'BİLGİ GİRİŞİ'!E42)","v":""},null,null,null,null,null,null,null,null,null,null,null,null,null,null,null,null,null,null,null,null,null,{"$f":"IF('BİLGİ GİRİŞİ'!W42=\"\",\"\",'BİLGİ GİRİŞİ'!W42)","v":""},null,null,null,{"$f":"IF('BİLGİ GİRİŞİ'!T42=\"\",\"\",'BİLGİ GİRİŞİ'!T42)","v":""}]
[{"$f":"IF('BİLGİ GİRİŞİ'!D43=\"\",\"\",'BİLGİ GİRİŞİ'!D43)","v":""},{"$f":"IF('BİLGİ GİRİŞİ'!E43=\"\",\"\",'BİLGİ GİRİŞİ'!E43)","v":""},null,null,null,null,null,null,null,null,null,null,null,null,null,null,null,null,null,null,null,null,null,{"$f":"IF('BİLGİ GİRİŞİ'!W43=\"\",\"\",'BİLGİ GİRİŞİ'!W43)","v":""},null,null,null,{"$f":"IF('BİLGİ GİRİŞİ'!T43=\"\",\"\",'BİLGİ GİRİŞİ'!T43)","v":""}]
[{"$f":"IF('BİLGİ GİRİŞİ'!D44=\"\",\"\",'BİLGİ GİRİŞİ'!D44)","v":""},{"$f":"IF('BİLGİ GİRİŞİ'!E44=\"\",\"\",'BİLGİ GİRİŞİ'!E44)","v":""},null,null,null,null,null,null,null,null,null,null,null,null,null,null,null,null,null,null,null,null,null,{"$f":"IF('BİLGİ GİRİŞİ'!W44=\"\",\"\",'BİLGİ GİRİŞİ'!W44)","v":""},null,null,null,{"$f":"IF('BİLGİ GİRİŞİ'!T44=\"\",\"\",'BİLGİ GİRİŞİ'!T44)","v":""}]
[{"$f":"IF('BİLGİ GİRİŞİ'!D45=\"\",\"\",'BİLGİ GİRİŞİ'!D45)","v":""},{"$f":"IF('BİLGİ GİRİŞİ'!E45=\"\",\"\",'BİLGİ GİRİŞİ'!E45)","v":""},null,null,null,null,null,null,null,null,null,null,null,null,null,null,null,null,null,null,null,null,null,{"$f":"IF('BİLGİ GİRİŞİ'!W45=\"\",\"\",'BİLGİ GİRİŞİ'!W45)","v":""},null,null,null,{"$f":"IF('BİLGİ GİRİŞİ'!T45=\"\",\"\",'BİLGİ GİRİŞİ'!T45)","v":""}]
[{"$f":"IF('BİLGİ GİRİŞİ'!D46=\"\",\"\",'BİLGİ GİRİŞİ'!D46)","v":""},{"$f":"IF('BİLGİ GİRİŞİ'!E46=\"\",\"\",'BİLGİ GİRİŞİ'!E46)","v":""},null,null,null,null,null,null,null,null,null,null,null,null,null,null,null,null,null,null,null,null,null,{"$f":"IF('BİLGİ GİRİŞİ'!W46=\"\",\"\",'BİLGİ GİRİŞİ'!W46)","v":""},null,null,null,{"$f":"IF('BİLGİ GİRİŞİ'!T46=\"\",\"\",'BİLGİ GİRİŞİ'!T46)","v":""}]
[{"$f":"IF('BİLGİ GİRİŞİ'!D47=\"\",\"\",'BİLGİ GİRİŞİ'!D47)","v":""},{"$f":"IF('BİLGİ GİRİŞİ'!E47=\"\",\"\",'BİLGİ GİRİŞİ'!E47)","v":""},null,null,null,null,null,null,null,null,null,null,null,null,null,null,null,null,null,null,null,null,null,{"$f":"IF('BİLGİ GİRİŞİ'!W47=\"\",\"\",'BİLGİ GİRİŞİ'!W47)","v":""},null,null,null,{"$f":"IF('BİLGİ GİRİŞİ'!T47=\"\",\"\",'BİLGİ GİRİŞİ'!T47)","v":""}]
[{"$f":"IF('BİLGİ GİRİŞİ'!D48=\"\",\"\",'BİLGİ GİRİŞİ'!D48)","v":""},{"$f":"IF('BİLGİ GİRİŞİ'!E48=\"\",\"\",'BİLGİ GİRİŞİ'!E48)","v":""},null,null,null,null,null,null,null,null,null,null,null,null,null,null,null,null,null,null,null,null,null,{"$f":"IF('BİLGİ GİRİŞİ'!W48=\"\",\"\",'BİLGİ GİRİŞİ'!W48)","v":""},null,null,null,{"$f":"IF('BİLGİ GİRİŞİ'!T48=\"\",\"\",'BİLGİ GİRİŞİ'!T48)","v":""}]
[{"$f":"IF('BİLGİ GİRİŞİ'!D49=\"\",\"\",'BİLGİ GİRİŞİ'!D49)","v":""},{"$f":"IF('BİLGİ GİRİŞİ'!E49=\"\",\"\",'BİLGİ GİRİŞİ'!E49)","v":""},null,null,null,null,null,null,null,null,null,null,null,null,null,null,null,null,null,null,null,null,null,{"$f":"IF('BİLGİ GİRİŞİ'!W49=\"\",\"\",'BİLGİ GİRİŞİ'!W49)","v":""},null,null,null,{"$f":"IF('BİLGİ GİRİŞİ'!T49=\"\",\"\",'BİLGİ GİRİŞİ'!T49)","v":""}]
[{"$f":"IF('BİLGİ GİRİŞİ'!D50=\"\",\"\",'BİLGİ GİRİŞİ'!D50)","v":""},{"$f":"IF('BİLGİ GİRİŞİ'!E50=\"\",\"\",'BİLGİ GİRİŞİ'!E50)","v":""},null,null,null,null,null,null,null,null,null,null,null,null,null,null,null,null,null,null,null,null,null,{"$f":"IF('BİLGİ GİRİŞİ'!W50=\"\",\"\",'BİLGİ GİRİŞİ'!W50)","v":""},null,null,null,{"$f":"IF('BİLGİ GİRİŞİ'!T50=\"\",\"\",'BİLGİ GİRİŞİ'!T50)","v":""}]
[{"$f":"IF('BİLGİ GİRİŞİ'!D51=\"\",\"\",'BİLGİ GİRİŞİ'!D51)","v":""},{"$f":"IF('BİLGİ GİRİŞİ'!E51=\"\",\"\",'BİLGİ GİRİŞİ'!E51)","v":""},null,null,null,null,null,null,null,null,null,null,null,null,null,null,null,null,null,null,null,null,null,{"$f":"IF('BİLGİ GİRİŞİ'!W51=\"\",\"\",'BİLGİ GİRİŞİ'!W51)","v":""},null,null,null,{"$f":"IF('BİLGİ GİRİŞİ'!T51=\"\",\"\",'BİLGİ GİRİŞİ'!T51)","v":""}]
[{"$f":"IF('BİLGİ GİRİŞİ'!D52=\"\",\"\",'BİLGİ GİRİŞİ'!D52)","v":""},{"$f":"IF('BİLGİ GİRİŞİ'!E52=\"\",\"\",'BİLGİ GİRİŞİ'!E52)","v":""},null,null,null,null,null,null,null,null,null,null,null,null,null,null,null,null,null,null,null,null,null,{"$f":"IF('BİLGİ GİRİŞİ'!W52=\"\",\"\",'BİLGİ GİRİŞİ'!W52)","v":""},null,null,null,{"$f":"IF('BİLGİ GİRİŞİ'!T52=\"\",\"\",'BİLGİ GİRİŞİ'!T52)","v":""}]
[{"$f":"IF('BİLGİ GİRİŞİ'!D53=\"\",\"\",'BİLGİ GİRİŞİ'!D53)","v":""},{"$f":"IF('BİLGİ GİRİŞİ'!E53=\"\",\"\",'BİLGİ GİRİŞİ'!E53)","v":""},null,null,null,null,null,null,null,null,null,null,null,null,null,null,null,null,null,null,null,null,null,{"$f":"IF('BİLGİ GİRİŞİ'!W53=\"\",\"\",'BİLGİ GİRİŞİ'!W53)","v":""},null,null,null,{"$f":"IF('BİLGİ GİRİŞİ'!T53=\"\",\"\",'BİLGİ GİRİŞİ'!T53)","v":""}]
[{"$f":"IF('BİLGİ GİRİŞİ'!D54=\"\",\"\",'BİLGİ GİRİŞİ'!D54)","v":""},{"$f":"IF('BİLGİ GİRİŞİ'!E54=\"\",\"\",'BİLGİ GİRİŞİ'!E54)","v":""},null,null,null,null,null,null,null,null,null,null,null,null,null,null,null,null,null,null,null,null,null,{"$f":"IF('BİLGİ GİRİŞİ'!W54=\"\",\"\",'BİLGİ GİRİŞİ'!W54)","v":""},null,null,null,{"$f":"IF('BİLGİ GİRİŞİ'!T54=\"\",\"\",'BİLGİ GİRİŞİ'!T54)","v":""}]
[{"$f":"IF('BİLGİ GİRİŞİ'!D55=\"\",\"\",'BİLGİ GİRİŞİ'!D55)","v":""},{"$f":"IF('BİLGİ GİRİŞİ'!E55=\"\",\"\",'BİLGİ GİRİŞİ'!E55)","v":""},null,null,null,null,null,null,null,null,null,null,null,null,null,null,null,null,null,null,null,null,null,{"$f":"IF('BİLGİ GİRİŞİ'!W55=\"\",\"\",'BİLGİ GİRİŞİ'!W55)","v":""},null,null,null,{"$f":"IF('BİLGİ GİRİŞİ'!T55=\"\",\"\",'BİLGİ GİRİŞİ'!T55)","v":""}]
[{"$f":"IF('BİLGİ GİRİŞİ'!D56=\"\",\"\",'BİLGİ GİRİŞİ'!D56)","v":""},{"$f":"IF('BİLGİ GİRİŞİ'!E56=\"\",\"\",'BİLGİ GİRİŞİ'!E56)","v":""},null,null,null,null,null,null,null,null,null,null,null,null,null,null,null,null,null,null,null,null,null,{"$f":"IF('BİLGİ GİRİŞİ'!W56=\"\",\"\",'BİLGİ GİRİŞİ'!W56)","v":""},null,null,null,{"$f":"IF('BİLGİ GİRİŞİ'!T56=\"\",\"\",'BİLGİ GİRİŞİ'!T56)","v":""}]
[{"$f":"IF('BİLGİ GİRİŞİ'!D57=\"\",\"\",'BİLGİ GİRİŞİ'!D57)","v":""},{"$f":"IF('BİLGİ GİRİŞİ'!E57=\"\",\"\",'BİLGİ GİRİŞİ'!E57)","v":""},null,null,null,null,null,null,null,null,null,null,null,null,null,null,null,null,null,null,null,null,null,{"$f":"IF('BİLGİ GİRİŞİ'!W57=\"\",\"\",'BİLGİ GİRİŞİ'!W57)","v":""},null,null,null,{"$f":"IF('BİLGİ GİRİŞİ'!T57=\"\",\"\",'BİLGİ GİRİŞİ'!T57)","v":""}]
[{"$f":"IF('BİLGİ GİRİŞİ'!D58=\"\",\"\",'BİLGİ GİRİŞİ'!D58)","v":""},{"$f":"IF('BİLGİ GİRİŞİ'!E58=\"\",\"\",'BİLGİ GİRİŞİ'!E58)","v":""},null,null,null,null,null,null,null,null,null,null,null,null,null,null,null,null,null,null,null,null,null,{"$f":"IF('BİLGİ GİRİŞİ'!W58=\"\",\"\",'BİLGİ GİRİŞİ'!W58)","v":""},null,null,null,{"$f":"IF('BİLGİ GİRİŞİ'!T58=\"\",\"\",'BİLGİ GİRİŞİ'!T58)","v":""}]
[{"$f":"IF('BİLGİ GİRİŞİ'!D59=\"\",\"\",'BİLGİ GİRİŞİ'!D59)","v":""},{"$f":"IF('BİLGİ GİRİŞİ'!E59=\"\",\"\",'BİLGİ GİRİŞİ'!E59)","v":""},null,null,null,null,null,null,null,null,null,null,null,null,null,null,null,null,null,null,null,null,null,{"$f":"IF('BİLGİ GİRİŞİ'!W59=\"\",\"\",'BİLGİ GİRİŞİ'!W59)","v":""},null,null,null,{"$f":"IF('BİLGİ GİRİŞİ'!T59=\"\",\"\",'BİLGİ GİRİŞİ'!T59)","v":""}]
[{"$f":"IF('BİLGİ GİRİŞİ'!D60=\"\",\"\",'BİLGİ GİRİŞİ'!D60)","v":""},{"$f":"IF('BİLGİ GİRİŞİ'!E60=\"\",\"\",'BİLGİ GİRİŞİ'!E60)","v":""},null,null,null,null,null,null,null,null,null,null,null,null,null,null,null,null,null,null,null,null,null,{"$f":"IF('BİLGİ GİRİŞİ'!W60=\"\",\"\",'BİLGİ GİRİŞİ'!W60)","v":""},null,null,null,{"$f":"IF('BİLGİ GİRİŞİ'!T60=\"\",\"\",'BİLGİ GİRİŞİ'!T60)","v":""}]
[{"$f":"IF('BİLGİ GİRİŞİ'!D61=\"\",\"\",'BİLGİ GİRİŞİ'!D61)","v":""},{"$f":"IF('BİLGİ GİRİŞİ'!E61=\"\",\"\",'BİLGİ GİRİŞİ'!E61)","v":""},null,null,null,null,null,null,null,null,null,null,null,null,null,null,null,null,null,null,null,null,null,{"$f":"IF('BİLGİ GİRİŞİ'!W61=\"\",\"\",'BİLGİ GİRİŞİ'!W61)","v":""},null,null,null,{"$f":"IF('BİLGİ GİRİŞİ'!T61=\"\",\"\",'BİLGİ GİRİŞİ'!T61)","v":""}]
[{"$f":"IF('BİLGİ GİRİŞİ'!D62=\"\",\"\",'BİLGİ GİRİŞİ'!D62)","v":""},{"$f":"IF('BİLGİ GİRİŞİ'!E62=\"\",\"\",'BİLGİ GİRİŞİ'!E62)","v":""},null,null,null,null,null,null,null,null,null,null,null,null,null,null,null,null,null,null,null,null,null,{"$f":"IF('BİLGİ GİRİŞİ'!W62=\"\",\"\",'BİLGİ GİRİŞİ'!W62)","v":""},null,null,null,{"$f":"IF('BİLGİ GİRİŞİ'!T62=\"\",\"\",'BİLGİ GİRİŞİ'!T62)","v":""}]
[{"$f":"IF('BİLGİ GİRİŞİ'!D63=\"\",\"\",'BİLGİ GİRİŞİ'!D63)","v":""},{"$f":"IF('BİLGİ GİRİŞİ'!E63=\"\",\"\",'BİLGİ GİRİŞİ'!E63)","v":""},null,null,null,null,null,null,null,null,null,null,null,null,null,null,null,null,null,null,null,null,null,{"$f":"IF('BİLGİ GİRİŞİ'!W63=\"\",\"\",'BİLGİ GİRİŞİ'!W63)","v":""},null,null,null,{"$f":"IF('BİLGİ GİRİŞİ'!T63=\"\",\"\",'BİLGİ GİRİŞİ'!T63)","v":""}]
[{"$f":"IF('BİLGİ GİRİŞİ'!D64=\"\",\"\",'BİLGİ GİRİŞİ'!D64)","v":""},{"$f":"IF('BİLGİ GİRİŞİ'!E64=\"\",\"\",'BİLGİ GİRİŞİ'!E64)","v":""},null,null,null,null,null,null,null,null,null,null,null,null,null,null,null,null,null,null,null,null,null,{"$f":"IF('BİLGİ GİRİŞİ'!W64=\"\",\"\",'BİLGİ GİRİŞİ'!W64)","v":""},null,null,null,{"$f":"IF('BİLGİ GİRİŞİ'!T64=\"\",\"\",'BİLGİ GİRİŞİ'!T64)","v":""}]
[{"$f":"IF('BİLGİ GİRİŞİ'!D65=\"\",\"\",'BİLGİ GİRİŞİ'!D65)","v":""},{"$f":"IF('BİLGİ GİRİŞİ'!E65=\"\",\"\",'BİLGİ GİRİŞİ'!E65)","v":""},null,null,null,null,null,null,null,null,null,null,null,null,null,null,null,null,null,null,null,null,null,{"$f":"IF('BİLGİ GİRİŞİ'!W65=\"\",\"\",'BİLGİ GİRİŞİ'!W65)","v":""},null,null,null,{"$f":"IF('BİLGİ GİRİŞİ'!T65=\"\",\"\",'BİLGİ GİRİŞİ'!T65)","v":""}]
[{"$f":"IF('BİLGİ GİRİŞİ'!D66=\"\",\"\",'BİLGİ GİRİŞİ'!D66)","v":""},{"$f":"IF('BİLGİ GİRİŞİ'!E66=\"\",\"\",'BİLGİ GİRİŞİ'!E66)","v":""},null,null,null,null,null,null,null,null,null,null,null,null,null,null,null,null,null,null,null,null,null,{"$f":"IF('BİLGİ GİRİŞİ'!W66=\"\",\"\",'BİLGİ GİRİŞİ'!W66)","v":""},null,null,null,{"$f":"IF('BİLGİ GİRİŞİ'!T66=\"\",\"\",'BİLGİ GİRİŞİ'!T66)","v":""}]
[{"$f":"IF('BİLGİ GİRİŞİ'!D67=\"\",\"\",'BİLGİ GİRİŞİ'!D67)","v":""},{"$f":"IF('BİLGİ GİRİŞİ'!E67=\"\",\"\",'BİLGİ GİRİŞİ'!E67)","v":""},null,null,null,null,null,null,null,null,null,null,null,null,null,null,null,null,null,null,null,null,null,{"$f":"IF('BİLGİ GİRİŞİ'!W67=\"\",\"\",'BİLGİ GİRİŞİ'!W67)","v":""},null,null,null,{"$f":"IF('BİLGİ GİRİŞİ'!T67=\"\",\"\",'BİLGİ GİRİŞİ'!T67)","v":""}]
[{"$f":"IF('BİLGİ GİRİŞİ'!D68=\"\",\"\",'BİLGİ GİRİŞİ'!D68)","v":""},{"$f":"IF('BİLGİ GİRİŞİ'!E68=\"\",\"\",'BİLGİ GİRİŞİ'!E68)","v":""},null,null,null,null,null,null,null,null,null,null,null,null,null,null,null,null,null,null,null,null,null,{"$f":"IF('BİLGİ GİRİŞİ'!W68=\"\",\"\",'BİLGİ GİRİŞİ'!W68)","v":""},null,null,null,{"$f":"IF('BİLGİ GİRİŞİ'!T68=\"\",\"\",'BİLGİ GİRİŞİ'!T68)","v":""}]
[{"$f":"IF('BİLGİ GİRİŞİ'!D69=\"\",\"\",'BİLGİ GİRİŞİ'!D69)","v":""},{"$f":"IF('BİLGİ GİRİŞİ'!E69=\"\",\"\",'BİLGİ GİRİŞİ'!E69)","v":""},null,null,null,null,null,null,null,null,null,null,null,null,null,null,null,null,null,null,null,null,null,{"$f":"IF('BİLGİ GİRİŞİ'!W69=\"\",\"\",'BİLGİ GİRİŞİ'!W69)","v":""},null,null,null,{"$f":"IF('BİLGİ GİRİŞİ'!T69=\"\",\"\",'BİLGİ GİRİŞİ'!T69)","v":""}]
[{"$f":"IF('BİLGİ GİRİŞİ'!D70=\"\",\"\",'BİLGİ GİRİŞİ'!D70)","v":""},{"$f":"IF('BİLGİ GİRİŞİ'!E70=\"\",\"\",'BİLGİ GİRİŞİ'!E70)","v":""},null,null,null,null,null,null,null,null,null,null,null,null,null,null,null,null,null,null,null,null,null,{"$f":"IF('BİLGİ GİRİŞİ'!W70=\"\",\"\",'BİLGİ GİRİŞİ'!W70)","v":""},null,null,null,{"$f":"IF('BİLGİ GİRİŞİ'!T70=\"\",\"\",'BİLGİ GİRİŞİ'!T70)","v":""}]
[{"$f":"IF('BİLGİ GİRİŞİ'!D71=\"\",\"\",'BİLGİ GİRİŞİ'!D71)","v":""},{"$f":"IF('BİLGİ GİRİŞİ'!E71=\"\",\"\",'BİLGİ GİRİŞİ'!E71)","v":""},null,null,null,null,null,null,null,null,null,null,null,null,null,null,null,null,null,null,null,null,null,{"$f":"IF('BİLGİ GİRİŞİ'!W71=\"\",\"\",'BİLGİ GİRİŞİ'!W71)","v":""},null,null,null,{"$f":"IF('BİLGİ GİRİŞİ'!T71=\"\",\"\",'BİLGİ GİRİŞİ'!T71)","v":""}]
[{"$f":"IF('BİLGİ GİRİŞİ'!D72=\"\",\"\",'BİLGİ GİRİŞİ'!D72)","v":""},{"$f":"IF('BİLGİ GİRİŞİ'!E72=\"\",\"\",'BİLGİ GİRİŞİ'!E72)","v":""},null,null,null,null,null,null,null,null,null,null,null,null,null,null,null,null,null,null,null,null,null,{"$f":"IF('BİLGİ GİRİŞİ'!W72=\"\",\"\",'BİLGİ GİRİŞİ'!W72)","v":""},null,null,null,{"$f":"IF('BİLGİ GİRİŞİ'!T72=\"\",\"\",'BİLGİ GİRİŞİ'!T72)","v":""}]
[{"$f":"IF('BİLGİ GİRİŞİ'!D73=\"\",\"\",'BİLGİ GİRİŞİ'!D73)","v":""},{"$f":"IF('BİLGİ GİRİŞİ'!E73=\"\",\"\",'BİLGİ GİRİŞİ'!E73)","v":""},null,null,null,null,null,null,null,null,null,null,null,null,null,null,null,null,null,null,null,null,null,{"$f":"IF('BİLGİ GİRİŞİ'!W73=\"\",\"\",'BİLGİ GİRİŞİ'!W73)","v":""},null,null,null,{"$f":"IF('BİLGİ GİRİŞİ'!T73=\"\",\"\",'BİLGİ GİRİŞİ'!T73)","v":""}]
[{"$f":"IF('BİLGİ GİRİŞİ'!D74=\"\",\"\",'BİLGİ GİRİŞİ'!D74)","v":""},{"$f":"IF('BİLGİ GİRİŞİ'!E74=\"\",\"\",'BİLGİ GİRİŞİ'!E74)","v":""},null,null,null,null,null,null,null,null,null,null,null,null,null,null,null,null,null,null,null,null,null,{"$f":"IF('BİLGİ GİRİŞİ'!W74=\"\",\"\",'BİLGİ GİRİŞİ'!W74)","v":""},null,null,null,{"$f":"IF('BİLGİ GİRİŞİ'!T74=\"\",\"\",'BİLGİ GİRİŞİ'!T74)","v":""}]
[{"$f":"IF('BİLGİ GİRİŞİ'!D75=\"\",\"\",'BİLGİ GİRİŞİ'!D75)","v":""},{"$f":"IF('BİLGİ GİRİŞİ'!E75=\"\",\"\",'BİLGİ GİRİŞİ'!E75)","v":""},null,null,null,null,null,null,null,null,null,null,null,null,null,null,null,null,null,null,null,null,null,{"$f":"IF('BİLGİ GİRİŞİ'!W75=\"\",\"\",'BİLGİ GİRİŞİ'!W75)","v":""},null,null,null,{"$f":"IF('BİLGİ GİRİŞİ'!T75=\"\",\"\",'BİLGİ GİRİŞİ'!T75)","v":""}]
[{"$f":"IF('BİLGİ GİRİŞİ'!D76=\"\",\"\",'BİLGİ GİRİŞİ'!D76)","v":""},{"$f":"IF('BİLGİ GİRİŞİ'!E76=\"\",\"\",'BİLGİ GİRİŞİ'!E76)","v":""},null,null,null,null,null,null,null,null,null,null,null,null,null,null,null,null,null,null,null,null,null,{"$f":"IF('BİLGİ GİRİŞİ'!W76=\"\",\"\",'BİLGİ GİRİŞİ'!W76)","v":""},null,null,null,{"$f":"IF('BİLGİ GİRİŞİ'!T76=\"\",\"\",'BİLGİ GİRİŞİ'!T76)","v":""}]
[{"$f":"IF('BİLGİ GİRİŞİ'!D77=\"\",\"\",'BİLGİ GİRİŞİ'!D77)","v":""},{"$f":"IF('BİLGİ GİRİŞİ'!E77=\"\",\"\",'BİLGİ GİRİŞİ'!E77)","v":""},null,null,null,null,null,null,null,null,null,null,null,null,null,null,null,null,null,null,null,null,null,{"$f":"IF('BİLGİ GİRİŞİ'!W77=\"\",\"\",'BİLGİ GİRİŞİ'!W77)","v":""},null,null,null,{"$f":"IF('BİLGİ GİRİŞİ'!T77=\"\",\"\",'BİLGİ GİRİŞİ'!T77)","v":""}]
[{"$f":"IF('BİLGİ GİRİŞİ'!D78=\"\",\"\",'BİLGİ GİRİŞİ'!D78)","v":""},{"$f":"IF('BİLGİ GİRİŞİ'!E78=\"\",\"\",'BİLGİ GİRİŞİ'!E78)","v":""},null,null,null,null,null,null,null,null,null,null,null,null,null,null,null,null,null,null,null,null,null,{"$f":"IF('BİLGİ GİRİŞİ'!W78=\"\",\"\",'BİLGİ GİRİŞİ'!W78)","v":""},null,null,null,{"$f":"IF('BİLGİ GİRİŞİ'!T78=\"\",\"\",'BİLGİ GİRİŞİ'!T78)","v":""}]
[{"$f":"IF('BİLGİ GİRİŞİ'!D79=\"\",\"\",'BİLGİ GİRİŞİ'!D79)","v":""},{"$f":"IF('BİLGİ GİRİŞİ'!E79=\"\",\"\",'BİLGİ GİRİŞİ'!E79)","v":""},null,null,null,null,null,null,null,null,null,null,null,null,null,null,null,null,null,null,null,null,null,{"$f":"IF('BİLGİ GİRİŞİ'!W79=\"\",\"\",'BİLGİ GİRİŞİ'!W79)","v":""},null,null,null,{"$f":"IF('BİLGİ GİRİŞİ'!T79=\"\",\"\",'BİLGİ GİRİŞİ'!T79)","v":""}]
[{"$f":"IF('BİLGİ GİRİŞİ'!D80=\"\",\"\",'BİLGİ GİRİŞİ'!D80)","v":""},{"$f":"IF('BİLGİ GİRİŞİ'!E80=\"\",\"\",'BİLGİ GİRİŞİ'!E80)","v":""},null,null,null,null,null,null,null,null,null,null,null,null,null,null,null,null,null,null,null,null,null,{"$f":"IF('BİLGİ GİRİŞİ'!W80=\"\",\"\",'BİLGİ GİRİŞİ'!W80)","v":""},null,null,null,{"$f":"IF('BİLGİ GİRİŞİ'!T80=\"\",\"\",'BİLGİ GİRİŞİ'!T80)","v":""}]
[{"$f":"IF('BİLGİ GİRİŞİ'!D81=\"\",\"\",'BİLGİ GİRİŞİ'!D81)","v":""},{"$f":"IF('BİLGİ GİRİŞİ'!E81=\"\",\"\",'BİLGİ GİRİŞİ'!E81)","v":""},null,null,null,null,null,null,null,null,null,null,null,null,null,null,null,null,null,null,null,null,null,{"$f":"IF('BİLGİ GİRİŞİ'!W81=\"\",\"\",'BİLGİ GİRİŞİ'!W81)","v":""},null,null,null,{"$f":"IF('BİLGİ GİRİŞİ'!T81=\"\",\"\",'BİLGİ GİRİŞİ'!T81)","v":""}]
[{"$f":"IF('BİLGİ GİRİŞİ'!D82=\"\",\"\",'BİLGİ GİRİŞİ'!D82)","v":""},{"$f":"IF('BİLGİ GİRİŞİ'!E82=\"\",\"\",'BİLGİ GİRİŞİ'!E82)","v":""},null,null,null,null,null,null,null,null,null,null,null,null,null,null,null,null,null,null,null,null,null,{"$f":"IF('BİLGİ GİRİŞİ'!W82=\"\",\"\",'BİLGİ GİRİŞİ'!W82)","v":""},null,null,null,{"$f":"IF('BİLGİ GİRİŞİ'!T82=\"\",\"\",'BİLGİ GİRİŞİ'!T82)","v":""}]
[{"$f":"IF('BİLGİ GİRİŞİ'!D83=\"\",\"\",'BİLGİ GİRİŞİ'!D83)","v":""},{"$f":"IF('BİLGİ GİRİŞİ'!E83=\"\",\"\",'BİLGİ GİRİŞİ'!E83)","v":""},null,null,null,null,null,null,null,null,null,null,null,null,null,null,null,null,null,null,null,null,null,{"$f":"IF('BİLGİ GİRİŞİ'!W83=\"\",\"\",'BİLGİ GİRİŞİ'!W83)","v":""},null,null,null,{"$f":"IF('BİLGİ GİRİŞİ'!T83=\"\",\"\",'BİLGİ GİRİŞİ'!T83)","v":""}]
[{"$f":"IF('BİLGİ GİRİŞİ'!D84=\"\",\"\",'BİLGİ GİRİŞİ'!D84)","v":""},{"$f":"IF('BİLGİ GİRİŞİ'!E84=\"\",\"\",'BİLGİ GİRİŞİ'!E84)","v":""},null,null,null,null,null,null,null,null,null,null,null,null,null,null,null,null,null,null,null,null,null,{"$f":"IF('BİLGİ GİRİŞİ'!W84=\"\",\"\",'BİLGİ GİRİŞİ'!W84)","v":""},null,null,null,{"$f":"IF('BİLGİ GİRİŞİ'!T84=\"\",\"\",'BİLGİ GİRİŞİ'!T84)","v":""}]
[{"$f":"IF('BİLGİ GİRİŞİ'!D85=\"\",\"\",'BİLGİ GİRİŞİ'!D85)","v":""},{"$f":"IF('BİLGİ GİRİŞİ'!E85=\"\",\"\",'BİLGİ GİRİŞİ'!E85)","v":""},null,null,null,null,null,null,null,null,null,null,null,null,null,null,null,null,null,null,null,null,null,{"$f":"IF('BİLGİ GİRİŞİ'!W85=\"\",\"\",'BİLGİ GİRİŞİ'!W85)","v":""},null,null,null,{"$f":"IF('BİLGİ GİRİŞİ'!T85=\"\",\"\",'BİLGİ GİRİŞİ'!T85)","v":""}]
[{"$f":"IF('BİLGİ GİRİŞİ'!D86=\"\",\"\",'BİLGİ GİRİŞİ'!D86)","v":""},{"$f":"IF('BİLGİ GİRİŞİ'!E86=\"\",\"\",'BİLGİ GİRİŞİ'!E86)","v":""},null,null,null,null,null,null,null,null,null,null,null,null,null,null,null,null,null,null,null,null,null,{"$f":"IF('BİLGİ GİRİŞİ'!W86=\"\",\"\",'BİLGİ GİRİŞİ'!W86)","v":""},null,null,null,{"$f":"IF('BİLGİ GİRİŞİ'!T86=\"\",\"\",'BİLGİ GİRİŞİ'!T86)","v":""}]
[{"$f":"IF('BİLGİ GİRİŞİ'!D87=\"\",\"\",'BİLGİ GİRİŞİ'!D87)","v":""},{"$f":"IF('BİLGİ GİRİŞİ'!E87=\"\",\"\",'BİLGİ GİRİŞİ'!E87)","v":""},null,null,null,null,null,null,null,null,null,null,null,null,null,null,null,null,null,null,null,null,null,{"$f":"IF('BİLGİ GİRİŞİ'!W87=\"\",\"\",'BİLGİ GİRİŞİ'!W87)","v":""},null,null,null,{"$f":"IF('BİLGİ GİRİŞİ'!T87=\"\",\"\",'BİLGİ GİRİŞİ'!T87)","v":""}]
[{"$f":"IF('BİLGİ GİRİŞİ'!D88=\"\",\"\",'BİLGİ GİRİŞİ'!D88)","v":""},{"$f":"IF('BİLGİ GİRİŞİ'!E88=\"\",\"\",'BİLGİ GİRİŞİ'!E88)","v":""},null,null,null,null,null,null,null,null,null,null,null,null,null,null,null,null,null,null,null,null,null,{"$f":"IF('BİLGİ GİRİŞİ'!W88=\"\",\"\",'BİLGİ GİRİŞİ'!W88)","v":""},null,null,null,{"$f":"IF('BİLGİ GİRİŞİ'!T88=\"\",\"\",'BİLGİ GİRİŞİ'!T88)","v":""}]
[{"$f":"IF('BİLGİ GİRİŞİ'!D89=\"\",\"\",'BİLGİ GİRİŞİ'!D89)","v":""},{"$f":"IF('BİLGİ GİRİŞİ'!E89=\"\",\"\",'BİLGİ GİRİŞİ'!E89)","v":""},null,null,null,null,null,null,null,null,null,null,null,null,null,null,null,null,null,null,null,null,null,{"$f":"IF('BİLGİ GİRİŞİ'!W89=\"\",\"\",'BİLGİ GİRİŞİ'!W89)","v":""},null,null,null,{"$f":"IF('BİLGİ GİRİŞİ'!T89=\"\",\"\",'BİLGİ GİRİŞİ'!T89)","v":""}]
[{"$f":"IF('BİLGİ GİRİŞİ'!D90=\"\",\"\",'BİLGİ GİRİŞİ'!D90)","v":""},{"$f":"IF('BİLGİ GİRİŞİ'!E90=\"\",\"\",'BİLGİ GİRİŞİ'!E90)","v":""},null,null,null,null,null,null,null,null,null,null,null,null,null,null,null,null,null,null,null,null,null,{"$f":"IF('BİLGİ GİRİŞİ'!W90=\"\",\"\",'BİLGİ GİRİŞİ'!W90)","v":""},null,null,null,{"$f":"IF('BİLGİ GİRİŞİ'!T90=\"\",\"\",'BİLGİ GİRİŞİ'!T90)","v":""}]
[{"$f":"IF('BİLGİ GİRİŞİ'!D91=\"\",\"\",'BİLGİ GİRİŞİ'!D91)","v":""},{"$f":"IF('BİLGİ GİRİŞİ'!E91=\"\",\"\",'BİLGİ GİRİŞİ'!E91)","v":""},null,null,null,null,null,null,null,null,null,null,null,null,null,null,null,null,null,null,null,null,null,{"$f":"IF('BİLGİ GİRİŞİ'!W91=\"\",\"\",'BİLGİ GİRİŞİ'!W91)","v":""},null,null,null,{"$f":"IF('BİLGİ GİRİŞİ'!T91=\"\",\"\",'BİLGİ GİRİŞİ'!T91)","v":""}]
[{"$f":"IF('BİLGİ GİRİŞİ'!D92=\"\",\"\",'BİLGİ GİRİŞİ'!D92)","v":""},{"$f":"IF('BİLGİ GİRİŞİ'!E92=\"\",\"\",'BİLGİ GİRİŞİ'!E92)","v":""},null,null,null,null,null,null,null,null,null,null,null,null,null,null,null,null,null,null,null,null,null,{"$f":"IF('BİLGİ GİRİŞİ'!W92=\"\",\"\",'BİLGİ GİRİŞİ'!W92)","v":""},null,null,null,{"$f":"IF('BİLGİ GİRİŞİ'!T92=\"\",\"\",'BİLGİ GİRİŞİ'!T92)","v":""}]
[{"$f":"IF('BİLGİ GİRİŞİ'!D93=\"\",\"\",'BİLGİ GİRİŞİ'!D93)","v":""},{"$f":"IF('BİLGİ GİRİŞİ'!E93=\"\",\"\",'BİLGİ GİRİŞİ'!E93)","v":""},null,null,null,null,null,null,null,null,null,null,null,null,null,null,null,null,null,null,null,null,null,{"$f":"IF('BİLGİ GİRİŞİ'!W93=\"\",\"\",'BİLGİ GİRİŞİ'!W93)","v":""},null,null,null,{"$f":"IF('BİLGİ GİRİŞİ'!T93=\"\",\"\",'BİLGİ GİRİŞİ'!T93)","v":""}]
[{"$f":"IF('BİLGİ GİRİŞİ'!D94=\"\",\"\",'BİLGİ GİRİŞİ'!D94)","v":""},{"$f":"IF('BİLGİ GİRİŞİ'!E94=\"\",\"\",'BİLGİ GİRİŞİ'!E94)","v":""},null,null,null,null,null,null,null,null,null,null,null,null,null,null,null,null,null,null,null,null,null,{"$f":"IF('BİLGİ GİRİŞİ'!W94=\"\",\"\",'BİLGİ GİRİŞİ'!W94)","v":""},null,null,null,{"$f":"IF('BİLGİ GİRİŞİ'!T94=\"\",\"\",'BİLGİ GİRİŞİ'!T94)","v":""}]
[{"$f":"IF('BİLGİ GİRİŞİ'!D95=\"\",\"\",'BİLGİ GİRİŞİ'!D95)","v":""},{"$f":"IF('BİLGİ GİRİŞİ'!E95=\"\",\"\",'BİLGİ GİRİŞİ'!E95)","v":""},null,null,null,null,null,null,null,null,null,null,null,null,null,null,null,null,null,null,null,null,null,{"$f":"IF('BİLGİ GİRİŞİ'!W95=\"\",\"\",'BİLGİ GİRİŞİ'!W95)","v":""},null,null,null,{"$f":"IF('BİLGİ GİRİŞİ'!T95=\"\",\"\",'BİLGİ GİRİŞİ'!T95)","v":""}]
[{"$f":"IF('BİLGİ GİRİŞİ'!D96=\"\",\"\",'BİLGİ GİRİŞİ'!D96)","v":""},{"$f":"IF('BİLGİ GİRİŞİ'!E96=\"\",\"\",'BİLGİ GİRİŞİ'!E96)","v":""},null,null,null,null,null,null,null,null,null,null,null,null,null,null,null,null,null,null,null,null,null,{"$f":"IF('BİLGİ GİRİŞİ'!W96=\"\",\"\",'BİLGİ GİRİŞİ'!W96)","v":""},null,null,null,{"$f":"IF('BİLGİ GİRİŞİ'!T96=\"\",\"\",'BİLGİ GİRİŞİ'!T96)","v":""}]
[{"$f":"IF('BİLGİ GİRİŞİ'!D97=\"\",\"\",'BİLGİ GİRİŞİ'!D97)","v":""},{"$f":"IF('BİLGİ GİRİŞİ'!E97=\"\",\"\",'BİLGİ GİRİŞİ'!E97)","v":""},null,null,null,null,null,null,null,null,null,null,null,null,null,null,null,null,null,null,null,null,null,{"$f":"IF('BİLGİ GİRİŞİ'!W97=\"\",\"\",'BİLGİ GİRİŞİ'!W97)","v":""},null,null,null,{"$f":"IF('BİLGİ GİRİŞİ'!T97=\"\",\"\",'BİLGİ GİRİŞİ'!T97)","v":""}]
[{"$f":"IF('BİLGİ GİRİŞİ'!D98=\"\",\"\",'BİLGİ GİRİŞİ'!D98)","v":""},{"$f":"IF('BİLGİ GİRİŞİ'!E98=\"\",\"\",'BİLGİ GİRİŞİ'!E98)","v":""},null,null,null,null,null,null,null,null,null,null,null,null,null,null,null,null,null,null,null,null,null,{"$f":"IF('BİLGİ GİRİŞİ'!W98=\"\",\"\",'BİLGİ GİRİŞİ'!W98)","v":""},null,null,null,{"$f":"IF('BİLGİ GİRİŞİ'!T98=\"\",\"\",'BİLGİ GİRİŞİ'!T98)","v":""}]
[{"$f":"IF('BİLGİ GİRİŞİ'!D99=\"\",\"\",'BİLGİ GİRİŞİ'!D99)","v":""},{"$f":"IF('BİLGİ GİRİŞİ'!E99=\"\",\"\",'BİLGİ GİRİŞİ'!E99)","v":""},null,null,null,null,null,null,null,null,null,null,null,null,null,null,null,null,null,null,null,null,null,{"$f":"IF('BİLGİ GİRİŞİ'!W99=\"\",\"\",'BİLGİ GİRİŞİ'!W99)","v":""},null,null,null,{"$f":"IF('BİLGİ GİRİŞİ'!T99=\"\",\"\",'BİLGİ GİRİŞİ'!T99)","v":""}]
[{"$f":"IF('BİLGİ GİRİŞİ'!D100=\"\",\"\",'BİLGİ GİRİŞİ'!D100)","v":""},{"$f":"IF('BİLGİ GİRİŞİ'!E100=\"\",\"\",'BİLGİ GİRİŞİ'!E100)","v":""},null,null,null,null,null,null,null,null,null,null,null,null,null,null,null,null,null,null,null,null,null,{"$f":"IF('BİLGİ GİRİŞİ'!W100=\"\",\"\",'BİLGİ GİRİŞİ'!W100)","v":""},null,null,null,{"$f":"IF('BİLGİ GİRİŞİ'!T100=\"\",\"\",'BİLGİ GİRİŞİ'!T100)","v":""}]
[{"$f":"IF('BİLGİ GİRİŞİ'!D101=\"\",\"\",'BİLGİ GİRİŞİ'!D101)","v":""},{"$f":"IF('BİLGİ GİRİŞİ'!E101=\"\",\"\",'BİLGİ GİRİŞİ'!E101)","v":""},null,null,null,null,null,null,null,null,null,null,null,null,null,null,null,null,null,null,null,null,null,{"$f":"IF('BİLGİ GİRİŞİ'!W101=\"\",\"\",'BİLGİ GİRİŞİ'!W101)","v":""},null,null,null,{"$f":"IF('BİLGİ GİRİŞİ'!T101=\"\",\"\",'BİLGİ GİRİŞİ'!T101)","v":""}]
[{"$f":"IF('BİLGİ GİRİŞİ'!D102=\"\",\"\",'BİLGİ GİRİŞİ'!D102)","v":""},{"$f":"IF('BİLGİ GİRİŞİ'!E102=\"\",\"\",'BİLGİ GİRİŞİ'!E102)","v":""},null,null,null,null,null,null,null,null,null,null,null,null,null,null,null,null,null,null,null,null,null,{"$f":"IF('BİLGİ GİRİŞİ'!W102=\"\",\"\",'BİLGİ GİRİŞİ'!W102)","v":""},null,null,null,{"$f":"IF('BİLGİ GİRİŞİ'!T102=\"\",\"\",'BİLGİ GİRİŞİ'!T102)","v":""}]
[{"$f":"IF('BİLGİ GİRİŞİ'!D103=\"\",\"\",'BİLGİ GİRİŞİ'!D103)","v":""},{"$f":"IF('BİLGİ GİRİŞİ'!E103=\"\",\"\",'BİLGİ GİRİŞİ'!E103)","v":""},null,null,null,null,null,null,null,null,null,null,null,null,null,null,null,null,null,null,null,null,null,{"$f":"IF('BİLGİ GİRİŞİ'!W103=\"\",\"\",'BİLGİ GİRİŞİ'!W103)","v":""},null,null,null,{"$f":"IF('BİLGİ GİRİŞİ'!T103=\"\",\"\",'BİLGİ GİRİŞİ'!T103)","v":""}]
[{"$f":"IF('BİLGİ GİRİŞİ'!D104=\"\",\"\",'BİLGİ GİRİŞİ'!D104)","v":""},{"$f":"IF('BİLGİ GİRİŞİ'!E104=\"\",\"\",'BİLGİ GİRİŞİ'!E104)","v":""},null,null,null,null,null,null,null,null,null,null,null,null,null,null,null,null,null,null,null,null,null,{"$f":"IF('BİLGİ GİRİŞİ'!W104=\"\",\"\",'BİLGİ GİRİŞİ'!W104)","v":""},null,null,null,{"$f":"IF('BİLGİ GİRİŞİ'!T104=\"\",\"\",'BİLGİ GİRİŞİ'!T104)","v":""}]
[{"$f":"IF('BİLGİ GİRİŞİ'!D105=\"\",\"\",'BİLGİ GİRİŞİ'!D105)","v":""},{"$f":"IF('BİLGİ GİRİŞİ'!E105=\"\",\"\",'BİLGİ GİRİŞİ'!E105)","v":""},null,null,null,null,null,null,null,null,null,null,null,null,null,null,null,null,null,null,null,null,null,{"$f":"IF('BİLGİ GİRİŞİ'!W105=\"\",\"\",'BİLGİ GİRİŞİ'!W105)","v":""},null,null,null,{"$f":"IF('BİLGİ GİRİŞİ'!T105=\"\",\"\",'BİLGİ GİRİŞİ'!T105)","v":""}]
[{"$f":"IF('BİLGİ GİRİŞİ'!D106=\"\",\"\",'BİLGİ GİRİŞİ'!D106)","v":""},{"$f":"IF('BİLGİ GİRİŞİ'!E106=\"\",\"\",'BİLGİ GİRİŞİ'!E106)","v":""},null,null,null,null,null,null,null,null,null,null,null,null,null,null,null,null,null,null,null,null,null,{"$f":"IF('BİLGİ GİRİŞİ'!W106=\"\",\"\",'BİLGİ GİRİŞİ'!W106)","v":""},null,null,null,{"$f":"IF('BİLGİ GİRİŞİ'!T106=\"\",\"\",'BİLGİ GİRİŞİ'!T106)","v":""}]
[{"$f":"IF('BİLGİ GİRİŞİ'!D107=\"\",\"\",'BİLGİ GİRİŞİ'!D107)","v":""},{"$f":"IF('BİLGİ GİRİŞİ'!E107=\"\",\"\",'BİLGİ GİRİŞİ'!E107)","v":""},null,null,null,null,null,null,null,null,null,null,null,null,null,null,null,null,null,null,null,null,null,{"$f":"IF('BİLGİ GİRİŞİ'!W107=\"\",\"\",'BİLGİ GİRİŞİ'!W107)","v":""},null,null,null,{"$f":"IF('BİLGİ GİRİŞİ'!T107=\"\",\"\",'BİLGİ GİRİŞİ'!T107)","v":""}]
[{"$f":"IF('BİLGİ GİRİŞİ'!D108=\"\",\"\",'BİLGİ GİRİŞİ'!D108)","v":""},{"$f":"IF('BİLGİ GİRİŞİ'!E108=\"\",\"\",'BİLGİ GİRİŞİ'!E108)","v":""},null,null,null,null,null,null,null,null,null,null,null,null,null,null,null,null,null,null,null,null,null,{"$f":"IF('BİLGİ GİRİŞİ'!W108=\"\",\"\",'BİLGİ GİRİŞİ'!W108)","v":""},null,null,null,{"$f":"IF('BİLGİ GİRİŞİ'!T108=\"\",\"\",'BİLGİ GİRİŞİ'!T108)","v":""}]
[{"$f":"IF('BİLGİ GİRİŞİ'!D109=\"\",\"\",'BİLGİ GİRİŞİ'!D109)","v":""},{"$f":"IF('BİLGİ GİRİŞİ'!E109=\"\",\"\",'BİLGİ GİRİŞİ'!E109)","v":""},null,null,null,null,null,null,null,null,null,null,null,null,null,null,null,null,null,null,null,null,null,{"$f":"IF('BİLGİ GİRİŞİ'!W109=\"\",\"\",'BİLGİ GİRİŞİ'!W109)","v":""},null,null,null,{"$f":"IF('BİLGİ GİRİŞİ'!T109=\"\",\"\",'BİLGİ GİRİŞİ'!T109)","v":""}]
[{"$f":"IF('BİLGİ GİRİŞİ'!D110=\"\",\"\",'BİLGİ GİRİŞİ'!D110)","v":""},{"$f":"IF('BİLGİ GİRİŞİ'!E110=\"\",\"\",'BİLGİ GİRİŞİ'!E110)","v":""},null,null,null,null,null,null,null,null,null,null,null,null,null,null,null,null,null,null,null,null,null,{"$f":"IF('BİLGİ GİRİŞİ'!W110=\"\",\"\",'BİLGİ GİRİŞİ'!W110)","v":""},null,null,null,{"$f":"IF('BİLGİ GİRİŞİ'!T110=\"\",\"\",'BİLGİ GİRİŞİ'!T110)","v":""}]
[{"$f":"IF('BİLGİ GİRİŞİ'!D111=\"\",\"\",'BİLGİ GİRİŞİ'!D111)","v":""},{"$f":"IF('BİLGİ GİRİŞİ'!E111=\"\",\"\",'BİLGİ GİRİŞİ'!E111)","v":""},null,null,null,null,null,null,null,null,null,null,null,null,null,null,null,null,null,null,null,null,null,{"$f":"IF('BİLGİ GİRİŞİ'!W111=\"\",\"\",'BİLGİ GİRİŞİ'!W111)","v":""},null,null,null,{"$f":"IF('BİLGİ GİRİŞİ'!T111=\"\",\"\",'BİLGİ GİRİŞİ'!T111)","v":""}]
[{"$f":"IF('BİLGİ GİRİŞİ'!D112=\"\",\"\",'BİLGİ GİRİŞİ'!D112)","v":""},{"$f":"IF('BİLGİ GİRİŞİ'!E112=\"\",\"\",'BİLGİ GİRİŞİ'!E112)","v":""},null,null,null,null,null,null,null,null,null,null,null,null,null,null,null,null,null,null,null,null,null,{"$f":"IF('BİLGİ GİRİŞİ'!W112=\"\",\"\",'BİLGİ GİRİŞİ'!W112)","v":""},null,null,null,{"$f":"IF('BİLGİ GİRİŞİ'!T112=\"\",\"\",'BİLGİ GİRİŞİ'!T112)","v":""}]
[{"$f":"IF('BİLGİ GİRİŞİ'!D113=\"\",\"\",'BİLGİ GİRİŞİ'!D113)","v":""},{"$f":"IF('BİLGİ GİRİŞİ'!E113=\"\",\"\",'BİLGİ GİRİŞİ'!E113)","v":""},null,null,null,null,null,null,null,null,null,null,null,null,null,null,null,null,null,null,null,null,null,{"$f":"IF('BİLGİ GİRİŞİ'!W113=\"\",\"\",'BİLGİ GİRİŞİ'!W113)","v":""},null,null,null,{"$f":"IF('BİLGİ GİRİŞİ'!T113=\"\",\"\",'BİLGİ GİRİŞİ'!T113)","v":""}]
[{"$f":"IF('BİLGİ GİRİŞİ'!D114=\"\",\"\",'BİLGİ GİRİŞİ'!D114)","v":""},{"$f":"IF('BİLGİ GİRİŞİ'!E114=\"\",\"\",'BİLGİ GİRİŞİ'!E114)","v":""},null,null,null,null,null,null,null,null,null,null,null,null,null,null,null,null,null,null,null,null,null,{"$f":"IF('BİLGİ GİRİŞİ'!W114=\"\",\"\",'BİLGİ GİRİŞİ'!W114)","v":""},null,null,null,{"$f":"IF('BİLGİ GİRİŞİ'!T114=\"\",\"\",'BİLGİ GİRİŞİ'!T114)","v":""}]
[{"$f":"IF('BİLGİ GİRİŞİ'!D115=\"\",\"\",'BİLGİ GİRİŞİ'!D115)","v":""},{"$f":"IF('BİLGİ GİRİŞİ'!E115=\"\",\"\",'BİLGİ GİRİŞİ'!E115)","v":""},null,null,null,null,null,null,null,null,null,null,null,null,null,null,null,null,null,null,null,null,null,{"$f":"IF('BİLGİ GİRİŞİ'!W115=\"\",\"\",'BİLGİ GİRİŞİ'!W115)","v":""},null,null,null,{"$f":"IF('BİLGİ GİRİŞİ'!T115=\"\",\"\",'BİLGİ GİRİŞİ'!T115)","v":""}]
[{"$f":"IF('BİLGİ GİRİŞİ'!D116=\"\",\"\",'BİLGİ GİRİŞİ'!D116)","v":""},{"$f":"IF('BİLGİ GİRİŞİ'!E116=\"\",\"\",'BİLGİ GİRİŞİ'!E116)","v":""},null,null,null,null,null,null,null,null,null,null,null,null,null,null,null,null,null,null,null,null,null,{"$f":"IF('BİLGİ GİRİŞİ'!W116=\"\",\"\",'BİLGİ GİRİŞİ'!W116)","v":""},null,null,null,{"$f":"IF('BİLGİ GİRİŞİ'!T116=\"\",\"\",'BİLGİ GİRİŞİ'!T116)","v":""}]
[{"$f":"IF('BİLGİ GİRİŞİ'!D117=\"\",\"\",'BİLGİ GİRİŞİ'!D117)","v":""},{"$f":"IF('BİLGİ GİRİŞİ'!E117=\"\",\"\",'BİLGİ GİRİŞİ'!E117)","v":""},null,null,null,null,null,null,null,null,null,null,null,null,null,null,null,null,null,null,null,null,null,{"$f":"IF('BİLGİ GİRİŞİ'!W117=\"\",\"\",'BİLGİ GİRİŞİ'!W117)","v":""},null,null,null,{"$f":"IF('BİLGİ GİRİŞİ'!T117=\"\",\"\",'BİLGİ GİRİŞİ'!T117)","v":""}]
[{"$f":"IF('BİLGİ GİRİŞİ'!D118=\"\",\"\",'BİLGİ GİRİŞİ'!D118)","v":""},{"$f":"IF('BİLGİ GİRİŞİ'!E118=\"\",\"\",'BİLGİ GİRİŞİ'!E118)","v":""},null,null,null,null,null,null,null,null,null,null,null,null,null,null,null,null,null,null,null,null,null,{"$f":"IF('BİLGİ GİRİŞİ'!W118=\"\",\"\",'BİLGİ GİRİŞİ'!W118)","v":""},null,null,null,{"$f":"IF('BİLGİ GİRİŞİ'!T118=\"\",\"\",'BİLGİ GİRİŞİ'!T118)","v":""}]
[{"$f":"IF('BİLGİ GİRİŞİ'!D119=\"\",\"\",'BİLGİ GİRİŞİ'!D119)","v":""},{"$f":"IF('BİLGİ GİRİŞİ'!E119=\"\",\"\",'BİLGİ GİRİŞİ'!E119)","v":""},null,null,null,null,null,null,null,null,null,null,null,null,null,null,null,null,null,null,null,null,null,{"$f":"IF('BİLGİ GİRİŞİ'!W119=\"\",\"\",'BİLGİ GİRİŞİ'!W119)","v":""},null,null,null,{"$f":"IF('BİLGİ GİRİŞİ'!T119=\"\",\"\",'BİLGİ GİRİŞİ'!T119)","v":""}]
[{"$f":"IF('BİLGİ GİRİŞİ'!D120=\"\",\"\",'BİLGİ GİRİŞİ'!D120)","v":""},{"$f":"IF('BİLGİ GİRİŞİ'!E120=\"\",\"\",'BİLGİ GİRİŞİ'!E120)","v":""},null,null,null,null,null,null,null,null,null,null,null,null,null,null,null,null,null,null,null,null,null,{"$f":"IF('BİLGİ GİRİŞİ'!W120=\"\",\"\",'BİLGİ GİRİŞİ'!W120)","v":""},null,null,null,{"$f":"IF('BİLGİ GİRİŞİ'!T120=\"\",\"\",'BİLGİ GİRİŞİ'!T120)","v":""}]
[{"$f":"IF('BİLGİ GİRİŞİ'!D121=\"\",\"\",'BİLGİ GİRİŞİ'!D121)","v":""},{"$f":"IF('BİLGİ GİRİŞİ'!E121=\"\",\"\",'BİLGİ GİRİŞİ'!E121)","v":""},null,null,null,null,null,null,null,null,null,null,null,null,null,null,null,null,null,null,null,null,null,{"$f":"IF('BİLGİ GİRİŞİ'!W121=\"\",\"\",'BİLGİ GİRİŞİ'!W121)","v":""},null,null,null,{"$f":"IF('BİLGİ GİRİŞİ'!T121=\"\",\"\",'BİLGİ GİRİŞİ'!T121)","v":""}]
[{"$f":"IF('BİLGİ GİRİŞİ'!D122=\"\",\"\",'BİLGİ GİRİŞİ'!D122)","v":""},{"$f":"IF('BİLGİ GİRİŞİ'!E122=\"\",\"\",'BİLGİ GİRİŞİ'!E122)","v":""},null,null,null,null,null,null,null,null,null,null,null,null,null,null,null,null,null,null,null,null,null,{"$f":"IF('BİLGİ GİRİŞİ'!W122=\"\",\"\",'BİLGİ GİRİŞİ'!W122)","v":""},null,null,null,{"$f":"IF('BİLGİ GİRİŞİ'!T122=\"\",\"\",'BİLGİ GİRİŞİ'!T122)","v":""}]
[{"$f":"IF('BİLGİ GİRİŞİ'!D123=\"\",\"\",'BİLGİ GİRİŞİ'!D123)","v":""},{"$f":"IF('BİLGİ GİRİŞİ'!E123=\"\",\"\",'BİLGİ GİRİŞİ'!E123)","v":""},null,null,null,null,null,null,null,null,null,null,null,null,null,null,null,null,null,null,null,null,null,{"$f":"IF('BİLGİ GİRİŞİ'!W123=\"\",\"\",'BİLGİ GİRİŞİ'!W123)","v":""},null,null,null,{"$f":"IF('BİLGİ GİRİŞİ'!T123=\"\",\"\",'BİLGİ GİRİŞİ'!T123)","v":""}]
[{"$f":"IF('BİLGİ GİRİŞİ'!D124=\"\",\"\",'BİLGİ GİRİŞİ'!D124)","v":""},{"$f":"IF('BİLGİ GİRİŞİ'!E124=\"\",\"\",'BİLGİ GİRİŞİ'!E124)","v":""},null,null,null,null,null,null,null,null,null,null,null,null,null,null,null,null,null,null,null,null,null,{"$f":"IF('BİLGİ GİRİŞİ'!W124=\"\",\"\",'BİLGİ GİRİŞİ'!W124)","v":""},null,null,null,{"$f":"IF('BİLGİ GİRİŞİ'!T124=\"\",\"\",'BİLGİ GİRİŞİ'!T124)","v":""}]
[{"$f":"IF('BİLGİ GİRİŞİ'!D125=\"\",\"\",'BİLGİ GİRİŞİ'!D125)","v":""},{"$f":"IF('BİLGİ GİRİŞİ'!E125=\"\",\"\",'BİLGİ GİRİŞİ'!E125)","v":""},null,null,null,null,null,null,null,null,null,null,null,null,null,null,null,null,null,null,null,null,null,{"$f":"IF('BİLGİ GİRİŞİ'!W125=\"\",\"\",'BİLGİ GİRİŞİ'!W125)","v":""},null,null,null,{"$f":"IF('BİLGİ GİRİŞİ'!T125=\"\",\"\",'BİLGİ GİRİŞİ'!T125)","v":""}]
[{"$f":"IF('BİLGİ GİRİŞİ'!D126=\"\",\"\",'BİLGİ GİRİŞİ'!D126)","v":""},{"$f":"IF('BİLGİ GİRİŞİ'!E126=\"\",\"\",'BİLGİ GİRİŞİ'!E126)","v":""},null,null,null,null,null,null,null,null,null,null,null,null,null,null,null,null,null,null,null,null,null,{"$f":"IF('BİLGİ GİRİŞİ'!W126=\"\",\"\",'BİLGİ GİRİŞİ'!W126)","v":""},null,null,null,{"$f":"IF('BİLGİ GİRİŞİ'!T126=\"\",\"\",'BİLGİ GİRİŞİ'!T126)","v":""}]
[{"$f":"IF('BİLGİ GİRİŞİ'!D127=\"\",\"\",'BİLGİ GİRİŞİ'!D127)","v":""},{"$f":"IF('BİLGİ GİRİŞİ'!E127=\"\",\"\",'BİLGİ GİRİŞİ'!E127)","v":""},null,null,null,null,null,null,null,null,null,null,null,null,null,null,null,null,null,null,null,null,null,{"$f":"IF('BİLGİ GİRİŞİ'!W127=\"\",\"\",'BİLGİ GİRİŞİ'!W127)","v":""},null,null,null,{"$f":"IF('BİLGİ GİRİŞİ'!T127=\"\",\"\",'BİLGİ GİRİŞİ'!T127)","v":""}]
[{"$f":"IF('BİLGİ GİRİŞİ'!D128=\"\",\"\",'BİLGİ GİRİŞİ'!D128)","v":""},{"$f":"IF('BİLGİ GİRİŞİ'!E128=\"\",\"\",'BİLGİ GİRİŞİ'!E128)","v":""},null,null,null,null,null,null,null,null,null,null,null,null,null,null,null,null,null,null,null,null,null,{"$f":"IF('BİLGİ GİRİŞİ'!W128=\"\",\"\",'BİLGİ GİRİŞİ'!W128)","v":""},null,null,null,{"$f":"IF('BİLGİ GİRİŞİ'!T128=\"\",\"\",'BİLGİ GİRİŞİ'!T128)","v":""}]
[{"$f":"IF('BİLGİ GİRİŞİ'!D129=\"\",\"\",'BİLGİ GİRİŞİ'!D129)","v":""},{"$f":"IF('BİLGİ GİRİŞİ'!E129=\"\",\"\",'BİLGİ GİRİŞİ'!E129)","v":""},null,null,null,null,null,null,null,null,null,null,null,null,null,null,null,null,null,null,null,null,null,{"$f":"IF('BİLGİ GİRİŞİ'!W129=\"\",\"\",'BİLGİ GİRİŞİ'!W129)","v":""},null,null,null,{"$f":"IF('BİLGİ GİRİŞİ'!T129=\"\",\"\",'BİLGİ GİRİŞİ'!T129)","v":""}]
[]
["PİYASA ARAŞTIRMA GÖREVLİLERİ"]
[{"$f":"IF('BİLGİ GİRİŞİ'!AB17=\"\",\"\",'BİLGİ GİRİŞİ'!AB17)","v":"Ahmet DEMİR"},null,null,null,null,null,null,null,null,null,{"$f":"IF('BİLGİ GİRİŞİ'!AH17=\"\",\"\",'BİLGİ GİRİŞİ'!AH17)","v":"Ayşe YILDIZ"},null,null,null,null,null,null,null,null,null,null,{"$f":"IF('BİLGİ GİRİŞİ'!AN17=\"\",\"\",'BİLGİ GİRİŞİ'!AN17)","v":""}]
[{"$f":"IF(A134=\"\",\"\",'BİLGİ GİRİŞİ'!AB18)","v":"Müdür Yardımcısı 1"},null,null,null,null,null,null,null,null,null,{"$f":"IF(K134=\"\",\"\",'BİLGİ GİRİŞİ'!AH18)","v":"Öğretmen 1"},null,null,null,null,null,null,null,null,null,null,{"$f":"IF(V134=\"\",\"\",'BİLGİ GİRİŞİ'!AN18)","v":""}]
[]
["MUAYENE VE KABUL GÖREVLİLERİ"]
[{"$f":"IF('BİLGİ GİRİŞİ'!AB22=\"\",\"\",'BİLGİ GİRİŞİ'!AB22)","v":"Mehmet  ÇELİK"},null,null,null,null,null,null,null,null,null,{"$f":"IF('BİLGİ GİRİŞİ'!AH22=\"\",\"\",'BİLGİ GİRİŞİ'!AH22)","v":"Fatma GÜNEŞ"},null,null,null,null,null,null,null,null,null,null,{"$f":"IF('BİLGİ GİRİŞİ'!AN22=\"\",\"\",'BİLGİ GİRİŞİ'!AN22)","v":""}]
[{"$f":"IF(A138=\"\",\"\",'BİLGİ GİRİŞİ'!AB23)","v":"Müdür Yardımcısı 2"},null,null,null,null,null,null,null,null,null,{"$f":"IF(K138=\"\",\"\",'BİLGİ GİRİŞİ'!AH23)","v":"Öğretmen 2"},null,null,null,null,null,null,null,null,null,null,{"$f":"IF(V138=\"\",\"\",'BİLGİ GİRİŞİ'!AN23)","v":""}]

{"sheet":"2","index":3,"n_rows":134,"n_cols":28,"rows_kept":134,"cut":false,"hidden":false,"merged":[[128,1,128,14],[128,15,128,18],[128,19,128,22],[128,23,128,26],[128,27,128,30],[129,1,129,14],[129,15,129,18],[129,19,129,22],[129,23,129,26],[129,27,129,30],[126,1,126,14],[126,15,126,18],[126,19,126,22],[126,23,126,26],[126,27,126,30],[127,1,127,14],[127,15,127,18],[127,19,127,22],[127,23,127,26],[127,27,127,30],[124,1,124,14],[124,15,124,18],[124,19,124,22],[124,23,124,26],[124,27,124,30],[125,1,125,14],[125,15,125,18],[125,19,125,22],[125,23,125,26],[125,27,125,30],[122,1,122,14],[122,15,122,18],[122,19,122,22],[122,23,122,26],[122,27,122,30],[123,1,123,14],[123,15,123,18],[123,19,123,22],[123,23,123,26],[123,27,123,30],[120,1,120,14],[120,15,120,18],[120,19,120,22],[120,23,120,26],[120,27,120,30],[121,1,121,14],[121,15,121,18],[121,19,121,22],[121,23,121,26],[121,27,121,30],[118,1,118,14],[118,15,118,18],[118,19,118,22],[118,23,118,26],[118,27,118,30],[119,1,119,14],[119,15,119,18],[119,19,119,22],[119,23,119,26],[119,27,119,30],[116,1,116,14],[116,15,116,18],[116,19,116,22],[116,23,116,26],[116,27,116,30],[117,1,117,14],[117,15,117,18],[117,19,117,22],[117,23,117,26],[117,27,117,30],[114,1,114,14],[114,15,114,18],[114,19,114,22],[114,23,114,26],[114,27,114,30],[115,1,115,14],[115,15,115,18],[115,19,115,22],[115,23,115,26],[115,27,115,30],[112,1,112,14],[112,15,112,18],[112,19,112,22],[112,23,112,26],[112,27,112,30],[113,1,113,14],[113,15,113,18],[113,19,113,22],[113,23,113,26],[113,27,113,30],[110,1,110,14],[110,15,110,18],[110,19,110,22],[110,23,110,26],[110,27,110,30],[111,1,111,14],[111,15,111,18],[111,19,111,22],[111,23,111,26],[111,27,111,30],[108,1,108,14],[108,15,108,18],[108,19,108,22],[108,23,108,26],[108,27,108,30],[109,1,109,14],[109,15,109,18],[109,19,109,22],[109,23,109,26],[109,27,109,30],[106,1,106,14],[106,15,106,18],[106,19,106,22],[106,23,106,26],[106,27,106,30],[107,1,107,14],[107,15,107,18],[107,19,107,22],[107,23,107,26],[107,27,107,30],[104,1,104,14],[104,15,104,18],[104,19,104,22],[104,23,104,26],[104,27,104,30],[105,1,105,14],[105,15,105,18],[105,19,105,22],[105,23,105,26],[105,27,105,30],[102,1,102,14],[102,15,102,18],[102,19,102,22],[102,23,102,26],[102,27,102,30],[103,1,103,14],[103,15,103,18],[103,19,103,22],[103,23,103,26],[103,27,103,30],[100,1,100,14],[100,15,100,18],[100,19,100,22],[100,23,100,26],[100,27,100,30],[101,1,101,14],[101,15,101,18],[101,19,101,22],[101,23,101,26],[101,27,101,30],[98,1,98,14],[98,15,98,18],[98,19,98,22],[98,23,98,26],[98,27,98,30],[99,1,99,14],[99,15,99,18],[99,19,99,22],[99,23,99,26],[99,27,99,30],[96,1,96,14],[96,15,96,18],[96,19,96,22],[96,23,96,26],[96,27,96,30],[97,1,97,14],[97,15,97,18],[97,19,97,22],[97,23,97,26],[97,27,97,30],[94,1,94,14],[94,15,94,18],[94,19,94,22],[94,23,94,26],[94,27,94,30],[95,1,95,14],[95,15,95,18],[95,19,95,22],[95,23,95,26],[95,27,95,30],[92,1,92,14],[92,15,92,18],[92,19,92,22],[92,23,92,26],[92,27,92,30],[93,1,93,14],[93,15,93,18],[93,19,93,22],[93,23,93,26],[93,27,93,30],[90,1,90,14],[90,15,90,18],[90,19,90,22],[90,23,90,26],[90,27,90,30],[91,1,91,14],[91,15,91,18],[91,19,91,22],[91,23,91,26],[91,27,91,30],[88,1,88,14],[88,15,88,18],[88,19,88,22],[88,23,88,26],[88,27,88,30],[89,1,89,14],[89,15,89,18],[89,19,89,22],[89,23,89,26],[89,27,89,30],[86,1,86,14],[86,15,86,18],[86,19,86,22],[86,23,86,26],[86,27,86,30],[87,1,87,14],[87,15,87,18],[87,19,87,22],[87,23,87,26],[87,27,87,30],[84,1,84,14],[84,15,84,18],[84,19,84,22],[84,23,84,26],[84,27,84,30],[85,1,85,14],[85,15,85,18],[85,19,85,22],[85,23,85,26],[85,27,85,30],[82,1,82,14],[82,15,82,18],[82,19,82,22],[82,23,82,26],[82,27,82,30],[83,1,83,14],[83,15,83,18],[83,19,83,22],[83,23,83,26],[83,27,83,30],[80,1,80,14],[80,15,80,18],[80,19,80,22],[80,23,80,26],[80,27,80,30],[81,1,81,14],[81,15,81,18],[81,19,81,22],[81,23,81,26],[81,27,81,30],[78,1,78,14],[78,15,78,18],[78,19,78,22],[78,23,78,26],[78,27,78,30],[79,1,79,14],[79,15,79,18],[79,19,79,22],[79,23,79,26],[79,27,79,30],[76,1,76,14],[76,15,76,18],[76,19,76,22],[76,23,76,26],[76,27,76,30],[77,1,77,14],[77,15,77,18],[77,19,77,22],[77,23,77,26],[77,27,77,30],[74,1,74,14],[74,15,74,18],[74,19,74,22],[74,23,74,26],[74,27,74,30],[75,1,75,14],[75,15,75,18],[75,19,75,22],[75,23,75,26],[75,27,75,30],[72,1,72,14],[72,15,72,18],[72,19,72,22],[72,23,72,26],[72,27,72,30],[73,1,73,14],[73,15,73,18],[73,19,73,22],[73,23,73,26],[73,27,73,30],[70,1,70,14],[70,15,70,18],[70,19,70,22],[70,23,70,26],[70,27,70,30],[71,1,71,14],[71,15,71,18],[71,19,71,22],[71,23,71,26],[71,27,71,30],[131,0,131,22],[131,23,131,26],[131,27,131,30],[133,20,133,30],[10,0,11,30],[12,0,14,30],[49,1,49,14],[49,15,49,18],[49,19,49,22],[49,23,49,26],[49,27,49,30],[130,1,130,14],[130,15,130,18],[130,19,130,22],[130,23,130,26],[130,27,130,30],[47,1,47,14],[47,15,47,18],[47,19,47,22],[47,23,47,26],[47,27,47,30],[48,1,48,14],[48,15,48,18],[48,19,48,22],[48,23,48,26],[48,27,48,30],[45,1,45,14],[45,15,45,18],[45,19,45,22],[45,23,45,26],[45,27,45,30],[46,1,46,14],[46,15,46,18],[46,19,46,22],[46,23,46,26],[46,27,46,30],[43,1,43,14],[43,15,43,18],[43,19,43,22],[43,23,43,26],[43,27,43,30],[44,1,44,14],[44,15,44,18],[44,19,44,22],[44,23,44,26],[44,27,44,30],[41,1,41,14],[41,15,41,18],[41,19,41,22],[41,23,41,26],[41,27,41,30],[42,1,42,14],[42,15,42,18],[42,19,42,22],[42,23,42,26],[42,27,42,30],[39,1,39,14],[39,15,39,18],[39,19,39,22],[39,23,39,26],[39,27,39,30],[40,1,40,14],[40,15,40,18],[40,19,40,22],[40,23,40,26],[40,27,40,30],[37,1,37,14],[37,15,37,18],[37,19,37,22],[37,23,37,26],[37,27,37,30],[38,1,38,14],[38,15,38,18],[38,19,38,22],[38,23,38,26],[38,27,38,30],[35,1,35,14],[35,15,35,18],[35,19,35,22],[35,23,35,26],[35,27,35,30],[36,1,36,14],[36,15,36,18],[36,19,36,22],[36,23,36,26],[36,27,36,30],[33,1,33,14],[33,19,33,22],[33,15,33,18],[33,23,33,26],[33,27,33,30],[34,1,34,14],[34,15,34,18],[34,19,34,22],[34,23,34,26],[34,27,34,30],[31,1,31,14],[31,19,31,22],[31,15,31,18],[31,23,31,26],[31,27,31,30],[32,1,32,14],[32,19,32,22],[32,15,32,18],[32,23,32,26],[32,27,32,30],[30,1,30,14],[30,15,30,18],[30,19,30,22],[30,23,30,26],[30,27,30,30],[6,0,6,2],[6,4,6,26],[8,0,8,30],[18,20,18,30],[19,20,19,30],[17,10,17,19],[17,20,17,30],[1,0,1,30],[2,0,2,30],[3,0,3,30],[5,0,5,2],[5,4,5,21],[5,25,5,30],[22,0,22,30],[24,0,26,30],[29,0,29,30],[18,10,18,19],[19,10,19,19],[18,0,18,9],[19,0,19,9],[17,0,17,9],[50,1,50,14],[51,1,51,14],[52,1,52,14],[53,1,53,14],[54,1,54,14],[55,1,55,14],[56,1,56,14],[57,1,57,14],[58,1,58,14],[59,1,59,14],[60,1,60,14],[61,1,61,14],[62,1,62,14],[63,1,63,14],[64,1,64,14],[65,1,65,14],[66,1,66,14],[67,1,67,14],[68,1,68,14],[69,1,69,14],[50,15,50,18],[50,19,50,22],[50,23,50,26],[50,27,50,30],[51,15,51,18],[51,19,51,22],[51,23,51,26],[51,27,51,30],[52,15,52,18],[52,19,52,22],[52,23,52,26],[52,27,52,30],[53,15,53,18],[53,19,53,22],[53,23,53,26],[53,27,53,30],[54,15,54,18],[54,19,54,22],[54,23,54,26],[54,27,54,30],[55,15,55,18],[55,19,55,22],[55,23,55,26],[55,27,55,30],[56,15,56,18],[56,19,56,22],[56,23,56,26],[56,27,56,30],[57,15,57,18],[57,19,57,22],[57,23,57,26],[57,27,57,30],[58,15,58,18],[58,19,58,22],[58,23,58,26],[58,27,58,30],[59,15,59,18],[59,19,59,22],[59,23,59,26],[59,27,59,30],[60,15,60,18],[60,19,60,22],[60,23,60,26],[60,27,60,30],[61,15,61,18],[61,19,61,22],[61,23,61,26],[61,27,61,30],[62,15,62,18],[62,19,62,22],[62,23,62,26],[62,27,62,30],[63,15,63,18],[63,19,63,22],[63,23,63,26],[63,27,63,30],[64,15,64,18],[64,19,64,22],[64,23,64,26],[64,27,64,30],[65,15,65,18],[65,19,65,22],[65,23,65,26],[65,27,65,30],[66,15,66,18],[66,19,66,22],[66,23,66,26],[66,27,66,30],[67,15,67,18],[67,19,67,22],[67,23,67,26],[67,27,67,30],[68,15,68,18],[68,19,68,22],[68,23,68,26],[68,27,68,30],[69,15,69,18],[69,19,69,22],[69,23,69,26],[69,27,69,30]]}
[]
["T.C."]
[{"$f":"IF('BİLGİ GİRİŞİ'!O7=\"\",\"\",'BİLGİ GİRİŞİ'!O7)","v":"BULANIK KAYMAKAMLIĞI"}]
[{"$f":"IF('BİLGİ GİRİŞİ'!O8=\"\",\"\",'BİLGİ GİRİŞİ'!O8)","v":"Atatürk İlkokulu Müdürlüğü"}]
[]
["Sayı",null,null,":",{"$f":"IF('BİLGİ GİRİŞİ'!S15=\"\",\"\",'BİLGİ GİRİŞİ'!S15)","v":456789123},null,null,null,null,null,null,null,null,null,null,null,null,null,null,null,null,null,null,null,null,{"$f":"IF('BİLGİ GİRİŞİ'!O16=\"\",\"…../…../……..\",'BİLGİ GİRİŞİ'!O16)","v":"2023-03-06"}]
["Konu",null,null,":","Yaklaşık Maliyet Araştırması"]
[]
["İLGİLİ GERÇEK/TÜZEL KİŞİLERE"]
[]
[{"$f":"CONCATENATE(\"       \",\"Kurumumuz ihtiyaçlarında kullanılmak üzere aşağıda bilgileri verilen  Mal/Hizmet/Yapım İşi,  Kamu İhale Kanunu'nun \",IF('BİLGİ GİRİŞİ'!O10=\"\",\".............................................................................\",'BİLGİ GİRİŞİ'!O10),\" maddesine göre Doğrudan Temin yoluyla satın alınacaktır.\")","v":"       Kurumumuz ihtiyaçlarında kullanılmak üzere aşağıda bilgileri verilen  Mal/Hizmet/Yapım İşi,  Kamu İhale Kanunu'nun 22/d maddesine göre Doğrudan Temin yoluyla satın alınacaktır."}]
[]
["          Yaklaşık maliyetin tespitinde değerlendirilmek üzere aşağıda bilgileri verilen Mal'ın/Hizmet'in/Yapım İşi'nin, KDV hariç piyasa fiyatlarının karşılarına yazılması ve Kurumumuza gönderilmesi hususunda;\n        Gereğini rica ederim/ederiz"]
[]
[]
[]
[]
[{"$f":"IF(A19=\"\",\"\",IF('BİLGİ GİRİŞİ'!AH16=\"\",\"\",'BİLGİ GİRİŞİ'!AH16))","v":"Piyasa Araştırma Görevlisi"},null,null,null,null,null,null,null,null,null,{"$f":"IF(K19=\"\",\"\",IF('BİLGİ GİRİŞİ'!AN16=\"\",\"\",'BİLGİ GİRİŞİ'!AN16))","v":""},null,null,null,null,null,null,null,null,null,{"$f":"IF(U19=\"\",\"\",IF('BİLGİ GİRİŞİ'!AB16=\"\",\"\",'BİLGİ GİRİŞİ'!AB16))","v":"Piyasa Araştırma Görevlisi"}]
[{"$f":"IF('BİLGİ GİRİŞİ'!AH17=\"\",\"\",'BİLGİ GİRİŞİ'!AH17)","v":"Ayşe YILDIZ"},null,null,null,null,null,null,null,null,null,{"$f":"IF('BİLGİ GİRİŞİ'!AN17=\"\",\"\",'BİLGİ GİRİŞİ'!AN17)","v":""},null,null,null,null,null,null,null,null,null,{"$f":"IF('BİLGİ GİRİŞİ'!AB17=\"\",\"\",'BİLGİ GİRİŞİ'!AB17)","v":"Ahmet DEMİR"}]
[{"$f":"IF(A19=\"\",\"\",IF('BİLGİ GİRİŞİ'!AH18=\"\",\"\",'BİLGİ GİRİŞİ'!AH18))","v":"Öğretmen 1"},null,null,null,null,null,null,null,null,null,{"$f":"IF(K19=\"\",\"\",IF('BİLGİ GİRİŞİ'!AN18=\"\",\"\",'BİLGİ GİRİŞİ'!AN18))","v":""},null,null,null,null,null,null,null,null,null,{"$f":"IF(U19=\"\",\"\",IF('BİLGİ GİRİŞİ'!AB18=\"\",\"\",'BİLGİ GİRİŞİ'!AB18))","v":"Müdür Yardımcısı 1"}]
[]
[]
[{"$f":"IF('BİLGİ GİRİŞİ'!O8=\"\",\"\",CONCATENATE(UPPER('BİLGİ GİRİŞİ'!O8),\"\",UPPER(IF('BİLGİ GİRİŞİ'!O8=\"\",\"\",'BİLGİ GİRİŞİ'!AN8))))","v":"ATATÜRK İLKOKULU MÜDÜRLÜĞÜNE"}]
[]
["          Kurumunuzca satın alınacak Mal'ın/Hizmet'in/Yapım İşi'nin piyasa fiyatları aşağıya çıkarılmıştır.\n          Gereğini bilgilerinize arz ederim/ederiz."]
[]
[]
[]
[]
["MAL'IN/HİZMET'İN/YAPIM İŞİ'NİN"]
["S","Kalem/KısımBilgileri",null,null,null,null,null,null,null,null,null,null,null,null,null,"Birimi",null,null,null,"Miktarı",null,null,null,"Birim Fiyatı",null,null,null,"Toplam Fiyatı"]
[{"$f":"IF('BİLGİ GİRİŞİ'!D30=\"\",\"\",'BİLGİ GİRİŞİ'!D30)","v":1},{"$f":"IF('BİLGİ GİRİŞİ'!E30=\"\",\"\",'BİLGİ GİRİŞİ'!E30)","v":"AIO (All In One) Masaüstü Bilgisayar "},null,null,null,null,null,null,null,null,null,null,null,null,null,{"$f":"IF('BİLGİ GİRİŞİ'!W30=\"\",\"\",'BİLGİ GİRİŞİ'!W30)","v":"Adet"},null,null,null,{"$f":"IF('BİLGİ GİRİŞİ'!T30=\"\",\"\",IF('BİLGİ GİRİŞİ'!$BN$28=1,\"1\",'BİLGİ GİRİŞİ'!T30))","v":"1"}]
[{"$f":"IF('BİLGİ GİRİŞİ'!D31=\"\",\"\",'BİLGİ GİRİŞİ'!D31)","v":2},{"$f":"IF('BİLGİ GİRİŞİ'!E31=\"\",\"\",'BİLGİ GİRİŞİ'!E31)","v":"Fotokopi Makinesi"},null,null,null,null,null,null,null,null,null,null,null,null,null,{"$f":"IF('BİLGİ GİRİŞİ'!W31=\"\",\"\",'BİLGİ GİRİŞİ'!W31)","v":"Adet"},null,null,null,{"$f":"IF('BİLGİ GİRİŞİ'!T31=\"\",\"\",IF('BİLGİ GİRİŞİ'!$BN$28=1,\"1\",'BİLGİ GİRİŞİ'!T31))","v":"1"}]
[{"$f":"IF('BİLGİ GİRİŞİ'!D32=\"\",\"\",'BİLGİ GİRİŞİ'!D32)","v":3},{"$f":"IF('BİLGİ GİRİŞİ'!E32=\"\",\"\",'BİLGİ GİRİŞİ'!E32)","v":"Projektör"},null,null,null,null,null,null,null,null,null,null,null,null,null,{"$f":"IF('BİLGİ GİRİŞİ'!W32=\"\",\"\",'BİLGİ GİRİŞİ'!W32)","v":"Adet"},null,null,null,{"$f":"IF('BİLGİ GİRİŞİ'!T32=\"\",\"\",IF('BİLGİ GİRİŞİ'!$BN$28=1,\"1\",'BİLGİ GİRİŞİ'!T32))","v":"1"}]
[{"$f":"IF('BİLGİ GİRİŞİ'!D33=\"\",\"\",'BİLGİ GİRİŞİ'!D33)","v":""},{"$f":"IF('BİLGİ GİRİŞİ'!E33=\"\",\"\",'BİLGİ GİRİŞİ'!E33)","v":""},null,null,null,null,null,null,null,null,null,null,null,null,null,{"$f":"IF('BİLGİ GİRİŞİ'!W33=\"\",\"\",'BİLGİ GİRİŞİ'!W33)","v":""},null,null,null,{"$f":"IF('BİLGİ GİRİŞİ'!T33=\"\",\"\",IF('BİLGİ GİRİŞİ'!$BN$28=1,\"1\",'BİLGİ GİRİŞİ'!T33))","v":""}]
[{"$f":"IF('BİLGİ GİRİŞİ'!D34=\"\",\"\",'BİLGİ GİRİŞİ'!D34)","v":""},{"$f":"IF('BİLGİ GİRİŞİ'!E34=\"\",\"\",'BİLGİ GİRİŞİ'!E34)","v":""},null,null,null,null,null,null,null,null,null,null,null,null,null,{"$f":"IF('BİLGİ GİRİŞİ'!W34=\"\",\"\",'BİLGİ GİRİŞİ'!W34)","v":""},null,null,null,{"$f":"IF('BİLGİ GİRİŞİ'!T34=\"\",\"\",IF('BİLGİ GİRİŞİ'!$BN$28=1,\"1\",'BİLGİ GİRİŞİ'!T34))","v":""}]
[{"$f":"IF('BİLGİ GİRİŞİ'!D35=\"\",\"\",'BİLGİ GİRİŞİ'!D35)","v":""},{"$f":"IF('BİLGİ GİRİŞİ'!E35=\"\",\"\",'BİLGİ GİRİŞİ'!E35)","v":""},null,null,null,null,null,null,null,null,null,null,null,null,null,{"$f":"IF('BİLGİ GİRİŞİ'!W35=\"\",\"\",'BİLGİ GİRİŞİ'!W35)","v":""},null,null,null,{"$f":"IF('BİLGİ GİRİŞİ'!T35=\"\",\"\",IF('BİLGİ GİRİŞİ'!$BN$28=1,\"1\",'BİLGİ GİRİŞİ'!T35))","v":""}]
[{"$f":"IF('BİLGİ GİRİŞİ'!D36=\"\",\"\",'BİLGİ GİRİŞİ'!D36)","v":""},{"$f":"IF('BİLGİ GİRİŞİ'!E36=\"\",\"\",'BİLGİ GİRİŞİ'!E36)","v":""},null,null,null,null,null,null,null,null,null,null,null,null,null,{"$f":"IF('BİLGİ GİRİŞİ'!W36=\"\",\"\",'BİLGİ GİRİŞİ'!W36)","v":""},null,null,null,{"$f":"IF('BİLGİ GİRİŞİ'!T36=\"\",\"\",IF('BİLGİ GİRİŞİ'!$BN$28=1,\"1\",'BİLGİ GİRİŞİ'!T36))","v":""}]
[{"$f":"IF('BİLGİ GİRİŞİ'!D37=\"\",\"\",'BİLGİ GİRİŞİ'!D37)","v":""},{"$f":"IF('BİLGİ GİRİŞİ'!E37=\"\",\"\",'BİLGİ GİRİŞİ'!E37)","v":""},null,null,null,null,null,null,null,null,null,null,null,null,null,{"$f":"IF('BİLGİ GİRİŞİ'!W37=\"\",\"\",'BİLGİ GİRİŞİ'!W37)","v":""},null,null,null,{"$f":"IF('BİLGİ GİRİŞİ'!T37=\"\",\"\",IF('BİLGİ GİRİŞİ'!$BN$28=1,\"1\",'BİLGİ GİRİŞİ'!T37))","v":""}]
[{"$f":"IF('BİLGİ GİRİŞİ'!D38=\"\",\"\",'BİLGİ GİRİŞİ'!D38)","v":""},{"$f":"IF('BİLGİ GİRİŞİ'!E38=\"\",\"\",'BİLGİ GİRİŞİ'!E38)","v":""},null,null,null,null,null,null,null,null,null,null,null,null,null,{"$f":"IF('BİLGİ GİRİŞİ'!W38=\"\",\"\",'BİLGİ GİRİŞİ'!W38)","v":""},null,null,null,{"$f":"IF('BİLGİ GİRİŞİ'!T38=\"\",\"\",IF('BİLGİ GİRİŞİ'!$BN$28=1,\"1\",'BİLGİ GİRİŞİ'!T38))","v":""}]
[{"$f":"IF('BİLGİ GİRİŞİ'!D39=\"\",\"\",'BİLGİ GİRİŞİ'!D39)","v":""},{"$f":"IF('BİLGİ GİRİŞİ'!E39=\"\",\"\",'BİLGİ GİRİŞİ'!E39)","v":""},null,null,null,null,null,null,null,null,null,null,null,null,null,{"$f":"IF('BİLGİ GİRİŞİ'!W39=\"\",\"\",'BİLGİ GİRİŞİ'!W39)","v":""},null,null,null,{"$f":"IF('BİLGİ GİRİŞİ'!T39=\"\",\"\",IF('BİLGİ GİRİŞİ'!$BN$28=1,\"1\",'BİLGİ GİRİŞİ'!T39))","v":""}]
[{"$f":"IF('BİLGİ GİRİŞİ'!D40=\"\",\"\",'BİLGİ GİRİŞİ'!D40)","v":""},{"$f":"IF('BİLGİ GİRİŞİ'!E40=\"\",\"\",'BİLGİ GİRİŞİ'!E40)","v":""},null,null,null,null,null,null,null,null,null,null,null,null,null,{"$f":"IF('BİLGİ GİRİŞİ'!W40=\"\",\"\",'BİLGİ GİRİŞİ'!W40)","v":""},null,null,null,{"$f":"IF('BİLGİ GİRİŞİ'!T40=\"\",\"\",IF('BİLGİ GİRİŞİ'!$BN$28=1,\"1\",'BİLGİ GİRİŞİ'!T40))","v":""}]
[{"$f":"IF('BİLGİ GİRİŞİ'!D41=\"\",\"\",'BİLGİ GİRİŞİ'!D41)","v":""},{"$f":"IF('BİLGİ GİRİŞİ'!E41=\"\",\"\",'BİLGİ GİRİŞİ'!E41)","v":""},null,null,null,null,null,null,null,null,null,null,null,null,null,{"$f":"IF('BİLGİ GİRİŞİ'!W41=\"\",\"\",'BİLGİ GİRİŞİ'!W41)","v":""},null,null,null,{"$f":"IF('BİLGİ GİRİŞİ'!T41=\"\",\"\",IF('BİLGİ GİRİŞİ'!$BN$28=1,\"1\",'BİLGİ GİRİŞİ'!T41))","v":""}]
[{"$f":"IF('BİLGİ GİRİŞİ'!D42=\"\",\"\",'BİLGİ GİRİŞİ'!D42)","v":""},{"$f":"IF('BİLGİ GİRİŞİ'!E42=\"\",\"\",'BİLGİ GİRİŞİ'!E42)","v":""},null,null,null,null,null,null,null,null,null,null,null,null,null,{"$f":"IF('BİLGİ GİRİŞİ'!W42=\"\",\"\",'BİLGİ GİRİŞİ'!W42)","v":""},null,null,null,{"$f":"IF('BİLGİ GİRİŞİ'!T42=\"\",\"\",IF('BİLGİ GİRİŞİ'!$BN$28=1,\"1\",'BİLGİ GİRİŞİ'!T42))","v":""}]
[{"$f":"IF('BİLGİ GİRİŞİ'!D43=\"\",\"\",'BİLGİ GİRİŞİ'!D43)","v":""},{"$f":"IF('BİLGİ GİRİŞİ'!E43=\"\",\"\",'BİLGİ GİRİŞİ'!E43)","v":""},null,null,null,null,null,null,null,null,null,null,null,null,null,{"$f":"IF('BİLGİ GİRİŞİ'!W43=\"\",\"\",'BİLGİ GİRİŞİ'!W43)","v":""},null,null,null,{"$f":"IF('BİLGİ GİRİŞİ'!T43=\"\",\"\",IF('BİLGİ GİRİŞİ'!$BN$28=1,\"1\",'BİLGİ GİRİŞİ'!T43))","v":""}]
[{"$f":"IF('BİLGİ GİRİŞİ'!D44=\"\",\"\",'BİLGİ GİRİŞİ'!D44)","v":""},{"$f":"IF('BİLGİ GİRİŞİ'!E44=\"\",\"\",'BİLGİ GİRİŞİ'!E44)","v":""},null,null,null,null,null,null,null,null,null,null,null,null,null,{"$f":"IF('BİLGİ GİRİŞİ'!W44=\"\",\"\",'BİLGİ GİRİŞİ'!W44)","v":""},null,null,null,{"$f":"IF('BİLGİ GİRİŞİ'!T44=\"\",\"\",IF('BİLGİ GİRİŞİ'!$BN$28=1,\"1\",'BİLGİ GİRİŞİ'!T44))","v":""}]
[{"$f":"IF('BİLGİ GİRİŞİ'!D45=\"\",\"\",'BİLGİ GİRİŞİ'!D45)","v":""},{"$f":"IF('BİLGİ GİRİŞİ'!E45=\"\",\"\",'BİLGİ GİRİŞİ'!E45)","v":""},null,null,null,null,null,null,null,null,null,null,null,null,null,{"$f":"IF('BİLGİ GİRİŞİ'!W45=\"\",\"\",'BİLGİ GİRİŞİ'!W45)","v":""},null,null,null,{"$f":"IF('BİLGİ GİRİŞİ'!T45=\"\",\"\",IF('BİLGİ GİRİŞİ'!$BN$28=1,\"1\",'BİLGİ GİRİŞİ'!T45))","v":""}]
[{"$f":"IF('BİLGİ GİRİŞİ'!D46=\"\",\"\",'BİLGİ GİRİŞİ'!D46)","v":""},{"$f":"IF('BİLGİ GİRİŞİ'!E46=\"\",\"\",'BİLGİ GİRİŞİ'!E46)","v":""},null,null,null,null,null,null,null,null,null,null,null,null,null,{"$f":"IF('BİLGİ GİRİŞİ'!W46=\"\",\"\",'BİLGİ GİRİŞİ'!W46)","v":""},null,null,null,{"$f":"IF('BİLGİ GİRİŞİ'!T46=\"\",\"\",IF('BİLGİ GİRİŞİ'!$BN$28=1,\"1\",'BİLGİ GİRİŞİ'!T46))","v":""}]
[{"$f":"IF('BİLGİ GİRİŞİ'!D47=\"\",\"\",'BİLGİ GİRİŞİ'!D47)","v":""},{"$f":"IF('BİLGİ GİRİŞİ'!E47=\"\",\"\",'BİLGİ GİRİŞİ'!E47)","v":""},null,null,null,null,null,null,null,null,null,null,null,null,null,{"$f":"IF('BİLGİ GİRİŞİ'!W47=\"\",\"\",'BİLGİ GİRİŞİ'!W47)","v":""},null,null,null,{"$f":"IF('BİLGİ GİRİŞİ'!T47=\"\",\"\",IF('BİLGİ GİRİŞİ'!$BN$28=1,\"1\",'BİLGİ GİRİŞİ'!T47))","v":""}]
[{"$f":"IF('BİLGİ GİRİŞİ'!D48=\"\",\"\",'BİLGİ GİRİŞİ'!D48)","v":""},{"$f":"IF('BİLGİ GİRİŞİ'!E48=\"\",\"\",'BİLGİ GİRİŞİ'!E48)","v":""},null,null,null,null,null,null,null,null,null,null,null,null,null,{"$f":"IF('BİLGİ GİRİŞİ'!W48=\"\",\"\",'BİLGİ GİRİŞİ'!W48)","v":""},null,null,null,{"$f":"IF('BİLGİ GİRİŞİ'!T48=\"\",\"\",IF('BİLGİ GİRİŞİ'!$BN$28=1,\"1\",'BİLGİ GİRİŞİ'!T48))","v":""}]
[{"$f":"IF('BİLGİ GİRİŞİ'!D49=\"\",\"\",'BİLGİ GİRİŞİ'!D49)","v":""},{"$f":"IF('BİLGİ GİRİŞİ'!E49=\"\",\"\",'BİLGİ GİRİŞİ'!E49)","v":""},null,null,null,null,null,null,null,null,null,null,null,null,null,{"$f":"IF('BİLGİ GİRİŞİ'!W49=\"\",\"\",'BİLGİ GİRİŞİ'!W49)","v":""},null,null,null,{"$f":"IF('BİLGİ GİRİŞİ'!T49=\"\",\"\",IF('BİLGİ GİRİŞİ'!$BN$28=1,\"1\",'BİLGİ GİRİŞİ'!T49))","v":""}]
[{"$f":"IF('BİLGİ GİRİŞİ'!D50=\"\",\"\",'BİLGİ GİRİŞİ'!D50)","v":""},{"$f":"IF('BİLGİ GİRİŞİ'!E50=\"\",\"\",'BİLGİ GİRİŞİ'!E50)","v":""},null,null,null,null,null,null,null,null,null,null,null,null,null,{"$f":"IF('BİLGİ GİRİŞİ'!W50=\"\",\"\",'BİLGİ GİRİŞİ'!W50)","v":""},null,null,null,{"$f":"IF('BİLGİ GİRİŞİ'!T50=\"\",\"\",IF('BİLGİ GİRİŞİ'!$BN$28=1,\"1\",'BİLGİ GİRİŞİ'!T50))","v":""}]
[{"$f":"IF('BİLGİ GİRİŞİ'!D51=\"\",\"\",'BİLGİ GİRİŞİ'!D51)","v":""},{"$f":"IF('BİLGİ GİRİŞİ'!E51=\"\",\"\",'BİLGİ GİRİŞİ'!E51)","v":""},null,null,null,null,null,null,null,null,null,null,null,null,null,{"$f":"IF('BİLGİ GİRİŞİ'!W51=\"\",\"\",'BİLGİ GİRİŞİ'!W51)","v":""},null,null,null,{"$f":"IF('BİLGİ GİRİŞİ'!T51=\"\",\"\",IF('BİLGİ GİRİŞİ'!$BN$28=1,\"1\",'BİLGİ GİRİŞİ'!T51))","v":""}]
[{"$f":"IF('BİLGİ GİRİŞİ'!D52=\"\",\"\",'BİLGİ GİRİŞİ'!D52)","v":""},{"$f":"IF('BİLGİ GİRİŞİ'!E52=\"\",\"\",'BİLGİ GİRİŞİ'!E52)","v":""},null,null,null,null,null,null,null,null,null,null,null,null,null,{"$f":"IF('BİLGİ GİRİŞİ'!W52=\"\",\"\",'BİLGİ GİRİŞİ'!W52)","v":""},null,null,null,{"$f":"IF('BİLGİ GİRİŞİ'!T52=\"\",\"\",IF('BİLGİ GİRİŞİ'!$BN$28=1,\"1\",'BİLGİ GİRİŞİ'!T52))","v":""}]
[{"$f":"IF('BİLGİ GİRİŞİ'!D53=\"\",\"\",'BİLGİ GİRİŞİ'!D53)","v":""},{"$f":"IF('BİLGİ GİRİŞİ'!E53=\"\",\"\",'BİLGİ GİRİŞİ'!E53)","v":""},null,null,null,null,null,null,null,null,null,null,null,null,null,{"$f":"IF('BİLGİ GİRİŞİ'!W53=\"\",\"\",'BİLGİ GİRİŞİ'!W53)","v":""},null,null,null,{"$f":"IF('BİLGİ GİRİŞİ'!T53=\"\",\"\",IF('BİLGİ GİRİŞİ'!$BN$28=1,\"1\",'BİLGİ GİRİŞİ'!T53))","v":""}]
[{"$f":"IF('BİLGİ GİRİŞİ'!D54=\"\",\"\",'BİLGİ GİRİŞİ'!D54)","v":""},{"$f":"IF('BİLGİ GİRİŞİ'!E54=\"\",\"\",'BİLGİ GİRİŞİ'!E54)","v":""},null,null,null,null,null,null,null,null,null,null,null,null,null,{"$f":"IF('BİLGİ GİRİŞİ'!W54=\"\",\"\",'BİLGİ GİRİŞİ'!W54)","v":""},null,null,null,{"$f":"IF('BİLGİ GİRİŞİ'!T54=\"\",\"\",IF('BİLGİ GİRİŞİ'!$BN$28=1,\"1\",'BİLGİ GİRİŞİ'!T54))","v":""}]
[{"$f":"IF('BİLGİ GİRİŞİ'!D55=\"\",\"\",'BİLGİ GİRİŞİ'!D55)","v":""},{"$f":"IF('BİLGİ GİRİŞİ'!E55=\"\",\"\",'BİLGİ GİRİŞİ'!E55)","v":""},null,null,null,null,null,null,null,null,null,null,null,null,null,{"$f":"IF('BİLGİ GİRİŞİ'!W55=\"\",\"\",'BİLGİ GİRİŞİ'!W55)","v":""},null,null,null,{"$f":"IF('BİLGİ GİRİŞİ'!T55=\"\",\"\",IF('BİLGİ GİRİŞİ'!$BN$28=1,\"1\",'BİLGİ GİRİŞİ'!T55))","v":""}]
[{"$f":"IF('BİLGİ GİRİŞİ'!D56=\"\",\"\",'BİLGİ GİRİŞİ'!D56)","v":""},{"$f":"IF('BİLGİ GİRİŞİ'!E56=\"\",\"\",'BİLGİ GİRİŞİ'!E56)","v":""},null,null,null,null,null,null,null,null,null,null,null,null,null,{"$f":"IF('BİLGİ GİRİŞİ'!W56=\"\",\"\",'BİLGİ GİRİŞİ'!W56)","v":""},null,null,null,{"$f":"IF('BİLGİ GİRİŞİ'!T56=\"\",\"\",IF('BİLGİ GİRİŞİ'!$BN$28=1,\"1\",'BİLGİ GİRİŞİ'!T56))","v":""}]
[{"$f":"IF('BİLGİ GİRİŞİ'!D57=\"\",\"\",'BİLGİ GİRİŞİ'!D57)","v":""},{"$f":"IF('BİLGİ GİRİŞİ'!E57=\"\",\"\",'BİLGİ GİRİŞİ'!E57)","v":""},null,null,null,null,null,null,null,null,null,null,null,null,null,{"$f":"IF('BİLGİ GİRİŞİ'!W57=\"\",\"\",'BİLGİ GİRİŞİ'!W57)","v":""},null,null,null,{"$f":"IF('BİLGİ GİRİŞİ'!T57=\"\",\"\",IF('BİLGİ GİRİŞİ'!$BN$28=1,\"1\",'BİLGİ GİRİŞİ'!T57))","v":""}]
[{"$f":"IF('BİLGİ GİRİŞİ'!D58=\"\",\"\",'BİLGİ GİRİŞİ'!D58)","v":""},{"$f":"IF('BİLGİ GİRİŞİ'!E58=\"\",\"\",'BİLGİ GİRİŞİ'!E58)","v":""},null,null,null,null,null,null,null,null,null,null,null,null,null,{"$f":"IF('BİLGİ GİRİŞİ'!W58=\"\",\"\",'BİLGİ GİRİŞİ'!W58)","v":""},null,null,null,{"$f":"IF('BİLGİ GİRİŞİ'!T58=\"\",\"\",IF('BİLGİ GİRİŞİ'!$BN$28=1,\"1\",'BİLGİ GİRİŞİ'!T58))","v":""}]
[{"$f":"IF('BİLGİ GİRİŞİ'!D59=\"\",\"\",'BİLGİ GİRİŞİ'!D59)","v":""},{"$f":"IF('BİLGİ GİRİŞİ'!E59=\"\",\"\",'BİLGİ GİRİŞİ'!E59)","v":""},null,null,null,null,null,null,null,null,null,null,null,null,null,{"$f":"IF('BİLGİ GİRİŞİ'!W59=\"\",\"\",'BİLGİ GİRİŞİ'!W59)","v":""},null,null,null,{"$f":"IF('BİLGİ GİRİŞİ'!T59=\"\",\"\",IF('BİLGİ GİRİŞİ'!$BN$28=1,\"1\",'BİLGİ GİRİŞİ'!T59))","v":""}]
[{"$f":"IF('BİLGİ GİRİŞİ'!D60=\"\",\"\",'BİLGİ GİRİŞİ'!D60)","v":""},{"$f":"IF('BİLGİ GİRİŞİ'!E60=\"\",\"\",'BİLGİ GİRİŞİ'!E60)","v":""},null,null,null,null,null,null,null,null,null,null,null,null,null,{"$f":"IF('BİLGİ GİRİŞİ'!W60=\"\",\"\",'BİLGİ GİRİŞİ'!W60)","v":""},null,null,null,{"$f":"IF('BİLGİ GİRİŞİ'!T60=\"\",\"\",IF('BİLGİ GİRİŞİ'!$BN$28=1,\"1\",'BİLGİ GİRİŞİ'!T60))","v":""}]
[{"$f":"IF('BİLGİ GİRİŞİ'!D61=\"\",\"\",'BİLGİ GİRİŞİ'!D61)","v":""},{"$f":"IF('BİLGİ GİRİŞİ'!E61=\"\",\"\",'BİLGİ GİRİŞİ'!E61)","v":""},null,null,null,null,null,null,null,null,null,null,null,null,null,{"$f":"IF('BİLGİ GİRİŞİ'!W61=\"\",\"\",'BİLGİ GİRİŞİ'!W61)","v":""},null,null,null,{"$f":"IF('BİLGİ GİRİŞİ'!T61=\"\",\"\",IF('BİLGİ GİRİŞİ'!$BN$28=1,\"1\",'BİLGİ GİRİŞİ'!T61))","v":""}]
[{"$f":"IF('BİLGİ GİRİŞİ'!D62=\"\",\"\",'BİLGİ GİRİŞİ'!D62)","v":""},{"$f":"IF('BİLGİ GİRİŞİ'!E62=\"\",\"\",'BİLGİ GİRİŞİ'!E62)","v":""},null,null,null,null,null,null,null,null,null,null,null,null,null,{"$f":"IF('BİLGİ GİRİŞİ'!W62=\"\",\"\",'BİLGİ GİRİŞİ'!W62)","v":""},null,null,null,{"$f":"IF('BİLGİ GİRİŞİ'!T62=\"\",\"\",IF('BİLGİ GİRİŞİ'!$BN$28=1,\"1\",'BİLGİ GİRİŞİ'!T62))","v":""}]
[{"$f":"IF('BİLGİ GİRİŞİ'!D63=\"\",\"\",'BİLGİ GİRİŞİ'!D63)","v":""},{"$f":"IF('BİLGİ GİRİŞİ'!E63=\"\",\"\",'BİLGİ GİRİŞİ'!E63)","v":""},null,null,null,null,null,null,null,null,null,null,null,null,null,{"$f":"IF('BİLGİ GİRİŞİ'!W63=\"\",\"\",'BİLGİ GİRİŞİ'!W63)","v":""},null,null,null,{"$f":"IF('BİLGİ GİRİŞİ'!T63=\"\",\"\",IF('BİLGİ GİRİŞİ'!$BN$28=1,\"1\",'BİLGİ GİRİŞİ'!T63))","v":""}]
[{"$f":"IF('BİLGİ GİRİŞİ'!D64=\"\",\"\",'BİLGİ GİRİŞİ'!D64)","v":""},{"$f":"IF('BİLGİ GİRİŞİ'!E64=\"\",\"\",'BİLGİ GİRİŞİ'!E64)","v":""},null,null,null,null,null,null,null,null,null,null,null,null,null,{"$f":"IF('BİLGİ GİRİŞİ'!W64=\"\",\"\",'BİLGİ GİRİŞİ'!W64)","v":""},null,null,null,{"$f":"IF('BİLGİ GİRİŞİ'!T64=\"\",\"\",IF('BİLGİ GİRİŞİ'!$BN$28=1,\"1\",'BİLGİ GİRİŞİ'!T64))","v":""}]
[{"$f":"IF('BİLGİ GİRİŞİ'!D65=\"\",\"\",'BİLGİ GİRİŞİ'!D65)","v":""},{"$f":"IF('BİLGİ GİRİŞİ'!E65=\"\",\"\",'BİLGİ GİRİŞİ'!E65)","v":""},null,null,null,null,null,null,null,null,null,null,null,null,null,{"$f":"IF('BİLGİ GİRİŞİ'!W65=\"\",\"\",'BİLGİ GİRİŞİ'!W65)","v":""},null,null,null,{"$f":"IF('BİLGİ GİRİŞİ'!T65=\"\",\"\",IF('BİLGİ GİRİŞİ'!$BN$28=1,\"1\",'BİLGİ GİRİŞİ'!T65))","v":""}]
[{"$f":"IF('BİLGİ GİRİŞİ'!D66=\"\",\"\",'BİLGİ GİRİŞİ'!D66)","v":""},{"$f":"IF('BİLGİ GİRİŞİ'!E66=\"\",\"\",'BİLGİ GİRİŞİ'!E66)","v":""},null,null,null,null,null,null,null,null,null,null,null,null,null,{"$f":"IF('BİLGİ GİRİŞİ'!W66=\"\",\"\",'BİLGİ GİRİŞİ'!W66)","v":""},null,null,null,{"$f":"IF('BİLGİ GİRİŞİ'!T66=\"\",\"\",IF('BİLGİ GİRİŞİ'!$BN$28=1,\"1\",'BİLGİ GİRİŞİ'!T66))","v":""}]
[{"$f":"IF('BİLGİ GİRİŞİ'!D67=\"\",\"\",'BİLGİ GİRİŞİ'!D67)","v":""},{"$f":"IF('BİLGİ GİRİŞİ'!E67=\"\",\"\",'BİLGİ GİRİŞİ'!E67)","v":""},null,null,null,null,null,null,null,null,null,null,null,null,null,{"$f":"IF('BİLGİ GİRİŞİ'!W67=\"\",\"\",'BİLGİ GİRİŞİ'!W67)","v":""},null,null,null,{"$f":"IF('BİLGİ GİRİŞİ'!T67=\"\",\"\",IF('BİLGİ GİRİŞİ'!$BN$28=1,\"1\",'BİLGİ GİRİŞİ'!T67))","v":""}]
[{"$f":"IF('BİLGİ GİRİŞİ'!D68=\"\",\"\",'BİLGİ GİRİŞİ'!D68)","v":""},{"$f":"IF('BİLGİ GİRİŞİ'!E68=\"\",\"\",'BİLGİ GİRİŞİ'!E68)","v":""},null,null,null,null,null,null,null,null,null,null,null,null,null,{"$f":"IF('BİLGİ GİRİŞİ'!W68=\"\",\"\",'BİLGİ GİRİŞİ'!W68)","v":""},null,null,null,{"$f":"IF('BİLGİ GİRİŞİ'!T68=\"\",\"\",IF('BİLGİ GİRİŞİ'!$BN$28=1,\"1\",'BİLGİ GİRİŞİ'!T68))","v":""}]
[{"$f":"IF('BİLGİ GİRİŞİ'!D69=\"\",\"\",'BİLGİ GİRİŞİ'!D69)","v":""},{"$f":"IF('BİLGİ GİRİŞİ'!E69=\"\",\"\",'BİLGİ GİRİŞİ'!E69)","v":""},null,null,null,null,null,null,null,null,null,null,null,null,null,{"$f":"IF('BİLGİ GİRİŞİ'!W69=\"\",\"\",'BİLGİ GİRİŞİ'!W69)","v":""},null,null,null,{"$f":"IF('BİLGİ GİRİŞİ'!T69=\"\",\"\",IF('BİLGİ GİRİŞİ'!$BN$28=1,\"1\",'BİLGİ GİRİŞİ'!T69))","v":""}]
[{"$f":"IF('BİLGİ GİRİŞİ'!D70=\"\",\"\",'BİLGİ GİRİŞİ'!D70)","v":""},{"$f":"IF('BİLGİ GİRİŞİ'!E70=\"\",\"\",'BİLGİ GİRİŞİ'!E70)","v":""},null,null,null,null,null,null,null,null,null,null,null,null,null,{"$f":"IF('BİLGİ GİRİŞİ'!W70=\"\",\"\",'BİLGİ GİRİŞİ'!W70)","v":""},null,null,null,{"$f":"IF('BİLGİ GİRİŞİ'!T70=\"\",\"\",IF('BİLGİ GİRİŞİ'!$BN$28=1,\"1\",'BİLGİ GİRİŞİ'!T70))","v":""}]
[{"$f":"IF('BİLGİ GİRİŞİ'!D71=\"\",\"\",'BİLGİ GİRİŞİ'!D71)","v":""},{"$f":"IF('BİLGİ GİRİŞİ'!E71=\"\",\"\",'BİLGİ GİRİŞİ'!E71)","v":""},null,null,null,null,null,null,null,null,null,null,null,null,null,{"$f":"IF('BİLGİ GİRİŞİ'!W71=\"\",\"\",'BİLGİ GİRİŞİ'!W71)","v":""},null,null,null,{"$f":"IF('BİLGİ GİRİŞİ'!T71=\"\",\"\",IF('BİLGİ GİRİŞİ'!$BN$28=1,\"1\",'BİLGİ GİRİŞİ'!T71))","v":""}]
[{"$f":"IF('BİLGİ GİRİŞİ'!D72=\"\",\"\",'BİLGİ GİRİŞİ'!D72)","v":""},{"$f":"IF('BİLGİ GİRİŞİ'!E72=\"\",\"\",'BİLGİ GİRİŞİ'!E72)","v":""},null,null,null,null,null,null,null,null,null,null,null,null,null,{"$f":"IF('BİLGİ GİRİŞİ'!W72=\"\",\"\",'BİLGİ GİRİŞİ'!W72)","v":""},null,null,null,{"$f":"IF('BİLGİ GİRİŞİ'!T72=\"\",\"\",IF('BİLGİ GİRİŞİ'!$BN$28=1,\"1\",'BİLGİ GİRİŞİ'!T72))","v":""}]
[{"$f":"IF('BİLGİ GİRİŞİ'!D73=\"\",\"\",'BİLGİ GİRİŞİ'!D73)","v":""},{"$f":"IF('BİLGİ GİRİŞİ'!E73=\"\",\"\",'BİLGİ GİRİŞİ'!E73)","v":""},null,null,null,null,null,null,null,null,null,null,null,null,null,{"$f":"IF('BİLGİ GİRİŞİ'!W73=\"\",\"\",'BİLGİ GİRİŞİ'!W73)","v":""},null,null,null,{"$f":"IF('BİLGİ GİRİŞİ'!T73=\"\",\"\",IF('BİLGİ GİRİŞİ'!$BN$28=1,\"1\",'BİLGİ GİRİŞİ'!T73))","v":""}]
[{"$f":"IF('BİLGİ GİRİŞİ'!D74=\"\",\"\",'BİLGİ GİRİŞİ'!D74)","v":""},{"$f":"IF('BİLGİ GİRİŞİ'!E74=\"\",\"\",'BİLGİ GİRİŞİ'!E74)","v":""},null,null,null,null,null,null,null,null,null,null,null,null,null,{"$f":"IF('BİLGİ GİRİŞİ'!W74=\"\",\"\",'BİLGİ GİRİŞİ'!W74)","v":""},null,null,null,{"$f":"IF('BİLGİ GİRİŞİ'!T74=\"\",\"\",IF('BİLGİ GİRİŞİ'!$BN$28=1,\"1\",'BİLGİ GİRİŞİ'!T74))","v":""}]
[{"$f":"IF('BİLGİ GİRİŞİ'!D75=\"\",\"\",'BİLGİ GİRİŞİ'!D75)","v":""},{"$f":"IF('BİLGİ GİRİŞİ'!E75=\"\",\"\",'BİLGİ GİRİŞİ'!E75)","v":""},null,null,null,null,null,null,null,null,null,null,null,null,null,{"$f":"IF('BİLGİ GİRİŞİ'!W75=\"\",\"\",'BİLGİ GİRİŞİ'!W75)","v":""},null,null,null,{"$f":"IF('BİLGİ GİRİŞİ'!T75=\"\",\"\",IF('BİLGİ GİRİŞİ'!$BN$28=1,\"1\",'BİLGİ GİRİŞİ'!T75))","v":""}]
[{"$f":"IF('BİLGİ GİRİŞİ'!D76=\"\",\"\",'BİLGİ GİRİŞİ'!D76)","v":""},{"$f":"IF('BİLGİ GİRİŞİ'!E76=\"\",\"\",'BİLGİ GİRİŞİ'!E76)","v":""},null,null,null,null,null,null,null,null,null,null,null,null,null,{"$f":"IF('BİLGİ GİRİŞİ'!W76=\"\",\"\",'BİLGİ GİRİŞİ'!W76)","v":""},null,null,null,{"$f":"IF('BİLGİ GİRİŞİ'!T76=\"\",\"\",IF('BİLGİ GİRİŞİ'!$BN$28=1,\"1\",'BİLGİ GİRİŞİ'!T76))","v":""}]
[{"$f":"IF('BİLGİ GİRİŞİ'!D77=\"\",\"\",'BİLGİ GİRİŞİ'!D77)","v":""},{"$f":"IF('BİLGİ GİRİŞİ'!E77=\"\",\"\",'BİLGİ GİRİŞİ'!E77)","v":""},null,null,null,null,null,null,null,null,null,null,null,null,null,{"$f":"IF('BİLGİ GİRİŞİ'!W77=\"\",\"\",'BİLGİ GİRİŞİ'!W77)","v":""},null,null,null,{"$f":"IF('BİLGİ GİRİŞİ'!T77=\"\",\"\",IF('BİLGİ GİRİŞİ'!$BN$28=1,\"1\",'BİLGİ GİRİŞİ'!T77))","v":""}]
[{"$f":"IF('BİLGİ GİRİŞİ'!D78=\"\",\"\",'BİLGİ GİRİŞİ'!D78)","v":""},{"$f":"IF('BİLGİ GİRİŞİ'!E78=\"\",\"\",'BİLGİ GİRİŞİ'!E78)","v":""},null,null,null,null,null,null,null,null,null,null,null,null,null,{"$f":"IF('BİLGİ GİRİŞİ'!W78=\"\",\"\",'BİLGİ GİRİŞİ'!W78)","v":""},null,null,null,{"$f":"IF('BİLGİ GİRİŞİ'!T78=\"\",\"\",IF('BİLGİ GİRİŞİ'!$BN$28=1,\"1\",'BİLGİ GİRİŞİ'!T78))","v":""}]
[{"$f":"IF('BİLGİ GİRİŞİ'!D79=\"\",\"\",'BİLGİ GİRİŞİ'!D79)","v":""},{"$f":"IF('BİLGİ GİRİŞİ'!E79=\"\",\"\",'BİLGİ GİRİŞİ'!E79)","v":""},null,null,null,null,null,null,null,null,null,null,null,null,null,{"$f":"IF('BİLGİ GİRİŞİ'!W79=\"\",\"\",'BİLGİ GİRİŞİ'!W79)","v":""},null,null,null,{"$f":"IF('BİLGİ GİRİŞİ'!T79=\"\",\"\",IF('BİLGİ GİRİŞİ'!$BN$28=1,\"1\",'BİLGİ GİRİŞİ'!T79))","v":""}]
[{"$f":"IF('BİLGİ GİRİŞİ'!D80=\"\",\"\",'BİLGİ GİRİŞİ'!D80)","v":""},{"$f":"IF('BİLGİ GİRİŞİ'!E80=\"\",\"\",'BİLGİ GİRİŞİ'!E80)","v":""},null,null,null,null,null,null,null,null,null,null,null,null,null,{"$f":"IF('BİLGİ GİRİŞİ'!W80=\"\",\"\",'BİLGİ GİRİŞİ'!W80)","v":""},null,null,null,{"$f":"IF('BİLGİ GİRİŞİ'!T80=\"\",\"\",IF('BİLGİ GİRİŞİ'!$BN$28=1,\"1\",'BİLGİ GİRİŞİ'!T80))","v":""}]
[{"$f":"IF('BİLGİ GİRİŞİ'!D81=\"\",\"\",'BİLGİ GİRİŞİ'!D81)","v":""},{"$f":"IF('BİLGİ GİRİŞİ'!E81=\"\",\"\",'BİLGİ GİRİŞİ'!E81)","v":""},null,null,null,null,null,null,null,null,null,null,null,null,null,{"$f":"IF('BİLGİ GİRİŞİ'!W81=\"\",\"\",'BİLGİ GİRİŞİ'!W81)","v":""},null,null,null,{"$f":"IF('BİLGİ GİRİŞİ'!T81=\"\",\"\",IF('BİLGİ GİRİŞİ'!$BN$28=1,\"1\",'BİLGİ GİRİŞİ'!T81))","v":""}]
[{"$f":"IF('BİLGİ GİRİŞİ'!D82=\"\",\"\",'BİLGİ GİRİŞİ'!D82)","v":""},{"$f":"IF('BİLGİ GİRİŞİ'!E82=\"\",\"\",'BİLGİ GİRİŞİ'!E82)","v":""},null,null,null,null,null,null,null,null,null,null,null,null,null,{"$f":"IF('BİLGİ GİRİŞİ'!W82=\"\",\"\",'BİLGİ GİRİŞİ'!W82)","v":""},null,null,null,{"$f":"IF('BİLGİ GİRİŞİ'!T82=\"\",\"\",IF('BİLGİ GİRİŞİ'!$BN$28=1,\"1\",'BİLGİ GİRİŞİ'!T82))","v":""}]
[{"$f":"IF('BİLGİ GİRİŞİ'!D83=\"\",\"\",'BİLGİ GİRİŞİ'!D83)","v":""},{"$f":"IF('BİLGİ GİRİŞİ'!E83=\"\",\"\",'BİLGİ GİRİŞİ'!E83)","v":""},null,null,null,null,null,null,null,null,null,null,null,null,null,{"$f":"IF('BİLGİ GİRİŞİ'!W83=\"\",\"\",'BİLGİ GİRİŞİ'!W83)","v":""},null,null,null,{"$f":"IF('BİLGİ GİRİŞİ'!T83=\"\",\"\",IF('BİLGİ GİRİŞİ'!$BN$28=1,\"1\",'BİLGİ GİRİŞİ'!T83))","v":""}]
[{"$f":"IF('BİLGİ GİRİŞİ'!D84=\"\",\"\",'BİLGİ GİRİŞİ'!D84)","v":""},{"$f":"IF('BİLGİ GİRİŞİ'!E84=\"\",\"\",'BİLGİ GİRİŞİ'!E84)","v":""},null,null,null,null,null,null,null,null,null,null,null,null,null,{"$f":"IF('BİLGİ GİRİŞİ'!W84=\"\",\"\",'BİLGİ GİRİŞİ'!W84)","v":""},null,null,null,{"$f":"IF('BİLGİ GİRİŞİ'!T84=\"\",\"\",IF('BİLGİ GİRİŞİ'!$BN$28=1,\"1\",'BİLGİ GİRİŞİ'!T84))","v":""}]
[{"$f":"IF('BİLGİ GİRİŞİ'!D85=\"\",\"\",'BİLGİ GİRİŞİ'!D85)","v":""},{"$f":"IF('BİLGİ GİRİŞİ'!E85=\"\",\"\",'BİLGİ GİRİŞİ'!E85)","v":""},null,null,null,null,null,null,null,null,null,null,null,null,null,{"$f":"IF('BİLGİ GİRİŞİ'!W85=\"\",\"\",'BİLGİ GİRİŞİ'!W85)","v":""},null,null,null,{"$f":"IF('BİLGİ GİRİŞİ'!T85=\"\",\"\",IF('BİLGİ GİRİŞİ'!$BN$28=1,\"1\",'BİLGİ GİRİŞİ'!T85))","v":""}]
[{"$f":"IF('BİLGİ GİRİŞİ'!D86=\"\",\"\",'BİLGİ GİRİŞİ'!D86)","v":""},{"$f":"IF('BİLGİ GİRİŞİ'!E86=\"\",\"\",'BİLGİ GİRİŞİ'!E86)","v":""},null,null,null,null,null,null,null,null,null,null,null,null,null,{"$f":"IF('BİLGİ GİRİŞİ'!W86=\"\",\"\",'BİLGİ GİRİŞİ'!W86)","v":""},null,null,null,{"$f":"IF('BİLGİ GİRİŞİ'!T86=\"\",\"\",IF('BİLGİ GİRİŞİ'!$BN$28=1,\"1\",'BİLGİ GİRİŞİ'!T86))","v":""}]
[{"$f":"IF('BİLGİ GİRİŞİ'!D87=\"\",\"\",'BİLGİ GİRİŞİ'!D87)","v":""},{"$f":"IF('BİLGİ GİRİŞİ'!E87=\"\",\"\",'BİLGİ GİRİŞİ'!E87)","v":""},null,null,null,null,null,null,null,null,null,null,null,null,null,{"$f":"IF('BİLGİ GİRİŞİ'!W87=\"\",\"\",'BİLGİ GİRİŞİ'!W87)","v":""},null,null,null,{"$f":"IF('BİLGİ GİRİŞİ'!T87=\"\",\"\",IF('BİLGİ GİRİŞİ'!$BN$28=1,\"1\",'BİLGİ GİRİŞİ'!T87))","v":""}]
[{"$f":"IF('BİLGİ GİRİŞİ'!D88=\"\",\"\",'BİLGİ GİRİŞİ'!D88)","v":""},{"$f":"IF('BİLGİ GİRİŞİ'!E88=\"\",\"\",'BİLGİ GİRİŞİ'!E88)","v":""},null,null,null,null,null,null,null,null,null,null,null,null,null,{"$f":"IF('BİLGİ GİRİŞİ'!W88=\"\",\"\",'BİLGİ GİRİŞİ'!W88)","v":""},null,null,null,{"$f":"IF('BİLGİ GİRİŞİ'!T88=\"\",\"\",IF('BİLGİ GİRİŞİ'!$BN$28=1,\"1\",'BİLGİ GİRİŞİ'!T88))","v":""}]
[{"$f":"IF('BİLGİ GİRİŞİ'!D89=\"\",\"\",'BİLGİ GİRİŞİ'!D89)","v":""},{"$f":"IF('BİLGİ GİRİŞİ'!E89=\"\",\"\",'BİLGİ GİRİŞİ'!E89)","v":""},null,null,null,null,null,null,null,null,null,null,null,null,null,{"$f":"IF('BİLGİ GİRİŞİ'!W89=\"\",\"\",'BİLGİ GİRİŞİ'!W89)","v":""},null,null,null,{"$f":"IF('BİLGİ GİRİŞİ'!T89=\"\",\"\",IF('BİLGİ GİRİŞİ'!$BN$28=1,\"1\",'BİLGİ GİRİŞİ'!T89))","v":""}]
[{"$f":"IF('BİLGİ GİRİŞİ'!D90=\"\",\"\",'BİLGİ GİRİŞİ'!D90)","v":""},{"$f":"IF('BİLGİ GİRİŞİ'!E90=\"\",\"\",'BİLGİ GİRİŞİ'!E90)","v":""},null,null,null,null,null,null,null,null,null,null,null,null,null,{"$f":"IF('BİLGİ GİRİŞİ'!W90=\"\",\"\",'BİLGİ GİRİŞİ'!W90)","v":""},null,null,null,{"$f":"IF('BİLGİ GİRİŞİ'!T90=\"\",\"\",IF('BİLGİ GİRİŞİ'!$BN$28=1,\"1\",'BİLGİ GİRİŞİ'!T90))","v":""}]
[{"$f":"IF('BİLGİ GİRİŞİ'!D91=\"\",\"\",'BİLGİ GİRİŞİ'!D91)","v":""},{"$f":"IF('BİLGİ GİRİŞİ'!E91=\"\",\"\",'BİLGİ GİRİŞİ'!E91)","v":""},null,null,null,null,null,null,null,null,null,null,null,null,null,{"$f":"IF('BİLGİ GİRİŞİ'!W91=\"\",\"\",'BİLGİ GİRİŞİ'!W91)","v":""},null,null,null,{"$f":"IF('BİLGİ GİRİŞİ'!T91=\"\",\"\",IF('BİLGİ GİRİŞİ'!$BN$28=1,\"1\",'BİLGİ GİRİŞİ'!T91))","v":""}]
[{"$f":"IF('BİLGİ GİRİŞİ'!D92=\"\",\"\",'BİLGİ GİRİŞİ'!D92)","v":""},{"$f":"IF('BİLGİ GİRİŞİ'!E92=\"\",\"\",'BİLGİ GİRİŞİ'!E92)","v":""},null,null,null,null,null,null,null,null,null,null,null,null,null,{"$f":"IF('BİLGİ GİRİŞİ'!W92=\"\",\"\",'BİLGİ GİRİŞİ'!W92)","v":""},null,null,null,{"$f":"IF('BİLGİ GİRİŞİ'!T92=\"\",\"\",IF('BİLGİ GİRİŞİ'!$BN$28=1,\"1\",'BİLGİ GİRİŞİ'!T92))","v":""}]
[{"$f":"IF('BİLGİ GİRİŞİ'!D93=\"\",\"\",'BİLGİ GİRİŞİ'!D93)","v":""},{"$f":"IF('BİLGİ GİRİŞİ'!E93=\"\",\"\",'BİLGİ GİRİŞİ'!E93)","v":""},null,null,null,null,null,null,null,null,null,null,null,null,null,{"$f":"IF('BİLGİ GİRİŞİ'!W93=\"\",\"\",'BİLGİ GİRİŞİ'!W93)","v":""},null,null,null,{"$f":"IF('BİLGİ GİRİŞİ'!T93=\"\",\"\",IF('BİLGİ GİRİŞİ'!$BN$28=1,\"1\",'BİLGİ GİRİŞİ'!T93))","v":""}]
[{"$f":"IF('BİLGİ GİRİŞİ'!D94=\"\",\"\",'BİLGİ GİRİŞİ'!D94)","v":""},{"$f":"IF('BİLGİ GİRİŞİ'!E94=\"\",\"\",'BİLGİ GİRİŞİ'!E94)","v":""},null,null,null,null,null,null,null,null,null,null,null,null,null,{"$f":"IF('BİLGİ GİRİŞİ'!W94=\"\",\"\",'BİLGİ GİRİŞİ'!W94)","v":""},null,null,null,{"$f":"IF('BİLGİ GİRİŞİ'!T94=\"\",\"\",IF('BİLGİ GİRİŞİ'!$BN$28=1,\"1\",'BİLGİ GİRİŞİ'!T94))","v":""}]
[{"$f":"IF('BİLGİ GİRİŞİ'!D95=\"\",\"\",'BİLGİ GİRİŞİ'!D95)","v":""},{"$f":"IF('BİLGİ GİRİŞİ'!E95=\"\",\"\",'BİLGİ GİRİŞİ'!E95)","v":""},null,null,null,null,null,null,null,null,null,null,null,null,null,{"$f":"IF('BİLGİ GİRİŞİ'!W95=\"\",\"\",'BİLGİ GİRİŞİ'!W95)","v":""},null,null,null,{"$f":"IF('BİLGİ GİRİŞİ'!T95=\"\",\"\",IF('BİLGİ GİRİŞİ'!$BN$28=1,\"1\",'BİLGİ GİRİŞİ'!T95))","v":""}]
[{"$f":"IF('BİLGİ GİRİŞİ'!D96=\"\",\"\",'BİLGİ GİRİŞİ'!D96)","v":""},{"$f":"IF('BİLGİ GİRİŞİ'!E96=\"\",\"\",'BİLGİ GİRİŞİ'!E96)","v":""},null,null,null,null,null,null,null,null,null,null,null,null,null,{"$f":"IF('BİLGİ GİRİŞİ'!W96=\"\",\"\",'BİLGİ GİRİŞİ'!W96)","v":""},null,null,null,{"$f":"IF('BİLGİ GİRİŞİ'!T96=\"\",\"\",IF('BİLGİ GİRİŞİ'!$BN$28=1,\"1\",'BİLGİ GİRİŞİ'!T96))","v":""}]
[{"$f":"IF('BİLGİ GİRİŞİ'!D97=\"\",\"\",'BİLGİ GİRİŞİ'!D97)","v":""},{"$f":"IF('BİLGİ GİRİŞİ'!E97=\"\",\"\",'BİLGİ GİRİŞİ'!E97)","v":""},null,null,null,null,null,null,null,null,null,null,null,null,null,{"$f":"IF('BİLGİ GİRİŞİ'!W97=\"\",\"\",'BİLGİ GİRİŞİ'!W97)","v":""},null,null,null,{"$f":"IF('BİLGİ GİRİŞİ'!T97=\"\",\"\",IF('BİLGİ GİRİŞİ'!$BN$28=1,\"1\",'BİLGİ GİRİŞİ'!T97))","v":""}]
[{"$f":"IF('BİLGİ GİRİŞİ'!D98=\"\",\"\",'BİLGİ GİRİŞİ'!D98)","v":""},{"$f":"IF('BİLGİ GİRİŞİ'!E98=\"\",\"\",'BİLGİ GİRİŞİ'!E98)","v":""},null,null,null,null,null,null,null,null,null,null,null,null,null,{"$f":"IF('BİLGİ GİRİŞİ'!W98=\"\",\"\",'BİLGİ GİRİŞİ'!W98)","v":""},null,null,null,{"$f":"IF('BİLGİ GİRİŞİ'!T98=\"\",\"\",IF('BİLGİ GİRİŞİ'!$BN$28=1,\"1\",'BİLGİ GİRİŞİ'!T98))","v":""}]
[{"$f":"IF('BİLGİ GİRİŞİ'!D99=\"\",\"\",'BİLGİ GİRİŞİ'!D99)","v":""},{"$f":"IF('BİLGİ GİRİŞİ'!E99=\"\",\"\",'BİLGİ GİRİŞİ'!E99)","v":""},null,null,null,null,null,null,null,null,null,null,null,null,null,{"$f":"IF('BİLGİ GİRİŞİ'!W99=\"\",\"\",'BİLGİ GİRİŞİ'!W99)","v":""},null,null,null,{"$f":"IF('BİLGİ GİRİŞİ'!T99=\"\",\"\",IF('BİLGİ GİRİŞİ'!$BN$28=1,\"1\",'BİLGİ GİRİŞİ'!T99))","v":""}]
[{"$f":"IF('BİLGİ GİRİŞİ'!D100=\"\",\"\",'BİLGİ GİRİŞİ'!D100)","v":""},{"$f":"IF('BİLGİ GİRİŞİ'!E100=\"\",\"\",'BİLGİ GİRİŞİ'!E100)","v":""},null,null,null,null,null,null,null,null,null,null,null,null,null,{"$f":"IF('BİLGİ GİRİŞİ'!W100=\"\",\"\",'BİLGİ GİRİŞİ'!W100)","v":""},null,null,null,{"$f":"IF('BİLGİ GİRİŞİ'!T100=\"\",\"\",IF('BİLGİ GİRİŞİ'!$BN$28=1,\"1\",'BİLGİ GİRİŞİ'!T100))","v":""}]
[{"$f":"IF('BİLGİ GİRİŞİ'!D101=\"\",\"\",'BİLGİ GİRİŞİ'!D101)","v":""},{"$f":"IF('BİLGİ GİRİŞİ'!E101=\"\",\"\",'BİLGİ GİRİŞİ'!E101)","v":""},null,null,null,null,null,null,null,null,null,null,null,null,null,{"$f":"IF('BİLGİ GİRİŞİ'!W101=\"\",\"\",'BİLGİ GİRİŞİ'!W101)","v":""},null,null,null,{"$f":"IF('BİLGİ GİRİŞİ'!T101=\"\",\"\",IF('BİLGİ GİRİŞİ'!$BN$28=1,\"1\",'BİLGİ GİRİŞİ'!T101))","v":""}]
[{"$f":"IF('BİLGİ GİRİŞİ'!D102=\"\",\"\",'BİLGİ GİRİŞİ'!D102)","v":""},{"$f":"IF('BİLGİ GİRİŞİ'!E102=\"\",\"\",'BİLGİ GİRİŞİ'!E102)","v":""},null,null,null,null,null,null,null,null,null,null,null,null,null,{"$f":"IF('BİLGİ GİRİŞİ'!W102=\"\",\"\",'BİLGİ GİRİŞİ'!W102)","v":""},null,null,null,{"$f":"IF('BİLGİ GİRİŞİ'!T102=\"\",\"\",IF('BİLGİ GİRİŞİ'!$BN$28=1,\"1\",'BİLGİ GİRİŞİ'!T102))","v":""}]
[{"$f":"IF('BİLGİ GİRİŞİ'!D103=\"\",\"\",'BİLGİ GİRİŞİ'!D103)","v":""},{"$f":"IF('BİLGİ GİRİŞİ'!E103=\"\",\"\",'BİLGİ GİRİŞİ'!E103)","v":""},null,null,null,null,null,null,null,null,null,null,null,null,null,{"$f":"IF('BİLGİ GİRİŞİ'!W103=\"\",\"\",'BİLGİ GİRİŞİ'!W103)","v":""},null,null,null,{"$f":"IF('BİLGİ GİRİŞİ'!T103=\"\",\"\",IF('BİLGİ GİRİŞİ'!$BN$28=1,\"1\",'BİLGİ GİRİŞİ'!T103))","v":""}]
[{"$f":"IF('BİLGİ GİRİŞİ'!D104=\"\",\"\",'BİLGİ GİRİŞİ'!D104)","v":""},{"$f":"IF('BİLGİ GİRİŞİ'!E104=\"\",\"\",'BİLGİ GİRİŞİ'!E104)","v":""},null,null,null,null,null,null,null,null,null,null,null,null,null,{"$f":"IF('BİLGİ GİRİŞİ'!W104=\"\",\"\",'BİLGİ GİRİŞİ'!W104)","v":""},null,null,null,{"$f":"IF('BİLGİ GİRİŞİ'!T104=\"\",\"\",IF('BİLGİ GİRİŞİ'!$BN$28=1,\"1\",'BİLGİ GİRİŞİ'!T104))","v":""}]
[{"$f":"IF('BİLGİ GİRİŞİ'!D105=\"\",\"\",'BİLGİ GİRİŞİ'!D105)","v":""},{"$f":"IF('BİLGİ GİRİŞİ'!E105=\"\",\"\",'BİLGİ GİRİŞİ'!E105)","v":""},null,null,null,null,null,null,null,null,null,null,null,null,null,{"$f":"IF('BİLGİ GİRİŞİ'!W105=\"\",\"\",'BİLGİ GİRİŞİ'!W105)","v":""},null,null,null,{"$f":"IF('BİLGİ GİRİŞİ'!T105=\"\",\"\",IF('BİLGİ GİRİŞİ'!$BN$28=1,\"1\",'BİLGİ GİRİŞİ'!T105))","v":""}]
[{"$f":"IF('BİLGİ GİRİŞİ'!D106=\"\",\"\",'BİLGİ GİRİŞİ'!D106)","v":""},{"$f":"IF('BİLGİ GİRİŞİ'!E106=\"\",\"\",'BİLGİ GİRİŞİ'!E106)","v":""},null,null,null,null,null,null,null,null,null,null,null,null,null,{"$f":"IF('BİLGİ GİRİŞİ'!W106=\"\",\"\",'BİLGİ GİRİŞİ'!W106)","v":""},null,null,null,{"$f":"IF('BİLGİ GİRİŞİ'!T106=\"\",\"\",IF('BİLGİ GİRİŞİ'!$BN$28=1,\"1\",'BİLGİ GİRİŞİ'!T106))","v":""}]
[{"$f":"IF('BİLGİ GİRİŞİ'!D107=\"\",\"\",'BİLGİ GİRİŞİ'!D107)","v":""},{"$f":"IF('BİLGİ GİRİŞİ'!E107=\"\",\"\",'BİLGİ GİRİŞİ'!E107)","v":""},null,null,null,null,null,null,null,null,null,null,null,null,null,{"$f":"IF('BİLGİ GİRİŞİ'!W107=\"\",\"\",'BİLGİ GİRİŞİ'!W107)","v":""},null,null,null,{"$f":"IF('BİLGİ GİRİŞİ'!T107=\"\",\"\",IF('BİLGİ GİRİŞİ'!$BN$28=1,\"1\",'BİLGİ GİRİŞİ'!T107))","v":""}]
[{"$f":"IF('BİLGİ GİRİŞİ'!D108=\"\",\"\",'BİLGİ GİRİŞİ'!D108)","v":""},{"$f":"IF('BİLGİ GİRİŞİ'!E108=\"\",\"\",'BİLGİ GİRİŞİ'!E108)","v":""},null,null,null,null,null,null,null,null,null,null,null,null,null,{"$f":"IF('BİLGİ GİRİŞİ'!W108=\"\",\"\",'BİLGİ GİRİŞİ'!W108)","v":""},null,null,null,{"$f":"IF('BİLGİ GİRİŞİ'!T108=\"\",\"\",IF('BİLGİ GİRİŞİ'!$BN$28=1,\"1\",'BİLGİ GİRİŞİ'!T108))","v":""}]
[{"$f":"IF('BİLGİ GİRİŞİ'!D109=\"\",\"\",'BİLGİ GİRİŞİ'!D109)","v":""},{"$f":"IF('BİLGİ GİRİŞİ'!E109=\"\",\"\",'BİLGİ GİRİŞİ'!E109)","v":""},null,null,null,null,null,null,null,null,null,null,null,null,null,{"$f":"IF('BİLGİ GİRİŞİ'!W109=\"\",\"\",'BİLGİ GİRİŞİ'!W109)","v":""},null,null,null,{"$f":"IF('BİLGİ GİRİŞİ'!T109=\"\",\"\",IF('BİLGİ GİRİŞİ'!$BN$28=1,\"1\",'BİLGİ GİRİŞİ'!T109))","v":""}]
[{"$f":"IF('BİLGİ GİRİŞİ'!D110=\"\",\"\",'BİLGİ GİRİŞİ'!D110)","v":""},{"$f":"IF('BİLGİ GİRİŞİ'!E110=\"\",\"\",'BİLGİ GİRİŞİ'!E110)","v":""},null,null,null,null,null,null,null,null,null,null,null,null,null,{"$f":"IF('BİLGİ GİRİŞİ'!W110=\"\",\"\",'BİLGİ GİRİŞİ'!W110)","v":""},null,null,null,{"$f":"IF('BİLGİ GİRİŞİ'!T110=\"\",\"\",IF('BİLGİ GİRİŞİ'!$BN$28=1,\"1\",'BİLGİ GİRİŞİ'!T110))","v":""}]
[{"$f":"IF('BİLGİ GİRİŞİ'!D111=\"\",\"\",'BİLGİ GİRİŞİ'!D111)","v":""},{"$f":"IF('BİLGİ GİRİŞİ'!E111=\"\",\"\",'BİLGİ GİRİŞİ'!E111)","v":""},null,null,null,null,null,null,null,null,null,null,null,null,null,{"$f":"IF('BİLGİ GİRİŞİ'!W111=\"\",\"\",'BİLGİ GİRİŞİ'!W111)","v":""},null,null,null,{"$f":"IF('BİLGİ GİRİŞİ'!T111=\"\",\"\",IF('BİLGİ GİRİŞİ'!$BN$28=1,\"1\",'BİLGİ GİRİŞİ'!T111))","v":""}]
[{"$f":"IF('BİLGİ GİRİŞİ'!D112=\"\",\"\",'BİLGİ GİRİŞİ'!D112)","v":""},{"$f":"IF('BİLGİ GİRİŞİ'!E112=\"\",\"\",'BİLGİ GİRİŞİ'!E112)","v":""},null,null,null,null,null,null,null,null,null,null,null,null,null,{"$f":"IF('BİLGİ GİRİŞİ'!W112=\"\",\"\",'BİLGİ GİRİŞİ'!W112)","v":""},null,null,null,{"$f":"IF('BİLGİ GİRİŞİ'!T112=\"\",\"\",IF('BİLGİ GİRİŞİ'!$BN$28=1,\"1\",'BİLGİ GİRİŞİ'!T112))","v":""}]
[{"$f":"IF('BİLGİ GİRİŞİ'!D113=\"\",\"\",'BİLGİ GİRİŞİ'!D113)","v":""},{"$f":"IF('BİLGİ GİRİŞİ'!E113=\"\",\"\",'BİLGİ GİRİŞİ'!E113)","v":""},null,null,null,null,null,null,null,null,null,null,null,null,null,{"$f":"IF('BİLGİ GİRİŞİ'!W113=\"\",\"\",'BİLGİ GİRİŞİ'!W113)","v":""},null,null,null,{"$f":"IF('BİLGİ GİRİŞİ'!T113=\"\",\"\",IF('BİLGİ GİRİŞİ'!$BN$28=1,\"1\",'BİLGİ GİRİŞİ'!T113))","v":""}]
[{"$f":"IF('BİLGİ GİRİŞİ'!D114=\"\",\"\",'BİLGİ GİRİŞİ'!D114)","v":""},{"$f":"IF('BİLGİ GİRİŞİ'!E114=\"\",\"\",'BİLGİ GİRİŞİ'!E114)","v":""},null,null,null,null,null,null,null,null,null,null,null,null,null,{"$f":"IF('BİLGİ GİRİŞİ'!W114=\"\",\"\",'BİLGİ GİRİŞİ'!W114)","v":""},null,null,null,{"$f":"IF('BİLGİ GİRİŞİ'!T114=\"\",\"\",IF('BİLGİ GİRİŞİ'!$BN$28=1,\"1\",'BİLGİ GİRİŞİ'!T114))","v":""}]
[{"$f":"IF('BİLGİ GİRİŞİ'!D115=\"\",\"\",'BİLGİ GİRİŞİ'!D115)","v":""},{"$f":"IF('BİLGİ GİRİŞİ'!E115=\"\",\"\",'BİLGİ GİRİŞİ'!E115)","v":""},null,null,null,null,null,null,null,null,null,null,null,null,null,{"$f":"IF('BİLGİ GİRİŞİ'!W115=\"\",\"\",'BİLGİ GİRİŞİ'!W115)","v":""},null,null,null,{"$f":"IF('BİLGİ GİRİŞİ'!T115=\"\",\"\",IF('BİLGİ GİRİŞİ'!$BN$28=1,\"1\",'BİLGİ GİRİŞİ'!T115))","v":""}]
[{"$f":"IF('BİLGİ GİRİŞİ'!D116=\"\",\"\",'BİLGİ GİRİŞİ'!D116)","v":""},{"$f":"IF('BİLGİ GİRİŞİ'!E116=\"\",\"\",'BİLGİ GİRİŞİ'!E116)","v":""},null,null,null,null,null,null,null,null,null,null,null,null,null,{"$f":"IF('BİLGİ GİRİŞİ'!W116=\"\",\"\",'BİLGİ GİRİŞİ'!W116)","v":""},null,null,null,{"$f":"IF('BİLGİ GİRİŞİ'!T116=\"\",\"\",IF('BİLGİ GİRİŞİ'!$BN$28=1,\"1\",'BİLGİ GİRİŞİ'!T116))","v":""}]
[{"$f":"IF('BİLGİ GİRİŞİ'!D117=\"\",\"\",'BİLGİ GİRİŞİ'!D117)","v":""},{"$f":"IF('BİLGİ GİRİŞİ'!E117=\"\",\"\",'BİLGİ GİRİŞİ'!E117)","v":""},null,null,null,null,null,null,null,null,null,null,null,null,null,{"$f":"IF('BİLGİ GİRİŞİ'!W117=\"\",\"\",'BİLGİ GİRİŞİ'!W117)","v":""},null,null,null,{"$f":"IF('BİLGİ GİRİŞİ'!T117=\"\",\"\",IF('BİLGİ GİRİŞİ'!$BN$28=1,\"1\",'BİLGİ GİRİŞİ'!T117))","v":""}]
[{"$f":"IF('BİLGİ GİRİŞİ'!D118=\"\",\"\",'BİLGİ GİRİŞİ'!D118)","v":""},{"$f":"IF('BİLGİ GİRİŞİ'!E118=\"\",\"\",'BİLGİ GİRİŞİ'!E118)","v":""},null,null,null,null,null,null,null,null,null,null,null,null,null,{"$f":"IF('BİLGİ GİRİŞİ'!W118=\"\",\"\",'BİLGİ GİRİŞİ'!W118)","v":""},null,null,null,{"$f":"IF('BİLGİ GİRİŞİ'!T118=\"\",\"\",IF('BİLGİ GİRİŞİ'!$BN$28=1,\"1\",'BİLGİ GİRİŞİ'!T118))","v":""}]
[{"$f":"IF('BİLGİ GİRİŞİ'!D119=\"\",\"\",'BİLGİ GİRİŞİ'!D119)","v":""},{"$f":"IF('BİLGİ GİRİŞİ'!E119=\"\",\"\",'BİLGİ GİRİŞİ'!E119)","v":""},null,null,null,null,null,null,null,null,null,null,null,null,null,{"$f":"IF('BİLGİ GİRİŞİ'!W119=\"\",\"\",'BİLGİ GİRİŞİ'!W119)","v":""},null,null,null,{"$f":"IF('BİLGİ GİRİŞİ'!T119=\"\",\"\",IF('BİLGİ GİRİŞİ'!$BN$28=1,\"1\",'BİLGİ GİRİŞİ'!T119))","v":""}]
[{"$f":"IF('BİLGİ GİRİŞİ'!D120=\"\",\"\",'BİLGİ GİRİŞİ'!D120)","v":""},{"$f":"IF('BİLGİ GİRİŞİ'!E120=\"\",\"\",'BİLGİ GİRİŞİ'!E120)","v":""},null,null,null,null,null,null,null,null,null,null,null,null,null,{"$f":"IF('BİLGİ GİRİŞİ'!W120=\"\",\"\",'BİLGİ GİRİŞİ'!W120)","v":""},null,null,null,{"$f":"IF('BİLGİ GİRİŞİ'!T120=\"\",\"\",IF('BİLGİ GİRİŞİ'!$BN$28=1,\"1\",'BİLGİ GİRİŞİ'!T120))","v":""}]
[{"$f":"IF('BİLGİ GİRİŞİ'!D121=\"\",\"\",'BİLGİ GİRİŞİ'!D121)","v":""},{"$f":"IF('BİLGİ GİRİŞİ'!E121=\"\",\"\",'BİLGİ GİRİŞİ'!E121)","v":""},null,null,null,null,null,null,null,null,null,null,null,null,null,{"$f":"IF('BİLGİ GİRİŞİ'!W121=\"\",\"\",'BİLGİ GİRİŞİ'!W121)","v":""},null,null,null,{"$f":"IF('BİLGİ GİRİŞİ'!T121=\"\",\"\",IF('BİLGİ GİRİŞİ'!$BN$28=1,\"1\",'BİLGİ GİRİŞİ'!T121))","v":""}]
[{"$f":"IF('BİLGİ GİRİŞİ'!D122=\"\",\"\",'BİLGİ GİRİŞİ'!D122)","v":""},{"$f":"IF('BİLGİ GİRİŞİ'!E122=\"\",\"\",'BİLGİ GİRİŞİ'!E122)","v":""},null,null,null,null,null,null,null,null,null,null,null,null,null,{"$f":"IF('BİLGİ GİRİŞİ'!W122=\"\",\"\",'BİLGİ GİRİŞİ'!W122)","v":""},null,null,null,{"$f":"IF('BİLGİ GİRİŞİ'!T122=\"\",\"\",IF('BİLGİ GİRİŞİ'!$BN$28=1,\"1\",'BİLGİ GİRİŞİ'!T122))","v":""}]
[{"$f":"IF('BİLGİ GİRİŞİ'!D123=\"\",\"\",'BİLGİ GİRİŞİ'!D123)","v":""},{"$f":"IF('BİLGİ GİRİŞİ'!E123=\"\",\"\",'BİLGİ GİRİŞİ'!E123)","v":""},null,null,null,null,null,null,null,null,null,null,null,null,null,{"$f":"IF('BİLGİ GİRİŞİ'!W123=\"\",\"\",'BİLGİ GİRİŞİ'!W123)","v":""},null,null,null,{"$f":"IF('BİLGİ GİRİŞİ'!T123=\"\",\"\",IF('BİLGİ GİRİŞİ'!$BN$28=1,\"1\",'BİLGİ GİRİŞİ'!T123))","v":""}]
[{"$f":"IF('BİLGİ GİRİŞİ'!D124=\"\",\"\",'BİLGİ GİRİŞİ'!D124)","v":""},{"$f":"IF('BİLGİ GİRİŞİ'!E124=\"\",\"\",'BİLGİ GİRİŞİ'!E124)","v":""},null,null,null,null,null,null,null,null,null,null,null,null,null,{"$f":"IF('BİLGİ GİRİŞİ'!W124=\"\",\"\",'BİLGİ GİRİŞİ'!W124)","v":""},null,null,null,{"$f":"IF('BİLGİ GİRİŞİ'!T124=\"\",\"\",IF('BİLGİ GİRİŞİ'!$BN$28=1,\"1\",'BİLGİ GİRİŞİ'!T124))","v":""}]
[{"$f":"IF('BİLGİ GİRİŞİ'!D125=\"\",\"\",'BİLGİ GİRİŞİ'!D125)","v":""},{"$f":"IF('BİLGİ GİRİŞİ'!E125=\"\",\"\",'BİLGİ GİRİŞİ'!E125)","v":""},null,null,null,null,null,null,null,null,null,null,null,null,null,{"$f":"IF('BİLGİ GİRİŞİ'!W125=\"\",\"\",'BİLGİ GİRİŞİ'!W125)","v":""},null,null,null,{"$f":"IF('BİLGİ GİRİŞİ'!T125=\"\",\"\",IF('BİLGİ GİRİŞİ'!$BN$28=1,\"1\",'BİLGİ GİRİŞİ'!T125))","v":""}]
[{"$f":"IF('BİLGİ GİRİŞİ'!D126=\"\",\"\",'BİLGİ GİRİŞİ'!D126)","v":""},{"$f":"IF('BİLGİ GİRİŞİ'!E126=\"\",\"\",'BİLGİ GİRİŞİ'!E126)","v":""},null,null,null,null,null,null,null,null,null,null,null,null,null,{"$f":"IF('BİLGİ GİRİŞİ'!W126=\"\",\"\",'BİLGİ GİRİŞİ'!W126)","v":""},null,null,null,{"$f":"IF('BİLGİ GİRİŞİ'!T126=\"\",\"\",IF('BİLGİ GİRİŞİ'!$BN$28=1,\"1\",'BİLGİ GİRİŞİ'!T126))","v":""}]
[{"$f":"IF('BİLGİ GİRİŞİ'!D127=\"\",\"\",'BİLGİ GİRİŞİ'!D127)","v":""},{"$f":"IF('BİLGİ GİRİŞİ'!E127=\"\",\"\",'BİLGİ GİRİŞİ'!E127)","v":""},null,null,null,null,null,null,null,null,null,null,null,null,null,{"$f":"IF('BİLGİ GİRİŞİ'!W127=\"\",\"\",'BİLGİ GİRİŞİ'!W127)","v":""},null,null,null,{"$f":"IF('BİLGİ GİRİŞİ'!T127=\"\",\"\",IF('BİLGİ GİRİŞİ'!$BN$28=1,\"1\",'BİLGİ GİRİŞİ'!T127))","v":""}]
[{"$f":"IF('BİLGİ GİRİŞİ'!D128=\"\",\"\",'BİLGİ GİRİŞİ'!D128)","v":""},{"$f":"IF('BİLGİ GİRİŞİ'!E128=\"\",\"\",'BİLGİ GİRİŞİ'!E128)","v":""},null,null,null,null,null,null,null,null,null,null,null,null,null,{"$f":"IF('BİLGİ GİRİŞİ'!W128=\"\",\"\",'BİLGİ GİRİŞİ'!W128)","v":""},null,null,null,{"$f":"IF('BİLGİ GİRİŞİ'!T128=\"\",\"\",IF('BİLGİ GİRİŞİ'!$BN$28=1,\"1\",'BİLGİ GİRİŞİ'!T128))","v":""}]
[{"$f":"IF('BİLGİ GİRİŞİ'!D129=\"\",\"\",'BİLGİ GİRİŞİ'!D129)","v":""},{"$f":"IF('BİLGİ GİRİŞİ'!E129=\"\",\"\",'BİLGİ GİRİŞİ'!E129)","v":""},null,null,null,null,null,null,null,null,null,null,null,null,null,{"$f":"IF('BİLGİ GİRİŞİ'!W129=\"\",\"\",'BİLGİ GİRİŞİ'!W129)","v":""},null,null,null,{"$f":"IF('BİLGİ GİRİŞİ'!T129=\"\",\"\",IF('BİLGİ GİRİŞİ'!$BN$28=1,\"1\",'BİLGİ GİRİŞİ'!T129))","v":""}]
["TOPLAM (KDV Hariç)"]
[]
[null,null,null,null,null,null,null,null,null,null,null,null,null,null,null,null,null,null,null,null,"KİŞİ/FİRMA KAŞE/İMZA"]

{"sheet":"3","index":4,"n_rows":125,"n_cols":45,"rows_kept":125,"cut":false,"hidden":false,"merged":[[112,41,112,43],[112,44,112,46],[113,1,113,14],[113,15,113,18],[113,19,113,22],[113,23,113,25],[113,26,113,28],[113,29,113,31],[113,32,113,34],[113,35,113,37],[113,38,113,40],[113,41,113,43],[113,44,113,46],[112,1,112,14],[112,15,112,18],[112,19,112,22],[112,23,112,25],[112,26,112,28],[112,29,112,31],[112,32,112,34],[112,35,112,37],[112,38,112,40],[110,41,110,43],[110,44,110,46],[111,1,111,14],[111,15,111,18],[111,19,111,22],[111,23,111,25],[111,26,111,28],[111,29,111,31],[111,32,111,34],[111,35,111,37],[111,38,111,40],[111,41,111,43],[111,44,111,46],[110,1,110,14],[110,15,110,18],[110,19,110,22],[110,23,110,25],[110,26,110,28],[110,29,110,31],[110,32,110,34],[110,35,110,37],[110,38,110,40],[108,41,108,43],[108,44,108,46],[109,1,109,14],[109,15,109,18],[109,19,109,22],[109,23,109,25],[109,26,109,28],[109,29,109,31],[109,32,109,34],[109,35,109,37],[109,38,109,40],[109,41,109,43],[109,44,109,46],[108,1,108,14],[108,15,108,18],[108,19,108,22],[108,23,108,25],[108,26,108,28],[108,29,108,31],[108,32,108,34],[108,35,108,37],[108,38,108,40],[106,41,106,43],[106,44,106,46],[107,1,107,14],[107,15,107,18],[107,19,107,22],[107,23,107,25],[107,26,107,28],[107,29,107,31],[107,32,107,34],[107,35,107,37],[107,38,107,40],[107,41,107,43],[107,44,107,46],[106,1,106,14],[106,15,106,18],[106,19,106,22],[106,23,106,25],[106,26,106,28],[106,29,106,31],[106,32,106,34],[106,35,106,37],[106,38,106,40],[104,41,104,43],[104,44,104,46],[105,1,105,14],[105,15,105,18],[105,19,105,22],[105,23,105,25],[105,26,105,28],[105,29,105,31],[105,32,105,34],[105,35,105,37],[105,38,105,40],[105,41,105,43],[105,44,105,46],[104,1,104,14],[104,15,104,18],[104,19,104,22],[104,23,104,25],[104,26,104,28],[104,29,104,31],[104,32,104,34],[104,35,104,37],[104,38,104,40],[102,41,102,43],[102,44,102,46],[103,1,103,14],[103,15,103,18],[103,19,103,22],[103,23,103,25],[103,26,103,28],[103,29,103,31],[103,32,103,34],[103,35,103,37],[103,38,103,40],[103,41,103,43],[103,44,103,46],[102,1,102,14],[102,15,102,18],[102,19,102,22],[102,23,102,25],[102,26,102,28],[102,29,102,31],[102,32,102,34],[102,35,102,37],[102,38,102,40],[100,41,100,43],[100,44,100,46],[101,1,101,14],[101,15,101,18],[101,19,101,22],[101,23,101,25],[101,26,101,28],[101,29,101,31],[101,32,101,34],[101,35,101,37],[101,38,101,40],[101,41,101,43],[101,44,101,46],[100,1,100,14],[100,15,100,18],[100,19,100,22],[100,23,100,25],[100,26,100,28],[100,29,100,31],[100,32,100,34],[100,35,100,37],[100,38,100,40],[98,41,98,43],[98,44,98,46],[99,1,99,14],[99,15,99,18],[99,19,99,22],[99,23,99,25],[99,26,99,28],[99,29,99,31],[99,32,99,34],[99,35,99,37],[99,38,99,40],[99,41,99,43],[99,44,99,46],[98,1,98,14],[98,15,98,18],[98,19,98,22],[98,23,98,25],[98,26,98,28],[98,29,98,31],[98,32,98,34],[98,35,98,37],[98,38,98,40],[96,41,96,43],[96,44,96,46],[97,1,97,14],[97,15,97,18],[97,19,97,22],[97,23,97,25],[97,26,97,28],[97,29,97,31],[97,32,97,34],[97,35,97,37],[97,38,97,40],[97,41,97,43],[97,44,97,46],[96,1,96,14],[96,15,96,18],[96,19,96,22],[96,23,96,25],[96,26,96,28],[96,29,96,31],[96,32,96,34],[96,35,96,37],[96,38,96,40],[94,41,94,43],[94,44,94,46],[95,1,95,14],[95,15,95,18],[95,19,95,22],[95,23,95,25],[95,26,95,28],[95,29,95,31],[95,32,95,34],[95,35,95,37],[95,38,95,40],[95,41,95,43],[95,44,95,46],[94,1,94,14],[94,15,94,18],[94,19,94,22],[94,23,94,25],[94,26,94,28],[94,29,94,31],[94,32,94,34],[94,35,94,37],[94,38,94,40],[92,41,92,43],[92,44,92,46],[93,1,93,14],[93,15,93,18],[93,19,93,22],[93,23,93,25],[93,26,93,28],[93,29,93,31],[93,32,93,34],[93,35,93,37],[93,38,93,40],[93,41,93,43],[93,44,93,46],[92,1,92,14],[92,15,92,18],[92,19,92,22],[92,23,92,25],[92,26,92,28],[92,29,92,31],[92,32,92,34],[92,35,92,37],[92,38,92,40],[90,41,90,43],[90,44,90,46],[91,1,91,14],[91,15,91,18],[91,19,91,22],[91,23,91,25],[91,26,91,28],[91,29,91,31],[91,32,91,34],[91,35,91,37],[91,38,91,40],[91,41,91,43],[91,44,91,46],[90,1,90,14],[90,15,90,18],[90,19,90,22],[90,23,90,25],[90,26,90,28],[90,29,90,31],[90,32,90,34],[90,35,90,37],[90,38,90,40],[88,41,88,43],[88,44,88,46],[89,1,89,14],[89,15,89,18],[89,19,89,22],[89,23,89,25],[89,26,89,28],[89,29,89,31],[89,32,89,34],[89,35,89,37],[89,38,89,40],[89,41,89,43],[89,44,89,46],[88,1,88,14],[88,15,88,18],[88,19,88,22],[88,23,88,25],[88,26,88,28],[88,29,88,31],[88,32,88,34],[88,35,88,37],[88,38,88,40],[86,41,86,43],[86,44,86,46],[87,1,87,14],[87,15,87,18],[87,19,87,22],[87,23,87,25],[87,26,87,28],[87,29,87,31],[87,32,87,34],[87,35,87,37],[87,38,87,40],[87,41,87,43],[87,44,87,46],[86,1,86,14],[86,15,86,18],[86,19,86,22],[86,23,86,25],[86,26,86,28],[86,29,86,31],[86,32,86,34],[86,35,86,37],[86,38,86,40],[84,41,84,43],[84,44,84,46],[85,1,85,14],[85,15,85,18],[85,19,85,22],[85,23,85,25],[85,26,85,28],[85,29,85,31],[85,32,85,34],[85,35,85,37],[85,38,85,40],[85,41,85,43],[85,44,85,46],[84,1,84,14],[84,15,84,18],[84,19,84,22],[84,23,84,25],[84,26,84,28],[84,29,84,31],[84,32,84,34],[84,35,84,37],[84,38,84,40],[82,41,82,43],[82,44,82,46],[83,1,83,14],[83,15,83,18],[83,19,83,22],[83,23,83,25],[83,26,83,28],[83,29,83,31],[83,32,83,34],[83,35,83,37],[83,38,83,40],[83,41,83,43],[83,44,83,46],[82,1,82,14],[82,15,82,18],[82,19,82,22],[82,23,82,25],[82,26,82,28],[82,29,82,31],[82,32,82,34],[82,35,82,37],[82,38,82,40],[80,41,80,43],[80,44,80,46],[81,1,81,14],[81,15,81,18],[81,19,81,22],[81,23,81,25],[81,26,81,28],[81,29,81,31],[81,32,81,34],[81,35,81,37],[81,38,81,40],[81,41,81,43],[81,44,81,46],[80,1,80,14],[80,15,80,18],[80,19,80,22],[80,23,80,25],[80,26,80,28],[80,29,80,31],[80,32,80,34],[80,35,80,37],[80,38,80,40],[78,41,78,43],[78,44,78,46],[79,1,79,14],[79,15,79,18],[79,19,79,22],[79,23,79,25],[79,26,79,28],[79,29,79,31],[79,32,79,34],[79,35,79,37],[79,38,79,40],[79,41,79,43],[79,44,79,46],[78,1,78,14],[78,15,78,18],[78,19,78,22],[78,23,78,25],[78,26,78,28],[78,29,78,31],[78,32,78,34],[78,35,78,37],[78,38,78,40],[76,41,76,43],[76,44,76,46],[77,1,77,14],[77,15,77,18],[77,19,77,22],[77,23,77,25],[77,26,77,28],[77,29,77,31],[77,32,77,34],[77,35,77,37],[77,38,77,40],[77,41,77,43],[77,44,77,46],[76,1,76,14],[76,15,76,18],[76,19,76,22],[76,23,76,25],[76,26,76,28],[76,29,76,31],[76,32,76,34],[76,35,76,37],[76,38,76,40],[74,41,74,43],[74,44,74,46],[75,1,75,14],[75,15,75,18],[75,19,75,22],[75,23,75,25],[75,26,75,28],[75,29,75,31],[75,32,75,34],[75,35,75,37],[75,38,75,40],[75,41,75,43],[75,44,75,46],[74,1,74,14],[74,15,74,18],[74,19,74,22],[74,23,74,25],[74,26,74,28],[74,29,74,31],[74,32,74,34],[74,35,74,37],[74,38,74,40],[72,41,72,43],[72,44,72,46],[73,1,73,14],[73,15,73,18],[73,19,73,22],[73,23,73,25],[73,26,73,28],[73,29,73,31],[73,32,73,34],[73,35,73,37],[73,38,73,40],[73,41,73,43],[73,44,73,46],[72,1,72,14],[72,15,72,18],[72,19,72,22],[72,23,72,25],[72,26,72,28],[72,29,72,31],[72,32,72,34],[72,35,72,37],[72,38,72,40],[70,41,70,43],[70,44,70,46],[71,1,71,14],[71,15,71,18],[71,19,71,22],[71,23,71,25],[71,26,71,28],[71,29,71,31],[71,32,71,34],[71,35,71,37],[71,38,71,40],[71,41,71,43],[71,44,71,46],[70,1,70,14],[70,15,70,18],[70,19,70,22],[70,23,70,25],[70,26,70,28],[70,29,70,31],[70,32,70,34],[70,35,70,37],[70,38,70,40],[68,41,68,43],[68,44,68,46],[69,1,69,14],[69,15,69,18],[69,19,69,22],[69,23,69,25],[69,26,69,28],[69,29,69,31],[69,32,69,34],[69,35,69,37],[69,38,69,40],[69,41,69,43],[69,44,69,46],[68,1,68,14],[68,15,68,18],[68,19,68,22],[68,23,68,25],[68,26,68,28],[68,29,68,31],[68,32,68,34],[68,35,68,37],[68,38,68,40],[66,41,66,43],[66,44,66,46],[67,1,67,14],[67,15,67,18],[67,19,67,22],[67,23,67,25],[67,26,67,28],[67,29,67,31],[67,32,67,34],[67,35,67,37],[67,38,67,40],[67,41,67,43],[67,44,67,46],[66,1,66,14],[66,15,66,18],[66,19,66,22],[66,23,66,25],[66,26,66,28],[66,29,66,31],[66,32,66,34],[66,35,66,37],[66,38,66,40],[64,41,64,43],[64,44,64,46],[65,1,65,14],[65,15,65,18],[65,19,65,22],[65,23,65,25],[65,26,65,28],[65,29,65,31],[65,32,65,34],[65,35,65,37],[65,38,65,40],[65,41,65,43],[65,44,65,46],[64,1,64,14],[64,15,64,18],[64,19,64,22],[64,23,64,25],[64,26,64,28],[64,29,64,31],[64,32,64,34],[64,35,64,37],[64,38,64,40],[62,41,62,43],[62,44,62,46],[63,1,63,14],[63,15,63,18],[63,19,63,22],[63,23,63,25],[63,26,63,28],[63,29,63,31],[63,32,63,34],[63,35,63,37],[63,38,63,40],[63,41,63,43],[63,44,63,46],[62,1,62,14],[62,15,62,18],[62,19,62,22],[62,23,62,25],[62,26,62,28],[62,29,62,31],[62,32,62,34],[62,35,62,37],[62,38,62,40],[60,41,60,43],[60,44,60,46],[61,1,61,14],[61,15,61,18],[61,19,61,22],[61,23,61,25],[61,26,61,28],[61,29,61,31],[61,32,61,34],[61,35,61,37],[61,38,61,40],[61,41,61,43],[61,44,61,46],[60,1,60,14],[60,15,60,18],[60,19,60,22],[60,23,60,25],[60,26,60,28],[60,29,60,31],[60,32,60,34],[60,35,60,37],[60,38,60,40],[58,41,58,43],[58,44,58,46],[59,1,59,14],[59,15,59,18],[59,19,59,22],[59,23,59,25],[59,26,59,28],[59,29,59,31],[59,32,59,34],[59,35,59,37],[59,38,59,40],[59,41,59,43],[59,44,59,46],[58,1,58,14],[58,15,58,18],[58,19,58,22],[58,23,58,25],[58,26,58,28],[58,29,58,31],[58,32,58,34],[58,35,58,37],[58,38,58,40],[56,41,56,43],[56,44,56,46],[57,1,57,14],[57,15,57,18],[57,19,57,22],[57,23,57,25],[57,26,57,28],[57,29,57,31],[57,32,57,34],[57,35,57,37],[57,38,57,40],[57,41,57,43],[57,44,57,46],[56,1,56,14],[56,15,56,18],[56,19,56,22],[56,23,56,25],[56,26,56,28],[56,29,56,31],[56,32,56,34],[56,35,56,37],[56,38,56,40],[54,41,54,43],[54,44,54,46],[55,1,55,14],[55,15,55,18],[55,19,55,22],[55,23,55,25],[55,26,55,28],[55,29,55,31],[55,32,55,34],[55,35,55,37],[55,38,55,40],[55,41,55,43],[55,44,55,46],[54,1,54,14],[54,15,54,18],[54,19,54,22],[54,23,54,25],[54,26,54,28],[54,29,54,31],[54,32,54,34],[54,35,54,37],[54,38,54,40],[124,34,124,46],[123,34,123,46],[121,34,121,46],[120,34,120,46],[120,23,120,33],[123,12,123,22],[123,23,123,33],[124,1,124,11],[124,12,124,22],[124,23,124,33],[123,1,123,11],[115,44,115,46],[117,0,117,17],[117,18,117,23],[117,24,117,46],[120,1,120,11],[114,29,114,31],[114,32,114,34],[114,35,114,37],[114,38,114,40],[114,41,114,43],[114,44,114,46],[120,12,120,22],[115,0,115,22],[115,23,115,25],[115,26,115,28],[115,29,115,31],[115,32,115,34],[115,35,115,37],[115,38,115,40],[115,41,115,43],[33,32,33,34],[33,35,33,37],[33,38,33,40],[33,41,33,43],[33,44,33,46],[114,1,114,14],[114,15,114,18],[114,19,114,22],[114,23,114,25],[114,26,114,28],[33,1,33,14],[33,15,33,18],[33,19,33,22],[33,23,33,25],[33,26,33,28],[33,29,33,31],[34,1,34,14],[35,1,35,14],[36,1,36,14],[37,1,37,14],[38,1,38,14],[39,1,39,14],[40,1,40,14],[41,1,41,14],[32,29,32,31],[32,32,32,34],[32,35,32,37],[32,38,32,40],[32,41,32,43],[32,44,32,46],[31,32,31,34],[31,35,31,37],[31,38,31,40],[31,41,31,43],[31,44,31,46],[31,29,31,31],[32,1,32,14],[32,15,32,18],[32,19,32,22],[32,23,32,25],[32,26,32,28],[31,1,31,14],[31,15,31,18],[31,19,31,22],[31,23,31,25],[31,26,31,28],[30,29,30,31],[30,32,30,34],[30,35,30,37],[30,38,30,40],[30,41,30,43],[30,44,30,46],[29,32,29,34],[29,35,29,37],[29,38,29,40],[29,41,29,43],[29,44,29,46],[29,29,29,31],[30,1,30,14],[30,15,30,18],[30,19,30,22],[30,23,30,25],[30,26,30,28],[29,1,29,14],[29,15,29,18],[29,19,29,22],[29,23,29,25],[29,26,29,28],[28,29,28,31],[28,32,28,34],[28,35,28,37],[28,38,28,40],[28,41,28,43],[28,44,28,46],[27,32,27,34],[27,35,27,37],[27,38,27,40],[27,41,27,43],[27,44,27,46],[27,29,27,31],[28,1,28,14],[28,15,28,18],[28,19,28,22],[28,23,28,25],[28,26,28,28],[27,1,27,14],[27,15,27,18],[27,19,27,22],[27,23,27,25],[27,26,27,28],[26,29,26,31],[26,32,26,34],[26,35,26,37],[26,38,26,40],[26,41,26,43],[26,44,26,46],[25,32,25,34],[25,35,25,37],[25,38,25,40],[25,41,25,43],[25,44,25,46],[25,29,25,31],[26,1,26,14],[26,15,26,18],[26,19,26,22],[26,23,26,25],[26,26,26,28],[25,1,25,14],[25,15,25,18],[25,19,25,22],[25,23,25,25],[25,26,25,28],[24,29,24,31],[24,32,24,34],[24,35,24,37],[24,38,24,40],[24,41,24,43],[24,44,24,46],[23,32,23,34],[23,35,23,37],[23,38,23,40],[23,41,23,43],[23,44,23,46],[23,29,23,31],[24,1,24,14],[24,15,24,18],[24,19,24,22],[24,23,24,25],[24,26,24,28],[23,1,23,14],[23,15,23,18],[23,19,23,22],[23,23,23,25],[23,26,23,28],[22,29,22,31],[22,32,22,34],[22,35,22,37],[22,38,22,40],[22,41,22,43],[22,44,22,46],[21,32,21,34],[21,35,21,37],[21,38,21,40],[21,41,21,43],[21,44,21,46],[21,29,21,31],[22,1,22,14],[22,15,22,18],[22,19,22,22],[22,23,22,25],[22,26,22,28],[21,1,21,14],[21,15,21,18],[21,19,21,22],[21,23,21,25],[21,26,21,28],[17,41,17,43],[17,44,17,46],[20,1,20,14],[20,15,20,18],[20,19,20,22],[20,23,20,25],[20,26,20,28],[19,1,19,14],[19,15,19,18],[19,19,19,22],[19,23,19,25],[19,26,19,28],[20,29,20,31],[20,32,20,34],[20,35,20,37],[20,38,20,40],[20,41,20,43],[20,44,20,46],[19,32,19,34],[19,35,19,37],[19,38,19,40],[19,41,19,43],[19,44,19,46],[19,29,19,31],[18,1,18,14],[18,15,18,18],[18,19,18,22],[18,23,18,25],[18,26,18,28],[16,35,16,37],[16,38,16,40],[16,41,16,43],[16,44,16,46],[17,1,17,14],[17,19,17,22],[17,15,17,18],[17,23,17,25],[17,26,17,28],[17,29,17,31],[18,29,18,31],[18,32,18,34],[18,35,18,37],[18,38,18,40],[18,41,18,43],[18,44,18,46],[17,32,17,34],[17,35,17,37],[17,38,17,40],[15,41,15,43],[15,44,15,46],[16,1,16,14],[16,19,16,22],[16,15,16,18],[16,23,16,25],[16,26,16,28],[16,29,16,31],[16,32,16,34],[15,1,15,14],[15,19,15,22],[15,15,15,18],[15,23,15,25],[15,26,15,28],[15,29,15,31],[15,32,15,34],[15,35,15,37],[15,38,15,40],[13,1,14,14],[13,15,14,18],[14,41,14,43],[14,44,14,46],[13,19,14,22],[13,23,13,28],[13,29,13,34],[13,35,13,40],[14,23,14,25],[14,26,14,28],[14,29,14,31],[14,32,14,34],[14,35,14,37],[14,38,14,40],[43,1,43,14],[44,1,44,14],[45,1,45,14],[46,1,46,14],[47,1,47,14],[48,1,48,14],[49,1,49,14],[50,1,50,14],[1,0,1,46],[3,0,3,9],[3,11,3,41],[3,42,3,46],[5,0,5,9],[5,11,5,46],[6,0,6,9],[6,11,6,14],[6,16,6,46],[4,0,4,9],[4,11,4,46],[8,0,10,46],[12,0,12,22],[12,23,12,40],[12,41,13,46],[13,0,14,0],[51,1,51,14],[52,1,52,14],[53,1,53,14],[34,15,34,18],[35,15,35,18],[36,15,36,18],[37,15,37,18],[38,15,38,18],[39,15,39,18],[40,15,40,18],[41,15,41,18],[42,15,42,18],[43,15,43,18],[44,15,44,18],[45,15,45,18],[46,15,46,18],[47,15,47,18],[48,15,48,18],[49,15,49,18],[50,15,50,18],[51,15,51,18],[52,15,52,18],[53,15,53,18],[42,1,42,14],[34,19,34,22],[35,19,35,22],[36,19,36,22],[37,19,37,22],[38,19,38,22],[39,19,39,22],[40,19,40,22],[41,19,41,22],[42,19,42,22],[43,19,43,22],[44,19,44,22],[45,19,45,22],[46,19,46,22],[47,19,47,22],[48,19,48,22],[49,19,49,22],[50,19,50,22],[51,19,51,22],[52,19,52,22],[53,19,53,22],[34,23,34,25],[34,26,34,28],[34,29,34,31],[34,32,34,34],[34,35,34,37]],"merged_total":1155,"flags":["merged_cut"]}
[]
["YAKLAŞIK MALİYET HESAP CETVELİ"]
[]
["İdarenin Adı",null,null,null,null,null,null,null,null,null,":",{"$f":"IF('BİLGİ GİRİŞİ'!O8=\"\",\"\",'BİLGİ GİRİŞİ'!O8)","v":"Atatürk İlkokulu Müdürlüğü"},null,null,null,null,null,null,null,null,null,null,null,null,null,null,null,null,null,null,null,null,null,null,null,null,null,null,null,null,null,null,{"$f":"IF('BİLGİ GİRİŞİ'!O17=\"\",\"….../….../….…..\",'BİLGİ GİRİŞİ'!O17)","v":"2023-03-07"}]
["Doğrudan Temin Numarası",null,null,null,null,null,null,null,null,null,":",{"$f":"IF('BİLGİ GİRİŞİ'!O11=\"\",\"\",'BİLGİ GİRİŞİ'!O11)","v":"22DT1211930"}]
["Mal/Hizmet/Yapım Adı, Niteliği ",null,null,null,null,null,null,null,null,null,":",{"$f":"IF('BİLGİ GİRİŞİ'!O9=\"\",\"\",'BİLGİ GİRİŞİ'!O9)","v":"Bilişim Malzemeleri Alımı"}]
["Alım/Görevlendirme Onay Tarihi/sayısı",null,null,null,null,null,null,null,null,null,":",{"$f":"IF('BİLGİ GİRİŞİ'!O15=\"\",\"\",'BİLGİ GİRİŞİ'!O15)","v":"2023-03-06"},null,null,null,"/",{"$f":"IF('BİLGİ GİRİŞİ'!S15=\"\",\"\",'BİLGİ GİRİŞİ'!S15)","v":456789123}]
[]
[{"$f":"CONCATENATE(\"       \",\"Kurumumuz ihtiyaçlarında kullanılmak üzere aşağıda bilgileri verilen  Mal/Hizmet/Yapım İşi,  Kamu İhale Kanunu'nun \",IF('BİLGİ GİRİŞİ'!O10=\"\",\".............................................................................\",'BİLGİ GİRİŞİ'!O10),\" maddesine göre Doğrudan Temin yoluyla satın alınmak üzere piyasa fiyat araştırması yapılmış olup verilen fiyatlar ve yaklaşık maliyet aşağıya çıkarılmıştır.\")","v":"       Kurumumuz ihtiyaçlarında kullanılmak üzere aşağıda bilgileri verilen  Mal/Hizmet/Yapım İşi,  Kamu İhale Kanunu'nun 22/d maddesine göre Doğrudan Temin yoluyla satın alınmak üzere piyasa fiyat araştırması yapılmış olup verilen fiyatlar ve yaklaşık maliyet aşağıya çıkarılmıştır."}]
[]
[]
[]
["MAL'IN/HİZMET'İN/YAPIM İŞİ'NİN",null,null,null,null,null,null,null,null,null,null,null,null,null,null,null,null,null,null,null,null,null,null,"TEKLİF VEREN KİŞİLER/FİRMALAR VE TEKLİF FİYATLARI ",null,null,null,null,null,null,null,null,null,null,null,null,null,null,null,null,null,"YAKLAŞIK MALİYET"]
["S","Kalem/KısımBilgileri",null,null,null,null,null,null,null,null,null,null,null,null,null,"Birimi",null,null,null,"Miktarı",null,null,null,{"$f":"IF('BİLGİ GİRİŞİ'!AB28=\"\",\"\",'BİLGİ GİRİŞİ'!AB28)","v":"A GERÇEK/TÜZEL KİŞİSİ"},null,null,null,null,null,{"$f":"IF('BİLGİ GİRİŞİ'!AJ28=\"\",\"\",'BİLGİ GİRİŞİ'!AJ28)","v":"B GERÇEK/TÜZEL KİŞİSİ"},null,null,null,null,null,{"$f":"IF('BİLGİ GİRİŞİ'!AR28=\"\",\"\",'BİLGİ GİRİŞİ'!AR28)","v":"C GERÇEK/TÜZEL KİŞİSİ"}]
[null,null,null,null,null,null,null,null,null,null,null,null,null,null,null,null,null,null,null,null,null,null,null,"Birim Fiyat",null,null,"Toplam Fiyat",null,null,"Birim Fiyat",null,null,"Toplam Fiyat",null,null,"Birim Fiyat",null,null,"Toplam Fiyat",null,null,"Birim Fiyat",null,null,"Toplam Fiyat"]
[{"$f":"IF('BİLGİ GİRİŞİ'!D30=\"\",\"\",'BİLGİ GİRİŞİ'!D30)","v":1},{"$f":"IF('BİLGİ GİRİŞİ'!E30=\"\",\"\",'BİLGİ GİRİŞİ'!E30)","v":"AIO (All In One) Masaüstü Bilgisayar "},null,null,null,null,null,null,null,null,null,null,null,null,null,{"$f":"IF('BİLGİ GİRİŞİ'!W30=\"\",\"\",'BİLGİ GİRİŞİ'!W30)","v":"Adet"},null,null,null,{"$f":"IF('BİLGİ GİRİŞİ'!T30=\"\",\"\",'BİLGİ GİRİŞİ'!T30)","v":2},null,null,null,{"$f":"IF('BİLGİ GİRİŞİ'!AB30=\"\",\"\",'BİLGİ GİRİŞİ'!AB30)","v":2000},null,null,{"$f":"IF('BİLGİ GİRİŞİ'!AF30=\"\",\"\",'BİLGİ GİRİŞİ'!AF30)","v":4000},null,null,{"$f":"IF('BİLGİ GİRİŞİ'!AJ30=\"\",\"\",'BİLGİ GİRİŞİ'!AJ30)","v":3000},null,null,{"$f":"IF('BİLGİ GİRİŞİ'!AN30=\"\",\"\",'BİLGİ GİRİŞİ'!AN30)","v":6000},null,null,{"$f":"IF('BİLGİ GİRİŞİ'!AR30=\"\",\"\",'BİLGİ GİRİŞİ'!AR30)","v":4000},null,null,{"$f":"IF('BİLGİ GİRİŞİ'!AV30=\"\",\"\",'BİLGİ GİRİŞİ'!AV30)","v":8000},null,null,{"$f":"IF(P16=\"\",\"\",(X16+AD16+AJ16)/3)","v":3000},null,null,{"$f":"IF(P16=\"\",\"\",(AA16+AG16+AM16)/3)","v":6000}]
[{"$f":"IF('BİLGİ GİRİŞİ'!D31=\"\",\"\",'BİLGİ GİRİŞİ'!D31)","v":2},{"$f":"IF('BİLGİ GİRİŞİ'!E31=\"\",\"\",'BİLGİ GİRİŞİ'!E31)","v":"Fotokopi Makinesi"},null,null,null,null,null,null,null,null,null,null,null,null,null,{"$f":"IF('BİLGİ GİRİŞİ'!W31=\"\",\"\",'BİLGİ GİRİŞİ'!W31)","v":"Adet"},null,null,null,{"$f":"IF('BİLGİ GİRİŞİ'!T31=\"\",\"\",'BİLGİ GİRİŞİ'!T31)","v":2},null,null,null,{"$f":"IF('BİLGİ GİRİŞİ'!AB31=\"\",\"\",'BİLGİ GİRİŞİ'!AB31)","v":3000},null,null,{"$f":"IF('BİLGİ GİRİŞİ'!AF31=\"\",\"\",'BİLGİ GİRİŞİ'!AF31)","v":6000},null,null,{"$f":"IF('BİLGİ GİRİŞİ'!AJ31=\"\",\"\",'BİLGİ GİRİŞİ'!AJ31)","v":4000},null,null,{"$f":"IF('BİLGİ GİRİŞİ'!AN31=\"\",\"\",'BİLGİ GİRİŞİ'!AN31)","v":8000},null,null,{"$f":"IF('BİLGİ GİRİŞİ'!AR31=\"\",\"\",'BİLGİ GİRİŞİ'!AR31)","v":5000},null,null,{"$f":"IF('BİLGİ GİRİŞİ'!AV31=\"\",\"\",'BİLGİ GİRİŞİ'!AV31)","v":10000},null,null,{"$f":"IF(P17=\"\",\"\",(X17+AD17+AJ17)/3)","v":4000},null,null,{"$f":"IF(P17=\"\",\"\",(AA17+AG17+AM17)/3)","v":8000}]
[{"$f":"IF('BİLGİ GİRİŞİ'!D32=\"\",\"\",'BİLGİ GİRİŞİ'!D32)","v":3},{"$f":"IF('BİLGİ GİRİŞİ'!E32=\"\",\"\",'BİLGİ GİRİŞİ'!E32)","v":"Projektör"},null,null,null,null,null,null,null,null,null,null,null,null,null,{"$f":"IF('BİLGİ GİRİŞİ'!W32=\"\",\"\",'BİLGİ GİRİŞİ'!W32)","v":"Adet"},null,null,null,{"$f":"IF('BİLGİ GİRİŞİ'!T32=\"\",\"\",'BİLGİ GİRİŞİ'!T32)","v":2},null,null,null,{"$f":"IF('BİLGİ GİRİŞİ'!AB32=\"\",\"\",'BİLGİ GİRİŞİ'!AB32)","v":4000},null,null,{"$f":"IF('BİLGİ GİRİŞİ'!AF32=\"\",\"\",'BİLGİ GİRİŞİ'!AF32)","v":8000},null,null,{"$f":"IF('BİLGİ GİRİŞİ'!AJ32=\"\",\"\",'BİLGİ GİRİŞİ'!AJ32)","v":5000},null,null,{"$f":"IF('BİLGİ GİRİŞİ'!AN32=\"\",\"\",'BİLGİ GİRİŞİ'!AN32)","v":10000},null,null,{"$f":"IF('BİLGİ GİRİŞİ'!AR32=\"\",\"\",'BİLGİ GİRİŞİ'!AR32)","v":6000},null,null,{"$f":"IF('BİLGİ GİRİŞİ'!AV32=\"\",\"\",'BİLGİ GİRİŞİ'!AV32)","v":12000},null,null,5000,null,null,10000]
[{"$f":"IF('BİLGİ GİRİŞİ'!D33=\"\",\"\",'BİLGİ GİRİŞİ'!D33)","v":""},{"$f":"IF('BİLGİ GİRİŞİ'!E33=\"\",\"\",'BİLGİ GİRİŞİ'!E33)","v":""},null,null,null,null,null,null,null,null,null,null,null,null,null,{"$f":"IF('BİLGİ GİRİŞİ'!W33=\"\",\"\",'BİLGİ GİRİŞİ'!W33)","v":""},null,null,null,{"$f":"IF('BİLGİ GİRİŞİ'!T33=\"\",\"\",'BİLGİ GİRİŞİ'!T33)","v":""},null,null,null,{"$f":"IF('BİLGİ GİRİŞİ'!AB33=\"\",\"\",'BİLGİ GİRİŞİ'!AB33)","v":""},null,null,{"$f":"IF('BİLGİ GİRİŞİ'!AF33=\"\",\"\",'BİLGİ GİRİŞİ'!AF33)","v":""},null,null,{"$f":"IF('BİLGİ GİRİŞİ'!AJ33=\"\",\"\",'BİLGİ GİRİŞİ'!AJ33)","v":""},null,null,{"$f":"IF('BİLGİ GİRİŞİ'!AN33=\"\",\"\",'BİLGİ GİRİŞİ'!AN33)","v":""},null,null,{"$f":"IF('BİLGİ GİRİŞİ'!AR33=\"\",\"\",'BİLGİ GİRİŞİ'!AR33)","v":""},null,null,{"$f":"IF('BİLGİ GİRİŞİ'!AV33=\"\",\"\",'BİLGİ GİRİŞİ'!AV33)","v":""},null,null,"",null,null,""]
[{"$f":"IF('BİLGİ GİRİŞİ'!D34=\"\",\"\",'BİLGİ GİRİŞİ'!D34)","v":""},{"$f":"IF('BİLGİ GİRİŞİ'!E34=\"\",\"\",'BİLGİ GİRİŞİ'!E34)","v":""},null,null,null,null,null,null,null,null,null,null,null,null,null,{"$f":"IF('BİLGİ GİRİŞİ'!W34=\"\",\"\",'BİLGİ GİRİŞİ'!W34)","v":""},null,null,null,{"$f":"IF('BİLGİ GİRİŞİ'!T34=\"\",\"\",'BİLGİ GİRİŞİ'!T34)","v":""},null,null,null,{"$f":"IF('BİLGİ GİRİŞİ'!AB34=\"\",\"\",'BİLGİ GİRİŞİ'!AB34)","v":""},null,null,{"$f":"IF('BİLGİ GİRİŞİ'!AF34=\"\",\"\",'BİLGİ GİRİŞİ'!AF34)","v":""},null,null,{"$f":"IF('BİLGİ GİRİŞİ'!AJ34=\"\",\"\",'BİLGİ GİRİŞİ'!AJ34)","v":""},null,null,{"$f":"IF('BİLGİ GİRİŞİ'!AN34=\"\",\"\",'BİLGİ GİRİŞİ'!AN34)","v":""},null,null,{"$f":"IF('BİLGİ GİRİŞİ'!AR34=\"\",\"\",'BİLGİ GİRİŞİ'!AR34)","v":""},null,null,{"$f":"IF('BİLGİ GİRİŞİ'!AV34=\"\",\"\",'BİLGİ GİRİŞİ'!AV34)","v":""},null,null,"",null,null,""]
[{"$f":"IF('BİLGİ GİRİŞİ'!D35=\"\",\"\",'BİLGİ GİRİŞİ'!D35)","v":""},{"$f":"IF('BİLGİ GİRİŞİ'!E35=\"\",\"\",'BİLGİ GİRİŞİ'!E35)","v":""},null,null,null,null,null,null,null,null,null,null,null,null,null,{"$f":"IF('BİLGİ GİRİŞİ'!W35=\"\",\"\",'BİLGİ GİRİŞİ'!W35)","v":""},null,null,null,{"$f":"IF('BİLGİ GİRİŞİ'!T35=\"\",\"\",'BİLGİ GİRİŞİ'!T35)","v":""},null,null,null,{"$f":"IF('BİLGİ GİRİŞİ'!AB35=\"\",\"\",'BİLGİ GİRİŞİ'!AB35)","v":""},null,null,{"$f":"IF('BİLGİ GİRİŞİ'!AF35=\"\",\"\",'BİLGİ GİRİŞİ'!AF35)","v":""},null,null,{"$f":"IF('BİLGİ GİRİŞİ'!AJ35=\"\",\"\",'BİLGİ GİRİŞİ'!AJ35)","v":""},null,null,{"$f":"IF('BİLGİ GİRİŞİ'!AN35=\"\",\"\",'BİLGİ GİRİŞİ'!AN35)","v":""},null,null,{"$f":"IF('BİLGİ GİRİŞİ'!AR35=\"\",\"\",'BİLGİ GİRİŞİ'!AR35)","v":""},null,null,{"$f":"IF('BİLGİ GİRİŞİ'!AV35=\"\",\"\",'BİLGİ GİRİŞİ'!AV35)","v":""},null,null,"",null,null,""]
[{"$f":"IF('BİLGİ GİRİŞİ'!D36=\"\",\"\",'BİLGİ GİRİŞİ'!D36)","v":""},{"$f":"IF('BİLGİ GİRİŞİ'!E36=\"\",\"\",'BİLGİ GİRİŞİ'!E36)","v":""},null,null,null,null,null,null,null,null,null,null,null,null,null,{"$f":"IF('BİLGİ GİRİŞİ'!W36=\"\",\"\",'BİLGİ GİRİŞİ'!W36)","v":""},null,null,null,{"$f":"IF('BİLGİ GİRİŞİ'!T36=\"\",\"\",'BİLGİ GİRİŞİ'!T36)","v":""},null,null,null,{"$f":"IF('BİLGİ GİRİŞİ'!AB36=\"\",\"\",'BİLGİ GİRİŞİ'!AB36)","v":""},null,null,{"$f":"IF('BİLGİ GİRİŞİ'!AF36=\"\",\"\",'BİLGİ GİRİŞİ'!AF36)","v":""},null,null,{"$f":"IF('BİLGİ GİRİŞİ'!AJ36=\"\",\"\",'BİLGİ GİRİŞİ'!AJ36)","v":""},null,null,{"$f":"IF('BİLGİ GİRİŞİ'!AN36=\"\",\"\",'BİLGİ GİRİŞİ'!AN36)","v":""},null,null,{"$f":"IF('BİLGİ GİRİŞİ'!AR36=\"\",\"\",'BİLGİ GİRİŞİ'!AR36)","v":""},null,null,{"$f":"IF('BİLGİ GİRİŞİ'!AV36=\"\",\"\",'BİLGİ GİRİŞİ'!AV36)","v":""},null,null,"",null,null,""]
[{"$f":"IF('BİLGİ GİRİŞİ'!D37=\"\",\"\",'BİLGİ GİRİŞİ'!D37)","v":""},{"$f":"IF('BİLGİ GİRİŞİ'!E37=\"\",\"\",'BİLGİ GİRİŞİ'!E37)","v":""},null,null,null,null,null,null,null,null,null,null,null,null,null,{"$f":"IF('BİLGİ GİRİŞİ'!W37=\"\",\"\",'BİLGİ GİRİŞİ'!W37)","v":""},null,null,null,{"$f":"IF('BİLGİ GİRİŞİ'!T37=\"\",\"\",'BİLGİ GİRİŞİ'!T37)","v":""},null,null,null,{"$f":"IF('BİLGİ GİRİŞİ'!AB37=\"\",\"\",'BİLGİ GİRİŞİ'!AB37)","v":""},null,null,{"$f":"IF('BİLGİ GİRİŞİ'!AF37=\"\",\"\",'BİLGİ GİRİŞİ'!AF37)","v":""},null,null,{"$f":"IF('BİLGİ GİRİŞİ'!AJ37=\"\",\"\",'BİLGİ GİRİŞİ'!AJ37)","v":""},null,null,{"$f":"IF('BİLGİ GİRİŞİ'!AN37=\"\",\"\",'BİLGİ GİRİŞİ'!AN37)","v":""},null,null,{"$f":"IF('BİLGİ GİRİŞİ'!AR37=\"\",\"\",'BİLGİ GİRİŞİ'!AR37)","v":""},null,null,{"$f":"IF('BİLGİ GİRİŞİ'!AV37=\"\",\"\",'BİLGİ GİRİŞİ'!AV37)","v":""},null,null,"",null,null,""]
[{"$f":"IF('BİLGİ GİRİŞİ'!D38=\"\",\"\",'BİLGİ GİRİŞİ'!D38)","v":""},{"$f":"IF('BİLGİ GİRİŞİ'!E38=\"\",\"\",'BİLGİ GİRİŞİ'!E38)","v":""},null,null,null,null,null,null,null,null,null,null,null,null,null,{"$f":"IF('BİLGİ GİRİŞİ'!W38=\"\",\"\",'BİLGİ GİRİŞİ'!W38)","v":""},null,null,null,{"$f":"IF('BİLGİ GİRİŞİ'!T38=\"\",\"\",'BİLGİ GİRİŞİ'!T38)","v":""},null,null,null,{"$f":"IF('BİLGİ GİRİŞİ'!AB38=\"\",\"\",'BİLGİ GİRİŞİ'!AB38)","v":""},null,null,{"$f":"IF('BİLGİ GİRİŞİ'!AF38=\"\",\"\",'BİLGİ GİRİŞİ'!AF38)","v":""},null,null,{"$f":"IF('BİLGİ GİRİŞİ'!AJ38=\"\",\"\",'BİLGİ GİRİŞİ'!AJ38)","v":""},null,null,{"$f":"IF('BİLGİ GİRİŞİ'!AN38=\"\",\"\",'BİLGİ GİRİŞİ'!AN38)","v":""},null,null,{"$f":"IF('BİLGİ GİRİŞİ'!AR38=\"\",\"\",'BİLGİ GİRİŞİ'!AR38)","v":""},null,null,{"$f":"IF('BİLGİ GİRİŞİ'!AV38=\"\",\"\",'BİLGİ GİRİŞİ'!AV38)","v":""},null,null,"",null,null,""]
[{"$f":"IF('BİLGİ GİRİŞİ'!D39=\"\",\"\",'BİLGİ GİRİŞİ'!D39)","v":""},{"$f":"IF('BİLGİ GİRİŞİ'!E39=\"\",\"\",'BİLGİ GİRİŞİ'!E39)","v":""},null,null,null,null,null,null,null,null,null,null,null,null,null,{"$f":"IF('BİLGİ GİRİŞİ'!W39=\"\",\"\",'BİLGİ GİRİŞİ'!W39)","v":""},null,null,null,{"$f":"IF('BİLGİ GİRİŞİ'!T39=\"\",\"\",'BİLGİ GİRİŞİ'!T39)","v":""},null,null,null,{"$f":"IF('BİLGİ GİRİŞİ'!AB39=\"\",\"\",'BİLGİ GİRİŞİ'!AB39)","v":""},null,null,{"$f":"IF('BİLGİ GİRİŞİ'!AF39=\"\",\"\",'BİLGİ GİRİŞİ'!AF39)","v":""},null,null,{"$f":"IF('BİLGİ GİRİŞİ'!AJ39=\"\",\"\",'BİLGİ GİRİŞİ'!AJ39)","v":""},null,null,{"$f":"IF('BİLGİ GİRİŞİ'!AN39=\"\",\"\",'BİLGİ GİRİŞİ'!AN39)","v":""},null,null,{"$f":"IF('BİLGİ GİRİŞİ'!AR39=\"\",\"\",'BİLGİ GİRİŞİ'!AR39)","v":""},null,null,{"$f":"IF('BİLGİ GİRİŞİ'!AV39=\"\",\"\",'BİLGİ GİRİŞİ'!AV39)","v":""},null,null,"",null,null,""]
[{"$f":"IF('BİLGİ GİRİŞİ'!D40=\"\",\"\",'BİLGİ GİRİŞİ'!D40)","v":""},{"$f":"IF('BİLGİ GİRİŞİ'!E40=\"\",\"\",'BİLGİ GİRİŞİ'!E40)","v":""},null,null,null,null,null,null,null,null,null,null,null,null,null,{"$f":"IF('BİLGİ GİRİŞİ'!W40=\"\",\"\",'BİLGİ GİRİŞİ'!W40)","v":""},null,null,null,{"$f":"IF('BİLGİ GİRİŞİ'!T40=\"\",\"\",'BİLGİ GİRİŞİ'!T40)","v":""},null,null,null,{"$f":"IF('BİLGİ GİRİŞİ'!AB40=\"\",\"\",'BİLGİ GİRİŞİ'!AB40)","v":""},null,null,{"$f":"IF('BİLGİ GİRİŞİ'!AF40=\"\",\"\",'BİLGİ GİRİŞİ'!AF40)","v":""},null,null,{"$f":"IF('BİLGİ GİRİŞİ'!AJ40=\"\",\"\",'BİLGİ GİRİŞİ'!AJ40)","v":""},null,null,{"$f":"IF('BİLGİ GİRİŞİ'!AN40=\"\",\"\",'BİLGİ GİRİŞİ'!AN40)","v":""},null,null,{"$f":"IF('BİLGİ GİRİŞİ'!AR40=\"\",\"\",'BİLGİ GİRİŞİ'!AR40)","v":""},null,null,{"$f":"IF('BİLGİ GİRİŞİ'!AV40=\"\",\"\",'BİLGİ GİRİŞİ'!AV40)","v":""},null,null,"",null,null,""]
[{"$f":"IF('BİLGİ GİRİŞİ'!D41=\"\",\"\",'BİLGİ GİRİŞİ'!D41)","v":""},{"$f":"IF('BİLGİ GİRİŞİ'!E41=\"\",\"\",'BİLGİ GİRİŞİ'!E41)","v":""},null,null,null,null,null,null,null,null,null,null,null,null,null,{"$f":"IF('BİLGİ GİRİŞİ'!W41=\"\",\"\",'BİLGİ GİRİŞİ'!W41)","v":""},null,null,null,{"$f":"IF('BİLGİ GİRİŞİ'!T41=\"\",\"\",'BİLGİ GİRİŞİ'!T41)","v":""},null,null,null,{"$f":"IF('BİLGİ GİRİŞİ'!AB41=\"\",\"\",'BİLGİ GİRİŞİ'!AB41)","v":""},null,null,{"$f":"IF('BİLGİ GİRİŞİ'!AF41=\"\",\"\",'BİLGİ GİRİŞİ'!AF41)","v":""},null,null,{"$f":"IF('BİLGİ GİRİŞİ'!AJ41=\"\",\"\",'BİLGİ GİRİŞİ'!AJ41)","v":""},null,null,{"$f":"IF('BİLGİ GİRİŞİ'!AN41=\"\",\"\",'BİLGİ GİRİŞİ'!AN41)","v":""},null,null,{"$f":"IF('BİLGİ GİRİŞİ'!AR41=\"\",\"\",'BİLGİ GİRİŞİ'!AR41)","v":""},null,null,{"$f":"IF('BİLGİ GİRİŞİ'!AV41=\"\",\"\",'BİLGİ GİRİŞİ'!AV41)","v":""},null,null,"",null,null,""]
[{"$f":"IF('BİLGİ GİRİŞİ'!D42=\"\",\"\",'BİLGİ GİRİŞİ'!D42)","v":""},{"$f":"IF('BİLGİ GİRİŞİ'!E42=\"\",\"\",'BİLGİ GİRİŞİ'!E42)","v":""},null,null,null,null,null,null,null,null,null,null,null,null,null,{"$f":"IF('BİLGİ GİRİŞİ'!W42=\"\",\"\",'BİLGİ GİRİŞİ'!W42)","v":""},null,null,null,{"$f":"IF('BİLGİ GİRİŞİ'!T42=\"\",\"\",'BİLGİ GİRİŞİ'!T42)","v":""},null,null,null,{"$f":"IF('BİLGİ GİRİŞİ'!AB42=\"\",\"\",'BİLGİ GİRİŞİ'!AB42)","v":""},null,null,{"$f":"IF('BİLGİ GİRİŞİ'!AF42=\"\",\"\",'BİLGİ GİRİŞİ'!AF42)","v":""},null,null,{"$f":"IF('BİLGİ GİRİŞİ'!AJ42=\"\",\"\",'BİLGİ GİRİŞİ'!AJ42)","v":""},null,null,{"$f":"IF('BİLGİ GİRİŞİ'!AN42=\"\",\"\",'BİLGİ GİRİŞİ'!AN42)","v":""},null,null,{"$f":"IF('BİLGİ GİRİŞİ'!AR42=\"\",\"\",'BİLGİ GİRİŞİ'!AR42)","v":""},null,null,{"$f":"IF('BİLGİ GİRİŞİ'!AV42=\"\",\"\",'BİLGİ GİRİŞİ'!AV42)","v":""},null,null,"",null,null,""]
[{"$f":"IF('BİLGİ GİRİŞİ'!D43=\"\",\"\",'BİLGİ GİRİŞİ'!D43)","v":""},{"$f":"IF('BİLGİ GİRİŞİ'!E43=\"\",\"\",'BİLGİ GİRİŞİ'!E43)","v":""},null,null,null,null,null,null,null,null,null,null,null,null,null,{"$f":"IF('BİLGİ GİRİŞİ'!W43=\"\",\"\",'BİLGİ GİRİŞİ'!W43)","v":""},null,null,null,{"$f":"IF('BİLGİ GİRİŞİ'!T43=\"\",\"\",'BİLGİ GİRİŞİ'!T43)","v":""},null,null,null,{"$f":"IF('BİLGİ GİRİŞİ'!AB43=\"\",\"\",'BİLGİ GİRİŞİ'!AB43)","v":""},null,null,{"$f":"IF('BİLGİ GİRİŞİ'!AF43=\"\",\"\",'BİLGİ GİRİŞİ'!AF43)","v":""},null,null,{"$f":"IF('BİLGİ GİRİŞİ'!AJ43=\"\",\"\",'BİLGİ GİRİŞİ'!AJ43)","v":""},null,null,{"$f":"IF('BİLGİ GİRİŞİ'!AN43=\"\",\"\",'BİLGİ GİRİŞİ'!AN43)","v":""},null,null,{"$f":"IF('BİLGİ GİRİŞİ'!AR43=\"\",\"\",'BİLGİ GİRİŞİ'!AR43)","v":""},null,null,{"$f":"IF('BİLGİ GİRİŞİ'!AV43=\"\",\"\",'BİLGİ GİRİŞİ'!AV43)","v":""},null,null,"",null,null,""]
[{"$f":"IF('BİLGİ GİRİŞİ'!D44=\"\",\"\",'BİLGİ GİRİŞİ'!D44)","v":""},{"$f":"IF('BİLGİ GİRİŞİ'!E44=\"\",\"\",'BİLGİ GİRİŞİ'!E44)","v":""},null,null,null,null,null,null,null,null,null,null,null,null,null,{"$f":"IF('BİLGİ GİRİŞİ'!W44=\"\",\"\",'BİLGİ GİRİŞİ'!W44)","v":""},null,null,null,{"$f":"IF('BİLGİ GİRİŞİ'!T44=\"\",\"\",'BİLGİ GİRİŞİ'!T44)","v":""},null,null,null,{"$f":"IF('BİLGİ GİRİŞİ'!AB44=\"\",\"\",'BİLGİ GİRİŞİ'!AB44)","v":""},null,null,{"$f":"IF('BİLGİ GİRİŞİ'!AF44=\"\",\"\",'BİLGİ GİRİŞİ'!AF44)","v":""},null,null,{"$f":"IF('BİLGİ GİRİŞİ'!AJ44=\"\",\"\",'BİLGİ GİRİŞİ'!AJ44)","v":""},null,null,{"$f":"IF('BİLGİ GİRİŞİ'!AN44=\"\",\"\",'BİLGİ GİRİŞİ'!AN44)","v":""},null,null,{"$f":"IF('BİLGİ GİRİŞİ'!AR44=\"\",\"\",'BİLGİ GİRİŞİ'!AR44)","v":""},null,null,{"$f":"IF('BİLGİ GİRİŞİ'!AV44=\"\",\"\",'BİLGİ GİRİŞİ'!AV44)","v":""},null,null,"",null,null,""]
[{"$f":"IF('BİLGİ GİRİŞİ'!D45=\"\",\"\",'BİLGİ GİRİŞİ'!D45)","v":""},{"$f":"IF('BİLGİ GİRİŞİ'!E45=\"\",\"\",'BİLGİ GİRİŞİ'!E45)","v":""},null,null,null,null,null,null,null,null,null,null,null,null,null,{"$f":"IF('BİLGİ GİRİŞİ'!W45=\"\",\"\",'BİLGİ GİRİŞİ'!W45)","v":""},null,null,null,{"$f":"IF('BİLGİ GİRİŞİ'!T45=\"\",\"\",'BİLGİ GİRİŞİ'!T45)","v":""},null,null,null,{"$f":"IF('BİLGİ GİRİŞİ'!AB45=\"\",\"\",'BİLGİ GİRİŞİ'!AB45)","v":""},null,null,{"$f":"IF('BİLGİ GİRİŞİ'!AF45=\"\",\"\",'BİLGİ GİRİŞİ'!AF45)","v":""},null,null,{"$f":"IF('BİLGİ GİRİŞİ'!AJ45=\"\",\"\",'BİLGİ GİRİŞİ'!AJ45)","v":""},null,null,{"$f":"IF('BİLGİ GİRİŞİ'!AN45=\"\",\"\",'BİLGİ GİRİŞİ'!AN45)","v":""},null,null,{"$f":"IF('BİLGİ GİRİŞİ'!AR45=\"\",\"\",'BİLGİ GİRİŞİ'!AR45)","v":""},null,null,{"$f":"IF('BİLGİ GİRİŞİ'!AV45=\"\",\"\",'BİLGİ GİRİŞİ'!AV45)","v":""},null,null,"",null,null,""]
[{"$f":"IF('BİLGİ GİRİŞİ'!D46=\"\",\"\",'BİLGİ GİRİŞİ'!D46)","v":""},{"$f":"IF('BİLGİ GİRİŞİ'!E46=\"\",\"\",'BİLGİ GİRİŞİ'!E46)","v":""},null,null,null,null,null,null,null,null,null,null,null,null,null,{"$f":"IF('BİLGİ GİRİŞİ'!W46=\"\",\"\",'BİLGİ GİRİŞİ'!W46)","v":""},null,null,null,{"$f":"IF('BİLGİ GİRİŞİ'!T46=\"\",\"\",'BİLGİ GİRİŞİ'!T46)","v":""},null,null,null,{"$f":"IF('BİLGİ GİRİŞİ'!AB46=\"\",\"\",'BİLGİ GİRİŞİ'!AB46)","v":""},null,null,{"$f":"IF('BİLGİ GİRİŞİ'!AF46=\"\",\"\",'BİLGİ GİRİŞİ'!AF46)","v":""},null,null,{"$f":"IF('BİLGİ GİRİŞİ'!AJ46=\"\",\"\",'BİLGİ GİRİŞİ'!AJ46)","v":""},null,null,{"$f":"IF('BİLGİ GİRİŞİ'!AN46=\"\",\"\",'BİLGİ GİRİŞİ'!AN46)","v":""},null,null,{"$f":"IF('BİLGİ GİRİŞİ'!AR46=\"\",\"\",'BİLGİ GİRİŞİ'!AR46)","v":""},null,null,{"$f":"IF('BİLGİ GİRİŞİ'!AV46=\"\",\"\",'BİLGİ GİRİŞİ'!AV46)","v":""},null,null,"",null,null,""]
[{"$f":"IF('BİLGİ GİRİŞİ'!D47=\"\",\"\",'BİLGİ GİRİŞİ'!D47)","v":""},{"$f":"IF('BİLGİ GİRİŞİ'!E47=\"\",\"\",'BİLGİ GİRİŞİ'!E47)","v":""},null,null,null,null,null,null,null,null,null,null,null,null,null,{"$f":"IF('BİLGİ GİRİŞİ'!W47=\"\",\"\",'BİLGİ GİRİŞİ'!W47)","v":""},null,null,null,{"$f":"IF('BİLGİ GİRİŞİ'!T47=\"\",\"\",'BİLGİ GİRİŞİ'!T47)","v":""},null,null,null,{"$f":"IF('BİLGİ GİRİŞİ'!AB47=\"\",\"\",'BİLGİ GİRİŞİ'!AB47)","v":""},null,null,{"$f":"IF('BİLGİ GİRİŞİ'!AF47=\"\",\"\",'BİLGİ GİRİŞİ'!AF47)","v":""},null,null,{"$f":"IF('BİLGİ GİRİŞİ'!AJ47=\"\",\"\",'BİLGİ GİRİŞİ'!AJ47)","v":""},null,null,{"$f":"IF('BİLGİ GİRİŞİ'!AN47=\"\",\"\",'BİLGİ GİRİŞİ'!AN47)","v":""},null,null,{"$f":"IF('BİLGİ GİRİŞİ'!AR47=\"\",\"\",'BİLGİ GİRİŞİ'!AR47)","v":""},null,null,{"$f":"IF('BİLGİ GİRİŞİ'!AV47=\"\",\"\",'BİLGİ GİRİŞİ'!AV47)","v":""},null,null,"",null,null,""]
[{"$f":"IF('BİLGİ GİRİŞİ'!D48=\"\",\"\",'BİLGİ GİRİŞİ'!D48)","v":""},{"$f":"IF('BİLGİ GİRİŞİ'!E48=\"\",\"\",'BİLGİ GİRİŞİ'!E48)","v":""},null,null,null,null,null,null,null,null,null,null,null,null,null,{"$f":"IF('BİLGİ GİRİŞİ'!W48=\"\",\"\",'BİLGİ GİRİŞİ'!W48)","v":""},null,null,null,{"$f":"IF('BİLGİ GİRİŞİ'!T48=\"\",\"\",'BİLGİ GİRİŞİ'!T48)","v":""},null,null,null,{"$f":"IF('BİLGİ GİRİŞİ'!AB48=\"\",\"\",'BİLGİ GİRİŞİ'!AB48)","v":""},null,null,{"$f":"IF('BİLGİ GİRİŞİ'!AF48=\"\",\"\",'BİLGİ GİRİŞİ'!AF48)","v":""},null,null,{"$f":"IF('BİLGİ GİRİŞİ'!AJ48=\"\",\"\",'BİLGİ GİRİŞİ'!AJ48)","v":""},null,null,{"$f":"IF('BİLGİ GİRİŞİ'!AN48=\"\",\"\",'BİLGİ GİRİŞİ'!AN48)","v":""},null,null,{"$f":"IF('BİLGİ GİRİŞİ'!AR48=\"\",\"\",'BİLGİ GİRİŞİ'!AR48)","v":""},null,null,{"$f":"IF('BİLGİ GİRİŞİ'!AV48=\"\",\"\",'BİLGİ GİRİŞİ'!AV48)","v":""},null,null,{"$f":"IF(P34=\"\",\"\",(X34+AD34+AJ34)/3)","v":""},null,null,{"$f":"IF(P34=\"\",\"\",(AA34+AG34+AM34)/3)","v":""}]
[{"$f":"IF('BİLGİ GİRİŞİ'!D49=\"\",\"\",'BİLGİ GİRİŞİ'!D49)","v":""},{"$f":"IF('BİLGİ GİRİŞİ'!E49=\"\",\"\",'BİLGİ GİRİŞİ'!E49)","v":""},null,null,null,null,null,null,null,null,null,null,null,null,null,{"$f":"IF('BİLGİ GİRİŞİ'!W49=\"\",\"\",'BİLGİ GİRİŞİ'!W49)","v":""},null,null,null,{"$f":"IF('BİLGİ GİRİŞİ'!T49=\"\",\"\",'BİLGİ GİRİŞİ'!T49)","v":""},null,null,null,{"$f":"IF('BİLGİ GİRİŞİ'!AB49=\"\",\"\",'BİLGİ GİRİŞİ'!AB49)","v":""},null,null,{"$f":"IF('BİLGİ GİRİŞİ'!AF49=\"\",\"\",'BİLGİ GİRİŞİ'!AF49)","v":""},null,null,{"$f":"IF('BİLGİ GİRİŞİ'!AJ49=\"\",\"\",'BİLGİ GİRİŞİ'!AJ49)","v":""},null,null,{"$f":"IF('BİLGİ GİRİŞİ'!AN49=\"\",\"\",'BİLGİ GİRİŞİ'!AN49)","v":""},null,null,{"$f":"IF('BİLGİ GİRİŞİ'!AR49=\"\",\"\",'BİLGİ GİRİŞİ'!AR49)","v":""},null,null,{"$f":"IF('BİLGİ GİRİŞİ'!AV49=\"\",\"\",'BİLGİ GİRİŞİ'!AV49)","v":""},null,null,"",null,null,""]
[{"$f":"IF('BİLGİ GİRİŞİ'!D50=\"\",\"\",'BİLGİ GİRİŞİ'!D50)","v":""},{"$f":"IF('BİLGİ GİRİŞİ'!E50=\"\",\"\",'BİLGİ GİRİŞİ'!E50)","v":""},null,null,null,null,null,null,null,null,null,null,null,null,null,{"$f":"IF('BİLGİ GİRİŞİ'!W50=\"\",\"\",'BİLGİ GİRİŞİ'!W50)","v":""},null,null,null,{"$f":"IF('BİLGİ GİRİŞİ'!T50=\"\",\"\",'BİLGİ GİRİŞİ'!T50)","v":""},null,null,null,{"$f":"IF('BİLGİ GİRİŞİ'!AB50=\"\",\"\",'BİLGİ GİRİŞİ'!AB50)","v":""},null,null,{"$f":"IF('BİLGİ GİRİŞİ'!AF50=\"\",\"\",'BİLGİ GİRİŞİ'!AF50)","v":""},null,null,{"$f":"IF('BİLGİ GİRİŞİ'!AJ50=\"\",\"\",'BİLGİ GİRİŞİ'!AJ50)","v":""},null,null,{"$f":"IF('BİLGİ GİRİŞİ'!AN50=\"\",\"\",'BİLGİ GİRİŞİ'!AN50)","v":""},null,null,{"$f":"IF('BİLGİ GİRİŞİ'!AR50=\"\",\"\",'BİLGİ GİRİŞİ'!AR50)","v":""},null,null,{"$f":"IF('BİLGİ GİRİŞİ'!AV50=\"\",\"\",'BİLGİ GİRİŞİ'!AV50)","v":""},null,null,"",null,null,""]
[{"$f":"IF('BİLGİ GİRİŞİ'!D51=\"\",\"\",'BİLGİ GİRİŞİ'!D51)","v":""},{"$f":"IF('BİLGİ GİRİŞİ'!E51=\"\",\"\",'BİLGİ GİRİŞİ'!E51)","v":""},null,null,null,null,null,null,null,null,null,null,null,null,null,{"$f":"IF('BİLGİ GİRİŞİ'!W51=\"\",\"\",'BİLGİ GİRİŞİ'!W51)","v":""},null,null,null,{"$f":"IF('BİLGİ GİRİŞİ'!T51=\"\",\"\",'BİLGİ GİRİŞİ'!T51)","v":""},null,null,null,{"$f":"IF('BİLGİ GİRİŞİ'!AB51=\"\",\"\",'BİLGİ GİRİŞİ'!AB51)","v":""},null,null,{"$f":"IF('BİLGİ GİRİŞİ'!AF51=\"\",\"\",'BİLGİ GİRİŞİ'!AF51)","v":""},null,null,{"$f":"IF('BİLGİ GİRİŞİ'!AJ51=\"\",\"\",'BİLGİ GİRİŞİ'!AJ51)","v":""},null,null,{"$f":"IF('BİLGİ GİRİŞİ'!AN51=\"\",\"\",'BİLGİ GİRİŞİ'!AN51)","v":""},null,null,{"$f":"IF('BİLGİ GİRİŞİ'!AR51=\"\",\"\",'BİLGİ GİRİŞİ'!AR51)","v":""},null,null,{"$f":"IF('BİLGİ GİRİŞİ'!AV51=\"\",\"\",'BİLGİ GİRİŞİ'!AV51)","v":""},null,null,"",null,null,""]
[{"$f":"IF('BİLGİ GİRİŞİ'!D52=\"\",\"\",'BİLGİ GİRİŞİ'!D52)","v":""},{"$f":"IF('BİLGİ GİRİŞİ'!E52=\"\",\"\",'BİLGİ GİRİŞİ'!E52)","v":""},null,null,null,null,null,null,null,null,null,null,null,null,null,{"$f":"IF('BİLGİ GİRİŞİ'!W52=\"\",\"\",'BİLGİ GİRİŞİ'!W52)","v":""},null,null,null,{"$f":"IF('BİLGİ GİRİŞİ'!T52=\"\",\"\",'BİLGİ GİRİŞİ'!T52)","v":""},null,null,null,{"$f":"IF('BİLGİ GİRİŞİ'!AB52=\"\",\"\",'BİLGİ GİRİŞİ'!AB52)","v":""},null,null,{"$f":"IF('BİLGİ GİRİŞİ'!AF52=\"\",\"\",'BİLGİ GİRİŞİ'!AF52)","v":""},null,null,{"$f":"IF('BİLGİ GİRİŞİ'!AJ52=\"\",\"\",'BİLGİ GİRİŞİ'!AJ52)","v":""},null,null,{"$f":"IF('BİLGİ GİRİŞİ'!AN52=\"\",\"\",'BİLGİ GİRİŞİ'!AN52)","v":""},null,null,{"$f":"IF('BİLGİ GİRİŞİ'!AR52=\"\",\"\",'BİLGİ GİRİŞİ'!AR52)","v":""},null,null,{"$f":"IF('BİLGİ GİRİŞİ'!AV52=\"\",\"\",'BİLGİ GİRİŞİ'!AV52)","v":""},null,null,"",null,null,""]
[{"$f":"IF('BİLGİ GİRİŞİ'!D53=\"\",\"\",'BİLGİ GİRİŞİ'!D53)","v":""},{"$f":"IF('BİLGİ GİRİŞİ'!E53=\"\",\"\",'BİLGİ GİRİŞİ'!E53)","v":""},null,null,null,null,null,null,null,null,null,null,null,null,null,{"$f":"IF('BİLGİ GİRİŞİ'!W53=\"\",\"\",'BİLGİ GİRİŞİ'!W53)","v":""},null,null,null,{"$f":"IF('BİLGİ GİRİŞİ'!T53=\"\",\"\",'BİLGİ GİRİŞİ'!T53)","v":""},null,null,null,{"$f":"IF('BİLGİ GİRİŞİ'!AB53=\"\",\"\",'BİLGİ GİRİŞİ'!AB53)","v":""},null,null,{"$f":"IF('BİLGİ GİRİŞİ'!AF53=\"\",\"\",'BİLGİ GİRİŞİ'!AF53)","v":""},null,null,{"$f":"IF('BİLGİ GİRİŞİ'!AJ53=\"\",\"\",'BİLGİ GİRİŞİ'!AJ53)","v":""},null,null,{"$f":"IF('BİLGİ GİRİŞİ'!AN53=\"\",\"\",'BİLGİ GİRİŞİ'!AN53)","v":""},null,null,{"$f":"IF('BİLGİ GİRİŞİ'!AR53=\"\",\"\",'BİLGİ GİRİŞİ'!AR53)","v":""},null,null,{"$f":"IF('BİLGİ GİRİŞİ'!AV53=\"\",\"\",'BİLGİ GİRİŞİ'!AV53)","v":""},null,null,"",null,null,""]
[{"$f":"IF('BİLGİ GİRİŞİ'!D54=\"\",\"\",'BİLGİ GİRİŞİ'!D54)","v":""},{"$f":"IF('BİLGİ GİRİŞİ'!E54=\"\",\"\",'BİLGİ GİRİŞİ'!E54)","v":""},null,null,null,null,null,null,null,null,null,null,null,null,null,{"$f":"IF('BİLGİ GİRİŞİ'!W54=\"\",\"\",'BİLGİ GİRİŞİ'!W54)","v":""},null,null,null,{"$f":"IF('BİLGİ GİRİŞİ'!T54=\"\",\"\",'BİLGİ GİRİŞİ'!T54)","v":""},null,null,null,{"$f":"IF('BİLGİ GİRİŞİ'!AB54=\"\",\"\",'BİLGİ GİRİŞİ'!AB54)","v":""},null,null,{"$f":"IF('BİLGİ GİRİŞİ'!AF54=\"\",\"\",'BİLGİ GİRİŞİ'!AF54)","v":""},null,null,{"$f":"IF('BİLGİ GİRİŞİ'!AJ54=\"\",\"\",'BİLGİ GİRİŞİ'!AJ54)","v":""},null,null,{"$f":"IF('BİLGİ GİRİŞİ'!AN54=\"\",\"\",'BİLGİ GİRİŞİ'!AN54)","v":""},null,null,{"$f":"IF('BİLGİ GİRİŞİ'!AR54=\"\",\"\",'BİLGİ GİRİŞİ'!AR54)","v":""},null,null,{"$f":"IF('BİLGİ GİRİŞİ'!AV54=\"\",\"\",'BİLGİ GİRİŞİ'!AV54)","v":""},null,null,"",null,null,""]
[{"$f":"IF('BİLGİ GİRİŞİ'!D55=\"\",\"\",'BİLGİ GİRİŞİ'!D55)","v":""},{"$f":"IF('BİLGİ GİRİŞİ'!E55=\"\",\"\",'BİLGİ GİRİŞİ'!E55)","v":""},null,null,null,null,null,null,null,null,null,null,null,null,null,{"$f":"IF('BİLGİ GİRİŞİ'!W55=\"\",\"\",'BİLGİ GİRİŞİ'!W55)","v":""},null,null,null,{"$f":"IF('BİLGİ GİRİŞİ'!T55=\"\",\"\",'BİLGİ GİRİŞİ'!T55)","v":""},null,null,null,{"$f":"IF('BİLGİ GİRİŞİ'!AB55=\"\",\"\",'BİLGİ GİRİŞİ'!AB55)","v":""},null,null,{"$f":"IF('BİLGİ GİRİŞİ'!AF55=\"\",\"\",'BİLGİ GİRİŞİ'!AF55)","v":""},null,null,{"$f":"IF('BİLGİ GİRİŞİ'!AJ55=\"\",\"\",'BİLGİ GİRİŞİ'!AJ55)","v":""},null,null,{"$f":"IF('BİLGİ GİRİŞİ'!AN55=\"\",\"\",'BİLGİ GİRİŞİ'!AN55)","v":""},null,null,{"$f":"IF('BİLGİ GİRİŞİ'!AR55=\"\",\"\",'BİLGİ GİRİŞİ'!AR55)","v":""},null,null,{"$f":"IF('BİLGİ GİRİŞİ'!AV55=\"\",\"\",'BİLGİ GİRİŞİ'!AV55)","v":""},null,null,"",null,null,""]
[{"$f":"IF('BİLGİ GİRİŞİ'!D56=\"\",\"\",'BİLGİ GİRİŞİ'!D56)","v":""},{"$f":"IF('BİLGİ GİRİŞİ'!E56=\"\",\"\",'BİLGİ GİRİŞİ'!E56)","v":""},null,null,null,null,null,null,null,null,null,null,null,null,null,{"$f":"IF('BİLGİ GİRİŞİ'!W56=\"\",\"\",'BİLGİ GİRİŞİ'!W56)","v":""},null,null,null,{"$f":"IF('BİLGİ GİRİŞİ'!T56=\"\",\"\",'BİLGİ GİRİŞİ'!T56)","v":""},null,null,null,{"$f":"IF('BİLGİ GİRİŞİ'!AB56=\"\",\"\",'BİLGİ GİRİŞİ'!AB56)","v":""},null,null,{"$f":"IF('BİLGİ GİRİŞİ'!AF56=\"\",\"\",'BİLGİ GİRİŞİ'!AF56)","v":""},null,null,{"$f":"IF('BİLGİ GİRİŞİ'!AJ56=\"\",\"\",'BİLGİ GİRİŞİ'!AJ56)","v":""},null,null,{"$f":"IF('BİLGİ GİRİŞİ'!AN56=\"\",\"\",'BİLGİ GİRİŞİ'!AN56)","v":""},null,null,{"$f":"IF('BİLGİ GİRİŞİ'!AR56=\"\",\"\",'BİLGİ GİRİŞİ'!AR56)","v":""},null,null,{"$f":"IF('BİLGİ GİRİŞİ'!AV56=\"\",\"\",'BİLGİ GİRİŞİ'!AV56)","v":""},null,null,"",null,null,""]
[{"$f":"IF('BİLGİ GİRİŞİ'!D57=\"\",\"\",'BİLGİ GİRİŞİ'!D57)","v":""},{"$f":"IF('BİLGİ GİRİŞİ'!E57=\"\",\"\",'BİLGİ GİRİŞİ'!E57)","v":""},null,null,null,null,null,null,null,null,null,null,null,null,null,{"$f":"IF('BİLGİ GİRİŞİ'!W57=\"\",\"\",'BİLGİ GİRİŞİ'!W57)","v":""},null,null,null,{"$f":"IF('BİLGİ GİRİŞİ'!T57=\"\",\"\",'BİLGİ GİRİŞİ'!T57)","v":""},null,null,null,{"$f":"IF('BİLGİ GİRİŞİ'!AB57=\"\",\"\",'BİLGİ GİRİŞİ'!AB57)","v":""},null,null,{"$f":"IF('BİLGİ GİRİŞİ'!AF57=\"\",\"\",'BİLGİ GİRİŞİ'!AF57)","v":""},null,null,{"$f":"IF('BİLGİ GİRİŞİ'!AJ57=\"\",\"\",'BİLGİ GİRİŞİ'!AJ57)","v":""},null,null,{"$f":"IF('BİLGİ GİRİŞİ'!AN57=\"\",\"\",'BİLGİ GİRİŞİ'!AN57)","v":""},null,null,{"$f":"IF('BİLGİ GİRİŞİ'!AR57=\"\",\"\",'BİLGİ GİRİŞİ'!AR57)","v":""},null,null,{"$f":"IF('BİLGİ GİRİŞİ'!AV57=\"\",\"\",'BİLGİ GİRİŞİ'!AV57)","v":""},null,null,"",null,null,""]
[{"$f":"IF('BİLGİ GİRİŞİ'!D58=\"\",\"\",'BİLGİ GİRİŞİ'!D58)","v":""},{"$f":"IF('BİLGİ GİRİŞİ'!E58=\"\",\"\",'BİLGİ GİRİŞİ'!E58)","v":""},null,null,null,null,null,null,null,null,null,null,null,null,null,{"$f":"IF('BİLGİ GİRİŞİ'!W58=\"\",\"\",'BİLGİ GİRİŞİ'!W58)","v":""},null,null,null,{"$f":"IF('BİLGİ GİRİŞİ'!T58=\"\",\"\",'BİLGİ GİRİŞİ'!T58)","v":""},null,null,null,{"$f":"IF('BİLGİ GİRİŞİ'!AB58=\"\",\"\",'BİLGİ GİRİŞİ'!AB58)","v":""},null,null,{"$f":"IF('BİLGİ GİRİŞİ'!AF58=\"\",\"\",'BİLGİ GİRİŞİ'!AF58)","v":""},null,null,{"$f":"IF('BİLGİ GİRİŞİ'!AJ58=\"\",\"\",'BİLGİ GİRİŞİ'!AJ58)","v":""},null,null,{"$f":"IF('BİLGİ GİRİŞİ'!AN58=\"\",\"\",'BİLGİ GİRİŞİ'!AN58)","v":""},null,null,{"$f":"IF('BİLGİ GİRİŞİ'!AR58=\"\",\"\",'BİLGİ GİRİŞİ'!AR58)","v":""},null,null,{"$f":"IF('BİLGİ GİRİŞİ'!AV58=\"\",\"\",'BİLGİ GİRİŞİ'!AV58)","v":""},null,null,"",null,null,""]
[{"$f":"IF('BİLGİ GİRİŞİ'!D59=\"\",\"\",'BİLGİ GİRİŞİ'!D59)","v":""},{"$f":"IF('BİLGİ GİRİŞİ'!E59=\"\",\"\",'BİLGİ GİRİŞİ'!E59)","v":""},null,null,null,null,null,null,null,null,null,null,null,null,null,{"$f":"IF('BİLGİ GİRİŞİ'!W59=\"\",\"\",'BİLGİ GİRİŞİ'!W59)","v":""},null,null,null,{"$f":"IF('BİLGİ GİRİŞİ'!T59=\"\",\"\",'BİLGİ GİRİŞİ'!T59)","v":""},null,null,null,{"$f":"IF('BİLGİ GİRİŞİ'!AB59=\"\",\"\",'BİLGİ GİRİŞİ'!AB59)","v":""},null,null,{"$f":"IF('BİLGİ GİRİŞİ'!AF59=\"\",\"\",'BİLGİ GİRİŞİ'!AF59)","v":""},null,null,{"$f":"IF('BİLGİ GİRİŞİ'!AJ59=\"\",\"\",'BİLGİ GİRİŞİ'!AJ59)","v":""},null,null,{"$f":"IF('BİLGİ GİRİŞİ'!AN59=\"\",\"\",'BİLGİ GİRİŞİ'!AN59)","v":""},null,null,{"$f":"IF('BİLGİ GİRİŞİ'!AR59=\"\",\"\",'BİLGİ GİRİŞİ'!AR59)","v":""},null,null,{"$f":"IF('BİLGİ GİRİŞİ'!AV59=\"\",\"\",'BİLGİ GİRİŞİ'!AV59)","v":""},null,null,"",null,null,""]
[{"$f":"IF('BİLGİ GİRİŞİ'!D60=\"\",\"\",'BİLGİ GİRİŞİ'!D60)","v":""},{"$f":"IF('BİLGİ GİRİŞİ'!E60=\"\",\"\",'BİLGİ GİRİŞİ'!E60)","v":""},null,null,null,null,null,null,null,null,null,null,null,null,null,{"$f":"IF('BİLGİ GİRİŞİ'!W60=\"\",\"\",'BİLGİ GİRİŞİ'!W60)","v":""},null,null,null,{"$f":"IF('BİLGİ GİRİŞİ'!T60=\"\",\"\",'BİLGİ GİRİŞİ'!T60)","v":""},null,null,null,{"$f":"IF('BİLGİ GİRİŞİ'!AB60=\"\",\"\",'BİLGİ GİRİŞİ'!AB60)","v":""},null,null,{"$f":"IF('BİLGİ GİRİŞİ'!AF60=\"\",\"\",'BİLGİ GİRİŞİ'!AF60)","v":""},null,null,{"$f":"IF('BİLGİ GİRİŞİ'!AJ60=\"\",\"\",'BİLGİ GİRİŞİ'!AJ60)","v":""},null,null,{"$f":"IF('BİLGİ GİRİŞİ'!AN60=\"\",\"\",'BİLGİ GİRİŞİ'!AN60)","v":""},null,null,{"$f":"IF('BİLGİ GİRİŞİ'!AR60=\"\",\"\",'BİLGİ GİRİŞİ'!AR60)","v":""},null,null,{"$f":"IF('BİLGİ GİRİŞİ'!AV60=\"\",\"\",'BİLGİ GİRİŞİ'!AV60)","v":""},null,null,"",null,null,""]
[{"$f":"IF('BİLGİ GİRİŞİ'!D61=\"\",\"\",'BİLGİ GİRİŞİ'!D61)","v":""},{"$f":"IF('BİLGİ GİRİŞİ'!E61=\"\",\"\",'BİLGİ GİRİŞİ'!E61)","v":""},null,null,null,null,null,null,null,null,null,null,null,null,null,{"$f":"IF('BİLGİ GİRİŞİ'!W61=\"\",\"\",'BİLGİ GİRİŞİ'!W61)","v":""},null,null,null,{"$f":"IF('BİLGİ GİRİŞİ'!T61=\"\",\"\",'BİLGİ GİRİŞİ'!T61)","v":""},null,null,null,{"$f":"IF('BİLGİ GİRİŞİ'!AB61=\"\",\"\",'BİLGİ GİRİŞİ'!AB61)","v":""},null,null,{"$f":"IF('BİLGİ GİRİŞİ'!AF61=\"\",\"\",'BİLGİ GİRİŞİ'!AF61)","v":""},null,null,{"$f":"IF('BİLGİ GİRİŞİ'!AJ61=\"\",\"\",'BİLGİ GİRİŞİ'!AJ61)","v":""},null,null,{"$f":"IF('BİLGİ GİRİŞİ'!AN61=\"\",\"\",'BİLGİ GİRİŞİ'!AN61)","v":""},null,null,{"$f":"IF('BİLGİ GİRİŞİ'!AR61=\"\",\"\",'BİLGİ GİRİŞİ'!AR61)","v":""},null,null,{"$f":"IF('BİLGİ GİRİŞİ'!AV61=\"\",\"\",'BİLGİ GİRİŞİ'!AV61)","v":""},null,null,"",null,null,""]
[{"$f":"IF('BİLGİ GİRİŞİ'!D62=\"\",\"\",'BİLGİ GİRİŞİ'!D62)","v":""},{"$f":"IF('BİLGİ GİRİŞİ'!E62=\"\",\"\",'BİLGİ GİRİŞİ'!E62)","v":""},null,null,null,null,null,null,null,null,null,null,null,null,null,{"$f":"IF('BİLGİ GİRİŞİ'!W62=\"\",\"\",'BİLGİ GİRİŞİ'!W62)","v":""},null,null,null,{"$f":"IF('BİLGİ GİRİŞİ'!T62=\"\",\"\",'BİLGİ GİRİŞİ'!T62)","v":""},null,null,null,{"$f":"IF('BİLGİ GİRİŞİ'!AB62=\"\",\"\",'BİLGİ GİRİŞİ'!AB62)","v":""},null,null,{"$f":"IF('BİLGİ GİRİŞİ'!AF62=\"\",\"\",'BİLGİ GİRİŞİ'!AF62)","v":""},null,null,{"$f":"IF('BİLGİ GİRİŞİ'!AJ62=\"\",\"\",'BİLGİ GİRİŞİ'!AJ62)","v":""},null,null,{"$f":"IF('BİLGİ GİRİŞİ'!AN62=\"\",\"\",'BİLGİ GİRİŞİ'!AN62)","v":""},null,null,{"$f":"IF('BİLGİ GİRİŞİ'!AR62=\"\",\"\",'BİLGİ GİRİŞİ'!AR62)","v":""},null,null,{"$f":"IF('BİLGİ GİRİŞİ'!AV62=\"\",\"\",'BİLGİ GİRİŞİ'!AV62)","v":""},null,null,"",null,null,""]
[{"$f":"IF('BİLGİ GİRİŞİ'!D63=\"\",\"\",'BİLGİ GİRİŞİ'!D63)","v":""},{"$f":"IF('BİLGİ GİRİŞİ'!E63=\"\",\"\",'BİLGİ GİRİŞİ'!E63)","v":""},null,null,null,null,null,null,null,null,null,null,null,null,null,{"$f":"IF('BİLGİ GİRİŞİ'!W63=\"\",\"\",'BİLGİ GİRİŞİ'!W63)","v":""},null,null,null,{"$f":"IF('BİLGİ GİRİŞİ'!T63=\"\",\"\",'BİLGİ GİRİŞİ'!T63)","v":""},null,null,null,{"$f":"IF('BİLGİ GİRİŞİ'!AB63=\"\",\"\",'BİLGİ GİRİŞİ'!AB63)","v":""},null,null,{"$f":"IF('BİLGİ GİRİŞİ'!AF63=\"\",\"\",'BİLGİ GİRİŞİ'!AF63)","v":""},null,null,{"$f":"IF('BİLGİ GİRİŞİ'!AJ63=\"\",\"\",'BİLGİ GİRİŞİ'!AJ63)","v":""},null,null,{"$f":"IF('BİLGİ GİRİŞİ'!AN63=\"\",\"\",'BİLGİ GİRİŞİ'!AN63)","v":""},null,null,{"$f":"IF('BİLGİ GİRİŞİ'!AR63=\"\",\"\",'BİLGİ GİRİŞİ'!AR63)","v":""},null,null,{"$f":"IF('BİLGİ GİRİŞİ'!AV63=\"\",\"\",'BİLGİ GİRİŞİ'!AV63)","v":""},null,null,"",null,null,""]
[{"$f":"IF('BİLGİ GİRİŞİ'!D64=\"\",\"\",'BİLGİ GİRİŞİ'!D64)","v":""},{"$f":"IF('BİLGİ GİRİŞİ'!E64=\"\",\"\",'BİLGİ GİRİŞİ'!E64)","v":""},null,null,null,null,null,null,null,null,null,null,null,null,null,{"$f":"IF('BİLGİ GİRİŞİ'!W64=\"\",\"\",'BİLGİ GİRİŞİ'!W64)","v":""},null,null,null,{"$f":"IF('BİLGİ GİRİŞİ'!T64=\"\",\"\",'BİLGİ GİRİŞİ'!T64)","v":""},null,null,null,{"$f":"IF('BİLGİ GİRİŞİ'!AB64=\"\",\"\",'BİLGİ GİRİŞİ'!AB64)","v":""},null,null,{"$f":"IF('BİLGİ GİRİŞİ'!AF64=\"\",\"\",'BİLGİ GİRİŞİ'!AF64)","v":""},null,null,{"$f":"IF('BİLGİ GİRİŞİ'!AJ64=\"\",\"\",'BİLGİ GİRİŞİ'!AJ64)","v":""},null,null,{"$f":"IF('BİLGİ GİRİŞİ'!AN64=\"\",\"\",'BİLGİ GİRİŞİ'!AN64)","v":""},null,null,{"$f":"IF('BİLGİ GİRİŞİ'!AR64=\"\",\"\",'BİLGİ GİRİŞİ'!AR64)","v":""},null,null,{"$f":"IF('BİLGİ GİRİŞİ'!AV64=\"\",\"\",'BİLGİ GİRİŞİ'!AV64)","v":""},null,null,"",null,null,""]
[{"$f":"IF('BİLGİ GİRİŞİ'!D65=\"\",\"\",'BİLGİ GİRİŞİ'!D65)","v":""},{"$f":"IF('BİLGİ GİRİŞİ'!E65=\"\",\"\",'BİLGİ GİRİŞİ'!E65)","v":""},null,null,null,null,null,null,null,null,null,null,null,null,null,{"$f":"IF('BİLGİ GİRİŞİ'!W65=\"\",\"\",'BİLGİ GİRİŞİ'!W65)","v":""},null,null,null,{"$f":"IF('BİLGİ GİRİŞİ'!T65=\"\",\"\",'BİLGİ GİRİŞİ'!T65)","v":""},null,null,null,{"$f":"IF('BİLGİ GİRİŞİ'!AB65=\"\",\"\",'BİLGİ GİRİŞİ'!AB65)","v":""},null,null,{"$f":"IF('BİLGİ GİRİŞİ'!AF65=\"\",\"\",'BİLGİ GİRİŞİ'!AF65)","v":""},null,null,{"$f":"IF('BİLGİ GİRİŞİ'!AJ65=\"\",\"\",'BİLGİ GİRİŞİ'!AJ65)","v":""},null,null,{"$f":"IF('BİLGİ GİRİŞİ'!AN65=\"\",\"\",'BİLGİ GİRİŞİ'!AN65)","v":""},null,null,{"$f":"IF('BİLGİ GİRİŞİ'!AR65=\"\",\"\",'BİLGİ GİRİŞİ'!AR65)","v":""},null,null,{"$f":"IF('BİLGİ GİRİŞİ'!AV65=\"\",\"\",'BİLGİ GİRİŞİ'!AV65)","v":""},null,null,"",null,null,""]
[{"$f":"IF('BİLGİ GİRİŞİ'!D66=\"\",\"\",'BİLGİ GİRİŞİ'!D66)","v":""},{"$f":"IF('BİLGİ GİRİŞİ'!E66=\"\",\"\",'BİLGİ GİRİŞİ'!E66)","v":""},null,null,null,null,null,null,null,null,null,null,null,null,null,{"$f":"IF('BİLGİ GİRİŞİ'!W66=\"\",\"\",'BİLGİ GİRİŞİ'!W66)","v":""},null,null,null,{"$f":"IF('BİLGİ GİRİŞİ'!T66=\"\",\"\",'BİLGİ GİRİŞİ'!T66)","v":""},null,null,null,{"$f":"IF('BİLGİ GİRİŞİ'!AB66=\"\",\"\",'BİLGİ GİRİŞİ'!AB66)","v":""},null,null,{"$f":"IF('BİLGİ GİRİŞİ'!AF66=\"\",\"\",'BİLGİ GİRİŞİ'!AF66)","v":""},null,null,{"$f":"IF('BİLGİ GİRİŞİ'!AJ66=\"\",\"\",'BİLGİ GİRİŞİ'!AJ66)","v":""},null,null,{"$f":"IF('BİLGİ GİRİŞİ'!AN66=\"\",\"\",'BİLGİ GİRİŞİ'!AN66)","v":""},null,null,{"$f":"IF('BİLGİ GİRİŞİ'!AR66=\"\",\"\",'BİLGİ GİRİŞİ'!AR66)","v":""},null,null,{"$f":"IF('BİLGİ GİRİŞİ'!AV66=\"\",\"\",'BİLGİ GİRİŞİ'!AV66)","v":""},null,null,"",null,null,""]
[{"$f":"IF('BİLGİ GİRİŞİ'!D67=\"\",\"\",'BİLGİ GİRİŞİ'!D67)","v":""},{"$f":"IF('BİLGİ GİRİŞİ'!E67=\"\",\"\",'BİLGİ GİRİŞİ'!E67)","v":""},null,null,null,null,null,null,null,null,null,null,null,null,null,{"$f":"IF('BİLGİ GİRİŞİ'!W67=\"\",\"\",'BİLGİ GİRİŞİ'!W67)","v":""},null,null,null,{"$f":"IF('BİLGİ GİRİŞİ'!T67=\"\",\"\",'BİLGİ GİRİŞİ'!T67)","v":""},null,null,null,{"$f":"IF('BİLGİ GİRİŞİ'!AB67=\"\",\"\",'BİLGİ GİRİŞİ'!AB67)","v":""},null,null,{"$f":"IF('BİLGİ GİRİŞİ'!AF67=\"\",\"\",'BİLGİ GİRİŞİ'!AF67)","v":""},null,null,{"$f":"IF('BİLGİ GİRİŞİ'!AJ67=\"\",\"\",'BİLGİ GİRİŞİ'!AJ67)","v":""},null,null,{"$f":"IF('BİLGİ GİRİŞİ'!AN67=\"\",\"\",'BİLGİ GİRİŞİ'!AN67)","v":""},null,null,{"$f":"IF('BİLGİ GİRİŞİ'!AR67=\"\",\"\",'BİLGİ GİRİŞİ'!AR67)","v":""},null,null,{"$f":"IF('BİLGİ GİRİŞİ'!AV67=\"\",\"\",'BİLGİ GİRİŞİ'!AV67)","v":""},null,null,"",null,null,""]
[{"$f":"IF('BİLGİ GİRİŞİ'!D68=\"\",\"\",'BİLGİ GİRİŞİ'!D68)","v":""},{"$f":"IF('BİLGİ GİRİŞİ'!E68=\"\",\"\",'BİLGİ GİRİŞİ'!E68)","v":""},null,null,null,null,null,null,null,null,null,null,null,null,null,{"$f":"IF('BİLGİ GİRİŞİ'!W68=\"\",\"\",'BİLGİ GİRİŞİ'!W68)","v":""},null,null,null,{"$f":"IF('BİLGİ GİRİŞİ'!T68=\"\",\"\",'BİLGİ GİRİŞİ'!T68)","v":""},null,null,null,{"$f":"IF('BİLGİ GİRİŞİ'!AB68=\"\",\"\",'BİLGİ GİRİŞİ'!AB68)","v":""},null,null,{"$f":"IF('BİLGİ GİRİŞİ'!AF68=\"\",\"\",'BİLGİ GİRİŞİ'!AF68)","v":""},null,null,{"$f":"IF('BİLGİ GİRİŞİ'!AJ68=\"\",\"\",'BİLGİ GİRİŞİ'!AJ68)","v":""},null,null,{"$f":"IF('BİLGİ GİRİŞİ'!AN68=\"\",\"\",'BİLGİ GİRİŞİ'!AN68)","v":""},null,null,{"$f":"IF('BİLGİ GİRİŞİ'!AR68=\"\",\"\",'BİLGİ GİRİŞİ'!AR68)","v":""},null,null,{"$f":"IF('BİLGİ GİRİŞİ'!AV68=\"\",\"\",'BİLGİ GİRİŞİ'!AV68)","v":""},null,null,"",null,null,""]
[{"$f":"IF('BİLGİ GİRİŞİ'!D69=\"\",\"\",'BİLGİ GİRİŞİ'!D69)","v":""},{"$f":"IF('BİLGİ GİRİŞİ'!E69=\"\",\"\",'BİLGİ GİRİŞİ'!E69)","v":""},null,null,null,null,null,null,null,null,null,null,null,null,null,{"$f":"IF('BİLGİ GİRİŞİ'!W69=\"\",\"\",'BİLGİ GİRİŞİ'!W69)","v":""},null,null,null,{"$f":"IF('BİLGİ GİRİŞİ'!T69=\"\",\"\",'BİLGİ GİRİŞİ'!T69)","v":""},null,null,null,{"$f":"IF('BİLGİ GİRİŞİ'!AB69=\"\",\"\",'BİLGİ GİRİŞİ'!AB69)","v":""},null,null,{"$f":"IF('BİLGİ GİRİŞİ'!AF69=\"\",\"\",'BİLGİ GİRİŞİ'!AF69)","v":""},null,null,{"$f":"IF('BİLGİ GİRİŞİ'!AJ69=\"\",\"\",'BİLGİ GİRİŞİ'!AJ69)","v":""},null,null,{"$f":"IF('BİLGİ GİRİŞİ'!AN69=\"\",\"\",'BİLGİ GİRİŞİ'!AN69)","v":""},null,null,{"$f":"IF('BİLGİ GİRİŞİ'!AR69=\"\",\"\",'BİLGİ GİRİŞİ'!AR69)","v":""},null,null,{"$f":"IF('BİLGİ GİRİŞİ'!AV69=\"\",\"\",'BİLGİ GİRİŞİ'!AV69)","v":""},null,null,{"$f":"IF(P55=\"\",\"\",(X55+AD55+AJ55)/3)","v":""},null,null,{"$f":"IF(P55=\"\",\"\",(AA55+AG55+AM55)/3)","v":""}]
[{"$f":"IF('BİLGİ GİRİŞİ'!D70=\"\",\"\",'BİLGİ GİRİŞİ'!D70)","v":""},{"$f":"IF('BİLGİ GİRİŞİ'!E70=\"\",\"\",'BİLGİ GİRİŞİ'!E70)","v":""},null,null,null,null,null,null,null,null,null,null,null,null,null,{"$f":"IF('BİLGİ GİRİŞİ'!W70=\"\",\"\",'BİLGİ GİRİŞİ'!W70)","v":""},null,null,null,{"$f":"IF('BİLGİ GİRİŞİ'!T70=\"\",\"\",'BİLGİ GİRİŞİ'!T70)","v":""},null,null,null,{"$f":"IF('BİLGİ GİRİŞİ'!AB70=\"\",\"\",'BİLGİ GİRİŞİ'!AB70)","v":""},null,null,{"$f":"IF('BİLGİ GİRİŞİ'!AF70=\"\",\"\",'BİLGİ GİRİŞİ'!AF70)","v":""},null,null,{"$f":"IF('BİLGİ GİRİŞİ'!AJ70=\"\",\"\",'BİLGİ GİRİŞİ'!AJ70)","v":""},null,null,{"$f":"IF('BİLGİ GİRİŞİ'!AN70=\"\",\"\",'BİLGİ GİRİŞİ'!AN70)","v":""},null,null,{"$f":"IF('BİLGİ GİRİŞİ'!AR70=\"\",\"\",'BİLGİ GİRİŞİ'!AR70)","v":""},null,null,{"$f":"IF('BİLGİ GİRİŞİ'!AV70=\"\",\"\",'BİLGİ GİRİŞİ'!AV70)","v":""},null,null,"",null,null,""]
[{"$f":"IF('BİLGİ GİRİŞİ'!D71=\"\",\"\",'BİLGİ GİRİŞİ'!D71)","v":""},{"$f":"IF('BİLGİ GİRİŞİ'!E71=\"\",\"\",'BİLGİ GİRİŞİ'!E71)","v":""},null,null,null,null,null,null,null,null,null,null,null,null,null,{"$f":"IF('BİLGİ GİRİŞİ'!W71=\"\",\"\",'BİLGİ GİRİŞİ'!W71)","v":""},null,null,null,{"$f":"IF('BİLGİ GİRİŞİ'!T71=\"\",\"\",'BİLGİ GİRİŞİ'!T71)","v":""},null,null,null,{"$f":"IF('BİLGİ GİRİŞİ'!AB71=\"\",\"\",'BİLGİ GİRİŞİ'!AB71)","v":""},null,null,{"$f":"IF('BİLGİ GİRİŞİ'!AF71=\"\",\"\",'BİLGİ GİRİŞİ'!AF71)","v":""},null,null,{"$f":"IF('BİLGİ GİRİŞİ'!AJ71=\"\",\"\",'BİLGİ GİRİŞİ'!AJ71)","v":""},null,null,{"$f":"IF('BİLGİ GİRİŞİ'!AN71=\"\",\"\",'BİLGİ GİRİŞİ'!AN71)","v":""},null,null,{"$f":"IF('BİLGİ GİRİŞİ'!AR71=\"\",\"\",'BİLGİ GİRİŞİ'!AR71)","v":""},null,null,{"$f":"IF('BİLGİ GİRİŞİ'!AV71=\"\",\"\",'BİLGİ GİRİŞİ'!AV71)","v":""},null,null,"",null,null,""]
[{"$f":"IF('BİLGİ GİRİŞİ'!D72=\"\",\"\",'BİLGİ GİRİŞİ'!D72)","v":""},{"$f":"IF('BİLGİ GİRİŞİ'!E72=\"\",\"\",'BİLGİ GİRİŞİ'!E72)","v":""},null,null,null,null,null,null,null,null,null,null,null,null,null,{"$f":"IF('BİLGİ GİRİŞİ'!W72=\"\",\"\",'BİLGİ GİRİŞİ'!W72)","v":""},null,null,null,{"$f":"IF('BİLGİ GİRİŞİ'!T72=\"\",\"\",'BİLGİ GİRİŞİ'!T72)","v":""},null,null,null,{"$f":"IF('BİLGİ GİRİŞİ'!AB72=\"\",\"\",'BİLGİ GİRİŞİ'!AB72)","v":""},null,null,{"$f":"IF('BİLGİ GİRİŞİ'!AF72=\"\",\"\",'BİLGİ GİRİŞİ'!AF72)","v":""},null,null,{"$f":"IF('BİLGİ GİRİŞİ'!AJ72=\"\",\"\",'BİLGİ GİRİŞİ'!AJ72)","v":""},null,null,{"$f":"IF('BİLGİ GİRİŞİ'!AN72=\"\",\"\",'BİLGİ GİRİŞİ'!AN72)","v":""},null,null,{"$f":"IF('BİLGİ GİRİŞİ'!AR72=\"\",\"\",'BİLGİ GİRİŞİ'!AR72)","v":""},null,null,{"$f":"IF('BİLGİ GİRİŞİ'!AV72=\"\",\"\",'BİLGİ GİRİŞİ'!AV72)","v":""},null,null,"",null,null,""]
[{"$f":"IF('BİLGİ GİRİŞİ'!D73=\"\",\"\",'BİLGİ GİRİŞİ'!D73)","v":""},{"$f":"IF('BİLGİ GİRİŞİ'!E73=\"\",\"\",'BİLGİ GİRİŞİ'!E73)","v":""},null,null,null,null,null,null,null,null,null,null,null,null,null,{"$f":"IF('BİLGİ GİRİŞİ'!W73=\"\",\"\",'BİLGİ GİRİŞİ'!W73)","v":""},null,null,null,{"$f":"IF('BİLGİ GİRİŞİ'!T73=\"\",\"\",'BİLGİ GİRİŞİ'!T73)","v":""},null,null,null,{"$f":"IF('BİLGİ GİRİŞİ'!AB73=\"\",\"\",'BİLGİ GİRİŞİ'!AB73)","v":""},null,null,{"$f":"IF('BİLGİ GİRİŞİ'!AF73=\"\",\"\",'BİLGİ GİRİŞİ'!AF73)","v":""},null,null,{"$f":"IF('BİLGİ GİRİŞİ'!AJ73=\"\",\"\",'BİLGİ GİRİŞİ'!AJ73)","v":""},null,null,{"$f":"IF('BİLGİ GİRİŞİ'!AN73=\"\",\"\",'BİLGİ GİRİŞİ'!AN73)","v":""},null,null,{"$f":"IF('BİLGİ GİRİŞİ'!AR73=\"\",\"\",'BİLGİ GİRİŞİ'!AR73)","v":""},null,null,{"$f":"IF('BİLGİ GİRİŞİ'!AV73=\"\",\"\",'BİLGİ GİRİŞİ'!AV73)","v":""},null,null,"",null,null,""]
[{"$f":"IF('BİLGİ GİRİŞİ'!D74=\"\",\"\",'BİLGİ GİRİŞİ'!D74)","v":""},{"$f":"IF('BİLGİ GİRİŞİ'!E74=\"\",\"\",'BİLGİ GİRİŞİ'!E74)","v":""},null,null,null,null,null,null,null,null,null,null,null,null,null,{"$f":"IF('BİLGİ GİRİŞİ'!W74=\"\",\"\",'BİLGİ GİRİŞİ'!W74)","v":""},null,null,null,{"$f":"IF('BİLGİ GİRİŞİ'!T74=\"\",\"\",'BİLGİ GİRİŞİ'!T74)","v":""},null,null,null,{"$f":"IF('BİLGİ GİRİŞİ'!AB74=\"\",\"\",'BİLGİ GİRİŞİ'!AB74)","v":""},null,null,{"$f":"IF('BİLGİ GİRİŞİ'!AF74=\"\",\"\",'BİLGİ GİRİŞİ'!AF74)","v":""},null,null,{"$f":"IF('BİLGİ GİRİŞİ'!AJ74=\"\",\"\",'BİLGİ GİRİŞİ'!AJ74)","v":""},null,null,{"$f":"IF('BİLGİ GİRİŞİ'!AN74=\"\",\"\",'BİLGİ GİRİŞİ'!AN74)","v":""},null,null,{"$f":"IF('BİLGİ GİRİŞİ'!AR74=\"\",\"\",'BİLGİ GİRİŞİ'!AR74)","v":""},null,null,{"$f":"IF('BİLGİ GİRİŞİ'!AV74=\"\",\"\",'BİLGİ GİRİŞİ'!AV74)","v":""},null,null,"",null,null,""]
[{"$f":"IF('BİLGİ GİRİŞİ'!D75=\"\",\"\",'BİLGİ GİRİŞİ'!D75)","v":""},{"$f":"IF('BİLGİ GİRİŞİ'!E75=\"\",\"\",'BİLGİ GİRİŞİ'!E75)","v":""},null,null,null,null,null,null,null,null,null,null,null,null,null,{"$f":"IF('BİLGİ GİRİŞİ'!W75=\"\",\"\",'BİLGİ GİRİŞİ'!W75)","v":""},null,null,null,{"$f":"IF('BİLGİ GİRİŞİ'!T75=\"\",\"\",'BİLGİ GİRİŞİ'!T75)","v":""},null,null,null,{"$f":"IF('BİLGİ GİRİŞİ'!AB75=\"\",\"\",'BİLGİ GİRİŞİ'!AB75)","v":""},null,null,{"$f":"IF('BİLGİ GİRİŞİ'!AF75=\"\",\"\",'BİLGİ GİRİŞİ'!AF75)","v":""},null,null,{"$f":"IF('BİLGİ GİRİŞİ'!AJ75=\"\",\"\",'BİLGİ GİRİŞİ'!AJ75)","v":""},null,null,{"$f":"IF('BİLGİ GİRİŞİ'!AN75=\"\",\"\",'BİLGİ GİRİŞİ'!AN75)","v":""},null,null,{"$f":"IF('BİLGİ GİRİŞİ'!AR75=\"\",\"\",'BİLGİ GİRİŞİ'!AR75)","v":""},null,null,{"$f":"IF('BİLGİ GİRİŞİ'!AV75=\"\",\"\",'BİLGİ GİRİŞİ'!AV75)","v":""},null,null,"",null,null,""]
[{"$f":"IF('BİLGİ GİRİŞİ'!D76=\"\",\"\",'BİLGİ GİRİŞİ'!D76)","v":""},{"$f":"IF('BİLGİ GİRİŞİ'!E76=\"\",\"\",'BİLGİ GİRİŞİ'!E76)","v":""},null,null,null,null,null,null,null,null,null,null,null,null,null,{"$f":"IF('BİLGİ GİRİŞİ'!W76=\"\",\"\",'BİLGİ GİRİŞİ'!W76)","v":""},null,null,null,{"$f":"IF('BİLGİ GİRİŞİ'!T76=\"\",\"\",'BİLGİ GİRİŞİ'!T76)","v":""},null,null,null,{"$f":"IF('BİLGİ GİRİŞİ'!AB76=\"\",\"\",'BİLGİ GİRİŞİ'!AB76)","v":""},null,null,{"$f":"IF('BİLGİ GİRİŞİ'!AF76=\"\",\"\",'BİLGİ GİRİŞİ'!AF76)","v":""},null,null,{"$f":"IF('BİLGİ GİRİŞİ'!AJ76=\"\",\"\",'BİLGİ GİRİŞİ'!AJ76)","v":""},null,null,{"$f":"IF('BİLGİ GİRİŞİ'!AN76=\"\",\"\",'BİLGİ GİRİŞİ'!AN76)","v":""},null,null,{"$f":"IF('BİLGİ GİRİŞİ'!AR76=\"\",\"\",'BİLGİ GİRİŞİ'!AR76)","v":""},null,null,{"$f":"IF('BİLGİ GİRİŞİ'!AV76=\"\",\"\",'BİLGİ GİRİŞİ'!AV76)","v":""},null,null,"",null,null,""]
[{"$f":"IF('BİLGİ GİRİŞİ'!D77=\"\",\"\",'BİLGİ GİRİŞİ'!D77)","v":""},{"$f":"IF('BİLGİ GİRİŞİ'!E77=\"\",\"\",'BİLGİ GİRİŞİ'!E77)","v":""},null,null,null,null,null,null,null,null,null,null,null,null,null,{"$f":"IF('BİLGİ GİRİŞİ'!W77=\"\",\"\",'BİLGİ GİRİŞİ'!W77)","v":""},null,null,null,{"$f":"IF('BİLGİ GİRİŞİ'!T77=\"\",\"\",'BİLGİ GİRİŞİ'!T77)","v":""},null,null,null,{"$f":"IF('BİLGİ GİRİŞİ'!AB77=\"\",\"\",'BİLGİ GİRİŞİ'!AB77)","v":""},null,null,{"$f":"IF('BİLGİ GİRİŞİ'!AF77=\"\",\"\",'BİLGİ GİRİŞİ'!AF77)","v":""},null,null,{"$f":"IF('BİLGİ GİRİŞİ'!AJ77=\"\",\"\",'BİLGİ GİRİŞİ'!AJ77)","v":""},null,null,{"$f":"IF('BİLGİ GİRİŞİ'!AN77=\"\",\"\",'BİLGİ GİRİŞİ'!AN77)","v":""},null,null,{"$f":"IF('BİLGİ GİRİŞİ'!AR77=\"\",\"\",'BİLGİ GİRİŞİ'!AR77)","v":""},null,null,{"$f":"IF('BİLGİ GİRİŞİ'!AV77=\"\",\"\",'BİLGİ GİRİŞİ'!AV77)","v":""},null,null,"",null,null,""]
[{"$f":"IF('BİLGİ GİRİŞİ'!D78=\"\",\"\",'BİLGİ GİRİŞİ'!D78)","v":""},{"$f":"IF('BİLGİ GİRİŞİ'!E78=\"\",\"\",'BİLGİ GİRİŞİ'!E78)","v":""},null,null,null,null,null,null,null,null,null,null,null,null,null,{"$f":"IF('BİLGİ GİRİŞİ'!W78=\"\",\"\",'BİLGİ GİRİŞİ'!W78)","v":""},null,null,null,{"$f":"IF('BİLGİ GİRİŞİ'!T78=\"\",\"\",'BİLGİ GİRİŞİ'!T78)","v":""},null,null,null,{"$f":"IF('BİLGİ GİRİŞİ'!AB78=\"\",\"\",'BİLGİ GİRİŞİ'!AB78)","v":""},null,null,{"$f":"IF('BİLGİ GİRİŞİ'!AF78=\"\",\"\",'BİLGİ GİRİŞİ'!AF78)","v":""},null,null,{"$f":"IF('BİLGİ GİRİŞİ'!AJ78=\"\",\"\",'BİLGİ GİRİŞİ'!AJ78)","v":""},null,null,{"$f":"IF('BİLGİ GİRİŞİ'!AN78=\"\",\"\",'BİLGİ GİRİŞİ'!AN78)","v":""},null,null,{"$f":"IF('BİLGİ GİRİŞİ'!AR78=\"\",\"\",'BİLGİ GİRİŞİ'!AR78)","v":""},null,null,{"$f":"IF('BİLGİ GİRİŞİ'!AV78=\"\",\"\",'BİLGİ GİRİŞİ'!AV78)","v":""},null,null,"",null,null,""]
[{"$f":"IF('BİLGİ GİRİŞİ'!D79=\"\",\"\",'BİLGİ GİRİŞİ'!D79)","v":""},{"$f":"IF('BİLGİ GİRİŞİ'!E79=\"\",\"\",'BİLGİ GİRİŞİ'!E79)","v":""},null,null,null,null,null,null,null,null,null,null,null,null,null,{"$f":"IF('BİLGİ GİRİŞİ'!W79=\"\",\"\",'BİLGİ GİRİŞİ'!W79)","v":""},null,null,null,{"$f":"IF('BİLGİ GİRİŞİ'!T79=\"\",\"\",'BİLGİ GİRİŞİ'!T79)","v":""},null,null,null,{"$f":"IF('BİLGİ GİRİŞİ'!AB79=\"\",\"\",'BİLGİ GİRİŞİ'!AB79)","v":""},null,null,{"$f":"IF('BİLGİ GİRİŞİ'!AF79=\"\",\"\",'BİLGİ GİRİŞİ'!AF79)","v":""},null,null,{"$f":"IF('BİLGİ GİRİŞİ'!AJ79=\"\",\"\",'BİLGİ GİRİŞİ'!AJ79)","v":""},null,null,{"$f":"IF('BİLGİ GİRİŞİ'!AN79=\"\",\"\",'BİLGİ GİRİŞİ'!AN79)","v":""},null,null,{"$f":"IF('BİLGİ GİRİŞİ'!AR79=\"\",\"\",'BİLGİ GİRİŞİ'!AR79)","v":""},null,null,{"$f":"IF('BİLGİ GİRİŞİ'!AV79=\"\",\"\",'BİLGİ GİRİŞİ'!AV79)","v":""},null,null,"",null,null,""]
[{"$f":"IF('BİLGİ GİRİŞİ'!D80=\"\",\"\",'BİLGİ GİRİŞİ'!D80)","v":""},{"$f":"IF('BİLGİ GİRİŞİ'!E80=\"\",\"\",'BİLGİ GİRİŞİ'!E80)","v":""},null,null,null,null,null,null,null,null,null,null,null,null,null,{"$f":"IF('BİLGİ GİRİŞİ'!W80=\"\",\"\",'BİLGİ GİRİŞİ'!W80)","v":""},null,null,null,{"$f":"IF('BİLGİ GİRİŞİ'!T80=\"\",\"\",'BİLGİ GİRİŞİ'!T80)","v":""},null,null,null,{"$f":"IF('BİLGİ GİRİŞİ'!AB80=\"\",\"\",'BİLGİ GİRİŞİ'!AB80)","v":""},null,null,{"$f":"IF('BİLGİ GİRİŞİ'!AF80=\"\",\"\",'BİLGİ GİRİŞİ'!AF80)","v":""},null,null,{"$f":"IF('BİLGİ GİRİŞİ'!AJ80=\"\",\"\",'BİLGİ GİRİŞİ'!AJ80)","v":""},null,null,{"$f":"IF('BİLGİ GİRİŞİ'!AN80=\"\",\"\",'BİLGİ GİRİŞİ'!AN80)","v":""},null,null,{"$f":"IF('BİLGİ GİRİŞİ'!AR80=\"\",\"\",'BİLGİ GİRİŞİ'!AR80)","v":""},null,null,{"$f":"IF('BİLGİ GİRİŞİ'!AV80=\"\",\"\",'BİLGİ GİRİŞİ'!AV80)","v":""},null,null,"",null,null,""]
[{"$f":"IF('BİLGİ GİRİŞİ'!D81=\"\",\"\",'BİLGİ GİRİŞİ'!D81)","v":""},{"$f":"IF('BİLGİ GİRİŞİ'!E81=\"\",\"\",'BİLGİ GİRİŞİ'!E81)","v":""},null,null,null,null,null,null,null,null,null,null,null,null,null,{"$f":"IF('BİLGİ GİRİŞİ'!W81=\"\",\"\",'BİLGİ GİRİŞİ'!W81)","v":""},null,null,null,{"$f":"IF('BİLGİ GİRİŞİ'!T81=\"\",\"\",'BİLGİ GİRİŞİ'!T81)","v":""},null,null,null,{"$f":"IF('BİLGİ GİRİŞİ'!AB81=\"\",\"\",'BİLGİ GİRİŞİ'!AB81)","v":""},null,null,{"$f":"IF('BİLGİ GİRİŞİ'!AF81=\"\",\"\",'BİLGİ GİRİŞİ'!AF81)","v":""},null,null,{"$f":"IF('BİLGİ GİRİŞİ'!AJ81=\"\",\"\",'BİLGİ GİRİŞİ'!AJ81)","v":""},null,null,{"$f":"IF('BİLGİ GİRİŞİ'!AN81=\"\",\"\",'BİLGİ GİRİŞİ'!AN81)","v":""},null,null,{"$f":"IF('BİLGİ GİRİŞİ'!AR81=\"\",\"\",'BİLGİ GİRİŞİ'!AR81)","v":""},null,null,{"$f":"IF('BİLGİ GİRİŞİ'!AV81=\"\",\"\",'BİLGİ GİRİŞİ'!AV81)","v":""},null,null,"",null,null,""]
[{"$f":"IF('BİLGİ GİRİŞİ'!D82=\"\",\"\",'BİLGİ GİRİŞİ'!D82)","v":""},{"$f":"IF('BİLGİ GİRİŞİ'!E82=\"\",\"\",'BİLGİ GİRİŞİ'!E82)","v":""},null,null,null,null,null,null,null,null,null,null,null,null,null,{"$f":"IF('BİLGİ GİRİŞİ'!W82=\"\",\"\",'BİLGİ GİRİŞİ'!W82)","v":""},null,null,null,{"$f":"IF('BİLGİ GİRİŞİ'!T82=\"\",\"\",'BİLGİ GİRİŞİ'!T82)","v":""},null,null,null,{"$f":"IF('BİLGİ GİRİŞİ'!AB82=\"\",\"\",'BİLGİ GİRİŞİ'!AB82)","v":""},null,null,{"$f":"IF('BİLGİ GİRİŞİ'!AF82=\"\",\"\",'BİLGİ GİRİŞİ'!AF82)","v":""},null,null,{"$f":"IF('BİLGİ GİRİŞİ'!AJ82=\"\",\"\",'BİLGİ GİRİŞİ'!AJ82)","v":""},null,null,{"$f":"IF('BİLGİ GİRİŞİ'!AN82=\"\",\"\",'BİLGİ GİRİŞİ'!AN82)","v":""},null,null,{"$f":"IF('BİLGİ GİRİŞİ'!AR82=\"\",\"\",'BİLGİ GİRİŞİ'!AR82)","v":""},null,null,{"$f":"IF('BİLGİ GİRİŞİ'!AV82=\"\",\"\",'BİLGİ GİRİŞİ'!AV82)","v":""},null,null,"",null,null,""]
[{"$f":"IF('BİLGİ GİRİŞİ'!D83=\"\",\"\",'BİLGİ GİRİŞİ'!D83)","v":""},{"$f":"IF('BİLGİ GİRİŞİ'!E83=\"\",\"\",'BİLGİ GİRİŞİ'!E83)","v":""},null,null,null,null,null,null,null,null,null,null,null,null,null,{"$f":"IF('BİLGİ GİRİŞİ'!W83=\"\",\"\",'BİLGİ GİRİŞİ'!W83)","v":""},null,null,null,{"$f":"IF('BİLGİ GİRİŞİ'!T83=\"\",\"\",'BİLGİ GİRİŞİ'!T83)","v":""},null,null,null,{"$f":"IF('BİLGİ GİRİŞİ'!AB83=\"\",\"\",'BİLGİ GİRİŞİ'!AB83)","v":""},null,null,{"$f":"IF('BİLGİ GİRİŞİ'!AF83=\"\",\"\",'BİLGİ GİRİŞİ'!AF83)","v":""},null,null,{"$f":"IF('BİLGİ GİRİŞİ'!AJ83=\"\",\"\",'BİLGİ GİRİŞİ'!AJ83)","v":""},null,null,{"$f":"IF('BİLGİ GİRİŞİ'!AN83=\"\",\"\",'BİLGİ GİRİŞİ'!AN83)","v":""},null,null,{"$f":"IF('BİLGİ GİRİŞİ'!AR83=\"\",\"\",'BİLGİ GİRİŞİ'!AR83)","v":""},null,null,{"$f":"IF('BİLGİ GİRİŞİ'!AV83=\"\",\"\",'BİLGİ GİRİŞİ'!AV83)","v":""},null,null,"",null,null,""]
[{"$f":"IF('BİLGİ GİRİŞİ'!D84=\"\",\"\",'BİLGİ GİRİŞİ'!D84)","v":""},{"$f":"IF('BİLGİ GİRİŞİ'!E84=\"\",\"\",'BİLGİ GİRİŞİ'!E84)","v":""},null,null,null,null,null,null,null,null,null,null,null,null,null,{"$f":"IF('BİLGİ GİRİŞİ'!W84=\"\",\"\",'BİLGİ GİRİŞİ'!W84)","v":""},null,null,null,{"$f":"IF('BİLGİ GİRİŞİ'!T84=\"\",\"\",'BİLGİ GİRİŞİ'!T84)","v":""},null,null,null,{"$f":"IF('BİLGİ GİRİŞİ'!AB84=\"\",\"\",'BİLGİ GİRİŞİ'!AB84)","v":""},null,null,{"$f":"IF('BİLGİ GİRİŞİ'!AF84=\"\",\"\",'BİLGİ GİRİŞİ'!AF84)","v":""},null,null,{"$f":"IF('BİLGİ GİRİŞİ'!AJ84=\"\",\"\",'BİLGİ GİRİŞİ'!AJ84)","v":""},null,null,{"$f":"IF('BİLGİ GİRİŞİ'!AN84=\"\",\"\",'BİLGİ GİRİŞİ'!AN84)","v":""},null,null,{"$f":"IF('BİLGİ GİRİŞİ'!AR84=\"\",\"\",'BİLGİ GİRİŞİ'!AR84)","v":""},null,null,{"$f":"IF('BİLGİ GİRİŞİ'!AV84=\"\",\"\",'BİLGİ GİRİŞİ'!AV84)","v":""},null,null,"",null,null,""]
[{"$f":"IF('BİLGİ GİRİŞİ'!D85=\"\",\"\",'BİLGİ GİRİŞİ'!D85)","v":""},{"$f":"IF('BİLGİ GİRİŞİ'!E85=\"\",\"\",'BİLGİ GİRİŞİ'!E85)","v":""},null,null,null,null,null,null,null,null,null,null,null,null,null,{"$f":"IF('BİLGİ GİRİŞİ'!W85=\"\",\"\",'BİLGİ GİRİŞİ'!W85)","v":""},null,null,null,{"$f":"IF('BİLGİ GİRİŞİ'!T85=\"\",\"\",'BİLGİ GİRİŞİ'!T85)","v":""},null,null,null,{"$f":"IF('BİLGİ GİRİŞİ'!AB85=\"\",\"\",'BİLGİ GİRİŞİ'!AB85)","v":""},null,null,{"$f":"IF('BİLGİ GİRİŞİ'!AF85=\"\",\"\",'BİLGİ GİRİŞİ'!AF85)","v":""},null,null,{"$f":"IF('BİLGİ GİRİŞİ'!AJ85=\"\",\"\",'BİLGİ GİRİŞİ'!AJ85)","v":""},null,null,{"$f":"IF('BİLGİ GİRİŞİ'!AN85=\"\",\"\",'BİLGİ GİRİŞİ'!AN85)","v":""},null,null,{"$f":"IF('BİLGİ GİRİŞİ'!AR85=\"\",\"\",'BİLGİ GİRİŞİ'!AR85)","v":""},null,null,{"$f":"IF('BİLGİ GİRİŞİ'!AV85=\"\",\"\",'BİLGİ GİRİŞİ'!AV85)","v":""},null,null,"",null,null,""]
[{"$f":"IF('BİLGİ GİRİŞİ'!D86=\"\",\"\",'BİLGİ GİRİŞİ'!D86)","v":""},{"$f":"IF('BİLGİ GİRİŞİ'!E86=\"\",\"\",'BİLGİ GİRİŞİ'!E86)","v":""},null,null,null,null,null,null,null,null,null,null,null,null,null,{"$f":"IF('BİLGİ GİRİŞİ'!W86=\"\",\"\",'BİLGİ GİRİŞİ'!W86)","v":""},null,null,null,{"$f":"IF('BİLGİ GİRİŞİ'!T86=\"\",\"\",'BİLGİ GİRİŞİ'!T86)","v":""},null,null,null,{"$f":"IF('BİLGİ GİRİŞİ'!AB86=\"\",\"\",'BİLGİ GİRİŞİ'!AB86)","v":""},null,null,{"$f":"IF('BİLGİ GİRİŞİ'!AF86=\"\",\"\",'BİLGİ GİRİŞİ'!AF86)","v":""},null,null,{"$f":"IF('BİLGİ GİRİŞİ'!AJ86=\"\",\"\",'BİLGİ GİRİŞİ'!AJ86)","v":""},null,null,{"$f":"IF('BİLGİ GİRİŞİ'!AN86=\"\",\"\",'BİLGİ GİRİŞİ'!AN86)","v":""},null,null,{"$f":"IF('BİLGİ GİRİŞİ'!AR86=\"\",\"\",'BİLGİ GİRİŞİ'!AR86)","v":""},null,null,{"$f":"IF('BİLGİ GİRİŞİ'!AV86=\"\",\"\",'BİLGİ GİRİŞİ'!AV86)","v":""},null,null,"",null,null,""]
[{"$f":"IF('BİLGİ GİRİŞİ'!D87=\"\",\"\",'BİLGİ GİRİŞİ'!D87)","v":""},{"$f":"IF('BİLGİ GİRİŞİ'!E87=\"\",\"\",'BİLGİ GİRİŞİ'!E87)","v":""},null,null,null,null,null,null,null,null,null,null,null,null,null,{"$f":"IF('BİLGİ GİRİŞİ'!W87=\"\",\"\",'BİLGİ GİRİŞİ'!W87)","v":""},null,null,null,{"$f":"IF('BİLGİ GİRİŞİ'!T87=\"\",\"\",'BİLGİ GİRİŞİ'!T87)","v":""},null,null,null,{"$f":"IF('BİLGİ GİRİŞİ'!AB87=\"\",\"\",'BİLGİ GİRİŞİ'!AB87)","v":""},null,null,{"$f":"IF('BİLGİ GİRİŞİ'!AF87=\"\",\"\",'BİLGİ GİRİŞİ'!AF87)","v":""},null,null,{"$f":"IF('BİLGİ GİRİŞİ'!AJ87=\"\",\"\",'BİLGİ GİRİŞİ'!AJ87)","v":""},null,null,{"$f":"IF('BİLGİ GİRİŞİ'!AN87=\"\",\"\",'BİLGİ GİRİŞİ'!AN87)","v":""},null,null,{"$f":"IF('BİLGİ GİRİŞİ'!AR87=\"\",\"\",'BİLGİ GİRİŞİ'!AR87)","v":""},null,null,{"$f":"IF('BİLGİ GİRİŞİ'!AV87=\"\",\"\",'BİLGİ GİRİŞİ'!AV87)","v":""},null,null,"",null,null,""]
[{"$f":"IF('BİLGİ GİRİŞİ'!D88=\"\",\"\",'BİLGİ GİRİŞİ'!D88)","v":""},{"$f":"IF('BİLGİ GİRİŞİ'!E88=\"\",\"\",'BİLGİ GİRİŞİ'!E88)","v":""},null,null,null,null,null,null,null,null,null,null,null,null,null,{"$f":"IF('BİLGİ GİRİŞİ'!W88=\"\",\"\",'BİLGİ GİRİŞİ'!W88)","v":""},null,null,null,{"$f":"IF('BİLGİ GİRİŞİ'!T88=\"\",\"\",'BİLGİ GİRİŞİ'!T88)","v":""},null,null,null,{"$f":"IF('BİLGİ GİRİŞİ'!AB88=\"\",\"\",'BİLGİ GİRİŞİ'!AB88)","v":""},null,null,{"$f":"IF('BİLGİ GİRİŞİ'!AF88=\"\",\"\",'BİLGİ GİRİŞİ'!AF88)","v":""},null,null,{"$f":"IF('BİLGİ GİRİŞİ'!AJ88=\"\",\"\",'BİLGİ GİRİŞİ'!AJ88)","v":""},null,null,{"$f":"IF('BİLGİ GİRİŞİ'!AN88=\"\",\"\",'BİLGİ GİRİŞİ'!AN88)","v":""},null,null,{"$f":"IF('BİLGİ GİRİŞİ'!AR88=\"\",\"\",'BİLGİ GİRİŞİ'!AR88)","v":""},null,null,{"$f":"IF('BİLGİ GİRİŞİ'!AV88=\"\",\"\",'BİLGİ GİRİŞİ'!AV88)","v":""},null,null,"",null,null,""]
[{"$f":"IF('BİLGİ GİRİŞİ'!D89=\"\",\"\",'BİLGİ GİRİŞİ'!D89)","v":""},{"$f":"IF('BİLGİ GİRİŞİ'!E89=\"\",\"\",'BİLGİ GİRİŞİ'!E89)","v":""},null,null,null,null,null,null,null,null,null,null,null,null,null,{"$f":"IF('BİLGİ GİRİŞİ'!W89=\"\",\"\",'BİLGİ GİRİŞİ'!W89)","v":""},null,null,null,{"$f":"IF('BİLGİ GİRİŞİ'!T89=\"\",\"\",'BİLGİ GİRİŞİ'!T89)","v":""},null,null,null,{"$f":"IF('BİLGİ GİRİŞİ'!AB89=\"\",\"\",'BİLGİ GİRİŞİ'!AB89)","v":""},null,null,{"$f":"IF('BİLGİ GİRİŞİ'!AF89=\"\",\"\",'BİLGİ GİRİŞİ'!AF89)","v":""},null,null,{"$f":"IF('BİLGİ GİRİŞİ'!AJ89=\"\",\"\",'BİLGİ GİRİŞİ'!AJ89)","v":""},null,null,{"$f":"IF('BİLGİ GİRİŞİ'!AN89=\"\",\"\",'BİLGİ GİRİŞİ'!AN89)","v":""},null,null,{"$f":"IF('BİLGİ GİRİŞİ'!AR89=\"\",\"\",'BİLGİ GİRİŞİ'!AR89)","v":""},null,null,{"$f":"IF('BİLGİ GİRİŞİ'!AV89=\"\",\"\",'BİLGİ GİRİŞİ'!AV89)","v":""},null,null,{"$f":"IF(P75=\"\",\"\",(X75+AD75+AJ75)/3)","v":""},null,null,{"$f":"IF(P75=\"\",\"\",(AA75+AG75+AM75)/3)","v":""}]
[{"$f":"IF('BİLGİ GİRİŞİ'!D90=\"\",\"\",'BİLGİ GİRİŞİ'!D90)","v":""},{"$f":"IF('BİLGİ GİRİŞİ'!E90=\"\",\"\",'BİLGİ GİRİŞİ'!E90)","v":""},null,null,null,null,null,null,null,null,null,null,null,null,null,{"$f":"IF('BİLGİ GİRİŞİ'!W90=\"\",\"\",'BİLGİ GİRİŞİ'!W90)","v":""},null,null,null,{"$f":"IF('BİLGİ GİRİŞİ'!T90=\"\",\"\",'BİLGİ GİRİŞİ'!T90)","v":""},null,null,null,{"$f":"IF('BİLGİ GİRİŞİ'!AB90=\"\",\"\",'BİLGİ GİRİŞİ'!AB90)","v":""},null,null,{"$f":"IF('BİLGİ GİRİŞİ'!AF90=\"\",\"\",'BİLGİ GİRİŞİ'!AF90)","v":""},null,null,{"$f":"IF('BİLGİ GİRİŞİ'!AJ90=\"\",\"\",'BİLGİ GİRİŞİ'!AJ90)","v":""},null,null,{"$f":"IF('BİLGİ GİRİŞİ'!AN90=\"\",\"\",'BİLGİ GİRİŞİ'!AN90)","v":""},null,null,{"$f":"IF('BİLGİ GİRİŞİ'!AR90=\"\",\"\",'BİLGİ GİRİŞİ'!AR90)","v":""},null,null,{"$f":"IF('BİLGİ GİRİŞİ'!AV90=\"\",\"\",'BİLGİ GİRİŞİ'!AV90)","v":""},null,null,"",null,null,""]
[{"$f":"IF('BİLGİ GİRİŞİ'!D91=\"\",\"\",'BİLGİ GİRİŞİ'!D91)","v":""},{"$f":"IF('BİLGİ GİRİŞİ'!E91=\"\",\"\",'BİLGİ GİRİŞİ'!E91)","v":""},null,null,null,null,null,null,null,null,null,null,null,null,null,{"$f":"IF('BİLGİ GİRİŞİ'!W91=\"\",\"\",'BİLGİ GİRİŞİ'!W91)","v":""},null,null,null,{"$f":"IF('BİLGİ GİRİŞİ'!T91=\"\",\"\",'BİLGİ GİRİŞİ'!T91)","v":""},null,null,null,{"$f":"IF('BİLGİ GİRİŞİ'!AB91=\"\",\"\",'BİLGİ GİRİŞİ'!AB91)","v":""},null,null,{"$f":"IF('BİLGİ GİRİŞİ'!AF91=\"\",\"\",'BİLGİ GİRİŞİ'!AF91)","v":""},null,null,{"$f":"IF('BİLGİ GİRİŞİ'!AJ91=\"\",\"\",'BİLGİ GİRİŞİ'!AJ91)","v":""},null,null,{"$f":"IF('BİLGİ GİRİŞİ'!AN91=\"\",\"\",'BİLGİ GİRİŞİ'!AN91)","v":""},null,null,{"$f":"IF('BİLGİ GİRİŞİ'!AR91=\"\",\"\",'BİLGİ GİRİŞİ'!AR91)","v":""},null,null,{"$f":"IF('BİLGİ GİRİŞİ'!AV91=\"\",\"\",'BİLGİ GİRİŞİ'!AV91)","v":""},null,null,"",null,null,""]
[{"$f":"IF('BİLGİ GİRİŞİ'!D92=\"\",\"\",'BİLGİ GİRİŞİ'!D92)","v":""},{"$f":"IF('BİLGİ GİRİŞİ'!E92=\"\",\"\",'BİLGİ GİRİŞİ'!E92)","v":""},null,null,null,null,null,null,null,null,null,null,null,null,null,{"$f":"IF('BİLGİ GİRİŞİ'!W92=\"\",\"\",'BİLGİ GİRİŞİ'!W92)","v":""},null,null,null,{"$f":"IF('BİLGİ GİRİŞİ'!T92=\"\",\"\",'BİLGİ GİRİŞİ'!T92)","v":""},null,null,null,{"$f":"IF('BİLGİ GİRİŞİ'!AB92=\"\",\"\",'BİLGİ GİRİŞİ'!AB92)","v":""},null,null,{"$f":"IF('BİLGİ GİRİŞİ'!AF92=\"\",\"\",'BİLGİ GİRİŞİ'!AF92)","v":""},null,null,{"$f":"IF('BİLGİ GİRİŞİ'!AJ92=\"\",\"\",'BİLGİ GİRİŞİ'!AJ92)","v":""},null,null,{"$f":"IF('BİLGİ GİRİŞİ'!AN92=\"\",\"\",'BİLGİ GİRİŞİ'!AN92)","v":""},null,null,{"$f":"IF('BİLGİ GİRİŞİ'!AR92=\"\",\"\",'BİLGİ GİRİŞİ'!AR92)","v":""},null,null,{"$f":"IF('BİLGİ GİRİŞİ'!AV92=\"\",\"\",'BİLGİ GİRİŞİ'!AV92)","v":""},null,null,"",null,null,""]
[{"$f":"IF('BİLGİ GİRİŞİ'!D93=\"\",\"\",'BİLGİ GİRİŞİ'!D93)","v":""},{"$f":"IF('BİLGİ GİRİŞİ'!E93=\"\",\"\",'BİLGİ GİRİŞİ'!E93)","v":""},null,null,null,null,null,null,null,null,null,null,null,null,null,{"$f":"IF('BİLGİ GİRİŞİ'!W93=\"\",\"\",'BİLGİ GİRİŞİ'!W93)","v":""},null,null,null,{"$f":"IF('BİLGİ GİRİŞİ'!T93=\"\",\"\",'BİLGİ GİRİŞİ'!T93)","v":""},null,null,null,{"$f":"IF('BİLGİ GİRİŞİ'!AB93=\"\",\"\",'BİLGİ GİRİŞİ'!AB93)","v":""},null,null,{"$f":"IF('BİLGİ GİRİŞİ'!AF93=\"\",\"\",'BİLGİ GİRİŞİ'!AF93)","v":""},null,null,{"$f":"IF('BİLGİ GİRİŞİ'!AJ93=\"\",\"\",'BİLGİ GİRİŞİ'!AJ93)","v":""},null,null,{"$f":"IF('BİLGİ GİRİŞİ'!AN93=\"\",\"\",'BİLGİ GİRİŞİ'!AN93)","v":""},null,null,{"$f":"IF('BİLGİ GİRİŞİ'!AR93=\"\",\"\",'BİLGİ GİRİŞİ'!AR93)","v":""},null,null,{"$f":"IF('BİLGİ GİRİŞİ'!AV93=\"\",\"\",'BİLGİ GİRİŞİ'!AV93)","v":""},null,null,"",null,null,""]
[{"$f":"IF('BİLGİ GİRİŞİ'!D94=\"\",\"\",'BİLGİ GİRİŞİ'!D94)","v":""},{"$f":"IF('BİLGİ GİRİŞİ'!E94=\"\",\"\",'BİLGİ GİRİŞİ'!E94)","v":""},null,null,null,null,null,null,null,null,null,null,null,null,null,{"$f":"IF('BİLGİ GİRİŞİ'!W94=\"\",\"\",'BİLGİ GİRİŞİ'!W94)","v":""},null,null,null,{"$f":"IF('BİLGİ GİRİŞİ'!T94=\"\",\"\",'BİLGİ GİRİŞİ'!T94)","v":""},null,null,null,{"$f":"IF('BİLGİ GİRİŞİ'!AB94=\"\",\"\",'BİLGİ GİRİŞİ'!AB94)","v":""},null,null,{"$f":"IF('BİLGİ GİRİŞİ'!AF94=\"\",\"\",'BİLGİ GİRİŞİ'!AF94)","v":""},null,null,{"$f":"IF('BİLGİ GİRİŞİ'!AJ94=\"\",\"\",'BİLGİ GİRİŞİ'!AJ94)","v":""},null,null,{"$f":"IF('BİLGİ GİRİŞİ'!AN94=\"\",\"\",'BİLGİ GİRİŞİ'!AN94)","v":""},null,null,{"$f":"IF('BİLGİ GİRİŞİ'!AR94=\"\",\"\",'BİLGİ GİRİŞİ'!AR94)","v":""},null,null,{"$f":"IF('BİLGİ GİRİŞİ'!AV94=\"\",\"\",'BİLGİ GİRİŞİ'!AV94)","v":""},null,null,"",null,null,""]
[{"$f":"IF('BİLGİ GİRİŞİ'!D95=\"\",\"\",'BİLGİ GİRİŞİ'!D95)","v":""},{"$f":"IF('BİLGİ GİRİŞİ'!E95=\"\",\"\",'BİLGİ GİRİŞİ'!E95)","v":""},null,null,null,null,null,null,null,null,null,null,null,null,null,{"$f":"IF('BİLGİ GİRİŞİ'!W95=\"\",\"\",'BİLGİ GİRİŞİ'!W95)","v":""},null,null,null,{"$f":"IF('BİLGİ GİRİŞİ'!T95=\"\",\"\",'BİLGİ GİRİŞİ'!T95)","v":""},null,null,null,{"$f":"IF('BİLGİ GİRİŞİ'!AB95=\"\",\"\",'BİLGİ GİRİŞİ'!AB95)","v":""},null,null,{"$f":"IF('BİLGİ GİRİŞİ'!AF95=\"\",\"\",'BİLGİ GİRİŞİ'!AF95)","v":""},null,null,{"$f":"IF('BİLGİ GİRİŞİ'!AJ95=\"\",\"\",'BİLGİ GİRİŞİ'!AJ95)","v":""},null,null,{"$f":"IF('BİLGİ GİRİŞİ'!AN95=\"\",\"\",'BİLGİ GİRİŞİ'!AN95)","v":""},null,null,{"$f":"IF('BİLGİ GİRİŞİ'!AR95=\"\",\"\",'BİLGİ GİRİŞİ'!AR95)","v":""},null,null,{"$f":"IF('BİLGİ GİRİŞİ'!AV95=\"\",\"\",'BİLGİ GİRİŞİ'!AV95)","v":""},null,null,"",null,null,""]
[{"$f":"IF('BİLGİ GİRİŞİ'!D96=\"\",\"\",'BİLGİ GİRİŞİ'!D96)","v":""},{"$f":"IF('BİLGİ GİRİŞİ'!E96=\"\",\"\",'BİLGİ GİRİŞİ'!E96)","v":""},null,null,null,null,null,null,null,null,null,null,null,null,null,{"$f":"IF('BİLGİ GİRİŞİ'!W96=\"\",\"\",'BİLGİ GİRİŞİ'!W96)","v":""},null,null,null,{"$f":"IF('BİLGİ GİRİŞİ'!T96=\"\",\"\",'BİLGİ GİRİŞİ'!T96)","v":""},null,null,null,{"$f":"IF('BİLGİ GİRİŞİ'!AB96=\"\",\"\",'BİLGİ GİRİŞİ'!AB96)","v":""},null,null,{"$f":"IF('BİLGİ GİRİŞİ'!AF96=\"\",\"\",'BİLGİ GİRİŞİ'!AF96)","v":""},null,null,{"$f":"IF('BİLGİ GİRİŞİ'!AJ96=\"\",\"\",'BİLGİ GİRİŞİ'!AJ96)","v":""},null,null,{"$f":"IF('BİLGİ GİRİŞİ'!AN96=\"\",\"\",'BİLGİ GİRİŞİ'!AN96)","v":""},null,null,{"$f":"IF('BİLGİ GİRİŞİ'!AR96=\"\",\"\",'BİLGİ GİRİŞİ'!AR96)","v":""},null,null,{"$f":"IF('BİLGİ GİRİŞİ'!AV96=\"\",\"\",'BİLGİ GİRİŞİ'!AV96)","v":""},null,null,"",null,null,""]
[{"$f":"IF('BİLGİ GİRİŞİ'!D97=\"\",\"\",'BİLGİ GİRİŞİ'!D97)","v":""},{"$f":"IF('BİLGİ GİRİŞİ'!E97=\"\",\"\",'BİLGİ GİRİŞİ'!E97)","v":""},null,null,null,null,null,null,null,null,null,null,null,null,null,{"$f":"IF('BİLGİ GİRİŞİ'!W97=\"\",\"\",'BİLGİ GİRİŞİ'!W97)","v":""},null,null,null,{"$f":"IF('BİLGİ GİRİŞİ'!T97=\"\",\"\",'BİLGİ GİRİŞİ'!T97)","v":""},null,null,null,{"$f":"IF('BİLGİ GİRİŞİ'!AB97=\"\",\"\",'BİLGİ GİRİŞİ'!AB97)","v":""},null,null,{"$f":"IF('BİLGİ GİRİŞİ'!AF97=\"\",\"\",'BİLGİ GİRİŞİ'!AF97)","v":""},null,null,{"$f":"IF('BİLGİ GİRİŞİ'!AJ97=\"\",\"\",'BİLGİ GİRİŞİ'!AJ97)","v":""},null,null,{"$f":"IF('BİLGİ GİRİŞİ'!AN97=\"\",\"\",'BİLGİ GİRİŞİ'!AN97)","v":""},null,null,{"$f":"IF('BİLGİ GİRİŞİ'!AR97=\"\",\"\",'BİLGİ GİRİŞİ'!AR97)","v":""},null,null,{"$f":"IF('BİLGİ GİRİŞİ'!AV97=\"\",\"\",'BİLGİ GİRİŞİ'!AV97)","v":""},null,null,"",null,null,""]
[{"$f":"IF('BİLGİ GİRİŞİ'!D98=\"\",\"\",'BİLGİ GİRİŞİ'!D98)","v":""},{"$f":"IF('BİLGİ GİRİŞİ'!E98=\"\",\"\",'BİLGİ GİRİŞİ'!E98)","v":""},null,null,null,null,null,null,null,null,null,null,null,null,null,{"$f":"IF('BİLGİ GİRİŞİ'!W98=\"\",\"\",'BİLGİ GİRİŞİ'!W98)","v":""},null,null,null,{"$f":"IF('BİLGİ GİRİŞİ'!T98=\"\",\"\",'BİLGİ GİRİŞİ'!T98)","v":""},null,null,null,{"$f":"IF('BİLGİ GİRİŞİ'!AB98=\"\",\"\",'BİLGİ GİRİŞİ'!AB98)","v":""},null,null,{"$f":"IF('BİLGİ GİRİŞİ'!AF98=\"\",\"\",'BİLGİ GİRİŞİ'!AF98)","v":""},null,null,{"$f":"IF('BİLGİ GİRİŞİ'!AJ98=\"\",\"\",'BİLGİ GİRİŞİ'!AJ98)","v":""},null,null,{"$f":"IF('BİLGİ GİRİŞİ'!AN98=\"\",\"\",'BİLGİ GİRİŞİ'!AN98)","v":""},null,null,{"$f":"IF('BİLGİ GİRİŞİ'!AR98=\"\",\"\",'BİLGİ GİRİŞİ'!AR98)","v":""},null,null,{"$f":"IF('BİLGİ GİRİŞİ'!AV98=\"\",\"\",'BİLGİ GİRİŞİ'!AV98)","v":""},null,null,"",null,null,""]
[{"$f":"IF('BİLGİ GİRİŞİ'!D99=\"\",\"\",'BİLGİ GİRİŞİ'!D99)","v":""},{"$f":"IF('BİLGİ GİRİŞİ'!E99=\"\",\"\",'BİLGİ GİRİŞİ'!E99)","v":""},null,null,null,null,null,null,null,null,null,null,null,null,null,{"$f":"IF('BİLGİ GİRİŞİ'!W99=\"\",\"\",'BİLGİ GİRİŞİ'!W99)","v":""},null,null,null,{"$f":"IF('BİLGİ GİRİŞİ'!T99=\"\",\"\",'BİLGİ GİRİŞİ'!T99)","v":""},null,null,null,{"$f":"IF('BİLGİ GİRİŞİ'!AB99=\"\",\"\",'BİLGİ GİRİŞİ'!AB99)","v":""},null,null,{"$f":"IF('BİLGİ GİRİŞİ'!AF99=\"\",\"\",'BİLGİ GİRİŞİ'!AF99)","v":""},null,null,{"$f":"IF('BİLGİ GİRİŞİ'!AJ99=\"\",\"\",'BİLGİ GİRİŞİ'!AJ99)","v":""},null,null,{"$f":"IF('BİLGİ GİRİŞİ'!AN99=\"\",\"\",'BİLGİ GİRİŞİ'!AN99)","v":""},null,null,{"$f":"IF('BİLGİ GİRİŞİ'!AR99=\"\",\"\",'BİLGİ GİRİŞİ'!AR99)","v":""},null,null,{"$f":"IF('BİLGİ GİRİŞİ'!AV99=\"\",\"\",'BİLGİ GİRİŞİ'!AV99)","v":""},null,null,"",null,null,""]
[{"$f":"IF('BİLGİ GİRİŞİ'!D100=\"\",\"\",'BİLGİ GİRİŞİ'!D100)","v":""},{"$f":"IF('BİLGİ GİRİŞİ'!E100=\"\",\"\",'BİLGİ GİRİŞİ'!E100)","v":""},null,null,null,null,null,null,null,null,null,null,null,null,null,{"$f":"IF('BİLGİ GİRİŞİ'!W100=\"\",\"\",'BİLGİ GİRİŞİ'!W100)","v":""},null,null,null,{"$f":"IF('BİLGİ GİRİŞİ'!T100=\"\",\"\",'BİLGİ GİRİŞİ'!T100)","v":""},null,null,null,{"$f":"IF('BİLGİ GİRİŞİ'!AB100=\"\",\"\",'BİLGİ GİRİŞİ'!AB100)","v":""},null,null,{"$f":"IF('BİLGİ GİRİŞİ'!AF100=\"\",\"\",'BİLGİ GİRİŞİ'!AF100)","v":""},null,null,{"$f":"IF('BİLGİ GİRİŞİ'!AJ100=\"\",\"\",'BİLGİ GİRİŞİ'!AJ100)","v":""},null,null,{"$f":"IF('BİLGİ GİRİŞİ'!AN100=\"\",\"\",'BİLGİ GİRİŞİ'!AN100)","v":""},null,null,{"$f":"IF('BİLGİ GİRİŞİ'!AR100=\"\",\"\",'BİLGİ GİRİŞİ'!AR100)","v":""},null,null,{"$f":"IF('BİLGİ GİRİŞİ'!AV100=\"\",\"\",'BİLGİ GİRİŞİ'!AV100)","v":""},null,null,"",null,null,""]
[{"$f":"IF('BİLGİ GİRİŞİ'!D101=\"\",\"\",'BİLGİ GİRİŞİ'!D101)","v":""},{"$f":"IF('BİLGİ GİRİŞİ'!E101=\"\",\"\",'BİLGİ GİRİŞİ'!E101)","v":""},null,null,null,null,null,null,null,null,null,null,null,null,null,{"$f":"IF('BİLGİ GİRİŞİ'!W101=\"\",\"\",'BİLGİ GİRİŞİ'!W101)","v":""},null,null,null,{"$f":"IF('BİLGİ GİRİŞİ'!T101=\"\",\"\",'BİLGİ GİRİŞİ'!T101)","v":""},null,null,null,{"$f":"IF('BİLGİ GİRİŞİ'!AB101=\"\",\"\",'BİLGİ GİRİŞİ'!AB101)","v":""},null,null,{"$f":"IF('BİLGİ GİRİŞİ'!AF101=\"\",\"\",'BİLGİ GİRİŞİ'!AF101)","v":""},null,null,{"$f":"IF('BİLGİ GİRİŞİ'!AJ101=\"\",\"\",'BİLGİ GİRİŞİ'!AJ101)","v":""},null,null,{"$f":"IF('BİLGİ GİRİŞİ'!AN101=\"\",\"\",'BİLGİ GİRİŞİ'!AN101)","v":""},null,null,{"$f":"IF('BİLGİ GİRİŞİ'!AR101=\"\",\"\",'BİLGİ GİRİŞİ'!AR101)","v":""},null,null,{"$f":"IF('BİLGİ GİRİŞİ'!AV101=\"\",\"\",'BİLGİ GİRİŞİ'!AV101)","v":""},null,null,"",null,null,""]
[{"$f":"IF('BİLGİ GİRİŞİ'!D102=\"\",\"\",'BİLGİ GİRİŞİ'!D102)","v":""},{"$f":"IF('BİLGİ GİRİŞİ'!E102=\"\",\"\",'BİLGİ GİRİŞİ'!E102)","v":""},null,null,null,null,null,null,null,null,null,null,null,null,null,{"$f":"IF('BİLGİ GİRİŞİ'!W102=\"\",\"\",'BİLGİ GİRİŞİ'!W102)","v":""},null,null,null,{"$f":"IF('BİLGİ GİRİŞİ'!T102=\"\",\"\",'BİLGİ GİRİŞİ'!T102)","v":""},null,null,null,{"$f":"IF('BİLGİ GİRİŞİ'!AB102=\"\",\"\",'BİLGİ GİRİŞİ'!AB102)","v":""},null,null,{"$f":"IF('BİLGİ GİRİŞİ'!AF102=\"\",\"\",'BİLGİ GİRİŞİ'!AF102)","v":""},null,null,{"$f":"IF('BİLGİ GİRİŞİ'!AJ102=\"\",\"\",'BİLGİ GİRİŞİ'!AJ102)","v":""},null,null,{"$f":"IF('BİLGİ GİRİŞİ'!AN102=\"\",\"\",'BİLGİ GİRİŞİ'!AN102)","v":""},null,null,{"$f":"IF('BİLGİ GİRİŞİ'!AR102=\"\",\"\",'BİLGİ GİRİŞİ'!AR102)","v":""},null,null,{"$f":"IF('BİLGİ GİRİŞİ'!AV102=\"\",\"\",'BİLGİ GİRİŞİ'!AV102)","v":""},null,null,"",null,null,""]
[{"$f":"IF('BİLGİ GİRİŞİ'!D103=\"\",\"\",'BİLGİ GİRİŞİ'!D103)","v":""},{"$f":"IF('BİLGİ GİRİŞİ'!E103=\"\",\"\",'BİLGİ GİRİŞİ'!E103)","v":""},null,null,null,null,null,null,null,null,null,null,null,null,null,{"$f":"IF('BİLGİ GİRİŞİ'!W103=\"\",\"\",'BİLGİ GİRİŞİ'!W103)","v":""},null,null,null,{"$f":"IF('BİLGİ GİRİŞİ'!T103=\"\",\"\",'BİLGİ GİRİŞİ'!T103)","v":""},null,null,null,{"$f":"IF('BİLGİ GİRİŞİ'!AB103=\"\",\"\",'BİLGİ GİRİŞİ'!AB103)","v":""},null,null,{"$f":"IF('BİLGİ GİRİŞİ'!AF103=\"\",\"\",'BİLGİ GİRİŞİ'!AF103)","v":""},null,null,{"$f":"IF('BİLGİ GİRİŞİ'!AJ103=\"\",\"\",'BİLGİ GİRİŞİ'!AJ103)","v":""},null,null,{"$f":"IF('BİLGİ GİRİŞİ'!AN103=\"\",\"\",'BİLGİ GİRİŞİ'!AN103)","v":""},null,null,{"$f":"IF('BİLGİ GİRİŞİ'!AR103=\"\",\"\",'BİLGİ GİRİŞİ'!AR103)","v":""},null,null,{"$f":"IF('BİLGİ GİRİŞİ'!AV103=\"\",\"\",'BİLGİ GİRİŞİ'!AV103)","v":""},null,null,"",null,null,""]
[{"$f":"IF('BİLGİ GİRİŞİ'!D104=\"\",\"\",'BİLGİ GİRİŞİ'!D104)","v":""},{"$f":"IF('BİLGİ GİRİŞİ'!E104=\"\",\"\",'BİLGİ GİRİŞİ'!E104)","v":""},null,null,null,null,null,null,null,null,null,null,null,null,null,{"$f":"IF('BİLGİ GİRİŞİ'!W104=\"\",\"\",'BİLGİ GİRİŞİ'!W104)","v":""},null,null,null,{"$f":"IF('BİLGİ GİRİŞİ'!T104=\"\",\"\",'BİLGİ GİRİŞİ'!T104)","v":""},null,null,null,{"$f":"IF('BİLGİ GİRİŞİ'!AB104=\"\",\"\",'BİLGİ GİRİŞİ'!AB104)","v":""},null,null,{"$f":"IF('BİLGİ GİRİŞİ'!AF104=\"\",\"\",'BİLGİ GİRİŞİ'!AF104)","v":""},null,null,{"$f":"IF('BİLGİ GİRİŞİ'!AJ104=\"\",\"\",'BİLGİ GİRİŞİ'!AJ104)","v":""},null,null,{"$f":"IF('BİLGİ GİRİŞİ'!AN104=\"\",\"\",'BİLGİ GİRİŞİ'!AN104)","v":""},null,null,{"$f":"IF('BİLGİ GİRİŞİ'!AR104=\"\",\"\",'BİLGİ GİRİŞİ'!AR104)","v":""},null,null,{"$f":"IF('BİLGİ GİRİŞİ'!AV104=\"\",\"\",'BİLGİ GİRİŞİ'!AV104)","v":""},null,null,"",null,null,""]
[{"$f":"IF('BİLGİ GİRİŞİ'!D105=\"\",\"\",'BİLGİ GİRİŞİ'!D105)","v":""},{"$f":"IF('BİLGİ GİRİŞİ'!E105=\"\",\"\",'BİLGİ GİRİŞİ'!E105)","v":""},null,null,null,null,null,null,null,null,null,null,null,null,null,{"$f":"IF('BİLGİ GİRİŞİ'!W105=\"\",\"\",'BİLGİ GİRİŞİ'!W105)","v":""},null,null,null,{"$f":"IF('BİLGİ GİRİŞİ'!T105=\"\",\"\",'BİLGİ GİRİŞİ'!T105)","v":""},null,null,null,{"$f":"IF('BİLGİ GİRİŞİ'!AB105=\"\",\"\",'BİLGİ GİRİŞİ'!AB105)","v":""},null,null,{"$f":"IF('BİLGİ GİRİŞİ'!AF105=\"\",\"\",'BİLGİ GİRİŞİ'!AF105)","v":""},null,null,{"$f":"IF('BİLGİ GİRİŞİ'!AJ105=\"\",\"\",'BİLGİ GİRİŞİ'!AJ105)","v":""},null,null,{"$f":"IF('BİLGİ GİRİŞİ'!AN105=\"\",\"\",'BİLGİ GİRİŞİ'!AN105)","v":""},null,null,{"$f":"IF('BİLGİ GİRİŞİ'!AR105=\"\",\"\",'BİLGİ GİRİŞİ'!AR105)","v":""},null,null,{"$f":"IF('BİLGİ GİRİŞİ'!AV105=\"\",\"\",'BİLGİ GİRİŞİ'!AV105)","v":""},null,null,"",null,null,""]
[{"$f":"IF('BİLGİ GİRİŞİ'!D106=\"\",\"\",'BİLGİ GİRİŞİ'!D106)","v":""},{"$f":"IF('BİLGİ GİRİŞİ'!E106=\"\",\"\",'BİLGİ GİRİŞİ'!E106)","v":""},null,null,null,null,null,null,null,null,null,null,null,null,null,{"$f":"IF('BİLGİ GİRİŞİ'!W106=\"\",\"\",'BİLGİ GİRİŞİ'!W106)","v":""},null,null,null,{"$f":"IF('BİLGİ GİRİŞİ'!T106=\"\",\"\",'BİLGİ GİRİŞİ'!T106)","v":""},null,null,null,{"$f":"IF('BİLGİ GİRİŞİ'!AB106=\"\",\"\",'BİLGİ GİRİŞİ'!AB106)","v":""},null,null,{"$f":"IF('BİLGİ GİRİŞİ'!AF106=\"\",\"\",'BİLGİ GİRİŞİ'!AF106)","v":""},null,null,{"$f":"IF('BİLGİ GİRİŞİ'!AJ106=\"\",\"\",'BİLGİ GİRİŞİ'!AJ106)","v":""},null,null,{"$f":"IF('BİLGİ GİRİŞİ'!AN106=\"\",\"\",'BİLGİ GİRİŞİ'!AN106)","v":""},null,null,{"$f":"IF('BİLGİ GİRİŞİ'!AR106=\"\",\"\",'BİLGİ GİRİŞİ'!AR106)","v":""},null,null,{"$f":"IF('BİLGİ GİRİŞİ'!AV106=\"\",\"\",'BİLGİ GİRİŞİ'!AV106)","v":""},null,null,"",null,null,""]
[{"$f":"IF('BİLGİ GİRİŞİ'!D107=\"\",\"\",'BİLGİ GİRİŞİ'!D107)","v":""},{"$f":"IF('BİLGİ GİRİŞİ'!E107=\"\",\"\",'BİLGİ GİRİŞİ'!E107)","v":""},null,null,null,null,null,null,null,null,null,null,null,null,null,{"$f":"IF('BİLGİ GİRİŞİ'!W107=\"\",\"\",'BİLGİ GİRİŞİ'!W107)","v":""},null,null,null,{"$f":"IF('BİLGİ GİRİŞİ'!T107=\"\",\"\",'BİLGİ GİRİŞİ'!T107)","v":""},null,null,null,{"$f":"IF('BİLGİ GİRİŞİ'!AB107=\"\",\"\",'BİLGİ GİRİŞİ'!AB107)","v":""},null,null,{"$f":"IF('BİLGİ GİRİŞİ'!AF107=\"\",\"\",'BİLGİ GİRİŞİ'!AF107)","v":""},null,null,{"$f":"IF('BİLGİ GİRİŞİ'!AJ107=\"\",\"\",'BİLGİ GİRİŞİ'!AJ107)","v":""},null,null,{"$f":"IF('BİLGİ GİRİŞİ'!AN107=\"\",\"\",'BİLGİ GİRİŞİ'!AN107)","v":""},null,null,{"$f":"IF('BİLGİ GİRİŞİ'!AR107=\"\",\"\",'BİLGİ GİRİŞİ'!AR107)","v":""},null,null,{"$f":"IF('BİLGİ GİRİŞİ'!AV107=\"\",\"\",'BİLGİ GİRİŞİ'!AV107)","v":""},null,null,"",null,null,""]
[{"$f":"IF('BİLGİ GİRİŞİ'!D108=\"\",\"\",'BİLGİ GİRİŞİ'!D108)","v":""},{"$f":"IF('BİLGİ GİRİŞİ'!E108=\"\",\"\",'BİLGİ GİRİŞİ'!E108)","v":""},null,null,null,null,null,null,null,null,null,null,null,null,null,{"$f":"IF('BİLGİ GİRİŞİ'!W108=\"\",\"\",'BİLGİ GİRİŞİ'!W108)","v":""},null,null,null,{"$f":"IF('BİLGİ GİRİŞİ'!T108=\"\",\"\",'BİLGİ GİRİŞİ'!T108)","v":""},null,null,null,{"$f":"IF('BİLGİ GİRİŞİ'!AB108=\"\",\"\",'BİLGİ GİRİŞİ'!AB108)","v":""},null,null,{"$f":"IF('BİLGİ GİRİŞİ'!AF108=\"\",\"\",'BİLGİ GİRİŞİ'!AF108)","v":""},null,null,{"$f":"IF('BİLGİ GİRİŞİ'!AJ108=\"\",\"\",'BİLGİ GİRİŞİ'!AJ108)","v":""},null,null,{"$f":"IF('BİLGİ GİRİŞİ'!AN108=\"\",\"\",'BİLGİ GİRİŞİ'!AN108)","v":""},null,null,{"$f":"IF('BİLGİ GİRİŞİ'!AR108=\"\",\"\",'BİLGİ GİRİŞİ'!AR108)","v":""},null,null,{"$f":"IF('BİLGİ GİRİŞİ'!AV108=\"\",\"\",'BİLGİ GİRİŞİ'!AV108)","v":""},null,null,"",null,null,""]
[{"$f":"IF('BİLGİ GİRİŞİ'!D109=\"\",\"\",'BİLGİ GİRİŞİ'!D109)","v":""},{"$f":"IF('BİLGİ GİRİŞİ'!E109=\"\",\"\",'BİLGİ GİRİŞİ'!E109)","v":""},null,null,null,null,null,null,null,null,null,null,null,null,null,{"$f":"IF('BİLGİ GİRİŞİ'!W109=\"\",\"\",'BİLGİ GİRİŞİ'!W109)","v":""},null,null,null,{"$f":"IF('BİLGİ GİRİŞİ'!T109=\"\",\"\",'BİLGİ GİRİŞİ'!T109)","v":""},null,null,null,{"$f":"IF('BİLGİ GİRİŞİ'!AB109=\"\",\"\",'BİLGİ GİRİŞİ'!AB109)","v":""},null,null,{"$f":"IF('BİLGİ GİRİŞİ'!AF109=\"\",\"\",'BİLGİ GİRİŞİ'!AF109)","v":""},null,null,{"$f":"IF('BİLGİ GİRİŞİ'!AJ109=\"\",\"\",'BİLGİ GİRİŞİ'!AJ109)","v":""},null,null,{"$f":"IF('BİLGİ GİRİŞİ'!AN109=\"\",\"\",'BİLGİ GİRİŞİ'!AN109)","v":""},null,null,{"$f":"IF('BİLGİ GİRİŞİ'!AR109=\"\",\"\",'BİLGİ GİRİŞİ'!AR109)","v":""},null,null,{"$f":"IF('BİLGİ GİRİŞİ'!AV109=\"\",\"\",'BİLGİ GİRİŞİ'!AV109)","v":""},null,null,{"$f":"IF(P95=\"\",\"\",(X95+AD95+AJ95)/3)","v":""},null,null,{"$f":"IF(P95=\"\",\"\",(AA95+AG95+AM95)/3)","v":""}]
[{"$f":"IF('BİLGİ GİRİŞİ'!D110=\"\",\"\",'BİLGİ GİRİŞİ'!D110)","v":""},{"$f":"IF('BİLGİ GİRİŞİ'!E110=\"\",\"\",'BİLGİ GİRİŞİ'!E110)","v":""},null,null,null,null,null,null,null,null,null,null,null,null,null,{"$f":"IF('BİLGİ GİRİŞİ'!W110=\"\",\"\",'BİLGİ GİRİŞİ'!W110)","v":""},null,null,null,{"$f":"IF('BİLGİ GİRİŞİ'!T110=\"\",\"\",'BİLGİ GİRİŞİ'!T110)","v":""},null,null,null,{"$f":"IF('BİLGİ GİRİŞİ'!AB110=\"\",\"\",'BİLGİ GİRİŞİ'!AB110)","v":""},null,null,{"$f":"IF('BİLGİ GİRİŞİ'!AF110=\"\",\"\",'BİLGİ GİRİŞİ'!AF110)","v":""},null,null,{"$f":"IF('BİLGİ GİRİŞİ'!AJ110=\"\",\"\",'BİLGİ GİRİŞİ'!AJ110)","v":""},null,null,{"$f":"IF('BİLGİ GİRİŞİ'!AN110=\"\",\"\",'BİLGİ GİRİŞİ'!AN110)","v":""},null,null,{"$f":"IF('BİLGİ GİRİŞİ'!AR110=\"\",\"\",'BİLGİ GİRİŞİ'!AR110)","v":""},null,null,{"$f":"IF('BİLGİ GİRİŞİ'!AV110=\"\",\"\",'BİLGİ GİRİŞİ'!AV110)","v":""},null,null,"",null,null,""]
[{"$f":"IF('BİLGİ GİRİŞİ'!D111=\"\",\"\",'BİLGİ GİRİŞİ'!D111)","v":""},{"$f":"IF('BİLGİ GİRİŞİ'!E111=\"\",\"\",'BİLGİ GİRİŞİ'!E111)","v":""},null,null,null,null,null,null,null,null,null,null,null,null,null,{"$f":"IF('BİLGİ GİRİŞİ'!W111=\"\",\"\",'BİLGİ GİRİŞİ'!W111)","v":""},null,null,null,{"$f":"IF('BİLGİ GİRİŞİ'!T111=\"\",\"\",'BİLGİ GİRİŞİ'!T111)","v":""},null,null,null,{"$f":"IF('BİLGİ GİRİŞİ'!AB111=\"\",\"\",'BİLGİ GİRİŞİ'!AB111)","v":""},null,null,{"$f":"IF('BİLGİ GİRİŞİ'!AF111=\"\",\"\",'BİLGİ GİRİŞİ'!AF111)","v":""},null,null,{"$f":"IF('BİLGİ GİRİŞİ'!AJ111=\"\",\"\",'BİLGİ GİRİŞİ'!AJ111)","v":""},null,null,{"$f":"IF('BİLGİ GİRİŞİ'!AN111=\"\",\"\",'BİLGİ GİRİŞİ'!AN111)","v":""},null,null,{"$f":"IF('BİLGİ GİRİŞİ'!AR111=\"\",\"\",'BİLGİ GİRİŞİ'!AR111)","v":""},null,null,{"$f":"IF('BİLGİ GİRİŞİ'!AV111=\"\",\"\",'BİLGİ GİRİŞİ'!AV111)","v":""},null,null,"",null,null,""]
[{"$f":"IF('BİLGİ GİRİŞİ'!D112=\"\",\"\",'BİLGİ GİRİŞİ'!D112)","v":""},{"$f":"IF('BİLGİ GİRİŞİ'!E112=\"\",\"\",'BİLGİ GİRİŞİ'!E112)","v":""},null,null,null,null,null,null,null,null,null,null,null,null,null,{"$f":"IF('BİLGİ GİRİŞİ'!W112=\"\",\"\",'BİLGİ GİRİŞİ'!W112)","v":""},null,null,null,{"$f":"IF('BİLGİ GİRİŞİ'!T112=\"\",\"\",'BİLGİ GİRİŞİ'!T112)","v":""},null,null,null,{"$f":"IF('BİLGİ GİRİŞİ'!AB112=\"\",\"\",'BİLGİ GİRİŞİ'!AB112)","v":""},null,null,{"$f":"IF('BİLGİ GİRİŞİ'!AF112=\"\",\"\",'BİLGİ GİRİŞİ'!AF112)","v":""},null,null,{"$f":"IF('BİLGİ GİRİŞİ'!AJ112=\"\",\"\",'BİLGİ GİRİŞİ'!AJ112)","v":""},null,null,{"$f":"IF('BİLGİ GİRİŞİ'!AN112=\"\",\"\",'BİLGİ GİRİŞİ'!AN112)","v":""},null,null,{"$f":"IF('BİLGİ GİRİŞİ'!AR112=\"\",\"\",'BİLGİ GİRİŞİ'!AR112)","v":""},null,null,{"$f":"IF('BİLGİ GİRİŞİ'!AV112=\"\",\"\",'BİLGİ GİRİŞİ'!AV112)","v":""},null,null,"",null,null,""]
[{"$f":"IF('BİLGİ GİRİŞİ'!D113=\"\",\"\",'BİLGİ GİRİŞİ'!D113)","v":""},{"$f":"IF('BİLGİ GİRİŞİ'!E113=\"\",\"\",'BİLGİ GİRİŞİ'!E113)","v":""},null,null,null,null,null,null,null,null,null,null,null,null,null,{"$f":"IF('BİLGİ GİRİŞİ'!W113=\"\",\"\",'BİLGİ GİRİŞİ'!W113)","v":""},null,null,null,{"$f":"IF('BİLGİ GİRİŞİ'!T113=\"\",\"\",'BİLGİ GİRİŞİ'!T113)","v":""},null,null,null,{"$f":"IF('BİLGİ GİRİŞİ'!AB113=\"\",\"\",'BİLGİ GİRİŞİ'!AB113)","v":""},null,null,{"$f":"IF('BİLGİ GİRİŞİ'!AF113=\"\",\"\",'BİLGİ GİRİŞİ'!AF113)","v":""},null,null,{"$f":"IF('BİLGİ GİRİŞİ'!AJ113=\"\",\"\",'BİLGİ GİRİŞİ'!AJ113)","v":""},null,null,{"$f":"IF('BİLGİ GİRİŞİ'!AN113=\"\",\"\",'BİLGİ GİRİŞİ'!AN113)","v":""},null,null,{"$f":"IF('BİLGİ GİRİŞİ'!AR113=\"\",\"\",'BİLGİ GİRİŞİ'!AR113)","v":""},null,null,{"$f":"IF('BİLGİ GİRİŞİ'!AV113=\"\",\"\",'BİLGİ GİRİŞİ'!AV113)","v":""},null,null,"",null,null,""]
[{"$f":"IF('BİLGİ GİRİŞİ'!D114=\"\",\"\",'BİLGİ GİRİŞİ'!D114)","v":""},{"$f":"IF('BİLGİ GİRİŞİ'!E114=\"\",\"\",'BİLGİ GİRİŞİ'!E114)","v":""},null,null,null,null,null,null,null,null,null,null,null,null,null,{"$f":"IF('BİLGİ GİRİŞİ'!W114=\"\",\"\",'BİLGİ GİRİŞİ'!W114)","v":""},null,null,null,{"$f":"IF('BİLGİ GİRİŞİ'!T114=\"\",\"\",'BİLGİ GİRİŞİ'!T114)","v":""},null,null,null,{"$f":"IF('BİLGİ GİRİŞİ'!AB114=\"\",\"\",'BİLGİ GİRİŞİ'!AB114)","v":""},null,null,{"$f":"IF('BİLGİ GİRİŞİ'!AF114=\"\",\"\",'BİLGİ GİRİŞİ'!AF114)","v":""},null,null,{"$f":"IF('BİLGİ GİRİŞİ'!AJ114=\"\",\"\",'BİLGİ GİRİŞİ'!AJ114)","v":""},null,null,{"$f":"IF('BİLGİ GİRİŞİ'!AN114=\"\",\"\",'BİLGİ GİRİŞİ'!AN114)","v":""},null,null,{"$f":"IF('BİLGİ GİRİŞİ'!AR114=\"\",\"\",'BİLGİ GİRİŞİ'!AR114)","v":""},null,null,{"$f":"IF('BİLGİ GİRİŞİ'!AV114=\"\",\"\",'BİLGİ GİRİŞİ'!AV114)","v":""},null,null,"",null,null,""]
[{"$f":"IF('BİLGİ GİRİŞİ'!D115=\"\",\"\",'BİLGİ GİRİŞİ'!D115)","v":""},{"$f":"IF('BİLGİ GİRİŞİ'!E115=\"\",\"\",'BİLGİ GİRİŞİ'!E115)","v":""},null,null,null,null,null,null,null,null,null,null,null,null,null,{"$f":"IF('BİLGİ GİRİŞİ'!W115=\"\",\"\",'BİLGİ GİRİŞİ'!W115)","v":""},null,null,null,{"$f":"IF('BİLGİ GİRİŞİ'!T115=\"\",\"\",'BİLGİ GİRİŞİ'!T115)","v":""},null,null,null,{"$f":"IF('BİLGİ GİRİŞİ'!AB115=\"\",\"\",'BİLGİ GİRİŞİ'!AB115)","v":""},null,null,{"$f":"IF('BİLGİ GİRİŞİ'!AF115=\"\",\"\",'BİLGİ GİRİŞİ'!AF115)","v":""},null,null,{"$f":"IF('BİLGİ GİRİŞİ'!AJ115=\"\",\"\",'BİLGİ GİRİŞİ'!AJ115)","v":""},null,null,{"$f":"IF('BİLGİ GİRİŞİ'!AN115=\"\",\"\",'BİLGİ GİRİŞİ'!AN115)","v":""},null,null,{"$f":"IF('BİLGİ GİRİŞİ'!AR115=\"\",\"\",'BİLGİ GİRİŞİ'!AR115)","v":""},null,null,{"$f":"IF('BİLGİ GİRİŞİ'!AV115=\"\",\"\",'BİLGİ GİRİŞİ'!AV115)","v":""},null,null,"",null,null,""]
[{"$f":"IF('BİLGİ GİRİŞİ'!D116=\"\",\"\",'BİLGİ GİRİŞİ'!D116)","v":""},{"$f":"IF('BİLGİ GİRİŞİ'!E116=\"\",\"\",'BİLGİ GİRİŞİ'!E116)","v":""},null,null,null,null,null,null,null,null,null,null,null,null,null,{"$f":"IF('BİLGİ GİRİŞİ'!W116=\"\",\"\",'BİLGİ GİRİŞİ'!W116)","v":""},null,null,null,{"$f":"IF('BİLGİ GİRİŞİ'!T116=\"\",\"\",'BİLGİ GİRİŞİ'!T116)","v":""},null,null,null,{"$f":"IF('BİLGİ GİRİŞİ'!AB116=\"\",\"\",'BİLGİ GİRİŞİ'!AB116)","v":""},null,null,{"$f":"IF('BİLGİ GİRİŞİ'!AF116=\"\",\"\",'BİLGİ GİRİŞİ'!AF116)","v":""},null,null,{"$f":"IF('BİLGİ GİRİŞİ'!AJ116=\"\",\"\",'BİLGİ GİRİŞİ'!AJ116)","v":""},null,null,{"$f":"IF('BİLGİ GİRİŞİ'!AN116=\"\",\"\",'BİLGİ GİRİŞİ'!AN116)","v":""},null,null,{"$f":"IF('BİLGİ GİRİŞİ'!AR116=\"\",\"\",'BİLGİ GİRİŞİ'!AR116)","v":""},null,null,{"$f":"IF('BİLGİ GİRİŞİ'!AV116=\"\",\"\",'BİLGİ GİRİŞİ'!AV116)","v":""},null,null,"",null,null,""]
[{"$f":"IF('BİLGİ GİRİŞİ'!D117=\"\",\"\",'BİLGİ GİRİŞİ'!D117)","v":""},{"$f":"IF('BİLGİ GİRİŞİ'!E117=\"\",\"\",'BİLGİ GİRİŞİ'!E117)","v":""},null,null,null,null,null,null,null,null,null,null,null,null,null,{"$f":"IF('BİLGİ GİRİŞİ'!W117=\"\",\"\",'BİLGİ GİRİŞİ'!W117)","v":""},null,null,null,{"$f":"IF('BİLGİ GİRİŞİ'!T117=\"\",\"\",'BİLGİ GİRİŞİ'!T117)","v":""},null,null,null,{"$f":"IF('BİLGİ GİRİŞİ'!AB117=\"\",\"\",'BİLGİ GİRİŞİ'!AB117)","v":""},null,null,{"$f":"IF('BİLGİ GİRİŞİ'!AF117=\"\",\"\",'BİLGİ GİRİŞİ'!AF117)","v":""},null,null,{"$f":"IF('BİLGİ GİRİŞİ'!AJ117=\"\",\"\",'BİLGİ GİRİŞİ'!AJ117)","v":""},null,null,{"$f":"IF('BİLGİ GİRİŞİ'!AN117=\"\",\"\",'BİLGİ GİRİŞİ'!AN117)","v":""},null,null,{"$f":"IF('BİLGİ GİRİŞİ'!AR117=\"\",\"\",'BİLGİ GİRİŞİ'!AR117)","v":""},null,null,{"$f":"IF('BİLGİ GİRİŞİ'!AV117=\"\",\"\",'BİLGİ GİRİŞİ'!AV117)","v":""},null,null,"",null,null,""]
[{"$f":"IF('BİLGİ GİRİŞİ'!D118=\"\",\"\",'BİLGİ GİRİŞİ'!D118)","v":""},{"$f":"IF('BİLGİ GİRİŞİ'!E118=\"\",\"\",'BİLGİ GİRİŞİ'!E118)","v":""},null,null,null,null,null,null,null,null,null,null,null,null,null,{"$f":"IF('BİLGİ GİRİŞİ'!W118=\"\",\"\",'BİLGİ GİRİŞİ'!W118)","v":""},null,null,null,{"$f":"IF('BİLGİ GİRİŞİ'!T118=\"\",\"\",'BİLGİ GİRİŞİ'!T118)","v":""},null,null,null,{"$f":"IF('BİLGİ GİRİŞİ'!AB118=\"\",\"\",'BİLGİ GİRİŞİ'!AB118)","v":""},null,null,{"$f":"IF('BİLGİ GİRİŞİ'!AF118=\"\",\"\",'BİLGİ GİRİŞİ'!AF118)","v":""},null,null,{"$f":"IF('BİLGİ GİRİŞİ'!AJ118=\"\",\"\",'BİLGİ GİRİŞİ'!AJ118)","v":""},null,null,{"$f":"IF('BİLGİ GİRİŞİ'!AN118=\"\",\"\",'BİLGİ GİRİŞİ'!AN118)","v":""},null,null,{"$f":"IF('BİLGİ GİRİŞİ'!AR118=\"\",\"\",'BİLGİ GİRİŞİ'!AR118)","v":""},null,null,{"$f":"IF('BİLGİ GİRİŞİ'!AV118=\"\",\"\",'BİLGİ GİRİŞİ'!AV118)","v":""},null,null,"",null,null,""]
[{"$f":"IF('BİLGİ GİRİŞİ'!D119=\"\",\"\",'BİLGİ GİRİŞİ'!D119)","v":""},{"$f":"IF('BİLGİ GİRİŞİ'!E119=\"\",\"\",'BİLGİ GİRİŞİ'!E119)","v":""},null,null,null,null,null,null,null,null,null,null,null,null,null,{"$f":"IF('BİLGİ GİRİŞİ'!W119=\"\",\"\",'BİLGİ GİRİŞİ'!W119)","v":""},null,null,null,{"$f":"IF('BİLGİ GİRİŞİ'!T119=\"\",\"\",'BİLGİ GİRİŞİ'!T119)","v":""},null,null,null,{"$f":"IF('BİLGİ GİRİŞİ'!AB119=\"\",\"\",'BİLGİ GİRİŞİ'!AB119)","v":""},null,null,{"$f":"IF('BİLGİ GİRİŞİ'!AF119=\"\",\"\",'BİLGİ GİRİŞİ'!AF119)","v":""},null,null,{"$f":"IF('BİLGİ GİRİŞİ'!AJ119=\"\",\"\",'BİLGİ GİRİŞİ'!AJ119)","v":""},null,null,{"$f":"IF('BİLGİ GİRİŞİ'!AN119=\"\",\"\",'BİLGİ GİRİŞİ'!AN119)","v":""},null,null,{"$f":"IF('BİLGİ GİRİŞİ'!AR119=\"\",\"\",'BİLGİ GİRİŞİ'!AR119)","v":""},null,null,{"$f":"IF('BİLGİ GİRİŞİ'!AV119=\"\",\"\",'BİLGİ GİRİŞİ'!AV119)","v":""},null,null,"",null,null,""]
[{"$f":"IF('BİLGİ GİRİŞİ'!D120=\"\",\"\",'BİLGİ GİRİŞİ'!D120)","v":""},{"$f":"IF('BİLGİ GİRİŞİ'!E120=\"\",\"\",'BİLGİ GİRİŞİ'!E120)","v":""},null,null,null,null,null,null,null,null,null,null,null,null,null,{"$f":"IF('BİLGİ GİRİŞİ'!W120=\"\",\"\",'BİLGİ GİRİŞİ'!W120)","v":""},null,null,null,{"$f":"IF('BİLGİ GİRİŞİ'!T120=\"\",\"\",'BİLGİ GİRİŞİ'!T120)","v":""},null,null,null,{"$f":"IF('BİLGİ GİRİŞİ'!AB120=\"\",\"\",'BİLGİ GİRİŞİ'!AB120)","v":""},null,null,{"$f":"IF('BİLGİ GİRİŞİ'!AF120=\"\",\"\",'BİLGİ GİRİŞİ'!AF120)","v":""},null,null,{"$f":"IF('BİLGİ GİRİŞİ'!AJ120=\"\",\"\",'BİLGİ GİRİŞİ'!AJ120)","v":""},null,null,{"$f":"IF('BİLGİ GİRİŞİ'!AN120=\"\",\"\",'BİLGİ GİRİŞİ'!AN120)","v":""},null,null,{"$f":"IF('BİLGİ GİRİŞİ'!AR120=\"\",\"\",'BİLGİ GİRİŞİ'!AR120)","v":""},null,null,{"$f":"IF('BİLGİ GİRİŞİ'!AV120=\"\",\"\",'BİLGİ GİRİŞİ'!AV120)","v":""},null,null,"",null,null,""]
[{"$f":"IF('BİLGİ GİRİŞİ'!D121=\"\",\"\",'BİLGİ GİRİŞİ'!D121)","v":""},{"$f":"IF('BİLGİ GİRİŞİ'!E121=\"\",\"\",'BİLGİ GİRİŞİ'!E121)","v":""},null,null,null,null,null,null,null,null,null,null,null,null,null,{"$f":"IF('BİLGİ GİRİŞİ'!W121=\"\",\"\",'BİLGİ GİRİŞİ'!W121)","v":""},null,null,null,{"$f":"IF('BİLGİ GİRİŞİ'!T121=\"\",\"\",'BİLGİ GİRİŞİ'!T121)","v":""},null,null,null,{"$f":"IF('BİLGİ GİRİŞİ'!AB121=\"\",\"\",'BİLGİ GİRİŞİ'!AB121)","v":""},null,null,{"$f":"IF('BİLGİ GİRİŞİ'!AF121=\"\",\"\",'BİLGİ GİRİŞİ'!AF121)","v":""},null,null,{"$f":"IF('BİLGİ GİRİŞİ'!AJ121=\"\",\"\",'BİLGİ GİRİŞİ'!AJ121)","v":""},null,null,{"$f":"IF('BİLGİ GİRİŞİ'!AN121=\"\",\"\",'BİLGİ GİRİŞİ'!AN121)","v":""},null,null,{"$f":"IF('BİLGİ GİRİŞİ'!AR121=\"\",\"\",'BİLGİ GİRİŞİ'!AR121)","v":""},null,null,{"$f":"IF('BİLGİ GİRİŞİ'!AV121=\"\",\"\",'BİLGİ GİRİŞİ'!AV121)","v":""},null,null,"",null,null,""]
[{"$f":"IF('BİLGİ GİRİŞİ'!D122=\"\",\"\",'BİLGİ GİRİŞİ'!D122)","v":""},{"$f":"IF('BİLGİ GİRİŞİ'!E122=\"\",\"\",'BİLGİ GİRİŞİ'!E122)","v":""},null,null,null,null,null,null,null,null,null,null,null,null,null,{"$f":"IF('BİLGİ GİRİŞİ'!W122=\"\",\"\",'BİLGİ GİRİŞİ'!W122)","v":""},null,null,null,{"$f":"IF('BİLGİ GİRİŞİ'!T122=\"\",\"\",'BİLGİ GİRİŞİ'!T122)","v":""},null,null,null,{"$f":"IF('BİLGİ GİRİŞİ'!AB122=\"\",\"\",'BİLGİ GİRİŞİ'!AB122)","v":""},null,null,{"$f":"IF('BİLGİ GİRİŞİ'!AF122=\"\",\"\",'BİLGİ GİRİŞİ'!AF122)","v":""},null,null,{"$f":"IF('BİLGİ GİRİŞİ'!AJ122=\"\",\"\",'BİLGİ GİRİŞİ'!AJ122)","v":""},null,null,{"$f":"IF('BİLGİ GİRİŞİ'!AN122=\"\",\"\",'BİLGİ GİRİŞİ'!AN122)","v":""},null,null,{"$f":"IF('BİLGİ GİRİŞİ'!AR122=\"\",\"\",'BİLGİ GİRİŞİ'!AR122)","v":""},null,null,{"$f":"IF('BİLGİ GİRİŞİ'!AV122=\"\",\"\",'BİLGİ GİRİŞİ'!AV122)","v":""},null,null,"",null,null,""]
[{"$f":"IF('BİLGİ GİRİŞİ'!D123=\"\",\"\",'BİLGİ GİRİŞİ'!D123)","v":""},{"$f":"IF('BİLGİ GİRİŞİ'!E123=\"\",\"\",'BİLGİ GİRİŞİ'!E123)","v":""},null,null,null,null,null,null,null,null,null,null,null,null,null,{"$f":"IF('BİLGİ GİRİŞİ'!W123=\"\",\"\",'BİLGİ GİRİŞİ'!W123)","v":""},null,null,null,{"$f":"IF('BİLGİ GİRİŞİ'!T123=\"\",\"\",'BİLGİ GİRİŞİ'!T123)","v":""},null,null,null,{"$f":"IF('BİLGİ GİRİŞİ'!AB123=\"\",\"\",'BİLGİ GİRİŞİ'!AB123)","v":""},null,null,{"$f":"IF('BİLGİ GİRİŞİ'!AF123=\"\",\"\",'BİLGİ GİRİŞİ'!AF123)","v":""},null,null,{"$f":"IF('BİLGİ GİRİŞİ'!AJ123=\"\",\"\",'BİLGİ GİRİŞİ'!AJ123)","v":""},null,null,{"$f":"IF('BİLGİ GİRİŞİ'!AN123=\"\",\"\",'BİLGİ GİRİŞİ'!AN123)","v":""},null,null,{"$f":"IF('BİLGİ GİRİŞİ'!AR123=\"\",\"\",'BİLGİ GİRİŞİ'!AR123)","v":""},null,null,{"$f":"IF('BİLGİ GİRİŞİ'!AV123=\"\",\"\",'BİLGİ GİRİŞİ'!AV123)","v":""},null,null,"",null,null,""]
[{"$f":"IF('BİLGİ GİRİŞİ'!D124=\"\",\"\",'BİLGİ GİRİŞİ'!D124)","v":""},{"$f":"IF('BİLGİ GİRİŞİ'!E124=\"\",\"\",'BİLGİ GİRİŞİ'!E124)","v":""},null,null,null,null,null,null,null,null,null,null,null,null,null,{"$f":"IF('BİLGİ GİRİŞİ'!W124=\"\",\"\",'BİLGİ GİRİŞİ'!W124)","v":""},null,null,null,{"$f":"IF('BİLGİ GİRİŞİ'!T124=\"\",\"\",'BİLGİ GİRİŞİ'!T124)","v":""},null,null,null,{"$f":"IF('BİLGİ GİRİŞİ'!AB124=\"\",\"\",'BİLGİ GİRİŞİ'!AB124)","v":""},null,null,{"$f":"IF('BİLGİ GİRİŞİ'!AF124=\"\",\"\",'BİLGİ GİRİŞİ'!AF124)","v":""},null,null,{"$f":"IF('BİLGİ GİRİŞİ'!AJ124=\"\",\"\",'BİLGİ GİRİŞİ'!AJ124)","v":""},null,null,{"$f":"IF('BİLGİ GİRİŞİ'!AN124=\"\",\"\",'BİLGİ GİRİŞİ'!AN124)","v":""},null,null,{"$f":"IF('BİLGİ GİRİŞİ'!AR124=\"\",\"\",'BİLGİ GİRİŞİ'!AR124)","v":""},null,null,{"$f":"IF('BİLGİ GİRİŞİ'!AV124=\"\",\"\",'BİLGİ GİRİŞİ'!AV124)","v":""},null,null,"",null,null,""]
[{"$f":"IF('BİLGİ GİRİŞİ'!D125=\"\",\"\",'BİLGİ GİRİŞİ'!D125)","v":""},{"$f":"IF('BİLGİ GİRİŞİ'!E125=\"\",\"\",'BİLGİ GİRİŞİ'!E125)","v":""},null,null,null,null,null,null,null,null,null,null,null,null,null,{"$f":"IF('BİLGİ GİRİŞİ'!W125=\"\",\"\",'BİLGİ GİRİŞİ'!W125)","v":""},null,null,null,{"$f":"IF('BİLGİ GİRİŞİ'!T125=\"\",\"\",'BİLGİ GİRİŞİ'!T125)","v":""},null,null,null,{"$f":"IF('BİLGİ GİRİŞİ'!AB125=\"\",\"\",'BİLGİ GİRİŞİ'!AB125)","v":""},null,null,{"$f":"IF('BİLGİ GİRİŞİ'!AF125=\"\",\"\",'BİLGİ GİRİŞİ'!AF125)","v":""},null,null,{"$f":"IF('BİLGİ GİRİŞİ'!AJ125=\"\",\"\",'BİLGİ GİRİŞİ'!AJ125)","v":""},null,null,{"$f":"IF('BİLGİ GİRİŞİ'!AN125=\"\",\"\",'BİLGİ GİRİŞİ'!AN125)","v":""},null,null,{"$f":"IF('BİLGİ GİRİŞİ'!AR125=\"\",\"\",'BİLGİ GİRİŞİ'!AR125)","v":""},null,null,{"$f":"IF('BİLGİ GİRİŞİ'!AV125=\"\",\"\",'BİLGİ GİRİŞİ'!AV125)","v":""},null,null,"",null,null,""]
[{"$f":"IF('BİLGİ GİRİŞİ'!D126=\"\",\"\",'BİLGİ GİRİŞİ'!D126)","v":""},{"$f":"IF('BİLGİ GİRİŞİ'!E126=\"\",\"\",'BİLGİ GİRİŞİ'!E126)","v":""},null,null,null,null,null,null,null,null,null,null,null,null,null,{"$f":"IF('BİLGİ GİRİŞİ'!W126=\"\",\"\",'BİLGİ GİRİŞİ'!W126)","v":""},null,null,null,{"$f":"IF('BİLGİ GİRİŞİ'!T126=\"\",\"\",'BİLGİ GİRİŞİ'!T126)","v":""},null,null,null,{"$f":"IF('BİLGİ GİRİŞİ'!AB126=\"\",\"\",'BİLGİ GİRİŞİ'!AB126)","v":""},null,null,{"$f":"IF('BİLGİ GİRİŞİ'!AF126=\"\",\"\",'BİLGİ GİRİŞİ'!AF126)","v":""},null,null,{"$f":"IF('BİLGİ GİRİŞİ'!AJ126=\"\",\"\",'BİLGİ GİRİŞİ'!AJ126)","v":""},null,null,{"$f":"IF('BİLGİ GİRİŞİ'!AN126=\"\",\"\",'BİLGİ GİRİŞİ'!AN126)","v":""},null,null,{"$f":"IF('BİLGİ GİRİŞİ'!AR126=\"\",\"\",'BİLGİ GİRİŞİ'!AR126)","v":""},null,null,{"$f":"IF('BİLGİ GİRİŞİ'!AV126=\"\",\"\",'BİLGİ GİRİŞİ'!AV126)","v":""},null,null,"",null,null,""]
[{"$f":"IF('BİLGİ GİRİŞİ'!D127=\"\",\"\",'BİLGİ GİRİŞİ'!D127)","v":""},{"$f":"IF('BİLGİ GİRİŞİ'!E127=\"\",\"\",'BİLGİ GİRİŞİ'!E127)","v":""},null,null,null,null,null,null,null,null,null,null,null,null,null,{"$f":"IF('BİLGİ GİRİŞİ'!W127=\"\",\"\",'BİLGİ GİRİŞİ'!W127)","v":""},null,null,null,{"$f":"IF('BİLGİ GİRİŞİ'!T127=\"\",\"\",'BİLGİ GİRİŞİ'!T127)","v":""},null,null,null,{"$f":"IF('BİLGİ GİRİŞİ'!AB127=\"\",\"\",'BİLGİ GİRİŞİ'!AB127)","v":""},null,null,{"$f":"IF('BİLGİ GİRİŞİ'!AF127=\"\",\"\",'BİLGİ GİRİŞİ'!AF127)","v":""},null,null,{"$f":"IF('BİLGİ GİRİŞİ'!AJ127=\"\",\"\",'BİLGİ GİRİŞİ'!AJ127)","v":""},null,null,{"$f":"IF('BİLGİ GİRİŞİ'!AN127=\"\",\"\",'BİLGİ GİRİŞİ'!AN127)","v":""},null,null,{"$f":"IF('BİLGİ GİRİŞİ'!AR127=\"\",\"\",'BİLGİ GİRİŞİ'!AR127)","v":""},null,null,{"$f":"IF('BİLGİ GİRİŞİ'!AV127=\"\",\"\",'BİLGİ GİRİŞİ'!AV127)","v":""},null,null,"",null,null,""]
[{"$f":"IF('BİLGİ GİRİŞİ'!D128=\"\",\"\",'BİLGİ GİRİŞİ'!D128)","v":""},{"$f":"IF('BİLGİ GİRİŞİ'!E128=\"\",\"\",'BİLGİ GİRİŞİ'!E128)","v":""},null,null,null,null,null,null,null,null,null,null,null,null,null,{"$f":"IF('BİLGİ GİRİŞİ'!W128=\"\",\"\",'BİLGİ GİRİŞİ'!W128)","v":""},null,null,null,{"$f":"IF('BİLGİ GİRİŞİ'!T128=\"\",\"\",'BİLGİ GİRİŞİ'!T128)","v":""},null,null,null,{"$f":"IF('BİLGİ GİRİŞİ'!AB128=\"\",\"\",'BİLGİ GİRİŞİ'!AB128)","v":""},null,null,{"$f":"IF('BİLGİ GİRİŞİ'!AF128=\"\",\"\",'BİLGİ GİRİŞİ'!AF128)","v":""},null,null,{"$f":"IF('BİLGİ GİRİŞİ'!AJ128=\"\",\"\",'BİLGİ GİRİŞİ'!AJ128)","v":""},null,null,{"$f":"IF('BİLGİ GİRİŞİ'!AN128=\"\",\"\",'BİLGİ GİRİŞİ'!AN128)","v":""},null,null,{"$f":"IF('BİLGİ GİRİŞİ'!AR128=\"\",\"\",'BİLGİ GİRİŞİ'!AR128)","v":""},null,null,{"$f":"IF('BİLGİ GİRİŞİ'!AV128=\"\",\"\",'BİLGİ GİRİŞİ'!AV128)","v":""},null,null,"",null,null,""]
[{"$f":"IF('BİLGİ GİRİŞİ'!D129=\"\",\"\",'BİLGİ GİRİŞİ'!D129)","v":""},{"$f":"IF('BİLGİ GİRİŞİ'!E129=\"\",\"\",'BİLGİ GİRİŞİ'!E129)","v":""},null,null,null,null,null,null,null,null,null,null,null,null,null,{"$f":"IF('BİLGİ GİRİŞİ'!W129=\"\",\"\",'BİLGİ GİRİŞİ'!W129)","v":""},null,null,null,{"$f":"IF('BİLGİ GİRİŞİ'!T129=\"\",\"\",'BİLGİ GİRİŞİ'!T129)","v":""},null,null,null,{"$f":"IF('BİLGİ GİRİŞİ'!AB129=\"\",\"\",'BİLGİ GİRİŞİ'!AB129)","v":""},null,null,{"$f":"IF('BİLGİ GİRİŞİ'!AF129=\"\",\"\",'BİLGİ GİRİŞİ'!AF129)","v":""},null,null,{"$f":"IF('BİLGİ GİRİŞİ'!AJ129=\"\",\"\",'BİLGİ GİRİŞİ'!AJ129)","v":""},null,null,{"$f":"IF('BİLGİ GİRİŞİ'!AN129=\"\",\"\",'BİLGİ GİRİŞİ'!AN129)","v":""},null,null,{"$f":"IF('BİLGİ GİRİŞİ'!AR129=\"\",\"\",'BİLGİ GİRİŞİ'!AR129)","v":""},null,null,{"$f":"IF('BİLGİ GİRİŞİ'!AV129=\"\",\"\",'BİLGİ GİRİŞİ'!AV129)","v":""},null,null,"",null,null,""]
["TOPLAM (KDV Hariç)",null,null,null,null,null,null,null,null,null,null,null,null,null,null,null,null,null,null,null,null,null,null,{"$f":"SUM(X16:X115)","v":9000},null,null,{"$f":"SUM(AA16:AA115)","v":18000},null,null,{"$f":"SUM(AD16:AD115)","v":12000},null,null,{"$f":"SUM(AG16:AG115)","v":24000},null,null,{"$f":"SUM(AJ16:AJ115)","v":15000},null,null,{"$f":"SUM(AM16:AM115)","v":30000},null,null,{"$f":"SUM(AP16:AP115)","v":12000},null,null,{"$f":"SUM(AS16:AS115)","v":24000}]
[]
["        Piyasa araştırması sonucu yaklaşık  maliyet, KDV hariç",null,null,null,null,null,null,null,null,null,null,null,null,null,null,null,null,null,{"$f":"IF(AS116=\"\",\"\",AS116)","v":24000},null,null,null,null,null,"Türk Lirası olarak hesaplanmış olup iş bu cetvel tarafımızca imza altına alınmıştır."]
[]
[]
[null,{"$f":"IF(B124=\"\",\"\",IF('BİLGİ GİRİŞİ'!AB16=\"\",\"\",'BİLGİ GİRİŞİ'!AB16))","v":"Piyasa Araştırma Görevlisi"},null,null,null,null,null,null,null,null,null,null,{"$f":"IF(M124=\"\",\"\",IF('BİLGİ GİRİŞİ'!AH16=\"\",\"\",'BİLGİ GİRİŞİ'!AH16))","v":"Piyasa Araştırma Görevlisi"},null,null,null,null,null,null,null,null,null,null,{"$f":"IF(X124=\"\",\"\",IF('BİLGİ GİRİŞİ'!AN16=\"\",\"\",'BİLGİ GİRİŞİ'!AN16))","v":""},null,null,null,null,null,null,null,null,null,null,{"$f":"IF(AI124=\"\",\"\",IF('BİLGİ GİRİŞİ'!AT16=\"\",\"\",'BİLGİ GİRİŞİ'!AT16))","v":"OLUR/UYGUNDUR"}]
[null,null,null,null,null,null,null,null,null,null,null,null,null,null,null,null,null,null,null,null,null,null,null,null,null,null,null,null,null,null,null,null,null,null,{"$f":"IF(AI124=\"\",\"\",IF('BİLGİ GİRİŞİ'!O17=\"\",\"….../….../….…..\",'BİLGİ GİRİŞİ'!O17))","v":"2023-03-07"}]
[]
[null,{"$f":"IF('BİLGİ GİRİŞİ'!AB17=\"\",\"\",'BİLGİ GİRİŞİ'!AB17)","v":"Ahmet DEMİR"},null,null,null,null,null,null,null,null,null,null,{"$f":"IF('BİLGİ GİRİŞİ'!AH17=\"\",\"\",'BİLGİ GİRİŞİ'!AH17)","v":"Ayşe YILDIZ"},null,null,null,null,null,null,null,null,null,null,{"$f":"IF('BİLGİ GİRİŞİ'!AN17=\"\",\"\",'BİLGİ GİRİŞİ'!AN17)","v":""},null,null,null,null,null,null,null,null,null,null,{"$f":"IF('BİLGİ GİRİŞİ'!AT17=\"\",\"\",'BİLGİ GİRİŞİ'!AT17)","v":"Mustafa AYDIN"}]
[null,{"$f":"IF(B124=\"\",\"\",IF('BİLGİ GİRİŞİ'!AB18=\"\",\"\",'BİLGİ GİRİŞİ'!AB18))","v":"Müdür Yardımcısı 1"},null,null,null,null,null,null,null,null,null,null,{"$f":"IF(M124=\"\",\"\",IF('BİLGİ GİRİŞİ'!AH18=\"\",\"\",'BİLGİ GİRİŞİ'!AH18))","v":"Öğretmen 1"},null,null,null,null,null,null,null,null,null,null,{"$f":"IF(X124=\"\",\"\",IF('BİLGİ GİRİŞİ'!AN18=\"\",\"\",'BİLGİ GİRİŞİ'!AN18))","v":""},null,null,null,null,null,null,null,null,null,null,{"$f":"IF(AI124=\"\",\"\",IF('BİLGİ GİRİŞİ'!AT18=\"\",\"\",'BİLGİ GİRİŞİ'!AT18))","v":"Okul Müdürü"}]

{"sheet":"4","index":5,"n_rows":38,"n_cols":17,"rows_kept":38,"cut":false,"hidden":false,"merged":[[21,0,21,30],[34,0,34,14],[27,15,27,30],[28,15,28,30],[30,0,30,14],[32,0,32,14],[32,15,32,30],[33,0,33,14],[33,15,33,30],[10,0,10,14],[10,15,10,30],[11,0,11,14],[11,15,11,30],[13,0,13,14],[13,15,13,30],[12,0,12,30],[5,0,5,30],[7,0,7,30],[9,0,9,14],[9,15,9,30],[8,0,8,14],[8,15,8,30],[6,0,6,30],[1,0,2,30],[3,0,3,10],[3,11,3,30],[4,0,4,10],[4,11,4,14],[4,16,4,30],[14,0,14,14],[14,15,14,30],[23,0,23,30],[24,0,27,14],[28,0,28,14],[15,0,15,14],[15,15,15,30],[16,0,16,14],[16,15,16,30],[18,0,18,14],[18,15,18,30],[19,0,19,14],[19,15,19,30],[22,0,22,30],[17,0,17,14],[17,15,17,30]]}
[]
["DOĞRUDAN TEMİN ONAY BELGESİ"]
[]
["ALIMI YAPAN İDARENİN ADI",null,null,null,null,null,null,null,null,null,null,{"$f":"IF('BİLGİ GİRİŞİ'!O8=\"\",\"\",'BİLGİ GİRİŞİ'!O8)","v":"Atatürk İlkokulu Müdürlüğü"}]
["BELGE TARİH VE SAYISI",null,null,null,null,null,null,null,null,null,null,{"$f":"IF('BİLGİ GİRİŞİ'!O18=\"\",\"…../…../……..\",'BİLGİ GİRİŞİ'!O18)","v":"2023-03-06"},null,null,null,"/",{"$f":"IF('BİLGİ GİRİŞİ'!S15=\"\",\"….......................................\",'BİLGİ GİRİŞİ'!S15)","v":456789123}]
[{"$f":"UPPER(IF('BİLGİ GİRİŞİ'!O8=\"\",\"\",'BİLGİ GİRİŞİ'!O8))","v":"ATATÜRK İLKOKULU MÜDÜRLÜĞÜ"}]
["HARCAMA YETKİLİSİ MAKAMINA"]
["DOĞRUDAN TEMİN İLE İLGİLİ BİLGİLER"]
["DOĞRUDAN TEMİN NUMARASI",null,null,null,null,null,null,null,null,null,null,null,null,null,null,{"$f":"IF('BİLGİ GİRİŞİ'!O11=\"\",\"\",'BİLGİ GİRİŞİ'!O11)","v":"22DT1211930"}]
["İŞİN ADI",null,null,null,null,null,null,null,null,null,null,null,null,null,null,{"$f":"IF('BİLGİ GİRİŞİ'!O9=\"\",\"\",'BİLGİ GİRİŞİ'!O9)","v":"Bilişim Malzemeleri Alımı"}]
["TEMİN ŞEKLİ",null,null,null,null,null,null,null,null,null,null,null,null,null,null,{"$f":"IF('BİLGİ GİRİŞİ'!O10=\"\",\"\",'BİLGİ GİRİŞİ'!O10)","v":"22/d"}]
["İŞİN TÜRÜ",null,null,null,null,null,null,null,null,null,null,null,null,null,null,"Mal Alımı/Hizmet Alımı/Yapım İşi"]
[]
["KULLANILABİLİR ÖDENEK TUTARI",null,null,null,null,null,null,null,null,null,null,null,null,null,null,{"$f":"IF('BİLGİ GİRİŞİ'!AJ13=\"\",\"\",'BİLGİ GİRİŞİ'!AJ13)","v":45000}]
["YAKLAŞIK MALİYET",null,null,null,null,null,null,null,null,null,null,null,null,null,null,{"$f":"IF('3'!AS116=\"\",\"\",'3'!AS116)","v":24000}]
["YATIRIM/PROJE NUMARASI (Varsa)"]
["BÜTÇE TERTİBİ (Varsa)",null,null,null,null,null,null,null,null,null,null,null,null,null,null,{"$f":"IF('BİLGİ GİRİŞİ'!AJ12=\"\",\"\",'BİLGİ GİRİŞİ'!AJ12)","v":"6.98.255.9436.13.67.01.03.05.30.02"}]
["FİYAT FARKI VERİLECEKSE ŞARTLARI",null,null,null,null,null,null,null,null,null,null,null,null,null,null,"Verilmeyecektir."]
["AVANS VERİLECEKSE ŞARTLARI",null,null,null,null,null,null,null,null,null,null,null,null,null,null,"Verilmeyecektir."]
["DOKÜMAN HAZIRLANIP HAZIRLANMAYACAĞI",null,null,null,null,null,null,null,null,null,null,null,null,null,null,"Hazırlanmayacaktır."]
[]
[" DOĞRUDAN TEMİN İLE İLGİLİ DİĞER AÇIKLAMALAR"]
["….............."]
["ONAY"]
[{"$f":"CONCATENATE(\"       \",\"Yukarıda belirtilen  işin  Kamu İhale Kanunu'nun  \",IF('BİLGİ GİRİŞİ'!O10=\"\",\".............................................................................\",'BİLGİ GİRİŞİ'!O10),\" maddesine göre Doğrudan Temin yoluyla satın alınması hususunu;\")","v":"       Yukarıda belirtilen  işin  Kamu İhale Kanunu'nun  22/d maddesine göre Doğrudan Temin yoluyla satın alınması hususunu;"}]
[]
[]
[null,null,null,null,null,null,null,null,null,null,null,null,null,null,null,{"$f":"IF(P33=\"\",\"\",IF('BİLGİ GİRİŞİ'!AT16=\"\",\"\",'BİLGİ GİRİŞİ'!AT16))","v":"OLUR/UYGUNDUR"}]
["    Olurlarınıza arz ederim.",null,null,null,null,null,null,null,null,null,null,null,null,null,null,{"$f":"IF(P33=\"\",\"\",IF('BİLGİ GİRİŞİ'!O18=\"\",\"…../…../……..\",'BİLGİ GİRİŞİ'!O18))","v":"2023-03-06"}]
[]
[{"$f":"IF(A34=\"\",\"\",IF('BİLGİ GİRİŞİ'!O18=\"\",\"…../…../……..\",'BİLGİ GİRİŞİ'!O18))","v":"2023-03-06"}]
[]
[null,null,null,null,null,null,null,null,null,null,null,null,null,null,null,{"$f":"IF('BİLGİ GİRİŞİ'!AT17=\"\",\"\",'BİLGİ GİRİŞİ'!AT17)","v":"Mustafa AYDIN"}]
[{"$f":"IF('BİLGİ GİRİŞİ'!AB17=\"\",\"\",'BİLGİ GİRİŞİ'!AB17)","v":"Ahmet DEMİR"},null,null,null,null,null,null,null,null,null,null,null,null,null,null,{"$f":"IF(P33=\"\",\"\",IF('BİLGİ GİRİŞİ'!AT18=\"\",\"\",'BİLGİ GİRİŞİ'!AT18))","v":"Okul Müdürü"}]
[{"$f":"IF(A34=\"\",\"\",IF('BİLGİ GİRİŞİ'!AB18=\"\",\"\",'BİLGİ GİRİŞİ'!AB18))","v":"Müdür Yardımcısı 1"}]
[]
[]
["Ek:İdare Tarafından Hazırlanan Yaklaşık Maliyet Hesap Cetveli"]

{"sheet":"5","index":6,"n_rows":134,"n_cols":28,"rows_kept":134,"cut":false,"hidden":false,"merged":[[128,1,128,14],[128,15,128,18],[128,19,128,22],[128,23,128,26],[128,27,128,30],[129,1,129,14],[129,15,129,18],[129,19,129,22],[129,23,129,26],[129,27,129,30],[126,1,126,14],[126,15,126,18],[126,19,126,22],[126,23,126,26],[126,27,126,30],[127,1,127,14],[127,15,127,18],[127,19,127,22],[127,23,127,26],[127,27,127,30],[124,1,124,14],[124,15,124,18],[124,19,124,22],[124,23,124,26],[124,27,124,30],[125,1,125,14],[125,15,125,18],[125,19,125,22],[125,23,125,26],[125,27,125,30],[122,1,122,14],[122,15,122,18],[122,19,122,22],[122,23,122,26],[122,27,122,30],[123,1,123,14],[123,15,123,18],[123,19,123,22],[123,23,123,26],[123,27,123,30],[120,1,120,14],[120,15,120,18],[120,19,120,22],[120,23,120,26],[120,27,120,30],[121,1,121,14],[121,15,121,18],[121,19,121,22],[121,23,121,26],[121,27,121,30],[118,1,118,14],[118,15,118,18],[118,19,118,22],[118,23,118,26],[118,27,118,30],[119,1,119,14],[119,15,119,18],[119,19,119,22],[119,23,119,26],[119,27,119,30],[116,1,116,14],[116,15,116,18],[116,19,116,22],[116,23,116,26],[116,27,116,30],[117,1,117,14],[117,15,117,18],[117,19,117,22],[117,23,117,26],[117,27,117,30],[114,1,114,14],[114,15,114,18],[114,19,114,22],[114,23,114,26],[114,27,114,30],[115,1,115,14],[115,15,115,18],[115,19,115,22],[115,23,115,26],[115,27,115,30],[112,1,112,14],[112,15,112,18],[112,19,112,22],[112,23,112,26],[112,27,112,30],[113,1,113,14],[113,15,113,18],[113,19,113,22],[113,23,113,26],[113,27,113,30],[110,1,110,14],[110,15,110,18],[110,19,110,22],[110,23,110,26],[110,27,110,30],[111,1,111,14],[111,15,111,18],[111,19,111,22],[111,23,111,26],[111,27,111,30],[108,1,108,14],[108,15,108,18],[108,19,108,22],[108,23,108,26],[108,27,108,30],[109,1,109,14],[109,15,109,18],[109,19,109,22],[109,23,109,26],[109,27,109,30],[106,1,106,14],[106,15,106,18],[106,19,106,22],[106,23,106,26],[106,27,106,30],[107,1,107,14],[107,15,107,18],[107,19,107,22],[107,23,107,26],[107,27,107,30],[104,1,104,14],[104,15,104,18],[104,19,104,22],[104,23,104,26],[104,27,104,30],[105,1,105,14],[105,15,105,18],[105,19,105,22],[105,23,105,26],[105,27,105,30],[102,1,102,14],[102,15,102,18],[102,19,102,22],[102,23,102,26],[102,27,102,30],[103,1,103,14],[103,15,103,18],[103,19,103,22],[103,23,103,26],[103,27,103,30],[100,1,100,14],[100,15,100,18],[100,19,100,22],[100,23,100,26],[100,27,100,30],[101,1,101,14],[101,15,101,18],[101,19,101,22],[101,23,101,26],[101,27,101,30],[98,1,98,14],[98,15,98,18],[98,19,98,22],[98,23,98,26],[98,27,98,30],[99,1,99,14],[99,15,99,18],[99,19,99,22],[99,23,99,26],[99,27,99,30],[96,1,96,14],[96,15,96,18],[96,19,96,22],[96,23,96,26],[96,27,96,30],[97,1,97,14],[97,15,97,18],[97,19,97,22],[97,23,97,26],[97,27,97,30],[94,1,94,14],[94,15,94,18],[94,19,94,22],[94,23,94,26],[94,27,94,30],[95,1,95,14],[95,15,95,18],[95,19,95,22],[95,23,95,26],[95,27,95,30],[92,1,92,14],[92,15,92,18],[92,19,92,22],[92,23,92,26],[92,27,92,30],[93,1,93,14],[93,15,93,18],[93,19,93,22],[93,23,93,26],[93,27,93,30],[90,1,90,14],[90,15,90,18],[90,19,90,22],[90,23,90,26],[90,27,90,30],[91,1,91,14],[91,15,91,18],[91,19,91,22],[91,23,91,26],[91,27,91,30],[88,1,88,14],[88,15,88,18],[88,19,88,22],[88,23,88,26],[88,27,88,30],[89,1,89,14],[89,15,89,18],[89,19,89,22],[89,23,89,26],[89,27,89,30],[86,1,86,14],[86,15,86,18],[86,19,86,22],[86,23,86,26],[86,27,86,30],[87,1,87,14],[87,15,87,18],[87,19,87,22],[87,23,87,26],[87,27,87,30],[84,1,84,14],[84,15,84,18],[84,19,84,22],[84,23,84,26],[84,27,84,30],[85,1,85,14],[85,15,85,18],[85,19,85,22],[85,23,85,26],[85,27,85,30],[82,1,82,14],[82,15,82,18],[82,19,82,22],[82,23,82,26],[82,27,82,30],[83,1,83,14],[83,15,83,18],[83,19,83,22],[83,23,83,26],[83,27,83,30],[80,1,80,14],[80,15,80,18],[80,19,80,22],[80,23,80,26],[80,27,80,30],[81,1,81,14],[81,15,81,18],[81,19,81,22],[81,23,81,26],[81,27,81,30],[78,1,78,14],[78,15,78,18],[78,19,78,22],[78,23,78,26],[78,27,78,30],[79,1,79,14],[79,15,79,18],[79,19,79,22],[79,23,79,26],[79,27,79,30],[76,1,76,14],[76,15,76,18],[76,19,76,22],[76,23,76,26],[76,27,76,30],[77,1,77,14],[77,15,77,18],[77,19,77,22],[77,23,77,26],[77,27,77,30],[74,1,74,14],[74,15,74,18],[74,19,74,22],[74,23,74,26],[74,27,74,30],[75,1,75,14],[75,15,75,18],[75,19,75,22],[75,23,75,26],[75,27,75,30],[72,1,72,14],[72,15,72,18],[72,19,72,22],[72,23,72,26],[72,27,72,30],[73,1,73,14],[73,15,73,18],[73,19,73,22],[73,23,73,26],[73,27,73,30],[70,1,70,14],[70,15,70,18],[70,19,70,22],[70,23,70,26],[70,27,70,30],[71,1,71,14],[71,15,71,18],[71,19,71,22],[71,23,71,26],[71,27,71,30],[133,20,133,30],[130,1,130,14],[130,15,130,18],[130,19,130,22],[130,23,130,26],[130,27,130,30],[45,23,45,26],[45,27,45,30],[46,1,46,14],[46,15,46,18],[46,19,46,22],[46,23,46,26],[46,27,46,30],[45,1,45,14],[45,15,45,18],[45,19,45,22],[47,23,47,26],[47,27,47,30],[48,1,48,14],[48,15,48,18],[48,19,48,22],[48,23,48,26],[48,27,48,30],[131,0,131,22],[131,23,131,26],[131,27,131,30],[43,1,43,14],[43,15,43,18],[43,19,43,22],[43,23,43,26],[43,27,43,30],[44,1,44,14],[44,15,44,18],[44,19,44,22],[44,23,44,26],[44,27,44,30],[49,1,49,14],[49,15,49,18],[49,19,49,22],[49,23,49,26],[49,27,49,30],[47,1,47,14],[47,15,47,18],[47,19,47,22],[50,1,50,14],[51,1,51,14],[52,1,52,14],[53,1,53,14],[41,1,41,14],[41,15,41,18],[41,19,41,22],[41,23,41,26],[41,27,41,30],[42,1,42,14],[42,15,42,18],[42,19,42,22],[42,23,42,26],[42,27,42,30],[39,1,39,14],[39,15,39,18],[39,19,39,22],[39,23,39,26],[39,27,39,30],[40,1,40,14],[40,15,40,18],[40,19,40,22],[40,23,40,26],[40,27,40,30],[37,1,37,14],[37,15,37,18],[37,19,37,22],[37,23,37,26],[37,27,37,30],[38,1,38,14],[38,15,38,18],[38,19,38,22],[38,23,38,26],[38,27,38,30],[35,1,35,14],[35,15,35,18],[35,19,35,22],[35,23,35,26],[35,27,35,30],[36,1,36,14],[36,15,36,18],[36,19,36,22],[36,23,36,26],[36,27,36,30],[25,0,26,30],[27,0,27,30],[33,1,33,14],[33,19,33,22],[33,15,33,18],[33,23,33,26],[33,27,33,30],[34,1,34,14],[34,15,34,18],[34,19,34,22],[34,23,34,26],[34,27,34,30],[31,1,31,14],[31,19,31,22],[31,15,31,18],[31,23,31,26],[31,27,31,30],[32,1,32,14],[32,19,32,22],[32,15,32,18],[32,23,32,26],[32,27,32,30],[15,0,15,30],[18,0,18,9],[19,0,19,9],[18,20,18,30],[19,20,19,30],[18,10,18,19],[19,10,19,19],[20,10,20,19],[20,20,20,30],[20,0,20,9],[57,1,57,14],[58,1,58,14],[59,1,59,14],[60,1,60,14],[61,1,61,14],[62,1,62,14],[1,0,1,30],[2,0,2,30],[3,0,3,30],[5,0,5,2],[5,4,5,22],[5,25,5,30],[23,0,23,30],[29,0,29,30],[30,1,30,14],[30,15,30,18],[30,19,30,22],[30,23,30,26],[30,27,30,30],[6,0,6,2],[6,4,6,26],[8,0,8,30],[10,0,11,30],[12,0,14,30],[63,1,63,14],[64,1,64,14],[65,1,65,14],[66,1,66,14],[67,1,67,14],[68,1,68,14],[69,1,69,14],[50,15,50,18],[50,19,50,22],[53,15,53,18],[53,19,53,22],[56,15,56,18],[56,19,56,22],[59,15,59,18],[59,19,59,22],[62,15,62,18],[62,19,62,22],[65,15,65,18],[65,19,65,22],[68,15,68,18],[68,19,68,22],[54,1,54,14],[55,1,55,14],[56,1,56,14],[50,23,50,26],[50,27,50,30],[51,15,51,18],[51,19,51,22],[51,23,51,26],[51,27,51,30],[52,15,52,18],[52,19,52,22],[52,23,52,26],[52,27,52,30],[53,23,53,26],[53,27,53,30],[54,15,54,18],[54,19,54,22],[54,23,54,26],[54,27,54,30],[55,15,55,18],[55,19,55,22],[55,23,55,26],[55,27,55,30],[56,23,56,26],[56,27,56,30],[57,15,57,18],[57,19,57,22],[57,23,57,26],[57,27,57,30],[58,15,58,18],[58,19,58,22],[58,23,58,26],[58,27,58,30],[59,23,59,26],[59,27,59,30],[60,15,60,18],[60,19,60,22],[60,23,60,26],[60,27,60,30],[61,15,61,18],[61,19,61,22],[61,23,61,26],[61,27,61,30],[62,23,62,26],[62,27,62,30],[63,15,63,18],[63,19,63,22],[63,23,63,26],[63,27,63,30],[64,15,64,18],[64,19,64,22],[64,23,64,26],[64,27,64,30],[68,23,68,26],[68,27,68,30],[69,15,69,18],[69,19,69,22],[69,23,69,26],[69,27,69,30],[65,23,65,26],[65,27,65,30],[66,15,66,18],[66,19,66,22],[66,23,66,26],[66,27,66,30],[67,15,67,18],[67,19,67,22],[67,23,67,26],[67,27,67,30]]}
[]
["T.C."]
[{"$f":"IF('BİLGİ GİRİŞİ'!O7=\"\",\"\",'BİLGİ GİRİŞİ'!O7)","v":"BULANIK KAYMAKAMLIĞI"}]
[{"$f":"IF('BİLGİ GİRİŞİ'!O8=\"\",\"\",'BİLGİ GİRİŞİ'!O8)","v":"Atatürk İlkokulu Müdürlüğü"}]
[]
["Sayı",null,null,":",{"$f":"IF('BİLGİ GİRİŞİ'!S15=\"\",\"\",'BİLGİ GİRİŞİ'!S15)","v":456789123},null,null,null,null,null,null,null,null,null,null,null,null,null,null,null,null,null,null,null,null,{"$f":"IF('BİLGİ GİRİŞİ'!O19=\"\",\"…../…../……..\",'BİLGİ GİRİŞİ'!O19)","v":"2023-03-06"}]
["Konu",null,null,":","Teklif Vermeye Davet"]
[]
["İLGİLİ GERÇEK/TÜZEL KİŞİLERE"]
[]
[{"$f":"CONCATENATE(\"       \",\"Kurumumuz ihtiyaçlarında kullanılmak üzere aşağıda bilgileri verilen Mal/Hizmet/Yapım İşi,  Kamu İhale Kanunu'nun \",IF('BİLGİ GİRİŞİ'!O10=\"\",\".............................................................................\",'BİLGİ GİRİŞİ'!O10),\" maddesine göre Doğrudan Temin yoluyla satın alınacaktır.\")","v":"       Kurumumuz ihtiyaçlarında kullanılmak üzere aşağıda bilgileri verilen Mal/Hizmet/Yapım İşi,  Kamu İhale Kanunu'nun 22/d maddesine göre Doğrudan Temin yoluyla satın alınacaktır."}]
[]
[{"$f":"CONCATENATE(\"        İlgilenmeniz halinde aşağıda bilgileri verilen Mal/Hizmet/Yapım İşi'ne ilişkin, KDV hariç teklifinizi içeren birim fiyat ve toplam fiyatlarının karşılarına yazılarak \",  TEXT(IF('BİLGİ GİRİŞİ'!O20=\"\",\"…../…../……..\",'BİLGİ GİRİŞİ'!O20),\"gg.aa.yyyy \"),   \" tarihi mesai bitimine kadar Kurumumuza gönderilmesi hususunda;\")","v":"        İlgilenmeniz halinde aşağıda bilgileri verilen Mal/Hizmet/Yapım İşi'ne ilişkin, KDV hariç teklifinizi içeren birim fiyat ve toplam fiyatlarının karşılarına yazılarak 08.03.2023  tarihi mesai bitimine kadar Kurumumuza gönderilmesi hususunda;"}]
[]
[]
["        Gereğini rica ederim/ederiz."]
[]
[]
[{"$f":"IF(A20=\"\",\"\",IF('BİLGİ GİRİŞİ'!AH16=\"\",\"\",'BİLGİ GİRİŞİ'!AH16))","v":"Piyasa Araştırma Görevlisi"},null,null,null,null,null,null,null,null,null,{"$f":"IF(K20=\"\",\"\",IF('BİLGİ GİRİŞİ'!AN16=\"\",\"\",'BİLGİ GİRİŞİ'!AN16))","v":""},null,null,null,null,null,null,null,null,null,{"$f":"IF(U20=\"\",\"\",IF('BİLGİ GİRİŞİ'!AB16=\"\",\"\",'BİLGİ GİRİŞİ'!AB16))","v":"Piyasa Araştırma Görevlisi"}]
[{"$f":"IF('BİLGİ GİRİŞİ'!AH17=\"\",\"\",'BİLGİ GİRİŞİ'!AH17)","v":"Ayşe YILDIZ"},null,null,null,null,null,null,null,null,null,{"$f":"IF('BİLGİ GİRİŞİ'!AN17=\"\",\"\",'BİLGİ GİRİŞİ'!AN17)","v":""},null,null,null,null,null,null,null,null,null,{"$f":"IF('BİLGİ GİRİŞİ'!AB17=\"\",\"\",'BİLGİ GİRİŞİ'!AB17)","v":"Ahmet DEMİR"}]
[{"$f":"IF('BİLGİ GİRİŞİ'!AH18=\"\",\"\",'BİLGİ GİRİŞİ'!AH18)","v":"Öğretmen 1"},null,null,null,null,null,null,null,null,null,{"$f":"IF(K20=\"\",\"\",IF('BİLGİ GİRİŞİ'!AN18=\"\",\"\",'BİLGİ GİRİŞİ'!AN18))","v":""},null,null,null,null,null,null,null,null,null,{"$f":"IF('BİLGİ GİRİŞİ'!AB18=\"\",\"\",'BİLGİ GİRİŞİ'!AB18)","v":"Müdür Yardımcısı 1"}]
[]
[]
[{"$f":"IF('BİLGİ GİRİŞİ'!O8=\"\",\"\",CONCATENATE(UPPER('BİLGİ GİRİŞİ'!O8),\"\",UPPER(IF('BİLGİ GİRİŞİ'!O8=\"\",\"\",'BİLGİ GİRİŞİ'!AN8))))","v":"ATATÜRK İLKOKULU MÜDÜRLÜĞÜNE"}]
[]
["          Kurumunuzca satın alınacak Mal/Hizmet/Yapım İşi'ne ilişkin teklifimizi içeren birim fiyatlar ve toplam fiyatlar aşağıya çıkarılmıştır."]
[]
["         Gereğini arz ederim/ederiz."]
[]
["MAL'IN/HİZMET'İN/YAPIM İŞİ'NİN"]
["S","Kalem/KısımBilgileri",null,null,null,null,null,null,null,null,null,null,null,null,null,"Birimi",null,null,null,"Miktarı",null,null,null,"Birim Fiyatı",null,null,null,"Toplam Fiyatı"]
[{"$f":"IF('BİLGİ GİRİŞİ'!D30=\"\",\"\",'BİLGİ GİRİŞİ'!D30)","v":1},{"$f":"IF('BİLGİ GİRİŞİ'!E30=\"\",\"\",'BİLGİ GİRİŞİ'!E30)","v":"AIO (All In One) Masaüstü Bilgisayar "},null,null,null,null,null,null,null,null,null,null,null,null,null,{"$f":"IF('BİLGİ GİRİŞİ'!W30=\"\",\"\",'BİLGİ GİRİŞİ'!W30)","v":"Adet"},null,null,null,{"$f":"IF('BİLGİ GİRİŞİ'!T30=\"\",\"\",IF('BİLGİ GİRİŞİ'!$BO$28=1,\"1\",'BİLGİ GİRİŞİ'!T30))","v":"1"}]
[{"$f":"IF('BİLGİ GİRİŞİ'!D31=\"\",\"\",'BİLGİ GİRİŞİ'!D31)","v":2},{"$f":"IF('BİLGİ GİRİŞİ'!E31=\"\",\"\",'BİLGİ GİRİŞİ'!E31)","v":"Fotokopi Makinesi"},null,null,null,null,null,null,null,null,null,null,null,null,null,{"$f":"IF('BİLGİ GİRİŞİ'!W31=\"\",\"\",'BİLGİ GİRİŞİ'!W31)","v":"Adet"},null,null,null,{"$f":"IF('BİLGİ GİRİŞİ'!T31=\"\",\"\",IF('BİLGİ GİRİŞİ'!$BO$28=1,\"1\",'BİLGİ GİRİŞİ'!T31))","v":"1"}]
[{"$f":"IF('BİLGİ GİRİŞİ'!D32=\"\",\"\",'BİLGİ GİRİŞİ'!D32)","v":3},{"$f":"IF('BİLGİ GİRİŞİ'!E32=\"\",\"\",'BİLGİ GİRİŞİ'!E32)","v":"Projektör"},null,null,null,null,null,null,null,null,null,null,null,null,null,{"$f":"IF('BİLGİ GİRİŞİ'!W32=\"\",\"\",'BİLGİ GİRİŞİ'!W32)","v":"Adet"},null,null,null,{"$f":"IF('BİLGİ GİRİŞİ'!T32=\"\",\"\",IF('BİLGİ GİRİŞİ'!$BO$28=1,\"1\",'BİLGİ GİRİŞİ'!T32))","v":"1"}]
[{"$f":"IF('BİLGİ GİRİŞİ'!D33=\"\",\"\",'BİLGİ GİRİŞİ'!D33)","v":""},{"$f":"IF('BİLGİ GİRİŞİ'!E33=\"\",\"\",'BİLGİ GİRİŞİ'!E33)","v":""},null,null,null,null,null,null,null,null,null,null,null,null,null,{"$f":"IF('BİLGİ GİRİŞİ'!W33=\"\",\"\",'BİLGİ GİRİŞİ'!W33)","v":""},null,null,null,{"$f":"IF('BİLGİ GİRİŞİ'!T33=\"\",\"\",IF('BİLGİ GİRİŞİ'!$BO$28=1,\"1\",'BİLGİ GİRİŞİ'!T33))","v":""}]
[{"$f":"IF('BİLGİ GİRİŞİ'!D34=\"\",\"\",'BİLGİ GİRİŞİ'!D34)","v":""},{"$f":"IF('BİLGİ GİRİŞİ'!E34=\"\",\"\",'BİLGİ GİRİŞİ'!E34)","v":""},null,null,null,null,null,null,null,null,null,null,null,null,null,{"$f":"IF('BİLGİ GİRİŞİ'!W34=\"\",\"\",'BİLGİ GİRİŞİ'!W34)","v":""},null,null,null,{"$f":"IF('BİLGİ GİRİŞİ'!T34=\"\",\"\",IF('BİLGİ GİRİŞİ'!$BO$28=1,\"1\",'BİLGİ GİRİŞİ'!T34))","v":""}]
[{"$f":"IF('BİLGİ GİRİŞİ'!D35=\"\",\"\",'BİLGİ GİRİŞİ'!D35)","v":""},{"$f":"IF('BİLGİ GİRİŞİ'!E35=\"\",\"\",'BİLGİ GİRİŞİ'!E35)","v":""},null,null,null,null,null,null,null,null,null,null,null,null,null,{"$f":"IF('BİLGİ GİRİŞİ'!W35=\"\",\"\",'BİLGİ GİRİŞİ'!W35)","v":""},null,null,null,{"$f":"IF('BİLGİ GİRİŞİ'!T35=\"\",\"\",IF('BİLGİ GİRİŞİ'!$BO$28=1,\"1\",'BİLGİ GİRİŞİ'!T35))","v":""}]
[{"$f":"IF('BİLGİ GİRİŞİ'!D36=\"\",\"\",'BİLGİ GİRİŞİ'!D36)","v":""},{"$f":"IF('BİLGİ GİRİŞİ'!E36=\"\",\"\",'BİLGİ GİRİŞİ'!E36)","v":""},null,null,null,null,null,null,null,null,null,null,null,null,null,{"$f":"IF('BİLGİ GİRİŞİ'!W36=\"\",\"\",'BİLGİ GİRİŞİ'!W36)","v":""},null,null,null,{"$f":"IF('BİLGİ GİRİŞİ'!T36=\"\",\"\",IF('BİLGİ GİRİŞİ'!$BO$28=1,\"1\",'BİLGİ GİRİŞİ'!T36))","v":""}]
[{"$f":"IF('BİLGİ GİRİŞİ'!D37=\"\",\"\",'BİLGİ GİRİŞİ'!D37)","v":""},{"$f":"IF('BİLGİ GİRİŞİ'!E37=\"\",\"\",'BİLGİ GİRİŞİ'!E37)","v":""},null,null,null,null,null,null,null,null,null,null,null,null,null,{"$f":"IF('BİLGİ GİRİŞİ'!W37=\"\",\"\",'BİLGİ GİRİŞİ'!W37)","v":""},null,null,null,{"$f":"IF('BİLGİ GİRİŞİ'!T37=\"\",\"\",IF('BİLGİ GİRİŞİ'!$BO$28=1,\"1\",'BİLGİ GİRİŞİ'!T37))","v":""}]
[{"$f":"IF('BİLGİ GİRİŞİ'!D38=\"\",\"\",'BİLGİ GİRİŞİ'!D38)","v":""},{"$f":"IF('BİLGİ GİRİŞİ'!E38=\"\",\"\",'BİLGİ GİRİŞİ'!E38)","v":""},null,null,null,null,null,null,null,null,null,null,null,null,null,{"$f":"IF('BİLGİ GİRİŞİ'!W38=\"\",\"\",'BİLGİ GİRİŞİ'!W38)","v":""},null,null,null,{"$f":"IF('BİLGİ GİRİŞİ'!T38=\"\",\"\",IF('BİLGİ GİRİŞİ'!$BO$28=1,\"1\",'BİLGİ GİRİŞİ'!T38))","v":""}]
[{"$f":"IF('BİLGİ GİRİŞİ'!D39=\"\",\"\",'BİLGİ GİRİŞİ'!D39)","v":""},{"$f":"IF('BİLGİ GİRİŞİ'!E39=\"\",\"\",'BİLGİ GİRİŞİ'!E39)","v":""},null,null,null,null,null,null,null,null,null,null,null,null,null,{"$f":"IF('BİLGİ GİRİŞİ'!W39=\"\",\"\",'BİLGİ GİRİŞİ'!W39)","v":""},null,null,null,{"$f":"IF('BİLGİ GİRİŞİ'!T39=\"\",\"\",IF('BİLGİ GİRİŞİ'!$BO$28=1,\"1\",'BİLGİ GİRİŞİ'!T39))","v":""}]
[{"$f":"IF('BİLGİ GİRİŞİ'!D40=\"\",\"\",'BİLGİ GİRİŞİ'!D40)","v":""},{"$f":"IF('BİLGİ GİRİŞİ'!E40=\"\",\"\",'BİLGİ GİRİŞİ'!E40)","v":""},null,null,null,null,null,null,null,null,null,null,null,null,null,{"$f":"IF('BİLGİ GİRİŞİ'!W40=\"\",\"\",'BİLGİ GİRİŞİ'!W40)","v":""},null,null,null,{"$f":"IF('BİLGİ GİRİŞİ'!T40=\"\",\"\",IF('BİLGİ GİRİŞİ'!$BO$28=1,\"1\",'BİLGİ GİRİŞİ'!T40))","v":""}]
[{"$f":"IF('BİLGİ GİRİŞİ'!D41=\"\",\"\",'BİLGİ GİRİŞİ'!D41)","v":""},{"$f":"IF('BİLGİ GİRİŞİ'!E41=\"\",\"\",'BİLGİ GİRİŞİ'!E41)","v":""},null,null,null,null,null,null,null,null,null,null,null,null,null,{"$f":"IF('BİLGİ GİRİŞİ'!W41=\"\",\"\",'BİLGİ GİRİŞİ'!W41)","v":""},null,null,null,{"$f":"IF('BİLGİ GİRİŞİ'!T41=\"\",\"\",IF('BİLGİ GİRİŞİ'!$BO$28=1,\"1\",'BİLGİ GİRİŞİ'!T41))","v":""}]
[{"$f":"IF('BİLGİ GİRİŞİ'!D42=\"\",\"\",'BİLGİ GİRİŞİ'!D42)","v":""},{"$f":"IF('BİLGİ GİRİŞİ'!E42=\"\",\"\",'BİLGİ GİRİŞİ'!E42)","v":""},null,null,null,null,null,null,null,null,null,null,null,null,null,{"$f":"IF('BİLGİ GİRİŞİ'!W42=\"\",\"\",'BİLGİ GİRİŞİ'!W42)","v":""},null,null,null,{"$f":"IF('BİLGİ GİRİŞİ'!T42=\"\",\"\",IF('BİLGİ GİRİŞİ'!$BO$28=1,\"1\",'BİLGİ GİRİŞİ'!T42))","v":""}]
[{"$f":"IF('BİLGİ GİRİŞİ'!D43=\"\",\"\",'BİLGİ GİRİŞİ'!D43)","v":""},{"$f":"IF('BİLGİ GİRİŞİ'!E43=\"\",\"\",'BİLGİ GİRİŞİ'!E43)","v":""},null,null,null,null,null,null,null,null,null,null,null,null,null,{"$f":"IF('BİLGİ GİRİŞİ'!W43=\"\",\"\",'BİLGİ GİRİŞİ'!W43)","v":""},null,null,null,{"$f":"IF('BİLGİ GİRİŞİ'!T43=\"\",\"\",IF('BİLGİ GİRİŞİ'!$BO$28=1,\"1\",'BİLGİ GİRİŞİ'!T43))","v":""}]
[{"$f":"IF('BİLGİ GİRİŞİ'!D44=\"\",\"\",'BİLGİ GİRİŞİ'!D44)","v":""},{"$f":"IF('BİLGİ GİRİŞİ'!E44=\"\",\"\",'BİLGİ GİRİŞİ'!E44)","v":""},null,null,null,null,null,null,null,null,null,null,null,null,null,{"$f":"IF('BİLGİ GİRİŞİ'!W44=\"\",\"\",'BİLGİ GİRİŞİ'!W44)","v":""},null,null,null,{"$f":"IF('BİLGİ GİRİŞİ'!T44=\"\",\"\",IF('BİLGİ GİRİŞİ'!$BO$28=1,\"1\",'BİLGİ GİRİŞİ'!T44))","v":""}]
[{"$f":"IF('BİLGİ GİRİŞİ'!D45=\"\",\"\",'BİLGİ GİRİŞİ'!D45)","v":""},{"$f":"IF('BİLGİ GİRİŞİ'!E45=\"\",\"\",'BİLGİ GİRİŞİ'!E45)","v":""},null,null,null,null,null,null,null,null,null,null,null,null,null,{"$f":"IF('BİLGİ GİRİŞİ'!W45=\"\",\"\",'BİLGİ GİRİŞİ'!W45)","v":""},null,null,null,{"$f":"IF('BİLGİ GİRİŞİ'!T45=\"\",\"\",IF('BİLGİ GİRİŞİ'!$BO$28=1,\"1\",'BİLGİ GİRİŞİ'!T45))","v":""}]
[{"$f":"IF('BİLGİ GİRİŞİ'!D46=\"\",\"\",'BİLGİ GİRİŞİ'!D46)","v":""},{"$f":"IF('BİLGİ GİRİŞİ'!E46=\"\",\"\",'BİLGİ GİRİŞİ'!E46)","v":""},null,null,null,null,null,null,null,null,null,null,null,null,null,{"$f":"IF('BİLGİ GİRİŞİ'!W46=\"\",\"\",'BİLGİ GİRİŞİ'!W46)","v":""},null,null,null,{"$f":"IF('BİLGİ GİRİŞİ'!T46=\"\",\"\",IF('BİLGİ GİRİŞİ'!$BO$28=1,\"1\",'BİLGİ GİRİŞİ'!T46))","v":""}]
[{"$f":"IF('BİLGİ GİRİŞİ'!D47=\"\",\"\",'BİLGİ GİRİŞİ'!D47)","v":""},{"$f":"IF('BİLGİ GİRİŞİ'!E47=\"\",\"\",'BİLGİ GİRİŞİ'!E47)","v":""},null,null,null,null,null,null,null,null,null,null,null,null,null,{"$f":"IF('BİLGİ GİRİŞİ'!W47=\"\",\"\",'BİLGİ GİRİŞİ'!W47)","v":""},null,null,null,{"$f":"IF('BİLGİ GİRİŞİ'!T47=\"\",\"\",IF('BİLGİ GİRİŞİ'!$BO$28=1,\"1\",'BİLGİ GİRİŞİ'!T47))","v":""}]
[{"$f":"IF('BİLGİ GİRİŞİ'!D48=\"\",\"\",'BİLGİ GİRİŞİ'!D48)","v":""},{"$f":"IF('BİLGİ GİRİŞİ'!E48=\"\",\"\",'BİLGİ GİRİŞİ'!E48)","v":""},null,null,null,null,null,null,null,null,null,null,null,null,null,{"$f":"IF('BİLGİ GİRİŞİ'!W48=\"\",\"\",'BİLGİ GİRİŞİ'!W48)","v":""},null,null,null,{"$f":"IF('BİLGİ GİRİŞİ'!T48=\"\",\"\",IF('BİLGİ GİRİŞİ'!$BO$28=1,\"1\",'BİLGİ GİRİŞİ'!T48))","v":""}]
[{"$f":"IF('BİLGİ GİRİŞİ'!D49=\"\",\"\",'BİLGİ GİRİŞİ'!D49)","v":""},{"$f":"IF('BİLGİ GİRİŞİ'!E49=\"\",\"\",'BİLGİ GİRİŞİ'!E49)","v":""},null,null,null,null,null,null,null,null,null,null,null,null,null,{"$f":"IF('BİLGİ GİRİŞİ'!W49=\"\",\"\",'BİLGİ GİRİŞİ'!W49)","v":""},null,null,null,{"$f":"IF('BİLGİ GİRİŞİ'!T49=\"\",\"\",IF('BİLGİ GİRİŞİ'!$BO$28=1,\"1\",'BİLGİ GİRİŞİ'!T49))","v":""}]
[{"$f":"IF('BİLGİ GİRİŞİ'!D50=\"\",\"\",'BİLGİ GİRİŞİ'!D50)","v":""},{"$f":"IF('BİLGİ GİRİŞİ'!E50=\"\",\"\",'BİLGİ GİRİŞİ'!E50)","v":""},null,null,null,null,null,null,null,null,null,null,null,null,null,{"$f":"IF('BİLGİ GİRİŞİ'!W50=\"\",\"\",'BİLGİ GİRİŞİ'!W50)","v":""},null,null,null,{"$f":"IF('BİLGİ GİRİŞİ'!T50=\"\",\"\",IF('BİLGİ GİRİŞİ'!$BO$28=1,\"1\",'BİLGİ GİRİŞİ'!T50))","v":""}]
[{"$f":"IF('BİLGİ GİRİŞİ'!D51=\"\",\"\",'BİLGİ GİRİŞİ'!D51)","v":""},{"$f":"IF('BİLGİ GİRİŞİ'!E51=\"\",\"\",'BİLGİ GİRİŞİ'!E51)","v":""},null,null,null,null,null,null,null,null,null,null,null,null,null,{"$f":"IF('BİLGİ GİRİŞİ'!W51=\"\",\"\",'BİLGİ GİRİŞİ'!W51)","v":""},null,null,null,{"$f":"IF('BİLGİ GİRİŞİ'!T51=\"\",\"\",IF('BİLGİ GİRİŞİ'!$BO$28=1,\"1\",'BİLGİ GİRİŞİ'!T51))","v":""}]
[{"$f":"IF('BİLGİ GİRİŞİ'!D52=\"\",\"\",'BİLGİ GİRİŞİ'!D52)","v":""},{"$f":"IF('BİLGİ GİRİŞİ'!E52=\"\",\"\",'BİLGİ GİRİŞİ'!E52)","v":""},null,null,null,null,null,null,null,null,null,null,null,null,null,{"$f":"IF('BİLGİ GİRİŞİ'!W52=\"\",\"\",'BİLGİ GİRİŞİ'!W52)","v":""},null,null,null,{"$f":"IF('BİLGİ GİRİŞİ'!T52=\"\",\"\",IF('BİLGİ GİRİŞİ'!$BO$28=1,\"1\",'BİLGİ GİRİŞİ'!T52))","v":""}]
[{"$f":"IF('BİLGİ GİRİŞİ'!D53=\"\",\"\",'BİLGİ GİRİŞİ'!D53)","v":""},{"$f":"IF('BİLGİ GİRİŞİ'!E53=\"\",\"\",'BİLGİ GİRİŞİ'!E53)","v":""},null,null,null,null,null,null,null,null,null,null,null,null,null,{"$f":"IF('BİLGİ GİRİŞİ'!W53=\"\",\"\",'BİLGİ GİRİŞİ'!W53)","v":""},null,null,null,{"$f":"IF('BİLGİ GİRİŞİ'!T53=\"\",\"\",IF('BİLGİ GİRİŞİ'!$BO$28=1,\"1\",'BİLGİ GİRİŞİ'!T53))","v":""}]
[{"$f":"IF('BİLGİ GİRİŞİ'!D54=\"\",\"\",'BİLGİ GİRİŞİ'!D54)","v":""},{"$f":"IF('BİLGİ GİRİŞİ'!E54=\"\",\"\",'BİLGİ GİRİŞİ'!E54)","v":""},null,null,null,null,null,null,null,null,null,null,null,null,null,{"$f":"IF('BİLGİ GİRİŞİ'!W54=\"\",\"\",'BİLGİ GİRİŞİ'!W54)","v":""},null,null,null,{"$f":"IF('BİLGİ GİRİŞİ'!T54=\"\",\"\",IF('BİLGİ GİRİŞİ'!$BO$28=1,\"1\",'BİLGİ GİRİŞİ'!T54))","v":""}]
[{"$f":"IF('BİLGİ GİRİŞİ'!D55=\"\",\"\",'BİLGİ GİRİŞİ'!D55)","v":""},{"$f":"IF('BİLGİ GİRİŞİ'!E55=\"\",\"\",'BİLGİ GİRİŞİ'!E55)","v":""},null,null,null,null,null,null,null,null,null,null,null,null,null,{"$f":"IF('BİLGİ GİRİŞİ'!W55=\"\",\"\",'BİLGİ GİRİŞİ'!W55)","v":""},null,null,null,{"$f":"IF('BİLGİ GİRİŞİ'!T55=\"\",\"\",IF('BİLGİ GİRİŞİ'!$BO$28=1,\"1\",'BİLGİ GİRİŞİ'!T55))","v":""}]
[{"$f":"IF('BİLGİ GİRİŞİ'!D56=\"\",\"\",'BİLGİ GİRİŞİ'!D56)","v":""},{"$f":"IF('BİLGİ GİRİŞİ'!E56=\"\",\"\",'BİLGİ GİRİŞİ'!E56)","v":""},null,null,null,null,null,null,null,null,null,null,null,null,null,{"$f":"IF('BİLGİ GİRİŞİ'!W56=\"\",\"\",'BİLGİ GİRİŞİ'!W56)","v":""},null,null,null,{"$f":"IF('BİLGİ GİRİŞİ'!T56=\"\",\"\",IF('BİLGİ GİRİŞİ'!$BO$28=1,\"1\",'BİLGİ GİRİŞİ'!T56))","v":""}]
[{"$f":"IF('BİLGİ GİRİŞİ'!D57=\"\",\"\",'BİLGİ GİRİŞİ'!D57)","v":""},{"$f":"IF('BİLGİ GİRİŞİ'!E57=\"\",\"\",'BİLGİ GİRİŞİ'!E57)","v":""},null,null,null,null,null,null,null,null,null,null,null,null,null,{"$f":"IF('BİLGİ GİRİŞİ'!W57=\"\",\"\",'BİLGİ GİRİŞİ'!W57)","v":""},null,null,null,{"$f":"IF('BİLGİ GİRİŞİ'!T57=\"\",\"\",IF('BİLGİ GİRİŞİ'!$BO$28=1,\"1\",'BİLGİ GİRİŞİ'!T57))","v":""}]
[{"$f":"IF('BİLGİ GİRİŞİ'!D58=\"\",\"\",'BİLGİ GİRİŞİ'!D58)","v":""},{"$f":"IF('BİLGİ GİRİŞİ'!E58=\"\",\"\",'BİLGİ GİRİŞİ'!E58)","v":""},null,null,null,null,null,null,null,null,null,null,null,null,null,{"$f":"IF('BİLGİ GİRİŞİ'!W58=\"\",\"\",'BİLGİ GİRİŞİ'!W58)","v":""},null,null,null,{"$f":"IF('BİLGİ GİRİŞİ'!T58=\"\",\"\",IF('BİLGİ GİRİŞİ'!$BO$28=1,\"1\",'BİLGİ GİRİŞİ'!T58))","v":""}]
[{"$f":"IF('BİLGİ GİRİŞİ'!D59=\"\",\"\",'BİLGİ GİRİŞİ'!D59)","v":""},{"$f":"IF('BİLGİ GİRİŞİ'!E59=\"\",\"\",'BİLGİ GİRİŞİ'!E59)","v":""},null,null,null,null,null,null,null,null,null,null,null,null,null,{"$f":"IF('BİLGİ GİRİŞİ'!W59=\"\",\"\",'BİLGİ GİRİŞİ'!W59)","v":""},null,null,null,{"$f":"IF('BİLGİ GİRİŞİ'!T59=\"\",\"\",IF('BİLGİ GİRİŞİ'!$BO$28=1,\"1\",'BİLGİ GİRİŞİ'!T59))","v":""}]
[{"$f":"IF('BİLGİ GİRİŞİ'!D60=\"\",\"\",'BİLGİ GİRİŞİ'!D60)","v":""},{"$f":"IF('BİLGİ GİRİŞİ'!E60=\"\",\"\",'BİLGİ GİRİŞİ'!E60)","v":""},null,null,null,null,null,null,null,null,null,null,null,null,null,{"$f":"IF('BİLGİ GİRİŞİ'!W60=\"\",\"\",'BİLGİ GİRİŞİ'!W60)","v":""},null,null,null,{"$f":"IF('BİLGİ GİRİŞİ'!T60=\"\",\"\",IF('BİLGİ GİRİŞİ'!$BO$28=1,\"1\",'BİLGİ GİRİŞİ'!T60))","v":""}]
[{"$f":"IF('BİLGİ GİRİŞİ'!D61=\"\",\"\",'BİLGİ GİRİŞİ'!D61)","v":""},{"$f":"IF('BİLGİ GİRİŞİ'!E61=\"\",\"\",'BİLGİ GİRİŞİ'!E61)","v":""},null,null,null,null,null,null,null,null,null,null,null,null,null,{"$f":"IF('BİLGİ GİRİŞİ'!W61=\"\",\"\",'BİLGİ GİRİŞİ'!W61)","v":""},null,null,null,{"$f":"IF('BİLGİ GİRİŞİ'!T61=\"\",\"\",IF('BİLGİ GİRİŞİ'!$BO$28=1,\"1\",'BİLGİ GİRİŞİ'!T61))","v":""}]
[{"$f":"IF('BİLGİ GİRİŞİ'!D62=\"\",\"\",'BİLGİ GİRİŞİ'!D62)","v":""},{"$f":"IF('BİLGİ GİRİŞİ'!E62=\"\",\"\",'BİLGİ GİRİŞİ'!E62)","v":""},null,null,null,null,null,null,null,null,null,null,null,null,null,{"$f":"IF('BİLGİ GİRİŞİ'!W62=\"\",\"\",'BİLGİ GİRİŞİ'!W62)","v":""},null,null,null,{"$f":"IF('BİLGİ GİRİŞİ'!T62=\"\",\"\",IF('BİLGİ GİRİŞİ'!$BO$28=1,\"1\",'BİLGİ GİRİŞİ'!T62))","v":""}]
[{"$f":"IF('BİLGİ GİRİŞİ'!D63=\"\",\"\",'BİLGİ GİRİŞİ'!D63)","v":""},{"$f":"IF('BİLGİ GİRİŞİ'!E63=\"\",\"\",'BİLGİ GİRİŞİ'!E63)","v":""},null,null,null,null,null,null,null,null,null,null,null,null,null,{"$f":"IF('BİLGİ GİRİŞİ'!W63=\"\",\"\",'BİLGİ GİRİŞİ'!W63)","v":""},null,null,null,{"$f":"IF('BİLGİ GİRİŞİ'!T63=\"\",\"\",IF('BİLGİ GİRİŞİ'!$BO$28=1,\"1\",'BİLGİ GİRİŞİ'!T63))","v":""}]
[{"$f":"IF('BİLGİ GİRİŞİ'!D64=\"\",\"\",'BİLGİ GİRİŞİ'!D64)","v":""},{"$f":"IF('BİLGİ GİRİŞİ'!E64=\"\",\"\",'BİLGİ GİRİŞİ'!E64)","v":""},null,null,null,null,null,null,null,null,null,null,null,null,null,{"$f":"IF('BİLGİ GİRİŞİ'!W64=\"\",\"\",'BİLGİ GİRİŞİ'!W64)","v":""},null,null,null,{"$f":"IF('BİLGİ GİRİŞİ'!T64=\"\",\"\",IF('BİLGİ GİRİŞİ'!$BO$28=1,\"1\",'BİLGİ GİRİŞİ'!T64))","v":""}]
[{"$f":"IF('BİLGİ GİRİŞİ'!D65=\"\",\"\",'BİLGİ GİRİŞİ'!D65)","v":""},{"$f":"IF('BİLGİ GİRİŞİ'!E65=\"\",\"\",'BİLGİ GİRİŞİ'!E65)","v":""},null,null,null,null,null,null,null,null,null,null,null,null,null,{"$f":"IF('BİLGİ GİRİŞİ'!W65=\"\",\"\",'BİLGİ GİRİŞİ'!W65)","v":""},null,null,null,{"$f":"IF('BİLGİ GİRİŞİ'!T65=\"\",\"\",IF('BİLGİ GİRİŞİ'!$BO$28=1,\"1\",'BİLGİ GİRİŞİ'!T65))","v":""}]
[{"$f":"IF('BİLGİ GİRİŞİ'!D66=\"\",\"\",'BİLGİ GİRİŞİ'!D66)","v":""},{"$f":"IF('BİLGİ GİRİŞİ'!E66=\"\",\"\",'BİLGİ GİRİŞİ'!E66)","v":""},null,null,null,null,null,null,null,null,null,null,null,null,null,{"$f":"IF('BİLGİ GİRİŞİ'!W66=\"\",\"\",'BİLGİ GİRİŞİ'!W66)","v":""},null,null,null,{"$f":"IF('BİLGİ GİRİŞİ'!T66=\"\",\"\",IF('BİLGİ GİRİŞİ'!$BO$28=1,\"1\",'BİLGİ GİRİŞİ'!T66))","v":""}]
[{"$f":"IF('BİLGİ GİRİŞİ'!D67=\"\",\"\",'BİLGİ GİRİŞİ'!D67)","v":""},{"$f":"IF('BİLGİ GİRİŞİ'!E67=\"\",\"\",'BİLGİ GİRİŞİ'!E67)","v":""},null,null,null,null,null,null,null,null,null,null,null,null,null,{"$f":"IF('BİLGİ GİRİŞİ'!W67=\"\",\"\",'BİLGİ GİRİŞİ'!W67)","v":""},null,null,null,{"$f":"IF('BİLGİ GİRİŞİ'!T67=\"\",\"\",IF('BİLGİ GİRİŞİ'!$BO$28=1,\"1\",'BİLGİ GİRİŞİ'!T67))","v":""}]
[{"$f":"IF('BİLGİ GİRİŞİ'!D68=\"\",\"\",'BİLGİ GİRİŞİ'!D68)","v":""},{"$f":"IF('BİLGİ GİRİŞİ'!E68=\"\",\"\",'BİLGİ GİRİŞİ'!E68)","v":""},null,null,null,null,null,null,null,null,null,null,null,null,null,{"$f":"IF('BİLGİ GİRİŞİ'!W68=\"\",\"\",'BİLGİ GİRİŞİ'!W68)","v":""},null,null,null,{"$f":"IF('BİLGİ GİRİŞİ'!T68=\"\",\"\",IF('BİLGİ GİRİŞİ'!$BO$28=1,\"1\",'BİLGİ GİRİŞİ'!T68))","v":""}]
[{"$f":"IF('BİLGİ GİRİŞİ'!D69=\"\",\"\",'BİLGİ GİRİŞİ'!D69)","v":""},{"$f":"IF('BİLGİ GİRİŞİ'!E69=\"\",\"\",'BİLGİ GİRİŞİ'!E69)","v":""},null,null,null,null,null,null,null,null,null,null,null,null,null,{"$f":"IF('BİLGİ GİRİŞİ'!W69=\"\",\"\",'BİLGİ GİRİŞİ'!W69)","v":""},null,null,null,{"$f":"IF('BİLGİ GİRİŞİ'!T69=\"\",\"\",IF('BİLGİ GİRİŞİ'!$BO$28=1,\"1\",'BİLGİ GİRİŞİ'!T69))","v":""}]
[{"$f":"IF('BİLGİ GİRİŞİ'!D70=\"\",\"\",'BİLGİ GİRİŞİ'!D70)","v":""},{"$f":"IF('BİLGİ GİRİŞİ'!E70=\"\",\"\",'BİLGİ GİRİŞİ'!E70)","v":""},null,null,null,null,null,null,null,null,null,null,null,null,null,{"$f":"IF('BİLGİ GİRİŞİ'!W70=\"\",\"\",'BİLGİ GİRİŞİ'!W70)","v":""},null,null,null,{"$f":"IF('BİLGİ GİRİŞİ'!T70=\"\",\"\",IF('BİLGİ GİRİŞİ'!$BO$28=1,\"1\",'BİLGİ GİRİŞİ'!T70))","v":""}]
[{"$f":"IF('BİLGİ GİRİŞİ'!D71=\"\",\"\",'BİLGİ GİRİŞİ'!D71)","v":""},{"$f":"IF('BİLGİ GİRİŞİ'!E71=\"\",\"\",'BİLGİ GİRİŞİ'!E71)","v":""},null,null,null,null,null,null,null,null,null,null,null,null,null,{"$f":"IF('BİLGİ GİRİŞİ'!W71=\"\",\"\",'BİLGİ GİRİŞİ'!W71)","v":""},null,null,null,{"$f":"IF('BİLGİ GİRİŞİ'!T71=\"\",\"\",IF('BİLGİ GİRİŞİ'!$BO$28=1,\"1\",'BİLGİ GİRİŞİ'!T71))","v":""}]
[{"$f":"IF('BİLGİ GİRİŞİ'!D72=\"\",\"\",'BİLGİ GİRİŞİ'!D72)","v":""},{"$f":"IF('BİLGİ GİRİŞİ'!E72=\"\",\"\",'BİLGİ GİRİŞİ'!E72)","v":""},null,null,null,null,null,null,null,null,null,null,null,null,null,{"$f":"IF('BİLGİ GİRİŞİ'!W72=\"\",\"\",'BİLGİ GİRİŞİ'!W72)","v":""},null,null,null,{"$f":"IF('BİLGİ GİRİŞİ'!T72=\"\",\"\",IF('BİLGİ GİRİŞİ'!$BO$28=1,\"1\",'BİLGİ GİRİŞİ'!T72))","v":""}]
[{"$f":"IF('BİLGİ GİRİŞİ'!D73=\"\",\"\",'BİLGİ GİRİŞİ'!D73)","v":""},{"$f":"IF('BİLGİ GİRİŞİ'!E73=\"\",\"\",'BİLGİ GİRİŞİ'!E73)","v":""},null,null,null,null,null,null,null,null,null,null,null,null,null,{"$f":"IF('BİLGİ GİRİŞİ'!W73=\"\",\"\",'BİLGİ GİRİŞİ'!W73)","v":""},null,null,null,{"$f":"IF('BİLGİ GİRİŞİ'!T73=\"\",\"\",IF('BİLGİ GİRİŞİ'!$BO$28=1,\"1\",'BİLGİ GİRİŞİ'!T73))","v":""}]
[{"$f":"IF('BİLGİ GİRİŞİ'!D74=\"\",\"\",'BİLGİ GİRİŞİ'!D74)","v":""},{"$f":"IF('BİLGİ GİRİŞİ'!E74=\"\",\"\",'BİLGİ GİRİŞİ'!E74)","v":""},null,null,null,null,null,null,null,null,null,null,null,null,null,{"$f":"IF('BİLGİ GİRİŞİ'!W74=\"\",\"\",'BİLGİ GİRİŞİ'!W74)","v":""},null,null,null,{"$f":"IF('BİLGİ GİRİŞİ'!T74=\"\",\"\",IF('BİLGİ GİRİŞİ'!$BO$28=1,\"1\",'BİLGİ GİRİŞİ'!T74))","v":""}]
[{"$f":"IF('BİLGİ GİRİŞİ'!D75=\"\",\"\",'BİLGİ GİRİŞİ'!D75)","v":""},{"$f":"IF('BİLGİ GİRİŞİ'!E75=\"\",\"\",'BİLGİ GİRİŞİ'!E75)","v":""},null,null,null,null,null,null,null,null,null,null,null,null,null,{"$f":"IF('BİLGİ GİRİŞİ'!W75=\"\",\"\",'BİLGİ GİRİŞİ'!W75)","v":""},null,null,null,{"$f":"IF('BİLGİ GİRİŞİ'!T75=\"\",\"\",IF('BİLGİ GİRİŞİ'!$BO$28=1,\"1\",'BİLGİ GİRİŞİ'!T75))","v":""}]
[{"$f":"IF('BİLGİ GİRİŞİ'!D76=\"\",\"\",'BİLGİ GİRİŞİ'!D76)","v":""},{"$f":"IF('BİLGİ GİRİŞİ'!E76=\"\",\"\",'BİLGİ GİRİŞİ'!E76)","v":""},null,null,null,null,null,null,null,null,null,null,null,null,null,{"$f":"IF('BİLGİ GİRİŞİ'!W76=\"\",\"\",'BİLGİ GİRİŞİ'!W76)","v":""},null,null,null,{"$f":"IF('BİLGİ GİRİŞİ'!T76=\"\",\"\",IF('BİLGİ GİRİŞİ'!$BO$28=1,\"1\",'BİLGİ GİRİŞİ'!T76))","v":""}]
[{"$f":"IF('BİLGİ GİRİŞİ'!D77=\"\",\"\",'BİLGİ GİRİŞİ'!D77)","v":""},{"$f":"IF('BİLGİ GİRİŞİ'!E77=\"\",\"\",'BİLGİ GİRİŞİ'!E77)","v":""},null,null,null,null,null,null,null,null,null,null,null,null,null,{"$f":"IF('BİLGİ GİRİŞİ'!W77=\"\",\"\",'BİLGİ GİRİŞİ'!W77)","v":""},null,null,null,{"$f":"IF('BİLGİ GİRİŞİ'!T77=\"\",\"\",IF('BİLGİ GİRİŞİ'!$BO$28=1,\"1\",'BİLGİ GİRİŞİ'!T77))","v":""}]
[{"$f":"IF('BİLGİ GİRİŞİ'!D78=\"\",\"\",'BİLGİ GİRİŞİ'!D78)","v":""},{"$f":"IF('BİLGİ GİRİŞİ'!E78=\"\",\"\",'BİLGİ GİRİŞİ'!E78)","v":""},null,null,null,null,null,null,null,null,null,null,null,null,null,{"$f":"IF('BİLGİ GİRİŞİ'!W78=\"\",\"\",'BİLGİ GİRİŞİ'!W78)","v":""},null,null,null,{"$f":"IF('BİLGİ GİRİŞİ'!T78=\"\",\"\",IF('BİLGİ GİRİŞİ'!$BO$28=1,\"1\",'BİLGİ GİRİŞİ'!T78))","v":""}]
[{"$f":"IF('BİLGİ GİRİŞİ'!D79=\"\",\"\",'BİLGİ GİRİŞİ'!D79)","v":""},{"$f":"IF('BİLGİ GİRİŞİ'!E79=\"\",\"\",'BİLGİ GİRİŞİ'!E79)","v":""},null,null,null,null,null,null,null,null,null,null,null,null,null,{"$f":"IF('BİLGİ GİRİŞİ'!W79=\"\",\"\",'BİLGİ GİRİŞİ'!W79)","v":""},null,null,null,{"$f":"IF('BİLGİ GİRİŞİ'!T79=\"\",\"\",IF('BİLGİ GİRİŞİ'!$BO$28=1,\"1\",'BİLGİ GİRİŞİ'!T79))","v":""}]
[{"$f":"IF('BİLGİ GİRİŞİ'!D80=\"\",\"\",'BİLGİ GİRİŞİ'!D80)","v":""},{"$f":"IF('BİLGİ GİRİŞİ'!E80=\"\",\"\",'BİLGİ GİRİŞİ'!E80)","v":""},null,null,null,null,null,null,null,null,null,null,null,null,null,{"$f":"IF('BİLGİ GİRİŞİ'!W80=\"\",\"\",'BİLGİ GİRİŞİ'!W80)","v":""},null,null,null,{"$f":"IF('BİLGİ GİRİŞİ'!T80=\"\",\"\",IF('BİLGİ GİRİŞİ'!$BO$28=1,\"1\",'BİLGİ GİRİŞİ'!T80))","v":""}]
[{"$f":"IF('BİLGİ GİRİŞİ'!D81=\"\",\"\",'BİLGİ GİRİŞİ'!D81)","v":""},{"$f":"IF('BİLGİ GİRİŞİ'!E81=\"\",\"\",'BİLGİ GİRİŞİ'!E81)","v":""},null,null,null,null,null,null,null,null,null,null,null,null,null,{"$f":"IF('BİLGİ GİRİŞİ'!W81=\"\",\"\",'BİLGİ GİRİŞİ'!W81)","v":""},null,null,null,{"$f":"IF('BİLGİ GİRİŞİ'!T81=\"\",\"\",IF('BİLGİ GİRİŞİ'!$BO$28=1,\"1\",'BİLGİ GİRİŞİ'!T81))","v":""}]
[{"$f":"IF('BİLGİ GİRİŞİ'!D82=\"\",\"\",'BİLGİ GİRİŞİ'!D82)","v":""},{"$f":"IF('BİLGİ GİRİŞİ'!E82=\"\",\"\",'BİLGİ GİRİŞİ'!E82)","v":""},null,null,null,null,null,null,null,null,null,null,null,null,null,{"$f":"IF('BİLGİ GİRİŞİ'!W82=\"\",\"\",'BİLGİ GİRİŞİ'!W82)","v":""},null,null,null,{"$f":"IF('BİLGİ GİRİŞİ'!T82=\"\",\"\",IF('BİLGİ GİRİŞİ'!$BO$28=1,\"1\",'BİLGİ GİRİŞİ'!T82))","v":""}]
[{"$f":"IF('BİLGİ GİRİŞİ'!D83=\"\",\"\",'BİLGİ GİRİŞİ'!D83)","v":""},{"$f":"IF('BİLGİ GİRİŞİ'!E83=\"\",\"\",'BİLGİ GİRİŞİ'!E83)","v":""},null,null,null,null,null,null,null,null,null,null,null,null,null,{"$f":"IF('BİLGİ GİRİŞİ'!W83=\"\",\"\",'BİLGİ GİRİŞİ'!W83)","v":""},null,null,null,{"$f":"IF('BİLGİ GİRİŞİ'!T83=\"\",\"\",IF('BİLGİ GİRİŞİ'!$BO$28=1,\"1\",'BİLGİ GİRİŞİ'!T83))","v":""}]
[{"$f":"IF('BİLGİ GİRİŞİ'!D84=\"\",\"\",'BİLGİ GİRİŞİ'!D84)","v":""},{"$f":"IF('BİLGİ GİRİŞİ'!E84=\"\",\"\",'BİLGİ GİRİŞİ'!E84)","v":""},null,null,null,null,null,null,null,null,null,null,null,null,null,{"$f":"IF('BİLGİ GİRİŞİ'!W84=\"\",\"\",'BİLGİ GİRİŞİ'!W84)","v":""},null,null,null,{"$f":"IF('BİLGİ GİRİŞİ'!T84=\"\",\"\",IF('BİLGİ GİRİŞİ'!$BO$28=1,\"1\",'BİLGİ GİRİŞİ'!T84))","v":""}]
[{"$f":"IF('BİLGİ GİRİŞİ'!D85=\"\",\"\",'BİLGİ GİRİŞİ'!D85)","v":""},{"$f":"IF('BİLGİ GİRİŞİ'!E85=\"\",\"\",'BİLGİ GİRİŞİ'!E85)","v":""},null,null,null,null,null,null,null,null,null,null,null,null,null,{"$f":"IF('BİLGİ GİRİŞİ'!W85=\"\",\"\",'BİLGİ GİRİŞİ'!W85)","v":""},null,null,null,{"$f":"IF('BİLGİ GİRİŞİ'!T85=\"\",\"\",IF('BİLGİ GİRİŞİ'!$BO$28=1,\"1\",'BİLGİ GİRİŞİ'!T85))","v":""}]
[{"$f":"IF('BİLGİ GİRİŞİ'!D86=\"\",\"\",'BİLGİ GİRİŞİ'!D86)","v":""},{"$f":"IF('BİLGİ GİRİŞİ'!E86=\"\",\"\",'BİLGİ GİRİŞİ'!E86)","v":""},null,null,null,null,null,null,null,null,null,null,null,null,null,{"$f":"IF('BİLGİ GİRİŞİ'!W86=\"\",\"\",'BİLGİ GİRİŞİ'!W86)","v":""},null,null,null,{"$f":"IF('BİLGİ GİRİŞİ'!T86=\"\",\"\",IF('BİLGİ GİRİŞİ'!$BO$28=1,\"1\",'BİLGİ GİRİŞİ'!T86))","v":""}]
[{"$f":"IF('BİLGİ GİRİŞİ'!D87=\"\",\"\",'BİLGİ GİRİŞİ'!D87)","v":""},{"$f":"IF('BİLGİ GİRİŞİ'!E87=\"\",\"\",'BİLGİ GİRİŞİ'!E87)","v":""},null,null,null,null,null,null,null,null,null,null,null,null,null,{"$f":"IF('BİLGİ GİRİŞİ'!W87=\"\",\"\",'BİLGİ GİRİŞİ'!W87)","v":""},null,null,null,{"$f":"IF('BİLGİ GİRİŞİ'!T87=\"\",\"\",IF('BİLGİ GİRİŞİ'!$BO$28=1,\"1\",'BİLGİ GİRİŞİ'!T87))","v":""}]
[{"$f":"IF('BİLGİ GİRİŞİ'!D88=\"\",\"\",'BİLGİ GİRİŞİ'!D88)","v":""},{"$f":"IF('BİLGİ GİRİŞİ'!E88=\"\",\"\",'BİLGİ GİRİŞİ'!E88)","v":""},null,null,null,null,null,null,null,null,null,null,null,null,null,{"$f":"IF('BİLGİ GİRİŞİ'!W88=\"\",\"\",'BİLGİ GİRİŞİ'!W88)","v":""},null,null,null,{"$f":"IF('BİLGİ GİRİŞİ'!T88=\"\",\"\",IF('BİLGİ GİRİŞİ'!$BO$28=1,\"1\",'BİLGİ GİRİŞİ'!T88))","v":""}]
[{"$f":"IF('BİLGİ GİRİŞİ'!D89=\"\",\"\",'BİLGİ GİRİŞİ'!D89)","v":""},{"$f":"IF('BİLGİ GİRİŞİ'!E89=\"\",\"\",'BİLGİ GİRİŞİ'!E89)","v":""},null,null,null,null,null,null,null,null,null,null,null,null,null,{"$f":"IF('BİLGİ GİRİŞİ'!W89=\"\",\"\",'BİLGİ GİRİŞİ'!W89)","v":""},null,null,null,{"$f":"IF('BİLGİ GİRİŞİ'!T89=\"\",\"\",IF('BİLGİ GİRİŞİ'!$BO$28=1,\"1\",'BİLGİ GİRİŞİ'!T89))","v":""}]
[{"$f":"IF('BİLGİ GİRİŞİ'!D90=\"\",\"\",'BİLGİ GİRİŞİ'!D90)","v":""},{"$f":"IF('BİLGİ GİRİŞİ'!E90=\"\",\"\",'BİLGİ GİRİŞİ'!E90)","v":""},null,null,null,null,null,null,null,null,null,null,null,null,null,{"$f":"IF('BİLGİ GİRİŞİ'!W90=\"\",\"\",'BİLGİ GİRİŞİ'!W90)","v":""},null,null,null,{"$f":"IF('BİLGİ GİRİŞİ'!T90=\"\",\"\",IF('BİLGİ GİRİŞİ'!$BO$28=1,\"1\",'BİLGİ GİRİŞİ'!T90))","v":""}]
[{"$f":"IF('BİLGİ GİRİŞİ'!D91=\"\",\"\",'BİLGİ GİRİŞİ'!D91)","v":""},{"$f":"IF('BİLGİ GİRİŞİ'!E91=\"\",\"\",'BİLGİ GİRİŞİ'!E91)","v":""},null,null,null,null,null,null,null,null,null,null,null,null,null,{"$f":"IF('BİLGİ GİRİŞİ'!W91=\"\",\"\",'BİLGİ GİRİŞİ'!W91)","v":""},null,null,null,{"$f":"IF('BİLGİ GİRİŞİ'!T91=\"\",\"\",IF('BİLGİ GİRİŞİ'!$BO$28=1,\"1\",'BİLGİ GİRİŞİ'!T91))","v":""}]
[{"$f":"IF('BİLGİ GİRİŞİ'!D92=\"\",\"\",'BİLGİ GİRİŞİ'!D92)","v":""},{"$f":"IF('BİLGİ GİRİŞİ'!E92=\"\",\"\",'BİLGİ GİRİŞİ'!E92)","v":""},null,null,null,null,null,null,null,null,null,null,null,null,null,{"$f":"IF('BİLGİ GİRİŞİ'!W92=\"\",\"\",'BİLGİ GİRİŞİ'!W92)","v":""},null,null,null,{"$f":"IF('BİLGİ GİRİŞİ'!T92=\"\",\"\",IF('BİLGİ GİRİŞİ'!$BO$28=1,\"1\",'BİLGİ GİRİŞİ'!T92))","v":""}]
[{"$f":"IF('BİLGİ GİRİŞİ'!D93=\"\",\"\",'BİLGİ GİRİŞİ'!D93)","v":""},{"$f":"IF('BİLGİ GİRİŞİ'!E93=\"\",\"\",'BİLGİ GİRİŞİ'!E93)","v":""},null,null,null,null,null,null,null,null,null,null,null,null,null,{"$f":"IF('BİLGİ GİRİŞİ'!W93=\"\",\"\",'BİLGİ GİRİŞİ'!W93)","v":""},null,null,null,{"$f":"IF('BİLGİ GİRİŞİ'!T93=\"\",\"\",IF('BİLGİ GİRİŞİ'!$BO$28=1,\"1\",'BİLGİ GİRİŞİ'!T93))","v":""}]
[{"$f":"IF('BİLGİ GİRİŞİ'!D94=\"\",\"\",'BİLGİ GİRİŞİ'!D94)","v":""},{"$f":"IF('BİLGİ GİRİŞİ'!E94=\"\",\"\",'BİLGİ GİRİŞİ'!E94)","v":""},null,null,null,null,null,null,null,null,null,null,null,null,null,{"$f":"IF('BİLGİ GİRİŞİ'!W94=\"\",\"\",'BİLGİ GİRİŞİ'!W94)","v":""},null,null,null,{"$f":"IF('BİLGİ GİRİŞİ'!T94=\"\",\"\",IF('BİLGİ GİRİŞİ'!$BO$28=1,\"1\",'BİLGİ GİRİŞİ'!T94))","v":""}]
[{"$f":"IF('BİLGİ GİRİŞİ'!D95=\"\",\"\",'BİLGİ GİRİŞİ'!D95)","v":""},{"$f":"IF('BİLGİ GİRİŞİ'!E95=\"\",\"\",'BİLGİ GİRİŞİ'!E95)","v":""},null,null,null,null,null,null,null,null,null,null,null,null,null,{"$f":"IF('BİLGİ GİRİŞİ'!W95=\"\",\"\",'BİLGİ GİRİŞİ'!W95)","v":""},null,null,null,{"$f":"IF('BİLGİ GİRİŞİ'!T95=\"\",\"\",IF('BİLGİ GİRİŞİ'!$BO$28=1,\"1\",'BİLGİ GİRİŞİ'!T95))","v":""}]
[{"$f":"IF('BİLGİ GİRİŞİ'!D96=\"\",\"\",'BİLGİ GİRİŞİ'!D96)","v":""},{"$f":"IF('BİLGİ GİRİŞİ'!E96=\"\",\"\",'BİLGİ GİRİŞİ'!E96)","v":""},null,null,null,null,null,null,null,null,null,null,null,null,null,{"$f":"IF('BİLGİ GİRİŞİ'!W96=\"\",\"\",'BİLGİ GİRİŞİ'!W96)","v":""},null,null,null,{"$f":"IF('BİLGİ GİRİŞİ'!T96=\"\",\"\",IF('BİLGİ GİRİŞİ'!$BO$28=1,\"1\",'BİLGİ GİRİŞİ'!T96))","v":""}]
[{"$f":"IF('BİLGİ GİRİŞİ'!D97=\"\",\"\",'BİLGİ GİRİŞİ'!D97)","v":""},{"$f":"IF('BİLGİ GİRİŞİ'!E97=\"\",\"\",'BİLGİ GİRİŞİ'!E97)","v":""},null,null,null,null,null,null,null,null,null,null,null,null,null,{"$f":"IF('BİLGİ GİRİŞİ'!W97=\"\",\"\",'BİLGİ GİRİŞİ'!W97)","v":""},null,null,null,{"$f":"IF('BİLGİ GİRİŞİ'!T97=\"\",\"\",IF('BİLGİ GİRİŞİ'!$BO$28=1,\"1\",'BİLGİ GİRİŞİ'!T97))","v":""}]
[{"$f":"IF('BİLGİ GİRİŞİ'!D98=\"\",\"\",'BİLGİ GİRİŞİ'!D98)","v":""},{"$f":"IF('BİLGİ GİRİŞİ'!E98=\"\",\"\",'BİLGİ GİRİŞİ'!E98)","v":""},null,null,null,null,null,null,null,null,null,null,null,null,null,{"$f":"IF('BİLGİ GİRİŞİ'!W98=\"\",\"\",'BİLGİ GİRİŞİ'!W98)","v":""},null,null,null,{"$f":"IF('BİLGİ GİRİŞİ'!T98=\"\",\"\",IF('BİLGİ GİRİŞİ'!$BO$28=1,\"1\",'BİLGİ GİRİŞİ'!T98))","v":""}]
[{"$f":"IF('BİLGİ GİRİŞİ'!D99=\"\",\"\",'BİLGİ GİRİŞİ'!D99)","v":""},{"$f":"IF('BİLGİ GİRİŞİ'!E99=\"\",\"\",'BİLGİ GİRİŞİ'!E99)","v":""},null,null,null,null,null,null,null,null,null,null,null,null,null,{"$f":"IF('BİLGİ GİRİŞİ'!W99=\"\",\"\",'BİLGİ GİRİŞİ'!W99)","v":""},null,null,null,{"$f":"IF('BİLGİ GİRİŞİ'!T99=\"\",\"\",IF('BİLGİ GİRİŞİ'!$BO$28=1,\"1\",'BİLGİ GİRİŞİ'!T99))","v":""}]
[{"$f":"IF('BİLGİ GİRİŞİ'!D100=\"\",\"\",'BİLGİ GİRİŞİ'!D100)","v":""},{"$f":"IF('BİLGİ GİRİŞİ'!E100=\"\",\"\",'BİLGİ GİRİŞİ'!E100)","v":""},null,null,null,null,null,null,null,null,null,null,null,null,null,{"$f":"IF('BİLGİ GİRİŞİ'!W100=\"\",\"\",'BİLGİ GİRİŞİ'!W100)","v":""},null,null,null,{"$f":"IF('BİLGİ GİRİŞİ'!T100=\"\",\"\",IF('BİLGİ GİRİŞİ'!$BO$28=1,\"1\",'BİLGİ GİRİŞİ'!T100))","v":""}]
[{"$f":"IF('BİLGİ GİRİŞİ'!D101=\"\",\"\",'BİLGİ GİRİŞİ'!D101)","v":""},{"$f":"IF('BİLGİ GİRİŞİ'!E101=\"\",\"\",'BİLGİ GİRİŞİ'!E101)","v":""},null,null,null,null,null,null,null,null,null,null,null,null,null,{"$f":"IF('BİLGİ GİRİŞİ'!W101=\"\",\"\",'BİLGİ GİRİŞİ'!W101)","v":""},null,null,null,{"$f":"IF('BİLGİ GİRİŞİ'!T101=\"\",\"\",IF('BİLGİ GİRİŞİ'!$BO$28=1,\"1\",'BİLGİ GİRİŞİ'!T101))","v":""}]
[{"$f":"IF('BİLGİ GİRİŞİ'!D102=\"\",\"\",'BİLGİ GİRİŞİ'!D102)","v":""},{"$f":"IF('BİLGİ GİRİŞİ'!E102=\"\",\"\",'BİLGİ GİRİŞİ'!E102)","v":""},null,null,null,null,null,null,null,null,null,null,null,null,null,{"$f":"IF('BİLGİ GİRİŞİ'!W102=\"\",\"\",'BİLGİ GİRİŞİ'!W102)","v":""},null,null,null,{"$f":"IF('BİLGİ GİRİŞİ'!T102=\"\",\"\",IF('BİLGİ GİRİŞİ'!$BO$28=1,\"1\",'BİLGİ GİRİŞİ'!T102))","v":""}]
[{"$f":"IF('BİLGİ GİRİŞİ'!D103=\"\",\"\",'BİLGİ GİRİŞİ'!D103)","v":""},{"$f":"IF('BİLGİ GİRİŞİ'!E103=\"\",\"\",'BİLGİ GİRİŞİ'!E103)","v":""},null,null,null,null,null,null,null,null,null,null,null,null,null,{"$f":"IF('BİLGİ GİRİŞİ'!W103=\"\",\"\",'BİLGİ GİRİŞİ'!W103)","v":""},null,null,null,{"$f":"IF('BİLGİ GİRİŞİ'!T103=\"\",\"\",IF('BİLGİ GİRİŞİ'!$BO$28=1,\"1\",'BİLGİ GİRİŞİ'!T103))","v":""}]
[{"$f":"IF('BİLGİ GİRİŞİ'!D104=\"\",\"\",'BİLGİ GİRİŞİ'!D104)","v":""},{"$f":"IF('BİLGİ GİRİŞİ'!E104=\"\",\"\",'BİLGİ GİRİŞİ'!E104)","v":""},null,null,null,null,null,null,null,null,null,null,null,null,null,{"$f":"IF('BİLGİ GİRİŞİ'!W104=\"\",\"\",'BİLGİ GİRİŞİ'!W104)","v":""},null,null,null,{"$f":"IF('BİLGİ GİRİŞİ'!T104=\"\",\"\",IF('BİLGİ GİRİŞİ'!$BO$28=1,\"1\",'BİLGİ GİRİŞİ'!T104))","v":""}]
[{"$f":"IF('BİLGİ GİRİŞİ'!D105=\"\",\"\",'BİLGİ GİRİŞİ'!D105)","v":""},{"$f":"IF('BİLGİ GİRİŞİ'!E105=\"\",\"\",'BİLGİ GİRİŞİ'!E105)","v":""},null,null,null,null,null,null,null,null,null,null,null,null,null,{"$f":"IF('BİLGİ GİRİŞİ'!W105=\"\",\"\",'BİLGİ GİRİŞİ'!W105)","v":""},null,null,null,{"$f":"IF('BİLGİ GİRİŞİ'!T105=\"\",\"\",IF('BİLGİ GİRİŞİ'!$BO$28=1,\"1\",'BİLGİ GİRİŞİ'!T105))","v":""}]
[{"$f":"IF('BİLGİ GİRİŞİ'!D106=\"\",\"\",'BİLGİ GİRİŞİ'!D106)","v":""},{"$f":"IF('BİLGİ GİRİŞİ'!E106=\"\",\"\",'BİLGİ GİRİŞİ'!E106)","v":""},null,null,null,null,null,null,null,null,null,null,null,null,null,{"$f":"IF('BİLGİ GİRİŞİ'!W106=\"\",\"\",'BİLGİ GİRİŞİ'!W106)","v":""},null,null,null,{"$f":"IF('BİLGİ GİRİŞİ'!T106=\"\",\"\",IF('BİLGİ GİRİŞİ'!$BO$28=1,\"1\",'BİLGİ GİRİŞİ'!T106))","v":""}]
[{"$f":"IF('BİLGİ GİRİŞİ'!D107=\"\",\"\",'BİLGİ GİRİŞİ'!D107)","v":""},{"$f":"IF('BİLGİ GİRİŞİ'!E107=\"\",\"\",'BİLGİ GİRİŞİ'!E107)","v":""},null,null,null,null,null,null,null,null,null,null,null,null,null,{"$f":"IF('BİLGİ GİRİŞİ'!W107=\"\",\"\",'BİLGİ GİRİŞİ'!W107)","v":""},null,null,null,{"$f":"IF('BİLGİ GİRİŞİ'!T107=\"\",\"\",IF('BİLGİ GİRİŞİ'!$BO$28=1,\"1\",'BİLGİ GİRİŞİ'!T107))","v":""}]
[{"$f":"IF('BİLGİ GİRİŞİ'!D108=\"\",\"\",'BİLGİ GİRİŞİ'!D108)","v":""},{"$f":"IF('BİLGİ GİRİŞİ'!E108=\"\",\"\",'BİLGİ GİRİŞİ'!E108)","v":""},null,null,null,null,null,null,null,null,null,null,null,null,null,{"$f":"IF('BİLGİ GİRİŞİ'!W108=\"\",\"\",'BİLGİ GİRİŞİ'!W108)","v":""},null,null,null,{"$f":"IF('BİLGİ GİRİŞİ'!T108=\"\",\"\",IF('BİLGİ GİRİŞİ'!$BO$28=1,\"1\",'BİLGİ GİRİŞİ'!T108))","v":""}]
[{"$f":"IF('BİLGİ GİRİŞİ'!D109=\"\",\"\",'BİLGİ GİRİŞİ'!D109)","v":""},{"$f":"IF('BİLGİ GİRİŞİ'!E109=\"\",\"\",'BİLGİ GİRİŞİ'!E109)","v":""},null,null,null,null,null,null,null,null,null,null,null,null,null,{"$f":"IF('BİLGİ GİRİŞİ'!W109=\"\",\"\",'BİLGİ GİRİŞİ'!W109)","v":""},null,null,null,{"$f":"IF('BİLGİ GİRİŞİ'!T109=\"\",\"\",IF('BİLGİ GİRİŞİ'!$BO$28=1,\"1\",'BİLGİ GİRİŞİ'!T109))","v":""}]
[{"$f":"IF('BİLGİ GİRİŞİ'!D110=\"\",\"\",'BİLGİ GİRİŞİ'!D110)","v":""},{"$f":"IF('BİLGİ GİRİŞİ'!E110=\"\",\"\",'BİLGİ GİRİŞİ'!E110)","v":""},null,null,null,null,null,null,null,null,null,null,null,null,null,{"$f":"IF('BİLGİ GİRİŞİ'!W110=\"\",\"\",'BİLGİ GİRİŞİ'!W110)","v":""},null,null,null,{"$f":"IF('BİLGİ GİRİŞİ'!T110=\"\",\"\",IF('BİLGİ GİRİŞİ'!$BO$28=1,\"1\",'BİLGİ GİRİŞİ'!T110))","v":""}]
[{"$f":"IF('BİLGİ GİRİŞİ'!D111=\"\",\"\",'BİLGİ GİRİŞİ'!D111)","v":""},{"$f":"IF('BİLGİ GİRİŞİ'!E111=\"\",\"\",'BİLGİ GİRİŞİ'!E111)","v":""},null,null,null,null,null,null,null,null,null,null,null,null,null,{"$f":"IF('BİLGİ GİRİŞİ'!W111=\"\",\"\",'BİLGİ GİRİŞİ'!W111)","v":""},null,null,null,{"$f":"IF('BİLGİ GİRİŞİ'!T111=\"\",\"\",IF('BİLGİ GİRİŞİ'!$BO$28=1,\"1\",'BİLGİ GİRİŞİ'!T111))","v":""}]
[{"$f":"IF('BİLGİ GİRİŞİ'!D112=\"\",\"\",'BİLGİ GİRİŞİ'!D112)","v":""},{"$f":"IF('BİLGİ GİRİŞİ'!E112=\"\",\"\",'BİLGİ GİRİŞİ'!E112)","v":""},null,null,null,null,null,null,null,null,null,null,null,null,null,{"$f":"IF('BİLGİ GİRİŞİ'!W112=\"\",\"\",'BİLGİ GİRİŞİ'!W112)","v":""},null,null,null,{"$f":"IF('BİLGİ GİRİŞİ'!T112=\"\",\"\",IF('BİLGİ GİRİŞİ'!$BO$28=1,\"1\",'BİLGİ GİRİŞİ'!T112))","v":""}]
[{"$f":"IF('BİLGİ GİRİŞİ'!D113=\"\",\"\",'BİLGİ GİRİŞİ'!D113)","v":""},{"$f":"IF('BİLGİ GİRİŞİ'!E113=\"\",\"\",'BİLGİ GİRİŞİ'!E113)","v":""},null,null,null,null,null,null,null,null,null,null,null,null,null,{"$f":"IF('BİLGİ GİRİŞİ'!W113=\"\",\"\",'BİLGİ GİRİŞİ'!W113)","v":""},null,null,null,{"$f":"IF('BİLGİ GİRİŞİ'!T113=\"\",\"\",IF('BİLGİ GİRİŞİ'!$BO$28=1,\"1\",'BİLGİ GİRİŞİ'!T113))","v":""}]
[{"$f":"IF('BİLGİ GİRİŞİ'!D114=\"\",\"\",'BİLGİ GİRİŞİ'!D114)","v":""},{"$f":"IF('BİLGİ GİRİŞİ'!E114=\"\",\"\",'BİLGİ GİRİŞİ'!E114)","v":""},null,null,null,null,null,null,null,null,null,null,null,null,null,{"$f":"IF('BİLGİ GİRİŞİ'!W114=\"\",\"\",'BİLGİ GİRİŞİ'!W114)","v":""},null,null,null,{"$f":"IF('BİLGİ GİRİŞİ'!T114=\"\",\"\",IF('BİLGİ GİRİŞİ'!$BO$28=1,\"1\",'BİLGİ GİRİŞİ'!T114))","v":""}]
[{"$f":"IF('BİLGİ GİRİŞİ'!D115=\"\",\"\",'BİLGİ GİRİŞİ'!D115)","v":""},{"$f":"IF('BİLGİ GİRİŞİ'!E115=\"\",\"\",'BİLGİ GİRİŞİ'!E115)","v":""},null,null,null,null,null,null,null,null,null,null,null,null,null,{"$f":"IF('BİLGİ GİRİŞİ'!W115=\"\",\"\",'BİLGİ GİRİŞİ'!W115)","v":""},null,null,null,{"$f":"IF('BİLGİ GİRİŞİ'!T115=\"\",\"\",IF('BİLGİ GİRİŞİ'!$BO$28=1,\"1\",'BİLGİ GİRİŞİ'!T115))","v":""}]
[{"$f":"IF('BİLGİ GİRİŞİ'!D116=\"\",\"\",'BİLGİ GİRİŞİ'!D116)","v":""},{"$f":"IF('BİLGİ GİRİŞİ'!E116=\"\",\"\",'BİLGİ GİRİŞİ'!E116)","v":""},null,null,null,null,null,null,null,null,null,null,null,null,null,{"$f":"IF('BİLGİ GİRİŞİ'!W116=\"\",\"\",'BİLGİ GİRİŞİ'!W116)","v":""},null,null,null,{"$f":"IF('BİLGİ GİRİŞİ'!T116=\"\",\"\",IF('BİLGİ GİRİŞİ'!$BO$28=1,\"1\",'BİLGİ GİRİŞİ'!T116))","v":""}]
[{"$f":"IF('BİLGİ GİRİŞİ'!D117=\"\",\"\",'BİLGİ GİRİŞİ'!D117)","v":""},{"$f":"IF('BİLGİ GİRİŞİ'!E117=\"\",\"\",'BİLGİ GİRİŞİ'!E117)","v":""},null,null,null,null,null,null,null,null,null,null,null,null,null,{"$f":"IF('BİLGİ GİRİŞİ'!W117=\"\",\"\",'BİLGİ GİRİŞİ'!W117)","v":""},null,null,null,{"$f":"IF('BİLGİ GİRİŞİ'!T117=\"\",\"\",IF('BİLGİ GİRİŞİ'!$BO$28=1,\"1\",'BİLGİ GİRİŞİ'!T117))","v":""}]
[{"$f":"IF('BİLGİ GİRİŞİ'!D118=\"\",\"\",'BİLGİ GİRİŞİ'!D118)","v":""},{"$f":"IF('BİLGİ GİRİŞİ'!E118=\"\",\"\",'BİLGİ GİRİŞİ'!E118)","v":""},null,null,null,null,null,null,null,null,null,null,null,null,null,{"$f":"IF('BİLGİ GİRİŞİ'!W118=\"\",\"\",'BİLGİ GİRİŞİ'!W118)","v":""},null,null,null,{"$f":"IF('BİLGİ GİRİŞİ'!T118=\"\",\"\",IF('BİLGİ GİRİŞİ'!$BO$28=1,\"1\",'BİLGİ GİRİŞİ'!T118))","v":""}]
[{"$f":"IF('BİLGİ GİRİŞİ'!D119=\"\",\"\",'BİLGİ GİRİŞİ'!D119)","v":""},{"$f":"IF('BİLGİ GİRİŞİ'!E119=\"\",\"\",'BİLGİ GİRİŞİ'!E119)","v":""},null,null,null,null,null,null,null,null,null,null,null,null,null,{"$f":"IF('BİLGİ GİRİŞİ'!W119=\"\",\"\",'BİLGİ GİRİŞİ'!W119)","v":""},null,null,null,{"$f":"IF('BİLGİ GİRİŞİ'!T119=\"\",\"\",IF('BİLGİ GİRİŞİ'!$BO$28=1,\"1\",'BİLGİ GİRİŞİ'!T119))","v":""}]
[{"$f":"IF('BİLGİ GİRİŞİ'!D120=\"\",\"\",'BİLGİ GİRİŞİ'!D120)","v":""},{"$f":"IF('BİLGİ GİRİŞİ'!E120=\"\",\"\",'BİLGİ GİRİŞİ'!E120)","v":""},null,null,null,null,null,null,null,null,null,null,null,null,null,{"$f":"IF('BİLGİ GİRİŞİ'!W120=\"\",\"\",'BİLGİ GİRİŞİ'!W120)","v":""},null,null,null,{"$f":"IF('BİLGİ GİRİŞİ'!T120=\"\",\"\",IF('BİLGİ GİRİŞİ'!$BO$28=1,\"1\",'BİLGİ GİRİŞİ'!T120))","v":""}]
[{"$f":"IF('BİLGİ GİRİŞİ'!D121=\"\",\"\",'BİLGİ GİRİŞİ'!D121)","v":""},{"$f":"IF('BİLGİ GİRİŞİ'!E121=\"\",\"\",'BİLGİ GİRİŞİ'!E121)","v":""},null,null,null,null,null,null,null,null,null,null,null,null,null,{"$f":"IF('BİLGİ GİRİŞİ'!W121=\"\",\"\",'BİLGİ GİRİŞİ'!W121)","v":""},null,null,null,{"$f":"IF('BİLGİ GİRİŞİ'!T121=\"\",\"\",IF('BİLGİ GİRİŞİ'!$BO$28=1,\"1\",'BİLGİ GİRİŞİ'!T121))","v":""}]
[{"$f":"IF('BİLGİ GİRİŞİ'!D122=\"\",\"\",'BİLGİ GİRİŞİ'!D122)","v":""},{"$f":"IF('BİLGİ GİRİŞİ'!E122=\"\",\"\",'BİLGİ GİRİŞİ'!E122)","v":""},null,null,null,null,null,null,null,null,null,null,null,null,null,{"$f":"IF('BİLGİ GİRİŞİ'!W122=\"\",\"\",'BİLGİ GİRİŞİ'!W122)","v":""},null,null,null,{"$f":"IF('BİLGİ GİRİŞİ'!T122=\"\",\"\",IF('BİLGİ GİRİŞİ'!$BO$28=1,\"1\",'BİLGİ GİRİŞİ'!T122))","v":""}]
[{"$f":"IF('BİLGİ GİRİŞİ'!D123=\"\",\"\",'BİLGİ GİRİŞİ'!D123)","v":""},{"$f":"IF('BİLGİ GİRİŞİ'!E123=\"\",\"\",'BİLGİ GİRİŞİ'!E123)","v":""},null,null,null,null,null,null,null,null,null,null,null,null,null,{"$f":"IF('BİLGİ GİRİŞİ'!W123=\"\",\"\",'BİLGİ GİRİŞİ'!W123)","v":""},null,null,null,{"$f":"IF('BİLGİ GİRİŞİ'!T123=\"\",\"\",IF('BİLGİ GİRİŞİ'!$BO$28=1,\"1\",'BİLGİ GİRİŞİ'!T123))","v":""}]
[{"$f":"IF('BİLGİ GİRİŞİ'!D124=\"\",\"\",'BİLGİ GİRİŞİ'!D124)","v":""},{"$f":"IF('BİLGİ GİRİŞİ'!E124=\"\",\"\",'BİLGİ GİRİŞİ'!E124)","v":""},null,null,null,null,null,null,null,null,null,null,null,null,null,{"$f":"IF('BİLGİ GİRİŞİ'!W124=\"\",\"\",'BİLGİ GİRİŞİ'!W124)","v":""},null,null,null,{"$f":"IF('BİLGİ GİRİŞİ'!T124=\"\",\"\",IF('BİLGİ GİRİŞİ'!$BO$28=1,\"1\",'BİLGİ GİRİŞİ'!T124))","v":""}]
[{"$f":"IF('BİLGİ GİRİŞİ'!D125=\"\",\"\",'BİLGİ GİRİŞİ'!D125)","v":""},{"$f":"IF('BİLGİ GİRİŞİ'!E125=\"\",\"\",'BİLGİ GİRİŞİ'!E125)","v":""},null,null,null,null,null,null,null,null,null,null,null,null,null,{"$f":"IF('BİLGİ GİRİŞİ'!W125=\"\",\"\",'BİLGİ GİRİŞİ'!W125)","v":""},null,null,null,{"$f":"IF('BİLGİ GİRİŞİ'!T125=\"\",\"\",IF('BİLGİ GİRİŞİ'!$BO$28=1,\"1\",'BİLGİ GİRİŞİ'!T125))","v":""}]
[{"$f":"IF('BİLGİ GİRİŞİ'!D126=\"\",\"\",'BİLGİ GİRİŞİ'!D126)","v":""},{"$f":"IF('BİLGİ GİRİŞİ'!E126=\"\",\"\",'BİLGİ GİRİŞİ'!E126)","v":""},null,null,null,null,null,null,null,null,null,null,null,null,null,{"$f":"IF('BİLGİ GİRİŞİ'!W126=\"\",\"\",'BİLGİ GİRİŞİ'!W126)","v":""},null,null,null,{"$f":"IF('BİLGİ GİRİŞİ'!T126=\"\",\"\",IF('BİLGİ GİRİŞİ'!$BO$28=1,\"1\",'BİLGİ GİRİŞİ'!T126))","v":""}]
[{"$f":"IF('BİLGİ GİRİŞİ'!D127=\"\",\"\",'BİLGİ GİRİŞİ'!D127)","v":""},{"$f":"IF('BİLGİ GİRİŞİ'!E127=\"\",\"\",'BİLGİ GİRİŞİ'!E127)","v":""},null,null,null,null,null,null,null,null,null,null,null,null,null,{"$f":"IF('BİLGİ GİRİŞİ'!W127=\"\",\"\",'BİLGİ GİRİŞİ'!W127)","v":""},null,null,null,{"$f":"IF('BİLGİ GİRİŞİ'!T127=\"\",\"\",IF('BİLGİ GİRİŞİ'!$BO$28=1,\"1\",'BİLGİ GİRİŞİ'!T127))","v":""}]
[{"$f":"IF('BİLGİ GİRİŞİ'!D128=\"\",\"\",'BİLGİ GİRİŞİ'!D128)","v":""},{"$f":"IF('BİLGİ GİRİŞİ'!E128=\"\",\"\",'BİLGİ GİRİŞİ'!E128)","v":""},null,null,null,null,null,null,null,null,null,null,null,null,null,{"$f":"IF('BİLGİ GİRİŞİ'!W128=\"\",\"\",'BİLGİ GİRİŞİ'!W128)","v":""},null,null,null,{"$f":"IF('BİLGİ GİRİŞİ'!T128=\"\",\"\",IF('BİLGİ GİRİŞİ'!$BO$28=1,\"1\",'BİLGİ GİRİŞİ'!T128))","v":""}]
[{"$f":"IF('BİLGİ GİRİŞİ'!D129=\"\",\"\",'BİLGİ GİRİŞİ'!D129)","v":""},{"$f":"IF('BİLGİ GİRİŞİ'!E129=\"\",\"\",'BİLGİ GİRİŞİ'!E129)","v":""},null,null,null,null,null,null,null,null,null,null,null,null,null,{"$f":"IF('BİLGİ GİRİŞİ'!W129=\"\",\"\",'BİLGİ GİRİŞİ'!W129)","v":""},null,null,null,{"$f":"IF('BİLGİ GİRİŞİ'!T129=\"\",\"\",IF('BİLGİ GİRİŞİ'!$BO$28=1,\"1\",'BİLGİ GİRİŞİ'!T129))","v":""}]
["TOPLAM (KDV Hariç)"]
[]
[null,null,null,null,null,null,null,null,null,null,null,null,null,null,null,null,null,null,null,null,"KİŞİ/FİRMA KAŞE/İMZA"]

{"sheet":"6","index":7,"n_rows":45,"n_cols":17,"rows_kept":45,"cut":false,"hidden":false,"merged":[[44,2,44,29],[33,2,33,29],[34,2,34,29],[35,2,35,29],[36,2,36,29],[37,2,37,29],[38,2,38,29],[39,2,39,29],[40,2,40,29],[41,2,41,29],[42,2,42,29],[43,2,43,29],[32,2,32,29],[20,2,20,29],[21,2,21,29],[22,2,22,29],[24,0,24,29],[25,2,25,29],[26,2,26,29],[27,2,27,29],[28,2,28,29],[29,2,29,29],[30,2,30,29],[31,2,31,29],[19,2,19,29],[8,2,8,29],[9,2,9,29],[10,2,10,29],[11,2,11,29],[12,2,12,29],[13,2,13,29],[14,2,14,29],[15,2,15,29],[16,2,16,29],[17,2,17,29],[18,2,18,29],[7,0,7,29],[1,0,1,9],[1,11,1,30],[2,0,2,9],[2,11,2,30],[3,0,3,9],[3,11,3,30],[4,0,4,9],[4,11,4,14],[4,16,4,30]]}
[]
["İdarenin Adı",null,null,null,null,null,null,null,null,null,":",{"$f":"IF('BİLGİ GİRİŞİ'!O8=\"\",\"\",'BİLGİ GİRİŞİ'!O8)","v":"Atatürk İlkokulu Müdürlüğü"}]
["Doğrudan Temin Numarası",null,null,null,null,null,null,null,null,null,":",{"$f":"IF('BİLGİ GİRİŞİ'!O11=\"\",\"\",'BİLGİ GİRİŞİ'!O11)","v":"22DT1211930"}]
["Mal/Hizmet/Yapım Adı, Niteliği ",null,null,null,null,null,null,null,null,null,":",{"$f":"IF('BİLGİ GİRİŞİ'!O9=\"\",\"\",'BİLGİ GİRİŞİ'!O9)","v":"Bilişim Malzemeleri Alımı"}]
["Alım/Görevlendirme Onay Tarihi/sayısı",null,null,null,null,null,null,null,null,null,":",{"$f":"IF('BİLGİ GİRİŞİ'!O15=\"\",\"\",'BİLGİ GİRİŞİ'!O15)","v":"2023-03-06"},null,null,null,"/",{"$f":"IF('BİLGİ GİRİŞİ'!S15=\"\",\"\",'BİLGİ GİRİŞİ'!S15)","v":456789123}]
[]
[]
["İDARİ ŞARTLAR"]
[{"$f":"IF('BİLGİ GİRİŞİ'!D246=\"\",\"\",'BİLGİ GİRİŞİ'!D246)","v":1},{"$f":"IF(C9=\"\",\"\",\"-\")","v":"-"},{"$f":"IF('BİLGİ GİRİŞİ'!E246=\"\",\"\",'BİLGİ GİRİŞİ'!E246)","v":"Bu bent boş bırakılmıştır."}]
[{"$f":"IF('BİLGİ GİRİŞİ'!D247=\"\",\"\",'BİLGİ GİRİŞİ'!D247)","v":""},{"$f":"IF(C10=\"\",\"\",\"-\")","v":""},{"$f":"IF('BİLGİ GİRİŞİ'!E247=\"\",\"\",'BİLGİ GİRİŞİ'!E247)","v":""}]
[{"$f":"IF('BİLGİ GİRİŞİ'!D248=\"\",\"\",'BİLGİ GİRİŞİ'!D248)","v":""},"",{"$f":"IF('BİLGİ GİRİŞİ'!E248=\"\",\"\",'BİLGİ GİRİŞİ'!E248)","v":""}]
[{"$f":"IF('BİLGİ GİRİŞİ'!D249=\"\",\"\",'BİLGİ GİRİŞİ'!D249)","v":""},"",{"$f":"IF('BİLGİ GİRİŞİ'!E249=\"\",\"\",'BİLGİ GİRİŞİ'!E249)","v":""}]
[{"$f":"IF('BİLGİ GİRİŞİ'!D250=\"\",\"\",'BİLGİ GİRİŞİ'!D250)","v":""},"",{"$f":"IF('BİLGİ GİRİŞİ'!E250=\"\",\"\",'BİLGİ GİRİŞİ'!E250)","v":""}]
[{"$f":"IF('BİLGİ GİRİŞİ'!D251=\"\",\"\",'BİLGİ GİRİŞİ'!D251)","v":""},"",{"$f":"IF('BİLGİ GİRİŞİ'!E251=\"\",\"\",'BİLGİ GİRİŞİ'!E251)","v":""}]
[{"$f":"IF('BİLGİ GİRİŞİ'!D252=\"\",\"\",'BİLGİ GİRİŞİ'!D252)","v":""},"",{"$f":"IF('BİLGİ GİRİŞİ'!E252=\"\",\"\",'BİLGİ GİRİŞİ'!E252)","v":""}]
[{"$f":"IF('BİLGİ GİRİŞİ'!D253=\"\",\"\",'BİLGİ GİRİŞİ'!D253)","v":""},"",{"$f":"IF('BİLGİ GİRİŞİ'!E253=\"\",\"\",'BİLGİ GİRİŞİ'!E253)","v":""}]
[{"$f":"IF('BİLGİ GİRİŞİ'!D254=\"\",\"\",'BİLGİ GİRİŞİ'!D254)","v":""},{"$f":"IF(C17=\"\",\"\",\"-\")","v":""},{"$f":"IF('BİLGİ GİRİŞİ'!E254=\"\",\"\",'BİLGİ GİRİŞİ'!E254)","v":""}]
[{"$f":"IF('BİLGİ GİRİŞİ'!D255=\"\",\"\",'BİLGİ GİRİŞİ'!D255)","v":""},{"$f":"IF(C18=\"\",\"\",\"-\")","v":""},{"$f":"IF('BİLGİ GİRİŞİ'!E255=\"\",\"\",'BİLGİ GİRİŞİ'!E255)","v":""}]
[{"$f":"IF('BİLGİ GİRİŞİ'!D256=\"\",\"\",'BİLGİ GİRİŞİ'!D256)","v":""},{"$f":"IF(C19=\"\",\"\",\"-\")","v":""},{"$f":"IF('BİLGİ GİRİŞİ'!E256=\"\",\"\",'BİLGİ GİRİŞİ'!E256)","v":""}]
[{"$f":"IF('BİLGİ GİRİŞİ'!D257=\"\",\"\",'BİLGİ GİRİŞİ'!D257)","v":""},"",{"$f":"IF('BİLGİ GİRİŞİ'!E257=\"\",\"\",'BİLGİ GİRİŞİ'!E257)","v":""}]
[{"$f":"IF('BİLGİ GİRİŞİ'!D258=\"\",\"\",'BİLGİ GİRİŞİ'!D258)","v":""},"",{"$f":"IF('BİLGİ GİRİŞİ'!E258=\"\",\"\",'BİLGİ GİRİŞİ'!E258)","v":""}]
[{"$f":"IF('BİLGİ GİRİŞİ'!D259=\"\",\"\",'BİLGİ GİRİŞİ'!D259)","v":""},"",{"$f":"IF('BİLGİ GİRİŞİ'!E259=\"\",\"\",'BİLGİ GİRİŞİ'!E259)","v":""}]
[{"$f":"IF('BİLGİ GİRİŞİ'!D260=\"\",\"\",'BİLGİ GİRİŞİ'!D260)","v":""},"",{"$f":"IF('BİLGİ GİRİŞİ'!E260=\"\",\"\",'BİLGİ GİRİŞİ'!E260)","v":""}]
[]
["TEKNİK ŞARTLAR"]
[{"$f":"IF('BİLGİ GİRİŞİ'!D263=\"\",\"\",'BİLGİ GİRİŞİ'!D263)","v":1},{"$f":"IF(C26=\"\",\"\",\"-\")","v":"-"},{"$f":"IF('BİLGİ GİRİŞİ'!E263=\"\",\"\",'BİLGİ GİRİŞİ'!E263)","v":"Bu bent boş bırakılmıştır."}]
[{"$f":"IF('BİLGİ GİRİŞİ'!D264=\"\",\"\",'BİLGİ GİRİŞİ'!D264)","v":""},"",{"$f":"IF('BİLGİ GİRİŞİ'!E264=\"\",\"\",'BİLGİ GİRİŞİ'!E264)","v":""}]
[{"$f":"IF('BİLGİ GİRİŞİ'!D265=\"\",\"\",'BİLGİ GİRİŞİ'!D265)","v":""},"",{"$f":"IF('BİLGİ GİRİŞİ'!E265=\"\",\"\",'BİLGİ GİRİŞİ'!E265)","v":""}]
[{"$f":"IF('BİLGİ GİRİŞİ'!D266=\"\",\"\",'BİLGİ GİRİŞİ'!D266)","v":""},"",{"$f":"IF('BİLGİ GİRİŞİ'!E266=\"\",\"\",'BİLGİ GİRİŞİ'!E266)","v":""}]
[{"$f":"IF('BİLGİ GİRİŞİ'!D267=\"\",\"\",'BİLGİ GİRİŞİ'!D267)","v":""},"",{"$f":"IF('BİLGİ GİRİŞİ'!E267=\"\",\"\",'BİLGİ GİRİŞİ'!E267)","v":""}]
[{"$f":"IF('BİLGİ GİRİŞİ'!D268=\"\",\"\",'BİLGİ GİRİŞİ'!D268)","v":""},"",{"$f":"IF('BİLGİ GİRİŞİ'!E268=\"\",\"\",'BİLGİ GİRİŞİ'!E268)","v":""}]
[{"$f":"IF('BİLGİ GİRİŞİ'!D269=\"\",\"\",'BİLGİ GİRİŞİ'!D269)","v":""},"",{"$f":"IF('BİLGİ GİRİŞİ'!E269=\"\",\"\",'BİLGİ GİRİŞİ'!E269)","v":""}]
[{"$f":"IF('BİLGİ GİRİŞİ'!D270=\"\",\"\",'BİLGİ GİRİŞİ'!D270)","v":""},"",{"$f":"IF('BİLGİ GİRİŞİ'!E270=\"\",\"\",'BİLGİ GİRİŞİ'!E270)","v":""}]
[{"$f":"IF('BİLGİ GİRİŞİ'!D271=\"\",\"\",'BİLGİ GİRİŞİ'!D271)","v":""},"",{"$f":"IF('BİLGİ GİRİŞİ'!E271=\"\",\"\",'BİLGİ GİRİŞİ'!E271)","v":""}]
[{"$f":"IF('BİLGİ GİRİŞİ'!D272=\"\",\"\",'BİLGİ GİRİŞİ'!D272)","v":""},"",{"$f":"IF('BİLGİ GİRİŞİ'!E272=\"\",\"\",'BİLGİ GİRİŞİ'!E272)","v":""}]
[{"$f":"IF('BİLGİ GİRİŞİ'!D273=\"\",\"\",'BİLGİ GİRİŞİ'!D273)","v":""},"",{"$f":"IF('BİLGİ GİRİŞİ'!E273=\"\",\"\",'BİLGİ GİRİŞİ'!E273)","v":""}]
[{"$f":"IF('BİLGİ GİRİŞİ'!D274=\"\",\"\",'BİLGİ GİRİŞİ'!D274)","v":""},"",{"$f":"IF('BİLGİ GİRİŞİ'!E274=\"\",\"\",'BİLGİ GİRİŞİ'!E274)","v":""}]
[{"$f":"IF('BİLGİ GİRİŞİ'!D275=\"\",\"\",'BİLGİ GİRİŞİ'!D275)","v":""},"",{"$f":"IF('BİLGİ GİRİŞİ'!E275=\"\",\"\",'BİLGİ GİRİŞİ'!E275)","v":""}]
[{"$f":"IF('BİLGİ GİRİŞİ'!D276=\"\",\"\",'BİLGİ GİRİŞİ'!D276)","v":""},"",{"$f":"IF('BİLGİ GİRİŞİ'!E276=\"\",\"\",'BİLGİ GİRİŞİ'!E276)","v":""}]
[{"$f":"IF('BİLGİ GİRİŞİ'!D277=\"\",\"\",'BİLGİ GİRİŞİ'!D277)","v":""},"",{"$f":"IF('BİLGİ GİRİŞİ'!E277=\"\",\"\",'BİLGİ GİRİŞİ'!E277)","v":""}]
[{"$f":"IF('BİLGİ GİRİŞİ'!D278=\"\",\"\",'BİLGİ GİRİŞİ'!D278)","v":""},"",{"$f":"IF('BİLGİ GİRİŞİ'!E278=\"\",\"\",'BİLGİ GİRİŞİ'!E278)","v":""}]
[{"$f":"IF('BİLGİ GİRİŞİ'!D279=\"\",\"\",'BİLGİ GİRİŞİ'!D279)","v":""},"",{"$f":"IF('BİLGİ GİRİŞİ'!E279=\"\",\"\",'BİLGİ GİRİŞİ'!E279)","v":""}]
[{"$f":"IF('BİLGİ GİRİŞİ'!D280=\"\",\"\",'BİLGİ GİRİŞİ'!D280)","v":""},"",{"$f":"IF('BİLGİ GİRİŞİ'!E280=\"\",\"\",'BİLGİ GİRİŞİ'!E280)","v":""}]
[{"$f":"IF('BİLGİ GİRİŞİ'!D281=\"\",\"\",'BİLGİ GİRİŞİ'!D281)","v":""},"",{"$f":"IF('BİLGİ GİRİŞİ'!E281=\"\",\"\",'BİLGİ GİRİŞİ'!E281)","v":""}]
[{"$f":"IF('BİLGİ GİRİŞİ'!D282=\"\",\"\",'BİLGİ GİRİŞİ'!D282)","v":""},"",{"$f":"IF('BİLGİ GİRİŞİ'!E282=\"\",\"\",'BİLGİ GİRİŞİ'!E282)","v":""}]

{"sheet":"7","index":8,"n_rows":127,"n_cols":44,"rows_kept":127,"cut":false,"hidden":false,"merged":[[109,1,109,14],[109,15,109,18],[109,19,109,22],[109,23,109,26],[109,27,109,30],[109,31,109,34],[109,35,109,38],[109,39,109,42],[109,43,109,46],[108,1,108,14],[108,15,108,18],[108,19,108,22],[108,23,108,26],[108,27,108,30],[108,31,108,34],[108,35,108,38],[108,39,108,42],[108,43,108,46],[107,1,107,14],[107,15,107,18],[107,19,107,22],[107,23,107,26],[107,27,107,30],[107,31,107,34],[107,35,107,38],[107,39,107,42],[107,43,107,46],[106,1,106,14],[106,15,106,18],[106,19,106,22],[106,23,106,26],[106,27,106,30],[106,31,106,34],[106,35,106,38],[106,39,106,42],[106,43,106,46],[105,1,105,14],[105,15,105,18],[105,19,105,22],[105,23,105,26],[105,27,105,30],[105,31,105,34],[105,35,105,38],[105,39,105,42],[105,43,105,46],[104,1,104,14],[104,15,104,18],[104,19,104,22],[104,23,104,26],[104,27,104,30],[104,31,104,34],[104,35,104,38],[104,39,104,42],[104,43,104,46],[103,1,103,14],[103,15,103,18],[103,19,103,22],[103,23,103,26],[103,27,103,30],[103,31,103,34],[103,35,103,38],[103,39,103,42],[103,43,103,46],[102,1,102,14],[102,15,102,18],[102,19,102,22],[102,23,102,26],[102,27,102,30],[102,31,102,34],[102,35,102,38],[102,39,102,42],[102,43,102,46],[101,1,101,14],[101,15,101,18],[101,19,101,22],[101,23,101,26],[101,27,101,30],[101,31,101,34],[101,35,101,38],[101,39,101,42],[101,43,101,46],[100,1,100,14],[100,15,100,18],[100,19,100,22],[100,23,100,26],[100,27,100,30],[100,31,100,34],[100,35,100,38],[100,39,100,42],[100,43,100,46],[99,1,99,14],[99,15,99,18],[99,19,99,22],[99,23,99,26],[99,27,99,30],[99,31,99,34],[99,35,99,38],[99,39,99,42],[99,43,99,46],[98,1,98,14],[98,15,98,18],[98,19,98,22],[98,23,98,26],[98,27,98,30],[98,31,98,34],[98,35,98,38],[98,39,98,42],[98,43,98,46],[97,1,97,14],[97,15,97,18],[97,19,97,22],[97,23,97,26],[97,27,97,30],[97,31,97,34],[97,35,97,38],[97,39,97,42],[97,43,97,46],[96,1,96,14],[96,15,96,18],[96,19,96,22],[96,23,96,26],[96,27,96,30],[96,31,96,34],[96,35,96,38],[96,39,96,42],[96,43,96,46],[95,1,95,14],[95,15,95,18],[95,19,95,22],[95,23,95,26],[95,27,95,30],[95,31,95,34],[95,35,95,38],[95,39,95,42],[95,43,95,46],[94,1,94,14],[94,15,94,18],[94,19,94,22],[94,23,94,26],[94,27,94,30],[94,31,94,34],[94,35,94,38],[94,39,94,42],[94,43,94,46],[93,1,93,14],[93,15,93,18],[93,19,93,22],[93,23,93,26],[93,27,93,30],[93,31,93,34],[93,35,93,38],[93,39,93,42],[93,43,93,46],[92,1,92,14],[92,15,92,18],[92,19,92,22],[92,23,92,26],[92,27,92,30],[92,31,92,34],[92,35,92,38],[92,39,92,42],[92,43,92,46],[91,1,91,14],[91,15,91,18],[91,19,91,22],[91,23,91,26],[91,27,91,30],[91,31,91,34],[91,35,91,38],[91,39,91,42],[91,43,91,46],[90,1,90,14],[90,15,90,18],[90,19,90,22],[90,23,90,26],[90,27,90,30],[90,31,90,34],[90,35,90,38],[90,39,90,42],[90,43,90,46],[89,1,89,14],[89,15,89,18],[89,19,89,22],[89,23,89,26],[89,27,89,30],[89,31,89,34],[89,35,89,38],[89,39,89,42],[89,43,89,46],[88,1,88,14],[88,15,88,18],[88,19,88,22],[88,23,88,26],[88,27,88,30],[88,31,88,34],[88,35,88,38],[88,39,88,42],[88,43,88,46],[87,1,87,14],[87,15,87,18],[87,19,87,22],[87,23,87,26],[87,27,87,30],[87,31,87,34],[87,35,87,38],[87,39,87,42],[87,43,87,46],[86,1,86,14],[86,15,86,18],[86,19,86,22],[86,23,86,26],[86,27,86,30],[86,31,86,34],[86,35,86,38],[86,39,86,42],[86,43,86,46],[85,1,85,14],[85,15,85,18],[85,19,85,22],[85,23,85,26],[85,27,85,30],[85,31,85,34],[85,35,85,38],[85,39,85,42],[85,43,85,46],[84,1,84,14],[84,15,84,18],[84,19,84,22],[84,23,84,26],[84,27,84,30],[84,31,84,34],[84,35,84,38],[84,39,84,42],[84,43,84,46],[83,1,83,14],[83,15,83,18],[83,19,83,22],[83,23,83,26],[83,27,83,30],[83,31,83,34],[83,35,83,38],[83,39,83,42],[83,43,83,46],[82,1,82,14],[82,15,82,18],[82,19,82,22],[82,23,82,26],[82,27,82,30],[82,31,82,34],[82,35,82,38],[82,39,82,42],[82,43,82,46],[81,1,81,14],[81,15,81,18],[81,19,81,22],[81,23,81,26],[81,27,81,30],[81,31,81,34],[81,35,81,38],[81,39,81,42],[81,43,81,46],[80,1,80,14],[80,15,80,18],[80,19,80,22],[80,23,80,26],[80,27,80,30],[80,31,80,34],[80,35,80,38],[80,39,80,42],[80,43,80,46],[79,1,79,14],[79,15,79,18],[79,19,79,22],[79,23,79,26],[79,27,79,30],[79,31,79,34],[79,35,79,38],[79,39,79,42],[79,43,79,46],[78,1,78,14],[78,15,78,18],[78,19,78,22],[78,23,78,26],[78,27,78,30],[78,31,78,34],[78,35,78,38],[78,39,78,42],[78,43,78,46],[77,1,77,14],[77,15,77,18],[77,19,77,22],[77,23,77,26],[77,27,77,30],[77,31,77,34],[77,35,77,38],[77,39,77,42],[77,43,77,46],[76,1,76,14],[76,15,76,18],[76,19,76,22],[76,23,76,26],[76,27,76,30],[76,31,76,34],[76,35,76,38],[76,39,76,42],[76,43,76,46],[75,1,75,14],[75,15,75,18],[75,19,75,22],[75,23,75,26],[75,27,75,30],[75,31,75,34],[75,35,75,38],[75,39,75,42],[75,43,75,46],[74,1,74,14],[74,15,74,18],[74,19,74,22],[74,23,74,26],[74,27,74,30],[74,31,74,34],[74,35,74,38],[74,39,74,42],[74,43,74,46],[73,1,73,14],[73,15,73,18],[73,19,73,22],[73,23,73,26],[73,27,73,30],[73,31,73,34],[73,35,73,38],[73,39,73,42],[73,43,73,46],[72,1,72,14],[72,15,72,18],[72,19,72,22],[72,23,72,26],[72,27,72,30],[72,31,72,34],[72,35,72,38],[72,39,72,42],[72,43,72,46],[71,1,71,14],[71,15,71,18],[71,19,71,22],[71,23,71,26],[71,27,71,30],[71,31,71,34],[71,35,71,38],[71,39,71,42],[71,43,71,46],[70,1,70,14],[70,15,70,18],[70,19,70,22],[70,23,70,26],[70,27,70,30],[70,31,70,34],[70,35,70,38],[70,39,70,42],[70,43,70,46],[69,1,69,14],[69,15,69,18],[69,19,69,22],[69,23,69,26],[69,27,69,30],[69,31,69,34],[69,35,69,38],[69,39,69,42],[69,43,69,46],[68,1,68,14],[68,15,68,18],[68,19,68,22],[68,23,68,26],[68,27,68,30],[68,31,68,34],[68,35,68,38],[68,39,68,42],[68,43,68,46],[67,1,67,14],[67,15,67,18],[67,19,67,22],[67,23,67,26],[67,27,67,30],[67,31,67,34],[67,35,67,38],[67,39,67,42],[67,43,67,46],[66,1,66,14],[66,15,66,18],[66,19,66,22],[66,23,66,26],[66,27,66,30],[66,31,66,34],[66,35,66,38],[66,39,66,42],[66,43,66,46],[65,1,65,14],[65,15,65,18],[65,19,65,22],[65,23,65,26],[65,27,65,30],[65,31,65,34],[65,35,65,38],[65,39,65,42],[65,43,65,46],[64,1,64,14],[64,15,64,18],[64,19,64,22],[64,23,64,26],[64,27,64,30],[64,31,64,34],[64,35,64,38],[64,39,64,42],[64,43,64,46],[63,1,63,14],[63,15,63,18],[63,19,63,22],[63,23,63,26],[63,27,63,30],[63,31,63,34],[63,35,63,38],[63,39,63,42],[63,43,63,46],[62,1,62,14],[62,15,62,18],[62,19,62,22],[62,23,62,26],[62,27,62,30],[62,31,62,34],[62,35,62,38],[62,39,62,42],[62,43,62,46],[61,1,61,14],[61,15,61,18],[61,19,61,22],[61,23,61,26],[61,27,61,30],[61,31,61,34],[61,35,61,38],[61,39,61,42],[61,43,61,46],[60,1,60,14],[60,15,60,18],[60,19,60,22],[60,23,60,26],[60,27,60,30],[60,31,60,34],[60,35,60,38],[60,39,60,42],[60,43,60,46],[59,1,59,14],[59,15,59,18],[59,19,59,22],[59,23,59,26],[59,27,59,30],[59,31,59,34],[59,35,59,38],[59,39,59,42],[59,43,59,46],[58,1,58,14],[58,15,58,18],[58,19,58,22],[58,23,58,26],[58,27,58,30],[58,31,58,34],[58,35,58,38],[58,39,58,42],[58,43,58,46],[57,1,57,14],[57,15,57,18],[57,19,57,22],[57,23,57,26],[57,27,57,30],[57,31,57,34],[57,35,57,38],[57,39,57,42],[57,43,57,46],[56,1,56,14],[56,15,56,18],[56,19,56,22],[56,23,56,26],[56,27,56,30],[56,31,56,34],[56,35,56,38],[56,39,56,42],[56,43,56,46],[55,1,55,14],[55,15,55,18],[55,19,55,22],[55,23,55,26],[55,27,55,30],[55,31,55,34],[55,35,55,38],[55,39,55,42],[55,43,55,46],[54,1,54,14],[54,15,54,18],[54,19,54,22],[54,23,54,26],[54,27,54,30],[54,31,54,34],[54,35,54,38],[54,39,54,42],[54,43,54,46],[53,1,53,14],[53,15,53,18],[53,19,53,22],[53,23,53,26],[53,27,53,30],[53,31,53,34],[53,35,53,38],[53,39,53,42],[53,43,53,46],[52,1,52,14],[52,15,52,18],[52,19,52,22],[52,23,52,26],[52,27,52,30],[52,31,52,34],[52,35,52,38],[52,39,52,42],[52,43,52,46],[51,1,51,14],[51,15,51,18],[51,19,51,22],[51,23,51,26],[51,27,51,30],[51,31,51,34],[51,35,51,38],[51,39,51,42],[51,43,51,46],[50,1,50,14],[50,15,50,18],[50,19,50,22],[50,23,50,26],[50,27,50,30],[50,31,50,34],[50,35,50,38],[50,39,50,42],[50,43,50,46],[117,0,119,46],[115,39,115,46],[115,23,115,38],[115,0,115,22],[111,0,111,22],[111,23,111,26],[111,27,111,30],[111,31,111,34],[111,35,111,38],[111,39,111,42],[111,43,111,46],[113,0,113,46],[114,39,114,46],[114,23,114,38],[114,0,114,22],[29,43,29,46],[110,1,110,14],[110,23,110,26],[110,27,110,30],[110,31,110,34],[110,35,110,38],[110,39,110,42],[110,43,110,46],[29,1,29,14],[29,23,29,26],[29,27,29,30],[29,31,29,34],[29,35,29,38],[29,39,29,42],[29,15,29,18],[110,15,110,18],[29,19,29,22],[110,19,110,22],[30,1,30,14],[31,1,31,14],[32,1,32,14],[33,1,33,14],[34,1,34,14],[35,1,35,14],[27,43,27,46],[28,1,28,14],[28,23,28,26],[28,27,28,30],[28,31,28,34],[28,35,28,38],[28,39,28,42],[28,43,28,46],[27,1,27,14],[27,23,27,26],[27,27,27,30],[27,31,27,34],[27,35,27,38],[27,39,27,42],[27,15,27,18],[28,15,28,18],[27,19,27,22],[28,19,28,22],[25,43,25,46],[26,1,26,14],[26,23,26,26],[26,27,26,30],[26,31,26,34],[26,35,26,38],[26,39,26,42],[26,43,26,46],[25,1,25,14],[25,23,25,26],[25,27,25,30],[25,31,25,34],[25,35,25,38],[25,39,25,42],[25,15,25,18],[26,15,26,18],[25,19,25,22],[26,19,26,22],[23,43,23,46],[24,1,24,14],[24,23,24,26],[24,27,24,30],[24,31,24,34],[24,35,24,38],[24,39,24,42],[24,43,24,46],[23,1,23,14],[23,23,23,26],[23,27,23,30],[23,31,23,34],[23,35,23,38],[23,39,23,42],[23,15,23,18],[24,15,24,18],[23,19,23,22],[24,19,24,22],[21,43,21,46],[22,1,22,14],[22,23,22,26],[22,27,22,30],[22,31,22,34],[22,35,22,38],[22,39,22,42],[22,43,22,46],[21,1,21,14],[21,23,21,26],[21,27,21,30],[21,31,21,34],[21,35,21,38],[21,39,21,42],[21,15,21,18],[22,15,22,18],[21,19,21,22],[22,19,22,22],[19,43,19,46],[20,1,20,14],[20,23,20,26],[20,27,20,30],[20,31,20,34],[20,35,20,38],[20,39,20,42],[20,43,20,46],[19,1,19,14],[19,23,19,26],[19,27,19,30],[19,31,19,34],[19,35,19,38],[19,39,19,42],[19,15,19,18],[20,15,20,18],[19,19,19,22],[20,19,20,22],[17,43,17,46],[18,1,18,14],[18,23,18,26],[18,27,18,30],[18,31,18,34],[18,35,18,38],[18,39,18,42],[18,43,18,46],[17,1,17,14],[17,23,17,26],[17,27,17,30],[17,31,17,34],[17,35,17,38],[17,39,17,42],[17,15,17,18],[18,15,18,18],[17,19,17,22],[18,19,18,22],[15,43,15,46],[16,1,16,14],[16,23,16,26],[16,27,16,30],[16,31,16,34],[16,35,16,38],[16,39,16,42],[16,43,16,46],[15,1,15,14],[15,23,15,26],[15,27,15,30],[15,31,15,34],[15,35,15,38],[15,39,15,42],[15,15,15,18],[16,15,16,18],[15,19,15,22],[16,19,16,22],[13,43,13,46],[14,1,14,14],[14,23,14,26],[14,27,14,30],[14,31,14,34],[14,35,14,38],[14,39,14,42],[14,43,14,46],[13,1,13,14],[13,23,13,26],[13,27,13,30],[13,31,13,34],[13,35,13,38],[13,39,13,42],[13,15,13,18],[14,15,14,18],[13,19,13,22],[14,19,14,22],[11,31,11,34],[11,35,11,38],[11,39,11,42],[11,43,11,46],[12,1,12,14],[12,23,12,26],[12,27,12,30],[11,1,11,14],[11,23,11,26],[11,27,11,30],[12,31,12,34],[12,35,12,38],[12,39,12,42],[12,43,12,46],[11,15,11,18],[11,19,11,22],[12,15,12,18],[12,19,12,22],[9,31,9,38],[9,39,9,46],[10,23,10,26],[10,27,10,30],[10,31,10,34],[10,35,10,38],[10,39,10,42],[10,43,10,46],[9,0,10,0],[9,1,10,14],[9,23,9,30],[9,15,10,18],[9,19,10,22],[6,0,6,9],[6,11,6,14],[6,16,6,46],[8,0,8,22],[8,23,8,46],[1,0,1,46],[3,0,3,9],[3,11,3,41],[3,42,3,46],[4,0,4,9],[4,11,4,46],[5,0,5,9],[5,11,5,46],[122,0,122,14],[125,0,125,14],[126,0,126,14],[122,15,122,30],[125,15,125,30],[126,15,126,30],[121,31,122,46],[125,31,125,46],[126,31,126,46],[36,1,36,14],[37,1,37,14],[38,1,38,14],[39,1,39,14],[40,1,40,14],[41,1,41,14],[42,1,42,14],[43,1,43,14],[44,1,44,14],[45,1,45,14],[46,1,46,14],[47,1,47,14],[48,1,48,14],[49,1,49,14],[30,15,30,18],[30,19,30,22],[30,23,30,26],[30,27,30,30],[32,15,32,18],[32,19,32,22],[32,23,32,26],[32,27,32,30],[34,15,34,18],[34,19,34,22],[34,23,34,26],[34,27,34,30],[36,15,36,18],[36,19,36,22],[36,23,36,26],[36,27,36,30],[38,15,38,18],[38,19,38,22],[38,23,38,26],[30,31,30,34],[30,35,30,38],[30,39,30,42],[30,43,30,46],[31,15,31,18],[31,19,31,22],[31,23,31,26],[31,27,31,30],[31,31,31,34],[31,35,31,38],[31,39,31,42],[31,43,31,46],[32,31,32,34],[32,35,32,38],[32,39,32,42],[32,43,32,46],[33,15,33,18],[33,19,33,22],[33,23,33,26],[33,27,33,30],[33,31,33,34],[33,35,33,38],[33,39,33,42],[33,43,33,46],[34,31,34,34],[34,35,34,38],[34,39,34,42],[34,43,34,46],[35,15,35,18],[35,19,35,22],[35,23,35,26],[35,27,35,30],[35,31,35,34],[35,35,35,38],[35,39,35,42],[35,43,35,46],[36,31,36,34],[36,35,36,38],[36,39,36,42],[36,43,36,46],[37,15,37,18],[37,19,37,22],[37,23,37,26],[37,27,37,30],[37,31,37,34],[37,35,37,38],[37,39,37,42],[37,43,37,46],[38,27,38,30],[38,31,38,34],[38,35,38,38],[38,39,38,42],[38,43,38,46],[39,15,39,18],[39,19,39,22],[39,23,39,26],[39,27,39,30],[39,31,39,34],[39,35,39,38],[39,39,39,42],[39,43,39,46],[40,15,40,18],[40,19,40,22],[40,23,40,26],[40,27,40,30],[40,31,40,34],[40,35,40,38],[40,39,40,42],[40,43,40,46],[41,15,41,18],[41,19,41,22],[41,23,41,26],[41,27,41,30],[41,31,41,34],[41,35,41,38],[41,39,41,42],[41,43,41,46],[42,15,42,18],[42,19,42,22],[42,23,42,26],[42,27,42,30],[42,31,42,34],[42,35,42,38],[42,39,42,42],[42,43,42,46],[43,15,43,18],[43,19,43,22],[43,23,43,26],[43,27,43,30],[43,31,43,34],[43,35,43,38],[43,39,43,42],[43,43,43,46],[44,15,44,18],[44,19,44,22],[44,23,44,26],[44,27,44,30],[44,31,44,34],[44,35,44,38],[44,39,44,42],[44,43,44,46],[45,15,45,18],[45,19,45,22],[45,23,45,26],[45,27,45,30],[45,31,45,34],[45,35,45,38],[45,39,45,42],[45,43,45,46],[46,15,46,18],[46,19,46,22],[46,23,46,26],[46,27,46,30],[46,31,46,34],[46,35,46,38],[46,39,46,42],[46,43,46,46],[47,15,47,18],[47,19,47,22],[47,23,47,26],[47,27,47,30],[47,31,47,34],[47,35,47,38],[47,39,47,42],[47,43,47,46],[48,15,48,18],[48,19,48,22],[48,23,48,26],[48,27,48,30],[48,31,48,34],[48,35,48,38],[48,39,48,42],[48,43,48,46],[49,15,49,18],[49,19,49,22],[49,23,49,26],[49,27,49,30],[49,31,49,34],[49,35,49,38],[49,39,49,42],[49,43,49,46]]}
[]
["PİYASA FİYAT ARAŞTIRMA TUTANAĞI"]
[]
["İdarenin Adı",null,null,null,null,null,null,null,null,null,":",{"$f":"IF('BİLGİ GİRİŞİ'!O8=\"\",\"\",'BİLGİ GİRİŞİ'!O8)","v":"Atatürk İlkokulu Müdürlüğü"},null,null,null,null,null,null,null,null,null,null,null,null,null,null,null,null,null,null,null,null,null,null,null,null,null,null,null,null,null,null,{"$f":"IF('BİLGİ GİRİŞİ'!O22=\"\",\"…../…../……..\",'BİLGİ GİRİŞİ'!O22)","v":"2023-03-08"}]
["Doğrudan Temin Numarası",null,null,null,null,null,null,null,null,null,":",{"$f":"IF('BİLGİ GİRİŞİ'!O11=\"\",\"\",'BİLGİ GİRİŞİ'!O11)","v":"22DT1211930"}]
["İş'in Adı, Türü",null,null,null,null,null,null,null,null,null,":",{"$f":"IF('BİLGİ GİRİŞİ'!O9=\"\",\"\",'BİLGİ GİRİŞİ'!O9)","v":"Bilişim Malzemeleri Alımı"}]
["Alım/Görevlendirme Onay Tarihi/sayısı",null,null,null,null,null,null,null,null,null,":",{"$f":"IF('BİLGİ GİRİŞİ'!O15=\"\",\"\",'BİLGİ GİRİŞİ'!O15)","v":"2023-03-06"},null,null,null,"/",{"$f":"IF('BİLGİ GİRİŞİ'!S15=\"\",\"\",'BİLGİ GİRİŞİ'!S15)","v":456789123}]
[]
["MAL'IN/HİZMET'İN/YAPIM İŞİ'NİN",null,null,null,null,null,null,null,null,null,null,null,null,null,null,null,null,null,null,null,null,null,null,"TEKLİF VEREN GERÇEK/TÜZEL KİŞİLER VE TEKLİF FİYATLARI"]
["S","Kalem/KısımBilgileri",null,null,null,null,null,null,null,null,null,null,null,null,null,"Birimi",null,null,null,"Miktarı",null,null,null,{"$f":"IF('BİLGİ GİRİŞİ'!AB135=\"\",\"\",'BİLGİ GİRİŞİ'!AB135)","v":"A GERÇEK/TÜZEL KİŞİSİ"},null,null,null,null,null,null,null,{"$f":"IF('BİLGİ GİRİŞİ'!AJ135=\"\",\"\",'BİLGİ GİRİŞİ'!AJ135)","v":"B GERÇEK/TÜZEL KİŞİSİ"},null,null,null,null,null,null,null,{"$f":"IF('BİLGİ GİRİŞİ'!AR135=\"\",\"\",'BİLGİ GİRİŞİ'!AR135)","v":"D GERÇEK/TÜZEL KİŞİSİ"}]
[null,null,null,null,null,null,null,null,null,null,null,null,null,null,null,null,null,null,null,null,null,null,null,"Birim Fiyat",null,null,null,"Toplam Fiyat",null,null,null,"Birim Fiyat",null,null,null,"Toplam Fiyat",null,null,null,"Birim Fiyat",null,null,null,"Toplam Fiyat"]
[{"$f":"IF('BİLGİ GİRİŞİ'!D30=\"\",\"\",'BİLGİ GİRİŞİ'!D30)","v":1},{"$f":"IF('BİLGİ GİRİŞİ'!E30=\"\",\"\",'BİLGİ GİRİŞİ'!E30)","v":"AIO (All In One) Masaüstü Bilgisayar "},null,null,null,null,null,null,null,null,null,null,null,null,null,{"$f":"IF('BİLGİ GİRİŞİ'!W30=\"\",\"\",'BİLGİ GİRİŞİ'!W30)","v":"Adet"},null,null,null,{"$f":"IF('BİLGİ GİRİŞİ'!T30=\"\",\"\",'BİLGİ GİRİŞİ'!T30)","v":2},null,null,null,{"$f":"IF('BİLGİ GİRİŞİ'!AB137=\"\",\"\",'BİLGİ GİRİŞİ'!AB137)","v":3000},null,null,null,{"$f":"IF('BİLGİ GİRİŞİ'!AF137=\"\",\"\",'BİLGİ GİRİŞİ'!AF137)","v":6000},null,null,null,{"$f":"IF('BİLGİ GİRİŞİ'!AJ137=\"\",\"\",'BİLGİ GİRİŞİ'!AJ137)","v":4000},null,null,null,{"$f":"IF('BİLGİ GİRİŞİ'!AN137=\"\",\"\",'BİLGİ GİRİŞİ'!AN137)","v":8000},null,null,null,{"$f":"IF('BİLGİ GİRİŞİ'!AR137=\"\",\"\",'BİLGİ GİRİŞİ'!AR137)","v":5000},null,null,null,{"$f":"IF('BİLGİ GİRİŞİ'!AV137=\"\",\"\",'BİLGİ GİRİŞİ'!AV137)","v":10000}]
[{"$f":"IF('BİLGİ GİRİŞİ'!D31=\"\",\"\",'BİLGİ GİRİŞİ'!D31)","v":2},{"$f":"IF('BİLGİ GİRİŞİ'!E31=\"\",\"\",'BİLGİ GİRİŞİ'!E31)","v":"Fotokopi Makinesi"},null,null,null,null,null,null,null,null,null,null,null,null,null,{"$f":"IF('BİLGİ GİRİŞİ'!W31=\"\",\"\",'BİLGİ GİRİŞİ'!W31)","v":"Adet"},null,null,null,{"$f":"IF('BİLGİ GİRİŞİ'!T31=\"\",\"\",'BİLGİ GİRİŞİ'!T31)","v":2},null,null,null,{"$f":"IF('BİLGİ GİRİŞİ'!AB138=\"\",\"\",'BİLGİ GİRİŞİ'!AB138)","v":4000},null,null,null,{"$f":"IF('BİLGİ GİRİŞİ'!AF138=\"\",\"\",'BİLGİ GİRİŞİ'!AF138)","v":8000},null,null,null,{"$f":"IF('BİLGİ GİRİŞİ'!AJ138=\"\",\"\",'BİLGİ GİRİŞİ'!AJ138)","v":5000},null,null,null,{"$f":"IF('BİLGİ GİRİŞİ'!AN138=\"\",\"\",'BİLGİ GİRİŞİ'!AN138)","v":10000},null,null,null,{"$f":"IF('BİLGİ GİRİŞİ'!AR138=\"\",\"\",'BİLGİ GİRİŞİ'!AR138)","v":6000},null,null,null,{"$f":"IF('BİLGİ GİRİŞİ'!AV138=\"\",\"\",'BİLGİ GİRİŞİ'!AV138)","v":12000}]
[{"$f":"IF('BİLGİ GİRİŞİ'!D32=\"\",\"\",'BİLGİ GİRİŞİ'!D32)","v":3},{"$f":"IF('BİLGİ GİRİŞİ'!E32=\"\",\"\",'BİLGİ GİRİŞİ'!E32)","v":"Projektör"},null,null,null,null,null,null,null,null,null,null,null,null,null,{"$f":"IF('BİLGİ GİRİŞİ'!W32=\"\",\"\",'BİLGİ GİRİŞİ'!W32)","v":"Adet"},null,null,null,{"$f":"IF('BİLGİ GİRİŞİ'!T32=\"\",\"\",'BİLGİ GİRİŞİ'!T32)","v":2},null,null,null,{"$f":"IF('BİLGİ GİRİŞİ'!AB139=\"\",\"\",'BİLGİ GİRİŞİ'!AB139)","v":5000},null,null,null,{"$f":"IF('BİLGİ GİRİŞİ'!AF139=\"\",\"\",'BİLGİ GİRİŞİ'!AF139)","v":10000},null,null,null,{"$f":"IF('BİLGİ GİRİŞİ'!AJ139=\"\",\"\",'BİLGİ GİRİŞİ'!AJ139)","v":6000},null,null,null,{"$f":"IF('BİLGİ GİRİŞİ'!AN139=\"\",\"\",'BİLGİ GİRİŞİ'!AN139)","v":12000},null,null,null,{"$f":"IF('BİLGİ GİRİŞİ'!AR139=\"\",\"\",'BİLGİ GİRİŞİ'!AR139)","v":7000},null,null,null,{"$f":"IF('BİLGİ GİRİŞİ'!AV139=\"\",\"\",'BİLGİ GİRİŞİ'!AV139)","v":14000}]
[{"$f":"IF('BİLGİ GİRİŞİ'!D33=\"\",\"\",'BİLGİ GİRİŞİ'!D33)","v":""},{"$f":"IF('BİLGİ GİRİŞİ'!E33=\"\",\"\",'BİLGİ GİRİŞİ'!E33)","v":""},null,null,null,null,null,null,null,null,null,null,null,null,null,{"$f":"IF('BİLGİ GİRİŞİ'!W33=\"\",\"\",'BİLGİ GİRİŞİ'!W33)","v":""},null,null,null,{"$f":"IF('BİLGİ GİRİŞİ'!T33=\"\",\"\",'BİLGİ GİRİŞİ'!T33)","v":""},null,null,null,{"$f":"IF('BİLGİ GİRİŞİ'!AB140=\"\",\"\",'BİLGİ GİRİŞİ'!AB140)","v":""},null,null,null,{"$f":"IF('BİLGİ GİRİŞİ'!AF140=\"\",\"\",'BİLGİ GİRİŞİ'!AF140)","v":""},null,null,null,{"$f":"IF('BİLGİ GİRİŞİ'!AJ140=\"\",\"\",'BİLGİ GİRİŞİ'!AJ140)","v":""},null,null,null,{"$f":"IF('BİLGİ GİRİŞİ'!AN140=\"\",\"\",'BİLGİ GİRİŞİ'!AN140)","v":""},null,null,null,{"$f":"IF('BİLGİ GİRİŞİ'!AR140=\"\",\"\",'BİLGİ GİRİŞİ'!AR140)","v":""},null,null,null,{"$f":"IF('BİLGİ GİRİŞİ'!AV140=\"\",\"\",'BİLGİ GİRİŞİ'!AV140)","v":""}]
[{"$f":"IF('BİLGİ GİRİŞİ'!D34=\"\",\"\",'BİLGİ GİRİŞİ'!D34)","v":""},{"$f":"IF('BİLGİ GİRİŞİ'!E34=\"\",\"\",'BİLGİ GİRİŞİ'!E34)","v":""},null,null,null,null,null,null,null,null,null,null,null,null,null,{"$f":"IF('BİLGİ GİRİŞİ'!W34=\"\",\"\",'BİLGİ GİRİŞİ'!W34)","v":""},null,null,null,{"$f":"IF('BİLGİ GİRİŞİ'!T34=\"\",\"\",'BİLGİ GİRİŞİ'!T34)","v":""},null,null,null,{"$f":"IF('BİLGİ GİRİŞİ'!AB141=\"\",\"\",'BİLGİ GİRİŞİ'!AB141)","v":""},null,null,null,{"$f":"IF('BİLGİ GİRİŞİ'!AF141=\"\",\"\",'BİLGİ GİRİŞİ'!AF141)","v":""},null,null,null,{"$f":"IF('BİLGİ GİRİŞİ'!AJ141=\"\",\"\",'BİLGİ GİRİŞİ'!AJ141)","v":""},null,null,null,{"$f":"IF('BİLGİ GİRİŞİ'!AN141=\"\",\"\",'BİLGİ GİRİŞİ'!AN141)","v":""},null,null,null,{"$f":"IF('BİLGİ GİRİŞİ'!AR141=\"\",\"\",'BİLGİ GİRİŞİ'!AR141)","v":""},null,null,null,{"$f":"IF('BİLGİ GİRİŞİ'!AV141=\"\",\"\",'BİLGİ GİRİŞİ'!AV141)","v":""}]
[{"$f":"IF('BİLGİ GİRİŞİ'!D35=\"\",\"\",'BİLGİ GİRİŞİ'!D35)","v":""},{"$f":"IF('BİLGİ GİRİŞİ'!E35=\"\",\"\",'BİLGİ GİRİŞİ'!E35)","v":""},null,null,null,null,null,null,null,null,null,null,null,null,null,{"$f":"IF('BİLGİ GİRİŞİ'!W35=\"\",\"\",'BİLGİ GİRİŞİ'!W35)","v":""},null,null,null,{"$f":"IF('BİLGİ GİRİŞİ'!T35=\"\",\"\",'BİLGİ GİRİŞİ'!T35)","v":""},null,null,null,{"$f":"IF('BİLGİ GİRİŞİ'!AB142=\"\",\"\",'BİLGİ GİRİŞİ'!AB142)","v":""},null,null,null,{"$f":"IF('BİLGİ GİRİŞİ'!AF142=\"\",\"\",'BİLGİ GİRİŞİ'!AF142)","v":""},null,null,null,{"$f":"IF('BİLGİ GİRİŞİ'!AJ142=\"\",\"\",'BİLGİ GİRİŞİ'!AJ142)","v":""},null,null,null,{"$f":"IF('BİLGİ GİRİŞİ'!AN142=\"\",\"\",'BİLGİ GİRİŞİ'!AN142)","v":""},null,null,null,{"$f":"IF('BİLGİ GİRİŞİ'!AR142=\"\",\"\",'BİLGİ GİRİŞİ'!AR142)","v":""},null,null,null,{"$f":"IF('BİLGİ GİRİŞİ'!AV142=\"\",\"\",'BİLGİ GİRİŞİ'!AV142)","v":""}]
[{"$f":"IF('BİLGİ GİRİŞİ'!D36=\"\",\"\",'BİLGİ GİRİŞİ'!D36)","v":""},{"$f":"IF('BİLGİ GİRİŞİ'!E36=\"\",\"\",'BİLGİ GİRİŞİ'!E36)","v":""},null,null,null,null,null,null,null,null,null,null,null,null,null,{"$f":"IF('BİLGİ GİRİŞİ'!W36=\"\",\"\",'BİLGİ GİRİŞİ'!W36)","v":""},null,null,null,{"$f":"IF('BİLGİ GİRİŞİ'!T36=\"\",\"\",'BİLGİ GİRİŞİ'!T36)","v":""},null,null,null,{"$f":"IF('BİLGİ GİRİŞİ'!AB143=\"\",\"\",'BİLGİ GİRİŞİ'!AB143)","v":""},null,null,null,{"$f":"IF('BİLGİ GİRİŞİ'!AF143=\"\",\"\",'BİLGİ GİRİŞİ'!AF143)","v":""},null,null,null,{"$f":"IF('BİLGİ GİRİŞİ'!AJ143=\"\",\"\",'BİLGİ GİRİŞİ'!AJ143)","v":""},null,null,null,{"$f":"IF('BİLGİ GİRİŞİ'!AN143=\"\",\"\",'BİLGİ GİRİŞİ'!AN143)","v":""},null,null,null,{"$f":"IF('BİLGİ GİRİŞİ'!AR143=\"\",\"\",'BİLGİ GİRİŞİ'!AR143)","v":""},null,null,null,{"$f":"IF('BİLGİ GİRİŞİ'!AV143=\"\",\"\",'BİLGİ GİRİŞİ'!AV143)","v":""}]
[{"$f":"IF('BİLGİ GİRİŞİ'!D37=\"\",\"\",'BİLGİ GİRİŞİ'!D37)","v":""},{"$f":"IF('BİLGİ GİRİŞİ'!E37=\"\",\"\",'BİLGİ GİRİŞİ'!E37)","v":""},null,null,null,null,null,null,null,null,null,null,null,null,null,{"$f":"IF('BİLGİ GİRİŞİ'!W37=\"\",\"\",'BİLGİ GİRİŞİ'!W37)","v":""},null,null,null,{"$f":"IF('BİLGİ GİRİŞİ'!T37=\"\",\"\",'BİLGİ GİRİŞİ'!T37)","v":""},null,null,null,{"$f":"IF('BİLGİ GİRİŞİ'!AB144=\"\",\"\",'BİLGİ GİRİŞİ'!AB144)","v":""},null,null,null,{"$f":"IF('BİLGİ GİRİŞİ'!AF144=\"\",\"\",'BİLGİ GİRİŞİ'!AF144)","v":""},null,null,null,{"$f":"IF('BİLGİ GİRİŞİ'!AJ144=\"\",\"\",'BİLGİ GİRİŞİ'!AJ144)","v":""},null,null,null,{"$f":"IF('BİLGİ GİRİŞİ'!AN144=\"\",\"\",'BİLGİ GİRİŞİ'!AN144)","v":""},null,null,null,{"$f":"IF('BİLGİ GİRİŞİ'!AR144=\"\",\"\",'BİLGİ GİRİŞİ'!AR144)","v":""},null,null,null,{"$f":"IF('BİLGİ GİRİŞİ'!AV144=\"\",\"\",'BİLGİ GİRİŞİ'!AV144)","v":""}]
[{"$f":"IF('BİLGİ GİRİŞİ'!D38=\"\",\"\",'BİLGİ GİRİŞİ'!D38)","v":""},{"$f":"IF('BİLGİ GİRİŞİ'!E38=\"\",\"\",'BİLGİ GİRİŞİ'!E38)","v":""},null,null,null,null,null,null,null,null,null,null,null,null,null,{"$f":"IF('BİLGİ GİRİŞİ'!W38=\"\",\"\",'BİLGİ GİRİŞİ'!W38)","v":""},null,null,null,{"$f":"IF('BİLGİ GİRİŞİ'!T38=\"\",\"\",'BİLGİ GİRİŞİ'!T38)","v":""},null,null,null,{"$f":"IF('BİLGİ GİRİŞİ'!AB145=\"\",\"\",'BİLGİ GİRİŞİ'!AB145)","v":""},null,null,null,{"$f":"IF('BİLGİ GİRİŞİ'!AF145=\"\",\"\",'BİLGİ GİRİŞİ'!AF145)","v":""},null,null,null,{"$f":"IF('BİLGİ GİRİŞİ'!AJ145=\"\",\"\",'BİLGİ GİRİŞİ'!AJ145)","v":""},null,null,null,{"$f":"IF('BİLGİ GİRİŞİ'!AN145=\"\",\"\",'BİLGİ GİRİŞİ'!AN145)","v":""},null,null,null,{"$f":"IF('BİLGİ GİRİŞİ'!AR145=\"\",\"\",'BİLGİ GİRİŞİ'!AR145)","v":""},null,null,null,{"$f":"IF('BİLGİ GİRİŞİ'!AV145=\"\",\"\",'BİLGİ GİRİŞİ'!AV145)","v":""}]
[{"$f":"IF('BİLGİ GİRİŞİ'!D39=\"\",\"\",'BİLGİ GİRİŞİ'!D39)","v":""},{"$f":"IF('BİLGİ GİRİŞİ'!E39=\"\",\"\",'BİLGİ GİRİŞİ'!E39)","v":""},null,null,null,null,null,null,null,null,null,null,null,null,null,{"$f":"IF('BİLGİ GİRİŞİ'!W39=\"\",\"\",'BİLGİ GİRİŞİ'!W39)","v":""},null,null,null,{"$f":"IF('BİLGİ GİRİŞİ'!T39=\"\",\"\",'BİLGİ GİRİŞİ'!T39)","v":""},null,null,null,{"$f":"IF('BİLGİ GİRİŞİ'!AB146=\"\",\"\",'BİLGİ GİRİŞİ'!AB146)","v":""},null,null,null,{"$f":"IF('BİLGİ GİRİŞİ'!AF146=\"\",\"\",'BİLGİ GİRİŞİ'!AF146)","v":""},null,null,null,{"$f":"IF('BİLGİ GİRİŞİ'!AJ146=\"\",\"\",'BİLGİ GİRİŞİ'!AJ146)","v":""},null,null,null,{"$f":"IF('BİLGİ GİRİŞİ'!AN146=\"\",\"\",'BİLGİ GİRİŞİ'!AN146)","v":""},null,null,null,{"$f":"IF('BİLGİ GİRİŞİ'!AR146=\"\",\"\",'BİLGİ GİRİŞİ'!AR146)","v":""},null,null,null,{"$f":"IF('BİLGİ GİRİŞİ'!AV146=\"\",\"\",'BİLGİ GİRİŞİ'!AV146)","v":""}]
[{"$f":"IF('BİLGİ GİRİŞİ'!D40=\"\",\"\",'BİLGİ GİRİŞİ'!D40)","v":""},{"$f":"IF('BİLGİ GİRİŞİ'!E40=\"\",\"\",'BİLGİ GİRİŞİ'!E40)","v":""},null,null,null,null,null,null,null,null,null,null,null,null,null,{"$f":"IF('BİLGİ GİRİŞİ'!W40=\"\",\"\",'BİLGİ GİRİŞİ'!W40)","v":""},null,null,null,{"$f":"IF('BİLGİ GİRİŞİ'!T40=\"\",\"\",'BİLGİ GİRİŞİ'!T40)","v":""},null,null,null,{"$f":"IF('BİLGİ GİRİŞİ'!AB147=\"\",\"\",'BİLGİ GİRİŞİ'!AB147)","v":""},null,null,null,{"$f":"IF('BİLGİ GİRİŞİ'!AF147=\"\",\"\",'BİLGİ GİRİŞİ'!AF147)","v":""},null,null,null,{"$f":"IF('BİLGİ GİRİŞİ'!AJ147=\"\",\"\",'BİLGİ GİRİŞİ'!AJ147)","v":""},null,null,null,{"$f":"IF('BİLGİ GİRİŞİ'!AN147=\"\",\"\",'BİLGİ GİRİŞİ'!AN147)","v":""},null,null,null,{"$f":"IF('BİLGİ GİRİŞİ'!AR147=\"\",\"\",'BİLGİ GİRİŞİ'!AR147)","v":""},null,null,null,{"$f":"IF('BİLGİ GİRİŞİ'!AV147=\"\",\"\",'BİLGİ GİRİŞİ'!AV147)","v":""}]
[{"$f":"IF('BİLGİ GİRİŞİ'!D41=\"\",\"\",'BİLGİ GİRİŞİ'!D41)","v":""},{"$f":"IF('BİLGİ GİRİŞİ'!E41=\"\",\"\",'BİLGİ GİRİŞİ'!E41)","v":""},null,null,null,null,null,null,null,null,null,null,null,null,null,{"$f":"IF('BİLGİ GİRİŞİ'!W41=\"\",\"\",'BİLGİ GİRİŞİ'!W41)","v":""},null,null,null,{"$f":"IF('BİLGİ GİRİŞİ'!T41=\"\",\"\",'BİLGİ GİRİŞİ'!T41)","v":""},null,null,null,{"$f":"IF('BİLGİ GİRİŞİ'!AB148=\"\",\"\",'BİLGİ GİRİŞİ'!AB148)","v":""},null,null,null,{"$f":"IF('BİLGİ GİRİŞİ'!AF148=\"\",\"\",'BİLGİ GİRİŞİ'!AF148)","v":""},null,null,null,{"$f":"IF('BİLGİ GİRİŞİ'!AJ148=\"\",\"\",'BİLGİ GİRİŞİ'!AJ148)","v":""},null,null,null,{"$f":"IF('BİLGİ GİRİŞİ'!AN148=\"\",\"\",'BİLGİ GİRİŞİ'!AN148)","v":""},null,null,null,{"$f":"IF('BİLGİ GİRİŞİ'!AR148=\"\",\"\",'BİLGİ GİRİŞİ'!AR148)","v":""},null,null,null,{"$f":"IF('BİLGİ GİRİŞİ'!AV148=\"\",\"\",'BİLGİ GİRİŞİ'!AV148)","v":""}]
[{"$f":"IF('BİLGİ GİRİŞİ'!D42=\"\",\"\",'BİLGİ GİRİŞİ'!D42)","v":""},{"$f":"IF('BİLGİ GİRİŞİ'!E42=\"\",\"\",'BİLGİ GİRİŞİ'!E42)","v":""},null,null,null,null,null,null,null,null,null,null,null,null,null,{"$f":"IF('BİLGİ GİRİŞİ'!W42=\"\",\"\",'BİLGİ GİRİŞİ'!W42)","v":""},null,null,null,{"$f":"IF('BİLGİ GİRİŞİ'!T42=\"\",\"\",'BİLGİ GİRİŞİ'!T42)","v":""},null,null,null,{"$f":"IF('BİLGİ GİRİŞİ'!AB149=\"\",\"\",'BİLGİ GİRİŞİ'!AB149)","v":""},null,null,null,{"$f":"IF('BİLGİ GİRİŞİ'!AF149=\"\",\"\",'BİLGİ GİRİŞİ'!AF149)","v":""},null,null,null,{"$f":"IF('BİLGİ GİRİŞİ'!AJ149=\"\",\"\",'BİLGİ GİRİŞİ'!AJ149)","v":""},null,null,null,{"$f":"IF('BİLGİ GİRİŞİ'!AN149=\"\",\"\",'BİLGİ GİRİŞİ'!AN149)","v":""},null,null,null,{"$f":"IF('BİLGİ GİRİŞİ'!AR149=\"\",\"\",'BİLGİ GİRİŞİ'!AR149)","v":""},null,null,null,{"$f":"IF('BİLGİ GİRİŞİ'!AV149=\"\",\"\",'BİLGİ GİRİŞİ'!AV149)","v":""}]
[{"$f":"IF('BİLGİ GİRİŞİ'!D43=\"\",\"\",'BİLGİ GİRİŞİ'!D43)","v":""},{"$f":"IF('BİLGİ GİRİŞİ'!E43=\"\",\"\",'BİLGİ GİRİŞİ'!E43)","v":""},null,null,null,null,null,null,null,null,null,null,null,null,null,{"$f":"IF('BİLGİ GİRİŞİ'!W43=\"\",\"\",'BİLGİ GİRİŞİ'!W43)","v":""},null,null,null,{"$f":"IF('BİLGİ GİRİŞİ'!T43=\"\",\"\",'BİLGİ GİRİŞİ'!T43)","v":""},null,null,null,{"$f":"IF('BİLGİ GİRİŞİ'!AB150=\"\",\"\",'BİLGİ GİRİŞİ'!AB150)","v":""},null,null,null,{"$f":"IF('BİLGİ GİRİŞİ'!AF150=\"\",\"\",'BİLGİ GİRİŞİ'!AF150)","v":""},null,null,null,{"$f":"IF('BİLGİ GİRİŞİ'!AJ150=\"\",\"\",'BİLGİ GİRİŞİ'!AJ150)","v":""},null,null,null,{"$f":"IF('BİLGİ GİRİŞİ'!AN150=\"\",\"\",'BİLGİ GİRİŞİ'!AN150)","v":""},null,null,null,{"$f":"IF('BİLGİ GİRİŞİ'!AR150=\"\",\"\",'BİLGİ GİRİŞİ'!AR150)","v":""},null,null,null,{"$f":"IF('BİLGİ GİRİŞİ'!AV150=\"\",\"\",'BİLGİ GİRİŞİ'!AV150)","v":""}]
[{"$f":"IF('BİLGİ GİRİŞİ'!D44=\"\",\"\",'BİLGİ GİRİŞİ'!D44)","v":""},{"$f":"IF('BİLGİ GİRİŞİ'!E44=\"\",\"\",'BİLGİ GİRİŞİ'!E44)","v":""},null,null,null,null,null,null,null,null,null,null,null,null,null,{"$f":"IF('BİLGİ GİRİŞİ'!W44=\"\",\"\",'BİLGİ GİRİŞİ'!W44)","v":""},null,null,null,{"$f":"IF('BİLGİ GİRİŞİ'!T44=\"\",\"\",'BİLGİ GİRİŞİ'!T44)","v":""},null,null,null,{"$f":"IF('BİLGİ GİRİŞİ'!AB151=\"\",\"\",'BİLGİ GİRİŞİ'!AB151)","v":""},null,null,null,{"$f":"IF('BİLGİ GİRİŞİ'!AF151=\"\",\"\",'BİLGİ GİRİŞİ'!AF151)","v":""},null,null,null,{"$f":"IF('BİLGİ GİRİŞİ'!AJ151=\"\",\"\",'BİLGİ GİRİŞİ'!AJ151)","v":""},null,null,null,{"$f":"IF('BİLGİ GİRİŞİ'!AN151=\"\",\"\",'BİLGİ GİRİŞİ'!AN151)","v":""},null,null,null,{"$f":"IF('BİLGİ GİRİŞİ'!AR151=\"\",\"\",'BİLGİ GİRİŞİ'!AR151)","v":""},null,null,null,{"$f":"IF('BİLGİ GİRİŞİ'!AV151=\"\",\"\",'BİLGİ GİRİŞİ'!AV151)","v":""}]
[{"$f":"IF('BİLGİ GİRİŞİ'!D45=\"\",\"\",'BİLGİ GİRİŞİ'!D45)","v":""},{"$f":"IF('BİLGİ GİRİŞİ'!E45=\"\",\"\",'BİLGİ GİRİŞİ'!E45)","v":""},null,null,null,null,null,null,null,null,null,null,null,null,null,{"$f":"IF('BİLGİ GİRİŞİ'!W45=\"\",\"\",'BİLGİ GİRİŞİ'!W45)","v":""},null,null,null,{"$f":"IF('BİLGİ GİRİŞİ'!T45=\"\",\"\",'BİLGİ GİRİŞİ'!T45)","v":""},null,null,null,{"$f":"IF('BİLGİ GİRİŞİ'!AB152=\"\",\"\",'BİLGİ GİRİŞİ'!AB152)","v":""},null,null,null,{"$f":"IF('BİLGİ GİRİŞİ'!AF152=\"\",\"\",'BİLGİ GİRİŞİ'!AF152)","v":""},null,null,null,{"$f":"IF('BİLGİ GİRİŞİ'!AJ152=\"\",\"\",'BİLGİ GİRİŞİ'!AJ152)","v":""},null,null,null,{"$f":"IF('BİLGİ GİRİŞİ'!AN152=\"\",\"\",'BİLGİ GİRİŞİ'!AN152)","v":""},null,null,null,{"$f":"IF('BİLGİ GİRİŞİ'!AR152=\"\",\"\",'BİLGİ GİRİŞİ'!AR152)","v":""},null,null,null,{"$f":"IF('BİLGİ GİRİŞİ'!AV152=\"\",\"\",'BİLGİ GİRİŞİ'!AV152)","v":""}]
[{"$f":"IF('BİLGİ GİRİŞİ'!D46=\"\",\"\",'BİLGİ GİRİŞİ'!D46)","v":""},{"$f":"IF('BİLGİ GİRİŞİ'!E46=\"\",\"\",'BİLGİ GİRİŞİ'!E46)","v":""},null,null,null,null,null,null,null,null,null,null,null,null,null,{"$f":"IF('BİLGİ GİRİŞİ'!W46=\"\",\"\",'BİLGİ GİRİŞİ'!W46)","v":""},null,null,null,{"$f":"IF('BİLGİ GİRİŞİ'!T46=\"\",\"\",'BİLGİ GİRİŞİ'!T46)","v":""},null,null,null,{"$f":"IF('BİLGİ GİRİŞİ'!AB153=\"\",\"\",'BİLGİ GİRİŞİ'!AB153)","v":""},null,null,null,{"$f":"IF('BİLGİ GİRİŞİ'!AF153=\"\",\"\",'BİLGİ GİRİŞİ'!AF153)","v":""},null,null,null,{"$f":"IF('BİLGİ GİRİŞİ'!AJ153=\"\",\"\",'BİLGİ GİRİŞİ'!AJ153)","v":""},null,null,null,{"$f":"IF('BİLGİ GİRİŞİ'!AN153=\"\",\"\",'BİLGİ GİRİŞİ'!AN153)","v":""},null,null,null,{"$f":"IF('BİLGİ GİRİŞİ'!AR153=\"\",\"\",'BİLGİ GİRİŞİ'!AR153)","v":""},null,null,null,{"$f":"IF('BİLGİ GİRİŞİ'!AV153=\"\",\"\",'BİLGİ GİRİŞİ'!AV153)","v":""}]
[{"$f":"IF('BİLGİ GİRİŞİ'!D47=\"\",\"\",'BİLGİ GİRİŞİ'!D47)","v":""},{"$f":"IF('BİLGİ GİRİŞİ'!E47=\"\",\"\",'BİLGİ GİRİŞİ'!E47)","v":""},null,null,null,null,null,null,null,null,null,null,null,null,null,{"$f":"IF('BİLGİ GİRİŞİ'!W47=\"\",\"\",'BİLGİ GİRİŞİ'!W47)","v":""},null,null,null,{"$f":"IF('BİLGİ GİRİŞİ'!T47=\"\",\"\",'BİLGİ GİRİŞİ'!T47)","v":""},null,null,null,{"$f":"IF('BİLGİ GİRİŞİ'!AB154=\"\",\"\",'BİLGİ GİRİŞİ'!AB154)","v":""},null,null,null,{"$f":"IF('BİLGİ GİRİŞİ'!AF154=\"\",\"\",'BİLGİ GİRİŞİ'!AF154)","v":""},null,null,null,{"$f":"IF('BİLGİ GİRİŞİ'!AJ154=\"\",\"\",'BİLGİ GİRİŞİ'!AJ154)","v":""},null,null,null,{"$f":"IF('BİLGİ GİRİŞİ'!AN154=\"\",\"\",'BİLGİ GİRİŞİ'!AN154)","v":""},null,null,null,{"$f":"IF('BİLGİ GİRİŞİ'!AR154=\"\",\"\",'BİLGİ GİRİŞİ'!AR154)","v":""},null,null,null,{"$f":"IF('BİLGİ GİRİŞİ'!AV154=\"\",\"\",'BİLGİ GİRİŞİ'!AV154)","v":""}]
[{"$f":"IF('BİLGİ GİRİŞİ'!D48=\"\",\"\",'BİLGİ GİRİŞİ'!D48)","v":""},{"$f":"IF('BİLGİ GİRİŞİ'!E48=\"\",\"\",'BİLGİ GİRİŞİ'!E48)","v":""},null,null,null,null,null,null,null,null,null,null,null,null,null,{"$f":"IF('BİLGİ GİRİŞİ'!W48=\"\",\"\",'BİLGİ GİRİŞİ'!W48)","v":""},null,null,null,{"$f":"IF('BİLGİ GİRİŞİ'!T48=\"\",\"\",'BİLGİ GİRİŞİ'!T48)","v":""},null,null,null,{"$f":"IF('BİLGİ GİRİŞİ'!AB155=\"\",\"\",'BİLGİ GİRİŞİ'!AB155)","v":""},null,null,null,{"$f":"IF('BİLGİ GİRİŞİ'!AF155=\"\",\"\",'BİLGİ GİRİŞİ'!AF155)","v":""},null,null,null,{"$f":"IF('BİLGİ GİRİŞİ'!AJ155=\"\",\"\",'BİLGİ GİRİŞİ'!AJ155)","v":""},null,null,null,{"$f":"IF('BİLGİ GİRİŞİ'!AN155=\"\",\"\",'BİLGİ GİRİŞİ'!AN155)","v":""},null,null,null,{"$f":"IF('BİLGİ GİRİŞİ'!AR155=\"\",\"\",'BİLGİ GİRİŞİ'!AR155)","v":""},null,null,null,{"$f":"IF('BİLGİ GİRİŞİ'!AV155=\"\",\"\",'BİLGİ GİRİŞİ'!AV155)","v":""}]
[{"$f":"IF('BİLGİ GİRİŞİ'!D49=\"\",\"\",'BİLGİ GİRİŞİ'!D49)","v":""},{"$f":"IF('BİLGİ GİRİŞİ'!E49=\"\",\"\",'BİLGİ GİRİŞİ'!E49)","v":""},null,null,null,null,null,null,null,null,null,null,null,null,null,{"$f":"IF('BİLGİ GİRİŞİ'!W49=\"\",\"\",'BİLGİ GİRİŞİ'!W49)","v":""},null,null,null,{"$f":"IF('BİLGİ GİRİŞİ'!T49=\"\",\"\",'BİLGİ GİRİŞİ'!T49)","v":""},null,null,null,{"$f":"IF('BİLGİ GİRİŞİ'!AB156=\"\",\"\",'BİLGİ GİRİŞİ'!AB156)","v":""},null,null,null,{"$f":"IF('BİLGİ GİRİŞİ'!AF156=\"\",\"\",'BİLGİ GİRİŞİ'!AF156)","v":""},null,null,null,{"$f":"IF('BİLGİ GİRİŞİ'!AJ156=\"\",\"\",'BİLGİ GİRİŞİ'!AJ156)","v":""},null,null,null,{"$f":"IF('BİLGİ GİRİŞİ'!AN156=\"\",\"\",'BİLGİ GİRİŞİ'!AN156)","v":""},null,null,null,{"$f":"IF('BİLGİ GİRİŞİ'!AR156=\"\",\"\",'BİLGİ GİRİŞİ'!AR156)","v":""},null,null,null,{"$f":"IF('BİLGİ GİRİŞİ'!AV156=\"\",\"\",'BİLGİ GİRİŞİ'!AV156)","v":""}]
[{"$f":"IF('BİLGİ GİRİŞİ'!D50=\"\",\"\",'BİLGİ GİRİŞİ'!D50)","v":""},{"$f":"IF('BİLGİ GİRİŞİ'!E50=\"\",\"\",'BİLGİ GİRİŞİ'!E50)","v":""},null,null,null,null,null,null,null,null,null,null,null,null,null,{"$f":"IF('BİLGİ GİRİŞİ'!W50=\"\",\"\",'BİLGİ GİRİŞİ'!W50)","v":""},null,null,null,{"$f":"IF('BİLGİ GİRİŞİ'!T50=\"\",\"\",'BİLGİ GİRİŞİ'!T50)","v":""},null,null,null,{"$f":"IF('BİLGİ GİRİŞİ'!AB157=\"\",\"\",'BİLGİ GİRİŞİ'!AB157)","v":""},null,null,null,{"$f":"IF('BİLGİ GİRİŞİ'!AF157=\"\",\"\",'BİLGİ GİRİŞİ'!AF157)","v":""},null,null,null,{"$f":"IF('BİLGİ GİRİŞİ'!AJ157=\"\",\"\",'BİLGİ GİRİŞİ'!AJ157)","v":""},null,null,null,{"$f":"IF('BİLGİ GİRİŞİ'!AN157=\"\",\"\",'BİLGİ GİRİŞİ'!AN157)","v":""},null,null,null,{"$f":"IF('BİLGİ GİRİŞİ'!AR157=\"\",\"\",'BİLGİ GİRİŞİ'!AR157)","v":""},null,null,null,{"$f":"IF('BİLGİ GİRİŞİ'!AV157=\"\",\"\",'BİLGİ GİRİŞİ'!AV157)","v":""}]
[{"$f":"IF('BİLGİ GİRİŞİ'!D51=\"\",\"\",'BİLGİ GİRİŞİ'!D51)","v":""},{"$f":"IF('BİLGİ GİRİŞİ'!E51=\"\",\"\",'BİLGİ GİRİŞİ'!E51)","v":""},null,null,null,null,null,null,null,null,null,null,null,null,null,{"$f":"IF('BİLGİ GİRİŞİ'!W51=\"\",\"\",'BİLGİ GİRİŞİ'!W51)","v":""},null,null,null,{"$f":"IF('BİLGİ GİRİŞİ'!T51=\"\",\"\",'BİLGİ GİRİŞİ'!T51)","v":""},null,null,null,{"$f":"IF('BİLGİ GİRİŞİ'!AB158=\"\",\"\",'BİLGİ GİRİŞİ'!AB158)","v":""},null,null,null,{"$f":"IF('BİLGİ GİRİŞİ'!AF158=\"\",\"\",'BİLGİ GİRİŞİ'!AF158)","v":""},null,null,null,{"$f":"IF('BİLGİ GİRİŞİ'!AJ158=\"\",\"\",'BİLGİ GİRİŞİ'!AJ158)","v":""},null,null,null,{"$f":"IF('BİLGİ GİRİŞİ'!AN158=\"\",\"\",'BİLGİ GİRİŞİ'!AN158)","v":""},null,null,null,{"$f":"IF('BİLGİ GİRİŞİ'!AR158=\"\",\"\",'BİLGİ GİRİŞİ'!AR158)","v":""},null,null,null,{"$f":"IF('BİLGİ GİRİŞİ'!AV158=\"\",\"\",'BİLGİ GİRİŞİ'!AV158)","v":""}]
[{"$f":"IF('BİLGİ GİRİŞİ'!D52=\"\",\"\",'BİLGİ GİRİŞİ'!D52)","v":""},{"$f":"IF('BİLGİ GİRİŞİ'!E52=\"\",\"\",'BİLGİ GİRİŞİ'!E52)","v":""},null,null,null,null,null,null,null,null,null,null,null,null,null,{"$f":"IF('BİLGİ GİRİŞİ'!W52=\"\",\"\",'BİLGİ GİRİŞİ'!W52)","v":""},null,null,null,{"$f":"IF('BİLGİ GİRİŞİ'!T52=\"\",\"\",'BİLGİ GİRİŞİ'!T52)","v":""},null,null,null,{"$f":"IF('BİLGİ GİRİŞİ'!AB159=\"\",\"\",'BİLGİ GİRİŞİ'!AB159)","v":""},null,null,null,{"$f":"IF('BİLGİ GİRİŞİ'!AF159=\"\",\"\",'BİLGİ GİRİŞİ'!AF159)","v":""},null,null,null,{"$f":"IF('BİLGİ GİRİŞİ'!AJ159=\"\",\"\",'BİLGİ GİRİŞİ'!AJ159)","v":""},null,null,null,{"$f":"IF('BİLGİ GİRİŞİ'!AN159=\"\",\"\",'BİLGİ GİRİŞİ'!AN159)","v":""},null,null,null,{"$f":"IF('BİLGİ GİRİŞİ'!AR159=\"\",\"\",'BİLGİ GİRİŞİ'!AR159)","v":""},null,null,null,{"$f":"IF('BİLGİ GİRİŞİ'!AV159=\"\",\"\",'BİLGİ GİRİŞİ'!AV159)","v":""}]
[{"$f":"IF('BİLGİ GİRİŞİ'!D53=\"\",\"\",'BİLGİ GİRİŞİ'!D53)","v":""},{"$f":"IF('BİLGİ GİRİŞİ'!E53=\"\",\"\",'BİLGİ GİRİŞİ'!E53)","v":""},null,null,null,null,null,null,null,null,null,null,null,null,null,{"$f":"IF('BİLGİ GİRİŞİ'!W53=\"\",\"\",'BİLGİ GİRİŞİ'!W53)","v":""},null,null,null,{"$f":"IF('BİLGİ GİRİŞİ'!T53=\"\",\"\",'BİLGİ GİRİŞİ'!T53)","v":""},null,null,null,{"$f":"IF('BİLGİ GİRİŞİ'!AB160=\"\",\"\",'BİLGİ GİRİŞİ'!AB160)","v":""},null,null,null,{"$f":"IF('BİLGİ GİRİŞİ'!AF160=\"\",\"\",'BİLGİ GİRİŞİ'!AF160)","v":""},null,null,null,{"$f":"IF('BİLGİ GİRİŞİ'!AJ160=\"\",\"\",'BİLGİ GİRİŞİ'!AJ160)","v":""},null,null,null,{"$f":"IF('BİLGİ GİRİŞİ'!AN160=\"\",\"\",'BİLGİ GİRİŞİ'!AN160)","v":""},null,null,null,{"$f":"IF('BİLGİ GİRİŞİ'!AR160=\"\",\"\",'BİLGİ GİRİŞİ'!AR160)","v":""},null,null,null,{"$f":"IF('BİLGİ GİRİŞİ'!AV160=\"\",\"\",'BİLGİ GİRİŞİ'!AV160)","v":""}]
[{"$f":"IF('BİLGİ GİRİŞİ'!D54=\"\",\"\",'BİLGİ GİRİŞİ'!D54)","v":""},{"$f":"IF('BİLGİ GİRİŞİ'!E54=\"\",\"\",'BİLGİ GİRİŞİ'!E54)","v":""},null,null,null,null,null,null,null,null,null,null,null,null,null,{"$f":"IF('BİLGİ GİRİŞİ'!W54=\"\",\"\",'BİLGİ GİRİŞİ'!W54)","v":""},null,null,null,{"$f":"IF('BİLGİ GİRİŞİ'!T54=\"\",\"\",'BİLGİ GİRİŞİ'!T54)","v":""},null,null,null,{"$f":"IF('BİLGİ GİRİŞİ'!AB161=\"\",\"\",'BİLGİ GİRİŞİ'!AB161)","v":""},null,null,null,{"$f":"IF('BİLGİ GİRİŞİ'!AF161=\"\",\"\",'BİLGİ GİRİŞİ'!AF161)","v":""},null,null,null,{"$f":"IF('BİLGİ GİRİŞİ'!AJ161=\"\",\"\",'BİLGİ GİRİŞİ'!AJ161)","v":""},null,null,null,{"$f":"IF('BİLGİ GİRİŞİ'!AN161=\"\",\"\",'BİLGİ GİRİŞİ'!AN161)","v":""},null,null,null,{"$f":"IF('BİLGİ GİRİŞİ'!AR161=\"\",\"\",'BİLGİ GİRİŞİ'!AR161)","v":""},null,null,null,{"$f":"IF('BİLGİ GİRİŞİ'!AV161=\"\",\"\",'BİLGİ GİRİŞİ'!AV161)","v":""}]
[{"$f":"IF('BİLGİ GİRİŞİ'!D55=\"\",\"\",'BİLGİ GİRİŞİ'!D55)","v":""},{"$f":"IF('BİLGİ GİRİŞİ'!E55=\"\",\"\",'BİLGİ GİRİŞİ'!E55)","v":""},null,null,null,null,null,null,null,null,null,null,null,null,null,{"$f":"IF('BİLGİ GİRİŞİ'!W55=\"\",\"\",'BİLGİ GİRİŞİ'!W55)","v":""},null,null,null,{"$f":"IF('BİLGİ GİRİŞİ'!T55=\"\",\"\",'BİLGİ GİRİŞİ'!T55)","v":""},null,null,null,{"$f":"IF('BİLGİ GİRİŞİ'!AB162=\"\",\"\",'BİLGİ GİRİŞİ'!AB162)","v":""},null,null,null,{"$f":"IF('BİLGİ GİRİŞİ'!AF162=\"\",\"\",'BİLGİ GİRİŞİ'!AF162)","v":""},null,null,null,{"$f":"IF('BİLGİ GİRİŞİ'!AJ162=\"\",\"\",'BİLGİ GİRİŞİ'!AJ162)","v":""},null,null,null,{"$f":"IF('BİLGİ GİRİŞİ'!AN162=\"\",\"\",'BİLGİ GİRİŞİ'!AN162)","v":""},null,null,null,{"$f":"IF('BİLGİ GİRİŞİ'!AR162=\"\",\"\",'BİLGİ GİRİŞİ'!AR162)","v":""},null,null,null,{"$f":"IF('BİLGİ GİRİŞİ'!AV162=\"\",\"\",'BİLGİ GİRİŞİ'!AV162)","v":""}]
[{"$f":"IF('BİLGİ GİRİŞİ'!D56=\"\",\"\",'BİLGİ GİRİŞİ'!D56)","v":""},{"$f":"IF('BİLGİ GİRİŞİ'!E56=\"\",\"\",'BİLGİ GİRİŞİ'!E56)","v":""},null,null,null,null,null,null,null,null,null,null,null,null,null,{"$f":"IF('BİLGİ GİRİŞİ'!W56=\"\",\"\",'BİLGİ GİRİŞİ'!W56)","v":""},null,null,null,{"$f":"IF('BİLGİ GİRİŞİ'!T56=\"\",\"\",'BİLGİ GİRİŞİ'!T56)","v":""},null,null,null,{"$f":"IF('BİLGİ GİRİŞİ'!AB163=\"\",\"\",'BİLGİ GİRİŞİ'!AB163)","v":""},null,null,null,{"$f":"IF('BİLGİ GİRİŞİ'!AF163=\"\",\"\",'BİLGİ GİRİŞİ'!AF163)","v":""},null,null,null,{"$f":"IF('BİLGİ GİRİŞİ'!AJ163=\"\",\"\",'BİLGİ GİRİŞİ'!AJ163)","v":""},null,null,null,{"$f":"IF('BİLGİ GİRİŞİ'!AN163=\"\",\"\",'BİLGİ GİRİŞİ'!AN163)","v":""},null,null,null,{"$f":"IF('BİLGİ GİRİŞİ'!AR163=\"\",\"\",'BİLGİ GİRİŞİ'!AR163)","v":""},null,null,null,{"$f":"IF('BİLGİ GİRİŞİ'!AV163=\"\",\"\",'BİLGİ GİRİŞİ'!AV163)","v":""}]
[{"$f":"IF('BİLGİ GİRİŞİ'!D57=\"\",\"\",'BİLGİ GİRİŞİ'!D57)","v":""},{"$f":"IF('BİLGİ GİRİŞİ'!E57=\"\",\"\",'BİLGİ GİRİŞİ'!E57)","v":""},null,null,null,null,null,null,null,null,null,null,null,null,null,{"$f":"IF('BİLGİ GİRİŞİ'!W57=\"\",\"\",'BİLGİ GİRİŞİ'!W57)","v":""},null,null,null,{"$f":"IF('BİLGİ GİRİŞİ'!T57=\"\",\"\",'BİLGİ GİRİŞİ'!T57)","v":""},null,null,null,{"$f":"IF('BİLGİ GİRİŞİ'!AB164=\"\",\"\",'BİLGİ GİRİŞİ'!AB164)","v":""},null,null,null,{"$f":"IF('BİLGİ GİRİŞİ'!AF164=\"\",\"\",'BİLGİ GİRİŞİ'!AF164)","v":""},null,null,null,{"$f":"IF('BİLGİ GİRİŞİ'!AJ164=\"\",\"\",'BİLGİ GİRİŞİ'!AJ164)","v":""},null,null,null,{"$f":"IF('BİLGİ GİRİŞİ'!AN164=\"\",\"\",'BİLGİ GİRİŞİ'!AN164)","v":""},null,null,null,{"$f":"IF('BİLGİ GİRİŞİ'!AR164=\"\",\"\",'BİLGİ GİRİŞİ'!AR164)","v":""},null,null,null,{"$f":"IF('BİLGİ GİRİŞİ'!AV164=\"\",\"\",'BİLGİ GİRİŞİ'!AV164)","v":""}]
[{"$f":"IF('BİLGİ GİRİŞİ'!D58=\"\",\"\",'BİLGİ GİRİŞİ'!D58)","v":""},{"$f":"IF('BİLGİ GİRİŞİ'!E58=\"\",\"\",'BİLGİ GİRİŞİ'!E58)","v":""},null,null,null,null,null,null,null,null,null,null,null,null,null,{"$f":"IF('BİLGİ GİRİŞİ'!W58=\"\",\"\",'BİLGİ GİRİŞİ'!W58)","v":""},null,null,null,{"$f":"IF('BİLGİ GİRİŞİ'!T58=\"\",\"\",'BİLGİ GİRİŞİ'!T58)","v":""},null,null,null,{"$f":"IF('BİLGİ GİRİŞİ'!AB165=\"\",\"\",'BİLGİ GİRİŞİ'!AB165)","v":""},null,null,null,{"$f":"IF('BİLGİ GİRİŞİ'!AF165=\"\",\"\",'BİLGİ GİRİŞİ'!AF165)","v":""},null,null,null,{"$f":"IF('BİLGİ GİRİŞİ'!AJ165=\"\",\"\",'BİLGİ GİRİŞİ'!AJ165)","v":""},null,null,null,{"$f":"IF('BİLGİ GİRİŞİ'!AN165=\"\",\"\",'BİLGİ GİRİŞİ'!AN165)","v":""},null,null,null,{"$f":"IF('BİLGİ GİRİŞİ'!AR165=\"\",\"\",'BİLGİ GİRİŞİ'!AR165)","v":""},null,null,null,{"$f":"IF('BİLGİ GİRİŞİ'!AV165=\"\",\"\",'BİLGİ GİRİŞİ'!AV165)","v":""}]
[{"$f":"IF('BİLGİ GİRİŞİ'!D59=\"\",\"\",'BİLGİ GİRİŞİ'!D59)","v":""},{"$f":"IF('BİLGİ GİRİŞİ'!E59=\"\",\"\",'BİLGİ GİRİŞİ'!E59)","v":""},null,null,null,null,null,null,null,null,null,null,null,null,null,{"$f":"IF('BİLGİ GİRİŞİ'!W59=\"\",\"\",'BİLGİ GİRİŞİ'!W59)","v":""},null,null,null,{"$f":"IF('BİLGİ GİRİŞİ'!T59=\"\",\"\",'BİLGİ GİRİŞİ'!T59)","v":""},null,null,null,{"$f":"IF('BİLGİ GİRİŞİ'!AB166=\"\",\"\",'BİLGİ GİRİŞİ'!AB166)","v":""},null,null,null,{"$f":"IF('BİLGİ GİRİŞİ'!AF166=\"\",\"\",'BİLGİ GİRİŞİ'!AF166)","v":""},null,null,null,{"$f":"IF('BİLGİ GİRİŞİ'!AJ166=\"\",\"\",'BİLGİ GİRİŞİ'!AJ166)","v":""},null,null,null,{"$f":"IF('BİLGİ GİRİŞİ'!AN166=\"\",\"\",'BİLGİ GİRİŞİ'!AN166)","v":""},null,null,null,{"$f":"IF('BİLGİ GİRİŞİ'!AR166=\"\",\"\",'BİLGİ GİRİŞİ'!AR166)","v":""},null,null,null,{"$f":"IF('BİLGİ GİRİŞİ'!AV166=\"\",\"\",'BİLGİ GİRİŞİ'!AV166)","v":""}]
[{"$f":"IF('BİLGİ GİRİŞİ'!D60=\"\",\"\",'BİLGİ GİRİŞİ'!D60)","v":""},{"$f":"IF('BİLGİ GİRİŞİ'!E60=\"\",\"\",'BİLGİ GİRİŞİ'!E60)","v":""},null,null,null,null,null,null,null,null,null,null,null,null,null,{"$f":"IF('BİLGİ GİRİŞİ'!W60=\"\",\"\",'BİLGİ GİRİŞİ'!W60)","v":""},null,null,null,{"$f":"IF('BİLGİ GİRİŞİ'!T60=\"\",\"\",'BİLGİ GİRİŞİ'!T60)","v":""},null,null,null,{"$f":"IF('BİLGİ GİRİŞİ'!AB167=\"\",\"\",'BİLGİ GİRİŞİ'!AB167)","v":""},null,null,null,{"$f":"IF('BİLGİ GİRİŞİ'!AF167=\"\",\"\",'BİLGİ GİRİŞİ'!AF167)","v":""},null,null,null,{"$f":"IF('BİLGİ GİRİŞİ'!AJ167=\"\",\"\",'BİLGİ GİRİŞİ'!AJ167)","v":""},null,null,null,{"$f":"IF('BİLGİ GİRİŞİ'!AN167=\"\",\"\",'BİLGİ GİRİŞİ'!AN167)","v":""},null,null,null,{"$f":"IF('BİLGİ GİRİŞİ'!AR167=\"\",\"\",'BİLGİ GİRİŞİ'!AR167)","v":""},null,null,null,{"$f":"IF('BİLGİ GİRİŞİ'!AV167=\"\",\"\",'BİLGİ GİRİŞİ'!AV167)","v":""}]
[{"$f":"IF('BİLGİ GİRİŞİ'!D61=\"\",\"\",'BİLGİ GİRİŞİ'!D61)","v":""},{"$f":"IF('BİLGİ GİRİŞİ'!E61=\"\",\"\",'BİLGİ GİRİŞİ'!E61)","v":""},null,null,null,null,null,null,null,null,null,null,null,null,null,{"$f":"IF('BİLGİ GİRİŞİ'!W61=\"\",\"\",'BİLGİ GİRİŞİ'!W61)","v":""},null,null,null,{"$f":"IF('BİLGİ GİRİŞİ'!T61=\"\",\"\",'BİLGİ GİRİŞİ'!T61)","v":""},null,null,null,{"$f":"IF('BİLGİ GİRİŞİ'!AB168=\"\",\"\",'BİLGİ GİRİŞİ'!AB168)","v":""},null,null,null,{"$f":"IF('BİLGİ GİRİŞİ'!AF168=\"\",\"\",'BİLGİ GİRİŞİ'!AF168)","v":""},null,null,null,{"$f":"IF('BİLGİ GİRİŞİ'!AJ168=\"\",\"\",'BİLGİ GİRİŞİ'!AJ168)","v":""},null,null,null,{"$f":"IF('BİLGİ GİRİŞİ'!AN168=\"\",\"\",'BİLGİ GİRİŞİ'!AN168)","v":""},null,null,null,{"$f":"IF('BİLGİ GİRİŞİ'!AR168=\"\",\"\",'BİLGİ GİRİŞİ'!AR168)","v":""},null,null,null,{"$f":"IF('BİLGİ GİRİŞİ'!AV168=\"\",\"\",'BİLGİ GİRİŞİ'!AV168)","v":""}]
[{"$f":"IF('BİLGİ GİRİŞİ'!D62=\"\",\"\",'BİLGİ GİRİŞİ'!D62)","v":""},{"$f":"IF('BİLGİ GİRİŞİ'!E62=\"\",\"\",'BİLGİ GİRİŞİ'!E62)","v":""},null,null,null,null,null,null,null,null,null,null,null,null,null,{"$f":"IF('BİLGİ GİRİŞİ'!W62=\"\",\"\",'BİLGİ GİRİŞİ'!W62)","v":""},null,null,null,{"$f":"IF('BİLGİ GİRİŞİ'!T62=\"\",\"\",'BİLGİ GİRİŞİ'!T62)","v":""},null,null,null,{"$f":"IF('BİLGİ GİRİŞİ'!AB169=\"\",\"\",'BİLGİ GİRİŞİ'!AB169)","v":""},null,null,null,{"$f":"IF('BİLGİ GİRİŞİ'!AF169=\"\",\"\",'BİLGİ GİRİŞİ'!AF169)","v":""},null,null,null,{"$f":"IF('BİLGİ GİRİŞİ'!AJ169=\"\",\"\",'BİLGİ GİRİŞİ'!AJ169)","v":""},null,null,null,{"$f":"IF('BİLGİ GİRİŞİ'!AN169=\"\",\"\",'BİLGİ GİRİŞİ'!AN169)","v":""},null,null,null,{"$f":"IF('BİLGİ GİRİŞİ'!AR169=\"\",\"\",'BİLGİ GİRİŞİ'!AR169)","v":""},null,null,null,{"$f":"IF('BİLGİ GİRİŞİ'!AV169=\"\",\"\",'BİLGİ GİRİŞİ'!AV169)","v":""}]
[{"$f":"IF('BİLGİ GİRİŞİ'!D63=\"\",\"\",'BİLGİ GİRİŞİ'!D63)","v":""},{"$f":"IF('BİLGİ GİRİŞİ'!E63=\"\",\"\",'BİLGİ GİRİŞİ'!E63)","v":""},null,null,null,null,null,null,null,null,null,null,null,null,null,{"$f":"IF('BİLGİ GİRİŞİ'!W63=\"\",\"\",'BİLGİ GİRİŞİ'!W63)","v":""},null,null,null,{"$f":"IF('BİLGİ GİRİŞİ'!T63=\"\",\"\",'BİLGİ GİRİŞİ'!T63)","v":""},null,null,null,{"$f":"IF('BİLGİ GİRİŞİ'!AB170=\"\",\"\",'BİLGİ GİRİŞİ'!AB170)","v":""},null,null,null,{"$f":"IF('BİLGİ GİRİŞİ'!AF170=\"\",\"\",'BİLGİ GİRİŞİ'!AF170)","v":""},null,null,null,{"$f":"IF('BİLGİ GİRİŞİ'!AJ170=\"\",\"\",'BİLGİ GİRİŞİ'!AJ170)","v":""},null,null,null,{"$f":"IF('BİLGİ GİRİŞİ'!AN170=\"\",\"\",'BİLGİ GİRİŞİ'!AN170)","v":""},null,null,null,{"$f":"IF('BİLGİ GİRİŞİ'!AR170=\"\",\"\",'BİLGİ GİRİŞİ'!AR170)","v":""},null,null,null,{"$f":"IF('BİLGİ GİRİŞİ'!AV170=\"\",\"\",'BİLGİ GİRİŞİ'!AV170)","v":""}]
[{"$f":"IF('BİLGİ GİRİŞİ'!D64=\"\",\"\",'BİLGİ GİRİŞİ'!D64)","v":""},{"$f":"IF('BİLGİ GİRİŞİ'!E64=\"\",\"\",'BİLGİ GİRİŞİ'!E64)","v":""},null,null,null,null,null,null,null,null,null,null,null,null,null,{"$f":"IF('BİLGİ GİRİŞİ'!W64=\"\",\"\",'BİLGİ GİRİŞİ'!W64)","v":""},null,null,null,{"$f":"IF('BİLGİ GİRİŞİ'!T64=\"\",\"\",'BİLGİ GİRİŞİ'!T64)","v":""},null,null,null,{"$f":"IF('BİLGİ GİRİŞİ'!AB171=\"\",\"\",'BİLGİ GİRİŞİ'!AB171)","v":""},null,null,null,{"$f":"IF('BİLGİ GİRİŞİ'!AF171=\"\",\"\",'BİLGİ GİRİŞİ'!AF171)","v":""},null,null,null,{"$f":"IF('BİLGİ GİRİŞİ'!AJ171=\"\",\"\",'BİLGİ GİRİŞİ'!AJ171)","v":""},null,null,null,{"$f":"IF('BİLGİ GİRİŞİ'!AN171=\"\",\"\",'BİLGİ GİRİŞİ'!AN171)","v":""},null,null,null,{"$f":"IF('BİLGİ GİRİŞİ'!AR171=\"\",\"\",'BİLGİ GİRİŞİ'!AR171)","v":""},null,null,null,{"$f":"IF('BİLGİ GİRİŞİ'!AV171=\"\",\"\",'BİLGİ GİRİŞİ'!AV171)","v":""}]
[{"$f":"IF('BİLGİ GİRİŞİ'!D65=\"\",\"\",'BİLGİ GİRİŞİ'!D65)","v":""},{"$f":"IF('BİLGİ GİRİŞİ'!E65=\"\",\"\",'BİLGİ GİRİŞİ'!E65)","v":""},null,null,null,null,null,null,null,null,null,null,null,null,null,{"$f":"IF('BİLGİ GİRİŞİ'!W65=\"\",\"\",'BİLGİ GİRİŞİ'!W65)","v":""},null,null,null,{"$f":"IF('BİLGİ GİRİŞİ'!T65=\"\",\"\",'BİLGİ GİRİŞİ'!T65)","v":""},null,null,null,{"$f":"IF('BİLGİ GİRİŞİ'!AB172=\"\",\"\",'BİLGİ GİRİŞİ'!AB172)","v":""},null,null,null,{"$f":"IF('BİLGİ GİRİŞİ'!AF172=\"\",\"\",'BİLGİ GİRİŞİ'!AF172)","v":""},null,null,null,{"$f":"IF('BİLGİ GİRİŞİ'!AJ172=\"\",\"\",'BİLGİ GİRİŞİ'!AJ172)","v":""},null,null,null,{"$f":"IF('BİLGİ GİRİŞİ'!AN172=\"\",\"\",'BİLGİ GİRİŞİ'!AN172)","v":""},null,null,null,{"$f":"IF('BİLGİ GİRİŞİ'!AR172=\"\",\"\",'BİLGİ GİRİŞİ'!AR172)","v":""},null,null,null,{"$f":"IF('BİLGİ GİRİŞİ'!AV172=\"\",\"\",'BİLGİ GİRİŞİ'!AV172)","v":""}]
[{"$f":"IF('BİLGİ GİRİŞİ'!D66=\"\",\"\",'BİLGİ GİRİŞİ'!D66)","v":""},{"$f":"IF('BİLGİ GİRİŞİ'!E66=\"\",\"\",'BİLGİ GİRİŞİ'!E66)","v":""},null,null,null,null,null,null,null,null,null,null,null,null,null,{"$f":"IF('BİLGİ GİRİŞİ'!W66=\"\",\"\",'BİLGİ GİRİŞİ'!W66)","v":""},null,null,null,{"$f":"IF('BİLGİ GİRİŞİ'!T66=\"\",\"\",'BİLGİ GİRİŞİ'!T66)","v":""},null,null,null,{"$f":"IF('BİLGİ GİRİŞİ'!AB173=\"\",\"\",'BİLGİ GİRİŞİ'!AB173)","v":""},null,null,null,{"$f":"IF('BİLGİ GİRİŞİ'!AF173=\"\",\"\",'BİLGİ GİRİŞİ'!AF173)","v":""},null,null,null,{"$f":"IF('BİLGİ GİRİŞİ'!AJ173=\"\",\"\",'BİLGİ GİRİŞİ'!AJ173)","v":""},null,null,null,{"$f":"IF('BİLGİ GİRİŞİ'!AN173=\"\",\"\",'BİLGİ GİRİŞİ'!AN173)","v":""},null,null,null,{"$f":"IF('BİLGİ GİRİŞİ'!AR173=\"\",\"\",'BİLGİ GİRİŞİ'!AR173)","v":""},null,null,null,{"$f":"IF('BİLGİ GİRİŞİ'!AV173=\"\",\"\",'BİLGİ GİRİŞİ'!AV173)","v":""}]
[{"$f":"IF('BİLGİ GİRİŞİ'!D67=\"\",\"\",'BİLGİ GİRİŞİ'!D67)","v":""},{"$f":"IF('BİLGİ GİRİŞİ'!E67=\"\",\"\",'BİLGİ GİRİŞİ'!E67)","v":""},null,null,null,null,null,null,null,null,null,null,null,null,null,{"$f":"IF('BİLGİ GİRİŞİ'!W67=\"\",\"\",'BİLGİ GİRİŞİ'!W67)","v":""},null,null,null,{"$f":"IF('BİLGİ GİRİŞİ'!T67=\"\",\"\",'BİLGİ GİRİŞİ'!T67)","v":""},null,null,null,{"$f":"IF('BİLGİ GİRİŞİ'!AB174=\"\",\"\",'BİLGİ GİRİŞİ'!AB174)","v":""},null,null,null,{"$f":"IF('BİLGİ GİRİŞİ'!AF174=\"\",\"\",'BİLGİ GİRİŞİ'!AF174)","v":""},null,null,null,{"$f":"IF('BİLGİ GİRİŞİ'!AJ174=\"\",\"\",'BİLGİ GİRİŞİ'!AJ174)","v":""},null,null,null,{"$f":"IF('BİLGİ GİRİŞİ'!AN174=\"\",\"\",'BİLGİ GİRİŞİ'!AN174)","v":""},null,null,null,{"$f":"IF('BİLGİ GİRİŞİ'!AR174=\"\",\"\",'BİLGİ GİRİŞİ'!AR174)","v":""},null,null,null,{"$f":"IF('BİLGİ GİRİŞİ'!AV174=\"\",\"\",'BİLGİ GİRİŞİ'!AV174)","v":""}]
[{"$f":"IF('BİLGİ GİRİŞİ'!D68=\"\",\"\",'BİLGİ GİRİŞİ'!D68)","v":""},{"$f":"IF('BİLGİ GİRİŞİ'!E68=\"\",\"\",'BİLGİ GİRİŞİ'!E68)","v":""},null,null,null,null,null,null,null,null,null,null,null,null,null,{"$f":"IF('BİLGİ GİRİŞİ'!W68=\"\",\"\",'BİLGİ GİRİŞİ'!W68)","v":""},null,null,null,{"$f":"IF('BİLGİ GİRİŞİ'!T68=\"\",\"\",'BİLGİ GİRİŞİ'!T68)","v":""},null,null,null,{"$f":"IF('BİLGİ GİRİŞİ'!AB175=\"\",\"\",'BİLGİ GİRİŞİ'!AB175)","v":""},null,null,null,{"$f":"IF('BİLGİ GİRİŞİ'!AF175=\"\",\"\",'BİLGİ GİRİŞİ'!AF175)","v":""},null,null,null,{"$f":"IF('BİLGİ GİRİŞİ'!AJ175=\"\",\"\",'BİLGİ GİRİŞİ'!AJ175)","v":""},null,null,null,{"$f":"IF('BİLGİ GİRİŞİ'!AN175=\"\",\"\",'BİLGİ GİRİŞİ'!AN175)","v":""},null,null,null,{"$f":"IF('BİLGİ GİRİŞİ'!AR175=\"\",\"\",'BİLGİ GİRİŞİ'!AR175)","v":""},null,null,null,{"$f":"IF('BİLGİ GİRİŞİ'!AV175=\"\",\"\",'BİLGİ GİRİŞİ'!AV175)","v":""}]
[{"$f":"IF('BİLGİ GİRİŞİ'!D69=\"\",\"\",'BİLGİ GİRİŞİ'!D69)","v":""},{"$f":"IF('BİLGİ GİRİŞİ'!E69=\"\",\"\",'BİLGİ GİRİŞİ'!E69)","v":""},null,null,null,null,null,null,null,null,null,null,null,null,null,{"$f":"IF('BİLGİ GİRİŞİ'!W69=\"\",\"\",'BİLGİ GİRİŞİ'!W69)","v":""},null,null,null,{"$f":"IF('BİLGİ GİRİŞİ'!T69=\"\",\"\",'BİLGİ GİRİŞİ'!T69)","v":""},null,null,null,{"$f":"IF('BİLGİ GİRİŞİ'!AB176=\"\",\"\",'BİLGİ GİRİŞİ'!AB176)","v":""},null,null,null,{"$f":"IF('BİLGİ GİRİŞİ'!AF176=\"\",\"\",'BİLGİ GİRİŞİ'!AF176)","v":""},null,null,null,{"$f":"IF('BİLGİ GİRİŞİ'!AJ176=\"\",\"\",'BİLGİ GİRİŞİ'!AJ176)","v":""},null,null,null,{"$f":"IF('BİLGİ GİRİŞİ'!AN176=\"\",\"\",'BİLGİ GİRİŞİ'!AN176)","v":""},null,null,null,{"$f":"IF('BİLGİ GİRİŞİ'!AR176=\"\",\"\",'BİLGİ GİRİŞİ'!AR176)","v":""},null,null,null,{"$f":"IF('BİLGİ GİRİŞİ'!AV176=\"\",\"\",'BİLGİ GİRİŞİ'!AV176)","v":""}]
[{"$f":"IF('BİLGİ GİRİŞİ'!D70=\"\",\"\",'BİLGİ GİRİŞİ'!D70)","v":""},{"$f":"IF('BİLGİ GİRİŞİ'!E70=\"\",\"\",'BİLGİ GİRİŞİ'!E70)","v":""},null,null,null,null,null,null,null,null,null,null,null,null,null,{"$f":"IF('BİLGİ GİRİŞİ'!W70=\"\",\"\",'BİLGİ GİRİŞİ'!W70)","v":""},null,null,null,{"$f":"IF('BİLGİ GİRİŞİ'!T70=\"\",\"\",'BİLGİ GİRİŞİ'!T70)","v":""},null,null,null,{"$f":"IF('BİLGİ GİRİŞİ'!AB177=\"\",\"\",'BİLGİ GİRİŞİ'!AB177)","v":""},null,null,null,{"$f":"IF('BİLGİ GİRİŞİ'!AF177=\"\",\"\",'BİLGİ GİRİŞİ'!AF177)","v":""},null,null,null,{"$f":"IF('BİLGİ GİRİŞİ'!AJ177=\"\",\"\",'BİLGİ GİRİŞİ'!AJ177)","v":""},null,null,null,{"$f":"IF('BİLGİ GİRİŞİ'!AN177=\"\",\"\",'BİLGİ GİRİŞİ'!AN177)","v":""},null,null,null,{"$f":"IF('BİLGİ GİRİŞİ'!AR177=\"\",\"\",'BİLGİ GİRİŞİ'!AR177)","v":""},null,null,null,{"$f":"IF('BİLGİ GİRİŞİ'!AV177=\"\",\"\",'BİLGİ GİRİŞİ'!AV177)","v":""}]
[{"$f":"IF('BİLGİ GİRİŞİ'!D71=\"\",\"\",'BİLGİ GİRİŞİ'!D71)","v":""},{"$f":"IF('BİLGİ GİRİŞİ'!E71=\"\",\"\",'BİLGİ GİRİŞİ'!E71)","v":""},null,null,null,null,null,null,null,null,null,null,null,null,null,{"$f":"IF('BİLGİ GİRİŞİ'!W71=\"\",\"\",'BİLGİ GİRİŞİ'!W71)","v":""},null,null,null,{"$f":"IF('BİLGİ GİRİŞİ'!T71=\"\",\"\",'BİLGİ GİRİŞİ'!T71)","v":""},null,null,null,{"$f":"IF('BİLGİ GİRİŞİ'!AB178=\"\",\"\",'BİLGİ GİRİŞİ'!AB178)","v":""},null,null,null,{"$f":"IF('BİLGİ GİRİŞİ'!AF178=\"\",\"\",'BİLGİ GİRİŞİ'!AF178)","v":""},null,null,null,{"$f":"IF('BİLGİ GİRİŞİ'!AJ178=\"\",\"\",'BİLGİ GİRİŞİ'!AJ178)","v":""},null,null,null,{"$f":"IF('BİLGİ GİRİŞİ'!AN178=\"\",\"\",'BİLGİ GİRİŞİ'!AN178)","v":""},null,null,null,{"$f":"IF('BİLGİ GİRİŞİ'!AR178=\"\",\"\",'BİLGİ GİRİŞİ'!AR178)","v":""},null,null,null,{"$f":"IF('BİLGİ GİRİŞİ'!AV178=\"\",\"\",'BİLGİ GİRİŞİ'!AV178)","v":""}]
[{"$f":"IF('BİLGİ GİRİŞİ'!D72=\"\",\"\",'BİLGİ GİRİŞİ'!D72)","v":""},{"$f":"IF('BİLGİ GİRİŞİ'!E72=\"\",\"\",'BİLGİ GİRİŞİ'!E72)","v":""},null,null,null,null,null,null,null,null,null,null,null,null,null,{"$f":"IF('BİLGİ GİRİŞİ'!W72=\"\",\"\",'BİLGİ GİRİŞİ'!W72)","v":""},null,null,null,{"$f":"IF('BİLGİ GİRİŞİ'!T72=\"\",\"\",'BİLGİ GİRİŞİ'!T72)","v":""},null,null,null,{"$f":"IF('BİLGİ GİRİŞİ'!AB179=\"\",\"\",'BİLGİ GİRİŞİ'!AB179)","v":""},null,null,null,{"$f":"IF('BİLGİ GİRİŞİ'!AF179=\"\",\"\",'BİLGİ GİRİŞİ'!AF179)","v":""},null,null,null,{"$f":"IF('BİLGİ GİRİŞİ'!AJ179=\"\",\"\",'BİLGİ GİRİŞİ'!AJ179)","v":""},null,null,null,{"$f":"IF('BİLGİ GİRİŞİ'!AN179=\"\",\"\",'BİLGİ GİRİŞİ'!AN179)","v":""},null,null,null,{"$f":"IF('BİLGİ GİRİŞİ'!AR179=\"\",\"\",'BİLGİ GİRİŞİ'!AR179)","v":""},null,null,null,{"$f":"IF('BİLGİ GİRİŞİ'!AV179=\"\",\"\",'BİLGİ GİRİŞİ'!AV179)","v":""}]
[{"$f":"IF('BİLGİ GİRİŞİ'!D73=\"\",\"\",'BİLGİ GİRİŞİ'!D73)","v":""},{"$f":"IF('BİLGİ GİRİŞİ'!E73=\"\",\"\",'BİLGİ GİRİŞİ'!E73)","v":""},null,null,null,null,null,null,null,null,null,null,null,null,null,{"$f":"IF('BİLGİ GİRİŞİ'!W73=\"\",\"\",'BİLGİ GİRİŞİ'!W73)","v":""},null,null,null,{"$f":"IF('BİLGİ GİRİŞİ'!T73=\"\",\"\",'BİLGİ GİRİŞİ'!T73)","v":""},null,null,null,{"$f":"IF('BİLGİ GİRİŞİ'!AB180=\"\",\"\",'BİLGİ GİRİŞİ'!AB180)","v":""},null,null,null,{"$f":"IF('BİLGİ GİRİŞİ'!AF180=\"\",\"\",'BİLGİ GİRİŞİ'!AF180)","v":""},null,null,null,{"$f":"IF('BİLGİ GİRİŞİ'!AJ180=\"\",\"\",'BİLGİ GİRİŞİ'!AJ180)","v":""},null,null,null,{"$f":"IF('BİLGİ GİRİŞİ'!AN180=\"\",\"\",'BİLGİ GİRİŞİ'!AN180)","v":""},null,null,null,{"$f":"IF('BİLGİ GİRİŞİ'!AR180=\"\",\"\",'BİLGİ GİRİŞİ'!AR180)","v":""},null,null,null,{"$f":"IF('BİLGİ GİRİŞİ'!AV180=\"\",\"\",'BİLGİ GİRİŞİ'!AV180)","v":""}]
[{"$f":"IF('BİLGİ GİRİŞİ'!D74=\"\",\"\",'BİLGİ GİRİŞİ'!D74)","v":""},{"$f":"IF('BİLGİ GİRİŞİ'!E74=\"\",\"\",'BİLGİ GİRİŞİ'!E74)","v":""},null,null,null,null,null,null,null,null,null,null,null,null,null,{"$f":"IF('BİLGİ GİRİŞİ'!W74=\"\",\"\",'BİLGİ GİRİŞİ'!W74)","v":""},null,null,null,{"$f":"IF('BİLGİ GİRİŞİ'!T74=\"\",\"\",'BİLGİ GİRİŞİ'!T74)","v":""},null,null,null,{"$f":"IF('BİLGİ GİRİŞİ'!AB181=\"\",\"\",'BİLGİ GİRİŞİ'!AB181)","v":""},null,null,null,{"$f":"IF('BİLGİ GİRİŞİ'!AF181=\"\",\"\",'BİLGİ GİRİŞİ'!AF181)","v":""},null,null,null,{"$f":"IF('BİLGİ GİRİŞİ'!AJ181=\"\",\"\",'BİLGİ GİRİŞİ'!AJ181)","v":""},null,null,null,{"$f":"IF('BİLGİ GİRİŞİ'!AN181=\"\",\"\",'BİLGİ GİRİŞİ'!AN181)","v":""},null,null,null,{"$f":"IF('BİLGİ GİRİŞİ'!AR181=\"\",\"\",'BİLGİ GİRİŞİ'!AR181)","v":""},null,null,null,{"$f":"IF('BİLGİ GİRİŞİ'!AV181=\"\",\"\",'BİLGİ GİRİŞİ'!AV181)","v":""}]
[{"$f":"IF('BİLGİ GİRİŞİ'!D75=\"\",\"\",'BİLGİ GİRİŞİ'!D75)","v":""},{"$f":"IF('BİLGİ GİRİŞİ'!E75=\"\",\"\",'BİLGİ GİRİŞİ'!E75)","v":""},null,null,null,null,null,null,null,null,null,null,null,null,null,{"$f":"IF('BİLGİ GİRİŞİ'!W75=\"\",\"\",'BİLGİ GİRİŞİ'!W75)","v":""},null,null,null,{"$f":"IF('BİLGİ GİRİŞİ'!T75=\"\",\"\",'BİLGİ GİRİŞİ'!T75)","v":""},null,null,null,{"$f":"IF('BİLGİ GİRİŞİ'!AB182=\"\",\"\",'BİLGİ GİRİŞİ'!AB182)","v":""},null,null,null,{"$f":"IF('BİLGİ GİRİŞİ'!AF182=\"\",\"\",'BİLGİ GİRİŞİ'!AF182)","v":""},null,null,null,{"$f":"IF('BİLGİ GİRİŞİ'!AJ182=\"\",\"\",'BİLGİ GİRİŞİ'!AJ182)","v":""},null,null,null,{"$f":"IF('BİLGİ GİRİŞİ'!AN182=\"\",\"\",'BİLGİ GİRİŞİ'!AN182)","v":""},null,null,null,{"$f":"IF('BİLGİ GİRİŞİ'!AR182=\"\",\"\",'BİLGİ GİRİŞİ'!AR182)","v":""},null,null,null,{"$f":"IF('BİLGİ GİRİŞİ'!AV182=\"\",\"\",'BİLGİ GİRİŞİ'!AV182)","v":""}]
[{"$f":"IF('BİLGİ GİRİŞİ'!D76=\"\",\"\",'BİLGİ GİRİŞİ'!D76)","v":""},{"$f":"IF('BİLGİ GİRİŞİ'!E76=\"\",\"\",'BİLGİ GİRİŞİ'!E76)","v":""},null,null,null,null,null,null,null,null,null,null,null,null,null,{"$f":"IF('BİLGİ GİRİŞİ'!W76=\"\",\"\",'BİLGİ GİRİŞİ'!W76)","v":""},null,null,null,{"$f":"IF('BİLGİ GİRİŞİ'!T76=\"\",\"\",'BİLGİ GİRİŞİ'!T76)","v":""},null,null,null,{"$f":"IF('BİLGİ GİRİŞİ'!AB183=\"\",\"\",'BİLGİ GİRİŞİ'!AB183)","v":""},null,null,null,{"$f":"IF('BİLGİ GİRİŞİ'!AF183=\"\",\"\",'BİLGİ GİRİŞİ'!AF183)","v":""},null,null,null,{"$f":"IF('BİLGİ GİRİŞİ'!AJ183=\"\",\"\",'BİLGİ GİRİŞİ'!AJ183)","v":""},null,null,null,{"$f":"IF('BİLGİ GİRİŞİ'!AN183=\"\",\"\",'BİLGİ GİRİŞİ'!AN183)","v":""},null,null,null,{"$f":"IF('BİLGİ GİRİŞİ'!AR183=\"\",\"\",'BİLGİ GİRİŞİ'!AR183)","v":""},null,null,null,{"$f":"IF('BİLGİ GİRİŞİ'!AV183=\"\",\"\",'BİLGİ GİRİŞİ'!AV183)","v":""}]
[{"$f":"IF('BİLGİ GİRİŞİ'!D77=\"\",\"\",'BİLGİ GİRİŞİ'!D77)","v":""},{"$f":"IF('BİLGİ GİRİŞİ'!E77=\"\",\"\",'BİLGİ GİRİŞİ'!E77)","v":""},null,null,null,null,null,null,null,null,null,null,null,null,null,{"$f":"IF('BİLGİ GİRİŞİ'!W77=\"\",\"\",'BİLGİ GİRİŞİ'!W77)","v":""},null,null,null,{"$f":"IF('BİLGİ GİRİŞİ'!T77=\"\",\"\",'BİLGİ GİRİŞİ'!T77)","v":""},null,null,null,{"$f":"IF('BİLGİ GİRİŞİ'!AB184=\"\",\"\",'BİLGİ GİRİŞİ'!AB184)","v":""},null,null,null,{"$f":"IF('BİLGİ GİRİŞİ'!AF184=\"\",\"\",'BİLGİ GİRİŞİ'!AF184)","v":""},null,null,null,{"$f":"IF('BİLGİ GİRİŞİ'!AJ184=\"\",\"\",'BİLGİ GİRİŞİ'!AJ184)","v":""},null,null,null,{"$f":"IF('BİLGİ GİRİŞİ'!AN184=\"\",\"\",'BİLGİ GİRİŞİ'!AN184)","v":""},null,null,null,{"$f":"IF('BİLGİ GİRİŞİ'!AR184=\"\",\"\",'BİLGİ GİRİŞİ'!AR184)","v":""},null,null,null,{"$f":"IF('BİLGİ GİRİŞİ'!AV184=\"\",\"\",'BİLGİ GİRİŞİ'!AV184)","v":""}]
[{"$f":"IF('BİLGİ GİRİŞİ'!D78=\"\",\"\",'BİLGİ GİRİŞİ'!D78)","v":""},{"$f":"IF('BİLGİ GİRİŞİ'!E78=\"\",\"\",'BİLGİ GİRİŞİ'!E78)","v":""},null,null,null,null,null,null,null,null,null,null,null,null,null,{"$f":"IF('BİLGİ GİRİŞİ'!W78=\"\",\"\",'BİLGİ GİRİŞİ'!W78)","v":""},null,null,null,{"$f":"IF('BİLGİ GİRİŞİ'!T78=\"\",\"\",'BİLGİ GİRİŞİ'!T78)","v":""},null,null,null,{"$f":"IF('BİLGİ GİRİŞİ'!AB185=\"\",\"\",'BİLGİ GİRİŞİ'!AB185)","v":""},null,null,null,{"$f":"IF('BİLGİ GİRİŞİ'!AF185=\"\",\"\",'BİLGİ GİRİŞİ'!AF185)","v":""},null,null,null,{"$f":"IF('BİLGİ GİRİŞİ'!AJ185=\"\",\"\",'BİLGİ GİRİŞİ'!AJ185)","v":""},null,null,null,{"$f":"IF('BİLGİ GİRİŞİ'!AN185=\"\",\"\",'BİLGİ GİRİŞİ'!AN185)","v":""},null,null,null,{"$f":"IF('BİLGİ GİRİŞİ'!AR185=\"\",\"\",'BİLGİ GİRİŞİ'!AR185)","v":""},null,null,null,{"$f":"IF('BİLGİ GİRİŞİ'!AV185=\"\",\"\",'BİLGİ GİRİŞİ'!AV185)","v":""}]
[{"$f":"IF('BİLGİ GİRİŞİ'!D79=\"\",\"\",'BİLGİ GİRİŞİ'!D79)","v":""},{"$f":"IF('BİLGİ GİRİŞİ'!E79=\"\",\"\",'BİLGİ GİRİŞİ'!E79)","v":""},null,null,null,null,null,null,null,null,null,null,null,null,null,{"$f":"IF('BİLGİ GİRİŞİ'!W79=\"\",\"\",'BİLGİ GİRİŞİ'!W79)","v":""},null,null,null,{"$f":"IF('BİLGİ GİRİŞİ'!T79=\"\",\"\",'BİLGİ GİRİŞİ'!T79)","v":""},null,null,null,{"$f":"IF('BİLGİ GİRİŞİ'!AB186=\"\",\"\",'BİLGİ GİRİŞİ'!AB186)","v":""},null,null,null,{"$f":"IF('BİLGİ GİRİŞİ'!AF186=\"\",\"\",'BİLGİ GİRİŞİ'!AF186)","v":""},null,null,null,{"$f":"IF('BİLGİ GİRİŞİ'!AJ186=\"\",\"\",'BİLGİ GİRİŞİ'!AJ186)","v":""},null,null,null,{"$f":"IF('BİLGİ GİRİŞİ'!AN186=\"\",\"\",'BİLGİ GİRİŞİ'!AN186)","v":""},null,null,null,{"$f":"IF('BİLGİ GİRİŞİ'!AR186=\"\",\"\",'BİLGİ GİRİŞİ'!AR186)","v":""},null,null,null,{"$f":"IF('BİLGİ GİRİŞİ'!AV186=\"\",\"\",'BİLGİ GİRİŞİ'!AV186)","v":""}]
[{"$f":"IF('BİLGİ GİRİŞİ'!D80=\"\",\"\",'BİLGİ GİRİŞİ'!D80)","v":""},{"$f":"IF('BİLGİ GİRİŞİ'!E80=\"\",\"\",'BİLGİ GİRİŞİ'!E80)","v":""},null,null,null,null,null,null,null,null,null,null,null,null,null,{"$f":"IF('BİLGİ GİRİŞİ'!W80=\"\",\"\",'BİLGİ GİRİŞİ'!W80)","v":""},null,null,null,{"$f":"IF('BİLGİ GİRİŞİ'!T80=\"\",\"\",'BİLGİ GİRİŞİ'!T80)","v":""},null,null,null,{"$f":"IF('BİLGİ GİRİŞİ'!AB187=\"\",\"\",'BİLGİ GİRİŞİ'!AB187)","v":""},null,null,null,{"$f":"IF('BİLGİ GİRİŞİ'!AF187=\"\",\"\",'BİLGİ GİRİŞİ'!AF187)","v":""},null,null,null,{"$f":"IF('BİLGİ GİRİŞİ'!AJ187=\"\",\"\",'BİLGİ GİRİŞİ'!AJ187)","v":""},null,null,null,{"$f":"IF('BİLGİ GİRİŞİ'!AN187=\"\",\"\",'BİLGİ GİRİŞİ'!AN187)","v":""},null,null,null,{"$f":"IF('BİLGİ GİRİŞİ'!AR187=\"\",\"\",'BİLGİ GİRİŞİ'!AR187)","v":""},null,null,null,{"$f":"IF('BİLGİ GİRİŞİ'!AV187=\"\",\"\",'BİLGİ GİRİŞİ'!AV187)","v":""}]
[{"$f":"IF('BİLGİ GİRİŞİ'!D81=\"\",\"\",'BİLGİ GİRİŞİ'!D81)","v":""},{"$f":"IF('BİLGİ GİRİŞİ'!E81=\"\",\"\",'BİLGİ GİRİŞİ'!E81)","v":""},null,null,null,null,null,null,null,null,null,null,null,null,null,{"$f":"IF('BİLGİ GİRİŞİ'!W81=\"\",\"\",'BİLGİ GİRİŞİ'!W81)","v":""},null,null,null,{"$f":"IF('BİLGİ GİRİŞİ'!T81=\"\",\"\",'BİLGİ GİRİŞİ'!T81)","v":""},null,null,null,{"$f":"IF('BİLGİ GİRİŞİ'!AB188=\"\",\"\",'BİLGİ GİRİŞİ'!AB188)","v":""},null,null,null,{"$f":"IF('BİLGİ GİRİŞİ'!AF188=\"\",\"\",'BİLGİ GİRİŞİ'!AF188)","v":""},null,null,null,{"$f":"IF('BİLGİ GİRİŞİ'!AJ188=\"\",\"\",'BİLGİ GİRİŞİ'!AJ188)","v":""},null,null,null,{"$f":"IF('BİLGİ GİRİŞİ'!AN188=\"\",\"\",'BİLGİ GİRİŞİ'!AN188)","v":""},null,null,null,{"$f":"IF('BİLGİ GİRİŞİ'!AR188=\"\",\"\",'BİLGİ GİRİŞİ'!AR188)","v":""},null,null,null,{"$f":"IF('BİLGİ GİRİŞİ'!AV188=\"\",\"\",'BİLGİ GİRİŞİ'!AV188)","v":""}]
[{"$f":"IF('BİLGİ GİRİŞİ'!D82=\"\",\"\",'BİLGİ GİRİŞİ'!D82)","v":""},{"$f":"IF('BİLGİ GİRİŞİ'!E82=\"\",\"\",'BİLGİ GİRİŞİ'!E82)","v":""},null,null,null,null,null,null,null,null,null,null,null,null,null,{"$f":"IF('BİLGİ GİRİŞİ'!W82=\"\",\"\",'BİLGİ GİRİŞİ'!W82)","v":""},null,null,null,{"$f":"IF('BİLGİ GİRİŞİ'!T82=\"\",\"\",'BİLGİ GİRİŞİ'!T82)","v":""},null,null,null,{"$f":"IF('BİLGİ GİRİŞİ'!AB189=\"\",\"\",'BİLGİ GİRİŞİ'!AB189)","v":""},null,null,null,{"$f":"IF('BİLGİ GİRİŞİ'!AF189=\"\",\"\",'BİLGİ GİRİŞİ'!AF189)","v":""},null,null,null,{"$f":"IF('BİLGİ GİRİŞİ'!AJ189=\"\",\"\",'BİLGİ GİRİŞİ'!AJ189)","v":""},null,null,null,{"$f":"IF('BİLGİ GİRİŞİ'!AN189=\"\",\"\",'BİLGİ GİRİŞİ'!AN189)","v":""},null,null,null,{"$f":"IF('BİLGİ GİRİŞİ'!AR189=\"\",\"\",'BİLGİ GİRİŞİ'!AR189)","v":""},null,null,null,{"$f":"IF('BİLGİ GİRİŞİ'!AV189=\"\",\"\",'BİLGİ GİRİŞİ'!AV189)","v":""}]
[{"$f":"IF('BİLGİ GİRİŞİ'!D83=\"\",\"\",'BİLGİ GİRİŞİ'!D83)","v":""},{"$f":"IF('BİLGİ GİRİŞİ'!E83=\"\",\"\",'BİLGİ GİRİŞİ'!E83)","v":""},null,null,null,null,null,null,null,null,null,null,null,null,null,{"$f":"IF('BİLGİ GİRİŞİ'!W83=\"\",\"\",'BİLGİ GİRİŞİ'!W83)","v":""},null,null,null,{"$f":"IF('BİLGİ GİRİŞİ'!T83=\"\",\"\",'BİLGİ GİRİŞİ'!T83)","v":""},null,null,null,{"$f":"IF('BİLGİ GİRİŞİ'!AB190=\"\",\"\",'BİLGİ GİRİŞİ'!AB190)","v":""},null,null,null,{"$f":"IF('BİLGİ GİRİŞİ'!AF190=\"\",\"\",'BİLGİ GİRİŞİ'!AF190)","v":""},null,null,null,{"$f":"IF('BİLGİ GİRİŞİ'!AJ190=\"\",\"\",'BİLGİ GİRİŞİ'!AJ190)","v":""},null,null,null,{"$f":"IF('BİLGİ GİRİŞİ'!AN190=\"\",\"\",'BİLGİ GİRİŞİ'!AN190)","v":""},null,null,null,{"$f":"IF('BİLGİ GİRİŞİ'!AR190=\"\",\"\",'BİLGİ GİRİŞİ'!AR190)","v":""},null,null,null,{"$f":"IF('BİLGİ GİRİŞİ'!AV190=\"\",\"\",'BİLGİ GİRİŞİ'!AV190)","v":""}]
[{"$f":"IF('BİLGİ GİRİŞİ'!D84=\"\",\"\",'BİLGİ GİRİŞİ'!D84)","v":""},{"$f":"IF('BİLGİ GİRİŞİ'!E84=\"\",\"\",'BİLGİ GİRİŞİ'!E84)","v":""},null,null,null,null,null,null,null,null,null,null,null,null,null,{"$f":"IF('BİLGİ GİRİŞİ'!W84=\"\",\"\",'BİLGİ GİRİŞİ'!W84)","v":""},null,null,null,{"$f":"IF('BİLGİ GİRİŞİ'!T84=\"\",\"\",'BİLGİ GİRİŞİ'!T84)","v":""},null,null,null,{"$f":"IF('BİLGİ GİRİŞİ'!AB191=\"\",\"\",'BİLGİ GİRİŞİ'!AB191)","v":""},null,null,null,{"$f":"IF('BİLGİ GİRİŞİ'!AF191=\"\",\"\",'BİLGİ GİRİŞİ'!AF191)","v":""},null,null,null,{"$f":"IF('BİLGİ GİRİŞİ'!AJ191=\"\",\"\",'BİLGİ GİRİŞİ'!AJ191)","v":""},null,null,null,{"$f":"IF('BİLGİ GİRİŞİ'!AN191=\"\",\"\",'BİLGİ GİRİŞİ'!AN191)","v":""},null,null,null,{"$f":"IF('BİLGİ GİRİŞİ'!AR191=\"\",\"\",'BİLGİ GİRİŞİ'!AR191)","v":""},null,null,null,{"$f":"IF('BİLGİ GİRİŞİ'!AV191=\"\",\"\",'BİLGİ GİRİŞİ'!AV191)","v":""}]
[{"$f":"IF('BİLGİ GİRİŞİ'!D85=\"\",\"\",'BİLGİ GİRİŞİ'!D85)","v":""},{"$f":"IF('BİLGİ GİRİŞİ'!E85=\"\",\"\",'BİLGİ GİRİŞİ'!E85)","v":""},null,null,null,null,null,null,null,null,null,null,null,null,null,{"$f":"IF('BİLGİ GİRİŞİ'!W85=\"\",\"\",'BİLGİ GİRİŞİ'!W85)","v":""},null,null,null,{"$f":"IF('BİLGİ GİRİŞİ'!T85=\"\",\"\",'BİLGİ GİRİŞİ'!T85)","v":""},null,null,null,{"$f":"IF('BİLGİ GİRİŞİ'!AB192=\"\",\"\",'BİLGİ GİRİŞİ'!AB192)","v":""},null,null,null,{"$f":"IF('BİLGİ GİRİŞİ'!AF192=\"\",\"\",'BİLGİ GİRİŞİ'!AF192)","v":""},null,null,null,{"$f":"IF('BİLGİ GİRİŞİ'!AJ192=\"\",\"\",'BİLGİ GİRİŞİ'!AJ192)","v":""},null,null,null,{"$f":"IF('BİLGİ GİRİŞİ'!AN192=\"\",\"\",'BİLGİ GİRİŞİ'!AN192)","v":""},null,null,null,{"$f":"IF('BİLGİ GİRİŞİ'!AR192=\"\",\"\",'BİLGİ GİRİŞİ'!AR192)","v":""},null,null,null,{"$f":"IF('BİLGİ GİRİŞİ'!AV192=\"\",\"\",'BİLGİ GİRİŞİ'!AV192)","v":""}]
[{"$f":"IF('BİLGİ GİRİŞİ'!D86=\"\",\"\",'BİLGİ GİRİŞİ'!D86)","v":""},{"$f":"IF('BİLGİ GİRİŞİ'!E86=\"\",\"\",'BİLGİ GİRİŞİ'!E86)","v":""},null,null,null,null,null,null,null,null,null,null,null,null,null,{"$f":"IF('BİLGİ GİRİŞİ'!W86=\"\",\"\",'BİLGİ GİRİŞİ'!W86)","v":""},null,null,null,{"$f":"IF('BİLGİ GİRİŞİ'!T86=\"\",\"\",'BİLGİ GİRİŞİ'!T86)","v":""},null,null,null,{"$f":"IF('BİLGİ GİRİŞİ'!AB193=\"\",\"\",'BİLGİ GİRİŞİ'!AB193)","v":""},null,null,null,{"$f":"IF('BİLGİ GİRİŞİ'!AF193=\"\",\"\",'BİLGİ GİRİŞİ'!AF193)","v":""},null,null,null,{"$f":"IF('BİLGİ GİRİŞİ'!AJ193=\"\",\"\",'BİLGİ GİRİŞİ'!AJ193)","v":""},null,null,null,{"$f":"IF('BİLGİ GİRİŞİ'!AN193=\"\",\"\",'BİLGİ GİRİŞİ'!AN193)","v":""},null,null,null,{"$f":"IF('BİLGİ GİRİŞİ'!AR193=\"\",\"\",'BİLGİ GİRİŞİ'!AR193)","v":""},null,null,null,{"$f":"IF('BİLGİ GİRİŞİ'!AV193=\"\",\"\",'BİLGİ GİRİŞİ'!AV193)","v":""}]
[{"$f":"IF('BİLGİ GİRİŞİ'!D87=\"\",\"\",'BİLGİ GİRİŞİ'!D87)","v":""},{"$f":"IF('BİLGİ GİRİŞİ'!E87=\"\",\"\",'BİLGİ GİRİŞİ'!E87)","v":""},null,null,null,null,null,null,null,null,null,null,null,null,null,{"$f":"IF('BİLGİ GİRİŞİ'!W87=\"\",\"\",'BİLGİ GİRİŞİ'!W87)","v":""},null,null,null,{"$f":"IF('BİLGİ GİRİŞİ'!T87=\"\",\"\",'BİLGİ GİRİŞİ'!T87)","v":""},null,null,null,{"$f":"IF('BİLGİ GİRİŞİ'!AB194=\"\",\"\",'BİLGİ GİRİŞİ'!AB194)","v":""},null,null,null,{"$f":"IF('BİLGİ GİRİŞİ'!AF194=\"\",\"\",'BİLGİ GİRİŞİ'!AF194)","v":""},null,null,null,{"$f":"IF('BİLGİ GİRİŞİ'!AJ194=\"\",\"\",'BİLGİ GİRİŞİ'!AJ194)","v":""},null,null,null,{"$f":"IF('BİLGİ GİRİŞİ'!AN194=\"\",\"\",'BİLGİ GİRİŞİ'!AN194)","v":""},null,null,null,{"$f":"IF('BİLGİ GİRİŞİ'!AR194=\"\",\"\",'BİLGİ GİRİŞİ'!AR194)","v":""},null,null,null,{"$f":"IF('BİLGİ GİRİŞİ'!AV194=\"\",\"\",'BİLGİ GİRİŞİ'!AV194)","v":""}]
[{"$f":"IF('BİLGİ GİRİŞİ'!D88=\"\",\"\",'BİLGİ GİRİŞİ'!D88)","v":""},{"$f":"IF('BİLGİ GİRİŞİ'!E88=\"\",\"\",'BİLGİ GİRİŞİ'!E88)","v":""},null,null,null,null,null,null,null,null,null,null,null,null,null,{"$f":"IF('BİLGİ GİRİŞİ'!W88=\"\",\"\",'BİLGİ GİRİŞİ'!W88)","v":""},null,null,null,{"$f":"IF('BİLGİ GİRİŞİ'!T88=\"\",\"\",'BİLGİ GİRİŞİ'!T88)","v":""},null,null,null,{"$f":"IF('BİLGİ GİRİŞİ'!AB195=\"\",\"\",'BİLGİ GİRİŞİ'!AB195)","v":""},null,null,null,{"$f":"IF('BİLGİ GİRİŞİ'!AF195=\"\",\"\",'BİLGİ GİRİŞİ'!AF195)","v":""},null,null,null,{"$f":"IF('BİLGİ GİRİŞİ'!AJ195=\"\",\"\",'BİLGİ GİRİŞİ'!AJ195)","v":""},null,null,null,{"$f":"IF('BİLGİ GİRİŞİ'!AN195=\"\",\"\",'BİLGİ GİRİŞİ'!AN195)","v":""},null,null,null,{"$f":"IF('BİLGİ GİRİŞİ'!AR195=\"\",\"\",'BİLGİ GİRİŞİ'!AR195)","v":""},null,null,null,{"$f":"IF('BİLGİ GİRİŞİ'!AV195=\"\",\"\",'BİLGİ GİRİŞİ'!AV195)","v":""}]
[{"$f":"IF('BİLGİ GİRİŞİ'!D89=\"\",\"\",'BİLGİ GİRİŞİ'!D89)","v":""},{"$f":"IF('BİLGİ GİRİŞİ'!E89=\"\",\"\",'BİLGİ GİRİŞİ'!E89)","v":""},null,null,null,null,null,null,null,null,null,null,null,null,null,{"$f":"IF('BİLGİ GİRİŞİ'!W89=\"\",\"\",'BİLGİ GİRİŞİ'!W89)","v":""},null,null,null,{"$f":"IF('BİLGİ GİRİŞİ'!T89=\"\",\"\",'BİLGİ GİRİŞİ'!T89)","v":""},null,null,null,{"$f":"IF('BİLGİ GİRİŞİ'!AB196=\"\",\"\",'BİLGİ GİRİŞİ'!AB196)","v":""},null,null,null,{"$f":"IF('BİLGİ GİRİŞİ'!AF196=\"\",\"\",'BİLGİ GİRİŞİ'!AF196)","v":""},null,null,null,{"$f":"IF('BİLGİ GİRİŞİ'!AJ196=\"\",\"\",'BİLGİ GİRİŞİ'!AJ196)","v":""},null,null,null,{"$f":"IF('BİLGİ GİRİŞİ'!AN196=\"\",\"\",'BİLGİ GİRİŞİ'!AN196)","v":""},null,null,null,{"$f":"IF('BİLGİ GİRİŞİ'!AR196=\"\",\"\",'BİLGİ GİRİŞİ'!AR196)","v":""},null,null,null,{"$f":"IF('BİLGİ GİRİŞİ'!AV196=\"\",\"\",'BİLGİ GİRİŞİ'!AV196)","v":""}]
[{"$f":"IF('BİLGİ GİRİŞİ'!D90=\"\",\"\",'BİLGİ GİRİŞİ'!D90)","v":""},{"$f":"IF('BİLGİ GİRİŞİ'!E90=\"\",\"\",'BİLGİ GİRİŞİ'!E90)","v":""},null,null,null,null,null,null,null,null,null,null,null,null,null,{"$f":"IF('BİLGİ GİRİŞİ'!W90=\"\",\"\",'BİLGİ GİRİŞİ'!W90)","v":""},null,null,null,{"$f":"IF('BİLGİ GİRİŞİ'!T90=\"\",\"\",'BİLGİ GİRİŞİ'!T90)","v":""},null,null,null,{"$f":"IF('BİLGİ GİRİŞİ'!AB197=\"\",\"\",'BİLGİ GİRİŞİ'!AB197)","v":""},null,null,null,{"$f":"IF('BİLGİ GİRİŞİ'!AF197=\"\",\"\",'BİLGİ GİRİŞİ'!AF197)","v":""},null,null,null,{"$f":"IF('BİLGİ GİRİŞİ'!AJ197=\"\",\"\",'BİLGİ GİRİŞİ'!AJ197)","v":""},null,null,null,{"$f":"IF('BİLGİ GİRİŞİ'!AN197=\"\",\"\",'BİLGİ GİRİŞİ'!AN197)","v":""},null,null,null,{"$f":"IF('BİLGİ GİRİŞİ'!AR197=\"\",\"\",'BİLGİ GİRİŞİ'!AR197)","v":""},null,null,null,{"$f":"IF('BİLGİ GİRİŞİ'!AV197=\"\",\"\",'BİLGİ GİRİŞİ'!AV197)","v":""}]
[{"$f":"IF('BİLGİ GİRİŞİ'!D91=\"\",\"\",'BİLGİ GİRİŞİ'!D91)","v":""},{"$f":"IF('BİLGİ GİRİŞİ'!E91=\"\",\"\",'BİLGİ GİRİŞİ'!E91)","v":""},null,null,null,null,null,null,null,null,null,null,null,null,null,{"$f":"IF('BİLGİ GİRİŞİ'!W91=\"\",\"\",'BİLGİ GİRİŞİ'!W91)","v":""},null,null,null,{"$f":"IF('BİLGİ GİRİŞİ'!T91=\"\",\"\",'BİLGİ GİRİŞİ'!T91)","v":""},null,null,null,{"$f":"IF('BİLGİ GİRİŞİ'!AB198=\"\",\"\",'BİLGİ GİRİŞİ'!AB198)","v":""},null,null,null,{"$f":"IF('BİLGİ GİRİŞİ'!AF198=\"\",\"\",'BİLGİ GİRİŞİ'!AF198)","v":""},null,null,null,{"$f":"IF('BİLGİ GİRİŞİ'!AJ198=\"\",\"\",'BİLGİ GİRİŞİ'!AJ198)","v":""},null,null,null,{"$f":"IF('BİLGİ GİRİŞİ'!AN198=\"\",\"\",'BİLGİ GİRİŞİ'!AN198)","v":""},null,null,null,{"$f":"IF('BİLGİ GİRİŞİ'!AR198=\"\",\"\",'BİLGİ GİRİŞİ'!AR198)","v":""},null,null,null,{"$f":"IF('BİLGİ GİRİŞİ'!AV198=\"\",\"\",'BİLGİ GİRİŞİ'!AV198)","v":""}]
[{"$f":"IF('BİLGİ GİRİŞİ'!D92=\"\",\"\",'BİLGİ GİRİŞİ'!D92)","v":""},{"$f":"IF('BİLGİ GİRİŞİ'!E92=\"\",\"\",'BİLGİ GİRİŞİ'!E92)","v":""},null,null,null,null,null,null,null,null,null,null,null,null,null,{"$f":"IF('BİLGİ GİRİŞİ'!W92=\"\",\"\",'BİLGİ GİRİŞİ'!W92)","v":""},null,null,null,{"$f":"IF('BİLGİ GİRİŞİ'!T92=\"\",\"\",'BİLGİ GİRİŞİ'!T92)","v":""},null,null,null,{"$f":"IF('BİLGİ GİRİŞİ'!AB199=\"\",\"\",'BİLGİ GİRİŞİ'!AB199)","v":""},null,null,null,{"$f":"IF('BİLGİ GİRİŞİ'!AF199=\"\",\"\",'BİLGİ GİRİŞİ'!AF199)","v":""},null,null,null,{"$f":"IF('BİLGİ GİRİŞİ'!AJ199=\"\",\"\",'BİLGİ GİRİŞİ'!AJ199)","v":""},null,null,null,{"$f":"IF('BİLGİ GİRİŞİ'!AN199=\"\",\"\",'BİLGİ GİRİŞİ'!AN199)","v":""},null,null,null,{"$f":"IF('BİLGİ GİRİŞİ'!AR199=\"\",\"\",'BİLGİ GİRİŞİ'!AR199)","v":""},null,null,null,{"$f":"IF('BİLGİ GİRİŞİ'!AV199=\"\",\"\",'BİLGİ GİRİŞİ'!AV199)","v":""}]
[{"$f":"IF('BİLGİ GİRİŞİ'!D93=\"\",\"\",'BİLGİ GİRİŞİ'!D93)","v":""},{"$f":"IF('BİLGİ GİRİŞİ'!E93=\"\",\"\",'BİLGİ GİRİŞİ'!E93)","v":""},null,null,null,null,null,null,null,null,null,null,null,null,null,{"$f":"IF('BİLGİ GİRİŞİ'!W93=\"\",\"\",'BİLGİ GİRİŞİ'!W93)","v":""},null,null,null,{"$f":"IF('BİLGİ GİRİŞİ'!T93=\"\",\"\",'BİLGİ GİRİŞİ'!T93)","v":""},null,null,null,{"$f":"IF('BİLGİ GİRİŞİ'!AB200=\"\",\"\",'BİLGİ GİRİŞİ'!AB200)","v":""},null,null,null,{"$f":"IF('BİLGİ GİRİŞİ'!AF200=\"\",\"\",'BİLGİ GİRİŞİ'!AF200)","v":""},null,null,null,{"$f":"IF('BİLGİ GİRİŞİ'!AJ200=\"\",\"\",'BİLGİ GİRİŞİ'!AJ200)","v":""},null,null,null,{"$f":"IF('BİLGİ GİRİŞİ'!AN200=\"\",\"\",'BİLGİ GİRİŞİ'!AN200)","v":""},null,null,null,{"$f":"IF('BİLGİ GİRİŞİ'!AR200=\"\",\"\",'BİLGİ GİRİŞİ'!AR200)","v":""},null,null,null,{"$f":"IF('BİLGİ GİRİŞİ'!AV200=\"\",\"\",'BİLGİ GİRİŞİ'!AV200)","v":""}]
[{"$f":"IF('BİLGİ GİRİŞİ'!D94=\"\",\"\",'BİLGİ GİRİŞİ'!D94)","v":""},{"$f":"IF('BİLGİ GİRİŞİ'!E94=\"\",\"\",'BİLGİ GİRİŞİ'!E94)","v":""},null,null,null,null,null,null,null,null,null,null,null,null,null,{"$f":"IF('BİLGİ GİRİŞİ'!W94=\"\",\"\",'BİLGİ GİRİŞİ'!W94)","v":""},null,null,null,{"$f":"IF('BİLGİ GİRİŞİ'!T94=\"\",\"\",'BİLGİ GİRİŞİ'!T94)","v":""},null,null,null,{"$f":"IF('BİLGİ GİRİŞİ'!AB201=\"\",\"\",'BİLGİ GİRİŞİ'!AB201)","v":""},null,null,null,{"$f":"IF('BİLGİ GİRİŞİ'!AF201=\"\",\"\",'BİLGİ GİRİŞİ'!AF201)","v":""},null,null,null,{"$f":"IF('BİLGİ GİRİŞİ'!AJ201=\"\",\"\",'BİLGİ GİRİŞİ'!AJ201)","v":""},null,null,null,{"$f":"IF('BİLGİ GİRİŞİ'!AN201=\"\",\"\",'BİLGİ GİRİŞİ'!AN201)","v":""},null,null,null,{"$f":"IF('BİLGİ GİRİŞİ'!AR201=\"\",\"\",'BİLGİ GİRİŞİ'!AR201)","v":""},null,null,null,{"$f":"IF('BİLGİ GİRİŞİ'!AV201=\"\",\"\",'BİLGİ GİRİŞİ'!AV201)","v":""}]
[{"$f":"IF('BİLGİ GİRİŞİ'!D95=\"\",\"\",'BİLGİ GİRİŞİ'!D95)","v":""},{"$f":"IF('BİLGİ GİRİŞİ'!E95=\"\",\"\",'BİLGİ GİRİŞİ'!E95)","v":""},null,null,null,null,null,null,null,null,null,null,null,null,null,{"$f":"IF('BİLGİ GİRİŞİ'!W95=\"\",\"\",'BİLGİ GİRİŞİ'!W95)","v":""},null,null,null,{"$f":"IF('BİLGİ GİRİŞİ'!T95=\"\",\"\",'BİLGİ GİRİŞİ'!T95)","v":""},null,null,null,{"$f":"IF('BİLGİ GİRİŞİ'!AB202=\"\",\"\",'BİLGİ GİRİŞİ'!AB202)","v":""},null,null,null,{"$f":"IF('BİLGİ GİRİŞİ'!AF202=\"\",\"\",'BİLGİ GİRİŞİ'!AF202)","v":""},null,null,null,{"$f":"IF('BİLGİ GİRİŞİ'!AJ202=\"\",\"\",'BİLGİ GİRİŞİ'!AJ202)","v":""},null,null,null,{"$f":"IF('BİLGİ GİRİŞİ'!AN202=\"\",\"\",'BİLGİ GİRİŞİ'!AN202)","v":""},null,null,null,{"$f":"IF('BİLGİ GİRİŞİ'!AR202=\"\",\"\",'BİLGİ GİRİŞİ'!AR202)","v":""},null,null,null,{"$f":"IF('BİLGİ GİRİŞİ'!AV202=\"\",\"\",'BİLGİ GİRİŞİ'!AV202)","v":""}]
[{"$f":"IF('BİLGİ GİRİŞİ'!D96=\"\",\"\",'BİLGİ GİRİŞİ'!D96)","v":""},{"$f":"IF('BİLGİ GİRİŞİ'!E96=\"\",\"\",'BİLGİ GİRİŞİ'!E96)","v":""},null,null,null,null,null,null,null,null,null,null,null,null,null,{"$f":"IF('BİLGİ GİRİŞİ'!W96=\"\",\"\",'BİLGİ GİRİŞİ'!W96)","v":""},null,null,null,{"$f":"IF('BİLGİ GİRİŞİ'!T96=\"\",\"\",'BİLGİ GİRİŞİ'!T96)","v":""},null,null,null,{"$f":"IF('BİLGİ GİRİŞİ'!AB203=\"\",\"\",'BİLGİ GİRİŞİ'!AB203)","v":""},null,null,null,{"$f":"IF('BİLGİ GİRİŞİ'!AF203=\"\",\"\",'BİLGİ GİRİŞİ'!AF203)","v":""},null,null,null,{"$f":"IF('BİLGİ GİRİŞİ'!AJ203=\"\",\"\",'BİLGİ GİRİŞİ'!AJ203)","v":""},null,null,null,{"$f":"IF('BİLGİ GİRİŞİ'!AN203=\"\",\"\",'BİLGİ GİRİŞİ'!AN203)","v":""},null,null,null,{"$f":"IF('BİLGİ GİRİŞİ'!AR203=\"\",\"\",'BİLGİ GİRİŞİ'!AR203)","v":""},null,null,null,{"$f":"IF('BİLGİ GİRİŞİ'!AV203=\"\",\"\",'BİLGİ GİRİŞİ'!AV203)","v":""}]
[{"$f":"IF('BİLGİ GİRİŞİ'!D97=\"\",\"\",'BİLGİ GİRİŞİ'!D97)","v":""},{"$f":"IF('BİLGİ GİRİŞİ'!E97=\"\",\"\",'BİLGİ GİRİŞİ'!E97)","v":""},null,null,null,null,null,null,null,null,null,null,null,null,null,{"$f":"IF('BİLGİ GİRİŞİ'!W97=\"\",\"\",'BİLGİ GİRİŞİ'!W97)","v":""},null,null,null,{"$f":"IF('BİLGİ GİRİŞİ'!T97=\"\",\"\",'BİLGİ GİRİŞİ'!T97)","v":""},null,null,null,{"$f":"IF('BİLGİ GİRİŞİ'!AB204=\"\",\"\",'BİLGİ GİRİŞİ'!AB204)","v":""},null,null,null,{"$f":"IF('BİLGİ GİRİŞİ'!AF204=\"\",\"\",'BİLGİ GİRİŞİ'!AF204)","v":""},null,null,null,{"$f":"IF('BİLGİ GİRİŞİ'!AJ204=\"\",\"\",'BİLGİ GİRİŞİ'!AJ204)","v":""},null,null,null,{"$f":"IF('BİLGİ GİRİŞİ'!AN204=\"\",\"\",'BİLGİ GİRİŞİ'!AN204)","v":""},null,null,null,{"$f":"IF('BİLGİ GİRİŞİ'!AR204=\"\",\"\",'BİLGİ GİRİŞİ'!AR204)","v":""},null,null,null,{"$f":"IF('BİLGİ GİRİŞİ'!AV204=\"\",\"\",'BİLGİ GİRİŞİ'!AV204)","v":""}]
[{"$f":"IF('BİLGİ GİRİŞİ'!D98=\"\",\"\",'BİLGİ GİRİŞİ'!D98)","v":""},{"$f":"IF('BİLGİ GİRİŞİ'!E98=\"\",\"\",'BİLGİ GİRİŞİ'!E98)","v":""},null,null,null,null,null,null,null,null,null,null,null,null,null,{"$f":"IF('BİLGİ GİRİŞİ'!W98=\"\",\"\",'BİLGİ GİRİŞİ'!W98)","v":""},null,null,null,{"$f":"IF('BİLGİ GİRİŞİ'!T98=\"\",\"\",'BİLGİ GİRİŞİ'!T98)","v":""},null,null,null,{"$f":"IF('BİLGİ GİRİŞİ'!AB205=\"\",\"\",'BİLGİ GİRİŞİ'!AB205)","v":""},null,null,null,{"$f":"IF('BİLGİ GİRİŞİ'!AF205=\"\",\"\",'BİLGİ GİRİŞİ'!AF205)","v":""},null,null,null,{"$f":"IF('BİLGİ GİRİŞİ'!AJ205=\"\",\"\",'BİLGİ GİRİŞİ'!AJ205)","v":""},null,null,null,{"$f":"IF('BİLGİ GİRİŞİ'!AN205=\"\",\"\",'BİLGİ GİRİŞİ'!AN205)","v":""},null,null,null,{"$f":"IF('BİLGİ GİRİŞİ'!AR205=\"\",\"\",'BİLGİ GİRİŞİ'!AR205)","v":""},null,null,null,{"$f":"IF('BİLGİ GİRİŞİ'!AV205=\"\",\"\",'BİLGİ GİRİŞİ'!AV205)","v":""}]
[{"$f":"IF('BİLGİ GİRİŞİ'!D99=\"\",\"\",'BİLGİ GİRİŞİ'!D99)","v":""},{"$f":"IF('BİLGİ GİRİŞİ'!E99=\"\",\"\",'BİLGİ GİRİŞİ'!E99)","v":""},null,null,null,null,null,null,null,null,null,null,null,null,null,{"$f":"IF('BİLGİ GİRİŞİ'!W99=\"\",\"\",'BİLGİ GİRİŞİ'!W99)","v":""},null,null,null,{"$f":"IF('BİLGİ GİRİŞİ'!T99=\"\",\"\",'BİLGİ GİRİŞİ'!T99)","v":""},null,null,null,{"$f":"IF('BİLGİ GİRİŞİ'!AB206=\"\",\"\",'BİLGİ GİRİŞİ'!AB206)","v":""},null,null,null,{"$f":"IF('BİLGİ GİRİŞİ'!AF206=\"\",\"\",'BİLGİ GİRİŞİ'!AF206)","v":""},null,null,null,{"$f":"IF('BİLGİ GİRİŞİ'!AJ206=\"\",\"\",'BİLGİ GİRİŞİ'!AJ206)","v":""},null,null,null,{"$f":"IF('BİLGİ GİRİŞİ'!AN206=\"\",\"\",'BİLGİ GİRİŞİ'!AN206)","v":""},null,null,null,{"$f":"IF('BİLGİ GİRİŞİ'!AR206=\"\",\"\",'BİLGİ GİRİŞİ'!AR206)","v":""},null,null,null,{"$f":"IF('BİLGİ GİRİŞİ'!AV206=\"\",\"\",'BİLGİ GİRİŞİ'!AV206)","v":""}]
[{"$f":"IF('BİLGİ GİRİŞİ'!D100=\"\",\"\",'BİLGİ GİRİŞİ'!D100)","v":""},{"$f":"IF('BİLGİ GİRİŞİ'!E100=\"\",\"\",'BİLGİ GİRİŞİ'!E100)","v":""},null,null,null,null,null,null,null,null,null,null,null,null,null,{"$f":"IF('BİLGİ GİRİŞİ'!W100=\"\",\"\",'BİLGİ GİRİŞİ'!W100)","v":""},null,null,null,{"$f":"IF('BİLGİ GİRİŞİ'!T100=\"\",\"\",'BİLGİ GİRİŞİ'!T100)","v":""},null,null,null,{"$f":"IF('BİLGİ GİRİŞİ'!AB207=\"\",\"\",'BİLGİ GİRİŞİ'!AB207)","v":""},null,null,null,{"$f":"IF('BİLGİ GİRİŞİ'!AF207=\"\",\"\",'BİLGİ GİRİŞİ'!AF207)","v":""},null,null,null,{"$f":"IF('BİLGİ GİRİŞİ'!AJ207=\"\",\"\",'BİLGİ GİRİŞİ'!AJ207)","v":""},null,null,null,{"$f":"IF('BİLGİ GİRİŞİ'!AN207=\"\",\"\",'BİLGİ GİRİŞİ'!AN207)","v":""},null,null,null,{"$f":"IF('BİLGİ GİRİŞİ'!AR207=\"\",\"\",'BİLGİ GİRİŞİ'!AR207)","v":""},null,null,null,{"$f":"IF('BİLGİ GİRİŞİ'!AV207=\"\",\"\",'BİLGİ GİRİŞİ'!AV207)","v":""}]
[{"$f":"IF('BİLGİ GİRİŞİ'!D101=\"\",\"\",'BİLGİ GİRİŞİ'!D101)","v":""},{"$f":"IF('BİLGİ GİRİŞİ'!E101=\"\",\"\",'BİLGİ GİRİŞİ'!E101)","v":""},null,null,null,null,null,null,null,null,null,null,null,null,null,{"$f":"IF('BİLGİ GİRİŞİ'!W101=\"\",\"\",'BİLGİ GİRİŞİ'!W101)","v":""},null,null,null,{"$f":"IF('BİLGİ GİRİŞİ'!T101=\"\",\"\",'BİLGİ GİRİŞİ'!T101)","v":""},null,null,null,{"$f":"IF('BİLGİ GİRİŞİ'!AB208=\"\",\"\",'BİLGİ GİRİŞİ'!AB208)","v":""},null,null,null,{"$f":"IF('BİLGİ GİRİŞİ'!AF208=\"\",\"\",'BİLGİ GİRİŞİ'!AF208)","v":""},null,null,null,{"$f":"IF('BİLGİ GİRİŞİ'!AJ208=\"\",\"\",'BİLGİ GİRİŞİ'!AJ208)","v":""},null,null,null,{"$f":"IF('BİLGİ GİRİŞİ'!AN208=\"\",\"\",'BİLGİ GİRİŞİ'!AN208)","v":""},null,null,null,{"$f":"IF('BİLGİ GİRİŞİ'!AR208=\"\",\"\",'BİLGİ GİRİŞİ'!AR208)","v":""},null,null,null,{"$f":"IF('BİLGİ GİRİŞİ'!AV208=\"\",\"\",'BİLGİ GİRİŞİ'!AV208)","v":""}]
[{"$f":"IF('BİLGİ GİRİŞİ'!D102=\"\",\"\",'BİLGİ GİRİŞİ'!D102)","v":""},{"$f":"IF('BİLGİ GİRİŞİ'!E102=\"\",\"\",'BİLGİ GİRİŞİ'!E102)","v":""},null,null,null,null,null,null,null,null,null,null,null,null,null,{"$f":"IF('BİLGİ GİRİŞİ'!W102=\"\",\"\",'BİLGİ GİRİŞİ'!W102)","v":""},null,null,null,{"$f":"IF('BİLGİ GİRİŞİ'!T102=\"\",\"\",'BİLGİ GİRİŞİ'!T102)","v":""},null,null,null,{"$f":"IF('BİLGİ GİRİŞİ'!AB209=\"\",\"\",'BİLGİ GİRİŞİ'!AB209)","v":""},null,null,null,{"$f":"IF('BİLGİ GİRİŞİ'!AF209=\"\",\"\",'BİLGİ GİRİŞİ'!AF209)","v":""},null,null,null,{"$f":"IF('BİLGİ GİRİŞİ'!AJ209=\"\",\"\",'BİLGİ GİRİŞİ'!AJ209)","v":""},null,null,null,{"$f":"IF('BİLGİ GİRİŞİ'!AN209=\"\",\"\",'BİLGİ GİRİŞİ'!AN209)","v":""},null,null,null,{"$f":"IF('BİLGİ GİRİŞİ'!AR209=\"\",\"\",'BİLGİ GİRİŞİ'!AR209)","v":""},null,null,null,{"$f":"IF('BİLGİ GİRİŞİ'!AV209=\"\",\"\",'BİLGİ GİRİŞİ'!AV209)","v":""}]
[{"$f":"IF('BİLGİ GİRİŞİ'!D103=\"\",\"\",'BİLGİ GİRİŞİ'!D103)","v":""},{"$f":"IF('BİLGİ GİRİŞİ'!E103=\"\",\"\",'BİLGİ GİRİŞİ'!E103)","v":""},null,null,null,null,null,null,null,null,null,null,null,null,null,{"$f":"IF('BİLGİ GİRİŞİ'!W103=\"\",\"\",'BİLGİ GİRİŞİ'!W103)","v":""},null,null,null,{"$f":"IF('BİLGİ GİRİŞİ'!T103=\"\",\"\",'BİLGİ GİRİŞİ'!T103)","v":""},null,null,null,{"$f":"IF('BİLGİ GİRİŞİ'!AB210=\"\",\"\",'BİLGİ GİRİŞİ'!AB210)","v":""},null,null,null,{"$f":"IF('BİLGİ GİRİŞİ'!AF210=\"\",\"\",'BİLGİ GİRİŞİ'!AF210)","v":""},null,null,null,{"$f":"IF('BİLGİ GİRİŞİ'!AJ210=\"\",\"\",'BİLGİ GİRİŞİ'!AJ210)","v":""},null,null,null,{"$f":"IF('BİLGİ GİRİŞİ'!AN210=\"\",\"\",'BİLGİ GİRİŞİ'!AN210)","v":""},null,null,null,{"$f":"IF('BİLGİ GİRİŞİ'!AR210=\"\",\"\",'BİLGİ GİRİŞİ'!AR210)","v":""},null,null,null,{"$f":"IF('BİLGİ GİRİŞİ'!AV210=\"\",\"\",'BİLGİ GİRİŞİ'!AV210)","v":""}]
[{"$f":"IF('BİLGİ GİRİŞİ'!D104=\"\",\"\",'BİLGİ GİRİŞİ'!D104)","v":""},{"$f":"IF('BİLGİ GİRİŞİ'!E104=\"\",\"\",'BİLGİ GİRİŞİ'!E104)","v":""},null,null,null,null,null,null,null,null,null,null,null,null,null,{"$f":"IF('BİLGİ GİRİŞİ'!W104=\"\",\"\",'BİLGİ GİRİŞİ'!W104)","v":""},null,null,null,{"$f":"IF('BİLGİ GİRİŞİ'!T104=\"\",\"\",'BİLGİ GİRİŞİ'!T104)","v":""},null,null,null,{"$f":"IF('BİLGİ GİRİŞİ'!AB211=\"\",\"\",'BİLGİ GİRİŞİ'!AB211)","v":""},null,null,null,{"$f":"IF('BİLGİ GİRİŞİ'!AF211=\"\",\"\",'BİLGİ GİRİŞİ'!AF211)","v":""},null,null,null,{"$f":"IF('BİLGİ GİRİŞİ'!AJ211=\"\",\"\",'BİLGİ GİRİŞİ'!AJ211)","v":""},null,null,null,{"$f":"IF('BİLGİ GİRİŞİ'!AN211=\"\",\"\",'BİLGİ GİRİŞİ'!AN211)","v":""},null,null,null,{"$f":"IF('BİLGİ GİRİŞİ'!AR211=\"\",\"\",'BİLGİ GİRİŞİ'!AR211)","v":""},null,null,null,{"$f":"IF('BİLGİ GİRİŞİ'!AV211=\"\",\"\",'BİLGİ GİRİŞİ'!AV211)","v":""}]
[{"$f":"IF('BİLGİ GİRİŞİ'!D105=\"\",\"\",'BİLGİ GİRİŞİ'!D105)","v":""},{"$f":"IF('BİLGİ GİRİŞİ'!E105=\"\",\"\",'BİLGİ GİRİŞİ'!E105)","v":""},null,null,null,null,null,null,null,null,null,null,null,null,null,{"$f":"IF('BİLGİ GİRİŞİ'!W105=\"\",\"\",'BİLGİ GİRİŞİ'!W105)","v":""},null,null,null,{"$f":"IF('BİLGİ GİRİŞİ'!T105=\"\",\"\",'BİLGİ GİRİŞİ'!T105)","v":""},null,null,null,{"$f":"IF('BİLGİ GİRİŞİ'!AB212=\"\",\"\",'BİLGİ GİRİŞİ'!AB212)","v":""},null,null,null,{"$f":"IF('BİLGİ GİRİŞİ'!AF212=\"\",\"\",'BİLGİ GİRİŞİ'!AF212)","v":""},null,null,null,{"$f":"IF('BİLGİ GİRİŞİ'!AJ212=\"\",\"\",'BİLGİ GİRİŞİ'!AJ212)","v":""},null,null,null,{"$f":"IF('BİLGİ GİRİŞİ'!AN212=\"\",\"\",'BİLGİ GİRİŞİ'!AN212)","v":""},null,null,null,{"$f":"IF('BİLGİ GİRİŞİ'!AR212=\"\",\"\",'BİLGİ GİRİŞİ'!AR212)","v":""},null,null,null,{"$f":"IF('BİLGİ GİRİŞİ'!AV212=\"\",\"\",'BİLGİ GİRİŞİ'!AV212)","v":""}]
[{"$f":"IF('BİLGİ GİRİŞİ'!D106=\"\",\"\",'BİLGİ GİRİŞİ'!D106)","v":""},{"$f":"IF('BİLGİ GİRİŞİ'!E106=\"\",\"\",'BİLGİ GİRİŞİ'!E106)","v":""},null,null,null,null,null,null,null,null,null,null,null,null,null,{"$f":"IF('BİLGİ GİRİŞİ'!W106=\"\",\"\",'BİLGİ GİRİŞİ'!W106)","v":""},null,null,null,{"$f":"IF('BİLGİ GİRİŞİ'!T106=\"\",\"\",'BİLGİ GİRİŞİ'!T106)","v":""},null,null,null,{"$f":"IF('BİLGİ GİRİŞİ'!AB213=\"\",\"\",'BİLGİ GİRİŞİ'!AB213)","v":""},null,null,null,{"$f":"IF('BİLGİ GİRİŞİ'!AF213=\"\",\"\",'BİLGİ GİRİŞİ'!AF213)","v":""},null,null,null,{"$f":"IF('BİLGİ GİRİŞİ'!AJ213=\"\",\"\",'BİLGİ GİRİŞİ'!AJ213)","v":""},null,null,null,{"$f":"IF('BİLGİ GİRİŞİ'!AN213=\"\",\"\",'BİLGİ GİRİŞİ'!AN213)","v":""},null,null,null,{"$f":"IF('BİLGİ GİRİŞİ'!AR213=\"\",\"\",'BİLGİ GİRİŞİ'!AR213)","v":""},null,null,null,{"$f":"IF('BİLGİ GİRİŞİ'!AV213=\"\",\"\",'BİLGİ GİRİŞİ'!AV213)","v":""}]
[{"$f":"IF('BİLGİ GİRİŞİ'!D107=\"\",\"\",'BİLGİ GİRİŞİ'!D107)","v":""},{"$f":"IF('BİLGİ GİRİŞİ'!E107=\"\",\"\",'BİLGİ GİRİŞİ'!E107)","v":""},null,null,null,null,null,null,null,null,null,null,null,null,null,{"$f":"IF('BİLGİ GİRİŞİ'!W107=\"\",\"\",'BİLGİ GİRİŞİ'!W107)","v":""},null,null,null,{"$f":"IF('BİLGİ GİRİŞİ'!T107=\"\",\"\",'BİLGİ GİRİŞİ'!T107)","v":""},null,null,null,{"$f":"IF('BİLGİ GİRİŞİ'!AB214=\"\",\"\",'BİLGİ GİRİŞİ'!AB214)","v":""},null,null,null,{"$f":"IF('BİLGİ GİRİŞİ'!AF214=\"\",\"\",'BİLGİ GİRİŞİ'!AF214)","v":""},null,null,null,{"$f":"IF('BİLGİ GİRİŞİ'!AJ214=\"\",\"\",'BİLGİ GİRİŞİ'!AJ214)","v":""},null,null,null,{"$f":"IF('BİLGİ GİRİŞİ'!AN214=\"\",\"\",'BİLGİ GİRİŞİ'!AN214)","v":""},null,null,null,{"$f":"IF('BİLGİ GİRİŞİ'!AR214=\"\",\"\",'BİLGİ GİRİŞİ'!AR214)","v":""},null,null,null,{"$f":"IF('BİLGİ GİRİŞİ'!AV214=\"\",\"\",'BİLGİ GİRİŞİ'!AV214)","v":""}]
[{"$f":"IF('BİLGİ GİRİŞİ'!D108=\"\",\"\",'BİLGİ GİRİŞİ'!D108)","v":""},{"$f":"IF('BİLGİ GİRİŞİ'!E108=\"\",\"\",'BİLGİ GİRİŞİ'!E108)","v":""},null,null,null,null,null,null,null,null,null,null,null,null,null,{"$f":"IF('BİLGİ GİRİŞİ'!W108=\"\",\"\",'BİLGİ GİRİŞİ'!W108)","v":""},null,null,null,{"$f":"IF('BİLGİ GİRİŞİ'!T108=\"\",\"\",'BİLGİ GİRİŞİ'!T108)","v":""},null,null,null,{"$f":"IF('BİLGİ GİRİŞİ'!AB215=\"\",\"\",'BİLGİ GİRİŞİ'!AB215)","v":""},null,null,null,{"$f":"IF('BİLGİ GİRİŞİ'!AF215=\"\",\"\",'BİLGİ GİRİŞİ'!AF215)","v":""},null,null,null,{"$f":"IF('BİLGİ GİRİŞİ'!AJ215=\"\",\"\",'BİLGİ GİRİŞİ'!AJ215)","v":""},null,null,null,{"$f":"IF('BİLGİ GİRİŞİ'!AN215=\"\",\"\",'BİLGİ GİRİŞİ'!AN215)","v":""},null,null,null,{"$f":"IF('BİLGİ GİRİŞİ'!AR215=\"\",\"\",'BİLGİ GİRİŞİ'!AR215)","v":""},null,null,null,{"$f":"IF('BİLGİ GİRİŞİ'!AV215=\"\",\"\",'BİLGİ GİRİŞİ'!AV215)","v":""}]
[{"$f":"IF('BİLGİ GİRİŞİ'!D109=\"\",\"\",'BİLGİ GİRİŞİ'!D109)","v":""},{"$f":"IF('BİLGİ GİRİŞİ'!E109=\"\",\"\",'BİLGİ GİRİŞİ'!E109)","v":""},null,null,null,null,null,null,null,null,null,null,null,null,null,{"$f":"IF('BİLGİ GİRİŞİ'!W109=\"\",\"\",'BİLGİ GİRİŞİ'!W109)","v":""},null,null,null,{"$f":"IF('BİLGİ GİRİŞİ'!T109=\"\",\"\",'BİLGİ GİRİŞİ'!T109)","v":""},null,null,null,{"$f":"IF('BİLGİ GİRİŞİ'!AB216=\"\",\"\",'BİLGİ GİRİŞİ'!AB216)","v":""},null,null,null,{"$f":"IF('BİLGİ GİRİŞİ'!AF216=\"\",\"\",'BİLGİ GİRİŞİ'!AF216)","v":""},null,null,null,{"$f":"IF('BİLGİ GİRİŞİ'!AJ216=\"\",\"\",'BİLGİ GİRİŞİ'!AJ216)","v":""},null,null,null,{"$f":"IF('BİLGİ GİRİŞİ'!AN216=\"\",\"\",'BİLGİ GİRİŞİ'!AN216)","v":""},null,null,null,{"$f":"IF('BİLGİ GİRİŞİ'!AR216=\"\",\"\",'BİLGİ GİRİŞİ'!AR216)","v":""},null,null,null,{"$f":"IF('BİLGİ GİRİŞİ'!AV216=\"\",\"\",'BİLGİ GİRİŞİ'!AV216)","v":""}]
[{"$f":"IF('BİLGİ GİRİŞİ'!D110=\"\",\"\",'BİLGİ GİRİŞİ'!D110)","v":""},{"$f":"IF('BİLGİ GİRİŞİ'!E110=\"\",\"\",'BİLGİ GİRİŞİ'!E110)","v":""},null,null,null,null,null,null,null,null,null,null,null,null,null,{"$f":"IF('BİLGİ GİRİŞİ'!W110=\"\",\"\",'BİLGİ GİRİŞİ'!W110)","v":""},null,null,null,{"$f":"IF('BİLGİ GİRİŞİ'!T110=\"\",\"\",'BİLGİ GİRİŞİ'!T110)","v":""},null,null,null,{"$f":"IF('BİLGİ GİRİŞİ'!AB217=\"\",\"\",'BİLGİ GİRİŞİ'!AB217)","v":""},null,null,null,{"$f":"IF('BİLGİ GİRİŞİ'!AF217=\"\",\"\",'BİLGİ GİRİŞİ'!AF217)","v":""},null,null,null,{"$f":"IF('BİLGİ GİRİŞİ'!AJ217=\"\",\"\",'BİLGİ GİRİŞİ'!AJ217)","v":""},null,null,null,{"$f":"IF('BİLGİ GİRİŞİ'!AN217=\"\",\"\",'BİLGİ GİRİŞİ'!AN217)","v":""},null,null,null,{"$f":"IF('BİLGİ GİRİŞİ'!AR217=\"\",\"\",'BİLGİ GİRİŞİ'!AR217)","v":""},null,null,null,{"$f":"IF('BİLGİ GİRİŞİ'!AV217=\"\",\"\",'BİLGİ GİRİŞİ'!AV217)","v":""}]
[{"$f":"IF('BİLGİ GİRİŞİ'!D111=\"\",\"\",'BİLGİ GİRİŞİ'!D111)","v":""},{"$f":"IF('BİLGİ GİRİŞİ'!E111=\"\",\"\",'BİLGİ GİRİŞİ'!E111)","v":""},null,null,null,null,null,null,null,null,null,null,null,null,null,{"$f":"IF('BİLGİ GİRİŞİ'!W111=\"\",\"\",'BİLGİ GİRİŞİ'!W111)","v":""},null,null,null,{"$f":"IF('BİLGİ GİRİŞİ'!T111=\"\",\"\",'BİLGİ GİRİŞİ'!T111)","v":""},null,null,null,{"$f":"IF('BİLGİ GİRİŞİ'!AB218=\"\",\"\",'BİLGİ GİRİŞİ'!AB218)","v":""},null,null,null,{"$f":"IF('BİLGİ GİRİŞİ'!AF218=\"\",\"\",'BİLGİ GİRİŞİ'!AF218)","v":""},null,null,null,{"$f":"IF('BİLGİ GİRİŞİ'!AJ218=\"\",\"\",'BİLGİ GİRİŞİ'!AJ218)","v":""},null,null,null,{"$f":"IF('BİLGİ GİRİŞİ'!AN218=\"\",\"\",'BİLGİ GİRİŞİ'!AN218)","v":""},null,null,null,{"$f":"IF('BİLGİ GİRİŞİ'!AR218=\"\",\"\",'BİLGİ GİRİŞİ'!AR218)","v":""},null,null,null,{"$f":"IF('BİLGİ GİRİŞİ'!AV218=\"\",\"\",'BİLGİ GİRİŞİ'!AV218)","v":""}]
[{"$f":"IF('BİLGİ GİRİŞİ'!D112=\"\",\"\",'BİLGİ GİRİŞİ'!D112)","v":""},{"$f":"IF('BİLGİ GİRİŞİ'!E112=\"\",\"\",'BİLGİ GİRİŞİ'!E112)","v":""},null,null,null,null,null,null,null,null,null,null,null,null,null,{"$f":"IF('BİLGİ GİRİŞİ'!W112=\"\",\"\",'BİLGİ GİRİŞİ'!W112)","v":""},null,null,null,{"$f":"IF('BİLGİ GİRİŞİ'!T112=\"\",\"\",'BİLGİ GİRİŞİ'!T112)","v":""},null,null,null,{"$f":"IF('BİLGİ GİRİŞİ'!AB219=\"\",\"\",'BİLGİ GİRİŞİ'!AB219)","v":""},null,null,null,{"$f":"IF('BİLGİ GİRİŞİ'!AF219=\"\",\"\",'BİLGİ GİRİŞİ'!AF219)","v":""},null,null,null,{"$f":"IF('BİLGİ GİRİŞİ'!AJ219=\"\",\"\",'BİLGİ GİRİŞİ'!AJ219)","v":""},null,null,null,{"$f":"IF('BİLGİ GİRİŞİ'!AN219=\"\",\"\",'BİLGİ GİRİŞİ'!AN219)","v":""},null,null,null,{"$f":"IF('BİLGİ GİRİŞİ'!AR219=\"\",\"\",'BİLGİ GİRİŞİ'!AR219)","v":""},null,null,null,{"$f":"IF('BİLGİ GİRİŞİ'!AV219=\"\",\"\",'BİLGİ GİRİŞİ'!AV219)","v":""}]
[{"$f":"IF('BİLGİ GİRİŞİ'!D113=\"\",\"\",'BİLGİ GİRİŞİ'!D113)","v":""},{"$f":"IF('BİLGİ GİRİŞİ'!E113=\"\",\"\",'BİLGİ GİRİŞİ'!E113)","v":""},null,null,null,null,null,null,null,null,null,null,null,null,null,{"$f":"IF('BİLGİ GİRİŞİ'!W113=\"\",\"\",'BİLGİ GİRİŞİ'!W113)","v":""},null,null,null,{"$f":"IF('BİLGİ GİRİŞİ'!T113=\"\",\"\",'BİLGİ GİRİŞİ'!T113)","v":""},null,null,null,{"$f":"IF('BİLGİ GİRİŞİ'!AB220=\"\",\"\",'BİLGİ GİRİŞİ'!AB220)","v":""},null,null,null,{"$f":"IF('BİLGİ GİRİŞİ'!AF220=\"\",\"\",'BİLGİ GİRİŞİ'!AF220)","v":""},null,null,null,{"$f":"IF('BİLGİ GİRİŞİ'!AJ220=\"\",\"\",'BİLGİ GİRİŞİ'!AJ220)","v":""},null,null,null,{"$f":"IF('BİLGİ GİRİŞİ'!AN220=\"\",\"\",'BİLGİ GİRİŞİ'!AN220)","v":""},null,null,null,{"$f":"IF('BİLGİ GİRİŞİ'!AR220=\"\",\"\",'BİLGİ GİRİŞİ'!AR220)","v":""},null,null,null,{"$f":"IF('BİLGİ GİRİŞİ'!AV220=\"\",\"\",'BİLGİ GİRİŞİ'!AV220)","v":""}]
[{"$f":"IF('BİLGİ GİRİŞİ'!D114=\"\",\"\",'BİLGİ GİRİŞİ'!D114)","v":""},{"$f":"IF('BİLGİ GİRİŞİ'!E114=\"\",\"\",'BİLGİ GİRİŞİ'!E114)","v":""},null,null,null,null,null,null,null,null,null,null,null,null,null,{"$f":"IF('BİLGİ GİRİŞİ'!W114=\"\",\"\",'BİLGİ GİRİŞİ'!W114)","v":""},null,null,null,{"$f":"IF('BİLGİ GİRİŞİ'!T114=\"\",\"\",'BİLGİ GİRİŞİ'!T114)","v":""},null,null,null,{"$f":"IF('BİLGİ GİRİŞİ'!AB221=\"\",\"\",'BİLGİ GİRİŞİ'!AB221)","v":""},null,null,null,{"$f":"IF('BİLGİ GİRİŞİ'!AF221=\"\",\"\",'BİLGİ GİRİŞİ'!AF221)","v":""},null,null,null,{"$f":"IF('BİLGİ GİRİŞİ'!AJ221=\"\",\"\",'BİLGİ GİRİŞİ'!AJ221)","v":""},null,null,null,{"$f":"IF('BİLGİ GİRİŞİ'!AN221=\"\",\"\",'BİLGİ GİRİŞİ'!AN221)","v":""},null,null,null,{"$f":"IF('BİLGİ GİRİŞİ'!AR221=\"\",\"\",'BİLGİ GİRİŞİ'!AR221)","v":""},null,null,null,{"$f":"IF('BİLGİ GİRİŞİ'!AV221=\"\",\"\",'BİLGİ GİRİŞİ'!AV221)","v":""}]
[{"$f":"IF('BİLGİ GİRİŞİ'!D115=\"\",\"\",'BİLGİ GİRİŞİ'!D115)","v":""},{"$f":"IF('BİLGİ GİRİŞİ'!E115=\"\",\"\",'BİLGİ GİRİŞİ'!E115)","v":""},null,null,null,null,null,null,null,null,null,null,null,null,null,{"$f":"IF('BİLGİ GİRİŞİ'!W115=\"\",\"\",'BİLGİ GİRİŞİ'!W115)","v":""},null,null,null,{"$f":"IF('BİLGİ GİRİŞİ'!T115=\"\",\"\",'BİLGİ GİRİŞİ'!T115)","v":""},null,null,null,{"$f":"IF('BİLGİ GİRİŞİ'!AB222=\"\",\"\",'BİLGİ GİRİŞİ'!AB222)","v":""},null,null,null,{"$f":"IF('BİLGİ GİRİŞİ'!AF222=\"\",\"\",'BİLGİ GİRİŞİ'!AF222)","v":""},null,null,null,{"$f":"IF('BİLGİ GİRİŞİ'!AJ222=\"\",\"\",'BİLGİ GİRİŞİ'!AJ222)","v":""},null,null,null,{"$f":"IF('BİLGİ GİRİŞİ'!AN222=\"\",\"\",'BİLGİ GİRİŞİ'!AN222)","v":""},null,null,null,{"$f":"IF('BİLGİ GİRİŞİ'!AR222=\"\",\"\",'BİLGİ GİRİŞİ'!AR222)","v":""},null,null,null,{"$f":"IF('BİLGİ GİRİŞİ'!AV222=\"\",\"\",'BİLGİ GİRİŞİ'!AV222)","v":""}]
[{"$f":"IF('BİLGİ GİRİŞİ'!D116=\"\",\"\",'BİLGİ GİRİŞİ'!D116)","v":""},{"$f":"IF('BİLGİ GİRİŞİ'!E116=\"\",\"\",'BİLGİ GİRİŞİ'!E116)","v":""},null,null,null,null,null,null,null,null,null,null,null,null,null,{"$f":"IF('BİLGİ GİRİŞİ'!W116=\"\",\"\",'BİLGİ GİRİŞİ'!W116)","v":""},null,null,null,{"$f":"IF('BİLGİ GİRİŞİ'!T116=\"\",\"\",'BİLGİ GİRİŞİ'!T116)","v":""},null,null,null,{"$f":"IF('BİLGİ GİRİŞİ'!AB223=\"\",\"\",'BİLGİ GİRİŞİ'!AB223)","v":""},null,null,null,{"$f":"IF('BİLGİ GİRİŞİ'!AF223=\"\",\"\",'BİLGİ GİRİŞİ'!AF223)","v":""},null,null,null,{"$f":"IF('BİLGİ GİRİŞİ'!AJ223=\"\",\"\",'BİLGİ GİRİŞİ'!AJ223)","v":""},null,null,null,{"$f":"IF('BİLGİ GİRİŞİ'!AN223=\"\",\"\",'BİLGİ GİRİŞİ'!AN223)","v":""},null,null,null,{"$f":"IF('BİLGİ GİRİŞİ'!AR223=\"\",\"\",'BİLGİ GİRİŞİ'!AR223)","v":""},null,null,null,{"$f":"IF('BİLGİ GİRİŞİ'!AV223=\"\",\"\",'BİLGİ GİRİŞİ'!AV223)","v":""}]
[{"$f":"IF('BİLGİ GİRİŞİ'!D117=\"\",\"\",'BİLGİ GİRİŞİ'!D117)","v":""},{"$f":"IF('BİLGİ GİRİŞİ'!E117=\"\",\"\",'BİLGİ GİRİŞİ'!E117)","v":""},null,null,null,null,null,null,null,null,null,null,null,null,null,{"$f":"IF('BİLGİ GİRİŞİ'!W117=\"\",\"\",'BİLGİ GİRİŞİ'!W117)","v":""},null,null,null,{"$f":"IF('BİLGİ GİRİŞİ'!T117=\"\",\"\",'BİLGİ GİRİŞİ'!T117)","v":""},null,null,null,{"$f":"IF('BİLGİ GİRİŞİ'!AB224=\"\",\"\",'BİLGİ GİRİŞİ'!AB224)","v":""},null,null,null,{"$f":"IF('BİLGİ GİRİŞİ'!AF224=\"\",\"\",'BİLGİ GİRİŞİ'!AF224)","v":""},null,null,null,{"$f":"IF('BİLGİ GİRİŞİ'!AJ224=\"\",\"\",'BİLGİ GİRİŞİ'!AJ224)","v":""},null,null,null,{"$f":"IF('BİLGİ GİRİŞİ'!AN224=\"\",\"\",'BİLGİ GİRİŞİ'!AN224)","v":""},null,null,null,{"$f":"IF('BİLGİ GİRİŞİ'!AR224=\"\",\"\",'BİLGİ GİRİŞİ'!AR224)","v":""},null,null,null,{"$f":"IF('BİLGİ GİRİŞİ'!AV224=\"\",\"\",'BİLGİ GİRİŞİ'!AV224)","v":""}]
[{"$f":"IF('BİLGİ GİRİŞİ'!D118=\"\",\"\",'BİLGİ GİRİŞİ'!D118)","v":""},{"$f":"IF('BİLGİ GİRİŞİ'!E118=\"\",\"\",'BİLGİ GİRİŞİ'!E118)","v":""},null,null,null,null,null,null,null,null,null,null,null,null,null,{"$f":"IF('BİLGİ GİRİŞİ'!W118=\"\",\"\",'BİLGİ GİRİŞİ'!W118)","v":""},null,null,null,{"$f":"IF('BİLGİ GİRİŞİ'!T118=\"\",\"\",'BİLGİ GİRİŞİ'!T118)","v":""},null,null,null,{"$f":"IF('BİLGİ GİRİŞİ'!AB225=\"\",\"\",'BİLGİ GİRİŞİ'!AB225)","v":""},null,null,null,{"$f":"IF('BİLGİ GİRİŞİ'!AF225=\"\",\"\",'BİLGİ GİRİŞİ'!AF225)","v":""},null,null,null,{"$f":"IF('BİLGİ GİRİŞİ'!AJ225=\"\",\"\",'BİLGİ GİRİŞİ'!AJ225)","v":""},null,null,null,{"$f":"IF('BİLGİ GİRİŞİ'!AN225=\"\",\"\",'BİLGİ GİRİŞİ'!AN225)","v":""},null,null,null,{"$f":"IF('BİLGİ GİRİŞİ'!AR225=\"\",\"\",'BİLGİ GİRİŞİ'!AR225)","v":""},null,null,null,{"$f":"IF('BİLGİ GİRİŞİ'!AV225=\"\",\"\",'BİLGİ GİRİŞİ'!AV225)","v":""}]
[{"$f":"IF('BİLGİ GİRİŞİ'!D119=\"\",\"\",'BİLGİ GİRİŞİ'!D119)","v":""},{"$f":"IF('BİLGİ GİRİŞİ'!E119=\"\",\"\",'BİLGİ GİRİŞİ'!E119)","v":""},null,null,null,null,null,null,null,null,null,null,null,null,null,{"$f":"IF('BİLGİ GİRİŞİ'!W119=\"\",\"\",'BİLGİ GİRİŞİ'!W119)","v":""},null,null,null,{"$f":"IF('BİLGİ GİRİŞİ'!T119=\"\",\"\",'BİLGİ GİRİŞİ'!T119)","v":""},null,null,null,{"$f":"IF('BİLGİ GİRİŞİ'!AB226=\"\",\"\",'BİLGİ GİRİŞİ'!AB226)","v":""},null,null,null,{"$f":"IF('BİLGİ GİRİŞİ'!AF226=\"\",\"\",'BİLGİ GİRİŞİ'!AF226)","v":""},null,null,null,{"$f":"IF('BİLGİ GİRİŞİ'!AJ226=\"\",\"\",'BİLGİ GİRİŞİ'!AJ226)","v":""},null,null,null,{"$f":"IF('BİLGİ GİRİŞİ'!AN226=\"\",\"\",'BİLGİ GİRİŞİ'!AN226)","v":""},null,null,null,{"$f":"IF('BİLGİ GİRİŞİ'!AR226=\"\",\"\",'BİLGİ GİRİŞİ'!AR226)","v":""},null,null,null,{"$f":"IF('BİLGİ GİRİŞİ'!AV226=\"\",\"\",'BİLGİ GİRİŞİ'!AV226)","v":""}]
[{"$f":"IF('BİLGİ GİRİŞİ'!D120=\"\",\"\",'BİLGİ GİRİŞİ'!D120)","v":""},{"$f":"IF('BİLGİ GİRİŞİ'!E120=\"\",\"\",'BİLGİ GİRİŞİ'!E120)","v":""},null,null,null,null,null,null,null,null,null,null,null,null,null,{"$f":"IF('BİLGİ GİRİŞİ'!W120=\"\",\"\",'BİLGİ GİRİŞİ'!W120)","v":""},null,null,null,{"$f":"IF('BİLGİ GİRİŞİ'!T120=\"\",\"\",'BİLGİ GİRİŞİ'!T120)","v":""},null,null,null,{"$f":"IF('BİLGİ GİRİŞİ'!AB227=\"\",\"\",'BİLGİ GİRİŞİ'!AB227)","v":""},null,null,null,{"$f":"IF('BİLGİ GİRİŞİ'!AF227=\"\",\"\",'BİLGİ GİRİŞİ'!AF227)","v":""},null,null,null,{"$f":"IF('BİLGİ GİRİŞİ'!AJ227=\"\",\"\",'BİLGİ GİRİŞİ'!AJ227)","v":""},null,null,null,{"$f":"IF('BİLGİ GİRİŞİ'!AN227=\"\",\"\",'BİLGİ GİRİŞİ'!AN227)","v":""},null,null,null,{"$f":"IF('BİLGİ GİRİŞİ'!AR227=\"\",\"\",'BİLGİ GİRİŞİ'!AR227)","v":""},null,null,null,{"$f":"IF('BİLGİ GİRİŞİ'!AV227=\"\",\"\",'BİLGİ GİRİŞİ'!AV227)","v":""}]
[{"$f":"IF('BİLGİ GİRİŞİ'!D121=\"\",\"\",'BİLGİ GİRİŞİ'!D121)","v":""},{"$f":"IF('BİLGİ GİRİŞİ'!E121=\"\",\"\",'BİLGİ GİRİŞİ'!E121)","v":""},null,null,null,null,null,null,null,null,null,null,null,null,null,{"$f":"IF('BİLGİ GİRİŞİ'!W121=\"\",\"\",'BİLGİ GİRİŞİ'!W121)","v":""},null,null,null,{"$f":"IF('BİLGİ GİRİŞİ'!T121=\"\",\"\",'BİLGİ GİRİŞİ'!T121)","v":""},null,null,null,{"$f":"IF('BİLGİ GİRİŞİ'!AB228=\"\",\"\",'BİLGİ GİRİŞİ'!AB228)","v":""},null,null,null,{"$f":"IF('BİLGİ GİRİŞİ'!AF228=\"\",\"\",'BİLGİ GİRİŞİ'!AF228)","v":""},null,null,null,{"$f":"IF('BİLGİ GİRİŞİ'!AJ228=\"\",\"\",'BİLGİ GİRİŞİ'!AJ228)","v":""},null,null,null,{"$f":"IF('BİLGİ GİRİŞİ'!AN228=\"\",\"\",'BİLGİ GİRİŞİ'!AN228)","v":""},null,null,null,{"$f":"IF('BİLGİ GİRİŞİ'!AR228=\"\",\"\",'BİLGİ GİRİŞİ'!AR228)","v":""},null,null,null,{"$f":"IF('BİLGİ GİRİŞİ'!AV228=\"\",\"\",'BİLGİ GİRİŞİ'!AV228)","v":""}]
[{"$f":"IF('BİLGİ GİRİŞİ'!D122=\"\",\"\",'BİLGİ GİRİŞİ'!D122)","v":""},{"$f":"IF('BİLGİ GİRİŞİ'!E122=\"\",\"\",'BİLGİ GİRİŞİ'!E122)","v":""},null,null,null,null,null,null,null,null,null,null,null,null,null,{"$f":"IF('BİLGİ GİRİŞİ'!W122=\"\",\"\",'BİLGİ GİRİŞİ'!W122)","v":""},null,null,null,{"$f":"IF('BİLGİ GİRİŞİ'!T122=\"\",\"\",'BİLGİ GİRİŞİ'!T122)","v":""},null,null,null,{"$f":"IF('BİLGİ GİRİŞİ'!AB229=\"\",\"\",'BİLGİ GİRİŞİ'!AB229)","v":""},null,null,null,{"$f":"IF('BİLGİ GİRİŞİ'!AF229=\"\",\"\",'BİLGİ GİRİŞİ'!AF229)","v":""},null,null,null,{"$f":"IF('BİLGİ GİRİŞİ'!AJ229=\"\",\"\",'BİLGİ GİRİŞİ'!AJ229)","v":""},null,null,null,{"$f":"IF('BİLGİ GİRİŞİ'!AN229=\"\",\"\",'BİLGİ GİRİŞİ'!AN229)","v":""},null,null,null,{"$f":"IF('BİLGİ GİRİŞİ'!AR229=\"\",\"\",'BİLGİ GİRİŞİ'!AR229)","v":""},null,null,null,{"$f":"IF('BİLGİ GİRİŞİ'!AV229=\"\",\"\",'BİLGİ GİRİŞİ'!AV229)","v":""}]
[{"$f":"IF('BİLGİ GİRİŞİ'!D123=\"\",\"\",'BİLGİ GİRİŞİ'!D123)","v":""},{"$f":"IF('BİLGİ GİRİŞİ'!E123=\"\",\"\",'BİLGİ GİRİŞİ'!E123)","v":""},null,null,null,null,null,null,null,null,null,null,null,null,null,{"$f":"IF('BİLGİ GİRİŞİ'!W123=\"\",\"\",'BİLGİ GİRİŞİ'!W123)","v":""},null,null,null,{"$f":"IF('BİLGİ GİRİŞİ'!T123=\"\",\"\",'BİLGİ GİRİŞİ'!T123)","v":""},null,null,null,{"$f":"IF('BİLGİ GİRİŞİ'!AB230=\"\",\"\",'BİLGİ GİRİŞİ'!AB230)","v":""},null,null,null,{"$f":"IF('BİLGİ GİRİŞİ'!AF230=\"\",\"\",'BİLGİ GİRİŞİ'!AF230)","v":""},null,null,null,{"$f":"IF('BİLGİ GİRİŞİ'!AJ230=\"\",\"\",'BİLGİ GİRİŞİ'!AJ230)","v":""},null,null,null,{"$f":"IF('BİLGİ GİRİŞİ'!AN230=\"\",\"\",'BİLGİ GİRİŞİ'!AN230)","v":""},null,null,null,{"$f":"IF('BİLGİ GİRİŞİ'!AR230=\"\",\"\",'BİLGİ GİRİŞİ'!AR230)","v":""},null,null,null,{"$f":"IF('BİLGİ GİRİŞİ'!AV230=\"\",\"\",'BİLGİ GİRİŞİ'!AV230)","v":""}]
[{"$f":"IF('BİLGİ GİRİŞİ'!D124=\"\",\"\",'BİLGİ GİRİŞİ'!D124)","v":""},{"$f":"IF('BİLGİ GİRİŞİ'!E124=\"\",\"\",'BİLGİ GİRİŞİ'!E124)","v":""},null,null,null,null,null,null,null,null,null,null,null,null,null,{"$f":"IF('BİLGİ GİRİŞİ'!W124=\"\",\"\",'BİLGİ GİRİŞİ'!W124)","v":""},null,null,null,{"$f":"IF('BİLGİ GİRİŞİ'!T124=\"\",\"\",'BİLGİ GİRİŞİ'!T124)","v":""},null,null,null,{"$f":"IF('BİLGİ GİRİŞİ'!AB231=\"\",\"\",'BİLGİ GİRİŞİ'!AB231)","v":""},null,null,null,{"$f":"IF('BİLGİ GİRİŞİ'!AF231=\"\",\"\",'BİLGİ GİRİŞİ'!AF231)","v":""},null,null,null,{"$f":"IF('BİLGİ GİRİŞİ'!AJ231=\"\",\"\",'BİLGİ GİRİŞİ'!AJ231)","v":""},null,null,null,{"$f":"IF('BİLGİ GİRİŞİ'!AN231=\"\",\"\",'BİLGİ GİRİŞİ'!AN231)","v":""},null,null,null,{"$f":"IF('BİLGİ GİRİŞİ'!AR231=\"\",\"\",'BİLGİ GİRİŞİ'!AR231)","v":""},null,null,null,{"$f":"IF('BİLGİ GİRİŞİ'!AV231=\"\",\"\",'BİLGİ GİRİŞİ'!AV231)","v":""}]
[{"$f":"IF('BİLGİ GİRİŞİ'!D125=\"\",\"\",'BİLGİ GİRİŞİ'!D125)","v":""},{"$f":"IF('BİLGİ GİRİŞİ'!E125=\"\",\"\",'BİLGİ GİRİŞİ'!E125)","v":""},null,null,null,null,null,null,null,null,null,null,null,null,null,{"$f":"IF('BİLGİ GİRİŞİ'!W125=\"\",\"\",'BİLGİ GİRİŞİ'!W125)","v":""},null,null,null,{"$f":"IF('BİLGİ GİRİŞİ'!T125=\"\",\"\",'BİLGİ GİRİŞİ'!T125)","v":""},null,null,null,{"$f":"IF('BİLGİ GİRİŞİ'!AB232=\"\",\"\",'BİLGİ GİRİŞİ'!AB232)","v":""},null,null,null,{"$f":"IF('BİLGİ GİRİŞİ'!AF232=\"\",\"\",'BİLGİ GİRİŞİ'!AF232)","v":""},null,null,null,{"$f":"IF('BİLGİ GİRİŞİ'!AJ232=\"\",\"\",'BİLGİ GİRİŞİ'!AJ232)","v":""},null,null,null,{"$f":"IF('BİLGİ GİRİŞİ'!AN232=\"\",\"\",'BİLGİ GİRİŞİ'!AN232)","v":""},null,null,null,{"$f":"IF('BİLGİ GİRİŞİ'!AR232=\"\",\"\",'BİLGİ GİRİŞİ'!AR232)","v":""},null,null,null,{"$f":"IF('BİLGİ GİRİŞİ'!AV232=\"\",\"\",'BİLGİ GİRİŞİ'!AV232)","v":""}]
[{"$f":"IF('BİLGİ GİRİŞİ'!D126=\"\",\"\",'BİLGİ GİRİŞİ'!D126)","v":""},{"$f":"IF('BİLGİ GİRİŞİ'!E126=\"\",\"\",'BİLGİ GİRİŞİ'!E126)","v":""},null,null,null,null,null,null,null,null,null,null,null,null,null,{"$f":"IF('BİLGİ GİRİŞİ'!W126=\"\",\"\",'BİLGİ GİRİŞİ'!W126)","v":""},null,null,null,{"$f":"IF('BİLGİ GİRİŞİ'!T126=\"\",\"\",'BİLGİ GİRİŞİ'!T126)","v":""},null,null,null,{"$f":"IF('BİLGİ GİRİŞİ'!AB233=\"\",\"\",'BİLGİ GİRİŞİ'!AB233)","v":""},null,null,null,{"$f":"IF('BİLGİ GİRİŞİ'!AF233=\"\",\"\",'BİLGİ GİRİŞİ'!AF233)","v":""},null,null,null,{"$f":"IF('BİLGİ GİRİŞİ'!AJ233=\"\",\"\",'BİLGİ GİRİŞİ'!AJ233)","v":""},null,null,null,{"$f":"IF('BİLGİ GİRİŞİ'!AN233=\"\",\"\",'BİLGİ GİRİŞİ'!AN233)","v":""},null,null,null,{"$f":"IF('BİLGİ GİRİŞİ'!AR233=\"\",\"\",'BİLGİ GİRİŞİ'!AR233)","v":""},null,null,null,{"$f":"IF('BİLGİ GİRİŞİ'!AV233=\"\",\"\",'BİLGİ GİRİŞİ'!AV233)","v":""}]
[{"$f":"IF('BİLGİ GİRİŞİ'!D127=\"\",\"\",'BİLGİ GİRİŞİ'!D127)","v":""},{"$f":"IF('BİLGİ GİRİŞİ'!E127=\"\",\"\",'BİLGİ GİRİŞİ'!E127)","v":""},null,null,null,null,null,null,null,null,null,null,null,null,null,{"$f":"IF('BİLGİ GİRİŞİ'!W127=\"\",\"\",'BİLGİ GİRİŞİ'!W127)","v":""},null,null,null,{"$f":"IF('BİLGİ GİRİŞİ'!T127=\"\",\"\",'BİLGİ GİRİŞİ'!T127)","v":""},null,null,null,{"$f":"IF('BİLGİ GİRİŞİ'!AB234=\"\",\"\",'BİLGİ GİRİŞİ'!AB234)","v":""},null,null,null,{"$f":"IF('BİLGİ GİRİŞİ'!AF234=\"\",\"\",'BİLGİ GİRİŞİ'!AF234)","v":""},null,null,null,{"$f":"IF('BİLGİ GİRİŞİ'!AJ234=\"\",\"\",'BİLGİ GİRİŞİ'!AJ234)","v":""},null,null,null,{"$f":"IF('BİLGİ GİRİŞİ'!AN234=\"\",\"\",'BİLGİ GİRİŞİ'!AN234)","v":""},null,null,null,{"$f":"IF('BİLGİ GİRİŞİ'!AR234=\"\",\"\",'BİLGİ GİRİŞİ'!AR234)","v":""},null,null,null,{"$f":"IF('BİLGİ GİRİŞİ'!AV234=\"\",\"\",'BİLGİ GİRİŞİ'!AV234)","v":""}]
[{"$f":"IF('BİLGİ GİRİŞİ'!D128=\"\",\"\",'BİLGİ GİRİŞİ'!D128)","v":""},{"$f":"IF('BİLGİ GİRİŞİ'!E128=\"\",\"\",'BİLGİ GİRİŞİ'!E128)","v":""},null,null,null,null,null,null,null,null,null,null,null,null,null,{"$f":"IF('BİLGİ GİRİŞİ'!W128=\"\",\"\",'BİLGİ GİRİŞİ'!W128)","v":""},null,null,null,{"$f":"IF('BİLGİ GİRİŞİ'!T128=\"\",\"\",'BİLGİ GİRİŞİ'!T128)","v":""},null,null,null,{"$f":"IF('BİLGİ GİRİŞİ'!AB235=\"\",\"\",'BİLGİ GİRİŞİ'!AB235)","v":""},null,null,null,{"$f":"IF('BİLGİ GİRİŞİ'!AF235=\"\",\"\",'BİLGİ GİRİŞİ'!AF235)","v":""},null,null,null,{"$f":"IF('BİLGİ GİRİŞİ'!AJ235=\"\",\"\",'BİLGİ GİRİŞİ'!AJ235)","v":""},null,null,null,{"$f":"IF('BİLGİ GİRİŞİ'!AN235=\"\",\"\",'BİLGİ GİRİŞİ'!AN235)","v":""},null,null,null,{"$f":"IF('BİLGİ GİRİŞİ'!AR235=\"\",\"\",'BİLGİ GİRİŞİ'!AR235)","v":""},null,null,null,{"$f":"IF('BİLGİ GİRİŞİ'!AV235=\"\",\"\",'BİLGİ GİRİŞİ'!AV235)","v":""}]
[{"$f":"IF('BİLGİ GİRİŞİ'!D129=\"\",\"\",'BİLGİ GİRİŞİ'!D129)","v":""},{"$f":"IF('BİLGİ GİRİŞİ'!E129=\"\",\"\",'BİLGİ GİRİŞİ'!E129)","v":""},null,null,null,null,null,null,null,null,null,null,null,null,null,{"$f":"IF('BİLGİ GİRİŞİ'!W129=\"\",\"\",'BİLGİ GİRİŞİ'!W129)","v":""},null,null,null,{"$f":"IF('BİLGİ GİRİŞİ'!T129=\"\",\"\",'BİLGİ GİRİŞİ'!T129)","v":""},null,null,null,{"$f":"IF('BİLGİ GİRİŞİ'!AB236=\"\",\"\",'BİLGİ GİRİŞİ'!AB236)","v":""},null,null,null,{"$f":"IF('BİLGİ GİRİŞİ'!AF236=\"\",\"\",'BİLGİ GİRİŞİ'!AF236)","v":""},null,null,null,{"$f":"IF('BİLGİ GİRİŞİ'!AJ236=\"\",\"\",'BİLGİ GİRİŞİ'!AJ236)","v":""},null,null,null,{"$f":"IF('BİLGİ GİRİŞİ'!AN236=\"\",\"\",'BİLGİ GİRİŞİ'!AN236)","v":""},null,null,null,{"$f":"IF('BİLGİ GİRİŞİ'!AR236=\"\",\"\",'BİLGİ GİRİŞİ'!AR236)","v":""},null,null,null,{"$f":"IF('BİLGİ GİRİŞİ'!AV236=\"\",\"\",'BİLGİ GİRİŞİ'!AV236)","v":""}]
["TOPLAM",null,null,null,null,null,null,null,null,null,null,null,null,null,null,null,null,null,null,null,null,null,null,{"$f":"SUM(X12:X111)","v":12000},null,null,null,{"$f":"SUM(AB12:AB111)","v":24000},null,null,null,{"$f":"SUM(AF12:AF111)","v":15000},null,null,null,{"$f":"SUM(AJ12:AJ111)","v":30000},null,null,null,{"$f":"SUM(AN12:AN111)","v":18000},null,null,null,{"$f":"SUM(AR12:AR111)","v":36000}]
[]
["EN UYGUN (DÜŞÜK) TEKLİFİ VEREN VE TEKLİFİ UYGUN GÖRÜLEN GERÇEK/TÜZEL KİŞİ"]
["ADI",null,null,null,null,null,null,null,null,null,null,null,null,null,null,null,null,null,null,null,null,null,null,"GERÇEK/TÜZEL KİŞİ'NİN ADRESİ",null,null,null,null,null,null,null,null,null,null,null,null,null,null,null,"TEKLİF ETTİĞİ FİYAT"]
[{"$f":"IF('BİLGİ GİRİŞİ'!D241=\"\",\"\",'BİLGİ GİRİŞİ'!D241)","v":"A GERÇEK/TÜZEL KİŞİSİ"},null,null,null,null,null,null,null,null,null,null,null,null,null,null,null,null,null,null,null,null,null,null,{"$f":"IF('BİLGİ GİRİŞİ'!T241=\"\",\"\",'BİLGİ GİRİŞİ'!T241)","v":"Bulanık/MUŞ"},null,null,null,null,null,null,null,null,null,null,null,null,null,null,null,{"$f":"IF('BİLGİ GİRİŞİ'!AF241=\"\",\"\",'BİLGİ GİRİŞİ'!AF241)","v":24000}]
[]
[{"$f":"CONCATENATE(\"        Kamu İhale Kanunu'nun \",IF('BİLGİ GİRİŞİ'!O10=\"\",\".............................................................................\",'BİLGİ GİRİŞİ'!O10),\" maddesine göre Doğrudan Temin yoluyla satın alınacak Mal/Hizmet/Yapım İşi'ne ilişkin yapılan piyasa araştırması sonucu gerçek/tüzel kişilerce teklif edilen fiyatlar\"&\" tarafımızca  değerlendirilmiş olup Ma'ın/Hizmet'in/Yapım İşi'nin, yukarıda bilgileri verilen ve teklifi uygun görülen gerçek/tüzel kişiden alınması uygun görülmüştür. \"& TEXT(IF('BİLGİ GİRİŞİ'!O22=\"\",\"…../…../……..\",'BİLGİ GİRİŞİ'!O22),\"gg.aa.yyyy \"))","v":"        Kamu İhale Kanunu'nun 22/d maddesine göre Doğrudan Temin yoluyla satın alınacak Mal/Hizmet/Yapım İşi'ne ilişkin yapılan piyasa araştırması sonucu gerçek/tüzel kişilerce teklif edilen fiyatlar tarafımızca  değerlendirilmiş olup Ma'ın/Hizmet'in/Yapım İşi'nin, yukarıda bilgileri verilen ve teklifi uygun görülen gerçek/tüzel kişiden alınması uygun görülmüştür. 08.03.2023 "}]
[]
[]
[]
[null,null,null,null,null,null,null,null,null,null,null,null,null,null,null,null,null,null,null,null,null,null,null,null,null,null,null,null,null,null,null,{"$f":"IF(AF126=\"\",\"\",IF('BİLGİ GİRİŞİ'!AB16=\"\",\"\",'BİLGİ GİRİŞİ'!AB16))","v":"Piyasa Araştırma Görevlisi"}]
[{"$f":"IF(A126=\"\",\"\",IF('BİLGİ GİRİŞİ'!AH16=\"\",\"\",'BİLGİ GİRİŞİ'!AH16))","v":"Piyasa Araştırma Görevlisi"},null,null,null,null,null,null,null,null,null,null,null,null,null,null,{"$f":"IF(P126=\"\",\"\",IF('BİLGİ GİRİŞİ'!AN16=\"\",\"\",'BİLGİ GİRİŞİ'!AN16))","v":""}]
[]
[]
[{"$f":"IF('BİLGİ GİRİŞİ'!AH17=\"\",\"\",'BİLGİ GİRİŞİ'!AH17)","v":"Ayşe YILDIZ"},null,null,null,null,null,null,null,null,null,null,null,null,null,null,{"$f":"IF('BİLGİ GİRİŞİ'!AN17=\"\",\"\",'BİLGİ GİRİŞİ'!AN17)","v":""},null,null,null,null,null,null,null,null,null,null,null,null,null,null,null,{"$f":"IF('BİLGİ GİRİŞİ'!AB17=\"\",\"\",'BİLGİ GİRİŞİ'!AB17)","v":"Ahmet DEMİR"}]
[{"$f":"IF('BİLGİ GİRİŞİ'!AH18=\"\",\"\",'BİLGİ GİRİŞİ'!AH18)","v":"Öğretmen 1"},null,null,null,null,null,null,null,null,null,null,null,null,null,null,{"$f":"IF(P126=\"\",\"\",IF('BİLGİ GİRİŞİ'!AN18=\"\",\"\",'BİLGİ GİRİŞİ'!AN18))","v":""},null,null,null,null,null,null,null,null,null,null,null,null,null,null,null,{"$f":"IF('BİLGİ GİRİŞİ'!AB18=\"\",\"\",'BİLGİ GİRİŞİ'!AB18)","v":"Müdür Yardımcısı 1"}]

{"sheet":"8","index":9,"n_rows":138,"n_cols":28,"rows_kept":138,"cut":false,"hidden":false,"merged":[[106,1,106,22],[106,23,106,26],[106,27,106,30],[107,1,107,22],[107,23,107,26],[107,27,107,30],[103,1,103,22],[103,23,103,26],[103,27,103,30],[104,1,104,22],[104,23,104,26],[104,27,104,30],[105,1,105,22],[105,23,105,26],[105,27,105,30],[100,1,100,22],[100,23,100,26],[100,27,100,30],[101,1,101,22],[101,23,101,26],[101,27,101,30],[102,1,102,22],[102,23,102,26],[102,27,102,30],[97,1,97,22],[97,23,97,26],[97,27,97,30],[98,1,98,22],[98,23,98,26],[98,27,98,30],[99,1,99,22],[99,23,99,26],[99,27,99,30],[94,1,94,22],[94,23,94,26],[94,27,94,30],[95,1,95,22],[95,23,95,26],[95,27,95,30],[96,1,96,22],[96,23,96,26],[96,27,96,30],[91,1,91,22],[91,23,91,26],[91,27,91,30],[92,1,92,22],[92,23,92,26],[92,27,92,30],[93,1,93,22],[93,23,93,26],[93,27,93,30],[88,1,88,22],[88,23,88,26],[88,27,88,30],[89,1,89,22],[89,23,89,26],[89,27,89,30],[90,1,90,22],[90,23,90,26],[90,27,90,30],[86,1,86,22],[86,23,86,26],[86,27,86,30],[87,1,87,22],[87,23,87,26],[87,27,87,30],[83,1,83,22],[83,23,83,26],[83,27,83,30],[84,1,84,22],[84,23,84,26],[84,27,84,30],[85,1,85,22],[85,23,85,26],[85,27,85,30],[80,1,80,22],[80,23,80,26],[80,27,80,30],[81,1,81,22],[81,23,81,26],[81,27,81,30],[82,1,82,22],[82,23,82,26],[82,27,82,30],[77,1,77,22],[77,23,77,26],[77,27,77,30],[78,1,78,22],[78,23,78,26],[78,27,78,30],[79,1,79,22],[79,23,79,26],[79,27,79,30],[74,1,74,22],[74,23,74,26],[74,27,74,30],[75,1,75,22],[75,23,75,26],[75,27,75,30],[76,1,76,22],[76,23,76,26],[76,27,76,30],[71,1,71,22],[71,23,71,26],[71,27,71,30],[72,1,72,22],[72,23,72,26],[72,27,72,30],[73,1,73,22],[73,23,73,26],[73,27,73,30],[68,1,68,22],[68,23,68,26],[68,27,68,30],[69,1,69,22],[69,23,69,26],[69,27,69,30],[70,1,70,22],[70,23,70,26],[70,27,70,30],[66,1,66,22],[66,23,66,26],[66,27,66,30],[67,1,67,22],[67,23,67,26],[67,27,67,30],[63,1,63,22],[63,23,63,26],[63,27,63,30],[64,1,64,22],[64,23,64,26],[64,27,64,30],[65,1,65,22],[65,23,65,26],[65,27,65,30],[60,1,60,22],[60,23,60,26],[60,27,60,30],[61,1,61,22],[61,23,61,26],[61,27,61,30],[62,1,62,22],[62,23,62,26],[62,27,62,30],[57,1,57,22],[57,23,57,26],[57,27,57,30],[58,1,58,22],[58,23,58,26],[58,27,58,30],[59,1,59,22],[59,23,59,26],[59,27,59,30],[54,1,54,22],[54,23,54,26],[54,27,54,30],[55,1,55,22],[55,23,55,26],[55,27,55,30],[56,1,56,22],[56,23,56,26],[56,27,56,30],[51,1,51,22],[51,23,51,26],[51,27,51,30],[52,1,52,22],[52,23,52,26],[52,27,52,30],[53,1,53,22],[53,23,53,26],[53,27,53,30],[48,1,48,22],[48,23,48,26],[48,27,48,30],[49,1,49,22],[49,23,49,26],[49,27,49,30],[50,1,50,22],[50,23,50,26],[50,27,50,30],[132,0,132,30],[134,0,134,30],[135,0,135,30],[128,0,128,9],[129,10,129,20],[129,21,129,30],[131,0,131,30],[128,10,128,19],[128,20,128,30],[119,0,122,30],[124,0,124,9],[127,0,127,9],[124,10,124,19],[127,10,127,19],[124,20,124,30],[127,20,127,30],[125,0,125,9],[125,10,125,19],[125,20,125,30],[26,1,26,22],[26,23,26,26],[26,27,26,30],[27,1,27,22],[27,23,27,26],[27,27,27,30],[108,1,108,22],[108,23,108,26],[108,27,108,30],[28,1,28,22],[29,1,29,22],[30,1,30,22],[31,1,31,22],[32,1,32,22],[33,1,33,22],[34,1,34,22],[35,1,35,22],[36,1,36,22],[37,1,37,22],[38,1,38,22],[39,1,39,22],[40,1,40,22],[41,1,41,22],[42,1,42,22],[23,1,23,22],[23,23,23,26],[23,27,23,30],[24,1,24,22],[24,23,24,26],[24,27,24,30],[25,1,25,22],[25,23,25,26],[25,27,25,30],[20,1,20,22],[20,23,20,26],[20,27,20,30],[21,1,21,22],[21,23,21,26],[21,27,21,30],[22,1,22,22],[22,23,22,26],[22,27,22,30],[17,1,17,22],[17,23,17,26],[17,27,17,30],[18,1,18,22],[18,23,18,26],[18,27,18,30],[19,1,19,22],[19,23,19,26],[19,27,19,30],[14,1,14,22],[14,23,14,26],[14,27,14,30],[15,1,15,22],[15,23,15,26],[15,27,15,30],[16,1,16,22],[16,23,16,26],[16,27,16,30],[1,0,1,9],[3,0,3,9],[4,0,4,9],[1,11,1,30],[3,11,3,30],[4,11,4,14],[4,16,4,30],[2,0,2,9],[2,11,2,30],[110,1,110,22],[110,23,110,30],[111,1,111,22],[111,23,111,30],[7,0,7,30],[8,1,8,22],[8,23,8,26],[8,27,8,30],[5,0,6,30],[9,1,9,22],[9,27,9,30],[9,23,9,26],[10,1,10,22],[10,27,10,30],[10,23,10,26],[11,1,11,22],[11,27,11,30],[11,23,11,26],[12,1,12,22],[12,23,12,26],[12,27,12,30],[13,1,13,22],[13,23,13,26],[13,27,13,30],[116,1,116,22],[116,23,116,30],[115,0,115,30],[117,1,117,22],[117,23,117,30],[112,1,112,22],[112,23,112,30],[113,1,113,22],[113,23,113,30],[43,1,43,22],[44,1,44,22],[45,1,45,22],[46,1,46,22],[47,1,47,22],[28,23,28,26],[28,27,28,30],[29,23,29,26],[29,27,29,30],[30,23,30,26],[30,27,30,30],[31,23,31,26],[31,27,31,30],[32,23,32,26],[32,27,32,30],[33,23,33,26],[33,27,33,30],[34,23,34,26],[34,27,34,30],[35,23,35,26],[35,27,35,30],[36,23,36,26],[36,27,36,30],[37,23,37,26],[37,27,37,30],[38,23,38,26],[38,27,38,30],[39,23,39,26],[39,27,39,30],[40,23,40,26],[40,27,40,30],[41,23,41,26],[41,27,41,30],[47,23,47,26],[47,27,47,30],[42,23,42,26],[42,27,42,30],[43,23,43,26],[43,27,43,30],[44,23,44,26],[44,27,44,30],[45,23,45,26],[45,27,45,30],[46,23,46,26],[46,27,46,30]]}
[]
["İdarenin Adı",null,null,null,null,null,null,null,null,null,":",{"$f":"IF('BİLGİ GİRİŞİ'!O8=\"\",\"\",'BİLGİ GİRİŞİ'!O8)","v":"Atatürk İlkokulu Müdürlüğü"}]
["Doğrudan Temin Numarası",null,null,null,null,null,null,null,null,null,":",{"$f":"IF('BİLGİ GİRİŞİ'!O11=\"\",\"\",'BİLGİ GİRİŞİ'!O11)","v":"22DT1211930"}]
["Mal/Hizmet/Yapım Adı, Niteliği ",null,null,null,null,null,null,null,null,null,":",{"$f":"IF('BİLGİ GİRİŞİ'!O9=\"\",\"\",'BİLGİ GİRİŞİ'!O9)","v":"Bilişim Malzemeleri Alımı"}]
["Alım/Görevlendirme Onay Tarihi/sayısı",null,null,null,null,null,null,null,null,null,":",{"$f":"IF('BİLGİ GİRİŞİ'!O15=\"\",\"\",'BİLGİ GİRİŞİ'!O15)","v":"2023-03-06"},null,null,null,"/",{"$f":"IF('BİLGİ GİRİŞİ'!S15=\"\",\"\",'BİLGİ GİRİŞİ'!S15)","v":456789123}]
["MUAYENE VE KABUL TUTANAĞI\n(DOĞRUDAN TEMİN SONUÇ ONAY BELGESİ)"]
[]
["MAL'IN/HİZMET'İN/YAPIM İŞİ'NİN"]
["S","Kalem/KısımBilgileri",null,null,null,null,null,null,null,null,null,null,null,null,null,null,null,null,null,null,null,null,null,"Birimi",null,null,null,"Miktarı"]
[{"$f":"IF('BİLGİ GİRİŞİ'!D30=\"\",\"\",'BİLGİ GİRİŞİ'!D30)","v":1},{"$f":"IF('BİLGİ GİRİŞİ'!E30=\"\",\"\",'BİLGİ GİRİŞİ'!E30)","v":"AIO (All In One) Masaüstü Bilgisayar "},null,null,null,null,null,null,null,null,null,null,null,null,null,null,null,null,null,null,null,null,null,{"$f":"IF('BİLGİ GİRİŞİ'!W30=\"\",\"\",'BİLGİ GİRİŞİ'!W30)","v":"Adet"},null,null,null,{"$f":"IF('BİLGİ GİRİŞİ'!T30=\"\",\"\",'BİLGİ GİRİŞİ'!T30)","v":2}]
[{"$f":"IF('BİLGİ GİRİŞİ'!D31=\"\",\"\",'BİLGİ GİRİŞİ'!D31)","v":2},{"$f":"IF('BİLGİ GİRİŞİ'!E31=\"\",\"\",'BİLGİ GİRİŞİ'!E31)","v":"Fotokopi Makinesi"},null,null,null,null,null,null,null,null,null,null,null,null,null,null,null,null,null,null,null,null,null,{"$f":"IF('BİLGİ GİRİŞİ'!W31=\"\",\"\",'BİLGİ GİRİŞİ'!W31)","v":"Adet"},null,null,null,{"$f":"IF('BİLGİ GİRİŞİ'!T31=\"\",\"\",'BİLGİ GİRİŞİ'!T31)","v":2}]
[{"$f":"IF('BİLGİ GİRİŞİ'!D32=\"\",\"\",'BİLGİ GİRİŞİ'!D32)","v":3},{"$f":"IF('BİLGİ GİRİŞİ'!E32=\"\",\"\",'BİLGİ GİRİŞİ'!E32)","v":"Projektör"},null,null,null,null,null,null,null,null,null,null,null,null,null,null,null,null,null,null,null,null,null,{"$f":"IF('BİLGİ GİRİŞİ'!W32=\"\",\"\",'BİLGİ GİRİŞİ'!W32)","v":"Adet"},null,null,null,{"$f":"IF('BİLGİ GİRİŞİ'!T32=\"\",\"\",'BİLGİ GİRİŞİ'!T32)","v":2}]
[{"$f":"IF('BİLGİ GİRİŞİ'!D33=\"\",\"\",'BİLGİ GİRİŞİ'!D33)","v":""},{"$f":"IF('BİLGİ GİRİŞİ'!E33=\"\",\"\",'BİLGİ GİRİŞİ'!E33)","v":""},null,null,null,null,null,null,null,null,null,null,null,null,null,null,null,null,null,null,null,null,null,{"$f":"IF('BİLGİ GİRİŞİ'!W33=\"\",\"\",'BİLGİ GİRİŞİ'!W33)","v":""},null,null,null,{"$f":"IF('BİLGİ GİRİŞİ'!T33=\"\",\"\",'BİLGİ GİRİŞİ'!T33)","v":""}]
[{"$f":"IF('BİLGİ GİRİŞİ'!D34=\"\",\"\",'BİLGİ GİRİŞİ'!D34)","v":""},{"$f":"IF('BİLGİ GİRİŞİ'!E34=\"\",\"\",'BİLGİ GİRİŞİ'!E34)","v":""},null,null,null,null,null,null,null,null,null,null,null,null,null,null,null,null,null,null,null,null,null,{"$f":"IF('BİLGİ GİRİŞİ'!W34=\"\",\"\",'BİLGİ GİRİŞİ'!W34)","v":""},null,null,null,{"$f":"IF('BİLGİ GİRİŞİ'!T34=\"\",\"\",'BİLGİ GİRİŞİ'!T34)","v":""}]
[{"$f":"IF('BİLGİ GİRİŞİ'!D35=\"\",\"\",'BİLGİ GİRİŞİ'!D35)","v":""},{"$f":"IF('BİLGİ GİRİŞİ'!E35=\"\",\"\",'BİLGİ GİRİŞİ'!E35)","v":""},null,null,null,null,null,null,null,null,null,null,null,null,null,null,null,null,null,null,null,null,null,{"$f":"IF('BİLGİ GİRİŞİ'!W35=\"\",\"\",'BİLGİ GİRİŞİ'!W35)","v":""},null,null,null,{"$f":"IF('BİLGİ GİRİŞİ'!T35=\"\",\"\",'BİLGİ GİRİŞİ'!T35)","v":""}]
[{"$f":"IF('BİLGİ GİRİŞİ'!D36=\"\",\"\",'BİLGİ GİRİŞİ'!D36)","v":""},{"$f":"IF('BİLGİ GİRİŞİ'!E36=\"\",\"\",'BİLGİ GİRİŞİ'!E36)","v":""},null,null,null,null,null,null,null,null,null,null,null,null,null,null,null,null,null,null,null,null,null,{"$f":"IF('BİLGİ GİRİŞİ'!W36=\"\",\"\",'BİLGİ GİRİŞİ'!W36)","v":""},null,null,null,{"$f":"IF('BİLGİ GİRİŞİ'!T36=\"\",\"\",'BİLGİ GİRİŞİ'!T36)","v":""}]
[{"$f":"IF('BİLGİ GİRİŞİ'!D37=\"\",\"\",'BİLGİ GİRİŞİ'!D37)","v":""},{"$f":"IF('BİLGİ GİRİŞİ'!E37=\"\",\"\",'BİLGİ GİRİŞİ'!E37)","v":""},null,null,null,null,null,null,null,null,null,null,null,null,null,null,null,null,null,null,null,null,null,{"$f":"IF('BİLGİ GİRİŞİ'!W37=\"\",\"\",'BİLGİ GİRİŞİ'!W37)","v":""},null,null,null,{"$f":"IF('BİLGİ GİRİŞİ'!T37=\"\",\"\",'BİLGİ GİRİŞİ'!T37)","v":""}]
[{"$f":"IF('BİLGİ GİRİŞİ'!D38=\"\",\"\",'BİLGİ GİRİŞİ'!D38)","v":""},{"$f":"IF('BİLGİ GİRİŞİ'!E38=\"\",\"\",'BİLGİ GİRİŞİ'!E38)","v":""},null,null,null,null,null,null,null,null,null,null,null,null,null,null,null,null,null,null,null,null,null,{"$f":"IF('BİLGİ GİRİŞİ'!W38=\"\",\"\",'BİLGİ GİRİŞİ'!W38)","v":""},null,null,null,{"$f":"IF('BİLGİ GİRİŞİ'!T38=\"\",\"\",'BİLGİ GİRİŞİ'!T38)","v":""}]
[{"$f":"IF('BİLGİ GİRİŞİ'!D39=\"\",\"\",'BİLGİ GİRİŞİ'!D39)","v":""},{"$f":"IF('BİLGİ GİRİŞİ'!E39=\"\",\"\",'BİLGİ GİRİŞİ'!E39)","v":""},null,null,null,null,null,null,null,null,null,null,null,null,null,null,null,null,null,null,null,null,null,{"$f":"IF('BİLGİ GİRİŞİ'!W39=\"\",\"\",'BİLGİ GİRİŞİ'!W39)","v":""},null,null,null,{"$f":"IF('BİLGİ GİRİŞİ'!T39=\"\",\"\",'BİLGİ GİRİŞİ'!T39)","v":""}]
[{"$f":"IF('BİLGİ GİRİŞİ'!D40=\"\",\"\",'BİLGİ GİRİŞİ'!D40)","v":""},{"$f":"IF('BİLGİ GİRİŞİ'!E40=\"\",\"\",'BİLGİ GİRİŞİ'!E40)","v":""},null,null,null,null,null,null,null,null,null,null,null,null,null,null,null,null,null,null,null,null,null,{"$f":"IF('BİLGİ GİRİŞİ'!W40=\"\",\"\",'BİLGİ GİRİŞİ'!W40)","v":""},null,null,null,{"$f":"IF('BİLGİ GİRİŞİ'!T40=\"\",\"\",'BİLGİ GİRİŞİ'!T40)","v":""}]
[{"$f":"IF('BİLGİ GİRİŞİ'!D41=\"\",\"\",'BİLGİ GİRİŞİ'!D41)","v":""},{"$f":"IF('BİLGİ GİRİŞİ'!E41=\"\",\"\",'BİLGİ GİRİŞİ'!E41)","v":""},null,null,null,null,null,null,null,null,null,null,null,null,null,null,null,null,null,null,null,null,null,{"$f":"IF('BİLGİ GİRİŞİ'!W41=\"\",\"\",'BİLGİ GİRİŞİ'!W41)","v":""},null,null,null,{"$f":"IF('BİLGİ GİRİŞİ'!T41=\"\",\"\",'BİLGİ GİRİŞİ'!T41)","v":""}]
[{"$f":"IF('BİLGİ GİRİŞİ'!D42=\"\",\"\",'BİLGİ GİRİŞİ'!D42)","v":""},{"$f":"IF('BİLGİ GİRİŞİ'!E42=\"\",\"\",'BİLGİ GİRİŞİ'!E42)","v":""},null,null,null,null,null,null,null,null,null,null,null,null,null,null,null,null,null,null,null,null,null,{"$f":"IF('BİLGİ GİRİŞİ'!W42=\"\",\"\",'BİLGİ GİRİŞİ'!W42)","v":""},null,null,null,{"$f":"IF('BİLGİ GİRİŞİ'!T42=\"\",\"\",'BİLGİ GİRİŞİ'!T42)","v":""}]
[{"$f":"IF('BİLGİ GİRİŞİ'!D43=\"\",\"\",'BİLGİ GİRİŞİ'!D43)","v":""},{"$f":"IF('BİLGİ GİRİŞİ'!E43=\"\",\"\",'BİLGİ GİRİŞİ'!E43)","v":""},null,null,null,null,null,null,null,null,null,null,null,null,null,null,null,null,null,null,null,null,null,{"$f":"IF('BİLGİ GİRİŞİ'!W43=\"\",\"\",'BİLGİ GİRİŞİ'!W43)","v":""},null,null,null,{"$f":"IF('BİLGİ GİRİŞİ'!T43=\"\",\"\",'BİLGİ GİRİŞİ'!T43)","v":""}]
[{"$f":"IF('BİLGİ GİRİŞİ'!D44=\"\",\"\",'BİLGİ GİRİŞİ'!D44)","v":""},{"$f":"IF('BİLGİ GİRİŞİ'!E44=\"\",\"\",'BİLGİ GİRİŞİ'!E44)","v":""},null,null,null,null,null,null,null,null,null,null,null,null,null,null,null,null,null,null,null,null,null,{"$f":"IF('BİLGİ GİRİŞİ'!W44=\"\",\"\",'BİLGİ GİRİŞİ'!W44)","v":""},null,null,null,{"$f":"IF('BİLGİ GİRİŞİ'!T44=\"\",\"\",'BİLGİ GİRİŞİ'!T44)","v":""}]
[{"$f":"IF('BİLGİ GİRİŞİ'!D45=\"\",\"\",'BİLGİ GİRİŞİ'!D45)","v":""},{"$f":"IF('BİLGİ GİRİŞİ'!E45=\"\",\"\",'BİLGİ GİRİŞİ'!E45)","v":""},null,null,null,null,null,null,null,null,null,null,null,null,null,null,null,null,null,null,null,null,null,{"$f":"IF('BİLGİ GİRİŞİ'!W45=\"\",\"\",'BİLGİ GİRİŞİ'!W45)","v":""},null,null,null,{"$f":"IF('BİLGİ GİRİŞİ'!T45=\"\",\"\",'BİLGİ GİRİŞİ'!T45)","v":""}]
[{"$f":"IF('BİLGİ GİRİŞİ'!D46=\"\",\"\",'BİLGİ GİRİŞİ'!D46)","v":""},{"$f":"IF('BİLGİ GİRİŞİ'!E46=\"\",\"\",'BİLGİ GİRİŞİ'!E46)","v":""},null,null,null,null,null,null,null,null,null,null,null,null,null,null,null,null,null,null,null,null,null,{"$f":"IF('BİLGİ GİRİŞİ'!W46=\"\",\"\",'BİLGİ GİRİŞİ'!W46)","v":""},null,null,null,{"$f":"IF('BİLGİ GİRİŞİ'!T46=\"\",\"\",'BİLGİ GİRİŞİ'!T46)","v":""}]
[{"$f":"IF('BİLGİ GİRİŞİ'!D47=\"\",\"\",'BİLGİ GİRİŞİ'!D47)","v":""},{"$f":"IF('BİLGİ GİRİŞİ'!E47=\"\",\"\",'BİLGİ GİRİŞİ'!E47)","v":""},null,null,null,null,null,null,null,null,null,null,null,null,null,null,null,null,null,null,null,null,null,{"$f":"IF('BİLGİ GİRİŞİ'!W47=\"\",\"\",'BİLGİ GİRİŞİ'!W47)","v":""},null,null,null,{"$f":"IF('BİLGİ GİRİŞİ'!T47=\"\",\"\",'BİLGİ GİRİŞİ'!T47)","v":""}]
[{"$f":"IF('BİLGİ GİRİŞİ'!D48=\"\",\"\",'BİLGİ GİRİŞİ'!D48)","v":""},{"$f":"IF('BİLGİ GİRİŞİ'!E48=\"\",\"\",'BİLGİ GİRİŞİ'!E48)","v":""},null,null,null,null,null,null,null,null,null,null,null,null,null,null,null,null,null,null,null,null,null,{"$f":"IF('BİLGİ GİRİŞİ'!W48=\"\",\"\",'BİLGİ GİRİŞİ'!W48)","v":""},null,null,null,{"$f":"IF('BİLGİ GİRİŞİ'!T48=\"\",\"\",'BİLGİ GİRİŞİ'!T48)","v":""}]
[{"$f":"IF('BİLGİ GİRİŞİ'!D49=\"\",\"\",'BİLGİ GİRİŞİ'!D49)","v":""},{"$f":"IF('BİLGİ GİRİŞİ'!E49=\"\",\"\",'BİLGİ GİRİŞİ'!E49)","v":""},null,null,null,null,null,null,null,null,null,null,null,null,null,null,null,null,null,null,null,null,null,{"$f":"IF('BİLGİ GİRİŞİ'!W49=\"\",\"\",'BİLGİ GİRİŞİ'!W49)","v":""},null,null,null,{"$f":"IF('BİLGİ GİRİŞİ'!T49=\"\",\"\",'BİLGİ GİRİŞİ'!T49)","v":""}]
[{"$f":"IF('BİLGİ GİRİŞİ'!D50=\"\",\"\",'BİLGİ GİRİŞİ'!D50)","v":""},{"$f":"IF('BİLGİ GİRİŞİ'!E50=\"\",\"\",'BİLGİ GİRİŞİ'!E50)","v":""},null,null,null,null,null,null,null,null,null,null,null,null,null,null,null,null,null,null,null,null,null,{"$f":"IF('BİLGİ GİRİŞİ'!W50=\"\",\"\",'BİLGİ GİRİŞİ'!W50)","v":""},null,null,null,{"$f":"IF('BİLGİ GİRİŞİ'!T50=\"\",\"\",'BİLGİ GİRİŞİ'!T50)","v":""}]
[{"$f":"IF('BİLGİ GİRİŞİ'!D51=\"\",\"\",'BİLGİ GİRİŞİ'!D51)","v":""},{"$f":"IF('BİLGİ GİRİŞİ'!E51=\"\",\"\",'BİLGİ GİRİŞİ'!E51)","v":""},null,null,null,null,null,null,null,null,null,null,null,null,null,null,null,null,null,null,null,null,null,{"$f":"IF('BİLGİ GİRİŞİ'!W51=\"\",\"\",'BİLGİ GİRİŞİ'!W51)","v":""},null,null,null,{"$f":"IF('BİLGİ GİRİŞİ'!T51=\"\",\"\",'BİLGİ GİRİŞİ'!T51)","v":""}]
[{"$f":"IF('BİLGİ GİRİŞİ'!D52=\"\",\"\",'BİLGİ GİRİŞİ'!D52)","v":""},{"$f":"IF('BİLGİ GİRİŞİ'!E52=\"\",\"\",'BİLGİ GİRİŞİ'!E52)","v":""},null,null,null,null,null,null,null,null,null,null,null,null,null,null,null,null,null,null,null,null,null,{"$f":"IF('BİLGİ GİRİŞİ'!W52=\"\",\"\",'BİLGİ GİRİŞİ'!W52)","v":""},null,null,null,{"$f":"IF('BİLGİ GİRİŞİ'!T52=\"\",\"\",'BİLGİ GİRİŞİ'!T52)","v":""}]
[{"$f":"IF('BİLGİ GİRİŞİ'!D53=\"\",\"\",'BİLGİ GİRİŞİ'!D53)","v":""},{"$f":"IF('BİLGİ GİRİŞİ'!E53=\"\",\"\",'BİLGİ GİRİŞİ'!E53)","v":""},null,null,null,null,null,null,null,null,null,null,null,null,null,null,null,null,null,null,null,null,null,{"$f":"IF('BİLGİ GİRİŞİ'!W53=\"\",\"\",'BİLGİ GİRİŞİ'!W53)","v":""},null,null,null,{"$f":"IF('BİLGİ GİRİŞİ'!T53=\"\",\"\",'BİLGİ GİRİŞİ'!T53)","v":""}]
[{"$f":"IF('BİLGİ GİRİŞİ'!D54=\"\",\"\",'BİLGİ GİRİŞİ'!D54)","v":""},{"$f":"IF('BİLGİ GİRİŞİ'!E54=\"\",\"\",'BİLGİ GİRİŞİ'!E54)","v":""},null,null,null,null,null,null,null,null,null,null,null,null,null,null,null,null,null,null,null,null,null,{"$f":"IF('BİLGİ GİRİŞİ'!W54=\"\",\"\",'BİLGİ GİRİŞİ'!W54)","v":""},null,null,null,{"$f":"IF('BİLGİ GİRİŞİ'!T54=\"\",\"\",'BİLGİ GİRİŞİ'!T54)","v":""}]
[{"$f":"IF('BİLGİ GİRİŞİ'!D55=\"\",\"\",'BİLGİ GİRİŞİ'!D55)","v":""},{"$f":"IF('BİLGİ GİRİŞİ'!E55=\"\",\"\",'BİLGİ GİRİŞİ'!E55)","v":""},null,null,null,null,null,null,null,null,null,null,null,null,null,null,null,null,null,null,null,null,null,{"$f":"IF('BİLGİ GİRİŞİ'!W55=\"\",\"\",'BİLGİ GİRİŞİ'!W55)","v":""},null,null,null,{"$f":"IF('BİLGİ GİRİŞİ'!T55=\"\",\"\",'BİLGİ GİRİŞİ'!T55)","v":""}]
[{"$f":"IF('BİLGİ GİRİŞİ'!D56=\"\",\"\",'BİLGİ GİRİŞİ'!D56)","v":""},{"$f":"IF('BİLGİ GİRİŞİ'!E56=\"\",\"\",'BİLGİ GİRİŞİ'!E56)","v":""},null,null,null,null,null,null,null,null,null,null,null,null,null,null,null,null,null,null,null,null,null,{"$f":"IF('BİLGİ GİRİŞİ'!W56=\"\",\"\",'BİLGİ GİRİŞİ'!W56)","v":""},null,null,null,{"$f":"IF('BİLGİ GİRİŞİ'!T56=\"\",\"\",'BİLGİ GİRİŞİ'!T56)","v":""}]
[{"$f":"IF('BİLGİ GİRİŞİ'!D57=\"\",\"\",'BİLGİ GİRİŞİ'!D57)","v":""},{"$f":"IF('BİLGİ GİRİŞİ'!E57=\"\",\"\",'BİLGİ GİRİŞİ'!E57)","v":""},null,null,null,null,null,null,null,null,null,null,null,null,null,null,null,null,null,null,null,null,null,{"$f":"IF('BİLGİ GİRİŞİ'!W57=\"\",\"\",'BİLGİ GİRİŞİ'!W57)","v":""},null,null,null,{"$f":"IF('BİLGİ GİRİŞİ'!T57=\"\",\"\",'BİLGİ GİRİŞİ'!T57)","v":""}]
[{"$f":"IF('BİLGİ GİRİŞİ'!D58=\"\",\"\",'BİLGİ GİRİŞİ'!D58)","v":""},{"$f":"IF('BİLGİ GİRİŞİ'!E58=\"\",\"\",'BİLGİ GİRİŞİ'!E58)","v":""},null,null,null,null,null,null,null,null,null,null,null,null,null,null,null,null,null,null,null,null,null,{"$f":"IF('BİLGİ GİRİŞİ'!W58=\"\",\"\",'BİLGİ GİRİŞİ'!W58)","v":""},null,null,null,{"$f":"IF('BİLGİ GİRİŞİ'!T58=\"\",\"\",'BİLGİ GİRİŞİ'!T58)","v":""}]
[{"$f":"IF('BİLGİ GİRİŞİ'!D59=\"\",\"\",'BİLGİ GİRİŞİ'!D59)","v":""},{"$f":"IF('BİLGİ GİRİŞİ'!E59=\"\",\"\",'BİLGİ GİRİŞİ'!E59)","v":""},null,null,null,null,null,null,null,null,null,null,null,null,null,null,null,null,null,null,null,null,null,{"$f":"IF('BİLGİ GİRİŞİ'!W59=\"\",\"\",'BİLGİ GİRİŞİ'!W59)","v":""},null,null,null,{"$f":"IF('BİLGİ GİRİŞİ'!T59=\"\",\"\",'BİLGİ GİRİŞİ'!T59)","v":""}]
[{"$f":"IF('BİLGİ GİRİŞİ'!D60=\"\",\"\",'BİLGİ GİRİŞİ'!D60)","v":""},{"$f":"IF('BİLGİ GİRİŞİ'!E60=\"\",\"\",'BİLGİ GİRİŞİ'!E60)","v":""},null,null,null,null,null,null,null,null,null,null,null,null,null,null,null,null,null,null,null,null,null,{"$f":"IF('BİLGİ GİRİŞİ'!W60=\"\",\"\",'BİLGİ GİRİŞİ'!W60)","v":""},null,null,null,{"$f":"IF('BİLGİ GİRİŞİ'!T60=\"\",\"\",'BİLGİ GİRİŞİ'!T60)","v":""}]
[{"$f":"IF('BİLGİ GİRİŞİ'!D61=\"\",\"\",'BİLGİ GİRİŞİ'!D61)","v":""},{"$f":"IF('BİLGİ GİRİŞİ'!E61=\"\",\"\",'BİLGİ GİRİŞİ'!E61)","v":""},null,null,null,null,null,null,null,null,null,null,null,null,null,null,null,null,null,null,null,null,null,{"$f":"IF('BİLGİ GİRİŞİ'!W61=\"\",\"\",'BİLGİ GİRİŞİ'!W61)","v":""},null,null,null,{"$f":"IF('BİLGİ GİRİŞİ'!T61=\"\",\"\",'BİLGİ GİRİŞİ'!T61)","v":""}]
[{"$f":"IF('BİLGİ GİRİŞİ'!D62=\"\",\"\",'BİLGİ GİRİŞİ'!D62)","v":""},{"$f":"IF('BİLGİ GİRİŞİ'!E62=\"\",\"\",'BİLGİ GİRİŞİ'!E62)","v":""},null,null,null,null,null,null,null,null,null,null,null,null,null,null,null,null,null,null,null,null,null,{"$f":"IF('BİLGİ GİRİŞİ'!W62=\"\",\"\",'BİLGİ GİRİŞİ'!W62)","v":""},null,null,null,{"$f":"IF('BİLGİ GİRİŞİ'!T62=\"\",\"\",'BİLGİ GİRİŞİ'!T62)","v":""}]
[{"$f":"IF('BİLGİ GİRİŞİ'!D63=\"\",\"\",'BİLGİ GİRİŞİ'!D63)","v":""},{"$f":"IF('BİLGİ GİRİŞİ'!E63=\"\",\"\",'BİLGİ GİRİŞİ'!E63)","v":""},null,null,null,null,null,null,null,null,null,null,null,null,null,null,null,null,null,null,null,null,null,{"$f":"IF('BİLGİ GİRİŞİ'!W63=\"\",\"\",'BİLGİ GİRİŞİ'!W63)","v":""},null,null,null,{"$f":"IF('BİLGİ GİRİŞİ'!T63=\"\",\"\",'BİLGİ GİRİŞİ'!T63)","v":""}]
[{"$f":"IF('BİLGİ GİRİŞİ'!D64=\"\",\"\",'BİLGİ GİRİŞİ'!D64)","v":""},{"$f":"IF('BİLGİ GİRİŞİ'!E64=\"\",\"\",'BİLGİ GİRİŞİ'!E64)","v":""},null,null,null,null,null,null,null,null,null,null,null,null,null,null,null,null,null,null,null,null,null,{"$f":"IF('BİLGİ GİRİŞİ'!W64=\"\",\"\",'BİLGİ GİRİŞİ'!W64)","v":""},null,null,null,{"$f":"IF('BİLGİ GİRİŞİ'!T64=\"\",\"\",'BİLGİ GİRİŞİ'!T64)","v":""}]
[{"$f":"IF('BİLGİ GİRİŞİ'!D65=\"\",\"\",'BİLGİ GİRİŞİ'!D65)","v":""},{"$f":"IF('BİLGİ GİRİŞİ'!E65=\"\",\"\",'BİLGİ GİRİŞİ'!E65)","v":""},null,null,null,null,null,null,null,null,null,null,null,null,null,null,null,null,null,null,null,null,null,{"$f":"IF('BİLGİ GİRİŞİ'!W65=\"\",\"\",'BİLGİ GİRİŞİ'!W65)","v":""},null,null,null,{"$f":"IF('BİLGİ GİRİŞİ'!T65=\"\",\"\",'BİLGİ GİRİŞİ'!T65)","v":""}]
[{"$f":"IF('BİLGİ GİRİŞİ'!D66=\"\",\"\",'BİLGİ GİRİŞİ'!D66)","v":""},{"$f":"IF('BİLGİ GİRİŞİ'!E66=\"\",\"\",'BİLGİ GİRİŞİ'!E66)","v":""},null,null,null,null,null,null,null,null,null,null,null,null,null,null,null,null,null,null,null,null,null,{"$f":"IF('BİLGİ GİRİŞİ'!W66=\"\",\"\",'BİLGİ GİRİŞİ'!W66)","v":""},null,null,null,{"$f":"IF('BİLGİ GİRİŞİ'!T66=\"\",\"\",'BİLGİ GİRİŞİ'!T66)","v":""}]
[{"$f":"IF('BİLGİ GİRİŞİ'!D67=\"\",\"\",'BİLGİ GİRİŞİ'!D67)","v":""},{"$f":"IF('BİLGİ GİRİŞİ'!E67=\"\",\"\",'BİLGİ GİRİŞİ'!E67)","v":""},null,null,null,null,null,null,null,null,null,null,null,null,null,null,null,null,null,null,null,null,null,{"$f":"IF('BİLGİ GİRİŞİ'!W67=\"\",\"\",'BİLGİ GİRİŞİ'!W67)","v":""},null,null,null,{"$f":"IF('BİLGİ GİRİŞİ'!T67=\"\",\"\",'BİLGİ GİRİŞİ'!T67)","v":""}]
[{"$f":"IF('BİLGİ GİRİŞİ'!D68=\"\",\"\",'BİLGİ GİRİŞİ'!D68)","v":""},{"$f":"IF('BİLGİ GİRİŞİ'!E68=\"\",\"\",'BİLGİ GİRİŞİ'!E68)","v":""},null,null,null,null,null,null,null,null,null,null,null,null,null,null,null,null,null,null,null,null,null,{"$f":"IF('BİLGİ GİRİŞİ'!W68=\"\",\"\",'BİLGİ GİRİŞİ'!W68)","v":""},null,null,null,{"$f":"IF('BİLGİ GİRİŞİ'!T68=\"\",\"\",'BİLGİ GİRİŞİ'!T68)","v":""}]
[{"$f":"IF('BİLGİ GİRİŞİ'!D69=\"\",\"\",'BİLGİ GİRİŞİ'!D69)","v":""},{"$f":"IF('BİLGİ GİRİŞİ'!E69=\"\",\"\",'BİLGİ GİRİŞİ'!E69)","v":""},null,null,null,null,null,null,null,null,null,null,null,null,null,null,null,null,null,null,null,null,null,{"$f":"IF('BİLGİ GİRİŞİ'!W69=\"\",\"\",'BİLGİ GİRİŞİ'!W69)","v":""},null,null,null,{"$f":"IF('BİLGİ GİRİŞİ'!T69=\"\",\"\",'BİLGİ GİRİŞİ'!T69)","v":""}]
[{"$f":"IF('BİLGİ GİRİŞİ'!D70=\"\",\"\",'BİLGİ GİRİŞİ'!D70)","v":""},{"$f":"IF('BİLGİ GİRİŞİ'!E70=\"\",\"\",'BİLGİ GİRİŞİ'!E70)","v":""},null,null,null,null,null,null,null,null,null,null,null,null,null,null,null,null,null,null,null,null,null,{"$f":"IF('BİLGİ GİRİŞİ'!W70=\"\",\"\",'BİLGİ GİRİŞİ'!W70)","v":""},null,null,null,{"$f":"IF('BİLGİ GİRİŞİ'!T70=\"\",\"\",'BİLGİ GİRİŞİ'!T70)","v":""}]
[{"$f":"IF('BİLGİ GİRİŞİ'!D71=\"\",\"\",'BİLGİ GİRİŞİ'!D71)","v":""},{"$f":"IF('BİLGİ GİRİŞİ'!E71=\"\",\"\",'BİLGİ GİRİŞİ'!E71)","v":""},null,null,null,null,null,null,null,null,null,null,null,null,null,null,null,null,null,null,null,null,null,{"$f":"IF('BİLGİ GİRİŞİ'!W71=\"\",\"\",'BİLGİ GİRİŞİ'!W71)","v":""},null,null,null,{"$f":"IF('BİLGİ GİRİŞİ'!T71=\"\",\"\",'BİLGİ GİRİŞİ'!T71)","v":""}]
[{"$f":"IF('BİLGİ GİRİŞİ'!D72=\"\",\"\",'BİLGİ GİRİŞİ'!D72)","v":""},{"$f":"IF('BİLGİ GİRİŞİ'!E72=\"\",\"\",'BİLGİ GİRİŞİ'!E72)","v":""},null,null,null,null,null,null,null,null,null,null,null,null,null,null,null,null,null,null,null,null,null,{"$f":"IF('BİLGİ GİRİŞİ'!W72=\"\",\"\",'BİLGİ GİRİŞİ'!W72)","v":""},null,null,null,{"$f":"IF('BİLGİ GİRİŞİ'!T72=\"\",\"\",'BİLGİ GİRİŞİ'!T72)","v":""}]
[{"$f":"IF('BİLGİ GİRİŞİ'!D73=\"\",\"\",'BİLGİ GİRİŞİ'!D73)","v":""},{"$f":"IF('BİLGİ GİRİŞİ'!E73=\"\",\"\",'BİLGİ GİRİŞİ'!E73)","v":""},null,null,null,null,null,null,null,null,null,null,null,null,null,null,null,null,null,null,null,null,null,{"$f":"IF('BİLGİ GİRİŞİ'!W73=\"\",\"\",'BİLGİ GİRİŞİ'!W73)","v":""},null,null,null,{"$f":"IF('BİLGİ GİRİŞİ'!T73=\"\",\"\",'BİLGİ GİRİŞİ'!T73)","v":""}]
[{"$f":"IF('BİLGİ GİRİŞİ'!D74=\"\",\"\",'BİLGİ GİRİŞİ'!D74)","v":""},{"$f":"IF('BİLGİ GİRİŞİ'!E74=\"\",\"\",'BİLGİ GİRİŞİ'!E74)","v":""},null,null,null,null,null,null,null,null,null,null,null,null,null,null,null,null,null,null,null,null,null,{"$f":"IF('BİLGİ GİRİŞİ'!W74=\"\",\"\",'BİLGİ GİRİŞİ'!W74)","v":""},null,null,null,{"$f":"IF('BİLGİ GİRİŞİ'!T74=\"\",\"\",'BİLGİ GİRİŞİ'!T74)","v":""}]
[{"$f":"IF('BİLGİ GİRİŞİ'!D75=\"\",\"\",'BİLGİ GİRİŞİ'!D75)","v":""},{"$f":"IF('BİLGİ GİRİŞİ'!E75=\"\",\"\",'BİLGİ GİRİŞİ'!E75)","v":""},null,null,null,null,null,null,null,null,null,null,null,null,null,null,null,null,null,null,null,null,null,{"$f":"IF('BİLGİ GİRİŞİ'!W75=\"\",\"\",'BİLGİ GİRİŞİ'!W75)","v":""},null,null,null,{"$f":"IF('BİLGİ GİRİŞİ'!T75=\"\",\"\",'BİLGİ GİRİŞİ'!T75)","v":""}]
[{"$f":"IF('BİLGİ GİRİŞİ'!D76=\"\",\"\",'BİLGİ GİRİŞİ'!D76)","v":""},{"$f":"IF('BİLGİ GİRİŞİ'!E76=\"\",\"\",'BİLGİ GİRİŞİ'!E76)","v":""},null,null,null,null,null,null,null,null,null,null,null,null,null,null,null,null,null,null,null,null,null,{"$f":"IF('BİLGİ GİRİŞİ'!W76=\"\",\"\",'BİLGİ GİRİŞİ'!W76)","v":""},null,null,null,{"$f":"IF('BİLGİ GİRİŞİ'!T76=\"\",\"\",'BİLGİ GİRİŞİ'!T76)","v":""}]
[{"$f":"IF('BİLGİ GİRİŞİ'!D77=\"\",\"\",'BİLGİ GİRİŞİ'!D77)","v":""},{"$f":"IF('BİLGİ GİRİŞİ'!E77=\"\",\"\",'BİLGİ GİRİŞİ'!E77)","v":""},null,null,null,null,null,null,null,null,null,null,null,null,null,null,null,null,null,null,null,null,null,{"$f":"IF('BİLGİ GİRİŞİ'!W77=\"\",\"\",'BİLGİ GİRİŞİ'!W77)","v":""},null,null,null,{"$f":"IF('BİLGİ GİRİŞİ'!T77=\"\",\"\",'BİLGİ GİRİŞİ'!T77)","v":""}]
[{"$f":"IF('BİLGİ GİRİŞİ'!D78=\"\",\"\",'BİLGİ GİRİŞİ'!D78)","v":""},{"$f":"IF('BİLGİ GİRİŞİ'!E78=\"\",\"\",'BİLGİ GİRİŞİ'!E78)","v":""},null,null,null,null,null,null,null,null,null,null,null,null,null,null,null,null,null,null,null,null,null,{"$f":"IF('BİLGİ GİRİŞİ'!W78=\"\",\"\",'BİLGİ GİRİŞİ'!W78)","v":""},null,null,null,{"$f":"IF('BİLGİ GİRİŞİ'!T78=\"\",\"\",'BİLGİ GİRİŞİ'!T78)","v":""}]
[{"$f":"IF('BİLGİ GİRİŞİ'!D79=\"\",\"\",'BİLGİ GİRİŞİ'!D79)","v":""},{"$f":"IF('BİLGİ GİRİŞİ'!E79=\"\",\"\",'BİLGİ GİRİŞİ'!E79)","v":""},null,null,null,null,null,null,null,null,null,null,null,null,null,null,null,null,null,null,null,null,null,{"$f":"IF('BİLGİ GİRİŞİ'!W79=\"\",\"\",'BİLGİ GİRİŞİ'!W79)","v":""},null,null,null,{"$f":"IF('BİLGİ GİRİŞİ'!T79=\"\",\"\",'BİLGİ GİRİŞİ'!T79)","v":""}]
[{"$f":"IF('BİLGİ GİRİŞİ'!D80=\"\",\"\",'BİLGİ GİRİŞİ'!D80)","v":""},{"$f":"IF('BİLGİ GİRİŞİ'!E80=\"\",\"\",'BİLGİ GİRİŞİ'!E80)","v":""},null,null,null,null,null,null,null,null,null,null,null,null,null,null,null,null,null,null,null,null,null,{"$f":"IF('BİLGİ GİRİŞİ'!W80=\"\",\"\",'BİLGİ GİRİŞİ'!W80)","v":""},null,null,null,{"$f":"IF('BİLGİ GİRİŞİ'!T80=\"\",\"\",'BİLGİ GİRİŞİ'!T80)","v":""}]
[{"$f":"IF('BİLGİ GİRİŞİ'!D81=\"\",\"\",'BİLGİ GİRİŞİ'!D81)","v":""},{"$f":"IF('BİLGİ GİRİŞİ'!E81=\"\",\"\",'BİLGİ GİRİŞİ'!E81)","v":""},null,null,null,null,null,null,null,null,null,null,null,null,null,null,null,null,null,null,null,null,null,{"$f":"IF('BİLGİ GİRİŞİ'!W81=\"\",\"\",'BİLGİ GİRİŞİ'!W81)","v":""},null,null,null,{"$f":"IF('BİLGİ GİRİŞİ'!T81=\"\",\"\",'BİLGİ GİRİŞİ'!T81)","v":""}]
[{"$f":"IF('BİLGİ GİRİŞİ'!D82=\"\",\"\",'BİLGİ GİRİŞİ'!D82)","v":""},{"$f":"IF('BİLGİ GİRİŞİ'!E82=\"\",\"\",'BİLGİ GİRİŞİ'!E82)","v":""},null,null,null,null,null,null,null,null,null,null,null,null,null,null,null,null,null,null,null,null,null,{"$f":"IF('BİLGİ GİRİŞİ'!W82=\"\",\"\",'BİLGİ GİRİŞİ'!W82)","v":""},null,null,null,{"$f":"IF('BİLGİ GİRİŞİ'!T82=\"\",\"\",'BİLGİ GİRİŞİ'!T82)","v":""}]
[{"$f":"IF('BİLGİ GİRİŞİ'!D83=\"\",\"\",'BİLGİ GİRİŞİ'!D83)","v":""},{"$f":"IF('BİLGİ GİRİŞİ'!E83=\"\",\"\",'BİLGİ GİRİŞİ'!E83)","v":""},null,null,null,null,null,null,null,null,null,null,null,null,null,null,null,null,null,null,null,null,null,{"$f":"IF('BİLGİ GİRİŞİ'!W83=\"\",\"\",'BİLGİ GİRİŞİ'!W83)","v":""},null,null,null,{"$f":"IF('BİLGİ GİRİŞİ'!T83=\"\",\"\",'BİLGİ GİRİŞİ'!T83)","v":""}]
[{"$f":"IF('BİLGİ GİRİŞİ'!D84=\"\",\"\",'BİLGİ GİRİŞİ'!D84)","v":""},{"$f":"IF('BİLGİ GİRİŞİ'!E84=\"\",\"\",'BİLGİ GİRİŞİ'!E84)","v":""},null,null,null,null,null,null,null,null,null,null,null,null,null,null,null,null,null,null,null,null,null,{"$f":"IF('BİLGİ GİRİŞİ'!W84=\"\",\"\",'BİLGİ GİRİŞİ'!W84)","v":""},null,null,null,{"$f":"IF('BİLGİ GİRİŞİ'!T84=\"\",\"\",'BİLGİ GİRİŞİ'!T84)","v":""}]
[{"$f":"IF('BİLGİ GİRİŞİ'!D85=\"\",\"\",'BİLGİ GİRİŞİ'!D85)","v":""},{"$f":"IF('BİLGİ GİRİŞİ'!E85=\"\",\"\",'BİLGİ GİRİŞİ'!E85)","v":""},null,null,null,null,null,null,null,null,null,null,null,null,null,null,null,null,null,null,null,null,null,{"$f":"IF('BİLGİ GİRİŞİ'!W85=\"\",\"\",'BİLGİ GİRİŞİ'!W85)","v":""},null,null,null,{"$f":"IF('BİLGİ GİRİŞİ'!T85=\"\",\"\",'BİLGİ GİRİŞİ'!T85)","v":""}]
[{"$f":"IF('BİLGİ GİRİŞİ'!D86=\"\",\"\",'BİLGİ GİRİŞİ'!D86)","v":""},{"$f":"IF('BİLGİ GİRİŞİ'!E86=\"\",\"\",'BİLGİ GİRİŞİ'!E86)","v":""},null,null,null,null,null,null,null,null,null,null,null,null,null,null,null,null,null,null,null,null,null,{"$f":"IF('BİLGİ GİRİŞİ'!W86=\"\",\"\",'BİLGİ GİRİŞİ'!W86)","v":""},null,null,null,{"$f":"IF('BİLGİ GİRİŞİ'!T86=\"\",\"\",'BİLGİ GİRİŞİ'!T86)","v":""}]
[{"$f":"IF('BİLGİ GİRİŞİ'!D87=\"\",\"\",'BİLGİ GİRİŞİ'!D87)","v":""},{"$f":"IF('BİLGİ GİRİŞİ'!E87=\"\",\"\",'BİLGİ GİRİŞİ'!E87)","v":""},null,null,null,null,null,null,null,null,null,null,null,null,null,null,null,null,null,null,null,null,null,{"$f":"IF('BİLGİ GİRİŞİ'!W87=\"\",\"\",'BİLGİ GİRİŞİ'!W87)","v":""},null,null,null,{"$f":"IF('BİLGİ GİRİŞİ'!T87=\"\",\"\",'BİLGİ GİRİŞİ'!T87)","v":""}]
[{"$f":"IF('BİLGİ GİRİŞİ'!D88=\"\",\"\",'BİLGİ GİRİŞİ'!D88)","v":""},{"$f":"IF('BİLGİ GİRİŞİ'!E88=\"\",\"\",'BİLGİ GİRİŞİ'!E88)","v":""},null,null,null,null,null,null,null,null,null,null,null,null,null,null,null,null,null,null,null,null,null,{"$f":"IF('BİLGİ GİRİŞİ'!W88=\"\",\"\",'BİLGİ GİRİŞİ'!W88)","v":""},null,null,null,{"$f":"IF('BİLGİ GİRİŞİ'!T88=\"\",\"\",'BİLGİ GİRİŞİ'!T88)","v":""}]
[{"$f":"IF('BİLGİ GİRİŞİ'!D89=\"\",\"\",'BİLGİ GİRİŞİ'!D89)","v":""},{"$f":"IF('BİLGİ GİRİŞİ'!E89=\"\",\"\",'BİLGİ GİRİŞİ'!E89)","v":""},null,null,null,null,null,null,null,null,null,null,null,null,null,null,null,null,null,null,null,null,null,{"$f":"IF('BİLGİ GİRİŞİ'!W89=\"\",\"\",'BİLGİ GİRİŞİ'!W89)","v":""},null,null,null,{"$f":"IF('BİLGİ GİRİŞİ'!T89=\"\",\"\",'BİLGİ GİRİŞİ'!T89)","v":""}]
[{"$f":"IF('BİLGİ GİRİŞİ'!D90=\"\",\"\",'BİLGİ GİRİŞİ'!D90)","v":""},{"$f":"IF('BİLGİ GİRİŞİ'!E90=\"\",\"\",'BİLGİ GİRİŞİ'!E90)","v":""},null,null,null,null,null,null,null,null,null,null,null,null,null,null,null,null,null,null,null,null,null,{"$f":"IF('BİLGİ GİRİŞİ'!W90=\"\",\"\",'BİLGİ GİRİŞİ'!W90)","v":""},null,null,null,{"$f":"IF('BİLGİ GİRİŞİ'!T90=\"\",\"\",'BİLGİ GİRİŞİ'!T90)","v":""}]
[{"$f":"IF('BİLGİ GİRİŞİ'!D91=\"\",\"\",'BİLGİ GİRİŞİ'!D91)","v":""},{"$f":"IF('BİLGİ GİRİŞİ'!E91=\"\",\"\",'BİLGİ GİRİŞİ'!E91)","v":""},null,null,null,null,null,null,null,null,null,null,null,null,null,null,null,null,null,null,null,null,null,{"$f":"IF('BİLGİ GİRİŞİ'!W91=\"\",\"\",'BİLGİ GİRİŞİ'!W91)","v":""},null,null,null,{"$f":"IF('BİLGİ GİRİŞİ'!T91=\"\",\"\",'BİLGİ GİRİŞİ'!T91)","v":""}]
[{"$f":"IF('BİLGİ GİRİŞİ'!D92=\"\",\"\",'BİLGİ GİRİŞİ'!D92)","v":""},{"$f":"IF('BİLGİ GİRİŞİ'!E92=\"\",\"\",'BİLGİ GİRİŞİ'!E92)","v":""},null,null,null,null,null,null,null,null,null,null,null,null,null,null,null,null,null,null,null,null,null,{"$f":"IF('BİLGİ GİRİŞİ'!W92=\"\",\"\",'BİLGİ GİRİŞİ'!W92)","v":""},null,null,null,{"$f":"IF('BİLGİ GİRİŞİ'!T92=\"\",\"\",'BİLGİ GİRİŞİ'!T92)","v":""}]
[{"$f":"IF('BİLGİ GİRİŞİ'!D93=\"\",\"\",'BİLGİ GİRİŞİ'!D93)","v":""},{"$f":"IF('BİLGİ GİRİŞİ'!E93=\"\",\"\",'BİLGİ GİRİŞİ'!E93)","v":""},null,null,null,null,null,null,null,null,null,null,null,null,null,null,null,null,null,null,null,null,null,{"$f":"IF('BİLGİ GİRİŞİ'!W93=\"\",\"\",'BİLGİ GİRİŞİ'!W93)","v":""},null,null,null,{"$f":"IF('BİLGİ GİRİŞİ'!T93=\"\",\"\",'BİLGİ GİRİŞİ'!T93)","v":""}]
[{"$f":"IF('BİLGİ GİRİŞİ'!D94=\"\",\"\",'BİLGİ GİRİŞİ'!D94)","v":""},{"$f":"IF('BİLGİ GİRİŞİ'!E94=\"\",\"\",'BİLGİ GİRİŞİ'!E94)","v":""},null,null,null,null,null,null,null,null,null,null,null,null,null,null,null,null,null,null,null,null,null,{"$f":"IF('BİLGİ GİRİŞİ'!W94=\"\",\"\",'BİLGİ GİRİŞİ'!W94)","v":""},null,null,null,{"$f":"IF('BİLGİ GİRİŞİ'!T94=\"\",\"\",'BİLGİ GİRİŞİ'!T94)","v":""}]
[{"$f":"IF('BİLGİ GİRİŞİ'!D95=\"\",\"\",'BİLGİ GİRİŞİ'!D95)","v":""},{"$f":"IF('BİLGİ GİRİŞİ'!E95=\"\",\"\",'BİLGİ GİRİŞİ'!E95)","v":""},null,null,null,null,null,null,null,null,null,null,null,null,null,null,null,null,null,null,null,null,null,{"$f":"IF('BİLGİ GİRİŞİ'!W95=\"\",\"\",'BİLGİ GİRİŞİ'!W95)","v":""},null,null,null,{"$f":"IF('BİLGİ GİRİŞİ'!T95=\"\",\"\",'BİLGİ GİRİŞİ'!T95)","v":""}]
[{"$f":"IF('BİLGİ GİRİŞİ'!D96=\"\",\"\",'BİLGİ GİRİŞİ'!D96)","v":""},{"$f":"IF('BİLGİ GİRİŞİ'!E96=\"\",\"\",'BİLGİ GİRİŞİ'!E96)","v":""},null,null,null,null,null,null,null,null,null,null,null,null,null,null,null,null,null,null,null,null,null,{"$f":"IF('BİLGİ GİRİŞİ'!W96=\"\",\"\",'BİLGİ GİRİŞİ'!W96)","v":""},null,null,null,{"$f":"IF('BİLGİ GİRİŞİ'!T96=\"\",\"\",'BİLGİ GİRİŞİ'!T96)","v":""}]
[{"$f":"IF('BİLGİ GİRİŞİ'!D97=\"\",\"\",'BİLGİ GİRİŞİ'!D97)","v":""},{"$f":"IF('BİLGİ GİRİŞİ'!E97=\"\",\"\",'BİLGİ GİRİŞİ'!E97)","v":""},null,null,null,null,null,null,null,null,null,null,null,null,null,null,null,null,null,null,null,null,null,{"$f":"IF('BİLGİ GİRİŞİ'!W97=\"\",\"\",'BİLGİ GİRİŞİ'!W97)","v":""},null,null,null,{"$f":"IF('BİLGİ GİRİŞİ'!T97=\"\",\"\",'BİLGİ GİRİŞİ'!T97)","v":""}]
[{"$f":"IF('BİLGİ GİRİŞİ'!D98=\"\",\"\",'BİLGİ GİRİŞİ'!D98)","v":""},{"$f":"IF('BİLGİ GİRİŞİ'!E98=\"\",\"\",'BİLGİ GİRİŞİ'!E98)","v":""},null,null,null,null,null,null,null,null,null,null,null,null,null,null,null,null,null,null,null,null,null,{"$f":"IF('BİLGİ GİRİŞİ'!W98=\"\",\"\",'BİLGİ GİRİŞİ'!W98)","v":""},null,null,null,{"$f":"IF('BİLGİ GİRİŞİ'!T98=\"\",\"\",'BİLGİ GİRİŞİ'!T98)","v":""}]
[{"$f":"IF('BİLGİ GİRİŞİ'!D99=\"\",\"\",'BİLGİ GİRİŞİ'!D99)","v":""},{"$f":"IF('BİLGİ GİRİŞİ'!E99=\"\",\"\",'BİLGİ GİRİŞİ'!E99)","v":""},null,null,null,null,null,null,null,null,null,null,null,null,null,null,null,null,null,null,null,null,null,{"$f":"IF('BİLGİ GİRİŞİ'!W99=\"\",\"\",'BİLGİ GİRİŞİ'!W99)","v":""},null,null,null,{"$f":"IF('BİLGİ GİRİŞİ'!T99=\"\",\"\",'BİLGİ GİRİŞİ'!T99)","v":""}]
[{"$f":"IF('BİLGİ GİRİŞİ'!D100=\"\",\"\",'BİLGİ GİRİŞİ'!D100)","v":""},{"$f":"IF('BİLGİ GİRİŞİ'!E100=\"\",\"\",'BİLGİ GİRİŞİ'!E100)","v":""},null,null,null,null,null,null,null,null,null,null,null,null,null,null,null,null,null,null,null,null,null,{"$f":"IF('BİLGİ GİRİŞİ'!W100=\"\",\"\",'BİLGİ GİRİŞİ'!W100)","v":""},null,null,null,{"$f":"IF('BİLGİ GİRİŞİ'!T100=\"\",\"\",'BİLGİ GİRİŞİ'!T100)","v":""}]
[{"$f":"IF('BİLGİ GİRİŞİ'!D101=\"\",\"\",'BİLGİ GİRİŞİ'!D101)","v":""},{"$f":"IF('BİLGİ GİRİŞİ'!E101=\"\",\"\",'BİLGİ GİRİŞİ'!E101)","v":""},null,null,null,null,null,null,null,null,null,null,null,null,null,null,null,null,null,null,null,null,null,{"$f":"IF('BİLGİ GİRİŞİ'!W101=\"\",\"\",'BİLGİ GİRİŞİ'!W101)","v":""},null,null,null,{"$f":"IF('BİLGİ GİRİŞİ'!T101=\"\",\"\",'BİLGİ GİRİŞİ'!T101)","v":""}]
[{"$f":"IF('BİLGİ GİRİŞİ'!D102=\"\",\"\",'BİLGİ GİRİŞİ'!D102)","v":""},{"$f":"IF('BİLGİ GİRİŞİ'!E102=\"\",\"\",'BİLGİ GİRİŞİ'!E102)","v":""},null,null,null,null,null,null,null,null,null,null,null,null,null,null,null,null,null,null,null,null,null,{"$f":"IF('BİLGİ GİRİŞİ'!W102=\"\",\"\",'BİLGİ GİRİŞİ'!W102)","v":""},null,null,null,{"$f":"IF('BİLGİ GİRİŞİ'!T102=\"\",\"\",'BİLGİ GİRİŞİ'!T102)","v":""}]
[{"$f":"IF('BİLGİ GİRİŞİ'!D103=\"\",\"\",'BİLGİ GİRİŞİ'!D103)","v":""},{"$f":"IF('BİLGİ GİRİŞİ'!E103=\"\",\"\",'BİLGİ GİRİŞİ'!E103)","v":""},null,null,null,null,null,null,null,null,null,null,null,null,null,null,null,null,null,null,null,null,null,{"$f":"IF('BİLGİ GİRİŞİ'!W103=\"\",\"\",'BİLGİ GİRİŞİ'!W103)","v":""},null,null,null,{"$f":"IF('BİLGİ GİRİŞİ'!T103=\"\",\"\",'BİLGİ GİRİŞİ'!T103)","v":""}]
[{"$f":"IF('BİLGİ GİRİŞİ'!D104=\"\",\"\",'BİLGİ GİRİŞİ'!D104)","v":""},{"$f":"IF('BİLGİ GİRİŞİ'!E104=\"\",\"\",'BİLGİ GİRİŞİ'!E104)","v":""},null,null,null,null,null,null,null,null,null,null,null,null,null,null,null,null,null,null,null,null,null,{"$f":"IF('BİLGİ GİRİŞİ'!W104=\"\",\"\",'BİLGİ GİRİŞİ'!W104)","v":""},null,null,null,{"$f":"IF('BİLGİ GİRİŞİ'!T104=\"\",\"\",'BİLGİ GİRİŞİ'!T104)","v":""}]
[{"$f":"IF('BİLGİ GİRİŞİ'!D105=\"\",\"\",'BİLGİ GİRİŞİ'!D105)","v":""},{"$f":"IF('BİLGİ GİRİŞİ'!E105=\"\",\"\",'BİLGİ GİRİŞİ'!E105)","v":""},null,null,null,null,null,null,null,null,null,null,null,null,null,null,null,null,null,null,null,null,null,{"$f":"IF('BİLGİ GİRİŞİ'!W105=\"\",\"\",'BİLGİ GİRİŞİ'!W105)","v":""},null,null,null,{"$f":"IF('BİLGİ GİRİŞİ'!T105=\"\",\"\",'BİLGİ GİRİŞİ'!T105)","v":""}]
[{"$f":"IF('BİLGİ GİRİŞİ'!D106=\"\",\"\",'BİLGİ GİRİŞİ'!D106)","v":""},{"$f":"IF('BİLGİ GİRİŞİ'!E106=\"\",\"\",'BİLGİ GİRİŞİ'!E106)","v":""},null,null,null,null,null,null,null,null,null,null,null,null,null,null,null,null,null,null,null,null,null,{"$f":"IF('BİLGİ GİRİŞİ'!W106=\"\",\"\",'BİLGİ GİRİŞİ'!W106)","v":""},null,null,null,{"$f":"IF('BİLGİ GİRİŞİ'!T106=\"\",\"\",'BİLGİ GİRİŞİ'!T106)","v":""}]
[{"$f":"IF('BİLGİ GİRİŞİ'!D107=\"\",\"\",'BİLGİ GİRİŞİ'!D107)","v":""},{"$f":"IF('BİLGİ GİRİŞİ'!E107=\"\",\"\",'BİLGİ GİRİŞİ'!E107)","v":""},null,null,null,null,null,null,null,null,null,null,null,null,null,null,null,null,null,null,null,null,null,{"$f":"IF('BİLGİ GİRİŞİ'!W107=\"\",\"\",'BİLGİ GİRİŞİ'!W107)","v":""},null,null,null,{"$f":"IF('BİLGİ GİRİŞİ'!T107=\"\",\"\",'BİLGİ GİRİŞİ'!T107)","v":""}]
[{"$f":"IF('BİLGİ GİRİŞİ'!D108=\"\",\"\",'BİLGİ GİRİŞİ'!D108)","v":""},{"$f":"IF('BİLGİ GİRİŞİ'!E108=\"\",\"\",'BİLGİ GİRİŞİ'!E108)","v":""},null,null,null,null,null,null,null,null,null,null,null,null,null,null,null,null,null,null,null,null,null,{"$f":"IF('BİLGİ GİRİŞİ'!W108=\"\",\"\",'BİLGİ GİRİŞİ'!W108)","v":""},null,null,null,{"$f":"IF('BİLGİ GİRİŞİ'!T108=\"\",\"\",'BİLGİ GİRİŞİ'!T108)","v":""}]
[{"$f":"IF('BİLGİ GİRİŞİ'!D109=\"\",\"\",'BİLGİ GİRİŞİ'!D109)","v":""},{"$f":"IF('BİLGİ GİRİŞİ'!E109=\"\",\"\",'BİLGİ GİRİŞİ'!E109)","v":""},null,null,null,null,null,null,null,null,null,null,null,null,null,null,null,null,null,null,null,null,null,{"$f":"IF('BİLGİ GİRİŞİ'!W109=\"\",\"\",'BİLGİ GİRİŞİ'!W109)","v":""},null,null,null,{"$f":"IF('BİLGİ GİRİŞİ'!T109=\"\",\"\",'BİLGİ GİRİŞİ'!T109)","v":""}]
[{"$f":"IF('BİLGİ GİRİŞİ'!D110=\"\",\"\",'BİLGİ GİRİŞİ'!D110)","v":""},{"$f":"IF('BİLGİ GİRİŞİ'!E110=\"\",\"\",'BİLGİ GİRİŞİ'!E110)","v":""},null,null,null,null,null,null,null,null,null,null,null,null,null,null,null,null,null,null,null,null,null,{"$f":"IF('BİLGİ GİRİŞİ'!W110=\"\",\"\",'BİLGİ GİRİŞİ'!W110)","v":""},null,null,null,{"$f":"IF('BİLGİ GİRİŞİ'!T110=\"\",\"\",'BİLGİ GİRİŞİ'!T110)","v":""}]
[{"$f":"IF('BİLGİ GİRİŞİ'!D111=\"\",\"\",'BİLGİ GİRİŞİ'!D111)","v":""},{"$f":"IF('BİLGİ GİRİŞİ'!E111=\"\",\"\",'BİLGİ GİRİŞİ'!E111)","v":""},null,null,null,null,null,null,null,null,null,null,null,null,null,null,null,null,null,null,null,null,null,{"$f":"IF('BİLGİ GİRİŞİ'!W111=\"\",\"\",'BİLGİ GİRİŞİ'!W111)","v":""},null,null,null,{"$f":"IF('BİLGİ GİRİŞİ'!T111=\"\",\"\",'BİLGİ GİRİŞİ'!T111)","v":""}]
[{"$f":"IF('BİLGİ GİRİŞİ'!D112=\"\",\"\",'BİLGİ GİRİŞİ'!D112)","v":""},{"$f":"IF('BİLGİ GİRİŞİ'!E112=\"\",\"\",'BİLGİ GİRİŞİ'!E112)","v":""},null,null,null,null,null,null,null,null,null,null,null,null,null,null,null,null,null,null,null,null,null,{"$f":"IF('BİLGİ GİRİŞİ'!W112=\"\",\"\",'BİLGİ GİRİŞİ'!W112)","v":""},null,null,null,{"$f":"IF('BİLGİ GİRİŞİ'!T112=\"\",\"\",'BİLGİ GİRİŞİ'!T112)","v":""}]
[{"$f":"IF('BİLGİ GİRİŞİ'!D113=\"\",\"\",'BİLGİ GİRİŞİ'!D113)","v":""},{"$f":"IF('BİLGİ GİRİŞİ'!E113=\"\",\"\",'BİLGİ GİRİŞİ'!E113)","v":""},null,null,null,null,null,null,null,null,null,null,null,null,null,null,null,null,null,null,null,null,null,{"$f":"IF('BİLGİ GİRİŞİ'!W113=\"\",\"\",'BİLGİ GİRİŞİ'!W113)","v":""},null,null,null,{"$f":"IF('BİLGİ GİRİŞİ'!T113=\"\",\"\",'BİLGİ GİRİŞİ'!T113)","v":""}]
[{"$f":"IF('BİLGİ GİRİŞİ'!D114=\"\",\"\",'BİLGİ GİRİŞİ'!D114)","v":""},{"$f":"IF('BİLGİ GİRİŞİ'!E114=\"\",\"\",'BİLGİ GİRİŞİ'!E114)","v":""},null,null,null,null,null,null,null,null,null,null,null,null,null,null,null,null,null,null,null,null,null,{"$f":"IF('BİLGİ GİRİŞİ'!W114=\"\",\"\",'BİLGİ GİRİŞİ'!W114)","v":""},null,null,null,{"$f":"IF('BİLGİ GİRİŞİ'!T114=\"\",\"\",'BİLGİ GİRİŞİ'!T114)","v":""}]
[{"$f":"IF('BİLGİ GİRİŞİ'!D115=\"\",\"\",'BİLGİ GİRİŞİ'!D115)","v":""},{"$f":"IF('BİLGİ GİRİŞİ'!E115=\"\",\"\",'BİLGİ GİRİŞİ'!E115)","v":""},null,null,null,null,null,null,null,null,null,null,null,null,null,null,null,null,null,null,null,null,null,{"$f":"IF('BİLGİ GİRİŞİ'!W115=\"\",\"\",'BİLGİ GİRİŞİ'!W115)","v":""},null,null,null,{"$f":"IF('BİLGİ GİRİŞİ'!T115=\"\",\"\",'BİLGİ GİRİŞİ'!T115)","v":""}]
[{"$f":"IF('BİLGİ GİRİŞİ'!D116=\"\",\"\",'BİLGİ GİRİŞİ'!D116)","v":""},{"$f":"IF('BİLGİ GİRİŞİ'!E116=\"\",\"\",'BİLGİ GİRİŞİ'!E116)","v":""},null,null,null,null,null,null,null,null,null,null,null,null,null,null,null,null,null,null,null,null,null,{"$f":"IF('BİLGİ GİRİŞİ'!W116=\"\",\"\",'BİLGİ GİRİŞİ'!W116)","v":""},null,null,null,{"$f":"IF('BİLGİ GİRİŞİ'!T116=\"\",\"\",'BİLGİ GİRİŞİ'!T116)","v":""}]
[{"$f":"IF('BİLGİ GİRİŞİ'!D117=\"\",\"\",'BİLGİ GİRİŞİ'!D117)","v":""},{"$f":"IF('BİLGİ GİRİŞİ'!E117=\"\",\"\",'BİLGİ GİRİŞİ'!E117)","v":""},null,null,null,null,null,null,null,null,null,null,null,null,null,null,null,null,null,null,null,null,null,{"$f":"IF('BİLGİ GİRİŞİ'!W117=\"\",\"\",'BİLGİ GİRİŞİ'!W117)","v":""},null,null,null,{"$f":"IF('BİLGİ GİRİŞİ'!T117=\"\",\"\",'BİLGİ GİRİŞİ'!T117)","v":""}]
[{"$f":"IF('BİLGİ GİRİŞİ'!D118=\"\",\"\",'BİLGİ GİRİŞİ'!D118)","v":""},{"$f":"IF('BİLGİ GİRİŞİ'!E118=\"\",\"\",'BİLGİ GİRİŞİ'!E118)","v":""},null,null,null,null,null,null,null,null,null,null,null,null,null,null,null,null,null,null,null,null,null,{"$f":"IF('BİLGİ GİRİŞİ'!W118=\"\",\"\",'BİLGİ GİRİŞİ'!W118)","v":""},null,null,null,{"$f":"IF('BİLGİ GİRİŞİ'!T118=\"\",\"\",'BİLGİ GİRİŞİ'!T118)","v":""}]
[{"$f":"IF('BİLGİ GİRİŞİ'!D119=\"\",\"\",'BİLGİ GİRİŞİ'!D119)","v":""},{"$f":"IF('BİLGİ GİRİŞİ'!E119=\"\",\"\",'BİLGİ GİRİŞİ'!E119)","v":""},null,null,null,null,null,null,null,null,null,null,null,null,null,null,null,null,null,null,null,null,null,{"$f":"IF('BİLGİ GİRİŞİ'!W119=\"\",\"\",'BİLGİ GİRİŞİ'!W119)","v":""},null,null,null,{"$f":"IF('BİLGİ GİRİŞİ'!T119=\"\",\"\",'BİLGİ GİRİŞİ'!T119)","v":""}]
[{"$f":"IF('BİLGİ GİRİŞİ'!D120=\"\",\"\",'BİLGİ GİRİŞİ'!D120)","v":""},{"$f":"IF('BİLGİ GİRİŞİ'!E120=\"\",\"\",'BİLGİ GİRİŞİ'!E120)","v":""},null,null,null,null,null,null,null,null,null,null,null,null,null,null,null,null,null,null,null,null,null,{"$f":"IF('BİLGİ GİRİŞİ'!W120=\"\",\"\",'BİLGİ GİRİŞİ'!W120)","v":""},null,null,null,{"$f":"IF('BİLGİ GİRİŞİ'!T120=\"\",\"\",'BİLGİ GİRİŞİ'!T120)","v":""}]
[{"$f":"IF('BİLGİ GİRİŞİ'!D121=\"\",\"\",'BİLGİ GİRİŞİ'!D121)","v":""},{"$f":"IF('BİLGİ GİRİŞİ'!E121=\"\",\"\",'BİLGİ GİRİŞİ'!E121)","v":""},null,null,null,null,null,null,null,null,null,null,null,null,null,null,null,null,null,null,null,null,null,{"$f":"IF('BİLGİ GİRİŞİ'!W121=\"\",\"\",'BİLGİ GİRİŞİ'!W121)","v":""},null,null,null,{"$f":"IF('BİLGİ GİRİŞİ'!T121=\"\",\"\",'BİLGİ GİRİŞİ'!T121)","v":""}]
[{"$f":"IF('BİLGİ GİRİŞİ'!D122=\"\",\"\",'BİLGİ GİRİŞİ'!D122)","v":""},{"$f":"IF('BİLGİ GİRİŞİ'!E122=\"\",\"\",'BİLGİ GİRİŞİ'!E122)","v":""},null,null,null,null,null,null,null,null,null,null,null,null,null,null,null,null,null,null,null,null,null,{"$f":"IF('BİLGİ GİRİŞİ'!W122=\"\",\"\",'BİLGİ GİRİŞİ'!W122)","v":""},null,null,null,{"$f":"IF('BİLGİ GİRİŞİ'!T122=\"\",\"\",'BİLGİ GİRİŞİ'!T122)","v":""}]
[{"$f":"IF('BİLGİ GİRİŞİ'!D123=\"\",\"\",'BİLGİ GİRİŞİ'!D123)","v":""},{"$f":"IF('BİLGİ GİRİŞİ'!E123=\"\",\"\",'BİLGİ GİRİŞİ'!E123)","v":""},null,null,null,null,null,null,null,null,null,null,null,null,null,null,null,null,null,null,null,null,null,{"$f":"IF('BİLGİ GİRİŞİ'!W123=\"\",\"\",'BİLGİ GİRİŞİ'!W123)","v":""},null,null,null,{"$f":"IF('BİLGİ GİRİŞİ'!T123=\"\",\"\",'BİLGİ GİRİŞİ'!T123)","v":""}]
[{"$f":"IF('BİLGİ GİRİŞİ'!D124=\"\",\"\",'BİLGİ GİRİŞİ'!D124)","v":""},{"$f":"IF('BİLGİ GİRİŞİ'!E124=\"\",\"\",'BİLGİ GİRİŞİ'!E124)","v":""},null,null,null,null,null,null,null,null,null,null,null,null,null,null,null,null,null,null,null,null,null,{"$f":"IF('BİLGİ GİRİŞİ'!W124=\"\",\"\",'BİLGİ GİRİŞİ'!W124)","v":""},null,null,null,{"$f":"IF('BİLGİ GİRİŞİ'!T124=\"\",\"\",'BİLGİ GİRİŞİ'!T124)","v":""}]
[{"$f":"IF('BİLGİ GİRİŞİ'!D125=\"\",\"\",'BİLGİ GİRİŞİ'!D125)","v":""},{"$f":"IF('BİLGİ GİRİŞİ'!E125=\"\",\"\",'BİLGİ GİRİŞİ'!E125)","v":""},null,null,null,null,null,null,null,null,null,null,null,null,null,null,null,null,null,null,null,null,null,{"$f":"IF('BİLGİ GİRİŞİ'!W125=\"\",\"\",'BİLGİ GİRİŞİ'!W125)","v":""},null,null,null,{"$f":"IF('BİLGİ GİRİŞİ'!T125=\"\",\"\",'BİLGİ GİRİŞİ'!T125)","v":""}]
[{"$f":"IF('BİLGİ GİRİŞİ'!D126=\"\",\"\",'BİLGİ GİRİŞİ'!D126)","v":""},{"$f":"IF('BİLGİ GİRİŞİ'!E126=\"\",\"\",'BİLGİ GİRİŞİ'!E126)","v":""},null,null,null,null,null,null,null,null,null,null,null,null,null,null,null,null,null,null,null,null,null,{"$f":"IF('BİLGİ GİRİŞİ'!W126=\"\",\"\",'BİLGİ GİRİŞİ'!W126)","v":""},null,null,null,{"$f":"IF('BİLGİ GİRİŞİ'!T126=\"\",\"\",'BİLGİ GİRİŞİ'!T126)","v":""}]
[{"$f":"IF('BİLGİ GİRİŞİ'!D127=\"\",\"\",'BİLGİ GİRİŞİ'!D127)","v":""},{"$f":"IF('BİLGİ GİRİŞİ'!E127=\"\",\"\",'BİLGİ GİRİŞİ'!E127)","v":""},null,null,null,null,null,null,null,null,null,null,null,null,null,null,null,null,null,null,null,null,null,{"$f":"IF('BİLGİ GİRİŞİ'!W127=\"\",\"\",'BİLGİ GİRİŞİ'!W127)","v":""},null,null,null,{"$f":"IF('BİLGİ GİRİŞİ'!T127=\"\",\"\",'BİLGİ GİRİŞİ'!T127)","v":""}]
[{"$f":"IF('BİLGİ GİRİŞİ'!D128=\"\",\"\",'BİLGİ GİRİŞİ'!D128)","v":""},{"$f":"IF('BİLGİ GİRİŞİ'!E128=\"\",\"\",'BİLGİ GİRİŞİ'!E128)","v":""},null,null,null,null,null,null,null,null,null,null,null,null,null,null,null,null,null,null,null,null,null,{"$f":"IF('BİLGİ GİRİŞİ'!W128=\"\",\"\",'BİLGİ GİRİŞİ'!W128)","v":""},null,null,null,{"$f":"IF('BİLGİ GİRİŞİ'!T128=\"\",\"\",'BİLGİ GİRİŞİ'!T128)","v":""}]
[{"$f":"IF('BİLGİ GİRİŞİ'!D129=\"\",\"\",'BİLGİ GİRİŞİ'!D129)","v":""},{"$f":"IF('BİLGİ GİRİŞİ'!E129=\"\",\"\",'BİLGİ GİRİŞİ'!E129)","v":""},null,null,null,null,null,null,null,null,null,null,null,null,null,null,null,null,null,null,null,null,null,{"$f":"IF('BİLGİ GİRİŞİ'!W129=\"\",\"\",'BİLGİ GİRİŞİ'!W129)","v":""},null,null,null,{"$f":"IF('BİLGİ GİRİŞİ'!T129=\"\",\"\",'BİLGİ GİRİŞİ'!T129)","v":""}]
[]
["S","TEKLİF VEREN GERÇEK/TÜZEL KİŞİLER",null,null,null,null,null,null,null,null,null,null,null,null,null,null,null,null,null,null,null,null,null,"TEKLİF FİYATLARI"]
[1,{"$f":"IF('BİLGİ GİRİŞİ'!AB135=\"\",\"\",'BİLGİ GİRİŞİ'!AB135)","v":"A GERÇEK/TÜZEL KİŞİSİ"},null,null,null,null,null,null,null,null,null,null,null,null,null,null,null,null,null,null,null,null,null,{"$f":"IF('BİLGİ GİRİŞİ'!AF237=\"\",\"\",'BİLGİ GİRİŞİ'!AF237)","v":24000}]
[2,{"$f":"IF('BİLGİ GİRİŞİ'!AJ135=\"\",\"\",'BİLGİ GİRİŞİ'!AJ135)","v":"B GERÇEK/TÜZEL KİŞİSİ"},null,null,null,null,null,null,null,null,null,null,null,null,null,null,null,null,null,null,null,null,null,{"$f":"IF('BİLGİ GİRİŞİ'!AN237=\"\",\"\",'BİLGİ GİRİŞİ'!AN237)","v":30000}]
[3,{"$f":"IF('BİLGİ GİRİŞİ'!AR135=\"\",\"\",'BİLGİ GİRİŞİ'!AR135)","v":"D GERÇEK/TÜZEL KİŞİSİ"},null,null,null,null,null,null,null,null,null,null,null,null,null,null,null,null,null,null,null,null,null,{"$f":"IF('BİLGİ GİRİŞİ'!AV237=\"\",\"\",'BİLGİ GİRİŞİ'!AV237)","v":36000}]
[]
["EN UYGUN (DÜŞÜK) TEKLİFİ VEREN VE TEKLİFİ UYGUN GÖRÜLEN GERÇEK/TÜZEL KİŞİ"]
["S","Adı",null,null,null,null,null,null,null,null,null,null,null,null,null,null,null,null,null,null,null,null,null,"Teklif Fiyatı"]
[1,{"$f":"IF('BİLGİ GİRİŞİ'!D241=\"\",\"\",'BİLGİ GİRİŞİ'!D241)","v":"A GERÇEK/TÜZEL KİŞİSİ"},null,null,null,null,null,null,null,null,null,null,null,null,null,null,null,null,null,null,null,null,null,{"$f":"IF('BİLGİ GİRİŞİ'!AF241=\"\",\"\",'BİLGİ GİRİŞİ'!AF241)","v":24000}]
[]
["       Yukarıda bilgileri verilen Mal/Hizmet/Yapım İşi, idarenin belirlediği şartlar dahilinde muayenesi yapılmış olup kabule engel herhangi bir durum tespit edilmemiştir. Söz konusu işin yukarıda alım yapılması uygun görülen gerçek/tüzel kişiden Doğrudan Temin yoluyla satın alınması hususunu;\n       Olurlarınıza arz ederim/ederiz."]
[]
[]
[]
[]
[{"$f":"IF(A128=\"\",\"\",IF('BİLGİ GİRİŞİ'!AH21=\"\",\"\",'BİLGİ GİRİŞİ'!AH21))","v":"Muayene ve Kabul Görevlisi"},null,null,null,null,null,null,null,null,null,{"$f":"IF(K128=\"\",\"\",IF('BİLGİ GİRİŞİ'!AN21=\"\",\"\",'BİLGİ GİRİŞİ'!AN21))","v":""},null,null,null,null,null,null,null,null,null,{"$f":"IF(U128=\"\",\"\",IF('BİLGİ GİRİŞİ'!AB21=\"\",\"\",'BİLGİ GİRİŞİ'!AB21))","v":"Muayene ve Kabul Görevlisi"}]
[{"$f":"IF(A128=\"\",\"\",IF('BİLGİ GİRİŞİ'!O23=\"\",\"…../…../……..\",'BİLGİ GİRİŞİ'!O23))","v":"2023-03-08"},null,null,null,null,null,null,null,null,null,{"$f":"IF(K128=\"\",\"\",IF('BİLGİ GİRİŞİ'!O23=\"\",\"…../…../……..\",'BİLGİ GİRİŞİ'!O23))","v":""},null,null,null,null,null,null,null,null,null,{"$f":"IF(U128=\"\",\"\",IF('BİLGİ GİRİŞİ'!O23=\"\",\"…../…../……..\",'BİLGİ GİRİŞİ'!O23))","v":"2023-03-08"}]
[]
[{"$f":"IF('BİLGİ GİRİŞİ'!AH22=\"\",\"\",'BİLGİ GİRİŞİ'!AH22)","v":"Fatma GÜNEŞ"},null,null,null,null,null,null,null,null,null,{"$f":"IF('BİLGİ GİRİŞİ'!AN22=\"\",\"\",'BİLGİ GİRİŞİ'!AN22)","v":""},null,null,null,null,null,null,null,null,null,{"$f":"IF('BİLGİ GİRİŞİ'!AB22=\"\",\"\",'BİLGİ GİRİŞİ'!AB22)","v":"Mehmet  ÇELİK"}]
[{"$f":"IF('BİLGİ GİRİŞİ'!AH23=\"\",\"\",'BİLGİ GİRİŞİ'!AH23)","v":"Öğretmen 2"},null,null,null,null,null,null,null,null,null,{"$f":"IF(K128=\"\",\"\",IF('BİLGİ GİRİŞİ'!AN23=\"\",\"\",'BİLGİ GİRİŞİ'!AN23))","v":""},null,null,null,null,null,null,null,null,null,{"$f":"IF('BİLGİ GİRİŞİ'!AB23=\"\",\"\",'BİLGİ GİRİŞİ'!AB23)","v":"Müdür Yardımcısı 2"}]
[]
[]
[{"$f":"IF(A135=\"\",\"\",IF('BİLGİ GİRİŞİ'!AT21=\"\",\"\",'BİLGİ GİRİŞİ'!AT21))","v":"OLUR/UYGUNDUR"}]
[{"$f":"IF(A135=\"\",\"\",IF('BİLGİ GİRİŞİ'!O23=\"\",\"…../…../……..\",'BİLGİ GİRİŞİ'!O23))","v":"2023-03-08"}]
[]
[{"$f":"IF('BİLGİ GİRİŞİ'!AT22=\"\",\"\",'BİLGİ GİRİŞİ'!AT22)","v":"Mustafa AYDIN"}]
[{"$f":"IF(A135=\"\",\"\",'BİLGİ GİRİŞİ'!AT23)","v":"Okul Müdürü"}]
[]
["Ek: Piyasa Fiyat Araştırma Tutanağı"]

{"sheet":"KAPAK","index":10,"n_rows":42,"n_cols":28,"rows_kept":42,"cut":false,"hidden":false,"merged":[[40,10,40,20],[40,21,40,30],[42,0,42,30],[40,0,40,9],[41,0,41,9],[38,0,38,9],[38,10,38,19],[38,20,38,30],[39,0,39,9],[39,10,39,19],[39,20,39,30],[35,10,35,19],[35,20,35,30],[36,0,36,9],[36,10,36,19],[36,20,36,30],[35,0,35,2],[35,5,35,9],[27,27,27,30],[27,1,27,26],[32,0,32,26],[32,27,32,30],[26,27,26,30],[26,1,26,26],[30,27,30,30],[31,27,31,30],[30,1,30,26],[31,1,31,26],[28,27,28,30],[29,27,29,30],[28,1,28,26],[29,1,29,26],[25,27,25,30],[24,1,24,26],[25,1,25,26],[18,1,18,26],[18,27,18,30],[22,27,22,30],[23,27,23,30],[23,1,23,26],[19,1,19,26],[19,27,19,30],[22,1,22,26],[20,1,20,26],[20,27,20,30],[21,1,21,26],[21,27,21,30],[14,0,14,30],[15,27,15,30],[3,0,3,30],[4,0,4,30],[24,27,24,30],[13,0,13,30],[16,1,16,26],[16,27,16,30],[17,1,17,26],[17,27,17,30],[5,0,5,30],[10,0,10,30],[9,0,9,30],[15,1,15,26],[1,0,1,9],[1,11,1,30],[2,0,2,9],[2,11,2,14],[2,16,2,30]]}
[]
[]
[]
["T.C."]
[{"$f":"IF('BİLGİ GİRİŞİ'!O7=\"\",\"\",'BİLGİ GİRİŞİ'!O7)","v":"BULANIK KAYMAKAMLIĞI"}]
[{"$f":"IF('BİLGİ GİRİŞİ'!O8=\"\",\"\",'BİLGİ GİRİŞİ'!O8)","v":"Atatürk İlkokulu Müdürlüğü"}]
[]
[]
[]
[{"$f":"IF('BİLGİ GİRİŞİ'!O11=\"\",\"\",CONCATENATE('BİLGİ GİRİŞİ'!O11,\" DOĞRUDAN TEMİN NUMARALI\"))","v":"22DT1211930 DOĞRUDAN TEMİN NUMARALI"}]
[{"$f":"UPPER(IF('BİLGİ GİRİŞİ'!O9=\"\",\"\",'BİLGİ GİRİŞİ'!O9))","v":"BİLİŞİM MALZEMELERİ ALIMI"}]
[]
[]
[]
["DOĞRUDAN TEMİN İŞLEM DOSYASI DİZİ PUSULASI"]
["S.N","Belge Adı",null,null,null,null,null,null,null,null,null,null,null,null,null,null,null,null,null,null,null,null,null,null,null,null,null,"Sayfa Sayısı"]
[1,"Ödeme Emri Belgesi",null,null,null,null,null,null,null,null,null,null,null,null,null,null,null,null,null,null,null,null,null,null,null,null,null,1]
[2,"Fatura",null,null,null,null,null,null,null,null,null,null,null,null,null,null,null,null,null,null,null,null,null,null,null,null,null,1]
[3,"Harcama Talimatı",null,null,null,null,null,null,null,null,null,null,null,null,null,null,null,null,null,null,null,null,null,null,null,null,null,1]
[4,"Taşınır İşlem Fişi",null,null,null,null,null,null,null,null,null,null,null,null,null,null,null,null,null,null,null,null,null,null,null,null,null,1]
[5,"Varlık İşlem Fişi",null,null,null,null,null,null,null,null,null,null,null,null,null,null,null,null,null,null,null,null,null,null,null,null,null,1]
[6,"Vergi Borcu Yok Belgesi (Yüklenici)",null,null,null,null,null,null,null,null,null,null,null,null,null,null,null,null,null,null,null,null,null,null,null,null,null,1]
[7,"Alım/Görevlendirme Onayı",null,null,null,null,null,null,null,null,null,null,null,null,null,null,null,null,null,null,null,null,null,null,null,null,null,1]
[8,"Yaklaşık Maliyet Araştırma (Piyasa Fiyatları) Belgeleri/Mektupları",null,null,null,null,null,null,null,null,null,null,null,null,null,null,null,null,null,null,null,null,null,null,null,null,null,3]
[9,"Doğrudan Temin Onay Belgesi ve Eki Yaklaşık Maliyet Hesap Cetveli",null,null,null,null,null,null,null,null,null,null,null,null,null,null,null,null,null,null,null,null,null,null,null,null,null,2]
[10,"Piyasa Fiyat Araştırma (Teklif Edilen Fiyalar) Belgeleri/Mektupları",null,null,null,null,null,null,null,null,null,null,null,null,null,null,null,null,null,null,null,null,null,null,null,null,null,3]
[11,"Muayene ve Kabul Tutanağı (Doğrudan Temin Sonuç Onay Belgesi) ve Eki Piyasa Fiyat Araştırma Tutanağı",null,null,null,null,null,null,null,null,null,null,null,null,null,null,null,null,null,null,null,null,null,null,null,null,null,2]
[]
[]
[]
[]
[]
["TOPLAM",null,null,null,null,null,null,null,null,null,null,null,null,null,null,null,null,null,null,null,null,null,null,null,null,null,null,{"$f":"SUM(AB17:AB27)","v":17}]
[]
[]
["İş Bu Dosya",null,null,{"$f":"(AB33)","v":17},null,"Sayfadan İbarettir."]
[]
[]
[]
[]
[{"$f":"IF('BİLGİ GİRİŞİ'!AT22=\"\",\"\",'BİLGİ GİRİŞİ'!AT22)","v":"Mustafa AYDIN"}]
[{"$f":"IF(A41=\"\",\"\",'BİLGİ GİRİŞİ'!AT23)","v":"Okul Müdürü"}]